{"text_format":"3","workbook":"xlsx","n_sheets":1,"sheets":["Planilha1"],"not_rendered":{"external_links":1,"defined_names":36,"comments":1},"read":"whole","date_system":"1900"}

{"sheet":"Planilha1","index":0,"n_rows":1959,"n_cols":40,"rows_kept":1959,"merged":[[3,14,3,15],[3,18,3,23],[4,14,4,15],[4,18,4,23],[4,30,4,31],[6,14,6,15],[6,18,6,20],[6,35,10,35],[6,37,10,37],[7,5,7,10],[7,11,11,11],[7,14,7,15],[7,18,7,20],[7,24,11,24],[7,25,11,25],[8,5,8,10],[11,26,11,27],[14,14,14,17],[1944,16,1944,23],[1947,14,1949,23],[1951,14,1951,23],[1952,14,1952,23],[1954,14,1954,16],[1957,14,1957,16]]}
[{"$nulls":17},"PO - PLANILHA ORÇAMENTÁRIA",{"$nulls":5},"Grau de Sigilo"]
[{"$nulls":3},"LOTE","Meta","Nível 2","Nível 3","Nível 4","Serviço",{"$nulls":8},"Orçamento Base para Licitação - OGU",{"$nulls":5},"#PUBLICO"]
[]
["Nmax",{"$nulls":4},"BDI 1","BDI 2","BDI 3",{"v":0,"d":"0.00%"},{"$nulls":5},"Nº OPERAÇÃO",null,"Nº TransfereGOV","PROPONENTE / TOMADOR","APELIDO DO EMPREENDIMENTO"]
[4,{"$nulls":4},{"v":0.2604,"d":"26.04%"},{"v":0.114,"d":"11.40%"},{"v":0.2076,"d":"20.76%"},{"$nulls":6},"CT008-2023/AGEVAP",null,0,"PM Guaratinguetá","AGEVAP PROTRATAR VI",{"$nulls":11},"Arredondamento"]
[]
[{"$nulls":14},"LOCALIDADE SINAPI",null,"DATA BASE","DESCRIÇÃO DO LOTE","MUNICÍPIO / UF",null,null,"BDI 1","BDI 2","BDI 3",{"$nulls":6},"Quantidade",true,{"$nulls":3},"QUANTIDADES: ACOMP. POR BM",null,"PREÇO UNITÁRIO LICITADO"]
[{"$nulls":5},"'[Referência 04-2025.xlsm]Banco'!$a5:$a$65536",{"$nulls":5},"FILTRO",null,null,"SAO PAULO",null,"04-25 (N DES.)","Construção do SES Eng. Neiva - Vila Bela","Guaratinguetá/SP",null,null,"26,04%","11,40%","20,76%","RECURSO","SGL RECURSO",{"$nulls":4},"Custo Unitáro",true]
[{"$nulls":5},"'[Referência 04-2025.xlsm]Banco'!$d$3",{"$nulls":24},"BDI",true]
[{"$nulls":28},"ERRO GERAL",null,"Preço Unitário",true]
[{"$nulls":28},"OK",null,"Preço Total",true]
[{"$nulls":26},"Valores não Arredondados",{"$nulls":8},"↓",null,"↓"]
["Nível E","Save Nivel","Nível C","Altura","n1","n2","n3","n4","n5","Czero","Cnível","↓","Nível","Nível Corrigido","Item","Fonte","Código","Descrição","Unidade","Quantidade","Custo Unitário (sem BDI) (R$)","BDI\n(%)","Preço Unitário (com BDI) (R$)","Preço Total\n(R$)","↓","↓","Contrapartida (R$)","Outros (R$)","Erro de Dados","Lista Crono","Concatenação Fonte-Código","BancoDesloc","Custo Unitário Referência (R$)","Valor BDI",null,"Quantidade",null,"Preço Unitário (com BDI) (R$)","Preço Total\nLicit. (R$)","Preço Unitário Edital (R$)"]
["S","Save Nivel","S",0,"n1","n2","n3","n4","n5",0,0,"","Serviço","Serviço","-","SINAPI",null,"(Sem Código)","-",0,null,"BDI 1",0,0,"RA","",0,0,"","",false,"(Sem Código)",0,{"v":0.2604,"d":"26.04%"},{"$nulls":4},0,0]
[0,null,"L",1926,0,{"$nulls":6},"F","LOTE","LOTE","Construção do SES Eng. Neiva - Vila Bela",{"$nulls":8},{"v":13646429.240000006,"d":"13,646,429.24"},null,"",{"v":5458571.695999991,"d":"5,458,571.70"},0,{"$nulls":10},{"v":13646429.240000006,"d":"13,646,429.24"}]
[1,1,1,79,1,0,0,0,0,1926,79,"F","Meta","Meta","1.","SINAPI",null,"COLETOR BASF","-",0,null,"BDI 1",0,{"v":422843.09,"d":"422,843.09"},"RA","",169137.23599999998,0,"",1,false,"(Sem Código)",0,{"v":0.2604,"d":"26.04%"},{"$nulls":4},{"v":422843.09,"d":"422,843.09"},0]
[2,2,2,5,1,1,0,0,0,78,5,"F","Nível 2","Nível 2","1.1.","SINAPI",null,"Serviços Técnicos","-",0,null,"BDI 1",0,{"v":2710.81,"d":"2,710.81"},"RA","",1084.324,0,"",2,false,"(Sem Código)",0,{"v":0.2604,"d":"26.04%"},{"$nulls":4},{"v":2710.81,"d":"2,710.81"},0]
[3,3,3,4,1,1,1,0,0,4,9,"F","Nível 3","Nível 3","1.1.1.","SINAPI",null,"Locação e Cadastro","-",0,null,"BDI 1",0,{"v":2710.81,"d":"2,710.81"},"RA","",1084.324,0,"","",false,"(Sem Código)",0,{"v":0.2604,"d":"26.04%"},{"$nulls":4},{"v":2710.81,"d":"2,710.81"},0]
["S",3,"S",0,1,1,1,0,1,0,0,"F","Serviço","Serviço","1.1.1.0.1.","SABESP","70010003","LOCAÇÃO DE ADUTORAS, COLETORES-TRONCO E INTERCEPTORES (ATÉ DIÂM. 500 MM)","M",{"v":305.8,"d":"305.80"},1.44,"BDI 1",1.81,{"v":553.5,"d":"553.50"},"RA","RA",221.4,0,"","","SABESP 70010003",19839,1.44,{"v":0.2604,"d":"26.04%"},null,{"v":305.8,"d":"305.80"},null,null,{"v":553.5,"d":"553.50"},1.81]
["S",3,"S",0,1,1,1,0,2,0,0,"F","Serviço","Serviço","1.1.1.0.2.","SABESP",70010006,"CADASTRO DE ADUTORAS, COLETORES-TRONCO E INTERCEPTORES (ATÉ DIÂM. 500 MM)","M",{"v":305.8,"d":"305.80"},4.56,"BDI 1",5.75,{"v":1758.35,"d":"1,758.35"},"RA","RA",703.34,0,"","","SABESP 70010006",19832,4.56,{"v":0.2604,"d":"26.04%"},null,{"v":305.8,"d":"305.80"},null,null,{"v":1758.35,"d":"1,758.35"},5.75]
["S",3,"S",0,1,1,1,0,3,0,0,"F","Serviço","Serviço","1.1.1.0.3.","Composição","0032","CADASTRO DE POÇO DE VISITA, POÇO DE INSPEÇÃO E CAIXAS DE PASSAGEM","UNID",{"v":8,"d":"8.00"},39.57,"BDI 1",49.87,398.96,"RA","RA",159.584,0,"","","Composição 0032",34,39.57,{"v":0.2604,"d":"26.04%"},null,{"v":8,"d":"8.00"},null,null,398.96,49.87]
[2,2,2,8,1,2,0,0,0,73,8,"F","Nível 2","Nível 2","1.2.","SINAPI",null,"Serviços Preliminares","-",0,null,"BDI 1",0,{"v":21396.1,"d":"21,396.10"},"RA","",8558.44,0,"",3,false,"(Sem Código)",0,{"v":0.2604,"d":"26.04%"},{"$nulls":4},{"v":21396.1,"d":"21,396.10"},0]
[3,3,3,4,1,2,1,0,0,7,4,"F","Nível 3","Nível 3","1.2.1.","SINAPI",null,"Trânsito e Segurança","-",0,null,"BDI 1",0,{"v":9176.2,"d":"9,176.20"},"RA","",3670.4800000000005,0,"","",false,"(Sem Código)",0,{"v":0.2604,"d":"26.04%"},{"$nulls":4},{"v":9176.2,"d":"9,176.20"},0]
["S",3,"S",0,1,2,1,0,1,0,0,"F","Serviço","Serviço","1.2.1.0.1.","SABESP",70020004,"SINALIZAÇÃO DE TRÁFEGO","M",{"v":160,"d":"160.00"},5.14,"BDI 1",6.48,{"v":1036.8,"d":"1,036.80"},"RA","RA",414.72,0,"","","SABESP 70020004",19845,5.14,{"v":0.2604,"d":"26.04%"},null,{"v":160,"d":"160.00"},null,null,{"v":1036.8,"d":"1,036.80"},6.48]
["S",3,"S",0,1,2,1,0,2,0,0,"F","Serviço","Serviço","1.2.1.0.2.","SABESP",70020003,"TAPUME CONTÍNUO EM CHAPAS DE MADEIRA","M",{"v":305.8,"d":"305.80"},{"v":8.8,"d":"8.80"},"BDI 1",11.09,{"v":3391.32,"d":"3,391.32"},"RA","RA",1356.5280000000002,0,"","","SABESP 70020003",19848,{"v":8.8,"d":"8.80"},{"v":0.2604,"d":"26.04%"},null,{"v":305.8,"d":"305.80"},null,null,{"v":3391.32,"d":"3,391.32"},11.09]
["S",3,"S",0,1,2,1,0,3,0,0,"F","Serviço","Serviço","1.2.1.0.3.","SINAPI","103689","FORNECIMENTO E INSTALAÇÃO DE PLACA DE OBRA COM CHAPA GALVANIZADA E ESTRUTURA DE MADEIRA. AF_03/2022_PS","M2",{"v":8,"d":"8.00"},470.89,"BDI 1",593.51,{"v":4748.08,"d":"4,748.08"},"RA","RA",1899.232,0,"","","SINAPI 103689",14829,470.89,{"v":0.2604,"d":"26.04%"},null,{"v":8,"d":"8.00"},null,null,{"v":4748.08,"d":"4,748.08"},593.51]
[3,3,3,3,1,2,2,0,0,3,14,"F","Nível 3","Nível 3","1.2.2.","SINAPI",null,"Passadiços e Travessias","-",0,null,"BDI 1",0,{"v":12219.9,"d":"12,219.90"},"RA","",4887.96,0,"","",false,"(Sem Código)",0,{"v":0.2604,"d":"26.04%"},{"$nulls":4},{"v":12219.9,"d":"12,219.90"},0]
["S",3,"S",0,1,2,2,0,1,0,0,"F","Serviço","Serviço","1.2.2.0.1.","SABESP",70020006,"PASSADIÇOS DE MADEIRA PARA PEDESTRES","M2",{"v":30,"d":"30.00"},120.56,"BDI 1",151.95,{"v":4558.5,"d":"4,558.50"},"RA","RA",1823.4,0,"","","SABESP 70020006",19852,120.56,{"v":0.2604,"d":"26.04%"},null,{"v":30,"d":"30.00"},null,null,{"v":4558.5,"d":"4,558.50"},151.95]
["S",3,"S",0,1,2,2,0,2,0,0,"F","Serviço","Serviço","1.2.2.0.2.","SABESP",70020008,"PASSADIÇOS DE CHAPA METÁLICA PARA VEÍCULOS","M2",{"v":60,"d":"60.00"},101.31,"BDI 1",127.69,{"v":7661.4,"d":"7,661.40"},"RA","RA",3064.56,0,"","","SABESP 70020008",19851,101.31,{"v":0.2604,"d":"26.04%"},null,{"v":60,"d":"60.00"},null,null,{"v":7661.4,"d":"7,661.40"},127.69]
[2,2,2,15,1,3,0,0,0,65,15,"F","Nível 2","Nível 2","1.3.","SINAPI",null,"Movimento de Terra","-",0,null,"BDI 1",0,{"v":42603.03,"d":"42,603.03"},"RA","",17041.212,0,"",4,false,"(Sem Código)",0,{"v":0.2604,"d":"26.04%"},{"$nulls":4},{"v":42603.03,"d":"42,603.03"},0]
[3,3,3,6,1,3,1,0,0,14,6,"F","Nível 3","Nível 3","1.3.1.","SINAPI",null,"Escavação de valas, qualquer terreno, exceto rocha-coletores tronco e interceptores","-",0,null,"BDI 1",0,{"v":16058,"d":"16,058.00"},"RA","",6423.2,0,"","",false,"(Sem Código)",0,{"v":0.2604,"d":"26.04%"},{"$nulls":4},{"v":16058,"d":"16,058.00"},0]
["S",3,"S",0,1,3,1,0,1,0,0,"F","Serviço","Serviço","1.3.1.0.1.","SINAPI",102279,"ESCAVAÇÃO MECANIZADA DE VALA COM PROF. ATÉ 1,5 M (MÉDIA MONTANTE E JUSANTE/UMA COMPOSIÇÃO POR TRECHO), ESCAVADEIRA (0,8 M3),LARG. MENOR QUE 1,5 M, EM SOLO DE 1A CATEGORIA, LOCAIS COM BAIXO NÍVEL DE INTERFERÊNCIA. AF_09/2024","M3",10.91,7.45,"BDI 1",9.39,102.44,"RA","RA",40.976,0,"","","SINAPI 102279",9272,7.45,{"v":0.2604,"d":"26.04%"},null,10.91,null,null,102.44,9.39]
["S",3,"S",0,1,3,1,0,2,0,0,"F","Serviço","Serviço","1.3.1.0.2.","SINAPI",90092,"ESCAVAÇÃO MECANIZADA DE VALA COM PROF. MAIOR QUE 1,5 M E ATÉ 3,0 M(MÉDIA MONTANTE E JUSANTE/UMA COMPOSIÇÃO POR TRECHO), ESCAVADEIRA (0,8 M3), LARG. MENOR QUE 1,5 M, EM SOLO DE 1A CATEGORIA, LOCAIS COM BAIXO NÍVEL DE INTERFERÊNCIA. AF_09/2024","M3",199.77,{"v":6.4,"d":"6.40"},"BDI 1",8.07,{"v":1612.14,"d":"1,612.14"},"RA","RA",644.8560000000001,0,"","","SINAPI 90092",9309,{"v":6.4,"d":"6.40"},{"v":0.2604,"d":"26.04%"},null,199.77,null,null,{"v":1612.14,"d":"1,612.14"},8.07]
["S",3,"S",0,1,3,1,0,3,0,0,"F","Serviço","Serviço","1.3.1.0.3.","SINAPI",90094,"ESCAVAÇÃO MECANIZADA DE VALA COM PROF. MAIOR QUE 3,0 M ATÉ 4,5 M (MÉDIA MONTANTE E JUSANTE/UMA COMPOSIÇÃO POR TRECHO), ESCAVADEIRA (0,8 M3), LARG. MENOR QUE 1,5 M, EM SOLO DE 1A CATEGORIA, LOCAIS COM BAIXO NÍVEL DE INTERFERÊNCIA. AF_09/2024","M3",{"v":266.2,"d":"266.20"},6.05,"BDI 1",7.63,{"v":2031.11,"d":"2,031.11"},"RA","RA",812.444,0,"","","SINAPI 90094",9311,6.05,{"v":0.2604,"d":"26.04%"},null,{"v":266.2,"d":"266.20"},null,null,{"v":2031.11,"d":"2,031.11"},7.63]
["S",3,"S",0,1,3,1,0,4,0,0,"F","Serviço","Serviço","1.3.1.0.4.","SINAPI","102280","ESCAVAÇÃO MECANIZADA DE VALA COM PROF. MAIOR QUE 4,5 M ATÉ 6,0 M (MÉDIA MONTANTE E JUSANTE/UMA COMPOSIÇÃO POR TRECHO),COM ESCAVADEIRA (0,8 M3), LARG. MENOR QUE 1,5 M, EM SOLO DE 1A CATEGORIA, LOCAIS COM BAIXO NÍVEL DE INTERFERÊNCIA. AF_09/2024","M3",{"v":1078.8,"d":"1,078.80"},5.88,"BDI 1",7.41,{"v":7993.91,"d":"7,993.91"},"RA","RA",3197.5640000000003,0,"","","SINAPI 102280",9325,5.88,{"v":0.2604,"d":"26.04%"},null,{"v":1078.8,"d":"1,078.80"},null,null,{"v":7993.91,"d":"7,993.91"},7.41]
["S",3,"S",0,1,3,1,0,5,0,0,"F","Serviço","Serviço","1.3.1.0.5.","SINAPI","101616","PREPARO DE FUNDO DE VALA COM LARGURA MENOR QUE 1,5 M (ACERTO DO SOLO NATURAL). AF_08/2020","M2",413.64,8.28,"BDI 1",10.44,{"v":4318.4,"d":"4,318.40"},"RA","RA",1727.36,0,"","","SINAPI 101616",9402,8.28,{"v":0.2604,"d":"26.04%"},null,413.64,null,null,{"v":4318.4,"d":"4,318.40"},10.44]
[3,3,3,4,1,3,2,0,0,8,4,"F","Nível 3","Nível 3","1.3.2.","SINAPI",null,"Aterros e recobrimentos especiais de valas, poços e cavas","-",0,null,"BDI 1",0,{"v":25188.75,"d":"25,188.75"},"RA","",10075.5,0,"","",false,"(Sem Código)",0,{"v":0.2604,"d":"26.04%"},{"$nulls":4},{"v":25188.75,"d":"25,188.75"},0]
["S",3,"S",0,1,3,2,0,1,0,0,"F","Serviço","Serviço","1.3.2.0.1.","SINAPI","93379","REATERRO MECANIZADO DE VALA COM RETROESCAVADEIRA (CAPACIDADE DA CAÇAMBA DA RETRO: 0,26 M³/POTÊNCIA: 88 HP), LARGURA 0,8 A 1,5 M, PROFUNDIDADE ATÉ 1,5 M, COM SOLO (SEM SUBSTITUIÇÃO) DE 1ª CATEGORIA, COM COMPACTADOR DE SOLOS DE PERCUSSÃO AF_08/2023","M3",9.14,20.05,"BDI 1",25.27,230.97,"RA","RA",92.388,0,"","","SINAPI 93379",6781,20.05,{"v":0.2604,"d":"26.04%"},null,9.14,null,null,230.97,25.27]
["S",3,"S",0,1,3,2,0,2,0,0,"F","Serviço","Serviço","1.3.2.0.2.","SINAPI","93381","REATERRO MECANIZADO DE VALA COM RETROESCAVADEIRA (CAPACIDADE DA CAÇAMBA DA RETRO: 0,26 M³/POTÊNCIA: 88 HP), LARGURA 0,8 A 1,5 M, PROFUNDIDADE 1,5 A 3,0 M, COM SOLO (SEM SUBSTITUIÇÃO) DE 1ª CATEGORIA E COMPACTADOR DE SOLOS DE PERCUSSÃO. AF_08/2023","M3",176.53,{"v":13.8,"d":"13.80"},"BDI 1",17.39,{"v":3069.86,"d":"3,069.86"},"RA","RA",1227.9440000000002,0,"","","SINAPI 93381",6780,{"v":13.8,"d":"13.80"},{"v":0.2604,"d":"26.04%"},null,176.53,null,null,{"v":3069.86,"d":"3,069.86"},17.39]
["S",3,"S",0,1,3,2,0,3,0,0,"F","Serviço","Serviço","1.3.2.0.3.","SINAPI","104731","REATERRO MECANIZADO DE VALA COM ESCAVADEIRA HIDRÁULICA (CAPACIDADE DA CAÇAMBA: 0,8 M³/POTÊNCIA: 111 HP), LARGURA ATÉ 1,5 M, PROFUNDIDADE DE 3,0 A 6,0 M, COM SOLO (SEM SUBSTITUIÇÃO) DE 1ª CATEGORIA, COM PLACA VIBRATÓRIA. AF_08/2023","M3",{"v":1295.91,"d":"1,295.91"},{"v":13.4,"d":"13.40"},"BDI 1",16.89,{"v":21887.92,"d":"21,887.92"},"RA","RA",8755.168,0,"","","SINAPI 104731",6773,{"v":13.4,"d":"13.40"},{"v":0.2604,"d":"26.04%"},null,{"v":1295.91,"d":"1,295.91"},null,null,{"v":21887.92,"d":"21,887.92"},16.89]
[3,3,3,4,1,3,3,0,0,4,25,"F","Nível 3","Nível 3","1.3.3.","SINAPI",null,"Carga, transporte e descarga","-",0,null,"BDI 1",0,{"v":1356.28,"d":"1,356.28"},"RA","",542.5120000000001,0,"","",false,"(Sem Código)",0,{"v":0.2604,"d":"26.04%"},{"$nulls":4},{"v":1356.28,"d":"1,356.28"},0]
["S",3,"S",0,1,3,3,0,1,0,0,"F","Serviço","Serviço","1.3.3.0.1.","SINAPI","100978","CARGA, MANOBRA E DESCARGA DE SOLOS E MATERIAIS GRANULARES EM CAMINHÃO BASCULANTE 10 M³ - CARGA COM ESCAVADEIRA HIDRÁULICA (CAÇAMBA DE 1,20 M³ / 155 HP) E DESCARGA LIVRE (UNIDADE: M3). AF_07/2020","M3",{"v":74.1,"d":"74.10"},7.48,"BDI 1",9.43,698.76,"RA","RA",279.504,0,"","","SINAPI 100978",15260,7.48,{"v":0.2604,"d":"26.04%"},null,{"v":74.1,"d":"74.10"},null,null,698.76,9.43]
["S",3,"S",0,1,3,3,0,2,0,0,"F","Serviço","Serviço","1.3.3.0.2.","SINAPI","95875","TRANSPORTE COM CAMINHÃO BASCULANTE DE 10 M³, EM VIA URBANA PAVIMENTADA, DMT ATÉ 30 KM (UNIDADE: M3XKM). AF_07/2020","M3XKM",155.62,2.64,"BDI 1",3.33,518.21,"RA","RA",207.28400000000002,0,"","","SINAPI 95875",15320,2.64,{"v":0.2604,"d":"26.04%"},null,155.62,null,null,518.21,3.33]
["S",3,"S",0,1,3,3,0,3,0,0,"F","Serviço","Serviço","1.3.3.0.3.","SINAPI","100574","ESPALHAMENTO DE MATERIAL COM TRATOR DE ESTEIRAS. AF_09/2024","M3",{"v":74.1,"d":"74.10"},1.49,"BDI 1",1.88,139.31,"RA","RA",55.724000000000004,0,"","","SINAPI 100574",6894,1.49,{"v":0.2604,"d":"26.04%"},null,{"v":74.1,"d":"74.10"},null,null,139.31,1.88]
[2,2,2,5,1,4,0,0,0,50,5,"F","Nível 2","Nível 2","1.4.","SINAPI",null,"Escoramentos","-",0,null,"BDI 1",0,{"v":51401.37,"d":"51,401.37"},"RA","",20560.548,0,"",5,false,"(Sem Código)",0,{"v":0.2604,"d":"26.04%"},{"$nulls":4},{"v":51401.37,"d":"51,401.37"},0]
[3,3,3,4,1,4,1,0,0,4,7,"F","Nível 3","Nível 3","1.4.1.","SINAPI",null,"Estruturas de escoramento de valas","-",0,null,"BDI 1",0,{"v":51401.37,"d":"51,401.37"},"RA","",20560.548,0,"","",false,"(Sem Código)",0,{"v":0.2604,"d":"26.04%"},{"$nulls":4},{"v":51401.37,"d":"51,401.37"},0]
["S",3,"S",0,1,4,1,0,1,0,0,"F","Serviço","Serviço","1.4.1.0.1.","Composição","0009","ESCORAMENTO DE VALA, TIPO BLINDAGEM, COM PROFUNDIDADE DE 0 A 1,5 M, LARGURA MENOR QUE 1,5 M - EXECUÇÃO E FORNECIMENTO, INCLUI MATERIAL (ESCAVAÇÃO INTERNA AO BLINDADO) [EMBASA/BA-07.93.31]","M2",{"v":21.6,"d":"21.60"},33.03,"BDI 1",41.63,899.21,"RA","RA",359.684,0,"","","Composição 0009",11,33.03,{"v":0.2604,"d":"26.04%"},null,{"v":21.6,"d":"21.60"},null,null,899.21,41.63]
["S",3,"S",0,1,4,1,0,2,0,0,"F","Serviço","Serviço","1.4.1.0.2.","Composição","0013","ESCORAMENTO DE VALA, TIPO BLINDAGEM, COM PROFUNDIDADE DE 1,5 A 3,0 M, LARGURA MENOR DO QUE 1,5 M - EXECUÇÃO E FORNECIMENTO, INCLUI MATERIAL (ESCAVAÇÃO INTERNA AO BLINDADO) [EMBASA/BA-07.93.35]","M2",337.84,26.46,"BDI 1",33.35,{"v":11266.96,"d":"11,266.96"},"RA","RA",4506.784,0,"","","Composição 0013",15,26.46,{"v":0.2604,"d":"26.04%"},null,337.84,null,null,{"v":11266.96,"d":"11,266.96"},33.35]
["S",3,"S",0,1,4,1,0,3,0,0,"F","Serviço","Serviço","1.4.1.0.3.","Composição","0017","ESCORAMENTO DE VALA, TIPO BLINDAGEM, COM PROFUNDIDADE DE 3,0 A 4,5 M, LARGURA MENOR QUE 1,5 M - EXECUÇÃO E FORNECIMENTO, INCLUI MATERIAL (ESCAVAÇÃO INTERNA AO BLINDADO) [EMBASA/BA-07.93.39]","M2",{"v":1739.92,"d":"1,739.92"},17.89,"BDI 1",22.55,{"v":39235.2,"d":"39,235.20"},"RA","RA",15694.08,0,"","","Composição 0017",19,17.89,{"v":0.2604,"d":"26.04%"},null,{"v":1739.92,"d":"1,739.92"},null,null,{"v":39235.2,"d":"39,235.20"},22.55]
[2,2,2,8,1,5,0,0,0,45,8,"F","Nível 2","Nível 2","1.5.","SINAPI",null,"Fundações e Estruturas","-",0,null,"BDI 1",0,{"v":42833.94,"d":"42,833.94"},"RA","",17133.576,0,"",6,false,"(Sem Código)",0,{"v":0.2604,"d":"26.04%"},{"$nulls":4},{"v":42833.94,"d":"42,833.94"},0]
[3,3,3,2,1,5,1,0,0,7,2,"F","Nível 3","Nível 3","1.5.1.","SINAPI",null,"Lastros para assentamento de tubos e peças","-",0,null,"BDI 1",0,{"v":9023.1,"d":"9,023.10"},"RA","",3609.2400000000002,0,"","",false,"(Sem Código)",0,{"v":0.2604,"d":"26.04%"},{"$nulls":4},{"v":9023.1,"d":"9,023.10"},0]
["S",3,"S",0,1,5,1,0,1,0,0,"F","Serviço","Serviço","1.5.1.0.1.","SABESP","70070045","LASTRO DE AREIA (A)","M3",41.36,173.09,"BDI 1",218.16,{"v":9023.1,"d":"9,023.10"},"RA","RA",3609.2400000000002,0,"","","SABESP 70070045",20135,173.09,{"v":0.2604,"d":"26.04%"},null,41.36,null,null,{"v":9023.1,"d":"9,023.10"},218.16]
[3,3,3,5,1,5,2,0,0,5,11,"F","Nível 3","Nível 3","1.5.2.","SINAPI",null,"Poços de visita - coletor tronco","-",0,null,"BDI 1",0,{"v":33810.84,"d":"33,810.84"},"RA","",13524.336,0,"","",false,"(Sem Código)",0,{"v":0.2604,"d":"26.04%"},{"$nulls":4},{"v":33810.84,"d":"33,810.84"},0]
["S",3,"S",0,1,5,2,0,1,0,0,"F","Serviço","Serviço","1.5.2.0.1.","SINAPI","98410","BASE PARA POÇO DE VISITA CIRCULAR PARA ESGOTO, EM CONCRETO PRÉ-MOLDADO, DIÂMETRO INTERNO = 1,0 M, PROFUNDIDADE = 1,35 M, EXCLUINDO TAMPÃO. AF_12/2020","UN",{"v":3,"d":"3.00"},{"v":1326.1,"d":"1,326.10"},"BDI 1",{"v":1671.42,"d":"1,671.42"},{"v":5014.26,"d":"5,014.26"},"RA","RA",2005.7040000000002,0,"","","SINAPI 98410",14193,{"v":1326.1,"d":"1,326.10"},{"v":0.2604,"d":"26.04%"},null,{"v":3,"d":"3.00"},null,null,{"v":5014.26,"d":"5,014.26"},{"v":1671.42,"d":"1,671.42"}]
["S",3,"S",0,1,5,2,0,2,0,0,"F","Serviço","Serviço","1.5.2.0.2.","SINAPI","102139","BASE PARA POÇO DE VISITA CIRCULAR PARA ESGOTO, EM CONCRETO PRÉ-MOLDADO, DIÂMETRO INTERNO = 1,20 M, PROFUNDIDADE = 1,60 M, EXCLUINDO TAMPÃO. AF_12/2020","UN",{"v":5,"d":"5.00"},{"v":1817.28,"d":"1,817.28"},"BDI 1",{"v":2290.5,"d":"2,290.50"},{"v":11452.5,"d":"11,452.50"},"RA","RA",4581,0,"","","SINAPI 102139",14194,{"v":1817.28,"d":"1,817.28"},{"v":0.2604,"d":"26.04%"},null,{"v":5,"d":"5.00"},null,null,{"v":11452.5,"d":"11,452.50"},{"v":2290.5,"d":"2,290.50"}]
["S",3,"S",0,1,5,2,0,3,0,0,"F","Serviço","Serviço","1.5.2.0.3.","SINAPI","97983","ACRÉSCIMO PARA POÇO DE VISITA CIRCULAR PARA ESGOTO, EM CONCRETO PRÉ-MOLDADO, DIÂMETRO INTERNO = 1 M. AF_12/2020","M",1.85,600.39,"BDI 1",756.73,{"v":1399.95,"d":"1,399.95"},"RA","RA",559.98,0,"","","SINAPI 97983",14120,600.39,{"v":0.2604,"d":"26.04%"},null,1.85,null,null,{"v":1399.95,"d":"1,399.95"},756.73]
["S",3,"S",0,1,5,2,0,4,0,0,"F","Serviço","Serviço","1.5.2.0.4.","SINAPI","97987","ACRÉSCIMO PARA POÇO DE VISITA CIRCULAR PARA ESGOTO, EM CONCRETO PRÉ-MOLDADO, DIÂMETRO INTERNO = 1,2 M. AF_12/2020","M",15.83,799.12,"BDI 1",{"v":1007.21,"d":"1,007.21"},{"v":15944.13,"d":"15,944.13"},"RA","RA",6377.652,0,"","","SINAPI 97987",14121,799.12,{"v":0.2604,"d":"26.04%"},null,15.83,null,null,{"v":15944.13,"d":"15,944.13"},{"v":1007.21,"d":"1,007.21"}]
[2,2,2,14,1,6,0,0,0,37,14,"F","Nível 2","Nível 2","1.6.","SINAPI",null,"Assentamento","-",0,null,"BDI 1",0,{"v":6890.13,"d":"6,890.13"},"RA","",2756.0520000000006,0,"",7,false,"(Sem Código)",0,{"v":0.2604,"d":"26.04%"},{"$nulls":4},{"v":6890.13,"d":"6,890.13"},0]
[3,3,3,3,1,6,1,0,0,13,3,"F","Nível 3","Nível 3","1.6.1.","SINAPI",null,"Assentamento simples de tubos e peças de PVC","-",0,null,"BDI 1",0,{"v":4036.18,"d":"4,036.18"},"RA","",1614.4720000000002,0,"","",false,"(Sem Código)",0,{"v":0.2604,"d":"26.04%"},{"$nulls":4},{"v":4036.18,"d":"4,036.18"},0]
["S",3,"S",0,1,6,1,0,1,0,0,"F","Serviço","Serviço","1.6.1.0.1.","SINAPI","90743","ASSENTAMENTO DE TUBO DE PVC CORRUGADO DE DUPLA PAREDE PARA REDE COLETORA DE ESGOTO, DN 300 MM, JUNTA ELÁSTICA (NÃO INCLUI FORNECIMENTO). AF_01/2021","M",{"v":79.2,"d":"79.20"},{"v":8,"d":"8.00"},"BDI 1",10.08,798.34,"RA","RA",319.336,0,"","","SINAPI 90743",6395,{"v":8,"d":"8.00"},{"v":0.2604,"d":"26.04%"},null,{"v":79.2,"d":"79.20"},null,null,798.34,10.08]
["S",3,"S",0,1,6,1,0,2,0,0,"F","Serviço","Serviço","1.6.1.0.2.","SINAPI","90745","ASSENTAMENTO DE TUBO DE PVC CORRUGADO DE DUPLA PAREDE PARA REDE COLETORA DE ESGOTO, DN 400 MM, JUNTA ELÁSTICA (NÃO INCLUI FORNECIMENTO). AF_01/2021","M",{"v":216,"d":"216.00"},11.89,"BDI 1",14.99,{"v":3237.84,"d":"3,237.84"},"RA","RA",1295.1360000000002,0,"","","SINAPI 90745",6397,11.89,{"v":0.2604,"d":"26.04%"},null,{"v":216,"d":"216.00"},null,null,{"v":3237.84,"d":"3,237.84"},14.99]
[3,3,3,2,1,6,2,0,0,10,2,"F","Nível 3","Nível 3","1.6.2.","SINAPI",null,"Assentamento simples de tubos e peças de F°F°","-",0,null,"BDI 1",0,75.46,"RA","",30.183999999999997,0,"","",false,"(Sem Código)",0,{"v":0.2604,"d":"26.04%"},{"$nulls":4},75.46,0]
["S",3,"S",0,1,6,2,0,1,0,0,"F","Serviço","Serviço","1.6.2.0.1.","SABESP",70080112,"ASSENTAM. SIMPLES DE TUBOS E PEÇAS, DN 400 MM, EM FºFº, JE (A)","M",{"v":1.8,"d":"1.80"},33.26,"BDI 1",41.92,75.46,"RA","RA",30.183999999999997,0,"","","SABESP 70080112",20540,33.26,{"v":0.2604,"d":"26.04%"},null,{"v":1.8,"d":"1.80"},null,null,75.46,41.92]
[3,3,3,2,1,6,3,0,0,8,2,"F","Nível 3","Nível 3","1.6.3.","SINAPI",null,"Assentamento de Tampão de ferro fundido Ø = 600mm","-",0,null,"BDI 1",0,{"v":1366.4,"d":"1,366.40"},"RA","",546.5600000000001,0,"","",false,"(Sem Código)",0,{"v":0.2604,"d":"26.04%"},{"$nulls":4},{"v":1366.4,"d":"1,366.40"},0]
["S",3,"S",0,1,6,3,0,1,0,0,"F","Serviço","Serviço","1.6.3.0.1.","SABESP",70070230,"ASSENTAMENTO DE TAMPÃO DE FERRO FUNDIDO, DN 600 MM","un",{"v":8,"d":"8.00"},135.51,"BDI 1",{"v":170.8,"d":"170.80"},{"v":1366.4,"d":"1,366.40"},"RA","RA",546.5600000000001,0,"","","SABESP 70070230",20346,135.51,{"v":0.2604,"d":"26.04%"},null,{"v":8,"d":"8.00"},null,null,{"v":1366.4,"d":"1,366.40"},{"v":170.8,"d":"170.80"}]
[3,3,3,3,1,6,4,0,0,6,3,"F","Nível 3","Nível 3","1.6.4.","7.4",null,"Carga, transporte até 10 km e descarga de tubos e peças de PVC","-",0,null,"BDI 1",0,{"v":1362.73,"d":"1,362.73"},"RA","",545.0920000000001,0,"","",false,"(Sem Código)",0,{"v":0.2604,"d":"26.04%"},{"$nulls":4},{"v":1362.73,"d":"1,362.73"},0]
["S",3,"S",0,1,6,4,0,1,0,0,"F","Serviço","Serviço","1.6.4.0.1.","SABESP",70080322,"CARGA, TRANSPORTE ATÉ 10 KM E DESCARGA TUBOS E PEÇAS, DN 300 MM, EM PVC RÍGIDO, RPVC E DEFOFO","KM",0.08,{"v":2831.79,"d":"2,831.79"},"BDI 1",{"v":3569.19,"d":"3,569.19"},285.54,"RA","RA",114.21600000000001,0,"","","SABESP 70080322",20739,{"v":2831.79,"d":"2,831.79"},{"v":0.2604,"d":"26.04%"},null,0.08,null,null,285.54,{"v":3569.19,"d":"3,569.19"}]
["S",3,"S",0,1,6,4,0,2,0,0,"F","Serviço","Serviço","1.6.4.0.2.","SABESP",70080324,"CARGA, TRANSPORTE ATÉ 10 KM E DESCARGA TUBOS E PEÇAS, DN 400 MM, EM PVC RÍGIDO, RPVC E DEFOFO","KM",0.24,{"v":3561.02,"d":"3,561.02"},"BDI 1",{"v":4488.31,"d":"4,488.31"},{"v":1077.19,"d":"1,077.19"},"RA","RA",430.87600000000003,0,"","","SABESP 70080324",20741,{"v":3561.02,"d":"3,561.02"},{"v":0.2604,"d":"26.04%"},null,0.24,null,null,{"v":1077.19,"d":"1,077.19"},{"v":4488.31,"d":"4,488.31"}]
[3,3,3,3,1,6,5,0,0,3,234,"F","Nível 3","Nível 3","1.6.5.","SINAPI",null,"Carga, transporte e descarga de tubos e peças de FºFº","-",0,null,"BDI 1",0,49.36,"RA","",19.744000000000003,0,"","",false,"(Sem Código)",0,{"v":0.2604,"d":"26.04%"},{"$nulls":4},49.36,0]
["S",3,"S",0,1,6,5,0,1,0,0,"F","Serviço","Serviço","1.6.5.0.1.","SABESP",70080342,"CARGA E DESCARGA, DE TUBOS E PEÇAS EM FERRO FUNDIDO","TON",0.26,116.91,"BDI 1",147.35,38.31,"RA","RA",15.324000000000002,0,"","","SABESP 70080342",20760,116.91,{"v":0.2604,"d":"26.04%"},null,0.26,null,null,38.31,147.35]
["S",3,"S",0,1,6,5,0,2,0,0,"F","Serviço","Serviço","1.6.5.0.2.","SABESP",70080343,"TRANSPORTE, DE TUBOS E PEÇAS EM FERRO FUNDIDO","TOK",2.63,3.33,"BDI 1",{"v":4.2,"d":"4.20"},11.05,"RA","RA",4.420000000000001,0,"","","SABESP 70080343",20761,3.33,{"v":0.2604,"d":"26.04%"},null,2.63,null,null,11.05,{"v":4.2,"d":"4.20"}]
[2,2,2,11,1,7,0,0,0,23,11,"F","Nível 2","Nível 2","1.7.","SINAPI",null,"Pavimentação","-",0,null,"BDI 1",0,{"v":105000.94,"d":"105,000.94"},"RA","",42000.376000000004,0,"",8,false,"(Sem Código)",0,{"v":0.2604,"d":"26.04%"},{"$nulls":4},{"v":105000.94,"d":"105,000.94"},0]
[3,3,3,4,1,7,1,0,0,10,4,"F","Nível 3","Nível 3","1.7.1.","SINAPI",null,"Corte de pavimento asfáltico","-",0,null,"BDI 1",0,{"v":20538.68,"d":"20,538.68"},"RA","",8215.472,0,"","",false,"(Sem Código)",0,{"v":0.2604,"d":"26.04%"},{"$nulls":4},{"v":20538.68,"d":"20,538.68"},0]
["S",3,"S",0,1,7,1,0,1,0,0,"F","Serviço","Serviço","1.7.1.0.1.","Composição","0001","CORTE EM PAVIMENTO DE ASFALTO / CONCRETO COM MÁQUINA E DISCO DIAMANTADO","M",{"v":611.6,"d":"611.60"},10.76,"BDI 1",13.56,{"v":8293.3,"d":"8,293.30"},"RA","RA",3317.3199999999997,0,"","","Composição 0001",3,10.76,{"v":0.2604,"d":"26.04%"},null,{"v":611.6,"d":"611.60"},null,null,{"v":8293.3,"d":"8,293.30"},13.56]
["S",3,"S",0,1,7,1,0,2,0,0,"F","Serviço","Serviço","1.7.1.0.2.","Composição","0028","Demolição de asfalto c/ martelete - SEDOP 021525","M2",459.02,14.65,"BDI 1",18.46,{"v":8473.51,"d":"8,473.51"},"RA","RA",3389.4040000000005,0,"","","Composição 0028",30,14.65,{"v":0.2604,"d":"26.04%"},null,459.02,null,null,{"v":8473.51,"d":"8,473.51"},18.46]
["S",3,"S",0,1,7,1,0,3,0,0,"F","Serviço","Serviço","1.7.1.0.3.","SABESP","70190145","REMOÇÃO ENTULHO INCLUSIVE A CARGA, TRANSPORTE E DESCARGA EM BOTA FORA A QQ DISTÂNCIA","M3",22.96,130.34,"BDI 1",164.28,{"v":3771.87,"d":"3,771.87"},"RA","RA",1508.748,0,"","","SABESP 70190145",22150,130.34,{"v":0.2604,"d":"26.04%"},null,22.96,null,null,{"v":3771.87,"d":"3,771.87"},164.28]
[3,3,3,6,1,7,2,0,0,6,36,"F","Nível 3","Nível 3","1.7.2.","SINAPI",null,"Recomposição de pavimentação asfáltica","-",0,null,"BDI 1",0,{"v":84462.26,"d":"84,462.26"},"RA","",33784.904,0,"","",false,"(Sem Código)",0,{"v":0.2604,"d":"26.04%"},{"$nulls":4},{"v":84462.26,"d":"84,462.26"},0]
["S",3,"S",0,1,7,2,0,1,0,0,"F","Serviço","Serviço","1.7.2.0.1.","CDHU","54.01.220","Base de bica corrida","M3",45.89,232.84,"BDI 1",293.47,{"v":13467.34,"d":"13,467.34"},"RA","RA",5386.936000000001,0,"","","CDHU 54.01.220",19402,232.84,{"v":0.2604,"d":"26.04%"},null,45.89,null,null,{"v":13467.34,"d":"13,467.34"},293.47]
["S",3,"S",0,1,7,2,0,2,0,0,"F","Serviço","Serviço","1.7.2.0.2.","CDHU","54.03.230","Imprimação betuminosa ligante","M2",459.02,6.49,"BDI 1",8.18,{"v":3754.78,"d":"3,754.78"},"RA","RA",1501.9120000000003,0,"","","CDHU 54.03.230",19413,6.49,{"v":0.2604,"d":"26.04%"},null,459.02,null,null,{"v":3754.78,"d":"3,754.78"},8.18]
["S",3,"S",0,1,7,2,0,3,0,0,"F","Serviço","Serviço","1.7.2.0.3.","CDHU","54.03.240","Imprimação betuminosa impermeabilizante","M2",459.02,13.09,"BDI 1",{"v":16.5,"d":"16.50"},{"v":7573.83,"d":"7,573.83"},"RA","RA",3029.532,0,"","","CDHU 54.03.240",19414,13.09,{"v":0.2604,"d":"26.04%"},null,459.02,null,null,{"v":7573.83,"d":"7,573.83"},{"v":16.5,"d":"16.50"}]
["S",3,"S",0,1,7,2,0,4,0,0,"F","Serviço","Serviço","1.7.2.0.4.","SINAPI","95876","TRANSPORTE COM CAMINHÃO BASCULANTE DE 14 M³, EM VIA URBANA PAVIMENTADA, DMT ATÉ 30 KM (UNIDADE: M3XKM). AF_07/2020","M3XKM",383.27,2.28,"BDI 1",2.87,{"v":1099.98,"d":"1,099.98"},"RA","RA",439.992,0,"","","SINAPI 95876",15330,2.28,{"v":0.2604,"d":"26.04%"},null,383.27,null,null,{"v":1099.98,"d":"1,099.98"},2.87]
["S",3,"S",0,1,7,2,0,5,0,0,"F","Serviço","Serviço","1.7.2.0.5.","SINAPI","102098","RECOMPOSIÇÃO DE REVESTIMENTO EM CONCRETO ASFÁLTICO (AQUISIÇÃO EM USINA), PARA O FECHAMENTO DE VALAS - INCLUSO DEMOLIÇÃO DO PAVIMENTO. AF_12/2020","M3",22.95,{"v":2024.68,"d":"2,024.68"},"BDI 1",{"v":2551.91,"d":"2,551.91"},{"v":58566.33,"d":"58,566.33"},"RA","RA",23426.532000000003,0,"","","SINAPI 102098",14540,{"v":2024.68,"d":"2,024.68"},{"v":0.2604,"d":"26.04%"},null,22.95,null,null,{"v":58566.33,"d":"58,566.33"},{"v":2551.91,"d":"2,551.91"}]
[2,2,2,12,1,8,0,0,0,12,238,"F","Nível 2","Nível 2","1.8.","SINAPI",null,"Fornecimento de materiais e equipamentos","-",0,null,"BDI 1",0,{"v":150006.77,"d":"150,006.77"},"RA","",60002.708,0,"",9,false,"(Sem Código)",0,{"v":0.2604,"d":"26.04%"},{"$nulls":4},{"v":150006.77,"d":"150,006.77"},0]
[3,3,3,11,1,8,1,0,0,11,21,"F","Nível 3","Nível 3","1.8.1.","SINAPI",null,"Hidráulicos e hidromecânicos","-",0,null,"BDI 1",0,{"v":150006.77,"d":"150,006.77"},"RA","",60002.708,0,"","",false,"(Sem Código)",0,{"v":0.2604,"d":"26.04%"},{"$nulls":4},{"v":150006.77,"d":"150,006.77"},0]
[4,4,4,2,1,8,1,1,0,10,2,"F","Nível 4","Nível 4","1.8.1.1.","SINAPI",null,"Tubulação de ferro fundido","-",0,null,"BDI 1",0,{"v":5014.85,"d":"5,014.85"},"RA","",2005.9400000000003,0,"","",false,"(Sem Código)",0,{"v":0.2604,"d":"26.04%"},{"$nulls":4},{"v":5014.85,"d":"5,014.85"},0]
["S",4,"S",0,1,8,1,1,1,0,0,"F","Serviço","Serviço","1.8.1.1.1.","SABESP-I","HM06748","TUBO C/FLANGE PN10 E BOLSA JE FERRO FUNDIDO DN=400 MM L=2.000 MM (236,30 KG) PINTURA EPÓXI VERMELHA, ACESSÓRIOS NÃO INCLUSOS NBR 15420 ESGOTO","un",{"v":1,"d":"1.00"},{"v":4501.66,"d":"4,501.66"},"BDI 2",{"v":5014.85,"d":"5,014.85"},{"v":5014.85,"d":"5,014.85"},"RA","RA",2005.9400000000003,0,"","","SABESP-I HM06748",26998,{"v":4501.66,"d":"4,501.66"},{"v":0.114,"d":"11.40%"},null,{"v":1,"d":"1.00"},null,null,{"v":5014.85,"d":"5,014.85"},{"v":5014.85,"d":"5,014.85"}]
[4,4,4,3,1,8,1,2,0,8,3,"F","Nível 4","Nível 4","1.8.1.2.","SINAPI",null,"Tubulação de PVC rígido corrugado com ponta e bolsa JE","-",0,null,"BDI 1",0,{"v":135783.6,"d":"135,783.60"},"RA","",54313.44,0,"","",false,"(Sem Código)",0,{"v":0.2604,"d":"26.04%"},{"$nulls":4},{"v":135783.6,"d":"135,783.60"},0]
["S",4,"S",0,1,8,1,2,1,0,0,"F","Serviço","Serviço","1.8.1.2.1.","SINAPI-I","38035","TUBO PVC CORRUGADO, PAREDE DUPLA, JE, DN 300 MM/ DE 315 MM, REDE COLETORA ESGOTO","M",{"v":84,"d":"84.00"},{"v":248.9,"d":"248.90"},"BDI 2",277.27,{"v":23290.68,"d":"23,290.68"},"RA","RA",9316.272,0,"","","SINAPI-I 38035",4728,{"v":248.9,"d":"248.90"},{"v":0.114,"d":"11.40%"},null,{"v":84,"d":"84.00"},null,null,{"v":23290.68,"d":"23,290.68"},277.27]
["S",4,"S",0,1,8,1,2,2,0,0,"F","Serviço","Serviço","1.8.1.2.2.","SINAPI-I","38037","TUBO PVC CORRUGADO, PAREDE DUPLA, JE, DN 400 MM/ DE 400 MM, REDE COLETORA ESGOTO","M",{"v":228,"d":"228.00"},{"v":442.9,"d":"442.90"},"BDI 2",493.39,{"v":112492.92,"d":"112,492.92"},"RA","RA",44997.168000000005,0,"","","SINAPI-I 38037",4730,{"v":442.9,"d":"442.90"},{"v":0.114,"d":"11.40%"},null,{"v":228,"d":"228.00"},null,null,{"v":112492.92,"d":"112,492.92"},493.39]
[4,4,4,3,1,8,1,3,0,5,3,"F","Nível 4","Nível 4","1.8.1.3.","SINAPI",null,"Anéis de borracha","-",0,null,"BDI 1",0,{"v":4991.28,"d":"4,991.28"},"RA","",1996.512,0,"","",false,"(Sem Código)",0,{"v":0.2604,"d":"26.04%"},{"$nulls":4},{"v":4991.28,"d":"4,991.28"},0]
["S",4,"S",0,1,8,1,3,1,0,0,"F","Serviço","Serviço","1.8.1.3.1.","SINAPI-I",308,"ANEL BORRACHA, PARA TUBO, PVC REDE COLETOR ESGOTO, DN 300 MM (NBR 7362)","UN",{"v":15,"d":"15.00"},81.95,"BDI 2",91.29,{"v":1369.35,"d":"1,369.35"},"RA","RA",547.74,0,"","","SINAPI-I 308",308,81.95,{"v":0.114,"d":"11.40%"},null,{"v":15,"d":"15.00"},null,null,{"v":1369.35,"d":"1,369.35"},91.29]
["S",4,"S",0,1,8,1,3,2,0,0,"F","Serviço","Serviço","1.8.1.3.2.","SINAPI-I",310,"ANEL BORRACHA, PARA TUBO PVC, REDE COLETOR ESGOTO, DN 400 MM (NBR 7362)","UN",{"v":39,"d":"39.00"},83.37,"BDI 2",92.87,{"v":3621.93,"d":"3,621.93"},"RA","RA",1448.772,0,"","","SINAPI-I 310",307,83.37,{"v":0.114,"d":"11.40%"},null,{"v":39,"d":"39.00"},null,null,{"v":3621.93,"d":"3,621.93"},92.87]
[4,4,4,2,1,8,1,4,0,2,289,"F","Nível 4","Nível 4","1.8.1.4.","SINAPI",null,"Tampão de ferro fundido Ø = 600mm","-",0,null,"BDI 1",0,{"v":4217.04,"d":"4,217.04"},"RA","",1686.816,0,"","",false,"(Sem Código)",0,{"v":0.2604,"d":"26.04%"},{"$nulls":4},{"v":4217.04,"d":"4,217.04"},0]
["S",4,"S",0,1,8,1,4,1,0,0,"F","Serviço","Serviço","1.8.1.4.1.","SABESP-I","HM01428","TAMPÃO ARTICULADO FERRO FUNDIDO DN 600 MM COM ARO NTS 033","un",{"v":8,"d":"8.00"},473.19,"BDI 2",527.13,{"v":4217.04,"d":"4,217.04"},"RA","RA",1686.816,0,"","","SABESP-I HM01428",26565,473.19,{"v":0.114,"d":"11.40%"},null,{"v":8,"d":"8.00"},null,null,{"v":4217.04,"d":"4,217.04"},527.13]
[1,1,1,57,2,0,0,0,0,1847,57,"F","Meta","Meta","2.","SINAPI",null,"INTERLIGAÇÃO 03","-",0,null,"BDI 1",0,{"v":14732.46,"d":"14,732.46"},"RA","",5892.984000000001,0,"",10,false,"(Sem Código)",0,{"v":0.2604,"d":"26.04%"},{"$nulls":4},{"v":14732.46,"d":"14,732.46"},0]
[2,2,2,5,2,1,0,0,0,56,5,"F","Nível 2","Nível 2","2.1.","SINAPI",null,"Serviços Técnicos","-",0,null,"BDI 1",0,110.35,"RA","",44.14,0,"",11,false,"(Sem Código)",0,{"v":0.2604,"d":"26.04%"},{"$nulls":4},110.35,0]
[3,3,3,4,2,1,1,0,0,4,8,"F","Nível 3","Nível 3","2.1.1.","SINAPI",null,"Locação e Cadastro","-",0,null,"BDI 1",0,110.35,"RA","",44.14,0,"","",false,"(Sem Código)",0,{"v":0.2604,"d":"26.04%"},{"$nulls":4},110.35,0]
["S",3,"S",0,2,1,1,0,1,0,0,"F","Serviço","Serviço","2.1.1.0.1.","SABESP",70010003,"LOCAÇÃO DE ADUTORAS, COLETORES-TRONCO E INTERCEPTORES (ATÉ DIÂM. 500 MM)","M",{"v":8,"d":"8.00"},1.44,"BDI 1",1.81,14.48,"RA","RA",5.792000000000001,0,"","","SABESP 70010003",19839,1.44,{"v":0.2604,"d":"26.04%"},null,{"v":8,"d":"8.00"},null,null,14.48,1.81]
["S",3,"S",0,2,1,1,0,2,0,0,"F","Serviço","Serviço","2.1.1.0.2.","SABESP",70010006,"CADASTRO DE ADUTORAS, COLETORES-TRONCO E INTERCEPTORES (ATÉ DIÂM. 500 MM)","M",{"v":8,"d":"8.00"},4.56,"BDI 1",5.75,{"v":46,"d":"46.00"},"RA","RA",18.400000000000002,0,"","","SABESP 70010006",19832,4.56,{"v":0.2604,"d":"26.04%"},null,{"v":8,"d":"8.00"},null,null,{"v":46,"d":"46.00"},5.75]
["S",3,"S",0,2,1,1,0,3,0,0,"F","Serviço","Serviço","2.1.1.0.3.","Composição","0032","CADASTRO DE POÇO DE VISITA, POÇO DE INSPEÇÃO E CAIXAS DE PASSAGEM","UNID",{"v":1,"d":"1.00"},39.57,"BDI 1",49.87,49.87,"RA","RA",19.948,0,"","","Composição 0032",34,39.57,{"v":0.2604,"d":"26.04%"},null,{"v":1,"d":"1.00"},null,null,49.87,49.87]
[2,2,2,6,2,2,0,0,0,51,6,"F","Nível 2","Nível 2","2.2.","SINAPI",null,"Serviços Preliminares","-",0,null,"BDI 1",0,640.94,"RA","",256.37600000000003,0,"",12,false,"(Sem Código)",0,{"v":0.2604,"d":"26.04%"},{"$nulls":4},640.94,0]
[3,3,3,3,2,2,1,0,0,5,3,"F","Nível 3","Nível 3","2.2.1.","SINAPI",null,"Trânsito e Segurança","-",0,null,"BDI 1",0,436.64,"RA","",174.656,0,"","",false,"(Sem Código)",0,{"v":0.2604,"d":"26.04%"},{"$nulls":4},436.64,0]
["S",3,"S",0,2,2,1,0,1,0,0,"F","Serviço","Serviço","2.2.1.0.1.","SABESP",70020004,"SINALIZAÇÃO DE TRÁFEGO","M",{"v":40,"d":"40.00"},5.14,"BDI 1",6.48,{"v":259.2,"d":"259.20"},"RA","RA",103.68,0,"","","SABESP 70020004",19845,5.14,{"v":0.2604,"d":"26.04%"},null,{"v":40,"d":"40.00"},null,null,{"v":259.2,"d":"259.20"},6.48]
["S",3,"S",0,2,2,1,0,2,0,0,"F","Serviço","Serviço","2.2.1.0.2.","SABESP",70020003,"TAPUME CONTÍNUO EM CHAPAS DE MADEIRA","M",{"v":16,"d":"16.00"},{"v":8.8,"d":"8.80"},"BDI 1",11.09,177.44,"RA","RA",70.976,0,"","","SABESP 70020003",19848,{"v":8.8,"d":"8.80"},{"v":0.2604,"d":"26.04%"},null,{"v":16,"d":"16.00"},null,null,177.44,11.09]
[3,3,3,2,2,2,2,0,0,2,8,"F","Nível 3","Nível 3","2.2.2.","SINAPI",null,"Passadiços e Travessias","-",0,null,"BDI 1",0,{"v":204.3,"d":"204.30"},"RA","",81.72000000000001,0,"","",false,"(Sem Código)",0,{"v":0.2604,"d":"26.04%"},{"$nulls":4},{"v":204.3,"d":"204.30"},0]
["S",3,"S",0,2,2,2,0,1,0,0,"F","Serviço","Serviço","2.2.2.0.1.","SABESP",70020008,"PASSADIÇOS DE CHAPA METÁLICA PARA VEÍCULOS","M2",{"v":1.6,"d":"1.60"},101.31,"BDI 1",127.69,{"v":204.3,"d":"204.30"},"RA","RA",81.72000000000001,0,"","","SABESP 70020008",19851,101.31,{"v":0.2604,"d":"26.04%"},null,{"v":1.6,"d":"1.60"},null,null,{"v":204.3,"d":"204.30"},127.69]
[2,2,2,10,2,3,0,0,0,45,10,"F","Nível 2","Nível 2","2.3.","SINAPI",null,"Movimento de Terra","-",0,null,"BDI 1",0,{"v":1489.83,"d":"1,489.83"},"RA","",595.9320000000001,0,"",13,false,"(Sem Código)",0,{"v":0.2604,"d":"26.04%"},{"$nulls":4},{"v":1489.83,"d":"1,489.83"},0]
[3,3,3,3,2,3,1,0,0,9,3,"F","Nível 3","Nível 3","2.3.1.","SINAPI",null,"Escavação de valas, qualquer terreno, exceto rocha-coletores tronco e interceptores","-",0,null,"BDI 1",0,539.48,"RA","",215.792,0,"","",false,"(Sem Código)",0,{"v":0.2604,"d":"26.04%"},{"$nulls":4},539.48,0]
["S",3,"S",0,2,3,1,0,1,0,0,"F","Serviço","Serviço","2.3.1.0.1.","SINAPI","90094","ESCAVAÇÃO MECANIZADA DE VALA COM PROF. MAIOR QUE 3,0 M ATÉ 4,5 M (MÉDIA MONTANTE E JUSANTE/UMA COMPOSIÇÃO POR TRECHO), ESCAVADEIRA (0,8 M3), LARG. MENOR QUE 1,5 M, EM SOLO DE 1A CATEGORIA, LOCAIS COM BAIXO NÍVEL DE INTERFERÊNCIA. AF_09/2024","M3",56.16,6.05,"BDI 1",7.63,{"v":428.5,"d":"428.50"},"RA","RA",171.4,0,"","","SINAPI 90094",9311,6.05,{"v":0.2604,"d":"26.04%"},null,56.16,null,null,{"v":428.5,"d":"428.50"},7.63]
["S",3,"S",0,2,3,1,0,2,0,0,"F","Serviço","Serviço","2.3.1.0.2.","SINAPI","101616","PREPARO DE FUNDO DE VALA COM LARGURA MENOR QUE 1,5 M (ACERTO DO SOLO NATURAL). AF_08/2020","M2",10.63,8.28,"BDI 1",10.44,110.98,"RA","RA",44.392,0,"","","SINAPI 101616",9402,8.28,{"v":0.2604,"d":"26.04%"},null,10.63,null,null,110.98,10.44]
[3,3,3,2,2,3,2,0,0,6,2,"F","Nível 3","Nível 3","2.3.2.","SINAPI",null,"Aterros e recobrimentos especiais de valas, poços e cavas","-",0,null,"BDI 1",0,927.09,"RA","",370.836,0,"","",false,"(Sem Código)",0,{"v":0.2604,"d":"26.04%"},{"$nulls":4},927.09,0]
["S",3,"S",0,2,3,2,0,1,0,0,"F","Serviço","Serviço","2.3.2.0.1.","SINAPI","104731","REATERRO MECANIZADO DE VALA COM ESCAVADEIRA HIDRÁULICA (CAPACIDADE DA CAÇAMBA: 0,8 M³/POTÊNCIA: 111 HP), LARGURA ATÉ 1,5 M, PROFUNDIDADE DE 3,0 A 6,0 M, COM SOLO (SEM SUBSTITUIÇÃO) DE 1ª CATEGORIA, COM PLACA VIBRATÓRIA. AF_08/2023","M3",54.89,{"v":13.4,"d":"13.40"},"BDI 1",16.89,927.09,"RA","RA",370.836,0,"","","SINAPI 104731",6773,{"v":13.4,"d":"13.40"},{"v":0.2604,"d":"26.04%"},null,54.89,null,null,927.09,16.89]
[3,3,3,4,2,3,3,0,0,4,186,"F","Nível 3","Nível 3","2.3.3.","SINAPI",null,"Carga, transporte e descarga","-",0,null,"BDI 1",0,23.26,"RA","",9.304,0,"","",false,"(Sem Código)",0,{"v":0.2604,"d":"26.04%"},{"$nulls":4},23.26,0]
["S",3,"S",0,2,3,3,0,1,0,0,"F","Serviço","Serviço","2.3.3.0.1.","SINAPI","100978","CARGA, MANOBRA E DESCARGA DE SOLOS E MATERIAIS GRANULARES EM CAMINHÃO BASCULANTE 10 M³ - CARGA COM ESCAVADEIRA HIDRÁULICA (CAÇAMBA DE 1,20 M³ / 155 HP) E DESCARGA LIVRE (UNIDADE: M3). AF_07/2020","M3",1.27,7.48,"BDI 1",9.43,11.98,"RA","RA",4.792000000000001,0,"","","SINAPI 100978",15260,7.48,{"v":0.2604,"d":"26.04%"},null,1.27,null,null,11.98,9.43]
["S",3,"S",0,2,3,3,0,2,0,0,"F","Serviço","Serviço","2.3.3.0.2.","SINAPI","95875","TRANSPORTE COM CAMINHÃO BASCULANTE DE 10 M³, EM VIA URBANA PAVIMENTADA, DMT ATÉ 30 KM (UNIDADE: M3XKM). AF_07/2020","M3XKM",2.67,2.64,"BDI 1",3.33,8.89,"RA","RA",3.5560000000000005,0,"","","SINAPI 95875",15320,2.64,{"v":0.2604,"d":"26.04%"},null,2.67,null,null,8.89,3.33]
["S",3,"S",0,2,3,3,0,3,0,0,"F","Serviço","Serviço","2.3.3.0.3.","SINAPI","100574","ESPALHAMENTO DE MATERIAL COM TRATOR DE ESTEIRAS. AF_09/2024","M3",1.27,1.49,"BDI 1",1.88,2.39,"RA","RA",0.9560000000000001,0,"","","SINAPI 100574",6894,1.49,{"v":0.2604,"d":"26.04%"},null,1.27,null,null,2.39,1.88]
[2,2,2,3,2,4,0,0,0,35,3,"F","Nível 2","Nível 2","2.4.","SINAPI",null,"Escoramentos","-",0,null,"BDI 1",0,{"v":1573.09,"d":"1,573.09"},"RA","",629.236,0,"",14,false,"(Sem Código)",0,{"v":0.2604,"d":"26.04%"},{"$nulls":4},{"v":1573.09,"d":"1,573.09"},0]
[3,3,3,2,2,4,1,0,0,2,5,"F","Nível 3","Nível 3","2.4.1.","SINAPI",null,"Estruturas de escoramento de valas","-",0,null,"BDI 1",0,{"v":1573.09,"d":"1,573.09"},"RA","",629.236,0,"","",false,"(Sem Código)",0,{"v":0.2604,"d":"26.04%"},{"$nulls":4},{"v":1573.09,"d":"1,573.09"},0]
["S",3,"S",0,2,4,1,0,1,0,0,"F","Serviço","Serviço","2.4.1.0.1.","Composição","0017","ESCORAMENTO DE VALA, TIPO BLINDAGEM, COM PROFUNDIDADE DE 3,0 A 4,5 M, LARGURA MENOR QUE 1,5 M - EXECUÇÃO E FORNECIMENTO, INCLUI MATERIAL (ESCAVAÇÃO INTERNA AO BLINDADO) [EMBASA/BA-07.93.39]","M2",69.76,17.89,"BDI 1",22.55,{"v":1573.09,"d":"1,573.09"},"RA","RA",629.236,0,"","","Composição 0017",19,17.89,{"v":0.2604,"d":"26.04%"},null,69.76,null,null,{"v":1573.09,"d":"1,573.09"},22.55]
[2,2,2,6,2,5,0,0,0,32,6,"F","Nível 2","Nível 2","2.5.","SINAPI",null,"Fundações e Estruturas","-",0,null,"BDI 1",0,{"v":5563.52,"d":"5,563.52"},"RA","",2225.4080000000004,0,"",15,false,"(Sem Código)",0,{"v":0.2604,"d":"26.04%"},{"$nulls":4},{"v":5563.52,"d":"5,563.52"},0]
[3,3,3,2,2,5,1,0,0,5,2,"F","Nível 3","Nível 3","2.5.1.","SINAPI",null,"Lastros para assentamento de tubos e peças","-",0,null,"BDI 1",0,231.25,"RA","",92.5,0,"","",false,"(Sem Código)",0,{"v":0.2604,"d":"26.04%"},{"$nulls":4},231.25,0]
["S",3,"S",0,2,5,1,0,1,0,0,"F","Serviço","Serviço","2.5.1.0.1.","SABESP","70070045","LASTRO DE AREIA (A)","M3",1.06,173.09,"BDI 1",218.16,231.25,"RA","RA",92.5,0,"","","SABESP 70070045",20135,173.09,{"v":0.2604,"d":"26.04%"},null,1.06,null,null,231.25,218.16]
[3,3,3,3,2,5,2,0,0,3,8,"F","Nível 3","Nível 3","2.5.2.","SINAPI",null,"Poços de visita - interligação","-",0,null,"BDI 1",0,{"v":5332.27,"d":"5,332.27"},"RA","",2132.9080000000004,0,"","",false,"(Sem Código)",0,{"v":0.2604,"d":"26.04%"},{"$nulls":4},{"v":5332.27,"d":"5,332.27"},0]
["S",3,"S",0,2,5,2,0,1,0,0,"F","Serviço","Serviço","2.5.2.0.1.","SINAPI","102139","BASE PARA POÇO DE VISITA CIRCULAR PARA ESGOTO, EM CONCRETO PRÉ-MOLDADO, DIÂMETRO INTERNO = 1,20 M, PROFUNDIDADE = 1,60 M, EXCLUINDO TAMPÃO. AF_12/2020","UN",{"v":1,"d":"1.00"},{"v":1817.28,"d":"1,817.28"},"BDI 1",{"v":2290.5,"d":"2,290.50"},{"v":2290.5,"d":"2,290.50"},"RA","RA",916.2,0,"","","SINAPI 102139",14194,{"v":1817.28,"d":"1,817.28"},{"v":0.2604,"d":"26.04%"},null,{"v":1,"d":"1.00"},null,null,{"v":2290.5,"d":"2,290.50"},{"v":2290.5,"d":"2,290.50"}]
["S",3,"S",0,2,5,2,0,2,0,0,"F","Serviço","Serviço","2.5.2.0.2.","SINAPI","97987","ACRÉSCIMO PARA POÇO DE VISITA CIRCULAR PARA ESGOTO, EM CONCRETO PRÉ-MOLDADO, DIÂMETRO INTERNO = 1,2 M. AF_12/2020","M",3.02,799.12,"BDI 1",{"v":1007.21,"d":"1,007.21"},{"v":3041.77,"d":"3,041.77"},"RA","RA",1216.708,0,"","","SINAPI 97987",14121,799.12,{"v":0.2604,"d":"26.04%"},null,3.02,null,null,{"v":3041.77,"d":"3,041.77"},{"v":1007.21,"d":"1,007.21"}]
[2,2,2,7,2,6,0,0,0,26,7,"F","Nível 2","Nível 2","2.6.","SINAPI",null,"Assentamentos","-",0,null,"BDI 1",0,246.42,"RA","",98.56800000000001,0,"",16,false,"(Sem Código)",0,{"v":0.2604,"d":"26.04%"},{"$nulls":4},246.42,0]
[3,3,3,2,2,6,1,0,0,6,2,"F","Nível 3","Nível 3","2.6.1.","SINAPI",null,"Assentamento simples de tubos e peças de PVC","-",0,null,"BDI 1",0,53.39,"RA","",21.356,0,"","",false,"(Sem Código)",0,{"v":0.2604,"d":"26.04%"},{"$nulls":4},53.39,0]
["S",3,"S",0,2,6,1,0,1,0,0,"F","Serviço","Serviço","2.6.1.0.1.","SINAPI","90741","ASSENTAMENTO DE TUBO DE PVC CORRUGADO DE DUPLA PAREDE PARA REDE COLETORA DE ESGOTO, DN 200 MM, JUNTA ELÁSTICA (NÃO INCLUI FORNECIMENTO). AF_01/2021","M",{"v":6.6,"d":"6.60"},6.42,"BDI 1",8.09,53.39,"RA","RA",21.356,0,"","","SINAPI 90741",6393,6.42,{"v":0.2604,"d":"26.04%"},null,{"v":6.6,"d":"6.60"},null,null,53.39,8.09]
[3,3,3,2,2,6,2,0,0,4,2,"F","Nível 3","Nível 3","2.6.2.","SINAPI",null,"Assentamento de Tampão de ferro fundido Ø = 600mm","-",0,null,"BDI 1",0,{"v":170.8,"d":"170.80"},"RA","",68.32000000000001,0,"","",false,"(Sem Código)",0,{"v":0.2604,"d":"26.04%"},{"$nulls":4},{"v":170.8,"d":"170.80"},0]
["S",3,"S",0,2,6,2,0,1,0,0,"F","Serviço","Serviço","2.6.2.0.1.","SABESP",70070230,"ASSENTAMENTO DE TAMPÃO DE FERRO FUNDIDO, DN 600 MM","un",{"v":1,"d":"1.00"},135.51,"BDI 1",{"v":170.8,"d":"170.80"},{"v":170.8,"d":"170.80"},"RA","RA",68.32000000000001,0,"","","SABESP 70070230",20346,135.51,{"v":0.2604,"d":"26.04%"},null,{"v":1,"d":"1.00"},null,null,{"v":170.8,"d":"170.80"},{"v":170.8,"d":"170.80"}]
[3,3,3,2,2,6,3,0,0,2,168,"F","Nível 3","Nível 3","2.6.3.","SINAPI",null,"Carga, transporte até 10 km e descarga de tubos e peças de PVC","-",0,null,"BDI 1",0,22.23,"RA","",8.892000000000001,0,"","",false,"(Sem Código)",0,{"v":0.2604,"d":"26.04%"},{"$nulls":4},22.23,0]
["S",3,"S",0,2,6,3,0,1,0,0,"F","Serviço","Serviço","2.6.3.0.1.","SABESP",70080320,"CARGA, TRANSPORTE ATÉ 10 KM E DESCARGA TUBOS E PEÇAS, DN 200 MM, EM PVC RÍGIDO, RPVC E DEFOFO","KM",0.01,{"v":1763.48,"d":"1,763.48"},"BDI 1",{"v":2222.69,"d":"2,222.69"},22.23,"RA","RA",8.892000000000001,0,"","","SABESP 70080320",20737,{"v":1763.48,"d":"1,763.48"},{"v":0.2604,"d":"26.04%"},null,0.01,null,null,22.23,{"v":2222.69,"d":"2,222.69"}]
[2,2,2,11,2,7,0,0,0,19,11,"F","Nível 2","Nível 2","2.7.","SINAPI",null,"Pavimentação","-",0,null,"BDI 1",0,{"v":3088.77,"d":"3,088.77"},"RA","",1235.5079999999998,0,"",17,false,"(Sem Código)",0,{"v":0.2604,"d":"26.04%"},{"$nulls":4},{"v":3088.77,"d":"3,088.77"},0]
[3,3,3,4,2,7,1,0,0,10,4,"F","Nível 3","Nível 3","2.7.1.","SINAPI",null,"Corte de pavimento asfáltico","-",0,null,"BDI 1",0,{"v":581.2,"d":"581.20"},"RA","",232.48,0,"","",false,"(Sem Código)",0,{"v":0.2604,"d":"26.04%"},{"$nulls":4},{"v":581.2,"d":"581.20"},0]
["S",3,"S",0,2,7,1,0,1,0,0,"F","Serviço","Serviço","2.7.1.0.1.","Composição","0001","CORTE EM PAVIMENTO DE ASFALTO / CONCRETO COM MÁQUINA E DISCO DIAMANTADO","M",{"v":16,"d":"16.00"},10.76,"BDI 1",13.56,216.96,"RA","RA",86.784,0,"","","Composição 0001",3,10.76,{"v":0.2604,"d":"26.04%"},null,{"v":16,"d":"16.00"},null,null,216.96,13.56]
["S",3,"S",0,2,7,1,0,2,0,0,"F","Serviço","Serviço","2.7.1.0.2.","Composição","0028","Demolição de asfalto c/ martelete - SEDOP 021525","M2",13.68,14.65,"BDI 1",18.46,252.53,"RA","RA",101.012,0,"","","Composição 0028",30,14.65,{"v":0.2604,"d":"26.04%"},null,13.68,null,null,252.53,18.46]
["S",3,"S",0,2,7,1,0,3,0,0,"F","Serviço","Serviço","2.7.1.0.3.","SABESP","70190145","REMOÇÃO ENTULHO INCLUSIVE A CARGA, TRANSPORTE E DESCARGA EM BOTA FORA A QQ DISTÂNCIA","M3",0.68,130.34,"BDI 1",164.28,111.71,"RA","RA",44.684,0,"","","SABESP 70190145",22150,130.34,{"v":0.2604,"d":"26.04%"},null,0.68,null,null,111.71,164.28]
[3,3,3,6,2,7,2,0,0,6,31,"F","Nível 3","Nível 3","2.7.2.","SINAPI",null,"Recomposição de pavimentação asfáltica","-",0,null,"BDI 1",0,{"v":2507.57,"d":"2,507.57"},"RA","",1003.028,0,"","",false,"(Sem Código)",0,{"v":0.2604,"d":"26.04%"},{"$nulls":4},{"v":2507.57,"d":"2,507.57"},0]
["S",3,"S",0,2,7,2,0,1,0,0,"F","Serviço","Serviço","2.7.2.0.1.","CDHU","54.01.220","Base de bica corrida","M3",1.37,232.84,"BDI 1",293.47,402.05,"RA","RA",160.82000000000002,0,"","","CDHU 54.01.220",19402,232.84,{"v":0.2604,"d":"26.04%"},null,1.37,null,null,402.05,293.47]
["S",3,"S",0,2,7,2,0,2,0,0,"F","Serviço","Serviço","2.7.2.0.2.","CDHU","54.03.230","Imprimação betuminosa ligante","M2",13.68,6.49,"BDI 1",8.18,{"v":111.9,"d":"111.90"},"RA","RA",44.760000000000005,0,"","","CDHU 54.03.230",19413,6.49,{"v":0.2604,"d":"26.04%"},null,13.68,null,null,{"v":111.9,"d":"111.90"},8.18]
["S",3,"S",0,2,7,2,0,3,0,0,"F","Serviço","Serviço","2.7.2.0.3.","CDHU","54.03.240","Imprimação betuminosa impermeabilizante","M2",13.68,13.09,"BDI 1",{"v":16.5,"d":"16.50"},225.72,"RA","RA",90.28800000000001,0,"","","CDHU 54.03.240",19414,13.09,{"v":0.2604,"d":"26.04%"},null,13.68,null,null,225.72,{"v":16.5,"d":"16.50"}]
["S",3,"S",0,2,7,2,0,4,0,0,"F","Serviço","Serviço","2.7.2.0.4.","SINAPI","95876","TRANSPORTE COM CAMINHÃO BASCULANTE DE 14 M³, EM VIA URBANA PAVIMENTADA, DMT ATÉ 30 KM (UNIDADE: M3XKM). AF_07/2020","M3XKM",11.36,2.28,"BDI 1",2.87,{"v":32.6,"d":"32.60"},"RA","RA",13.040000000000001,0,"","","SINAPI 95876",15330,2.28,{"v":0.2604,"d":"26.04%"},null,11.36,null,null,{"v":32.6,"d":"32.60"},2.87]
["S",3,"S",0,2,7,2,0,5,0,0,"F","Serviço","Serviço","2.7.2.0.5.","SINAPI","102098","RECOMPOSIÇÃO DE REVESTIMENTO EM CONCRETO ASFÁLTICO (AQUISIÇÃO EM USINA), PARA O FECHAMENTO DE VALAS - INCLUSO DEMOLIÇÃO DO PAVIMENTO. AF_12/2020","M3",0.68,{"v":2024.68,"d":"2,024.68"},"BDI 1",{"v":2551.91,"d":"2,551.91"},{"v":1735.3,"d":"1,735.30"},"RA","RA",694.12,0,"","","SINAPI 102098",14540,{"v":2024.68,"d":"2,024.68"},{"v":0.2604,"d":"26.04%"},null,0.68,null,null,{"v":1735.3,"d":"1,735.30"},{"v":2551.91,"d":"2,551.91"}]
[2,2,2,8,2,8,0,0,0,8,177,"F","Nível 2","Nível 2","2.8.","SINAPI",null,"Fornecimento de materiais e equipamentos","-",0,null,"BDI 1",0,{"v":2019.54,"d":"2,019.54"},"RA","",807.8159999999999,0,"",18,false,"(Sem Código)",0,{"v":0.2604,"d":"26.04%"},{"$nulls":4},{"v":2019.54,"d":"2,019.54"},0]
[3,3,3,7,2,8,1,0,0,7,16,"F","Nível 3","Nível 3","2.8.1.","SINAPI",null,"Hidráulicos e hidromecânicos","-",0,null,"BDI 1",0,{"v":2019.54,"d":"2,019.54"},"RA","",807.8159999999999,0,"","",false,"(Sem Código)",0,{"v":0.2604,"d":"26.04%"},{"$nulls":4},{"v":2019.54,"d":"2,019.54"},0]
[4,4,4,2,2,8,1,1,0,6,2,"F","Nível 4","Nível 4","2.8.1.1.","SINAPI",null,"Tubulação de PVC rígido corrugado com ponta e bolsa JE","-",0,null,"BDI 1",0,{"v":1443.84,"d":"1,443.84"},"RA","",577.536,0,"","",false,"(Sem Código)",0,{"v":0.2604,"d":"26.04%"},{"$nulls":4},{"v":1443.84,"d":"1,443.84"},0]
["S",4,"S",0,2,8,1,1,1,0,0,"F","Serviço","Serviço","2.8.1.1.1.","SINAPI-I","38033","TUBO PVC CORRUGADO, PAREDE DUPLA, JE, DN 200 MM/ DE 200 MM, REDE COLETORA ESGOTO","M",{"v":12,"d":"12.00"},108.01,"BDI 2",120.32,{"v":1443.84,"d":"1,443.84"},"RA","RA",577.536,0,"","","SINAPI-I 38033",4726,108.01,{"v":0.114,"d":"11.40%"},null,{"v":12,"d":"12.00"},null,null,{"v":1443.84,"d":"1,443.84"},120.32]
[4,4,4,2,2,8,1,2,0,4,2,"F","Nível 4","Nível 4","2.8.1.2.","SINAPI",null,"Anéis de borracha","-",0,null,"BDI 1",0,48.57,"RA","",19.428,0,"","",false,"(Sem Código)",0,{"v":0.2604,"d":"26.04%"},{"$nulls":4},48.57,0]
["S",4,"S",0,2,8,1,2,1,0,0,"F","Serviço","Serviço","2.8.1.2.1.","SINAPI-I",306,"ANEL BORRACHA, PARA TUBO PVC, REDE COLETOR ESGOTO, DN 200 MM (NBR 7362)","UN",{"v":3,"d":"3.00"},14.53,"BDI 2",16.19,48.57,"RA","RA",19.428,0,"","","SINAPI-I 306",304,14.53,{"v":0.114,"d":"11.40%"},null,{"v":3,"d":"3.00"},null,null,48.57,16.19]
[4,4,4,2,2,8,1,3,0,2,230,"F","Nível 4","Nível 4","2.8.1.3.","SINAPI",null,"Tampão de ferro fundido Ø = 600mm","-",0,null,"BDI 1",0,527.13,"RA","",210.852,0,"","",false,"(Sem Código)",0,{"v":0.2604,"d":"26.04%"},{"$nulls":4},527.13,0]
["S",4,"S",0,2,8,1,3,1,0,0,"F","Serviço","Serviço","2.8.1.3.1.","SABESP-I","HM01428","TAMPÃO ARTICULADO FERRO FUNDIDO DN 600 MM COM ARO NTS 033","un",{"v":1,"d":"1.00"},473.19,"BDI 2",527.13,527.13,"RA","RA",210.852,0,"","","SABESP-I HM01428",26565,473.19,{"v":0.114,"d":"11.40%"},null,{"v":1,"d":"1.00"},null,null,527.13,527.13]
[1,1,1,49,3,0,0,0,0,1790,49,"F","Meta","Meta","3.","SINAPI",null,"INTERLIGAÇÃO 04","-",0,null,"BDI 1",0,{"v":7378.74,"d":"7,378.74"},"RA","",2951.4960000000005,0,"",19,false,"(Sem Código)",0,{"v":0.2604,"d":"26.04%"},{"$nulls":4},{"v":7378.74,"d":"7,378.74"},0]
[2,2,2,4,3,1,0,0,0,48,4,"F","Nível 2","Nível 2","3.1.","SINAPI",null,"Serviços Técnicos","-",0,null,"BDI 1",0,76.89,"RA","",30.756,0,"",20,false,"(Sem Código)",0,{"v":0.2604,"d":"26.04%"},{"$nulls":4},76.89,0]
[3,3,3,3,3,1,1,0,0,3,7,"F","Nível 3","Nível 3","3.1.1.","SINAPI",null,"Locação e Cadastro","-",0,null,"BDI 1",0,76.89,"RA","",30.756,0,"","",false,"(Sem Código)",0,{"v":0.2604,"d":"26.04%"},{"$nulls":4},76.89,0]
["S",3,"S",0,3,1,1,0,1,0,0,"F","Serviço","Serviço","3.1.1.0.1.","SABESP",70010003,"LOCAÇÃO DE ADUTORAS, COLETORES-TRONCO E INTERCEPTORES (ATÉ DIÂM. 500 MM)","M",10.17,1.44,"BDI 1",1.81,18.41,"RA","RA",7.364000000000001,0,"","","SABESP 70010003",19839,1.44,{"v":0.2604,"d":"26.04%"},null,10.17,null,null,18.41,1.81]
["S",3,"S",0,3,1,1,0,2,0,0,"F","Serviço","Serviço","3.1.1.0.2.","SABESP",70010006,"CADASTRO DE ADUTORAS, COLETORES-TRONCO E INTERCEPTORES (ATÉ DIÂM. 500 MM)","M",10.17,4.56,"BDI 1",5.75,58.48,"RA","RA",23.392,0,"","","SABESP 70010006",19832,4.56,{"v":0.2604,"d":"26.04%"},null,10.17,null,null,58.48,5.75]
[2,2,2,6,3,2,0,0,0,44,6,"F","Nível 2","Nível 2","3.2.","SINAPI",null,"Serviços Preliminares","-",0,null,"BDI 1",0,743.98,"RA","",297.592,0,"",21,false,"(Sem Código)",0,{"v":0.2604,"d":"26.04%"},{"$nulls":4},743.98,0]
[3,3,3,3,3,2,1,0,0,5,3,"F","Nível 3","Nível 3","3.2.1.","SINAPI",null,"Trânsito e Segurança","-",0,null,"BDI 1",0,484.77,"RA","",193.90800000000002,0,"","",false,"(Sem Código)",0,{"v":0.2604,"d":"26.04%"},{"$nulls":4},484.77,0]
["S",3,"S",0,3,2,1,0,1,0,0,"F","Serviço","Serviço","3.2.1.0.1.","SABESP",70020004,"SINALIZAÇÃO DE TRÁFEGO","M",{"v":40,"d":"40.00"},5.14,"BDI 1",6.48,{"v":259.2,"d":"259.20"},"RA","RA",103.68,0,"","","SABESP 70020004",19845,5.14,{"v":0.2604,"d":"26.04%"},null,{"v":40,"d":"40.00"},null,null,{"v":259.2,"d":"259.20"},6.48]
["S",3,"S",0,3,2,1,0,2,0,0,"F","Serviço","Serviço","3.2.1.0.2.","SABESP",70020003,"TAPUME CONTÍNUO EM CHAPAS DE MADEIRA","M",20.34,{"v":8.8,"d":"8.80"},"BDI 1",11.09,225.57,"RA","RA",90.22800000000001,0,"","","SABESP 70020003",19848,{"v":8.8,"d":"8.80"},{"v":0.2604,"d":"26.04%"},null,20.34,null,null,225.57,11.09]
[3,3,3,2,3,2,2,0,0,2,8,"F","Nível 3","Nível 3","3.2.2.","SINAPI",null,"Passadiços e Travessias","-",0,null,"BDI 1",0,259.21,"RA","",103.684,0,"","",false,"(Sem Código)",0,{"v":0.2604,"d":"26.04%"},{"$nulls":4},259.21,0]
["S",3,"S",0,3,2,2,0,1,0,0,"F","Serviço","Serviço","3.2.2.0.1.","SABESP",70020008,"PASSADIÇOS DE CHAPA METÁLICA PARA VEÍCULOS","M2",2.03,101.31,"BDI 1",127.69,259.21,"RA","RA",103.684,0,"","","SABESP 70020008",19851,101.31,{"v":0.2604,"d":"26.04%"},null,2.03,null,null,259.21,127.69]
[2,2,2,10,3,3,0,0,0,38,10,"F","Nível 2","Nível 2","3.3.","SINAPI",null,"Movimento de Terra","-",0,null,"BDI 1",0,654.43,"RA","",261.772,0,"",22,false,"(Sem Código)",0,{"v":0.2604,"d":"26.04%"},{"$nulls":4},654.43,0]
[3,3,3,3,3,3,1,0,0,9,3,"F","Nível 3","Nível 3","3.3.1.","SINAPI",null,"Escavação de valas, qualquer terreno, exceto rocha - coletores tronco e interceptores","-",0,null,"BDI 1",0,340.65,"RA","",136.26,0,"","",false,"(Sem Código)",0,{"v":0.2604,"d":"26.04%"},{"$nulls":4},340.65,0]
["S",3,"S",0,3,3,1,0,1,0,0,"F","Serviço","Serviço","3.3.1.0.1.","SINAPI","90092","ESCAVAÇÃO MECANIZADA DE VALA COM PROF. MAIOR QUE 1,5 M E ATÉ 3,0 M(MÉDIA MONTANTE E JUSANTE/UMA COMPOSIÇÃO POR TRECHO), ESCAVADEIRA (0,8 M3), LARG. MENOR QUE 1,5 M, EM SOLO DE 1A CATEGORIA, LOCAIS COM BAIXO NÍVEL DE INTERFERÊNCIA. AF_09/2024","M3",27.18,{"v":6.4,"d":"6.40"},"BDI 1",8.07,219.34,"RA","RA",87.736,0,"","","SINAPI 90092",9309,{"v":6.4,"d":"6.40"},{"v":0.2604,"d":"26.04%"},null,27.18,null,null,219.34,8.07]
["S",3,"S",0,3,3,1,0,2,0,0,"F","Serviço","Serviço","3.3.1.0.2.","SINAPI","101616","PREPARO DE FUNDO DE VALA COM LARGURA MENOR QUE 1,5 M (ACERTO DO SOLO NATURAL). AF_08/2020","M2",11.62,8.28,"BDI 1",10.44,121.31,"RA","RA",48.524,0,"","","SINAPI 101616",9402,8.28,{"v":0.2604,"d":"26.04%"},null,11.62,null,null,121.31,10.44]
[3,3,3,2,3,3,2,0,0,6,2,"F","Nível 3","Nível 3","3.3.2.","SINAPI",null,"Aterros e recobrimentos especiais de valas, poços e cavas","-",0,null,"BDI 1",0,289.63,"RA","",115.852,0,"","",false,"(Sem Código)",0,{"v":0.2604,"d":"26.04%"},{"$nulls":4},289.63,0]
["S",3,"S",0,3,3,2,0,1,0,0,"F","Serviço","Serviço","3.3.2.0.1.","SABESP",70030019,"ATERRO DE VALAS, POÇOS E CAVAS COMPACTADO MECANICAMENTE, SEM CONTROLE DO G.C. (A)","M3",25.86,8.89,"BDI 1",{"v":11.2,"d":"11.20"},289.63,"RA","RA",115.852,0,"","","SABESP 70030019",19948,8.89,{"v":0.2604,"d":"26.04%"},null,25.86,null,null,289.63,{"v":11.2,"d":"11.20"}]
[3,3,3,4,3,3,3,0,0,4,130,"F","Nível 3","Nível 3","3.3.3.","SINAPI",null,"Carga, transporte e descarga","-",0,null,"BDI 1",0,24.15,"RA","",9.66,0,"","",false,"(Sem Código)",0,{"v":0.2604,"d":"26.04%"},{"$nulls":4},24.15,0]
["S",3,"S",0,3,3,3,0,1,0,0,"F","Serviço","Serviço","3.3.3.0.1.","SINAPI","100978","CARGA, MANOBRA E DESCARGA DE SOLOS E MATERIAIS GRANULARES EM CAMINHÃO BASCULANTE 10 M³ - CARGA COM ESCAVADEIRA HIDRÁULICA (CAÇAMBA DE 1,20 M³ / 155 HP) E DESCARGA LIVRE (UNIDADE: M3). AF_07/2020","M3",1.32,7.48,"BDI 1",9.43,12.45,"RA","RA",4.98,0,"","","SINAPI 100978",15260,7.48,{"v":0.2604,"d":"26.04%"},null,1.32,null,null,12.45,9.43]
["S",3,"S",0,3,3,3,0,2,0,0,"F","Serviço","Serviço","3.3.3.0.2.","SINAPI","95875","TRANSPORTE COM CAMINHÃO BASCULANTE DE 10 M³, EM VIA URBANA PAVIMENTADA, DMT ATÉ 30 KM (UNIDADE: M3XKM). AF_07/2020","M3XKM",2.77,2.64,"BDI 1",3.33,9.22,"RA","RA",3.6880000000000006,0,"","","SINAPI 95875",15320,2.64,{"v":0.2604,"d":"26.04%"},null,2.77,null,null,9.22,3.33]
["S",3,"S",0,3,3,3,0,3,0,0,"F","Serviço","Serviço","3.3.3.0.3.","SINAPI","100574","ESPALHAMENTO DE MATERIAL COM TRATOR DE ESTEIRAS. AF_09/2024","M3",1.32,1.49,"BDI 1",1.88,2.48,"RA","RA",0.992,0,"","","SINAPI 100574",6894,1.49,{"v":0.2604,"d":"26.04%"},null,1.32,null,null,2.48,1.88]
[2,2,2,3,3,4,0,0,0,28,3,"F","Nível 2","Nível 2","3.4.","SINAPI",null,"Escoramentos","-",0,null,"BDI 1",0,{"v":1383.69,"d":"1,383.69"},"RA","",553.476,0,"",23,false,"(Sem Código)",0,{"v":0.2604,"d":"26.04%"},{"$nulls":4},{"v":1383.69,"d":"1,383.69"},0]
[3,3,3,2,3,4,1,0,0,2,8,"F","Nível 3","Nível 3","3.4.1.","SINAPI",null,"Estruturas de escoramento de valas","-",0,null,"BDI 1",0,{"v":1383.69,"d":"1,383.69"},"RA","",553.476,0,"","",false,"(Sem Código)",0,{"v":0.2604,"d":"26.04%"},{"$nulls":4},{"v":1383.69,"d":"1,383.69"},0]
["S",3,"S",0,3,4,1,0,1,0,0,"F","Serviço","Serviço","3.4.1.0.1.","Composição","0013","ESCORAMENTO DE VALA, TIPO BLINDAGEM, COM PROFUNDIDADE DE 1,5 A 3,0 M, LARGURA MENOR DO QUE 1,5 M - EXECUÇÃO E FORNECIMENTO, INCLUI MATERIAL (ESCAVAÇÃO INTERNA AO BLINDADO) [EMBASA/BA-07.93.35]","M2",41.49,26.46,"BDI 1",33.35,{"v":1383.69,"d":"1,383.69"},"RA","RA",553.476,0,"","","Composição 0013",15,26.46,{"v":0.2604,"d":"26.04%"},null,41.49,null,null,{"v":1383.69,"d":"1,383.69"},33.35]
[2,2,2,3,3,5,0,0,0,25,3,"F","Nível 2","Nível 2","3.5.","SINAPI",null,"Fundações e Estruturas","-",0,null,"BDI 1",0,253.07,"RA","",101.22800000000001,0,"",24,false,"(Sem Código)",0,{"v":0.2604,"d":"26.04%"},{"$nulls":4},253.07,0]
[3,3,3,2,3,5,1,0,0,2,5,"F","Nível 3","Nível 3","3.5.1.","SINAPI",null,"Lastros para assentamento de tubos e peças","-",0,null,"BDI 1",0,253.07,"RA","",101.22800000000001,0,"","",false,"(Sem Código)",0,{"v":0.2604,"d":"26.04%"},{"$nulls":4},253.07,0]
["S",3,"S",0,3,5,1,0,1,0,0,"F","Serviço","Serviço","3.5.1.0.1.","SABESP","70070045","LASTRO DE AREIA (A)","M3",1.16,173.09,"BDI 1",218.16,253.07,"RA","RA",101.22800000000001,0,"","","SABESP 70070045",20135,173.09,{"v":0.2604,"d":"26.04%"},null,1.16,null,null,253.07,218.16]
[2,2,2,5,3,6,0,0,0,22,5,"F","Nível 2","Nível 2","3.6.","SINAPI",null,"Assentamentos","-",0,null,"BDI 1",0,81.05,"RA","",32.42,0,"",25,false,"(Sem Código)",0,{"v":0.2604,"d":"26.04%"},{"$nulls":4},81.05,0]
[3,3,3,2,3,6,1,0,0,4,2,"F","Nível 3","Nível 3","3.6.1.","SINAPI",null,"Assentamento simples de tubos e peças de PVC rígido e PVC deFoFo","-",0,null,"BDI 1",0,62.98,"RA","",25.192,0,"","",false,"(Sem Código)",0,{"v":0.2604,"d":"26.04%"},{"$nulls":4},62.98,0]
["S",3,"S",0,3,6,1,0,1,0,0,"F","Serviço","Serviço","3.6.1.0.1.","SINAPI","90740","ASSENTAMENTO DE TUBO DE PVC CORRUGADO DE DUPLA PAREDE PARA REDE COLETORA DE ESGOTO, DN 150 MM, JUNTA ELÁSTICA (NÃO INCLUI FORNECIMENTO). AF_01/2021","M",8.87,5.63,"BDI 1",{"v":7.1,"d":"7.10"},62.98,"RA","RA",25.192,0,"","","SINAPI 90740",6392,5.63,{"v":0.2604,"d":"26.04%"},null,8.87,null,null,62.98,{"v":7.1,"d":"7.10"}]
[3,3,3,2,3,6,2,0,0,2,39,"F","Nível 3","Nível 3","3.6.2.","SINAPI",null,"Carga, transporte até 10 km e descarga de tubos e peças de PVC","-",0,null,"BDI 1",0,18.07,"RA","",7.228000000000001,0,"","",false,"(Sem Código)",0,{"v":0.2604,"d":"26.04%"},{"$nulls":4},18.07,0]
["S",3,"S",0,3,6,2,0,1,0,0,"F","Serviço","Serviço","3.6.2.0.1.","SABESP",70080319,"CARGA, TRANSPORTE ATÉ 10 KM E DESCARGA TUBOS E PEÇAS, DN 150 MM, EM PVC RÍGIDO, RPVC E DEFOFO","KM",0.01,{"v":1433.72,"d":"1,433.72"},"BDI 1",{"v":1807.06,"d":"1,807.06"},18.07,"RA","RA",7.228000000000001,0,"","","SABESP 70080319",20736,{"v":1433.72,"d":"1,433.72"},{"v":0.2604,"d":"26.04%"},null,0.01,null,null,18.07,{"v":1807.06,"d":"1,807.06"}]
[2,2,2,11,3,7,0,0,0,17,11,"F","Nível 2","Nível 2","3.7.","SINAPI",null,"Pavimentação","-",0,null,"BDI 1",0,{"v":3304.26,"d":"3,304.26"},"RA","",1321.7040000000002,0,"",26,false,"(Sem Código)",0,{"v":0.2604,"d":"26.04%"},{"$nulls":4},{"v":3304.26,"d":"3,304.26"},0]
[3,3,3,4,3,7,1,0,0,10,4,"F","Nível 3","Nível 3","3.7.1.","SINAPI",null,"Corte de pavimento asfáltico","-",0,null,"BDI 1",0,658.81,"RA","",263.52400000000006,0,"","",false,"(Sem Código)",0,{"v":0.2604,"d":"26.04%"},{"$nulls":4},658.81,0]
["S",3,"S",0,3,7,1,0,1,0,0,"F","Serviço","Serviço","3.7.1.0.1.","Composição","0001","CORTE EM PAVIMENTO DE ASFALTO / CONCRETO COM MÁQUINA E DISCO DIAMANTADO","M",20.34,10.76,"BDI 1",13.56,275.81,"RA","RA",110.32400000000001,0,"","","Composição 0001",3,10.76,{"v":0.2604,"d":"26.04%"},null,20.34,null,null,275.81,13.56]
["S",3,"S",0,3,7,1,0,2,0,0,"F","Serviço","Serviço","3.7.1.0.2.","Composição","0028","Demolição de asfalto c/ martelete - SEDOP 021525","M2",14.34,14.65,"BDI 1",18.46,264.72,"RA","RA",105.88800000000002,0,"","","Composição 0028",30,14.65,{"v":0.2604,"d":"26.04%"},null,14.34,null,null,264.72,18.46]
["S",3,"S",0,3,7,1,0,3,0,0,"F","Serviço","Serviço","3.7.1.0.3.","SABESP","70190145","REMOÇÃO ENTULHO INCLUSIVE A CARGA, TRANSPORTE E DESCARGA EM BOTA FORA A QQ DISTÂNCIA","M3",0.72,130.34,"BDI 1",164.28,118.28,"RA","RA",47.312000000000005,0,"","","SABESP 70190145",22150,130.34,{"v":0.2604,"d":"26.04%"},null,0.72,null,null,118.28,164.28]
[3,3,3,6,3,7,2,0,0,6,32,"F","Nível 3","Nível 3","3.7.2.","SINAPI",null,"Recomposição de pavimentação asfáltica","-",0,null,"BDI 1",0,{"v":2645.45,"d":"2,645.45"},"RA","",1058.1800000000003,0,"","",false,"(Sem Código)",0,{"v":0.2604,"d":"26.04%"},{"$nulls":4},{"v":2645.45,"d":"2,645.45"},0]
["S",3,"S",0,3,7,2,0,1,0,0,"F","Serviço","Serviço","3.7.2.0.1.","CDHU","54.01.220","Base de bica corrida","M3",1.43,232.84,"BDI 1",293.47,419.66,"RA","RA",167.86400000000003,0,"","","CDHU 54.01.220",19402,232.84,{"v":0.2604,"d":"26.04%"},null,1.43,null,null,419.66,293.47]
["S",3,"S",0,3,7,2,0,2,0,0,"F","Serviço","Serviço","3.7.2.0.2.","CDHU","54.03.230","Imprimação betuminosa ligante","M2",14.34,6.49,"BDI 1",8.18,{"v":117.3,"d":"117.30"},"RA","RA",46.92,0,"","","CDHU 54.03.230",19413,6.49,{"v":0.2604,"d":"26.04%"},null,14.34,null,null,{"v":117.3,"d":"117.30"},8.18]
["S",3,"S",0,3,7,2,0,3,0,0,"F","Serviço","Serviço","3.7.2.0.3.","CDHU","54.03.240","Imprimação betuminosa impermeabilizante","M2",14.34,13.09,"BDI 1",{"v":16.5,"d":"16.50"},236.61,"RA","RA",94.644,0,"","","CDHU 54.03.240",19414,13.09,{"v":0.2604,"d":"26.04%"},null,14.34,null,null,236.61,{"v":16.5,"d":"16.50"}]
["S",3,"S",0,3,7,2,0,4,0,0,"F","Serviço","Serviço","3.7.2.0.4.","SINAPI","95876","TRANSPORTE COM CAMINHÃO BASCULANTE DE 14 M³, EM VIA URBANA PAVIMENTADA, DMT ATÉ 30 KM (UNIDADE: M3XKM). AF_07/2020","M3XKM",12.02,2.28,"BDI 1",2.87,{"v":34.5,"d":"34.50"},"RA","RA",13.8,0,"","","SINAPI 95876",15330,2.28,{"v":0.2604,"d":"26.04%"},null,12.02,null,null,{"v":34.5,"d":"34.50"},2.87]
["S",3,"S",0,3,7,2,0,5,0,0,"F","Serviço","Serviço","3.7.2.0.5.","SINAPI","102098","RECOMPOSIÇÃO DE REVESTIMENTO EM CONCRETO ASFÁLTICO (AQUISIÇÃO EM USINA), PARA O FECHAMENTO DE VALAS - INCLUSO DEMOLIÇÃO DO PAVIMENTO. AF_12/2020","M3",0.72,{"v":2024.68,"d":"2,024.68"},"BDI 1",{"v":2551.91,"d":"2,551.91"},{"v":1837.38,"d":"1,837.38"},"RA","RA",734.9520000000001,0,"","","SINAPI 102098",14540,{"v":2024.68,"d":"2,024.68"},{"v":0.2604,"d":"26.04%"},null,0.72,null,null,{"v":1837.38,"d":"1,837.38"},{"v":2551.91,"d":"2,551.91"}]
[2,2,2,6,3,8,0,0,0,6,126,"F","Nível 2","Nível 2","3.8.","SINAPI",null,"Fornecimento de materiais e equipamentos","-",0,null,"BDI 1",0,881.37,"RA","",352.548,0,"",27,false,"(Sem Código)",0,{"v":0.2604,"d":"26.04%"},{"$nulls":4},881.37,0]
[3,3,3,5,3,8,1,0,0,5,15,"F","Nível 3","Nível 3","3.8.1.","SINAPI",null,"Hidráulicos e hidromecânicos","-",0,null,"BDI 1",0,881.37,"RA","",352.548,0,"","",false,"(Sem Código)",0,{"v":0.2604,"d":"26.04%"},{"$nulls":4},881.37,0]
[4,4,4,2,3,8,1,1,0,4,2,"F","Nível 4","Nível 4","3.8.1.1.","SINAPI",null,"Tubulação de PVC rígido corrugado com ponta e bolsa JE","-",0,null,"BDI 1",0,849.36,"RA","",339.744,0,"","",false,"(Sem Código)",0,{"v":0.2604,"d":"26.04%"},{"$nulls":4},849.36,0]
["S",4,"S",0,3,8,1,1,1,0,0,"F","Serviço","Serviço","3.8.1.1.1.","SINAPI-I","38032","TUBO PVC CORRUGADO, PAREDE DUPLA, JE, DN 150 MM/ DE 160 MM, REDE COLETORA ESGOTO","M",{"v":12,"d":"12.00"},63.54,"BDI 2",70.78,849.36,"RA","RA",339.744,0,"","","SINAPI-I 38032",4725,63.54,{"v":0.114,"d":"11.40%"},null,{"v":12,"d":"12.00"},null,null,849.36,70.78]
[4,4,4,2,3,8,1,2,0,2,60,"F","Nível 4","Nível 4","3.8.1.2.","SINAPI",null,"Anéis de borracha","-",0,null,"BDI 1",0,32.01,"RA","",12.804,0,"","",false,"(Sem Código)",0,{"v":0.2604,"d":"26.04%"},{"$nulls":4},32.01,0]
["S",4,"S",0,3,8,1,2,1,0,0,"F","Serviço","Serviço","3.8.1.2.1.","SINAPI-I",305,"ANEL BORRACHA, PARA TUBO PVC, REDE COLETOR ESGOTO, DN 150 MM (NBR 7362)","UN",{"v":3,"d":"3.00"},9.58,"BDI 2",10.67,32.01,"RA","RA",12.804,0,"","","SINAPI-I 305",303,9.58,{"v":0.114,"d":"11.40%"},null,{"v":3,"d":"3.00"},null,null,32.01,10.67]
[1,1,1,60,4,0,0,0,0,1741,60,"F","Meta","Meta","4.","SINAPI",null,"INTERLIGAÇÃO 05","-",0,{"v":36,"d":"36.00"},"BDI 1",0,{"v":45451.36,"d":"45,451.36"},"RA","",18180.544,0,"",28,false,"(Sem Código)",0,{"v":0.2604,"d":"26.04%"},{"$nulls":4},{"v":45451.36,"d":"45,451.36"},45.37]
[2,2,2,5,4,1,0,0,0,59,5,"F","Nível 2","Nível 2","4.1.","SINAPI",null,"Serviços Técnicos","-",0,null,"BDI 1",0,424.82,"RA","",169.928,0,"",29,false,"(Sem Código)",0,{"v":0.2604,"d":"26.04%"},{"$nulls":4},424.82,0]
[3,3,3,4,4,1,1,0,0,4,8,"F","Nível 3","Nível 3","4.1.1.","SINAPI",null,"Locação e Cadastro","-",0,null,"BDI 1",0,424.82,"RA","",169.928,0,"","",false,"(Sem Código)",0,{"v":0.2604,"d":"26.04%"},{"$nulls":4},424.82,0]
["S",3,"S",0,4,1,1,0,1,0,0,"F","Serviço","Serviço","4.1.1.0.1.","SABESP",70010003,"LOCAÇÃO DE ADUTORAS, COLETORES-TRONCO E INTERCEPTORES (ATÉ DIÂM. 500 MM)","M",{"v":43,"d":"43.00"},1.44,"BDI 1",1.81,77.83,"RA","RA",31.132,0,"","","SABESP 70010003",19839,1.44,{"v":0.2604,"d":"26.04%"},null,{"v":43,"d":"43.00"},null,null,77.83,1.81]
["S",3,"S",0,4,1,1,0,2,0,0,"F","Serviço","Serviço","4.1.1.0.2.","SABESP",70010006,"CADASTRO DE ADUTORAS, COLETORES-TRONCO E INTERCEPTORES (ATÉ DIÂM. 500 MM)","M",{"v":43,"d":"43.00"},4.56,"BDI 1",5.75,247.25,"RA","RA",98.9,0,"","","SABESP 70010006",19832,4.56,{"v":0.2604,"d":"26.04%"},null,{"v":43,"d":"43.00"},null,null,247.25,5.75]
["S",3,"S",0,4,1,1,0,3,0,0,"F","Serviço","Serviço","4.1.1.0.3.","Composição","0032","CADASTRO DE POÇO DE VISITA, POÇO DE INSPEÇÃO E CAIXAS DE PASSAGEM","UNID",{"v":2,"d":"2.00"},39.57,"BDI 1",49.87,99.74,"RA","RA",39.896,0,"","","Composição 0032",34,39.57,{"v":0.2604,"d":"26.04%"},null,{"v":2,"d":"2.00"},null,null,99.74,49.87]
[2,2,2,6,4,2,0,0,0,54,6,"F","Nível 2","Nível 2","4.2.","SINAPI",null,"Serviços Preliminares","-",0,null,"BDI 1",0,{"v":2079.2,"d":"2,079.20"},"RA","",831.6800000000001,0,"",30,false,"(Sem Código)",0,{"v":0.2604,"d":"26.04%"},{"$nulls":4},{"v":2079.2,"d":"2,079.20"},0]
[3,3,3,3,4,2,1,0,0,5,3,"F","Nível 3","Nível 3","4.2.1.","SINAPI",null,"Trânsito e Segurança","-",0,null,"BDI 1",0,{"v":1057.68,"d":"1,057.68"},"RA","",423.07200000000006,0,"","",false,"(Sem Código)",0,{"v":0.2604,"d":"26.04%"},{"$nulls":4},{"v":1057.68,"d":"1,057.68"},0]
["S",3,"S",0,4,2,1,0,1,0,0,"F","Serviço","Serviço","4.2.1.0.1.","SABESP",70020004,"SINALIZAÇÃO DE TRÁFEGO","M",{"v":40,"d":"40.00"},5.14,"BDI 1",6.48,{"v":259.2,"d":"259.20"},"RA","RA",103.68,0,"","","SABESP 70020004",19845,5.14,{"v":0.2604,"d":"26.04%"},null,{"v":40,"d":"40.00"},null,null,{"v":259.2,"d":"259.20"},6.48]
["S",3,"S",0,4,2,1,0,2,0,0,"F","Serviço","Serviço","4.2.1.0.2.","SABESP",70020003,"TAPUME CONTÍNUO EM CHAPAS DE MADEIRA","M",{"v":72,"d":"72.00"},{"v":8.8,"d":"8.80"},"BDI 1",11.09,798.48,"RA","RA",319.39200000000005,0,"","","SABESP 70020003",19848,{"v":8.8,"d":"8.80"},{"v":0.2604,"d":"26.04%"},null,{"v":72,"d":"72.00"},null,null,798.48,11.09]
[3,3,3,2,4,2,2,0,0,2,10,"F","Nível 3","Nível 3","4.2.2.","SINAPI",null,"Passadiços e Travessias","-",0,null,"BDI 1",0,{"v":1021.52,"d":"1,021.52"},"RA","",408.608,0,"","",false,"(Sem Código)",0,{"v":0.2604,"d":"26.04%"},{"$nulls":4},{"v":1021.52,"d":"1,021.52"},0]
["S",3,"S",0,4,2,2,0,1,0,0,"F","Serviço","Serviço","4.2.2.0.1.","SABESP",70020008,"PASSADIÇOS DE CHAPA METÁLICA PARA VEÍCULOS","M2",{"v":8,"d":"8.00"},101.31,"BDI 1",127.69,{"v":1021.52,"d":"1,021.52"},"RA","RA",408.608,0,"","","SABESP 70020008",19851,101.31,{"v":0.2604,"d":"26.04%"},null,{"v":8,"d":"8.00"},null,null,{"v":1021.52,"d":"1,021.52"},127.69]
[2,2,2,12,4,3,0,0,0,48,12,"F","Nível 2","Nível 2","4.3.","SINAPI",null,"Movimento de Terra","-",0,null,"BDI 1",0,{"v":5395.97,"d":"5,395.97"},"RA","",2158.388,0,"",31,false,"(Sem Código)",0,{"v":0.2604,"d":"26.04%"},{"$nulls":4},{"v":5395.97,"d":"5,395.97"},0]
[3,3,3,4,4,3,1,0,0,11,4,"F","Nível 3","Nível 3","4.3.1.","SINAPI",null,"Escavação de valas, qualquer terreno, exceto rocha - coletores tronco e interceptores","-",0,null,"BDI 1",0,{"v":2062.47,"d":"2,062.47"},"RA","",824.988,0,"","",false,"(Sem Código)",0,{"v":0.2604,"d":"26.04%"},{"$nulls":4},{"v":2062.47,"d":"2,062.47"},0]
["S",3,"S",0,4,3,1,0,1,0,0,"F","Serviço","Serviço","4.3.1.0.1.","SINAPI","90092","ESCAVAÇÃO MECANIZADA DE VALA COM PROF. MAIOR QUE 1,5 M E ATÉ 3,0 M(MÉDIA MONTANTE E JUSANTE/UMA COMPOSIÇÃO POR TRECHO), ESCAVADEIRA (0,8 M3), LARG. MENOR QUE 1,5 M, EM SOLO DE 1A CATEGORIA, LOCAIS COM BAIXO NÍVEL DE INTERFERÊNCIA. AF_09/2024","M3",48.05,{"v":6.4,"d":"6.40"},"BDI 1",8.07,387.76,"RA","RA",155.104,0,"","","SINAPI 90092",9309,{"v":6.4,"d":"6.40"},{"v":0.2604,"d":"26.04%"},null,48.05,null,null,387.76,8.07]
["S",3,"S",0,4,3,1,0,2,0,0,"F","Serviço","Serviço","4.3.1.0.2.","SINAPI","90094","ESCAVAÇÃO MECANIZADA DE VALA COM PROF. MAIOR QUE 3,0 M ATÉ 4,5 M (MÉDIA MONTANTE E JUSANTE/UMA COMPOSIÇÃO POR TRECHO), ESCAVADEIRA (0,8 M3), LARG. MENOR QUE 1,5 M, EM SOLO DE 1A CATEGORIA, LOCAIS COM BAIXO NÍVEL DE INTERFERÊNCIA. AF_09/2024","M3",147.45,6.05,"BDI 1",7.63,{"v":1125.04,"d":"1,125.04"},"RA","RA",450.016,0,"","","SINAPI 90094",9311,6.05,{"v":0.2604,"d":"26.04%"},null,147.45,null,null,{"v":1125.04,"d":"1,125.04"},7.63]
["S",3,"S",0,4,3,1,0,3,0,0,"F","Serviço","Serviço","4.3.1.0.3.","SINAPI","101616","PREPARO DE FUNDO DE VALA COM LARGURA MENOR QUE 1,5 M (ACERTO DO SOLO NATURAL). AF_08/2020","M2",52.65,8.28,"BDI 1",10.44,549.67,"RA","RA",219.868,0,"","","SINAPI 101616",9402,8.28,{"v":0.2604,"d":"26.04%"},null,52.65,null,null,549.67,10.44]
[3,3,3,3,4,3,2,0,0,7,3,"F","Nível 3","Nível 3","4.3.2.","SINAPI",null,"Aterros e recobrimentos especiais de valas, poços e cavas","-",0,null,"BDI 1",0,{"v":3224.76,"d":"3,224.76"},"RA","",1289.9040000000002,0,"","",false,"(Sem Código)",0,{"v":0.2604,"d":"26.04%"},{"$nulls":4},{"v":3224.76,"d":"3,224.76"},0]
["S",3,"S",0,4,3,2,0,1,0,0,"F","Serviço","Serviço","4.3.2.0.1.","SINAPI","93381","REATERRO MECANIZADO DE VALA COM RETROESCAVADEIRA (CAPACIDADE DA CAÇAMBA DA RETRO: 0,26 M³/POTÊNCIA: 88 HP), LARGURA 0,8 A 1,5 M, PROFUNDIDADE 1,5 A 3,0 M, COM SOLO (SEM SUBSTITUIÇÃO) DE 1ª CATEGORIA E COMPACTADOR DE SOLOS DE PERCUSSÃO. AF_08/2023","M3",46.17,{"v":13.8,"d":"13.80"},"BDI 1",17.39,{"v":802.9,"d":"802.90"},"RA","RA",321.16,0,"","","SINAPI 93381",6780,{"v":13.8,"d":"13.80"},{"v":0.2604,"d":"26.04%"},null,46.17,null,null,{"v":802.9,"d":"802.90"},17.39]
["S",3,"S",0,4,3,2,0,2,0,0,"F","Serviço","Serviço","4.3.2.0.2.","SINAPI","104731","REATERRO MECANIZADO DE VALA COM ESCAVADEIRA HIDRÁULICA (CAPACIDADE DA CAÇAMBA: 0,8 M³/POTÊNCIA: 111 HP), LARGURA ATÉ 1,5 M, PROFUNDIDADE DE 3,0 A 6,0 M, COM SOLO (SEM SUBSTITUIÇÃO) DE 1ª CATEGORIA, COM PLACA VIBRATÓRIA. AF_08/2023","M3",143.39,{"v":13.4,"d":"13.40"},"BDI 1",16.89,{"v":2421.86,"d":"2,421.86"},"RA","RA",968.7440000000001,0,"","","SINAPI 104731",6773,{"v":13.4,"d":"13.40"},{"v":0.2604,"d":"26.04%"},null,143.39,null,null,{"v":2421.86,"d":"2,421.86"},16.89]
[3,3,3,4,4,3,3,0,0,4,78,"F","Nível 3","Nível 3","4.3.3.","SINAPI",null,"Carga, transporte e descarga","-",0,null,"BDI 1",0,108.74,"RA","",43.49600000000001,0,"","",false,"(Sem Código)",0,{"v":0.2604,"d":"26.04%"},{"$nulls":4},108.74,0]
["S",3,"S",0,4,3,3,0,1,0,0,"F","Serviço","Serviço","4.3.3.0.1.","SINAPI","100978","CARGA, MANOBRA E DESCARGA DE SOLOS E MATERIAIS GRANULARES EM CAMINHÃO BASCULANTE 10 M³ - CARGA COM ESCAVADEIRA HIDRÁULICA (CAÇAMBA DE 1,20 M³ / 155 HP) E DESCARGA LIVRE (UNIDADE: M3). AF_07/2020","M3",5.94,7.48,"BDI 1",9.43,56.01,"RA","RA",22.404,0,"","","SINAPI 100978",15260,7.48,{"v":0.2604,"d":"26.04%"},null,5.94,null,null,56.01,9.43]
["S",3,"S",0,4,3,3,0,2,0,0,"F","Serviço","Serviço","4.3.3.0.2.","SINAPI","95875","TRANSPORTE COM CAMINHÃO BASCULANTE DE 10 M³, EM VIA URBANA PAVIMENTADA, DMT ATÉ 30 KM (UNIDADE: M3XKM). AF_07/2020","M3XKM",12.48,2.64,"BDI 1",3.33,41.56,"RA","RA",16.624000000000002,0,"","","SINAPI 95875",15320,2.64,{"v":0.2604,"d":"26.04%"},null,12.48,null,null,41.56,3.33]
["S",3,"S",0,4,3,3,0,3,0,0,"F","Serviço","Serviço","4.3.3.0.3.","SINAPI","100574","ESPALHAMENTO DE MATERIAL COM TRATOR DE ESTEIRAS. AF_09/2024","M3",5.94,1.49,"BDI 1",1.88,11.17,"RA","RA",4.468,0,"","","SINAPI 100574",6894,1.49,{"v":0.2604,"d":"26.04%"},null,5.94,null,null,11.17,1.88]
[2,2,2,4,4,4,0,0,0,36,4,"F","Nível 2","Nível 2","4.4.","SINAPI",null,"Escoramentos","-",0,null,"BDI 1",0,{"v":7247.91,"d":"7,247.91"},"RA","",2899.164,0,"",32,false,"(Sem Código)",0,{"v":0.2604,"d":"26.04%"},{"$nulls":4},{"v":7247.91,"d":"7,247.91"},0]
[3,3,3,3,4,4,1,0,0,3,6,"F","Nível 3","Nível 3","4.4.1.","SINAPI",null,"Estruturas de escoramento de valas","-",0,null,"BDI 1",0,{"v":7247.91,"d":"7,247.91"},"RA","",2899.164,0,"","",false,"(Sem Código)",0,{"v":0.2604,"d":"26.04%"},{"$nulls":4},{"v":7247.91,"d":"7,247.91"},0]
["S",3,"S",0,4,4,1,0,1,0,0,"F","Serviço","Serviço","4.4.1.0.1.","Composição","0013","ESCORAMENTO DE VALA, TIPO BLINDAGEM, COM PROFUNDIDADE DE 1,5 A 3,0 M, LARGURA MENOR DO QUE 1,5 M - EXECUÇÃO E FORNECIMENTO, INCLUI MATERIAL (ESCAVAÇÃO INTERNA AO BLINDADO) [EMBASA/BA-07.93.35]","M2",73.36,26.46,"BDI 1",33.35,{"v":2446.56,"d":"2,446.56"},"RA","RA",978.624,0,"","","Composição 0013",15,26.46,{"v":0.2604,"d":"26.04%"},null,73.36,null,null,{"v":2446.56,"d":"2,446.56"},33.35]
["S",3,"S",0,4,4,1,0,2,0,0,"F","Serviço","Serviço","4.4.1.0.2.","Composição","0017","ESCORAMENTO DE VALA, TIPO BLINDAGEM, COM PROFUNDIDADE DE 3,0 A 4,5 M, LARGURA MENOR QUE 1,5 M - EXECUÇÃO E FORNECIMENTO, INCLUI MATERIAL (ESCAVAÇÃO INTERNA AO BLINDADO) [EMBASA/BA-07.93.39]","M2",212.92,17.89,"BDI 1",22.55,{"v":4801.35,"d":"4,801.35"},"RA","RA",1920.5400000000002,0,"","","Composição 0017",19,17.89,{"v":0.2604,"d":"26.04%"},null,212.92,null,null,{"v":4801.35,"d":"4,801.35"},22.55]
[2,2,2,6,4,5,0,0,0,32,6,"F","Nível 2","Nível 2","4.5.","SINAPI",null,"Fundações e Estruturas","-",0,null,"BDI 1",0,{"v":10673.92,"d":"10,673.92"},"RA","",4269.568,0,"",33,false,"(Sem Código)",0,{"v":0.2604,"d":"26.04%"},{"$nulls":4},{"v":10673.92,"d":"10,673.92"},0]
[3,3,3,2,4,5,1,0,0,5,2,"F","Nível 3","Nível 3","4.5.1.","SINAPI",null,"Lastros para assentamento de tubos e peças","-",0,null,"BDI 1",0,{"v":1147.52,"d":"1,147.52"},"RA","",459.00800000000004,0,"","",false,"(Sem Código)",0,{"v":0.2604,"d":"26.04%"},{"$nulls":4},{"v":1147.52,"d":"1,147.52"},0]
["S",3,"S",0,4,5,1,0,1,0,0,"F","Serviço","Serviço","4.5.1.0.1.","SABESP","70070045","LASTRO DE AREIA (A)","M3",5.26,173.09,"BDI 1",218.16,{"v":1147.52,"d":"1,147.52"},"RA","RA",459.00800000000004,0,"","","SABESP 70070045",20135,173.09,{"v":0.2604,"d":"26.04%"},null,5.26,null,null,{"v":1147.52,"d":"1,147.52"},218.16]
[3,3,3,3,4,5,2,0,0,3,8,"F","Nível 3","Nível 3","4.5.2.","SINAPI",null,"Poços de visita - interligação","-",0,null,"BDI 1",0,{"v":9526.4,"d":"9,526.40"},"RA","",3810.56,0,"","",false,"(Sem Código)",0,{"v":0.2604,"d":"26.04%"},{"$nulls":4},{"v":9526.4,"d":"9,526.40"},0]
["S",3,"S",0,4,5,2,0,1,0,0,"F","Serviço","Serviço","4.5.2.0.1.","SINAPI","102139","BASE PARA POÇO DE VISITA CIRCULAR PARA ESGOTO, EM CONCRETO PRÉ-MOLDADO, DIÂMETRO INTERNO = 1,20 M, PROFUNDIDADE = 1,60 M, EXCLUINDO TAMPÃO. AF_12/2020","UN",{"v":2,"d":"2.00"},{"v":1817.28,"d":"1,817.28"},"BDI 1",{"v":2290.5,"d":"2,290.50"},{"v":4581,"d":"4,581.00"},"RA","RA",1832.4,0,"","","SINAPI 102139",14194,{"v":1817.28,"d":"1,817.28"},{"v":0.2604,"d":"26.04%"},null,{"v":2,"d":"2.00"},null,null,{"v":4581,"d":"4,581.00"},{"v":2290.5,"d":"2,290.50"}]
["S",3,"S",0,4,5,2,0,2,0,0,"F","Serviço","Serviço","4.5.2.0.2.","SINAPI","97987","ACRÉSCIMO PARA POÇO DE VISITA CIRCULAR PARA ESGOTO, EM CONCRETO PRÉ-MOLDADO, DIÂMETRO INTERNO = 1,2 M. AF_12/2020","M",4.91,799.12,"BDI 1",{"v":1007.21,"d":"1,007.21"},{"v":4945.4,"d":"4,945.40"},"RA","RA",1978.1599999999999,0,"","","SINAPI 97987",14121,799.12,{"v":0.2604,"d":"26.04%"},null,4.91,null,null,{"v":4945.4,"d":"4,945.40"},{"v":1007.21,"d":"1,007.21"}]
[2,2,2,7,4,6,0,0,0,26,7,"F","Nível 2","Nível 2","4.6.","SINAPI",null,"Assentamentos","-",0,null,"BDI 1",0,690.07,"RA","",276.028,0,"",34,false,"(Sem Código)",0,{"v":0.2604,"d":"26.04%"},{"$nulls":4},690.07,0]
[3,3,3,2,4,6,1,0,0,6,2,"F","Nível 3","Nível 3","4.6.1.","SINAPI",null,"Assentamento simples de tubos e peças de PVC","-",0,null,"BDI 1",0,276.19,"RA","",110.476,0,"","",false,"(Sem Código)",0,{"v":0.2604,"d":"26.04%"},{"$nulls":4},276.19,0]
["S",3,"S",0,4,6,1,0,1,0,0,"F","Serviço","Serviço","4.6.1.0.1.","SINAPI","90740","ASSENTAMENTO DE TUBO DE PVC CORRUGADO DE DUPLA PAREDE PARA REDE COLETORA DE ESGOTO, DN 150 MM, JUNTA ELÁSTICA (NÃO INCLUI FORNECIMENTO). AF_01/2021","M",{"v":38.9,"d":"38.90"},5.63,"BDI 1",{"v":7.1,"d":"7.10"},276.19,"RA","RA",110.476,0,"","","SINAPI 90740",6392,5.63,{"v":0.2604,"d":"26.04%"},null,{"v":38.9,"d":"38.90"},null,null,276.19,{"v":7.1,"d":"7.10"}]
[3,3,3,2,4,6,2,0,0,4,2,"F","Nível 3","Nível 3","4.6.2.","SINAPI",null,"Assentamento de Tampão de ferro fundido Ø = 600mm","-",0,null,"BDI 1",0,{"v":341.6,"d":"341.60"},"RA","",136.64000000000001,0,"","",false,"(Sem Código)",0,{"v":0.2604,"d":"26.04%"},{"$nulls":4},{"v":341.6,"d":"341.60"},0]
["S",3,"S",0,4,6,2,0,1,0,0,"F","Serviço","Serviço","4.6.2.0.1.","SABESP",70070230,"ASSENTAMENTO DE TAMPÃO DE FERRO FUNDIDO, DN 600 MM","un",{"v":2,"d":"2.00"},135.51,"BDI 1",{"v":170.8,"d":"170.80"},{"v":341.6,"d":"341.60"},"RA","RA",136.64000000000001,0,"","","SABESP 70070230",20346,135.51,{"v":0.2604,"d":"26.04%"},null,{"v":2,"d":"2.00"},null,null,{"v":341.6,"d":"341.60"},{"v":170.8,"d":"170.80"}]
[3,3,3,2,4,6,3,0,0,2,59,"F","Nível 3","Nível 3","4.6.3.","SINAPI",null,"Carga, transporte até 10 km e descarga de tubos e peças de PVC","-",0,null,"BDI 1",0,72.28,"RA","",28.912000000000003,0,"","",false,"(Sem Código)",0,{"v":0.2604,"d":"26.04%"},{"$nulls":4},72.28,0]
["S",3,"S",0,4,6,3,0,1,0,0,"F","Serviço","Serviço","4.6.3.0.1.","SABESP",70080319,"CARGA, TRANSPORTE ATÉ 10 KM E DESCARGA TUBOS E PEÇAS, DN 150 MM, EM PVC RÍGIDO, RPVC E DEFOFO","KM",0.04,{"v":1433.72,"d":"1,433.72"},"BDI 1",{"v":1807.06,"d":"1,807.06"},72.28,"RA","RA",28.912000000000003,0,"","","SABESP 70080319",20736,{"v":1433.72,"d":"1,433.72"},{"v":0.2604,"d":"26.04%"},null,0.04,null,null,72.28,{"v":1807.06,"d":"1,807.06"}]
[2,2,2,11,4,7,0,0,0,19,11,"F","Nível 2","Nível 2","4.7.","SINAPI",null,"Pavimentação","-",0,null,"BDI 1",0,{"v":14391.74,"d":"14,391.74"},"RA","",5756.696,0,"",35,false,"(Sem Código)",0,{"v":0.2604,"d":"26.04%"},{"$nulls":4},{"v":14391.74,"d":"14,391.74"},0]
[3,3,3,4,4,7,1,0,0,10,4,"F","Nível 3","Nível 3","4.7.1.","SINAPI",null,"Corte de pavimento asfáltico","-",0,null,"BDI 1",0,{"v":2840,"d":"2,840.00"},"RA","",1136,0,"","",false,"(Sem Código)",0,{"v":0.2604,"d":"26.04%"},{"$nulls":4},{"v":2840,"d":"2,840.00"},0]
["S",3,"S",0,4,7,1,0,1,0,0,"F","Serviço","Serviço","4.7.1.0.1.","Composição","0001","CORTE EM PAVIMENTO DE ASFALTO / CONCRETO COM MÁQUINA E DISCO DIAMANTADO","M",{"v":86,"d":"86.00"},10.76,"BDI 1",13.56,{"v":1166.16,"d":"1,166.16"},"RA","RA",466.46400000000006,0,"","","Composição 0001",3,10.76,{"v":0.2604,"d":"26.04%"},null,{"v":86,"d":"86.00"},null,null,{"v":1166.16,"d":"1,166.16"},13.56]
["S",3,"S",0,4,7,1,0,2,0,0,"F","Serviço","Serviço","4.7.1.0.2.","Composição","0028","Demolição de asfalto c/ martelete - SEDOP 021525","M2",62.73,14.65,"BDI 1",18.46,{"v":1158,"d":"1,158.00"},"RA","RA",463.20000000000005,0,"","","Composição 0028",30,14.65,{"v":0.2604,"d":"26.04%"},null,62.73,null,null,{"v":1158,"d":"1,158.00"},18.46]
["S",3,"S",0,4,7,1,0,3,0,0,"F","Serviço","Serviço","4.7.1.0.3.","SABESP","70190145","REMOÇÃO ENTULHO INCLUSIVE A CARGA, TRANSPORTE E DESCARGA EM BOTA FORA A QQ DISTÂNCIA","M3",3.14,130.34,"BDI 1",164.28,515.84,"RA","RA",206.336,0,"","","SABESP 70190145",22150,130.34,{"v":0.2604,"d":"26.04%"},null,3.14,null,null,515.84,164.28]
[3,3,3,6,4,7,2,0,0,6,34,"F","Nível 3","Nível 3","4.7.2.","SINAPI",null,"Recomposição de pavimentação asfáltica","-",0,null,"BDI 1",0,{"v":11551.74,"d":"11,551.74"},"RA","",4620.696,0,"","",false,"(Sem Código)",0,{"v":0.2604,"d":"26.04%"},{"$nulls":4},{"v":11551.74,"d":"11,551.74"},0]
["S",3,"S",0,4,7,2,0,1,0,0,"F","Serviço","Serviço","4.7.2.0.1.","CDHU","54.01.220","Base de bica corrida","M3",6.27,232.84,"BDI 1",293.47,{"v":1840.06,"d":"1,840.06"},"RA","RA",736.024,0,"","","CDHU 54.01.220",19402,232.84,{"v":0.2604,"d":"26.04%"},null,6.27,null,null,{"v":1840.06,"d":"1,840.06"},293.47]
["S",3,"S",0,4,7,2,0,2,0,0,"F","Serviço","Serviço","4.7.2.0.2.","CDHU","54.03.230","Imprimação betuminosa ligante","M2",62.73,6.49,"BDI 1",8.18,513.13,"RA","RA",205.252,0,"","","CDHU 54.03.230",19413,6.49,{"v":0.2604,"d":"26.04%"},null,62.73,null,null,513.13,8.18]
["S",3,"S",0,4,7,2,0,3,0,0,"F","Serviço","Serviço","4.7.2.0.3.","CDHU","54.03.240","Imprimação betuminosa impermeabilizante","M2",62.73,13.09,"BDI 1",{"v":16.5,"d":"16.50"},{"v":1035.05,"d":"1,035.05"},"RA","RA",414.02,0,"","","CDHU 54.03.240",19414,13.09,{"v":0.2604,"d":"26.04%"},null,62.73,null,null,{"v":1035.05,"d":"1,035.05"},{"v":16.5,"d":"16.50"}]
["S",3,"S",0,4,7,2,0,4,0,0,"F","Serviço","Serviço","4.7.2.0.4.","SINAPI","95876","TRANSPORTE COM CAMINHÃO BASCULANTE DE 14 M³, EM VIA URBANA PAVIMENTADA, DMT ATÉ 30 KM (UNIDADE: M3XKM). AF_07/2020","M3XKM",52.44,2.28,"BDI 1",2.87,{"v":150.5,"d":"150.50"},"RA","RA",60.2,0,"","","SINAPI 95876",15330,2.28,{"v":0.2604,"d":"26.04%"},null,52.44,null,null,{"v":150.5,"d":"150.50"},2.87]
["S",3,"S",0,4,7,2,0,5,0,0,"F","Serviço","Serviço","4.7.2.0.5.","SINAPI","102098","RECOMPOSIÇÃO DE REVESTIMENTO EM CONCRETO ASFÁLTICO (AQUISIÇÃO EM USINA), PARA O FECHAMENTO DE VALAS - INCLUSO DEMOLIÇÃO DO PAVIMENTO. AF_12/2020","M3",3.14,{"v":2024.68,"d":"2,024.68"},"BDI 1",{"v":2551.91,"d":"2,551.91"},{"v":8013,"d":"8,013.00"},"RA","RA",3205.2000000000003,0,"","","SINAPI 102098",14540,{"v":2024.68,"d":"2,024.68"},{"v":0.2604,"d":"26.04%"},null,3.14,null,null,{"v":8013,"d":"8,013.00"},{"v":2551.91,"d":"2,551.91"}]
[2,2,2,8,4,8,0,0,0,8,68,"F","Nível 2","Nível 2","4.8.","SINAPI",null,"Fornecimento de materiais e equipamentos","-",0,null,"BDI 1",0,{"v":4547.73,"d":"4,547.73"},"RA","",1819.092,0,"",36,false,"(Sem Código)",0,{"v":0.2604,"d":"26.04%"},{"$nulls":4},{"v":4547.73,"d":"4,547.73"},0]
[3,3,3,7,4,8,1,0,0,7,25,"F","Nível 3","Nível 3","4.8.1.","SINAPI",null,"Hidráulicos e hidromecânicos","-",0,null,"BDI 1",0,{"v":4547.73,"d":"4,547.73"},"RA","",1819.092,0,"","",false,"(Sem Código)",0,{"v":0.2604,"d":"26.04%"},{"$nulls":4},{"v":4547.73,"d":"4,547.73"},0]
[4,4,4,2,4,8,1,1,0,6,2,"F","Nível 4","Nível 4","4.8.1.1.","SINAPI",null,"Tubulação de PVC rígido corrugado com ponta e bolsa JE","-",0,null,"BDI 1",0,{"v":3397.44,"d":"3,397.44"},"RA","",1358.976,0,"","",false,"(Sem Código)",0,{"v":0.2604,"d":"26.04%"},{"$nulls":4},{"v":3397.44,"d":"3,397.44"},0]
["S",4,"S",0,4,8,1,1,1,0,0,"F","Serviço","Serviço","4.8.1.1.1.","SINAPI-I","38032","TUBO PVC CORRUGADO, PAREDE DUPLA, JE, DN 150 MM/ DE 160 MM, REDE COLETORA ESGOTO","M",{"v":48,"d":"48.00"},63.54,"BDI 2",70.78,{"v":3397.44,"d":"3,397.44"},"RA","RA",1358.976,0,"","","SINAPI-I 38032",4725,63.54,{"v":0.114,"d":"11.40%"},null,{"v":48,"d":"48.00"},null,null,{"v":3397.44,"d":"3,397.44"},70.78]
[4,4,4,2,4,8,1,2,0,4,2,"F","Nível 4","Nível 4","4.8.1.2.","SINAPI",null,"Anéis de borracha","-",0,null,"BDI 1",0,96.03,"RA","",38.412000000000006,0,"","",false,"(Sem Código)",0,{"v":0.2604,"d":"26.04%"},{"$nulls":4},96.03,0]
["S",4,"S",0,4,8,1,2,1,0,0,"F","Serviço","Serviço","4.8.1.2.1.","SINAPI-I",305,"ANEL BORRACHA, PARA TUBO PVC, REDE COLETOR ESGOTO, DN 150 MM (NBR 7362)","UN",{"v":9,"d":"9.00"},9.58,"BDI 2",10.67,96.03,"RA","RA",38.412000000000006,0,"","","SINAPI-I 305",303,9.58,{"v":0.114,"d":"11.40%"},null,{"v":9,"d":"9.00"},null,null,96.03,10.67]
[4,4,4,2,4,8,1,3,0,2,121,"F","Nível 4","Nível 4","4.8.1.3.","SINAPI",null,"Tampão de ferro fundido Ø = 600mm","-",0,null,"BDI 1",0,{"v":1054.26,"d":"1,054.26"},"RA","",421.704,0,"","",false,"(Sem Código)",0,{"v":0.2604,"d":"26.04%"},{"$nulls":4},{"v":1054.26,"d":"1,054.26"},0]
["S",4,"S",0,4,8,1,3,1,0,0,"F","Serviço","Serviço","4.8.1.3.1.","SABESP-I","HM01428","TAMPÃO ARTICULADO FERRO FUNDIDO DN 600 MM COM ARO NTS 033","un",{"v":2,"d":"2.00"},473.19,"BDI 2",527.13,{"v":1054.26,"d":"1,054.26"},"RA","RA",421.704,0,"","","SABESP-I HM01428",26565,473.19,{"v":0.114,"d":"11.40%"},null,{"v":2,"d":"2.00"},null,null,{"v":1054.26,"d":"1,054.26"},527.13]
[1,1,1,254,5,0,0,0,0,1681,254,"F","Meta","Meta","5.","SINAPI",null,"EEE BASF","-",0,null,"BDI 1",0,{"v":567313.9,"d":"567,313.90"},"RA","",226925.56,0,"",37,false,"(Sem Código)",0,{"v":0.2604,"d":"26.04%"},{"$nulls":4},{"v":567313.9,"d":"567,313.90"},0]
[2,2,2,2,5,1,0,0,0,253,2,"F","Nível 2","Nível 2","5.1.","SINAPI",null,"Canteiro de Obras de Apoio Local","-",0,null,"BDI 1",0,{"v":6409.14,"d":"6,409.14"},"RA","",2563.6560000000004,0,"",38,false,"(Sem Código)",0,{"v":0.2604,"d":"26.04%"},{"$nulls":4},{"v":6409.14,"d":"6,409.14"},0]
["S",2,"S",0,5,1,0,0,1,0,0,"F","Serviço","Serviço","5.1.0.0.1.","SINAPI-I","10775","LOCACAO DE CONTAINER 2,30 X 6,00 M, ALT. 2,50 M, COM 1 SANITARIO, PARA ESCRITORIO, COMPLETO, SEM DIVISORIAS INTERNAS (NAO INCLUI MOBILIZACAO/DESMOBILIZACAO)","MES",{"v":6,"d":"6.00"},{"v":847.5,"d":"847.50"},"BDI 1",{"v":1068.19,"d":"1,068.19"},{"v":6409.14,"d":"6,409.14"},"RA","RA",2563.6560000000004,0,"","","SINAPI-I 10775",2675,{"v":847.5,"d":"847.50"},{"v":0.2604,"d":"26.04%"},null,{"v":6,"d":"6.00"},null,null,{"v":6409.14,"d":"6,409.14"},{"v":1068.19,"d":"1,068.19"}]
[2,2,2,4,5,2,0,0,0,251,4,"F","Nível 2","Nível 2","5.2.","SINAPI",null,"Serviços Técnicos","-",0,null,"BDI 1",0,{"v":3103.94,"d":"3,103.94"},"RA","",1241.576,0,"",39,false,"(Sem Código)",0,{"v":0.2604,"d":"26.04%"},{"$nulls":4},{"v":3103.94,"d":"3,103.94"},0]
[3,3,3,3,5,2,1,0,0,3,14,"F","Nível 3","Nível 3","5.2.1.","SINAPI",null,"Locação e Cadastro","-",0,null,"BDI 1",0,{"v":3103.94,"d":"3,103.94"},"RA","",1241.576,0,"","",false,"(Sem Código)",0,{"v":0.2604,"d":"26.04%"},{"$nulls":4},{"v":3103.94,"d":"3,103.94"},0]
["S",3,"S",0,5,2,1,0,1,0,0,"F","Serviço","Serviço","5.2.1.0.1.","SABESP",70010008,"LOCAÇÃO DE OBRAS LOCALIZADAS","EQD",{"v":1,"d":"1.00"},{"v":1076.44,"d":"1,076.44"},"BDI 1",{"v":1356.74,"d":"1,356.74"},{"v":1356.74,"d":"1,356.74"},"RA","RA",542.696,0,"","","SABESP 70010008",19840,{"v":1076.44,"d":"1,076.44"},{"v":0.2604,"d":"26.04%"},null,{"v":1,"d":"1.00"},null,null,{"v":1356.74,"d":"1,356.74"},{"v":1356.74,"d":"1,356.74"}]
["S",3,"S",0,5,2,1,0,2,0,0,"F","Serviço","Serviço","5.2.1.0.2.","SABESP",70010009,"CADASTRO DE OBRAS LOCALIZADAS","EQD",{"v":1,"d":"1.00"},{"v":1386.23,"d":"1,386.23"},"BDI 1",{"v":1747.2,"d":"1,747.20"},{"v":1747.2,"d":"1,747.20"},"RA","RA",698.8800000000001,0,"","","SABESP 70010009",19834,{"v":1386.23,"d":"1,386.23"},{"v":0.2604,"d":"26.04%"},null,{"v":1,"d":"1.00"},null,null,{"v":1747.2,"d":"1,747.20"},{"v":1747.2,"d":"1,747.20"}]
[2,2,2,5,5,3,0,0,0,247,5,"F","Nível 2","Nível 2","5.3.","SINAPI",null,"Serviços Preliminares","-",0,null,"BDI 1",0,{"v":5847.03,"d":"5,847.03"},"RA","",2338.8120000000004,0,"",40,false,"(Sem Código)",0,{"v":0.2604,"d":"26.04%"},{"$nulls":4},{"v":5847.03,"d":"5,847.03"},0]
[3,3,3,4,5,3,1,0,0,4,10,"F","Nível 3","Nível 3","5.3.1.","SINAPI",null,"Trânsito e Segurança","-",0,null,"BDI 1",0,{"v":5847.03,"d":"5,847.03"},"RA","",2338.8120000000004,0,"","",false,"(Sem Código)",0,{"v":0.2604,"d":"26.04%"},{"$nulls":4},{"v":5847.03,"d":"5,847.03"},0]
["S",3,"S",0,5,3,1,0,1,0,0,"F","Serviço","Serviço","5.3.1.0.1.","SABESP",70020004,"SINALIZAÇÃO DE TRÁFEGO","M",39.95,5.14,"BDI 1",6.48,258.88,"RA","RA",103.552,0,"","","SABESP 70020004",19845,5.14,{"v":0.2604,"d":"26.04%"},null,39.95,null,null,258.88,6.48]
["S",3,"S",0,5,3,1,0,2,0,0,"F","Serviço","Serviço","5.3.1.0.2.","SABESP",70020002,"TAPUME DE CHAPA DE MADEIRA COMPENSADA","M2",43.95,98.09,"BDI 1",123.63,{"v":5433.54,"d":"5,433.54"},"RA","RA",2173.416,0,"","","SABESP 70020002",19849,98.09,{"v":0.2604,"d":"26.04%"},null,43.95,null,null,{"v":5433.54,"d":"5,433.54"},123.63]
["S",3,"S",0,5,3,1,0,3,0,0,"F","Serviço","Serviço","5.3.1.0.3.","SABESP",70190002,"PROTEÇÃO COM TELA DE NYLON","M2",7.99,15.35,"BDI 1",19.35,154.61,"RA","RA",61.84400000000001,0,"","","SABESP 70190002",21999,15.35,{"v":0.2604,"d":"26.04%"},null,{"v":7.990000000000001,"d":"7.99"},null,null,154.61,19.35]
[2,2,2,11,5,4,0,0,0,242,11,"F","Nível 2","Nível 2","5.4.","SINAPI",null,"Movimento de Terra","-",0,null,"BDI 1",0,{"v":6555.16,"d":"6,555.16"},"RA","",2622.0640000000003,0,"",41,false,"(Sem Código)",0,{"v":0.2604,"d":"26.04%"},{"$nulls":4},{"v":6555.16,"d":"6,555.16"},0]
[3,3,3,5,5,4,1,0,0,10,5,"F","Nível 3","Nível 3","5.4.1.","SABESP",null,"Escavação mecânica, qualquer terreno exceto rocha, de poços e cavas","-",0,null,"BDI 1",0,{"v":3817.76,"d":"3,817.76"},"RA","",1527.1040000000003,0,"","",false,"(Sem Código)",0,{"v":0.2604,"d":"26.04%"},{"$nulls":4},{"v":3817.76,"d":"3,817.76"},0]
["S",3,"S",0,5,4,1,0,1,0,0,"F","Serviço","Serviço","5.4.1.0.1.","SABESP",70030002,"ESCAVAÇÃO MECANIZADA DE POÇOS E CAVAS, EM SOLO NÃO ROCHOSO, C/PROF. ATÉ 2,00 M (A)","M3",44.53,16.05,"BDI 1",20.23,900.84,"RA","RA",360.336,0,"","","SABESP 70030002",19926,16.05,{"v":0.2604,"d":"26.04%"},null,44.53,null,null,900.84,20.23]
["S",3,"S",0,5,4,1,0,2,0,0,"F","Serviço","Serviço","5.4.1.0.2.","SABESP",70030004,"ESCAVAÇÃO MECANIZADA DE POÇOS E CAVAS, EM SOLO NÃO ROCHOSO, C/PROF. ATÉ 4,00 M (A)","M3",33.14,21.29,"BDI 1",26.83,889.15,"RA","RA",355.66,0,"","","SABESP 70030004",19932,21.29,{"v":0.2604,"d":"26.04%"},null,33.14,null,null,889.15,26.83]
["S",3,"S",0,5,4,1,0,3,0,0,"F","Serviço","Serviço","5.4.1.0.3.","SABESP",70030005,"ESCAVAÇÃO MECANIZADA DE POÇOS E CAVAS, EM SOLO NÃO ROCHOSO, C/PROF. ATÉ 6,00 M (A)","M3",31.15,35.26,"BDI 1",44.44,{"v":1384.31,"d":"1,384.31"},"RA","RA",553.724,0,"","","SABESP 70030005",19935,35.26,{"v":0.2604,"d":"26.04%"},null,31.15,null,null,{"v":1384.31,"d":"1,384.31"},44.44]
["S",3,"S",0,5,4,1,0,4,0,0,"F","Serviço","Serviço","5.4.1.0.4.","SABESP",70030006,"ESCAVAÇÃO MECANIZADA DE POÇOS E CAVAS, EM SOLO NÃO ROCHOSO, C/PROF. ATÉ 8,00 M (A)","M3",10.37,49.23,"BDI 1",62.05,643.46,"RA","RA",257.384,0,"","","SABESP 70030006",19938,49.23,{"v":0.2604,"d":"26.04%"},null,10.37,null,null,643.46,62.05]
[3,3,3,2,5,4,2,0,0,5,2,"F","Nível 3","Nível 3","5.4.2.","SINAPI",null,"Aterros e recobrimentos especiais de valas, cavas e poços","-",0,null,"BDI 1",0,{"v":1592.81,"d":"1,592.81"},"RA","",637.124,0,"","",false,"(Sem Código)",0,{"v":0.2604,"d":"26.04%"},{"$nulls":4},{"v":1592.81,"d":"1,592.81"},0]
["S",3,"S",0,5,4,2,0,1,0,0,"F","Serviço","Serviço","5.4.2.0.1.","SABESP",70030020,"ATERRO DE VALAS, POÇOS E CAVAS COMPACTADO MECANICAMENTE, COM CONTROLE DO G.C. >= 95% DO E.N.C. (A)","M3",48.68,25.96,"BDI 1",32.72,{"v":1592.81,"d":"1,592.81"},"RA","RA",637.124,0,"","","SABESP 70030020",19945,25.96,{"v":0.2604,"d":"26.04%"},null,48.68,null,null,{"v":1592.81,"d":"1,592.81"},32.72]
[3,3,3,3,5,4,3,0,0,3,18,"F","Nível 3","Nível 3","5.4.3.","SINAPI",null,"Carga, Transporte e descarga","-",0,null,"BDI 1",0,{"v":1144.59,"d":"1,144.59"},"RA","",457.836,0,"","",false,"(Sem Código)",0,{"v":0.2604,"d":"26.04%"},{"$nulls":4},{"v":1144.59,"d":"1,144.59"},0]
["S",3,"S",0,5,4,3,0,1,0,0,"F","Serviço","Serviço","5.4.3.0.1.","SABESP","70030090","CARGA E DESCARGA - SOLO (A)","M3",70.51,{"v":7,"d":"7.00"},"BDI 1",8.82,{"v":621.9,"d":"621.90"},"RA","RA",248.76,0,"","","SABESP 70030090",19976,{"v":7,"d":"7.00"},{"v":0.2604,"d":"26.04%"},null,70.51,null,null,{"v":621.9,"d":"621.90"},8.82]
["S",3,"S",0,5,4,3,0,2,0,0,"F","Serviço","Serviço","5.4.3.0.2.","SABESP",70030091,"TRANSPORTE DE MATERIAL ESCAVADO - SOLO (A)","M3Q",148.07,{"v":2.8,"d":"2.80"},"BDI 1",3.53,522.69,"RA","RA",209.07600000000002,0,"","","SABESP 70030091",19987,{"v":2.8,"d":"2.80"},{"v":0.2604,"d":"26.04%"},null,148.07,null,null,522.69,3.53]
[2,2,2,5,5,5,0,0,0,231,5,"F","Nível 2","Nível 2","5.5.","SINAPI",null,"Escoramentos","-",0,null,"BDI 1",0,{"v":85339.09,"d":"85,339.09"},"RA","",34135.636000000006,0,"",42,false,"(Sem Código)",0,{"v":0.2604,"d":"26.04%"},{"$nulls":4},{"v":85339.09,"d":"85,339.09"},0]
[3,3,3,2,5,5,1,0,0,4,2,"F","Nível 3","Nível 3","5.5.1.","SINAPI",null,"Estruturas de cimbramento","-",0,null,"BDI 1",0,{"v":1737.27,"d":"1,737.27"},"RA","",694.908,0,"","",false,"(Sem Código)",0,{"v":0.2604,"d":"26.04%"},{"$nulls":4},{"v":1737.27,"d":"1,737.27"},0]
["S",3,"S",0,5,5,1,0,1,0,0,"F","Serviço","Serviço","5.5.1.0.1.","SABESP",70040041,"CIMBRAMENTO TUBULAR","M3M",39.11,35.24,"BDI 1",44.42,{"v":1737.27,"d":"1,737.27"},"RA","RA",694.908,0,"","","SABESP 70040041",20036,35.24,{"v":0.2604,"d":"26.04%"},null,39.11,null,null,{"v":1737.27,"d":"1,737.27"},44.42]
[3,3,3,2,5,5,2,0,0,2,10,"F","Nível 3","Nível 3","5.5.2.","SINAPI",null,"Estruturas de escoramento - metálico madeira","-",0,null,"BDI 1",0,{"v":83601.82,"d":"83,601.82"},"RA","",33440.728,0,"","",false,"(Sem Código)",0,{"v":0.2604,"d":"26.04%"},{"$nulls":4},{"v":83601.82,"d":"83,601.82"},0]
["S",3,"S",0,5,5,2,0,1,0,0,"F","Serviço","Serviço","5.5.2.0.1.","SABESP",70040033,"ESCORAMENTO METÁLICO-MADEIRA COM LONGARINAS E ESTRONCAS - PROFUNDIDADE ATÉ 8,00 M","M2",154.19,430.18,"BDI 1",{"v":542.2,"d":"542.20"},{"v":83601.82,"d":"83,601.82"},"RA","RA",33440.728,0,"","","SABESP 70040033",20029,430.18,{"v":0.2604,"d":"26.04%"},null,154.19,null,null,{"v":83601.82,"d":"83,601.82"},{"v":542.2,"d":"542.20"}]
[2,2,2,3,5,6,0,0,0,226,3,"F","Nível 2","Nível 2","5.6.","SINAPI",null,"Esgotamentos","-",0,null,"BDI 1",0,{"v":429.6,"d":"429.60"},"RA","",171.84000000000003,0,"",43,false,"(Sem Código)",0,{"v":0.2604,"d":"26.04%"},{"$nulls":4},{"v":429.6,"d":"429.60"},0]
[3,3,3,2,5,6,1,0,0,2,5,"F","Nível 3","Nível 3","5.6.1.","SINAPI",null,"Águas superficiais","-",0,null,"BDI 1",0,{"v":429.6,"d":"429.60"},"RA","",171.84000000000003,0,"","",false,"(Sem Código)",0,{"v":0.2604,"d":"26.04%"},{"$nulls":4},{"v":429.6,"d":"429.60"},0]
["S",3,"S",0,5,6,1,0,1,0,0,"F","Serviço","Serviço","5.6.1.0.1.","SABESP",70050001,"ESGOTAMENTO COM BOMBAS DE SUPERFÍCIE OU SUBMERSAS","HPH",{"v":120,"d":"120.00"},2.84,"BDI 1",3.58,{"v":429.6,"d":"429.60"},"RA","RA",171.84000000000003,0,"","","SABESP 70050001",20039,2.84,{"v":0.2604,"d":"26.04%"},null,{"v":120,"d":"120.00"},null,null,{"v":429.6,"d":"429.60"},3.58]
[2,2,2,18,5,7,0,0,0,223,18,"F","Nível 2","Nível 2","5.7.","SINAPI",null,"Fundações e Estruturas","-",0,null,"BDI 1",0,{"v":53026.44,"d":"53,026.44"},"RA","",21210.576,0,"",44,false,"(Sem Código)",0,{"v":0.2604,"d":"26.04%"},{"$nulls":4},{"v":53026.44,"d":"53,026.44"},0]
[3,3,3,2,5,7,1,0,0,17,2,"F","Nível 3","Nível 3","5.7.1.","SINAPI",null,"Lastros","-",0,null,"BDI 1",0,531.02,"RA","",212.40800000000002,0,"","",false,"(Sem Código)",0,{"v":0.2604,"d":"26.04%"},{"$nulls":4},531.02,0]
["S",3,"S",0,5,7,1,0,1,0,0,"F","Serviço","Serviço","5.7.1.0.1.","SABESP",70070046,"LASTRO DE PEDRA BRITADA (A)","M3",2.79,151.01,"BDI 1",190.33,531.02,"RA","RA",212.40800000000002,0,"","","SABESP 70070046",20138,151.01,{"v":0.2604,"d":"26.04%"},null,2.79,null,null,531.02,190.33]
[3,3,3,2,5,7,2,0,0,15,2,"F","Nível 3","Nível 3","5.7.2.","SINAPI",null,"Fôrmas para concreto","-",0,null,"BDI 1",0,{"v":7315.78,"d":"7,315.78"},"RA","",2926.312,0,"","",false,"(Sem Código)",0,{"v":0.2604,"d":"26.04%"},{"$nulls":4},{"v":7315.78,"d":"7,315.78"},0]
["S",3,"S",0,5,7,2,0,1,0,0,"F","Serviço","Serviço","5.7.2.0.1.","CDHU","09.02.020","Forma plana em compensado para estrutura convencional","M2",29.15,199.12,"BDI 1",250.97,{"v":7315.78,"d":"7,315.78"},"RA","RA",2926.312,0,"","","CDHU 09.02.020",16302,199.12,{"v":0.2604,"d":"26.04%"},null,29.15,null,null,{"v":7315.78,"d":"7,315.78"},250.97]
[3,3,3,2,5,7,3,0,0,13,2,"F","Nível 3","Nível 3","5.7.3.","SINAPI",null,"Aços para concreto","-",0,null,"BDI 1",0,{"v":9757.81,"d":"9,757.81"},"RA","",3903.124,0,"","",false,"(Sem Código)",0,{"v":0.2604,"d":"26.04%"},{"$nulls":4},{"v":9757.81,"d":"9,757.81"},0]
["S",3,"S",0,5,7,3,0,1,0,0,"F","Serviço","Serviço","5.7.3.0.1.","SABESP",70070135,"ARMAÇÃO EM AÇO CA-50","KG",584.65,13.24,"BDI 1",16.69,{"v":9757.81,"d":"9,757.81"},"RA","RA",3903.124,0,"","","SABESP 70070135",20232,13.24,{"v":0.2604,"d":"26.04%"},null,584.65,null,null,{"v":9757.81,"d":"9,757.81"},16.69]
[3,3,3,2,5,7,4,0,0,11,2,"F","Nível 3","Nível 3","5.7.4.","SINAPI",null,"Concreto não estrutural","-",0,null,"BDI 1",0,930.28,"RA","",372.112,0,"","",false,"(Sem Código)",0,{"v":0.2604,"d":"26.04%"},{"$nulls":4},930.28,0]
["S",3,"S",0,5,7,4,0,1,0,0,"F","Serviço","Serviço","5.7.4.0.1.","SABESP",70070142,"CONCRETO NÃO ESTRUTURAL - MÍNIMO 150 KG DE CIMENTO/M³","M3",1.26,585.78,"BDI 1",738.32,930.28,"RA","RA",372.112,0,"","","SABESP 70070142",20236,585.78,{"v":0.2604,"d":"26.04%"},null,1.26,null,null,930.28,738.32]
[3,3,3,2,5,7,5,0,0,9,2,"F","Nível 3","Nível 3","5.7.5.","SINAPI","SABESP","Concreto Estrutural para estruturas não sujeitas ao contato com água e esgoto","-",0,null,"BDI 1",0,298.33,"RA","",119.332,0,"","",false,"(Sem Código)",0,{"v":0.2604,"d":"26.04%"},{"$nulls":4},298.33,0]
["S",3,"S",0,5,7,5,0,1,0,0,"F","Serviço","Serviço","5.7.5.0.1.","SABESP",70070144,"CONCRETO ESTRUTURAL PARA ESTRUTURAS NÃO SUJEITAS A CONTATO COM ÁGUA E ESGOTO, FCK = 20,0 MPA","M3",0.39,{"v":606.9,"d":"606.90"},"BDI 1",764.94,298.33,"RA","RA",119.332,0,"","","SABESP 70070144",20240,{"v":606.9,"d":"606.90"},{"v":0.2604,"d":"26.04%"},null,0.39,null,null,298.33,764.94]
[3,3,3,2,5,7,6,0,0,7,2,"F","Nível 3","Nível 3","5.7.6.","SINAPI",null,"Concreto Estrutural para estruturas sujeitas ao contato com água e esgoto","-",0,null,"BDI 1",0,{"v":7166.72,"d":"7,166.72"},"RA","",2866.688,0,"","",false,"(Sem Código)",0,{"v":0.2604,"d":"26.04%"},{"$nulls":4},{"v":7166.72,"d":"7,166.72"},0]
["S",3,"S",0,5,7,6,0,1,0,0,"F","Serviço","Serviço","5.7.6.0.1.","SABESP",70070301,"CONCRETO ESTRUTURAL P/ ESTRUTURAS EM CONTATO COM ESGOTO, GASES AGRESSIVOS, AMBIENTE MARÍTIMO E ESTRUTURAS PARA TRATAMENTO DE ÁGUA, FCK = 40,0 MPA, A/C MÁX. 0,45 L/KG - MÍN. DE 360 KG DE CIMENTO/M³","M3",{"v":8.1,"d":"8.10"},701.98,"BDI 1",884.78,{"v":7166.72,"d":"7,166.72"},"RA","RA",2866.688,0,"","","SABESP 70070301",20248,701.98,{"v":0.2604,"d":"26.04%"},null,{"v":8.1,"d":"8.10"},null,null,{"v":7166.72,"d":"7,166.72"},884.78]
[3,3,3,3,5,7,7,0,0,5,3,"F","Nível 3","Nível 3","5.7.7.","SINAPI",null,"Aduelas sucessivas de concreto armado moldada in loco","-",0,null,"BDI 1",0,{"v":26814.26,"d":"26,814.26"},"RA","",10725.704,0,"","",false,"(Sem Código)",0,{"v":0.2604,"d":"26.04%"},{"$nulls":4},{"v":26814.26,"d":"26,814.26"},0]
["S",3,"S",0,5,7,7,0,1,0,0,"F","Serviço","Serviço","5.7.7.0.1.","SABESP","70070214","ADUELAS DE CONCR. ARMADO, PRÉ-MOLDADAS, C/PB, DIÂM. 1,00 M - H\n= 0,50 M","un",{"v":11,"d":"11.00"},269.02,"BDI 1",339.07,{"v":3729.77,"d":"3,729.77"},"RA","RA",1491.9080000000001,0,"","","SABESP 70070214",20331,269.02,{"v":0.2604,"d":"26.04%"},null,{"v":11,"d":"11.00"},null,null,{"v":3729.77,"d":"3,729.77"},339.07]
["S",3,"S",0,5,7,7,0,2,0,0,"F","Serviço","Serviço","5.7.7.0.2.","SABESP",70070220,"ADUELAS DE CONCR. ARMADO, PRÉ-MOLDADAS, C/PB, DIÂM. 2,50 M - H\n= 0,50 M","un",{"v":13,"d":"13.00"},{"v":1408.86,"d":"1,408.86"},"BDI 1",{"v":1775.73,"d":"1,775.73"},{"v":23084.49,"d":"23,084.49"},"RA","RA",9233.796,0,"","","SABESP 70070220",20337,{"v":1408.86,"d":"1,408.86"},{"v":0.2604,"d":"26.04%"},null,{"v":13,"d":"13.00"},null,null,{"v":23084.49,"d":"23,084.49"},{"v":1775.73,"d":"1,775.73"}]
[3,3,3,2,5,7,8,0,0,2,198,"F","Nível 3","Nível 3","5.7.8.","SINAPI",null,"Tampa de Ferro Fundido - Fornecimento e Assentamento","-",0,null,"BDI 1",0,212.24,"RA","",84.89600000000002,0,"","",false,"(Sem Código)",0,{"v":0.2604,"d":"26.04%"},{"$nulls":4},212.24,0]
["S",3,"S",0,5,7,8,0,1,0,0,"F","Serviço","Serviço","5.7.8.0.1.","SABESP",70070342,"DISPOSITIVO DE PROTEÇÃO PARA REGISTRO COM ASSENTAMENTO DE TAMPA T-5","un",{"v":1,"d":"1.00"},168.39,"BDI 1",212.24,212.24,"RA","RA",84.89600000000002,0,"","","SABESP 70070342",20350,168.39,{"v":0.2604,"d":"26.04%"},null,{"v":1,"d":"1.00"},null,null,212.24,212.24]
[2,2,2,11,5,8,0,0,0,205,11,"F","Nível 2","Nível 2","5.8.","SINAPI",null,"Assentamentos, Montagens, Cargas, Transporte e Descargas de Tubulação","-",0,null,"BDI 1",0,{"v":6622.64,"d":"6,622.64"},"RA","",2649.056,0,"",45,false,"(Sem Código)",0,{"v":0.2604,"d":"26.04%"},{"$nulls":4},{"v":6622.64,"d":"6,622.64"},0]
[3,3,3,2,5,8,1,0,0,10,2,"F","Nível 3","Nível 3","5.8.1.","SINAPI",null,"Assentamento de Tampão de ferro fundido Ø = 600mm","-",0,null,"BDI 1",0,{"v":854,"d":"854.00"},"RA","",341.6,0,"","",false,"(Sem Código)",0,{"v":0.2604,"d":"26.04%"},{"$nulls":4},{"v":854,"d":"854.00"},0]
["S",3,"S",0,5,8,1,0,1,0,0,"F","Serviço","Serviço","5.8.1.0.1.","SABESP",70070230,"ASSENTAMENTO DE TAMPÃO DE FERRO FUNDIDO, DN 600 MM","un",{"v":5,"d":"5.00"},135.51,"BDI 1",{"v":170.8,"d":"170.80"},{"v":854,"d":"854.00"},"RA","RA",341.6,0,"","","SABESP 70070230",20346,135.51,{"v":0.2604,"d":"26.04%"},null,{"v":5,"d":"5.00"},null,null,{"v":854,"d":"854.00"},{"v":170.8,"d":"170.80"}]
[3,3,3,5,5,8,2,0,0,8,5,"F","Nível 3","Nível 3","5.8.2.","SINAPI",null,"Montagens de Tubos, Conexões e Válvulas de Ferro Fundido","-",0,null,"BDI 1",0,{"v":5464.88,"d":"5,464.88"},"RA","",2185.952,0,"","",false,"(Sem Código)",0,{"v":0.2604,"d":"26.04%"},{"$nulls":4},{"v":5464.88,"d":"5,464.88"},0]
["S",3,"S",0,5,8,2,0,1,0,0,"F","Serviço","Serviço","5.8.2.0.1.","SABESP",70140023,"TUBOS E CONEXÕES METÁLICOS FLANGEADOS - MONTAGEM","KG",{"v":690.8,"d":"690.80"},2.38,"BDI 1",{"v":3,"d":"3.00"},{"v":2072.4,"d":"2,072.40"},"RA","RA",828.96,0,"","","SABESP 70140023",21306,2.38,{"v":0.2604,"d":"26.04%"},null,{"v":690.8000000000001,"d":"690.80"},null,null,{"v":2072.4,"d":"2,072.40"},{"v":3,"d":"3.00"}]
["S",3,"S",0,5,8,2,0,2,0,0,"F","Serviço","Serviço","5.8.2.0.2.","SABESP",70140057,"VÁLVULA GAVETA FOFO ATÉ DN200 MM - MONTAGEM","un",{"v":2,"d":"2.00"},420.98,"BDI 1",{"v":530.6,"d":"530.60"},{"v":1061.2,"d":"1,061.20"},"RA","RA",424.48,0,"","","SABESP 70140057",21348,420.98,{"v":0.2604,"d":"26.04%"},null,{"v":2,"d":"2.00"},null,null,{"v":1061.2,"d":"1,061.20"},{"v":530.6,"d":"530.60"}]
["S",3,"S",0,5,8,2,0,3,0,0,"F","Serviço","Serviço","5.8.2.0.3.","SABESP",70140058,"VÁLVULA GAVETA FOFO DN250 MM ATÉ DN400 MM - MONTAGEM","un",{"v":1,"d":"1.00"},{"v":1025.99,"d":"1,025.99"},"BDI 1",{"v":1293.16,"d":"1,293.16"},{"v":1293.16,"d":"1,293.16"},"RA","RA",517.264,0,"","","SABESP 70140058",21349,{"v":1025.99,"d":"1,025.99"},{"v":0.2604,"d":"26.04%"},null,{"v":1,"d":"1.00"},null,null,{"v":1293.16,"d":"1,293.16"},{"v":1293.16,"d":"1,293.16"}]
["S",3,"S",0,5,8,2,0,4,0,0,"F","Serviço","Serviço","5.8.2.0.4.","SABESP",70140072,"VÁLVULA RETENÇÃO FOFO ATÉ DN 200 MM - MONTAGEM","un",{"v":2,"d":"2.00"},411.82,"BDI 1",519.06,{"v":1038.12,"d":"1,038.12"},"RA","RA",415.248,0,"","","SABESP 70140072",21356,411.82,{"v":0.2604,"d":"26.04%"},null,{"v":2,"d":"2.00"},null,null,{"v":1038.12,"d":"1,038.12"},519.06]
[3,3,3,3,5,8,3,0,0,3,13,"F","Nível 3","Nível 3","5.8.3.","SINAPI",null,"Carga, transporte até 10 km e descarga de tubos e peças de Ferro Fundido","-",0,null,"BDI 1",0,303.76,"RA","",121.504,0,"","",false,"(Sem Código)",0,{"v":0.2604,"d":"26.04%"},{"$nulls":4},303.76,0]
["S",3,"S",0,5,8,3,0,1,0,0,"F","Serviço","Serviço","5.8.3.0.1.","SABESP",70080342,"CARGA E DESCARGA, DE TUBOS E PEÇAS EM FERRO FUNDIDO","TON",1.11,116.91,"BDI 1",147.35,163.56,"RA","RA",65.424,0,"","","SABESP 70080342",20760,116.91,{"v":0.2604,"d":"26.04%"},null,1.11,null,null,163.56,147.35]
["S",3,"S",0,5,8,3,0,2,0,0,"F","Serviço","Serviço","5.8.3.0.2.","SABESP",70080343,"TRANSPORTE, DE TUBOS E PEÇAS EM FERRO FUNDIDO","TOK",33.38,3.33,"BDI 1",{"v":4.2,"d":"4.20"},{"v":140.2,"d":"140.20"},"RA","RA",56.08,0,"","","SABESP 70080343",20761,3.33,{"v":0.2604,"d":"26.04%"},null,33.38,null,null,{"v":140.2,"d":"140.20"},{"v":4.2,"d":"4.20"}]
[2,2,2,16,5,9,0,0,0,194,16,"F","Nível 2","Nível 2","5.9.","SINAPI",null,"Pavimentação","-",0,null,"BDI 1",0,{"v":3219.64,"d":"3,219.64"},"RA","",1287.8560000000002,0,"",46,false,"(Sem Código)",0,{"v":0.2604,"d":"26.04%"},{"$nulls":4},{"v":3219.64,"d":"3,219.64"},0]
[3,3,3,3,5,9,1,0,0,15,3,"F","Nível 3","Nível 3","5.9.1.","SINAPI",null,"Levantamento de Pavimentação","-",0,null,"BDI 1",0,12.28,"RA","",4.912,0,"","",false,"(Sem Código)",0,{"v":0.2604,"d":"26.04%"},{"$nulls":4},12.28,0]
["S",3,"S",0,5,9,1,0,1,0,0,"F","Serviço","Serviço","5.9.1.0.1.","SABESP",70090003,"LEVANTAMENTO DE PASSEIOS CIMENTADOS (A)","M2",0.36,19.81,"BDI 1",24.97,8.99,"RA","RA",3.596,0,"","","SABESP 70090003",20776,19.81,{"v":0.2604,"d":"26.04%"},null,0.36,null,null,8.99,24.97]
["S",3,"S",0,5,9,1,0,2,0,0,"F","Serviço","Serviço","5.9.1.0.2.","SABESP","70190145","REMOÇÃO ENTULHO INCLUSIVE A CARGA, TRANSPORTE E DESCARGA EM BOTA FORA A QQ DISTÂNCIA","M3",0.02,130.34,"BDI 1",164.28,3.29,"RA","RA",1.316,0,"","","SABESP 70190145",22150,130.34,{"v":0.2604,"d":"26.04%"},null,0.02,null,null,3.29,164.28]
[3,3,3,2,5,9,2,0,0,12,2,"F","Nível 3","Nível 3","5.9.2.","SINAPI",null,"Execução de pavimentação - passeios","-",0,null,"BDI 1",0,38.94,"RA","",15.576,0,"","",false,"(Sem Código)",0,{"v":0.2604,"d":"26.04%"},{"$nulls":4},38.94,0]
["S",3,"S",0,5,9,2,0,1,0,0,"F","Serviço","Serviço","5.9.2.0.1.","SABESP",70090056,"EXECUÇÃO DE PASSEIOS CIMENTADOS (A)","M2",0.36,85.83,"BDI 1",108.18,38.94,"RA","RA",15.576,0,"","","SABESP 70090056",20838,85.83,{"v":0.2604,"d":"26.04%"},null,0.36,null,null,38.94,108.18]
[3,3,3,4,5,9,3,0,0,10,4,"F","Nível 3","Nível 3","5.9.3.","SINAPI",null,"Corte de pavimento asfáltico","-",0,null,"BDI 1",0,{"v":1254.88,"d":"1,254.88"},"RA","",501.95200000000006,0,"","",false,"(Sem Código)",0,{"v":0.2604,"d":"26.04%"},{"$nulls":4},{"v":1254.88,"d":"1,254.88"},0]
["S",3,"S",0,5,9,3,0,1,0,0,"F","Serviço","Serviço","5.9.3.0.1.","Composição","0001","CORTE EM PAVIMENTO DE ASFALTO / CONCRETO COM MÁQUINA E DISCO DIAMANTADO","M",{"v":28,"d":"28.00"},10.76,"BDI 1",13.56,379.68,"RA","RA",151.872,0,"","","Composição 0001",3,10.76,{"v":0.2604,"d":"26.04%"},null,{"v":28,"d":"28.00"},null,null,379.68,13.56]
["S",3,"S",0,5,9,3,0,2,0,0,"F","Serviço","Serviço","5.9.3.0.2.","Composição","0028","Demolição de asfalto c/ martelete - SEDOP 021525","M2",10.39,14.65,"BDI 1",18.46,{"v":191.8,"d":"191.80"},"RA","RA",76.72000000000001,0,"","","Composição 0028",30,14.65,{"v":0.2604,"d":"26.04%"},null,10.39,null,null,{"v":191.8,"d":"191.80"},18.46]
["S",3,"S",0,5,9,3,0,3,0,0,"F","Serviço","Serviço","5.9.3.0.3.","SABESP","70190145","REMOÇÃO ENTULHO INCLUSIVE A CARGA, TRANSPORTE E DESCARGA EM BOTA FORA A QQ DISTÂNCIA","M3",4.16,130.34,"BDI 1",164.28,{"v":683.4,"d":"683.40"},"RA","RA",273.36,0,"","","SABESP 70190145",22150,130.34,{"v":0.2604,"d":"26.04%"},null,4.16,null,null,{"v":683.4,"d":"683.40"},164.28]
[3,3,3,6,5,9,4,0,0,6,146,"F","Nível 3","Nível 3","5.9.4.","SINAPI",null,"Recomposição de pavimentação asfáltica","-",0,null,"BDI 1",0,{"v":1913.54,"d":"1,913.54"},"RA","",765.416,0,"","",false,"(Sem Código)",0,{"v":0.2604,"d":"26.04%"},{"$nulls":4},{"v":1913.54,"d":"1,913.54"},0]
["S",3,"S",0,5,9,4,0,1,0,0,"F","Serviço","Serviço","5.9.4.0.1.","CDHU","54.01.220","Base de bica corrida","M3",1.04,232.84,"BDI 1",293.47,305.21,"RA","RA",122.084,0,"","","CDHU 54.01.220",19402,232.84,{"v":0.2604,"d":"26.04%"},null,1.04,null,null,305.21,293.47]
["S",3,"S",0,5,9,4,0,2,0,0,"F","Serviço","Serviço","5.9.4.0.2.","CDHU","54.03.230","Imprimação betuminosa ligante","M2",10.39,6.49,"BDI 1",8.18,84.99,"RA","RA",33.996,0,"","","CDHU 54.03.230",19413,6.49,{"v":0.2604,"d":"26.04%"},null,10.39,null,null,84.99,8.18]
["S",3,"S",0,5,9,4,0,3,0,0,"F","Serviço","Serviço","5.9.4.0.3.","CDHU","54.03.240","Imprimação betuminosa impermeabilizante","M2",10.39,13.09,"BDI 1",{"v":16.5,"d":"16.50"},171.44,"RA","RA",68.57600000000001,0,"","","CDHU 54.03.240",19414,13.09,{"v":0.2604,"d":"26.04%"},null,10.39,null,null,171.44,{"v":16.5,"d":"16.50"}]
["S",3,"S",0,5,9,4,0,4,0,0,"F","Serviço","Serviço","5.9.4.0.4.","SINAPI","95876","TRANSPORTE COM CAMINHÃO BASCULANTE DE 14 M³, EM VIA URBANA PAVIMENTADA, DMT ATÉ 30 KM (UNIDADE: M3XKM). AF_07/2020","M3XKM",8.68,2.28,"BDI 1",2.87,24.91,"RA","RA",9.964,0,"","","SINAPI 95876",15330,2.28,{"v":0.2604,"d":"26.04%"},null,8.68,null,null,24.91,2.87]
["S",3,"S",0,5,9,4,0,5,0,0,"F","Serviço","Serviço","5.9.4.0.5.","SINAPI","102098","RECOMPOSIÇÃO DE REVESTIMENTO EM CONCRETO ASFÁLTICO (AQUISIÇÃO EM USINA), PARA O FECHAMENTO DE VALAS - INCLUSO DEMOLIÇÃO DO PAVIMENTO. AF_12/2020","M3",0.52,{"v":2024.68,"d":"2,024.68"},"BDI 1",{"v":2551.91,"d":"2,551.91"},{"v":1326.99,"d":"1,326.99"},"RA","RA",530.796,0,"","","SINAPI 102098",14540,{"v":2024.68,"d":"2,024.68"},{"v":0.2604,"d":"26.04%"},null,0.52,null,null,{"v":1326.99,"d":"1,326.99"},{"v":2551.91,"d":"2,551.91"}]
[2,2,2,3,5,10,0,0,0,178,3,"F","Nível 2","Nível 2","5.10.","SINAPI",null,"Fechamento - Caixa do Barrilete","-",0,null,"BDI 1",0,{"v":2456.61,"d":"2,456.61"},"RA","",982.6440000000001,0,"",47,false,"(Sem Código)",0,{"v":0.2604,"d":"26.04%"},{"$nulls":4},{"v":2456.61,"d":"2,456.61"},0]
[3,3,3,2,5,10,1,0,0,2,6,"F","Nível 3","Nível 3","5.10.1.","SINAPI",null,"Alvenaria","-",0,null,"BDI 1",0,{"v":2456.61,"d":"2,456.61"},"RA","",982.6440000000001,0,"","",false,"(Sem Código)",0,{"v":0.2604,"d":"26.04%"},{"$nulls":4},{"v":2456.61,"d":"2,456.61"},0]
["S",3,"S",0,5,10,1,0,1,0,0,"F","Serviço","Serviço","5.10.1.0.1.","SINAPI","89472","ALVENARIA DE BLOCOS DE CONCRETO ESTRUTURAL 14X19X39 CM (ESPESSURA 14 CM), FBK = 14 MPA, UTILIZANDO COLHER DE PEDREIRO. AF_10/2022","M2",15.56,125.26,"BDI 1",157.88,{"v":2456.61,"d":"2,456.61"},"RA","RA",982.6440000000001,0,"","","SINAPI 89472",6060,125.26,{"v":0.2604,"d":"26.04%"},null,15.56,null,null,{"v":2456.61,"d":"2,456.61"},157.88]
[2,2,2,8,5,11,0,0,0,175,8,"F","Nível 2","Nível 2","5.11.","SINAPI",null,"Revestimento e tratamento de superfície - Caixa do Barrilete","-",0,null,"BDI 1",0,{"v":1123.22,"d":"1,123.22"},"RA","",449.288,0,"",48,false,"(Sem Código)",0,{"v":0.2604,"d":"26.04%"},{"$nulls":4},{"v":1123.22,"d":"1,123.22"},0]
[3,3,3,3,5,11,1,0,0,7,3,"F","Nível 3","Nível 3","5.11.1.","SINAPI",null,"Pisos, tetos e paredes","-",0,null,"BDI 1",0,576.94,"RA","",230.776,0,"","",false,"(Sem Código)",0,{"v":0.2604,"d":"26.04%"},{"$nulls":4},576.94,0]
["S",3,"S",0,5,11,1,0,1,0,0,"F","Serviço","Serviço","5.11.1.0.1.","CDHU","17.02.120","Emboço comum","M2",{"v":12.2,"d":"12.20"},23.68,"BDI 1",29.85,364.17,"RA","RA",145.668,0,"","","CDHU 17.02.120",16670,23.68,{"v":0.2604,"d":"26.04%"},null,{"v":12.2,"d":"12.20"},null,null,364.17,29.85]
["S",3,"S",0,5,11,1,0,2,0,0,"F","Serviço","Serviço","5.11.1.0.2.","CDHU","17.02.220","Reboco","M2",{"v":12.2,"d":"12.20"},13.84,"BDI 1",17.44,212.77,"RA","RA",85.108,0,"","","CDHU 17.02.220",16673,13.84,{"v":0.2604,"d":"26.04%"},null,{"v":12.2,"d":"12.20"},null,null,212.77,17.44]
[3,3,3,2,5,11,2,0,0,4,2,"F","Nível 3","Nível 3","5.11.2.","SINAPI",null,"Pinturas - Caixa do Barrilete","-",0,null,"BDI 1",0,482.27,"RA","",192.90800000000002,0,"","",false,"(Sem Código)",0,{"v":0.2604,"d":"26.04%"},{"$nulls":4},482.27,0]
["S",3,"S",0,5,11,2,0,1,0,0,"F","Serviço","Serviço","5.11.2.0.1.","SABESP",70120035,"PINTURA EM LÁTEX PVA, SEM MASSA CORRIDA","M2",{"v":12.2,"d":"12.20"},31.36,"BDI 1",39.53,482.27,"RA","RA",192.90800000000002,0,"","","SABESP 70120035",21082,31.36,{"v":0.2604,"d":"26.04%"},null,{"v":12.2,"d":"12.20"},null,null,482.27,39.53]
[3,3,3,2,5,11,3,0,0,2,127,"F","Nível 3","Nível 3","5.11.3.","SINAPI",null,"Impermeabilizações","-",0,null,"BDI 1",0,64.01,"RA","",25.604000000000003,0,"","",false,"(Sem Código)",0,{"v":0.2604,"d":"26.04%"},null,{"v":12.2016,"d":"12.20"},null,null,64.01,0]
["S",3,"S",0,5,11,3,0,1,0,0,"F","Serviço","Serviço","5.11.3.0.1.","SINAPI",98555,"IMPERMEABILIZAÇÃO DE SUPERFÍCIE COM ARGAMASSA POLIMÉRICA / MEMBRANA ACRÍLICA, 3 DEMÃOS. AF_09/2023","M2",1.42,35.77,"BDI 1",45.08,64.01,"RA","RA",25.604000000000003,0,"","","SINAPI 98555",10324,35.77,{"v":0.2604,"d":"26.04%"},null,1.42,null,null,64.01,45.08]
[2,2,2,7,5,12,0,0,0,167,7,"F","Nível 2","Nível 2","5.12.","SINAPI",null,"Montagem de materiais e equipamentos elétricos","-",0,null,"BDI 1",0,{"v":15518.4,"d":"15,518.40"},"RA","",6207.360000000001,0,"",49,false,"(Sem Código)",0,{"v":0.2604,"d":"26.04%"},{"$nulls":4},{"v":15518.4,"d":"15,518.40"},0]
[3,3,3,3,5,12,1,0,0,6,3,"F","Nível 3","Nível 3","5.12.1.","SINAPI",null,"Montagem de materiais e equipamentos elétricos (conforme lista do projeto elétrico)","-",0,null,"BDI 1",0,{"v":12414.72,"d":"12,414.72"},"RA","",4965.888000000001,0,"","",false,"(Sem Código)",0,{"v":0.2604,"d":"26.04%"},{"$nulls":4},{"v":12414.72,"d":"12,414.72"},0]
["S",3,"S",0,5,12,1,0,1,0,0,"F","Serviço","Serviço","5.12.1.0.1.","SINAPI",88264,"ELETRICISTA COM ENCARGOS COMPLEMENTARES","H",{"v":128,"d":"128.00"},44.32,"BDI 1",55.86,{"v":7150.08,"d":"7,150.08"},"RA","RA",2860.032,0,"","","SINAPI 88264",13007,44.32,{"v":0.2604,"d":"26.04%"},null,{"v":128,"d":"128.00"},null,null,{"v":7150.08,"d":"7,150.08"},55.86]
["S",3,"S",0,5,12,1,0,2,0,0,"F","Serviço","Serviço","5.12.1.0.2.","SINAPI",88247,"AUXILIAR DE ELETRICISTA COM ENCARGOS COMPLEMENTARES","H",{"v":128,"d":"128.00"},32.63,"BDI 1",41.13,{"v":5264.64,"d":"5,264.64"},"RA","RA",2105.856,0,"","","SINAPI 88247",12787,32.63,{"v":0.2604,"d":"26.04%"},null,{"v":128,"d":"128.00"},null,null,{"v":5264.64,"d":"5,264.64"},41.13]
[3,3,3,3,5,12,2,0,0,3,119,"F","Nível 3","Nível 3","5.12.2.","SINAPI",null,"Montagem de materiais e equipamentos de automação (conforme lista do projeto elétrico)","-",0,null,"BDI 1",0,{"v":3103.68,"d":"3,103.68"},"RA","",1241.4720000000002,0,"","",false,"(Sem Código)",0,{"v":0.2604,"d":"26.04%"},{"$nulls":4},{"v":3103.68,"d":"3,103.68"},0]
["S",3,"S",0,5,12,2,0,1,0,0,"F","Serviço","Serviço","5.12.2.0.1.","SINAPI",88264,"ELETRICISTA COM ENCARGOS COMPLEMENTARES","H",{"v":32,"d":"32.00"},44.32,"BDI 1",55.86,{"v":1787.52,"d":"1,787.52"},"RA","RA",715.008,0,"","","SINAPI 88264",13007,44.32,{"v":0.2604,"d":"26.04%"},null,{"v":32,"d":"32.00"},null,null,{"v":1787.52,"d":"1,787.52"},55.86]
["S",3,"S",0,5,12,2,0,2,0,0,"F","Serviço","Serviço","5.12.2.0.2.","SINAPI",88247,"AUXILIAR DE ELETRICISTA COM ENCARGOS COMPLEMENTARES","H",{"v":32,"d":"32.00"},32.63,"BDI 1",41.13,{"v":1316.16,"d":"1,316.16"},"RA","RA",526.464,0,"","","SINAPI 88247",12787,32.63,{"v":0.2604,"d":"26.04%"},null,{"v":32,"d":"32.00"},null,null,{"v":1316.16,"d":"1,316.16"},41.13]
[2,2,2,108,5,13,0,0,0,160,108,"F","Nível 2","Nível 2","5.13.","SINAPI",null,"Fornecimento de materiais e equipamentos","-",0,null,"BDI 1",0,{"v":340027.06,"d":"340,027.06"},"RA","",136010.82400000002,0,"",50,false,"(Sem Código)",0,{"v":0.2604,"d":"26.04%"},{"$nulls":4},{"v":340027.06,"d":"340,027.06"},0]
[3,3,3,38,5,13,1,0,0,107,38,"F","Nível 3","Nível 3","5.13.1.","SINAPI",null,"Hidráulicos e hidromecânicos","-",0,null,"BDI 1",0,{"v":112038.31,"d":"112,038.31"},"RA","",44815.324,0,"","",false,"(Sem Código)",0,{"v":0.2604,"d":"26.04%"},{"$nulls":4},{"v":112038.31,"d":"112,038.31"},0]
[4,4,4,11,5,13,1,1,0,37,11,"F","Nível 4","Nível 4","5.13.1.1.","SINAPI",null,"Tubulação de ferro fundido","-",0,null,"BDI 1",0,{"v":26681.4,"d":"26,681.40"},"RA","",10672.560000000001,0,"","",false,"(Sem Código)",0,{"v":0.2604,"d":"26.04%"},{"$nulls":4},{"v":26681.4,"d":"26,681.40"},0]
["S",4,"S",0,5,13,1,1,1,0,0,"F","Serviço","Serviço","5.13.1.1.1.","SABESP-I","HM07010","TUBO C/FLANGES PN10/16 FERRO FUNDIDO DN=150 MM L=1.000 MM (42,00 KG) PINTURA EPÓXI VERMELHA, ACESSÓRIOS NÃO INCLUSOS NBR 15420 ESGOTO","un",{"v":1,"d":"1.00"},{"v":2345.72,"d":"2,345.72"},"BDI 2",{"v":2613.13,"d":"2,613.13"},{"v":2613.13,"d":"2,613.13"},"RA","RA",1045.2520000000002,0,"","","SABESP-I HM07010",27161,{"v":2345.72,"d":"2,345.72"},{"v":0.114,"d":"11.40%"},null,{"v":1,"d":"1.00"},null,null,{"v":2613.13,"d":"2,613.13"},{"v":2613.13,"d":"2,613.13"}]
["S",4,"S",0,5,13,1,1,2,0,0,"F","Serviço","Serviço","5.13.1.1.2.","SABESP-I","HM07011","TUBO C/FLANGES PN10/16 FERRO FUNDIDO DN=150 MM L=1.500 MM (55,00 KG) PINTURA EPÓXI VERMELHA, ACESSÓRIOS NÃO INCLUSOS NBR 15420 ESGOTO","un",{"v":2,"d":"2.00"},{"v":2396.48,"d":"2,396.48"},"BDI 2",{"v":2669.68,"d":"2,669.68"},{"v":5339.36,"d":"5,339.36"},"RA","RA",2135.744,0,"","","SABESP-I HM07011",27162,{"v":2396.48,"d":"2,396.48"},{"v":0.114,"d":"11.40%"},null,{"v":2,"d":"2.00"},null,null,{"v":5339.36,"d":"5,339.36"},{"v":2669.68,"d":"2,669.68"}]
["S",4,"S",0,5,13,1,1,3,0,0,"F","Serviço","Serviço","5.13.1.1.3.","SABESP-I","HM07017","TUBO C/FLANGES PN10/16 FERRO FUNDIDO DN=150 MM L=4.500 MM (133,00 KG) PINTURA EPÓXI VERMELHA, ACESSÓRIOS NÃO INCLUSOS NBR 15420 ESGOTO","un",{"v":2,"d":"2.00"},{"v":4465.24,"d":"4,465.24"},"BDI 2",{"v":4974.28,"d":"4,974.28"},{"v":9948.56,"d":"9,948.56"},"RA","RA",3979.424,0,"","","SABESP-I HM07017",27168,{"v":4465.24,"d":"4,465.24"},{"v":0.114,"d":"11.40%"},null,{"v":2,"d":"2.00"},null,null,{"v":9948.56,"d":"9,948.56"},{"v":4974.28,"d":"4,974.28"}]
["S",4,"S",0,5,13,1,1,4,0,0,"F","Serviço","Serviço","5.13.1.1.4.","Cotação","COT112","TUBO FOFO CILÍNDRICO ESG PP DN 400 X L = 670mm","UN",{"v":1,"d":"1.00"},{"v":1545.27,"d":"1,545.27"},"BDI 2",{"v":1721.43,"d":"1,721.43"},{"v":1721.43,"d":"1,721.43"},"RA","RA",688.5720000000001,0,"","","Cotação COT112",94,{"v":1545.27,"d":"1,545.27"},{"v":0.114,"d":"11.40%"},null,{"v":1,"d":"1.00"},null,null,{"v":1721.43,"d":"1,721.43"},{"v":1721.43,"d":"1,721.43"}]
["S",4,"S",0,5,13,1,1,5,0,0,"F","Serviço","Serviço","5.13.1.1.5.","Cotação","COT113","TUBO FOFO CILÍNDRICO ESG PP DN 400 X L = 1150mm","UN",{"v":1,"d":"1.00"},{"v":2652.33,"d":"2,652.33"},"BDI 2",{"v":2954.7,"d":"2,954.70"},{"v":2954.7,"d":"2,954.70"},"RA","RA",1181.8799999999999,0,"","","Cotação COT113",95,{"v":2652.33,"d":"2,652.33"},{"v":0.114,"d":"11.40%"},null,{"v":1,"d":"1.00"},null,null,{"v":2954.7,"d":"2,954.70"},{"v":2954.7,"d":"2,954.70"}]
["S",4,"S",0,5,13,1,1,6,0,0,"F","Serviço","Serviço","5.13.1.1.6.","SABESP-I","HM01304","ACESSÓRIOS PARA FLANGE DN=80 PN10 AÇO GALV D=5/8\" X L=2 3/4\" 8 CJ (PARAFUSO, PORCA E ARRUELA) NORMA 0100-400-E027 FL3/3","un",{"v":1,"d":"1.00"},90.56,"BDI 2",100.88,100.88,"RA","RA",40.352000000000004,0,"","","SABESP-I HM01304",25006,90.56,{"v":0.114,"d":"11.40%"},null,{"v":1,"d":"1.00"},null,null,100.88,100.88]
["S",4,"S",0,5,13,1,1,7,0,0,"F","Serviço","Serviço","5.13.1.1.7.","SABESP-I","HM01292","ACESSÓRIOS PARA FLANGE DN=100 PN10 AÇO GALV D=5/8\" X L=2 3/4\" 8 CJ (PARAFUSO, PORCA E ARRUELA) NORMA 0100-400-E027 FL3/3","un",{"v":14,"d":"14.00"},90.56,"BDI 2",100.88,{"v":1412.32,"d":"1,412.32"},"RA","RA",564.928,0,"","","SABESP-I HM01292",25007,90.56,{"v":0.114,"d":"11.40%"},null,{"v":14,"d":"14.00"},null,null,{"v":1412.32,"d":"1,412.32"},100.88]
["S",4,"S",0,5,13,1,1,8,0,0,"F","Serviço","Serviço","5.13.1.1.8.","SABESP-I","HM01293","ACESSÓRIOS PARA FLANGE DN=150 PN10 AÇO GALV D=3/4\" X L=2 3/4\" 8 CJ (PARAFUSO, PORCA E ARRUELA) NORMA 0100-400-E027 FL3/3","un",{"v":12,"d":"12.00"},143.81,"BDI 2",{"v":160.2,"d":"160.20"},{"v":1922.4,"d":"1,922.40"},"RA","RA",768.96,0,"","","SABESP-I HM01293",25008,143.81,{"v":0.114,"d":"11.40%"},null,{"v":12,"d":"12.00"},null,null,{"v":1922.4,"d":"1,922.40"},{"v":160.2,"d":"160.20"}]
["S",4,"S",0,5,13,1,1,9,0,0,"F","Serviço","Serviço","5.13.1.1.9.","SABESP-I","HM01294","ACESSÓRIOS PARA FLANGE DN=200 PN10 AÇO GALV D=3/4\" X L=3 1/2\" 8 CJ (PARAFUSO, PORCA E ARRUELA) NORMA 0100-400-E027 FL3/3","un",{"v":1,"d":"1.00"},143.81,"BDI 2",{"v":160.2,"d":"160.20"},{"v":160.2,"d":"160.20"},"RA","RA",64.08,0,"","","SABESP-I HM01294",25009,143.81,{"v":0.114,"d":"11.40%"},null,{"v":1,"d":"1.00"},null,null,{"v":160.2,"d":"160.20"},{"v":160.2,"d":"160.20"}]
["S",4,"S",0,5,13,1,1,10,0,0,"F","Serviço","Serviço","5.13.1.1.10.","SABESP-I","HM01298","ACESSÓRIOS PARA FLANGE DN=400 PN10 AÇO GALV D=7/8\" X L=4\" 16 CJ (PARAFUSO, PORCA E ARRUELA) NORMA 0100-400-E027 FL3/3","un",{"v":1,"d":"1.00"},456.39,"BDI 2",508.42,508.42,"RA","RA",203.36800000000002,0,"","","SABESP-I HM01298",25013,456.39,{"v":0.114,"d":"11.40%"},null,{"v":1,"d":"1.00"},null,null,508.42,508.42]
[4,4,4,8,5,13,1,2,0,26,8,"F","Nível 4","Nível 4","5.13.1.2.","SINAPI",null,"Conexões de ferro fundido","-",0,null,"BDI 1",0,{"v":11000.47,"d":"11,000.47"},"RA","",4400.188,0,"","",false,"(Sem Código)",0,{"v":0.2604,"d":"26.04%"},{"$nulls":4},{"v":11000.47,"d":"11,000.47"},0]
["S",4,"S",0,5,13,1,2,1,0,0,"F","Serviço","Serviço","5.13.1.2.1.","SABESP-I","HM06283","CURVA 90º COM FLANGES E PÉ PN10/16 FERRO FUNDIDO DN=100 MM (17,00 KG) PINTURA EPÓXI VERMELHA, ACESSÓRIOS NÃO INCLUSOS NBR 15420 ESGOTO","un",{"v":2,"d":"2.00"},644.56,"BDI 2",718.04,{"v":1436.08,"d":"1,436.08"},"RA","RA",574.432,0,"","","SABESP-I HM06283",26236,644.56,{"v":0.114,"d":"11.40%"},null,{"v":2,"d":"2.00"},null,null,{"v":1436.08,"d":"1,436.08"},718.04]
["S",4,"S",0,5,13,1,2,2,0,0,"F","Serviço","Serviço","5.13.1.2.2.","SABESP-I","HM06284","CURVA 90º COM FLANGES E PÉ PN10/16 FERRO FUNDIDO DN=150 MM (28,00 KG) PINTURA EPÓXI VERMELHA, ACESSÓRIOS NÃO INCLUSOS NBR 15420 ESGOTO","un",{"v":3,"d":"3.00"},860.87,"BDI 2",959.01,{"v":2877.03,"d":"2,877.03"},"RA","RA",1150.8120000000001,0,"","","SABESP-I HM06284",26237,860.87,{"v":0.114,"d":"11.40%"},null,{"v":3,"d":"3.00"},null,null,{"v":2877.03,"d":"2,877.03"},959.01]
["S",4,"S",0,5,13,1,2,3,0,0,"F","Serviço","Serviço","5.13.1.2.3.","SABESP-I","HM06305","EXTREMIDADE PONTA - FLANGE PN10 E ABA DE VEDAÇÃO FERRO FUNDIDO DN=200 MM L=700 MM (46,00 KG) PINTURA EPÓXI VERMELHA - ACESSÓRIOS NÃO INCLUSOS NBR 15420 ESGOTO","un",{"v":1,"d":"1.00"},{"v":1356.18,"d":"1,356.18"},"BDI 2",{"v":1510.78,"d":"1,510.78"},{"v":1510.78,"d":"1,510.78"},"RA","RA",604.312,0,"","","SABESP-I HM06305",26268,{"v":1356.18,"d":"1,356.18"},{"v":0.114,"d":"11.40%"},null,{"v":1,"d":"1.00"},null,null,{"v":1510.78,"d":"1,510.78"},{"v":1510.78,"d":"1,510.78"}]
["S",4,"S",0,5,13,1,2,4,0,0,"F","Serviço","Serviço","5.13.1.2.4.","SABESP-I","HM06469","REDUÇÃO CONCÊNTRICA COM FLANGES PN10/16 FERRO FUNDIDO DN=150 X 80 MM (25,60 KG) PINTURA EPÓXI VERMELHA, ACESSÓRIOS NÃO INCLUSOS NBR 15420 ESGOTO","un",{"v":2,"d":"2.00"},701.51,"BDI 2",781.48,{"v":1562.96,"d":"1,562.96"},"RA","RA",625.1840000000001,0,"","","SABESP-I HM06469",26369,701.51,{"v":0.114,"d":"11.40%"},null,{"v":2,"d":"2.00"},null,null,{"v":1562.96,"d":"1,562.96"},781.48]
["S",4,"S",0,5,13,1,2,5,0,0,"F","Serviço","Serviço","5.13.1.2.5.","CDHU","46.19.620","Redução concêntrica em ferro fundido, com flanges, classe PN-10, DN= 200mm x 100/150mm","UN",{"v":1,"d":"1.00"},880.08,"BDI 2",980.41,980.41,"RA","RA",392.164,0,"","","CDHU 46.19.620",18922,880.08,{"v":0.114,"d":"11.40%"},null,{"v":1,"d":"1.00"},null,null,980.41,980.41]
["S",4,"S",0,5,13,1,2,6,0,0,"F","Serviço","Serviço","5.13.1.2.6.","SABESP-I","HM06636","TÊ COM FLANGES PN10/16 FERRO FUNDIDO DN=150 X 150 MM (32,00 KG) PINTURA EPÓXI VERMELHA, ACESSÓRIOS NÃO INCLUSOS NBR 15420 ESGOTO","un",{"v":1,"d":"1.00"},908.75,"BDI 2",{"v":1012.35,"d":"1,012.35"},{"v":1012.35,"d":"1,012.35"},"RA","RA",404.94000000000005,0,"","","SABESP-I HM06636",26476,908.75,{"v":0.114,"d":"11.40%"},null,{"v":1,"d":"1.00"},null,null,{"v":1012.35,"d":"1,012.35"},{"v":1012.35,"d":"1,012.35"}]
["S",4,"S",0,5,13,1,2,7,0,0,"F","Serviço","Serviço","5.13.1.2.7.","SABESP-I","HM06361","HASTE DE PROLONGAMENTO C/QUADRADO E BOCA DE CHAVE FERRO TREFILADO D=1.1/8\" X L=5 M (5 KG/M) PINTURA EPÓXI AZUL P/MANOBRA DE VÁLVULAS","un",{"v":1,"d":"1.00"},{"v":1454.99,"d":"1,454.99"},"BDI 2",{"v":1620.86,"d":"1,620.86"},{"v":1620.86,"d":"1,620.86"},"RA","RA",648.344,0,"","","SABESP-I HM06361",25701,{"v":1454.99,"d":"1,454.99"},{"v":0.114,"d":"11.40%"},null,{"v":1,"d":"1.00"},null,null,{"v":1620.86,"d":"1,620.86"},{"v":1620.86,"d":"1,620.86"}]
[4,4,4,4,5,13,1,3,0,18,4,"F","Nível 4","Nível 4","5.13.1.3.","SINAPI",null,"Válvulas","-",0,null,"BDI 1",0,{"v":24017.86,"d":"24,017.86"},"RA","",9607.144,0,"","",false,"(Sem Código)",0,{"v":0.2604,"d":"26.04%"},{"$nulls":4},{"v":24017.86,"d":"24,017.86"},0]
["S",4,"S",0,5,13,1,3,1,0,0,"F","Serviço","Serviço","5.13.1.3.1.","CDHU","47.06.051","Válvula de retenção tipo portinhola simples em ferro fundido, flangeada, DN= 6´","UN",{"v":2,"d":"2.00"},{"v":3793.62,"d":"3,793.62"},"BDI 2",{"v":4226.09,"d":"4,226.09"},{"v":8452.18,"d":"8,452.18"},"RA","RA",3380.8720000000003,0,"","","CDHU 47.06.051",19164,{"v":3793.62,"d":"3,793.62"},{"v":0.114,"d":"11.40%"},null,{"v":2,"d":"2.00"},null,null,{"v":8452.18,"d":"8,452.18"},{"v":4226.09,"d":"4,226.09"}]
["S",4,"S",0,5,13,1,3,2,0,0,"F","Serviço","Serviço","5.13.1.3.2.","SABESP-I","HM04204","VÁLVULA GAVETA C/FLANGES PN10/16 FERRO FUNDIDO DN=150 MM * (33,00 KG), ACION. VOLANTE, CUNHA DE BORRACHA, MÉTRICA CHATA, PINTURA EPÓXI EM PÓ NBR 14968 ÁGUA/ESGOTO","un",{"v":2,"d":"2.00"},966.62,"BDI 2",{"v":1076.81,"d":"1,076.81"},{"v":2153.62,"d":"2,153.62"},"RA","RA",861.448,0,"","","SABESP-I HM04204",27295,966.62,{"v":0.114,"d":"11.40%"},null,{"v":2,"d":"2.00"},null,null,{"v":2153.62,"d":"2,153.62"},{"v":1076.81,"d":"1,076.81"}]
["S",4,"S",0,5,13,1,3,3,0,0,"F","Serviço","Serviço","5.13.1.3.3.","SABESP-I","HM04169","VÁLVULA GAVETA C/FLANGES PN10 FERRO FUNDIDO DN=400 MM * (290,00 KG), ACION. VOLANTE, CUNHA DE BORRACHA, MÉTRICA CHATA, PINTURA EPÓXI EM PÓ NBR 14968 ÁGUA/ESGOTO","un",{"v":1,"d":"1.00"},{"v":12039.55,"d":"12,039.55"},"BDI 2",{"v":13412.06,"d":"13,412.06"},{"v":13412.06,"d":"13,412.06"},"RA","RA",5364.8240000000005,0,"","","SABESP-I HM04169",27300,{"v":12039.55,"d":"12,039.55"},{"v":0.114,"d":"11.40%"},null,{"v":1,"d":"1.00"},null,null,{"v":13412.06,"d":"13,412.06"},{"v":13412.06,"d":"13,412.06"}]
[4,4,4,2,5,13,1,4,0,14,2,"F","Nível 4","Nível 4","5.13.1.4.","SINAPI",null,"Tampão de ferro fundido Ø = 600mm","-",0,null,"BDI 1",0,{"v":2635.65,"d":"2,635.65"},"RA","",1054.26,0,"","",false,"(Sem Código)",0,{"v":0.2604,"d":"26.04%"},{"$nulls":4},{"v":2635.65,"d":"2,635.65"},0]
["S",4,"S",0,5,13,1,4,1,0,0,"F","Serviço","Serviço","5.13.1.4.1.","SABESP-I","HM01428","TAMPÃO ARTICULADO FERRO FUNDIDO DN 600 MM COM ARO NTS 033","un",{"v":5,"d":"5.00"},473.19,"BDI 2",527.13,{"v":2635.65,"d":"2,635.65"},"RA","RA",1054.26,0,"","","SABESP-I HM01428",26565,473.19,{"v":0.114,"d":"11.40%"},null,{"v":5,"d":"5.00"},null,null,{"v":2635.65,"d":"2,635.65"},527.13]
[4,4,4,2,5,13,1,5,0,12,2,"F","Nível 4","Nível 4","5.13.1.5.","SINAPI",null,"Equipamentos","-",0,null,"BDI 1",0,{"v":39515.14,"d":"39,515.14"},"RA","",15806.056,0,"","",false,"(Sem Código)",0,{"v":0.2604,"d":"26.04%"},{"$nulls":4},{"v":39515.14,"d":"39,515.14"},0]
["S",4,"S",0,5,13,1,5,1,0,0,"F","Serviço","Serviço","5.13.1.5.1.","Cotação","COT180","CONJ. MOTOBOMBA SUBM. Q=23,23m³/h, Hman.=16,64 m.c.a., COM TUBO GUIA AÇO INOX 2\"X5,30m, CORRENTE EM AÇO INÓX P/ IÇAMENTO 1/4\"","CJ",{"v":2,"d":"2.00"},{"v":17735.7,"d":"17,735.70"},"BDI 2",{"v":19757.57,"d":"19,757.57"},{"v":39515.14,"d":"39,515.14"},"RA","RA",15806.056,0,"","","Cotação COT180",100,{"v":17735.7,"d":"17,735.70"},{"v":0.114,"d":"11.40%"},null,{"v":2,"d":"2.00"},null,null,{"v":39515.14,"d":"39,515.14"},{"v":19757.57,"d":"19,757.57"}]
[4,4,4,3,5,13,1,6,0,10,3,"F","Nível 4","Nível 4","5.13.1.6.","SINAPI",null,"Equipamentos em aço","-",0,null,"BDI 1",0,{"v":7820.42,"d":"7,820.42"},"RA","",3128.168,0,"","",false,"(Sem Código)",0,{"v":0.2604,"d":"26.04%"},{"$nulls":4},{"v":7820.42,"d":"7,820.42"},0]
["S",4,"S",0,5,13,1,6,1,0,0,"F","Serviço","Serviço","5.13.1.6.1.","SABESP","70140141","FORNECIMENTO E INSTALAÇÃO DE CESTO METÁLICO EM ESTAÇÃO ELEVATÓRIA (FORN E INST CESTO METÁLICO)","un",{"v":1,"d":"1.00"},{"v":6902.77,"d":"6,902.77"},"BDI 2",{"v":7689.69,"d":"7,689.69"},{"v":7689.69,"d":"7,689.69"},"RA","RA",3075.876,0,"","","SABESP 70140141",21227,{"v":6902.77,"d":"6,902.77"},{"v":0.114,"d":"11.40%"},null,{"v":1,"d":"1.00"},null,null,{"v":7689.69,"d":"7,689.69"},{"v":7689.69,"d":"7,689.69"}]
["S",4,"S",0,5,13,1,6,2,0,0,"F","Serviço","Serviço","5.13.1.6.2.","SABESP-I","HM00569","CORRENTE ELO CURTO AÇO GALVANIZADO D=5 MM (APROX. 0,468 KG/M) SEM CALIBRAÇÃO","KG",{"v":3.5,"d":"3.50"},33.53,"BDI 2",37.35,130.73,"RA","RA",52.292,0,"","","SABESP-I HM00569",25185,33.53,{"v":0.114,"d":"11.40%"},null,{"v":3.5,"d":"3.50"},null,null,130.73,37.35]
[4,4,4,3,5,13,1,7,0,7,3,"F","Nível 4","Nível 4","5.13.1.7.","SINAPI",null,"Tubulação de PVC Esgoto Série Normal","-",0,null,"BDI 1",0,168.21,"RA","",67.284,0,"","",false,"(Sem Código)",0,{"v":0.2604,"d":"26.04%"},{"$nulls":4},168.21,0]
["S",4,"S",0,5,13,1,7,1,0,0,"F","Serviço","Serviço","5.13.1.7.1.","SINAPI-I",9837,"TUBO PVC SERIE NORMAL, DN 75 MM, PARA ESGOTO PREDIAL (NBR 5688)","M",0.15,15.22,"BDI 2",16.96,2.54,"RA","RA",1.016,0,"","","SINAPI-I 9837",4754,15.22,{"v":0.114,"d":"11.40%"},null,0.15,null,null,2.54,16.96]
["S",4,"S",0,5,13,1,7,2,0,0,"F","Serviço","Serviço","5.13.1.7.2.","SINAPI-I",9836,"TUBO PVC SERIE NORMAL, DN 100 MM, PARA ESGOTO PREDIAL (NBR 5688)","M",9.25,16.08,"BDI 2",17.91,165.67,"RA","RA",66.268,0,"","","SINAPI-I 9836",4750,16.08,{"v":0.114,"d":"11.40%"},null,9.25,null,null,165.67,17.91]
[4,4,4,4,5,13,1,8,0,4,{"$error":"#N/A"},"F","Nível 4","Nível 4","5.13.1.8.","SINAPI",null,"Conexões de PVC Esgoto Série Normal","-",0,null,"BDI 1",0,199.16,"RA","",79.664,0,"","",false,"(Sem Código)",0,{"v":0.2604,"d":"26.04%"},{"$nulls":4},199.16,0]
["S",4,"S",0,5,13,1,8,1,0,0,"F","Serviço","Serviço","5.13.1.8.1.","SINAPI-I",11714,"CAIXA SIFONADA, PVC, 150 X *185* X 75 MM, COM GRELHA QUADRADA, BRANCA","UN",{"v":1,"d":"1.00"},{"v":65.7,"d":"65.70"},"BDI 2",73.19,73.19,"RA","RA",29.276,0,"","","SINAPI-I 11714",1045,{"v":65.7,"d":"65.70"},{"v":0.114,"d":"11.40%"},null,{"v":1,"d":"1.00"},null,null,73.19,73.19]
["S",4,"S",0,5,13,1,8,2,0,0,"F","Serviço","Serviço","5.13.1.8.2.","SINAPI-I",20044,"REDUCAO EXCENTRICA PVC, DN 100 X 75 MM, PARA ESGOTO PREDIAL","UN",{"v":1,"d":"1.00"},11.22,"BDI 2",{"v":12.5,"d":"12.50"},{"v":12.5,"d":"12.50"},"RA","RA",5,0,"","","SINAPI-I 20044",3767,11.22,{"v":0.114,"d":"11.40%"},null,{"v":1,"d":"1.00"},null,null,{"v":12.5,"d":"12.50"},{"v":12.5,"d":"12.50"}]
["S",4,"S",0,5,13,1,8,3,0,0,"F","Serviço","Serviço","5.13.1.8.3.","SABESP-I","HM07130","VÁLVULA RETENÇÃO PVC DN=100 MM HORIZONTAL COM BOLSAS, ESGOTO PREDIAL","un",{"v":1,"d":"1.00"},101.86,"BDI 2",113.47,113.47,"RA","RA",45.388000000000005,0,"","","SABESP-I HM07130",25698,101.86,{"v":0.114,"d":"11.40%"},null,{"v":1,"d":"1.00"},null,null,113.47,113.47]
[3,3,3,69,5,13,2,0,0,69,77,"F","Nível 3","Nível 3","5.13.2.","SINAPI",null,"Elétricos e eletromecânicos","-",0,null,"BDI 1",0,{"v":227988.75,"d":"227,988.75"},"RA","",91195.5,0,"","",false,"(Sem Código)",0,{"v":0.2604,"d":"26.04%"},{"$nulls":4},{"v":227988.75,"d":"227,988.75"},0]
[4,4,4,66,5,13,2,1,0,68,66,"F","Nível 4","Nível 4","5.13.2.1.","SINAPI",null,"Materiais e Equipamentos Elétricos para Entrada de Energia e Instalações Gerais (conforme lista do projeto elétrico)","-",0,null,"BDI 1",0,{"v":52609.46,"d":"52,609.46"},"RA","",21043.784,0,"","",false,"(Sem Código)",0,{"v":0.2604,"d":"26.04%"},{"$nulls":4},{"v":52609.46,"d":"52,609.46"},0]
["S",4,"S",0,5,13,2,1,1,0,0,"F","Serviço","Serviço","5.13.2.1.1.","SINAPI","101505","ENTRADA DE ENERGIA ELÉTRICA, AÉREA, TRIFÁSICA, COM CAIXA DE SOBREPOR, CABO DE 10 MM2 E DISJUNTOR DIN 50A (NÃO INCLUSO O POSTE DE CONCRETO). AF_07/2020_PS","UN",{"v":1,"d":"1.00"},{"v":2148.5,"d":"2,148.50"},"BDI 1",{"v":2707.97,"d":"2,707.97"},{"v":2707.97,"d":"2,707.97"},"RA","RA",1083.1879999999999,0,"","","SINAPI 101505",10783,{"v":2148.5,"d":"2,148.50"},{"v":0.2604,"d":"26.04%"},null,{"v":1,"d":"1.00"},null,null,{"v":2707.97,"d":"2,707.97"},{"v":2707.97,"d":"2,707.97"}]
["S",4,"S",0,5,13,2,1,2,0,0,"F","Serviço","Serviço","5.13.2.1.2.","SINAPI-I","41202","POSTE DE CONCRETO ARMADO DE SECAO DUPLO T, EXTENSAO DE 11,00 M, RESISTENCIA DE 150 DAN, TIPO D","UN",{"v":1,"d":"1.00"},732.67,"BDI 2",816.19,816.19,"RA","RA",326.47600000000006,0,"","","SINAPI-I 41202",3628,732.67,{"v":0.114,"d":"11.40%"},null,{"v":1,"d":"1.00"},null,null,816.19,816.19]
["S",4,"S",0,5,13,2,1,3,0,0,"F","Serviço","Serviço","5.13.2.1.3.","SABESP-I","EL02252","CABO MÚLTIPLO DE COBRE COM ISOLAÇÃO HEPR / COBERTURA PVC 0,6/1 KV, 4 X 10MM2","M",{"v":40,"d":"40.00"},35.94,"BDI 2",40.04,{"v":1601.6,"d":"1,601.60"},"RA","RA",640.64,0,"","","SABESP-I EL02252",23964,35.94,{"v":0.114,"d":"11.40%"},null,{"v":40,"d":"40.00"},null,null,{"v":1601.6,"d":"1,601.60"},40.04]
["S",4,"S",0,5,13,2,1,4,0,0,"F","Serviço","Serviço","5.13.2.1.4.","SINAPI-I",1100,"CABECOTE PARA ENTRADA DE LINHA DE ALIMENTACAO PARA ELETRODUTO, EM LIGA DE ALUMINIO COM ACABAMENTO ANTI CORROSIVO, COM FIXACAO POR ENCAIXE LISO DE 360 GRAUS, DE 2\"","UN",{"v":1,"d":"1.00"},16.27,"BDI 2",18.12,18.12,"RA","RA",7.248000000000001,0,"","","SINAPI-I 1100",811,16.27,{"v":0.114,"d":"11.40%"},null,{"v":1,"d":"1.00"},null,null,18.12,18.12]
["S",4,"S",0,5,13,2,1,5,0,0,"F","Serviço","Serviço","5.13.2.1.5.","CDHU","38.06.120","Eletroduto galvanizado a quente conforme NBR5598 - 2´ com acessórios","M",{"v":3,"d":"3.00"},{"v":118.2,"d":"118.20"},"BDI 2",131.67,395.01,"RA","RA",158.00400000000002,0,"","","CDHU 38.06.120",17865,{"v":118.2,"d":"118.20"},{"v":0.114,"d":"11.40%"},null,{"v":3,"d":"3.00"},null,null,395.01,131.67]
["S",4,"S",0,5,13,2,1,6,0,0,"F","Serviço","Serviço","5.13.2.1.6.","CDHU-I","P.25.000.091392","Fita em aço inoxidável para poste tubular; comprimento de 0,50 m, largura de 19 mm","M",{"v":8,"d":"8.00"},3.46,"BDI 2",3.85,{"v":30.8,"d":"30.80"},"RA","RA",12.32,0,"","","CDHU-I P.25.000.091392",30497,3.46,{"v":0.114,"d":"11.40%"},null,{"v":8,"d":"8.00"},null,null,{"v":30.8,"d":"30.80"},3.85]
["S",4,"S",0,5,13,2,1,7,0,0,"F","Serviço","Serviço","5.13.2.1.7.","CDHU-I","P.25.000.091393","Fecho em aço inoxidável para fita de 19 mm","UN",{"v":10,"d":"10.00"},0.89,"BDI 2",0.99,{"v":9.9,"d":"9.90"},"RA","RA",3.9600000000000004,0,"","","CDHU-I P.25.000.091393",30498,0.89,{"v":0.114,"d":"11.40%"},null,{"v":10,"d":"10.00"},null,null,{"v":9.9,"d":"9.90"},0.99]
["S",4,"S",0,5,13,2,1,8,0,0,"F","Serviço","Serviço","5.13.2.1.8.","SINAPI-I",2643,"LUVA PARA ELETRODUTO, EM ACO GALVANIZADO ELETROLITICO, COM ROSCA,DIAMETRO DE 50 MM (2\")","UN",{"v":3,"d":"3.00"},7.29,"BDI 2",8.12,24.36,"RA","RA",9.744,0,"","","SINAPI-I 2643",2850,7.29,{"v":0.114,"d":"11.40%"},null,{"v":3,"d":"3.00"},null,null,24.36,8.12]
["S",4,"S",0,5,13,2,1,9,0,0,"F","Serviço","Serviço","5.13.2.1.9.","SINAPI-I",2631,"CURVA 90 GRAUS PARA ELETRODUTO, EM ACO GALVANIZADO ELETROLITICO, COM ROSCA, DIAMETRO DE 50 MM (2\")","UN",{"v":1,"d":"1.00"},25.77,"BDI 2",28.71,28.71,"RA","RA",11.484000000000002,0,"","","SINAPI-I 2631",1705,25.77,{"v":0.114,"d":"11.40%"},null,{"v":1,"d":"1.00"},null,null,28.71,28.71]
["S",4,"S",0,5,13,2,1,10,0,0,"F","Serviço","Serviço","5.13.2.1.10.","CDHU-I","P.07.000.091396","Tampa para caixa R1 padrão Telebras","UN",{"v":1,"d":"1.00"},286.14,"BDI 2",318.76,318.76,"RA","RA",127.504,0,"","","CDHU-I P.07.000.091396",29870,286.14,{"v":0.114,"d":"11.40%"},null,{"v":1,"d":"1.00"},null,null,318.76,318.76]
["S",4,"S",0,5,13,2,1,11,0,0,"F","Serviço","Serviço","5.13.2.1.11.","SINAPI-I",3380,"HASTE DE ATERRAMENTO EM ACO COM 3,00 M DE COMPRIMENTO E DN = 5/8\", REVESTIDA COM BAIXA CAMADA DE COBRE, COM CONECTOR TIPO GRAMPO","UN",{"v":5,"d":"5.00"},{"v":81,"d":"81.00"},"BDI 2",90.23,451.15,"RA","RA",180.46,0,"","","SINAPI-I 3380",2345,{"v":81,"d":"81.00"},{"v":0.114,"d":"11.40%"},null,{"v":5,"d":"5.00"},null,null,451.15,90.23]
["S",4,"S",0,5,13,2,1,12,0,0,"F","Serviço","Serviço","5.13.2.1.12.","SINAPI-I",425,"GRAMPO METALICO TIPO OLHAL PARA HASTE DE ATERRAMENTO DE 5/8\", CONDUTOR DE *10* A 50 MM2","UN",{"v":5,"d":"5.00"},7.42,"BDI 2",8.27,41.35,"RA","RA",16.540000000000003,0,"","","SINAPI-I 425",2286,7.42,{"v":0.114,"d":"11.40%"},null,{"v":5,"d":"5.00"},null,null,41.35,8.27]
["S",4,"S",0,5,13,2,1,13,0,0,"F","Serviço","Serviço","5.13.2.1.13.","SINAPI-I",862,"CABO DE COBRE NU 10 MM2 MEIO-DURO","M",{"v":30,"d":"30.00"},11.22,"BDI 2",{"v":12.5,"d":"12.50"},{"v":375,"d":"375.00"},"RA","RA",150,0,"","","SINAPI-I 862",836,11.22,{"v":0.114,"d":"11.40%"},null,{"v":30,"d":"30.00"},null,null,{"v":375,"d":"375.00"},{"v":12.5,"d":"12.50"}]
["S",4,"S",0,5,13,2,1,14,0,0,"F","Serviço","Serviço","5.13.2.1.14.","SINAPI-I",2674,"ELETRODUTO DE PVC RIGIDO ROSCAVEL DE 3/4 \", SEM LUVA","M",{"v":1,"d":"1.00"},4.31,"BDI 2",{"v":4.8,"d":"4.80"},{"v":4.8,"d":"4.80"},"RA","RA",1.92,0,"","","SINAPI-I 2674",1919,4.31,{"v":0.114,"d":"11.40%"},null,{"v":1,"d":"1.00"},null,null,{"v":4.8,"d":"4.80"},{"v":4.8,"d":"4.80"}]
["S",4,"S",0,5,13,2,1,15,0,0,"F","Serviço","Serviço","5.13.2.1.15.","SINAPI-I",39272,"CURVA 90 GRAUS, CURTA, DE PVC RIGIDO ROSCAVEL, DE 3/4\", PARA ELETRODUTO","UN",{"v":1,"d":"1.00"},1.97,"BDI 2",2.19,2.19,"RA","RA",0.876,0,"","","SINAPI-I 39272",1713,1.97,{"v":0.114,"d":"11.40%"},null,{"v":1,"d":"1.00"},null,null,2.19,2.19]
["S",4,"S",0,5,13,2,1,16,0,0,"F","Serviço","Serviço","5.13.2.1.16.","SINAPI-I",1891,"LUVA EM PVC RIGIDO ROSCAVEL, DE 3/4\", PARA ELETRODUTO","UN",{"v":4,"d":"4.00"},0.91,"BDI 2",1.01,4.04,"RA","RA",1.616,0,"","","SINAPI-I 1891",2840,0.91,{"v":0.114,"d":"11.40%"},null,{"v":4,"d":"4.00"},null,null,4.04,1.01]
["S",4,"S",0,5,13,2,1,17,0,0,"F","Serviço","Serviço","5.13.2.1.17.","SINAPI-I",43093,"CAIXA DE DERIVACAO PARA MEDIDOR DE ENERGIA, COM BARRAMENTO POLIFASICO, EM POLICARBONATO / TERMOPLASTICO - MODULO (PADRAO CONCESSIONARIA LOCAL)","UN",{"v":1,"d":"1.00"},256.47,"BDI 2",285.71,285.71,"RA","RA",114.28399999999999,0,"","","SINAPI-I 43093",983,256.47,{"v":0.114,"d":"11.40%"},null,{"v":1,"d":"1.00"},null,null,285.71,285.71]
["S",4,"S",0,5,13,2,1,18,0,0,"F","Serviço","Serviço","5.13.2.1.18.","SINAPI-I",39175,"BUCHA EM ALUMINIO, COM ROSCA, DE 3/4\", PARA ELETRODUTO","UN",{"v":4,"d":"4.00"},1.23,"BDI 2",1.37,5.48,"RA","RA",2.192,0,"","","SINAPI-I 39175",802,1.23,{"v":0.114,"d":"11.40%"},null,{"v":4,"d":"4.00"},null,null,5.48,1.37]
["S",4,"S",0,5,13,2,1,19,0,0,"F","Serviço","Serviço","5.13.2.1.19.","SINAPI-I",39209,"ARRUELA EM ALUMINIO, COM ROSCA, DE 3/4\", PARA ELETRODUTO","UN",{"v":4,"d":"4.00"},0.63,"BDI 2",{"v":0.7,"d":"0.70"},{"v":2.8,"d":"2.80"},"RA","RA",1.1199999999999999,0,"","","SINAPI-I 39209",467,0.63,{"v":0.114,"d":"11.40%"},null,{"v":4,"d":"4.00"},null,null,{"v":2.8,"d":"2.80"},{"v":0.7,"d":"0.70"}]
["S",4,"S",0,5,13,2,1,20,0,0,"F","Serviço","Serviço","5.13.2.1.20.","SINAPI-I",39179,"BUCHA EM ALUMINIO, COM ROSCA, DE 2\", PARA ELETRODUTO","UN",{"v":4,"d":"4.00"},5.36,"BDI 2",5.97,23.88,"RA","RA",9.552,0,"","","SINAPI-I 39179",800,5.36,{"v":0.114,"d":"11.40%"},null,{"v":4,"d":"4.00"},null,null,23.88,5.97]
["S",4,"S",0,5,13,2,1,21,0,0,"F","Serviço","Serviço","5.13.2.1.21.","SINAPI-I",39213,"ARRUELA EM ALUMINIO, COM ROSCA, DE 2\", PARA ELETRODUTO","UN",{"v":4,"d":"4.00"},2.57,"BDI 2",2.86,11.44,"RA","RA",4.576,0,"","","SINAPI-I 39213",465,2.57,{"v":0.114,"d":"11.40%"},null,{"v":4,"d":"4.00"},null,null,11.44,2.86]
["S",4,"S",0,5,13,2,1,22,0,0,"F","Serviço","Serviço","5.13.2.1.22.","CDHU-I","H.05.000.027644","Porta de abrir em alumínio com pintura eletrostática branca, sob medida, instalada - sem vidro","M2",1.62,{"v":1349.34,"d":"1,349.34"},"BDI 2",{"v":1503.16,"d":"1,503.16"},{"v":2435.12,"d":"2,435.12"},"RA","RA",974.048,0,"","","CDHU-I H.05.000.027644",28558,{"v":1349.34,"d":"1,349.34"},{"v":0.114,"d":"11.40%"},null,1.62,null,null,{"v":2435.12,"d":"2,435.12"},{"v":1503.16,"d":"1,503.16"}]
["S",4,"S",0,5,13,2,1,23,0,0,"F","Serviço","Serviço","5.13.2.1.23.","SINAPI-I",396,"ABRACADEIRA EM ACO PARA AMARRACAO DE ELETRODUTOS, TIPO D, COM 2\" E PARAFUSO DE FIXACAO","UN",{"v":4,"d":"4.00"},{"v":4,"d":"4.00"},"BDI 2",4.46,17.84,"RA","RA",7.136,0,"","","SINAPI-I 396",135,{"v":4,"d":"4.00"},{"v":0.114,"d":"11.40%"},null,{"v":4,"d":"4.00"},null,null,17.84,4.46]
["S",4,"S",0,5,13,2,1,24,0,0,"F","Serviço","Serviço","5.13.2.1.24.","SINAPI-I",4374,"BUCHA DE NYLON SEM ABA S10","UN",{"v":4,"d":"4.00"},0.22,"BDI 2",0.25,{"v":1,"d":"1.00"},"RA","RA",0.4,0,"","","SINAPI-I 4374",695,0.22,{"v":0.114,"d":"11.40%"},null,{"v":4,"d":"4.00"},null,null,{"v":1,"d":"1.00"},0.25]
["S",4,"S",0,5,13,2,1,25,0,0,"F","Serviço","Serviço","5.13.2.1.25.","CDHU-I","S.04.000.026728","Parafuso em inoxidável auto-atarraxante sextavado M6x50mm com bucha plástica tipo S6","CJ",{"v":4,"d":"4.00"},1.34,"BDI 2",1.49,5.96,"RA","RA",2.384,0,"","","CDHU-I S.04.000.026728",30861,1.34,{"v":0.114,"d":"11.40%"},null,{"v":4,"d":"4.00"},null,null,5.96,1.49]
["S",4,"S",0,5,13,2,1,26,0,0,"F","Serviço","Serviço","5.13.2.1.26.","SINAPI-I",11856,"CONECTOR METALICO TIPO PARAFUSO FENDIDO (SPLIT BOLT), PARA CABOS ATE 10 MM2","UN",{"v":4,"d":"4.00"},{"v":6.7,"d":"6.70"},"BDI 2",7.46,29.84,"RA","RA",11.936,0,"","","SINAPI-I 11856",1438,{"v":6.7,"d":"6.70"},{"v":0.114,"d":"11.40%"},null,{"v":4,"d":"4.00"},null,null,29.84,7.46]
["S",4,"S",0,5,13,2,1,27,0,0,"F","Serviço","Serviço","5.13.2.1.27.","SINAPI-I",34709,"DISJUNTOR TERMOMAGNETICO PARA TRILHO DIN (IEC), TRIPOLAR, 10 - 50 A","UN",{"v":1,"d":"1.00"},{"v":59.1,"d":"59.10"},"BDI 2",65.84,65.84,"RA","RA",26.336000000000002,0,"","","SINAPI-I 34709",1811,{"v":59.1,"d":"59.10"},{"v":0.114,"d":"11.40%"},null,{"v":1,"d":"1.00"},null,null,65.84,65.84]
["S",4,"S",0,5,13,2,1,28,0,0,"F","Serviço","Serviço","5.13.2.1.28.","SINAPI-I",1535,"TERMINAL METALICO A PRESSAO PARA 1 CABO DE 6 A 10 MM2, COM 1 FURO DE FIXACAO","UN",{"v":2,"d":"2.00"},{"v":5.6,"d":"5.60"},"BDI 2",6.24,12.48,"RA","RA",4.992000000000001,0,"","","SINAPI-I 1535",4341,{"v":5.6,"d":"5.60"},{"v":0.114,"d":"11.40%"},null,{"v":2,"d":"2.00"},null,null,12.48,6.24]
["S",4,"S",0,5,13,2,1,29,0,0,"F","Serviço","Serviço","5.13.2.1.29.","SINAPI-I",400,"ABRACADEIRA EM ACO PARA AMARRACAO DE ELETRODUTOS, TIPO D, COM 3/4\" E PARAFUSO DE FIXACAO","UN",{"v":4,"d":"4.00"},1.82,"BDI 2",2.03,8.12,"RA","RA",3.2479999999999998,0,"","","SINAPI-I 400",140,1.82,{"v":0.114,"d":"11.40%"},null,{"v":4,"d":"4.00"},null,null,8.12,2.03]
["S",4,"S",0,5,13,2,1,30,0,0,"F","Serviço","Serviço","5.13.2.1.30.","SINAPI-I",2510,"RELE FOTOELETRICO INTERNO E EXTERNO BIVOLT 1000 W, DE CONECTOR, SEM BASE","UN",{"v":2,"d":"2.00"},35.46,"BDI 2",{"v":39.5,"d":"39.50"},{"v":79,"d":"79.00"},"RA","RA",31.6,0,"","","SINAPI-I 2510",3822,35.46,{"v":0.114,"d":"11.40%"},null,{"v":2,"d":"2.00"},null,null,{"v":79,"d":"79.00"},{"v":39.5,"d":"39.50"}]
["S",4,"S",0,5,13,2,1,31,0,0,"F","Serviço","Serviço","5.13.2.1.31.","Cotação","COT185","CABO BLINDADO FLEXÍVEL TETRAPOLAR 3 X 4,0 mm² + 4,0 mm²","M",{"v":40,"d":"40.00"},{"v":58.6,"d":"58.60"},"BDI 2",65.28,{"v":2611.2,"d":"2,611.20"},"RA","RA",1044.48,0,"","","Cotação COT185",105,{"v":58.6,"d":"58.60"},{"v":0.114,"d":"11.40%"},null,{"v":40,"d":"40.00"},null,null,{"v":2611.2,"d":"2,611.20"},65.28]
["S",4,"S",0,5,13,2,1,32,0,0,"F","Serviço","Serviço","5.13.2.1.32.","SABESP-I","EL02186","CABO DE CONTROLE DE COBRE COM ISOLAÇÃO PVC / COBERTURA PVC 1KV, 2 X 1,5MM2 BLINDADO COM FITA DE ALUMÍNIO/POLIÉSTER + DRENO","M",{"v":160,"d":"160.00"},4.77,"BDI 2",5.31,{"v":849.6,"d":"849.60"},"RA","RA",339.84000000000003,0,"","","SABESP-I EL02186",23870,4.77,{"v":0.114,"d":"11.40%"},null,{"v":160,"d":"160.00"},null,null,{"v":849.6,"d":"849.60"},5.31]
["S",4,"S",0,5,13,2,1,33,0,0,"F","Serviço","Serviço","5.13.2.1.33.","CDHU-I","P.08.000.043079","Cabo de cobre flexível de 1,5 mm², isolamento 0,6/1kV - isolação HEPR 90°C","M",{"v":20,"d":"20.00"},1.71,"BDI 2",{"v":1.9,"d":"1.90"},{"v":38,"d":"38.00"},"RA","RA",15.200000000000001,0,"","","CDHU-I P.08.000.043079",29900,1.71,{"v":0.114,"d":"11.40%"},null,{"v":20,"d":"20.00"},null,null,{"v":38,"d":"38.00"},{"v":1.9,"d":"1.90"}]
["S",4,"S",0,5,13,2,1,34,0,0,"F","Serviço","Serviço","5.13.2.1.34.","CDHU-I","P.08.000.043079","Cabo de cobre flexível de 1,5 mm², isolamento 0,6/1kV - isolação HEPR 90°C","M",{"v":20,"d":"20.00"},1.71,"BDI 2",{"v":1.9,"d":"1.90"},{"v":38,"d":"38.00"},"RA","RA",15.200000000000001,0,"","","CDHU-I P.08.000.043079",29900,1.71,{"v":0.114,"d":"11.40%"},null,{"v":20,"d":"20.00"},null,null,{"v":38,"d":"38.00"},{"v":1.9,"d":"1.90"}]
["S",4,"S",0,5,13,2,1,35,0,0,"F","Serviço","Serviço","5.13.2.1.35.","CDHU-I","P.08.000.043079","Cabo de cobre flexível de 1,5 mm², isolamento 0,6/1kV - isolação HEPR 90°C","M",{"v":10,"d":"10.00"},1.71,"BDI 2",{"v":1.9,"d":"1.90"},{"v":19,"d":"19.00"},"RA","RA",7.6000000000000005,0,"","","CDHU-I P.08.000.043079",29900,1.71,{"v":0.114,"d":"11.40%"},null,{"v":10,"d":"10.00"},null,null,{"v":19,"d":"19.00"},{"v":1.9,"d":"1.90"}]
["S",4,"S",0,5,13,2,1,36,0,0,"F","Serviço","Serviço","5.13.2.1.36.","SINAPI-I",2685,"ELETRODUTO DE PVC RIGIDO ROSCAVEL DE 1 \", SEM LUVA","M",{"v":16,"d":"16.00"},6.73,"BDI 2",{"v":7.5,"d":"7.50"},{"v":120,"d":"120.00"},"RA","RA",48,0,"","","SINAPI-I 2685",1912,6.73,{"v":0.114,"d":"11.40%"},null,{"v":16,"d":"16.00"},null,null,{"v":120,"d":"120.00"},{"v":7.5,"d":"7.50"}]
["S",4,"S",0,5,13,2,1,37,0,0,"F","Serviço","Serviço","5.13.2.1.37.","SINAPI-I",39273,"CURVA 90 GRAUS, CURTA, DE PVC RIGIDO ROSCAVEL, DE 1\", PARA ELETRODUTO","UN",{"v":20,"d":"20.00"},2.73,"BDI 2",3.04,{"v":60.8,"d":"60.80"},"RA","RA",24.32,0,"","","SINAPI-I 39273",1711,2.73,{"v":0.114,"d":"11.40%"},null,{"v":20,"d":"20.00"},null,null,{"v":60.8,"d":"60.80"},3.04]
["S",4,"S",0,5,13,2,1,38,0,0,"F","Serviço","Serviço","5.13.2.1.38.","SINAPI-I",1892,"LUVA EM PVC RIGIDO ROSCAVEL, DE 1\", PARA ELETRODUTO","UN",{"v":28,"d":"28.00"},1.27,"BDI 2",1.41,39.48,"RA","RA",15.792,0,"","","SINAPI-I 1892",2835,1.27,{"v":0.114,"d":"11.40%"},null,{"v":28,"d":"28.00"},null,null,39.48,1.41]
["S",4,"S",0,5,13,2,1,39,0,0,"F","Serviço","Serviço","5.13.2.1.39.","SINAPI-I",2674,"ELETRODUTO DE PVC RIGIDO ROSCAVEL DE 3/4 \", SEM LUVA","M",{"v":3,"d":"3.00"},4.31,"BDI 2",{"v":4.8,"d":"4.80"},{"v":14.4,"d":"14.40"},"RA","RA",5.760000000000001,0,"","","SINAPI-I 2674",1919,4.31,{"v":0.114,"d":"11.40%"},null,{"v":3,"d":"3.00"},null,null,{"v":14.4,"d":"14.40"},{"v":4.8,"d":"4.80"}]
["S",4,"S",0,5,13,2,1,40,0,0,"F","Serviço","Serviço","5.13.2.1.40.","SINAPI-I",1879,"CURVA 90 GRAUS, LONGA, DE PVC RIGIDO ROSCAVEL, DE 3/4\", PARA ELETRODUTO","UN",{"v":1,"d":"1.00"},2.11,"BDI 2",2.35,2.35,"RA","RA",0.9400000000000001,0,"","","SINAPI-I 1879",1721,2.11,{"v":0.114,"d":"11.40%"},null,{"v":1,"d":"1.00"},null,null,2.35,2.35]
["S",4,"S",0,5,13,2,1,41,0,0,"F","Serviço","Serviço","5.13.2.1.41.","SINAPI-I",1891,"LUVA EM PVC RIGIDO ROSCAVEL, DE 3/4\", PARA ELETRODUTO","UN",{"v":4,"d":"4.00"},0.91,"BDI 2",1.01,4.04,"RA","RA",1.616,0,"","","SINAPI-I 1891",2840,0.91,{"v":0.114,"d":"11.40%"},null,{"v":4,"d":"4.00"},null,null,4.04,1.01]
["S",4,"S",0,5,13,2,1,42,0,0,"F","Serviço","Serviço","5.13.2.1.42.","SINAPI-I",39175,"BUCHA EM ALUMINIO, COM ROSCA, DE 3/4\", PARA ELETRODUTO","UN",{"v":4,"d":"4.00"},1.23,"BDI 2",1.37,5.48,"RA","RA",2.192,0,"","","SINAPI-I 39175",802,1.23,{"v":0.114,"d":"11.40%"},null,{"v":4,"d":"4.00"},null,null,5.48,1.37]
["S",4,"S",0,5,13,2,1,43,0,0,"F","Serviço","Serviço","5.13.2.1.43.","SINAPI-I",39209,"ARRUELA EM ALUMINIO, COM ROSCA, DE 3/4\", PARA ELETRODUTO","UN",{"v":4,"d":"4.00"},0.63,"BDI 2",{"v":0.7,"d":"0.70"},{"v":2.8,"d":"2.80"},"RA","RA",1.1199999999999999,0,"","","SINAPI-I 39209",467,0.63,{"v":0.114,"d":"11.40%"},null,{"v":4,"d":"4.00"},null,null,{"v":2.8,"d":"2.80"},{"v":0.7,"d":"0.70"}]
["S",4,"S",0,5,13,2,1,44,0,0,"F","Serviço","Serviço","5.13.2.1.44.","SINAPI-I",39176,"BUCHA EM ALUMINIO, COM ROSCA, DE 1\", PARA ELETRODUTO","UN",{"v":8,"d":"8.00"},1.32,"BDI 2",1.47,11.76,"RA","RA",4.704,0,"","","SINAPI-I 39176",797,1.32,{"v":0.114,"d":"11.40%"},null,{"v":8,"d":"8.00"},null,null,11.76,1.47]
["S",4,"S",0,5,13,2,1,45,0,0,"F","Serviço","Serviço","5.13.2.1.45.","SINAPI-I",39210,"ARRUELA EM ALUMINIO, COM ROSCA, DE 1\", PARA ELETRODUTO","UN",{"v":8,"d":"8.00"},0.98,"BDI 2",1.09,8.72,"RA","RA",3.4880000000000004,0,"","","SINAPI-I 39210",462,0.98,{"v":0.114,"d":"11.40%"},null,{"v":8,"d":"8.00"},null,null,8.72,1.09]
["S",4,"S",0,5,13,2,1,46,0,0,"F","Serviço","Serviço","5.13.2.1.46.","SINAPI-I",4374,"BUCHA DE NYLON SEM ABA S10","UN",{"v":8,"d":"8.00"},0.22,"BDI 2",0.25,{"v":2,"d":"2.00"},"RA","RA",0.8,0,"","","SINAPI-I 4374",695,0.22,{"v":0.114,"d":"11.40%"},null,{"v":8,"d":"8.00"},null,null,{"v":2,"d":"2.00"},0.25]
["S",4,"S",0,5,13,2,1,47,0,0,"F","Serviço","Serviço","5.13.2.1.47.","CDHU-I","S.04.000.026728","Parafuso em inoxidável auto-atarraxante sextavado M6x50mm com bucha plástica tipo S6","CJ",{"v":8,"d":"8.00"},1.34,"BDI 2",1.49,11.92,"RA","RA",4.768,0,"","","CDHU-I S.04.000.026728",30861,1.34,{"v":0.114,"d":"11.40%"},null,{"v":8,"d":"8.00"},null,null,11.92,1.49]
["S",4,"S",0,5,13,2,1,48,0,0,"F","Serviço","Serviço","5.13.2.1.48.","SINAPI-I",1599,"CONECTOR DE ALUMINIO TIPO PRENSA CABO, BITOLA 3/4\", PARA CABOS DE DIAMETRO DE 17,5 A 20 MM","UN",{"v":2,"d":"2.00"},15.36,"BDI 2",17.11,34.22,"RA","RA",13.688,0,"","","SINAPI-I 1599",1431,15.36,{"v":0.114,"d":"11.40%"},null,{"v":2,"d":"2.00"},null,null,34.22,17.11]
["S",4,"S",0,5,13,2,1,49,0,0,"F","Serviço","Serviço","5.13.2.1.49.","SINAPI-I",1598,"CONECTOR DE ALUMINIO TIPO PRENSA CABO, BITOLA 1/2\", PARA CABOS DE DIAMETRO DE 12,5 A 15 MM","UN",{"v":4,"d":"4.00"},13.24,"BDI 2",14.75,{"v":59,"d":"59.00"},"RA","RA",23.6,0,"","","SINAPI-I 1598",1429,13.24,{"v":0.114,"d":"11.40%"},null,{"v":4,"d":"4.00"},null,null,{"v":59,"d":"59.00"},14.75]
["S",4,"S",0,5,13,2,1,50,0,0,"F","Serviço","Serviço","5.13.2.1.50.","SABESP-I","EL02150","PRENSA CABO TERMOPLÁSTICO (POLIAMIDA) D=3/4\" COM ROSCA BSP","un",{"v":6,"d":"6.00"},3.13,"BDI 2",3.49,20.94,"RA","RA",8.376000000000001,0,"","","SABESP-I EL02150",24189,3.13,{"v":0.114,"d":"11.40%"},null,{"v":6,"d":"6.00"},null,null,20.94,3.49]
["S",4,"S",0,5,13,2,1,51,0,0,"F","Serviço","Serviço","5.13.2.1.51.","SINAPI-I",20088,"CAP PVC, SERIE R, DN 100 MM, PARA ESGOTO PREDIAL","UN",{"v":2,"d":"2.00"},13.86,"BDI 2",15.44,30.88,"RA","RA",12.352,0,"","","SINAPI-I 20088",1124,13.86,{"v":0.114,"d":"11.40%"},null,{"v":2,"d":"2.00"},null,null,30.88,15.44]
["S",4,"S",0,5,13,2,1,52,0,0,"F","Serviço","Serviço","5.13.2.1.52.","SABESP-I","EL02637","CHAVE DE NÍVEL TIPO BÓIA (PÊRA) INVÓLUCRO EM POLIPROPILENO COM CABO DE * 13M IP-68 ADEQUADA PARA ESGOTO","un",{"v":2,"d":"2.00"},424.77,"BDI 2",473.19,946.38,"RA","RA",378.552,0,"","","SABESP-I EL02637",24424,424.77,{"v":0.114,"d":"11.40%"},null,{"v":2,"d":"2.00"},null,null,946.38,473.19]
["S",4,"S",0,5,13,2,1,53,0,0,"F","Serviço","Serviço","5.13.2.1.53.","CDHU-I","P.13.000.045005","Caixa de passagem em chapa 18, com tampa parafusada, 30 x 30 x 12 cm","UN",{"v":2,"d":"2.00"},56.71,"BDI 2",63.17,126.34,"RA","RA",50.536,0,"","","CDHU-I P.13.000.045005",30080,56.71,{"v":0.114,"d":"11.40%"},null,{"v":2,"d":"2.00"},null,null,126.34,63.17]
["S",4,"S",0,5,13,2,1,54,0,0,"F","Serviço","Serviço","5.13.2.1.54.","SINAPI-I",2673,"ELETRODUTO DE PVC RIGIDO ROSCAVEL DE 1/2 \", SEM LUVA","M",{"v":5,"d":"5.00"},3.46,"BDI 2",3.85,19.25,"RA","RA",7.7,0,"","","SINAPI-I 2673",1915,3.46,{"v":0.114,"d":"11.40%"},null,{"v":5,"d":"5.00"},null,null,19.25,3.85]
["S",4,"S",0,5,13,2,1,55,0,0,"F","Serviço","Serviço","5.13.2.1.55.","SINAPI-I",1870,"CURVA 90 GRAUS, LONGA, DE PVC RIGIDO ROSCAVEL, DE 1/2\", PARA ELETRODUTO","UN",{"v":5,"d":"5.00"},2.08,"BDI 2",2.32,{"v":11.6,"d":"11.60"},"RA","RA",4.64,0,"","","SINAPI-I 1870",1717,2.08,{"v":0.114,"d":"11.40%"},null,{"v":5,"d":"5.00"},null,null,{"v":11.6,"d":"11.60"},2.32]
["S",4,"S",0,5,13,2,1,56,0,0,"F","Serviço","Serviço","5.13.2.1.56.","SINAPI-I",1901,"LUVA EM PVC RIGIDO ROSCAVEL, DE 1/2\", PARA ELETRODUTO","UN",{"v":8,"d":"8.00"},0.62,"BDI 2",0.69,5.52,"RA","RA",2.2079999999999997,0,"","","SINAPI-I 1901",2836,0.62,{"v":0.114,"d":"11.40%"},null,{"v":8,"d":"8.00"},null,null,5.52,0.69]
["S",4,"S",0,5,13,2,1,57,0,0,"F","Serviço","Serviço","5.13.2.1.57.","SINAPI-I",2558,"CONDULETE DE ALUMINIO TIPO C, PARA ELETRODUTO ROSCAVEL DE 1/2\", COM TAMPA CEGA","UN",{"v":1,"d":"1.00"},10.09,"BDI 2",11.24,11.24,"RA","RA",4.496,0,"","","SINAPI-I 2558",1344,10.09,{"v":0.114,"d":"11.40%"},null,{"v":1,"d":"1.00"},null,null,11.24,11.24]
["S",4,"S",0,5,13,2,1,58,0,0,"F","Serviço","Serviço","5.13.2.1.58.","SINAPI-I",2591,"CONDULETE DE ALUMINIO TIPO E, PARA ELETRODUTO ROSCAVEL DE 1/2\", COM TAMPA CEGA","UN",{"v":1,"d":"1.00"},11.49,"BDI 2",{"v":12.8,"d":"12.80"},{"v":12.8,"d":"12.80"},"RA","RA",5.120000000000001,0,"","","SINAPI-I 2591",1350,11.49,{"v":0.114,"d":"11.40%"},null,{"v":1,"d":"1.00"},null,null,{"v":12.8,"d":"12.80"},{"v":12.8,"d":"12.80"}]
["S",4,"S",0,5,13,2,1,59,0,0,"F","Serviço","Serviço","5.13.2.1.59.","SINAPI-I",39390,"LUMINARIA LED REFLETOR RETANGULAR BIVOLT, LUZ BRANCA, 30 W","UN",{"v":1,"d":"1.00"},23.51,"BDI 2",26.19,26.19,"RA","RA",10.476,0,"","","SINAPI-I 39390",2708,23.51,{"v":0.114,"d":"11.40%"},null,{"v":1,"d":"1.00"},null,null,26.19,26.19]
["S",4,"S",0,5,13,2,1,60,0,0,"F","Serviço","Serviço","5.13.2.1.60.","SINAPI-I",39346,"TAMPA PARA CONDULETE, EM PVC, PARA 1 INTERRUPTOR","UN",{"v":1,"d":"1.00"},2.53,"BDI 2",2.82,2.82,"RA","RA",1.128,0,"","","SINAPI-I 39346",4007,2.53,{"v":0.114,"d":"11.40%"},null,{"v":1,"d":"1.00"},null,null,2.82,2.82]
["S",4,"S",0,5,13,2,1,61,0,0,"F","Serviço","Serviço","5.13.2.1.61.","SINAPI-I",38112,"INTERRUPTOR SIMPLES 10A, 250V (APENAS MODULO)","UN",{"v":1,"d":"1.00"},7.14,"BDI 2",7.95,7.95,"RA","RA",3.18,0,"","","SINAPI-I 38112",2388,7.14,{"v":0.114,"d":"11.40%"},null,{"v":1,"d":"1.00"},null,null,7.95,7.95]
["S",4,"S",0,5,13,2,1,62,0,0,"F","Serviço","Serviço","5.13.2.1.62.","SABESP-I","EL02538","CARTUCHO (PÓ EXOTÉRMICO) Nº 32 PARA SOLDA EXOTÉRMICA","un",{"v":6,"d":"6.00"},6.15,"BDI 2",6.85,{"v":41.1,"d":"41.10"},"RA","RA",16.44,0,"","","SABESP-I EL02538",24907,6.15,{"v":0.114,"d":"11.40%"},null,{"v":6,"d":"6.00"},null,null,{"v":41.1,"d":"41.10"},6.85]
["S",4,"S",0,5,13,2,1,63,0,0,"F","Serviço","Serviço","5.13.2.1.63.","SINAPI-I",39174,"BUCHA EM ALUMINIO, COM ROSCA, DE 1/2\", PARA ELETRODUTO","UN",{"v":1,"d":"1.00"},1.01,"BDI 2",1.13,1.13,"RA","RA",0.45199999999999996,0,"","","SINAPI-I 39174",798,1.01,{"v":0.114,"d":"11.40%"},null,{"v":1,"d":"1.00"},null,null,1.13,1.13]
["S",4,"S",0,5,13,2,1,64,0,0,"F","Serviço","Serviço","5.13.2.1.64.","SINAPI-I",39208,"ARRUELA EM ALUMINIO, COM ROSCA, DE 1/2\", PARA ELETRODUTO","UN",{"v":1,"d":"1.00"},0.53,"BDI 2",0.59,0.59,"RA","RA",0.236,0,"","","SINAPI-I 39208",463,0.53,{"v":0.114,"d":"11.40%"},null,{"v":1,"d":"1.00"},null,null,0.59,0.59]
["S",4,"S",0,5,13,2,1,65,0,0,"F","Serviço","Serviço","5.13.2.1.65.","Cotação","COT192","GRUPO GERADOR A DIESEL, 20 KVA, TRIFÁSICO, 110-380V","UN",{"v":1,"d":"1.00"},{"v":33750,"d":"33,750.00"},"BDI 2",{"v":37597.5,"d":"37,597.50"},{"v":37597.5,"d":"37,597.50"},"RA","RA",15039,0,"","","Cotação COT192",110,{"v":33750,"d":"33,750.00"},{"v":0.114,"d":"11.40%"},null,{"v":1,"d":"1.00"},null,null,{"v":37597.5,"d":"37,597.50"},{"v":37597.5,"d":"37,597.50"}]
[4,4,4,2,5,13,2,2,0,2,29,"F","Nível 4","Nível 4","5.13.2.2.","SINAPI",null,"Materiais e Equipamentos de automação (conforme lista do projeto elétrico)","-",0,null,"BDI 1",0,{"v":175379.29,"d":"175,379.29"},"RA","",70151.716,0,"","",false,"(Sem Código)",0,{"v":0.2604,"d":"26.04%"},{"$nulls":4},{"v":175379.29,"d":"175,379.29"},0]
["S",4,"S",0,5,13,2,2,1,0,0,"F","Serviço","Serviço","5.13.2.2.1.","Cotação","COT196","FORNECIMENTO DE PAINEL ELÉTRICO QUADRO COMPACTO EM CAIXA DE ATÉ 1200MM PARA PARTIDAS COM DOIS CONVERSORES DE FREQUÊNCIA (PARA 2 MOTORES DE 7,5CV) DE 220V","UN",{"v":1,"d":"1.00"},{"v":157432.04,"d":"157,432.04"},"BDI 2",{"v":175379.29,"d":"175,379.29"},{"v":175379.29,"d":"175,379.29"},"RA","RA",70151.716,0,"","","Cotação COT196",115,{"v":157432.04,"d":"157,432.04"},{"v":0.114,"d":"11.40%"},null,{"v":1,"d":"1.00"},null,null,{"v":175379.29,"d":"175,379.29"},{"v":175379.29,"d":"175,379.29"}]
[2,2,2,52,5,14,0,0,0,52,{"$error":"#N/A"},"F","Nível 2","Nível 2","5.14.","SINAPI",null,"Abrigo do gerador de energia","-",0,null,"BDI 1",0,{"v":37635.93,"d":"37,635.93"},"RA","",15054.372000000003,0,"",51,false,"(Sem Código)",0,{"v":0.2604,"d":"26.04%"},{"$nulls":4},{"v":37635.93,"d":"37,635.93"},0]
[3,3,3,3,5,14,1,0,0,51,3,"F","Nível 3","Nível 3","5.14.1.","SINAPI",null,"Locação e Cadastro","-",0,null,"BDI 1",0,{"v":3103.94,"d":"3,103.94"},"RA","",1241.576,0,"","",false,"(Sem Código)",0,{"v":0.2604,"d":"26.04%"},{"$nulls":4},{"v":3103.94,"d":"3,103.94"},0]
["S",3,"S",0,5,14,1,0,1,0,0,"F","Serviço","Serviço","5.14.1.0.1.","SABESP",70010008,"LOCAÇÃO DE OBRAS LOCALIZADAS","EQD",{"v":1,"d":"1.00"},{"v":1076.44,"d":"1,076.44"},"BDI 1",{"v":1356.74,"d":"1,356.74"},{"v":1356.74,"d":"1,356.74"},"RA","RA",542.696,0,"","","SABESP 70010008",19840,{"v":1076.44,"d":"1,076.44"},{"v":0.2604,"d":"26.04%"},null,{"v":1,"d":"1.00"},null,null,{"v":1356.74,"d":"1,356.74"},{"v":1356.74,"d":"1,356.74"}]
["S",3,"S",0,5,14,1,0,2,0,0,"F","Serviço","Serviço","5.14.1.0.2.","SABESP",70010009,"CADASTRO DE OBRAS LOCALIZADAS","EQD",{"v":1,"d":"1.00"},{"v":1386.23,"d":"1,386.23"},"BDI 1",{"v":1747.2,"d":"1,747.20"},{"v":1747.2,"d":"1,747.20"},"RA","RA",698.8800000000001,0,"","","SABESP 70010009",19834,{"v":1386.23,"d":"1,386.23"},{"v":0.2604,"d":"26.04%"},null,{"v":1,"d":"1.00"},null,null,{"v":1747.2,"d":"1,747.20"},{"v":1747.2,"d":"1,747.20"}]
[3,3,3,4,5,14,2,0,0,48,4,"F","Nível 3","Nível 3","5.14.2.","SINAPI",null,"Movimento de Terra","-",0,null,"BDI 1",0,782.13,"RA","",312.85200000000003,0,"","",false,"(Sem Código)",0,{"v":0.2604,"d":"26.04%"},{"$nulls":4},782.13,0]
[4,4,4,3,5,14,2,1,0,3,12,"F","Nível 4","Nível 4","5.14.2.1.","SINAPI",null,"Escavação mecânica, qualquer terreno exceto rocha, de poços e cavas","-",0,null,"BDI 1",0,782.13,"RA","",312.85200000000003,0,"","",false,"(Sem Código)",0,{"v":0.2604,"d":"26.04%"},{"$nulls":4},782.13,0]
["S",4,"S",0,5,14,2,1,1,0,0,"F","Serviço","Serviço","5.14.2.1.1.","SABESP",70030002,"ESCAVAÇÃO MECANIZADA DE POÇOS E CAVAS, EM SOLO NÃO ROCHOSO, C/PROF. ATÉ 2,00 M (A)","M3",30.24,16.05,"BDI 1",20.23,611.76,"RA","RA",244.704,0,"","","SABESP 70030002",19926,16.05,{"v":0.2604,"d":"26.04%"},null,30.24,null,null,611.76,20.23]
["S",4,"S",0,5,14,2,1,2,0,0,"F","Serviço","Serviço","5.14.2.1.2.","SABESP",70030004,"ESCAVAÇÃO MECANIZADA DE POÇOS E CAVAS, EM SOLO NÃO ROCHOSO, C/PROF. ATÉ 4,00 M (A)","M3",6.35,21.29,"BDI 1",26.83,170.37,"RA","RA",68.14800000000001,0,"","","SABESP 70030004",19932,21.29,{"v":0.2604,"d":"26.04%"},null,6.35,null,null,170.37,26.83]
[3,3,3,2,5,14,3,0,0,44,2,"F","Nível 3","Nível 3","5.14.3.","SINAPI",null,"Aterros e recobrimentos especiais de valas, cavas e poços","-",0,null,"BDI 1",0,785.61,"RA","",314.244,0,"","",false,"(Sem Código)",0,{"v":0.2604,"d":"26.04%"},{"$nulls":4},785.61,0]
["S",3,"S",0,5,14,3,0,1,0,0,"F","Serviço","Serviço","5.14.3.0.1.","SABESP",70030020,"ATERRO DE VALAS, POÇOS E CAVAS COMPACTADO MECANICAMENTE, COM CONTROLE DO G.C. >= 95% DO E.N.C. (A)","M3",24.01,25.96,"BDI 1",32.72,785.61,"RA","RA",314.244,0,"","","SABESP 70030020",19945,25.96,{"v":0.2604,"d":"26.04%"},null,24.01,null,null,785.61,32.72]
[3,3,3,4,5,14,4,0,0,42,4,"F","Nível 3","Nível 3","5.14.4.","SINAPI",null,"Carga, transporte e descarga","-",0,null,"BDI 1",0,227.87,"RA","",91.148,0,"","",false,"(Sem Código)",0,{"v":0.2604,"d":"26.04%"},{"$nulls":4},227.87,0]
["S",3,"S",0,5,14,4,0,1,0,0,"F","Serviço","Serviço","5.14.4.0.1.","SABESP","70030090","CARGA E DESCARGA - SOLO (A)","M3",12.58,{"v":7,"d":"7.00"},"BDI 1",8.82,110.96,"RA","RA",44.384,0,"","","SABESP 70030090",19976,{"v":7,"d":"7.00"},{"v":0.2604,"d":"26.04%"},null,12.58,null,null,110.96,8.82]
["S",3,"S",0,5,14,4,0,2,0,0,"F","Serviço","Serviço","5.14.4.0.2.","SABESP","70030091","TRANSPORTE DE MATERIAL ESCAVADO - SOLO (A)","M3Q",26.42,{"v":2.8,"d":"2.80"},"BDI 1",3.53,93.26,"RA","RA",37.304,0,"","","SABESP 70030091",19987,{"v":2.8,"d":"2.80"},{"v":0.2604,"d":"26.04%"},null,26.42,null,null,93.26,3.53]
["S",3,"S",0,5,14,4,0,3,0,0,"F","Serviço","Serviço","5.14.4.0.3.","SINAPI","100574","ESPALHAMENTO DE MATERIAL COM TRATOR DE ESTEIRAS. AF_09/2024","M3",12.58,1.49,"BDI 1",1.88,23.65,"RA","RA",9.459999999999999,0,"","","SINAPI 100574",6894,1.49,{"v":0.2604,"d":"26.04%"},null,12.58,null,null,23.65,1.88]
[3,3,3,5,5,14,5,0,0,38,5,"F","Nível 3","Nível 3","5.14.5.","SINAPI",null,"Escoramentos","-",0,null,"BDI 1",0,{"v":14451.26,"d":"14,451.26"},"RA","",5780.504000000001,0,"","",false,"(Sem Código)",0,{"v":0.2604,"d":"26.04%"},{"$nulls":4},{"v":14451.26,"d":"14,451.26"},0]
[4,4,4,2,5,14,5,1,0,4,2,"F","Nível 4","Nível 4","5.14.5.1.","SINAPI",null,"Estruturas de cimbramento","-",0,null,"BDI 1",0,377.68,"RA","",151.072,0,"","",false,"(Sem Código)",0,{"v":0.2604,"d":"26.04%"},{"$nulls":4},377.68,0]
["S",4,"S",0,5,14,5,1,1,0,0,"F","Serviço","Serviço","5.14.5.1.1.","SABESP",70040040,"CIMBRAMENTO DE MADEIRA","M3",{"v":4,"d":"4.00"},74.91,"BDI 1",94.42,377.68,"RA","RA",151.072,0,"","","SABESP 70040040",20035,74.91,{"v":0.2604,"d":"26.04%"},null,{"v":4,"d":"4.00"},null,null,377.68,94.42]
[4,4,4,2,5,14,5,2,0,2,10,"F","Nível 4","Nível 4","5.14.5.2.","SINAPI",null,"Estruturas de escoramento - metálico madeira","-",0,null,"BDI 1",0,{"v":14073.58,"d":"14,073.58"},"RA","",5629.432000000001,0,"","",false,"(Sem Código)",0,{"v":0.2604,"d":"26.04%"},{"$nulls":4},{"v":14073.58,"d":"14,073.58"},0]
["S",4,"S",0,5,14,5,2,1,0,0,"F","Serviço","Serviço","5.14.5.2.1.","SABESP","70040013","ESCORAMENTO METÁLICO-MADEIRA COM LONGARINAS E ESTRONCAS - PROFUNDIDADE ATÉ 4,00 M (A)","M2",37.75,295.79,"BDI 1",372.81,{"v":14073.58,"d":"14,073.58"},"RA","RA",5629.432000000001,0,"","","SABESP 70040013",20014,295.79,{"v":0.2604,"d":"26.04%"},null,37.75,null,null,{"v":14073.58,"d":"14,073.58"},372.81]
[3,3,3,3,5,14,6,0,0,33,3,"F","Nível 3","Nível 3","5.14.6.","SINAPI",null,"Esgotamentos","-",0,null,"BDI 1",0,{"v":286.4,"d":"286.40"},"RA","",114.56,0,"","",false,"(Sem Código)",0,{"v":0.2604,"d":"26.04%"},{"$nulls":4},{"v":286.4,"d":"286.40"},0]
[4,4,4,2,5,14,6,1,0,2,5,"F","Nível 4","Nível 4","5.14.6.1.","SINAPI",null,"Águas superficiais","-",0,null,"BDI 1",0,{"v":286.4,"d":"286.40"},"RA","",114.56,0,"","",false,"(Sem Código)",0,{"v":0.2604,"d":"26.04%"},{"$nulls":4},{"v":286.4,"d":"286.40"},0]
["S",4,"S",0,5,14,6,1,1,0,0,"F","Serviço","Serviço","5.14.6.1.1.","SABESP",70050001,"ESGOTAMENTO COM BOMBAS DE SUPERFÍCIE OU SUBMERSAS","HPH",{"v":80,"d":"80.00"},2.84,"BDI 1",3.58,{"v":286.4,"d":"286.40"},"RA","RA",114.56,0,"","","SABESP 70050001",20039,2.84,{"v":0.2604,"d":"26.04%"},null,{"v":80,"d":"80.00"},null,null,{"v":286.4,"d":"286.40"},3.58]
[3,3,3,18,5,14,7,0,0,30,18,"F","Nível 3","Nível 3","5.14.7.","SINAPI",null,"Fundações e Estruturas","-",0,null,"BDI 1",0,{"v":11873.74,"d":"11,873.74"},"RA","",4749.496,0,"","",false,"(Sem Código)",0,{"v":0.2604,"d":"26.04%"},{"$nulls":4},{"v":11873.74,"d":"11,873.74"},0]
[4,4,4,2,5,14,7,1,0,17,2,"F","Nível 4","Nível 4","5.14.7.1.","SINAPI",null,"Lastros","-",0,null,"BDI 1",0,49.49,"RA","",19.796000000000003,0,"","",false,"(Sem Código)",0,{"v":0.2604,"d":"26.04%"},{"$nulls":4},49.49,0]
["S",4,"S",0,5,14,7,1,1,0,0,"F","Serviço","Serviço","5.14.7.1.1.","SABESP",70070046,"LASTRO DE PEDRA BRITADA (A)","M3",0.26,151.01,"BDI 1",190.33,49.49,"RA","RA",19.796000000000003,0,"","","SABESP 70070046",20138,151.01,{"v":0.2604,"d":"26.04%"},null,0.26,null,null,49.49,190.33]
[4,4,4,2,5,14,7,2,0,15,2,"F","Nível 4","Nível 4","5.14.7.2.","SINAPI",null,"Formas para concreto","-",0,null,"BDI 1",0,{"v":2032.86,"d":"2,032.86"},"RA","",813.144,0,"","",false,"(Sem Código)",0,{"v":0.2604,"d":"26.04%"},{"$nulls":4},{"v":2032.86,"d":"2,032.86"},0]
["S",4,"S",0,5,14,7,2,1,0,0,"F","Serviço","Serviço","5.14.7.2.1.","CDHU","09.02.020","Forma plana em compensado para estrutura convencional","M2",{"v":8.1,"d":"8.10"},199.12,"BDI 1",250.97,{"v":2032.86,"d":"2,032.86"},"RA","RA",813.144,0,"","","CDHU 09.02.020",16302,199.12,{"v":0.2604,"d":"26.04%"},null,{"v":8.1,"d":"8.10"},null,null,{"v":2032.86,"d":"2,032.86"},250.97]
[4,4,4,3,5,14,7,3,0,13,3,"F","Nível 4","Nível 4","5.14.7.3.","SINAPI",null,"Aços para Concreto","-",0,null,"BDI 1",0,{"v":3285.91,"d":"3,285.91"},"RA","",1314.364,0,"","",false,"(Sem Código)",0,{"v":0.2604,"d":"26.04%"},{"$nulls":4},{"v":3285.91,"d":"3,285.91"},0]
["S",4,"S",0,5,14,7,3,1,0,0,"F","Serviço","Serviço","5.14.7.3.1.","SABESP",70070135,"ARMAÇÃO EM AÇO CA-50","KG",{"v":189,"d":"189.00"},13.24,"BDI 1",16.69,{"v":3154.41,"d":"3,154.41"},"RA","RA",1261.7640000000001,0,"","","SABESP 70070135",20232,13.24,{"v":0.2604,"d":"26.04%"},null,{"v":189,"d":"189.00"},null,null,{"v":3154.41,"d":"3,154.41"},16.69]
["S",4,"S",0,5,14,7,3,2,0,0,"F","Serviço","Serviço","5.14.7.3.2.","SINAPI-I","7156","TELA DE ACO SOLDADA NERVURADA, CA-60, Q-196, (3,11 KG/M2), DIAMETRO DO FIO = 5,0 MM, LARGURA = 2,45 M, ESPACAMENTO DA MALHA = 10 X 10 CM","M2",4.32,24.15,"BDI 1",30.44,{"v":131.5,"d":"131.50"},"RA","RA",52.6,0,"","","SINAPI-I 7156",4241,24.15,{"v":0.2604,"d":"26.04%"},null,4.32,null,null,{"v":131.5,"d":"131.50"},30.44]
[4,4,4,2,5,14,7,4,0,10,2,"F","Nível 4","Nível 4","5.14.7.4.","SINAPI",null,"Concreto não estrutural","-",0,null,"BDI 1",0,191.96,"RA","",76.784,0,"","",false,"(Sem Código)",0,{"v":0.2604,"d":"26.04%"},{"$nulls":4},191.96,0]
["S",4,"S",0,5,14,7,4,1,0,0,"F","Serviço","Serviço","5.14.7.4.1.","SABESP",70070142,"CONCRETO NÃO ESTRUTURAL - MÍNIMO 150 KG DE CIMENTO/M³","M3",0.26,585.78,"BDI 1",738.32,191.96,"RA","RA",76.784,0,"","","SABESP 70070142",20236,585.78,{"v":0.2604,"d":"26.04%"},null,0.26,null,null,191.96,738.32]
[4,4,4,2,5,14,7,5,0,8,2,"F","Nível 4","Nível 4","5.14.7.5.","SINAPI",null,"Concreto Estrutural para estruturas não sujeitas ao contato com água e esgoto","-",0,null,"BDI 1",0,{"v":1822.33,"d":"1,822.33"},"RA","",728.932,0,"","",false,"(Sem Código)",0,{"v":0.2604,"d":"26.04%"},{"$nulls":4},{"v":1822.33,"d":"1,822.33"},0]
["S",4,"S",0,5,14,7,5,1,0,0,"F","Serviço","Serviço","5.14.7.5.1.","SABESP",70070146,"CONCRETO ESTRUTURAL PARA ESTRUTURAS NÃO SUJEITAS A CONTATO COM ÁGUA E ESGOTO, FCK = 30,0 MPA","M3",2.24,645.46,"BDI 1",813.54,{"v":1822.33,"d":"1,822.33"},"RA","RA",728.932,0,"","","SABESP 70070146",20242,645.46,{"v":0.2604,"d":"26.04%"},null,2.24,null,null,{"v":1822.33,"d":"1,822.33"},813.54]
[4,4,4,6,5,14,7,6,0,6,595,"F","Nível 4","Nível 4","5.14.7.6.","SINAPI",null,"Tubos e Conexões em Ferro Fundido","-",0,null,"BDI 1",0,{"v":4491.19,"d":"4,491.19"},"RA","",1796.476,0,"","",false,"(Sem Código)",0,{"v":0.2604,"d":"26.04%"},{"$nulls":4},{"v":4491.19,"d":"4,491.19"},0]
["S",4,"S",0,5,14,7,6,1,0,0,"F","Serviço","Serviço","5.14.7.6.1.","SABESP-I","HM06884","TUBO C/FLANGE PN10/16 E PONTA FERRO FUNDIDO DN=100 MM L=4.000 MM (73,30 KG) PINTURA EPÓXI VERMELHA, ACESSÓRIOS NÃO INCLUSOS NBR 15420 ESGOTO","un",{"v":1,"d":"1.00"},{"v":2085.57,"d":"2,085.57"},"BDI 2",{"v":2323.32,"d":"2,323.32"},{"v":2323.32,"d":"2,323.32"},"RA","RA",929.3280000000001,0,"","","SABESP-I HM06884",27046,{"v":2085.57,"d":"2,085.57"},{"v":0.114,"d":"11.40%"},null,{"v":1,"d":"1.00"},null,null,{"v":2323.32,"d":"2,323.32"},{"v":2323.32,"d":"2,323.32"}]
["S",4,"S",0,5,14,7,6,2,0,0,"F","Serviço","Serviço","5.14.7.6.2.","SABESP-I","HM06320","EXTREMIDADE PONTA - FLANGE PN10/16 FERRO FUNDIDO DN=100 MM L=360 MM (10,90 KG) PINTURA EPÓXI VERMELHA - ACESSÓRIOS NÃO INCLUSOS NBR 15420 ESGOTO","un",{"v":1,"d":"1.00"},521.78,"BDI 2",581.26,581.26,"RA","RA",232.50400000000002,0,"","","SABESP-I HM06320",26256,521.78,{"v":0.114,"d":"11.40%"},null,{"v":1,"d":"1.00"},null,null,581.26,581.26]
["S",4,"S",0,5,14,7,6,3,0,0,"F","Serviço","Serviço","5.14.7.6.3.","SABESP-I","HM06292","CURVA 90º COM FLANGES PN10/16 FERRO FUNDIDO DN=100 MM (11,00 KG) PINTURA EPÓXI VERMELHA, ACESSÓRIOS NÃO INCLUSOS NBR 15420 ESGOTO","un",{"v":2,"d":"2.00"},413.66,"BDI 2",460.82,921.64,"RA","RA",368.656,0,"","","SABESP-I HM06292",26227,413.66,{"v":0.114,"d":"11.40%"},null,{"v":2,"d":"2.00"},null,null,921.64,460.82]
["S",4,"S",0,5,14,7,6,4,0,0,"F","Serviço","Serviço","5.14.7.6.4.","SABESP-I","HM06266","CURVA 90º COM BOLSAS JE2GS FERRO FUNDIDO DN=100 MM (13,20 KG) PINTURA EPÓXI VERMELHA E ANÉIS DE BORRACHA INCLUSOS NBR 15420 ESGOTO","un",{"v":1,"d":"1.00"},275.38,"BDI 2",306.77,306.77,"RA","RA",122.708,0,"","","SABESP-I HM06266",26189,275.38,{"v":0.114,"d":"11.40%"},null,{"v":1,"d":"1.00"},null,null,306.77,306.77]
["S",4,"S",0,5,14,7,6,5,0,0,"F","Serviço","Serviço","5.14.7.6.5.","SABESP","70140023","TUBOS E CONEXÕES METÁLICOS FLANGEADOS - MONTAGEM","KG",{"v":119.4,"d":"119.40"},2.38,"BDI 1",{"v":3,"d":"3.00"},{"v":358.2,"d":"358.20"},"RA","RA",143.28,0,"","","SABESP 70140023",21306,2.38,{"v":0.2604,"d":"26.04%"},null,{"v":119.4,"d":"119.40"},null,null,{"v":358.2,"d":"358.20"},{"v":3,"d":"3.00"}]
[3,3,3,3,5,14,8,0,0,12,3,"F","Nível 3","Nível 3","5.14.8.","SINAPI",null,"Fechamento","-",0,null,"BDI 1",0,{"v":3329.96,"d":"3,329.96"},"RA","",1331.9840000000002,0,"","",false,"(Sem Código)",0,{"v":0.2604,"d":"26.04%"},{"$nulls":4},{"v":3329.96,"d":"3,329.96"},0]
[4,4,4,2,5,14,8,1,0,2,117,"F","Nível 4","Nível 4","5.14.8.1.","SINAPI",null,"Alvenaria","-",0,null,"BDI 1",0,{"v":3329.96,"d":"3,329.96"},"RA","",1331.9840000000002,0,"","",false,"(Sem Código)",0,{"v":0.2604,"d":"26.04%"},{"$nulls":4},{"v":3329.96,"d":"3,329.96"},0]
["S",4,"S",0,5,14,8,1,1,0,0,"F","Serviço","Serviço","5.14.8.1.1.","CDHU","14.11.271","Alvenaria de bloco de concreto estrutural 19 cm - classe A","M2",16.72,158.01,"BDI 1",199.16,{"v":3329.96,"d":"3,329.96"},"RA","RA",1331.9840000000002,0,"","","CDHU 14.11.271",16507,158.01,{"v":0.2604,"d":"26.04%"},null,16.72,null,null,{"v":3329.96,"d":"3,329.96"},199.16]
[3,3,3,4,5,14,9,0,0,9,4,"F","Nível 3","Nível 3","5.14.9.","SINAPI",null,"Revestimento e tratamento de superfície","-",0,null,"BDI 1",0,{"v":1414.91,"d":"1,414.91"},"RA","",565.964,0,"","",false,"(Sem Código)",0,{"v":0.2604,"d":"26.04%"},{"$nulls":4},{"v":1414.91,"d":"1,414.91"},0]
[4,4,4,3,5,14,9,1,0,3,114,"F","Nível 4","Nível 4","5.14.9.1.","SINAPI",null,"Pisos, tetos e paredes","-",0,null,"BDI 1",0,{"v":1414.91,"d":"1,414.91"},"RA","",565.964,0,"","",false,"(Sem Código)",0,{"v":0.2604,"d":"26.04%"},{"$nulls":4},{"v":1414.91,"d":"1,414.91"},0]
["S",4,"S",0,5,14,9,1,1,0,0,"F","Serviço","Serviço","5.14.9.1.1.","CDHU","17.02.120","Emboço comum","M2",29.92,23.68,"BDI 1",29.85,893.11,"RA","RA",357.244,0,"","","CDHU 17.02.120",16670,23.68,{"v":0.2604,"d":"26.04%"},null,29.92,null,null,893.11,29.85]
["S",4,"S",0,5,14,9,1,2,0,0,"F","Serviço","Serviço","5.14.9.1.2.","CDHU","17.02.220","Reboco","M2",29.92,13.84,"BDI 1",17.44,{"v":521.8,"d":"521.80"},"RA","RA",208.72,0,"","","CDHU 17.02.220",16673,13.84,{"v":0.2604,"d":"26.04%"},null,29.92,null,null,{"v":521.8,"d":"521.80"},17.44]
[3,3,3,2,5,14,10,0,0,5,2,"F","Nível 3","Nível 3","5.14.10.","SINAPI",null,"Impermeabilização","-",0,null,"BDI 1",0,899.24,"RA","",359.696,0,"","",false,"(Sem Código)",0,{"v":0.2604,"d":"26.04%"},{"$nulls":4},899.24,0]
["S",3,"S",0,5,14,10,0,1,0,0,"F","Serviço","Serviço","5.14.10.0.1.","SABESP",70120026,"IMPERMEABILIZAÇÃO BETUMINOSA","M2",36.96,{"v":19.3,"d":"19.30"},"BDI 1",24.33,899.24,"RA","RA",359.696,0,"","","SABESP 70120026",21049,{"v":19.3,"d":"19.30"},{"v":0.2604,"d":"26.04%"},null,36.96,null,null,899.24,24.33]
[3,3,3,3,5,14,11,0,0,3,{"$error":"#N/A"},"F","Nível 3","Nível 3","5.14.11.","SINAPI",null,"Apoio para as tampas de concreto","-",0,null,"BDI 1",0,480.87,"RA","",192.348,0,"","",false,"(Sem Código)",0,{"v":0.2604,"d":"26.04%"},{"$nulls":4},480.87,0]
["S",3,"S",0,5,14,11,0,1,0,0,"F","Serviço","Serviço","5.14.11.0.1.","SINAPI-I","43083","PERFIL \"U\" ENRIJECIDO, EM CHAPA DOBRADA DE ACO LAMINADO, E = 3,75 MM, H = 200 MM, L = 75 MM (9,94 KG/M)","KG",42.54,8.66,"BDI 2",9.65,410.51,"RA","RA",164.204,0,"","","SINAPI-I 43083",3370,8.66,{"v":0.114,"d":"11.40%"},null,42.54,null,null,410.51,9.65]
["S",3,"S",0,5,14,11,0,2,0,0,"F","Serviço","Serviço","5.14.11.0.2.","CDHU","11.05.040","Argamassa graute","M3",0.13,{"v":429.4,"d":"429.40"},"BDI 1",541.22,70.36,"RA","RA",28.144000000000002,0,"","","CDHU 11.05.040",16357,{"v":429.4,"d":"429.40"},{"v":0.2604,"d":"26.04%"},null,0.13,null,null,70.36,541.22]
[1,1,1,55,6,0,0,0,0,1427,55,"F","Meta","Meta","6.","SINAPI",null,"LINHA DE RECALQUE BASF","-",0,null,"BDI 1",0,{"v":1309729.47,"d":"1,309,729.47"},"RA","",523891.788,0,"",52,false,"(Sem Código)",0,{"v":0.2604,"d":"26.04%"},{"$nulls":4},{"v":1309729.47,"d":"1,309,729.47"},0]
[2,2,2,4,6,1,0,0,0,54,4,"F","Nível 2","Nível 2","6.1.","SINAPI",null,"Serviços Técnicos","-",0,null,"BDI 1",0,{"v":13348.84,"d":"13,348.84"},"RA","",5339.536,0,"",53,false,"(Sem Código)",0,{"v":0.2604,"d":"26.04%"},{"$nulls":4},{"v":13348.84,"d":"13,348.84"},0]
[3,3,3,3,6,1,1,0,0,3,7,"F","Nível 3","Nível 3","6.1.1.","SINAPI",null,"Locação e Cadastro","-",0,null,"BDI 1",0,{"v":13348.84,"d":"13,348.84"},"RA","",5339.536,0,"","",false,"(Sem Código)",0,{"v":0.2604,"d":"26.04%"},{"$nulls":4},{"v":13348.84,"d":"13,348.84"},0]
["S",3,"S",0,6,1,1,0,1,0,0,"F","Serviço","Serviço","6.1.1.0.1.","SABESP",70010003,"LOCAÇÃO DE ADUTORAS, COLETORES-TRONCO E INTERCEPTORES (ATÉ DIÂM. 500 MM)","M",{"v":1765.72,"d":"1,765.72"},1.44,"BDI 1",1.81,{"v":3195.95,"d":"3,195.95"},"RA","RA",1278.38,0,"","","SABESP 70010003",19839,1.44,{"v":0.2604,"d":"26.04%"},null,{"v":1765.72,"d":"1,765.72"},null,null,{"v":3195.95,"d":"3,195.95"},1.81]
["S",3,"S",0,6,1,1,0,2,0,0,"F","Serviço","Serviço","6.1.1.0.2.","SABESP",70010006,"CADASTRO DE ADUTORAS, COLETORES-TRONCO E INTERCEPTORES (ATÉ DIÂM. 500 MM)","M",{"v":1765.72,"d":"1,765.72"},4.56,"BDI 1",5.75,{"v":10152.89,"d":"10,152.89"},"RA","RA",4061.156,0,"","","SABESP 70010006",19832,4.56,{"v":0.2604,"d":"26.04%"},null,{"v":1765.72,"d":"1,765.72"},null,null,{"v":10152.89,"d":"10,152.89"},5.75]
[2,2,2,7,6,2,0,0,0,50,7,"F","Nível 2","Nível 2","6.2.","SINAPI",null,"Serviços Preliminares","-",0,null,"BDI 1",0,{"v":93863.91,"d":"93,863.91"},"RA","",37545.564,0,"",54,false,"(Sem Código)",0,{"v":0.2604,"d":"26.04%"},{"$nulls":4},{"v":93863.91,"d":"93,863.91"},0]
[3,3,3,3,6,2,1,0,0,6,3,"F","Nível 3","Nível 3","6.2.1.","SINAPI",null,"Trânsito e Segurança","-",0,null,"BDI 1",0,{"v":22173.83,"d":"22,173.83"},"RA","",8869.532000000001,0,"","",false,"(Sem Código)",0,{"v":0.2604,"d":"26.04%"},{"$nulls":4},{"v":22173.83,"d":"22,173.83"},0]
["S",3,"S",0,6,2,1,0,1,0,0,"F","Serviço","Serviço","6.2.1.0.1.","SABESP",70020004,"SINALIZAÇÃO DE TRÁFEGO","M",{"v":400,"d":"400.00"},5.14,"BDI 1",6.48,{"v":2592,"d":"2,592.00"},"RA","RA",1036.8,0,"","","SABESP 70020004",19845,5.14,{"v":0.2604,"d":"26.04%"},null,{"v":400,"d":"400.00"},null,null,{"v":2592,"d":"2,592.00"},6.48]
["S",3,"S",0,6,2,1,0,2,0,0,"F","Serviço","Serviço","6.2.1.0.2.","SABESP",70020003,"TAPUME CONTÍNUO EM CHAPAS DE MADEIRA","M",{"v":1765.72,"d":"1,765.72"},{"v":8.8,"d":"8.80"},"BDI 1",11.09,{"v":19581.83,"d":"19,581.83"},"RA","RA",7832.732000000001,0,"","","SABESP 70020003",19848,{"v":8.8,"d":"8.80"},{"v":0.2604,"d":"26.04%"},null,{"v":1765.72,"d":"1,765.72"},null,null,{"v":19581.83,"d":"19,581.83"},11.09]
[3,3,3,3,6,2,2,0,0,3,10,"F","Nível 3","Nível 3","6.2.2.","SINAPI",null,"Passadiços e Travessias","-",0,null,"BDI 1",0,{"v":71690.08,"d":"71,690.08"},"RA","",28676.032,0,"","",false,"(Sem Código)",0,{"v":0.2604,"d":"26.04%"},{"$nulls":4},{"v":71690.08,"d":"71,690.08"},0]
["S",3,"S",0,6,2,2,0,1,0,0,"F","Serviço","Serviço","6.2.2.0.1.","SABESP",70020006,"PASSADIÇOS DE MADEIRA PARA PEDESTRES","M2",{"v":176,"d":"176.00"},120.56,"BDI 1",151.95,{"v":26743.2,"d":"26,743.20"},"RA","RA",10697.28,0,"","","SABESP 70020006",19852,120.56,{"v":0.2604,"d":"26.04%"},null,{"v":176,"d":"176.00"},null,null,{"v":26743.2,"d":"26,743.20"},151.95]
["S",3,"S",0,6,2,2,0,2,0,0,"F","Serviço","Serviço","6.2.2.0.2.","SABESP",70020008,"PASSADIÇOS DE CHAPA METÁLICA PARA VEÍCULOS","M2",{"v":352,"d":"352.00"},101.31,"BDI 1",127.69,{"v":44946.88,"d":"44,946.88"},"RA","RA",17978.752,0,"","","SABESP 70020008",19851,101.31,{"v":0.2604,"d":"26.04%"},null,{"v":352,"d":"352.00"},null,null,{"v":44946.88,"d":"44,946.88"},127.69]
[2,2,2,11,6,3,0,0,0,43,11,"F","Nível 2","Nível 2","6.3.","SINAPI",null,"Movimento de Terra","-",0,null,"BDI 1",0,{"v":63906.32,"d":"63,906.32"},"RA","",25562.528000000006,0,"",55,false,"(Sem Código)",0,{"v":0.2604,"d":"26.04%"},{"$nulls":4},{"v":63906.32,"d":"63,906.32"},0]
[3,3,3,3,6,3,1,0,0,10,3,"F","Nível 3","Nível 3","6.3.1.","SINAPI",null,"Escavação de valas, qualquer terreno, exceto rocha - coletores tronco e interceptores","-",0,null,"BDI 1",0,{"v":17836.1,"d":"17,836.10"},"RA","",7134.4400000000005,0,"","",false,"(Sem Código)",0,{"v":0.2604,"d":"26.04%"},{"$nulls":4},{"v":17836.1,"d":"17,836.10"},0]
["S",3,"S",0,6,3,1,0,1,0,0,"F","Serviço","Serviço","6.3.1.0.1.","SINAPI","102279","ESCAVAÇÃO MECANIZADA DE VALA COM PROF. ATÉ 1,5 M (MÉDIA MONTANTE E JUSANTE/UMA COMPOSIÇÃO POR TRECHO), ESCAVADEIRA (0,8 M3),LARG. MENOR QUE 1,5 M, EM SOLO DE 1A CATEGORIA, LOCAIS COM BAIXO NÍVEL DE INTERFERÊNCIA. AF_09/2024","M3",{"v":1762.16,"d":"1,762.16"},7.45,"BDI 1",9.39,{"v":16546.68,"d":"16,546.68"},"RA","RA",6618.6720000000005,0,"","","SINAPI 102279",9272,7.45,{"v":0.2604,"d":"26.04%"},null,{"v":1762.16,"d":"1,762.16"},null,null,{"v":16546.68,"d":"16,546.68"},9.39]
["S",3,"S",0,6,3,1,0,2,0,0,"F","Serviço","Serviço","6.3.1.0.2.","SINAPI","90092","ESCAVAÇÃO MECANIZADA DE VALA COM PROF. MAIOR QUE 1,5 M E ATÉ 3,0 M(MÉDIA MONTANTE E JUSANTE/UMA COMPOSIÇÃO POR TRECHO), ESCAVADEIRA (0,8 M3), LARG. MENOR QUE 1,5 M, EM SOLO DE 1A CATEGORIA, LOCAIS COM BAIXO NÍVEL DE INTERFERÊNCIA. AF_09/2024","M3",159.78,{"v":6.4,"d":"6.40"},"BDI 1",8.07,{"v":1289.42,"d":"1,289.42"},"RA","RA",515.768,0,"","","SINAPI 90092",9309,{"v":6.4,"d":"6.40"},{"v":0.2604,"d":"26.04%"},null,159.78,null,null,{"v":1289.42,"d":"1,289.42"},8.07]
[3,3,3,3,6,3,2,0,0,7,3,"F","Nível 3","Nível 3","6.3.2.","SINAPI",null,"Aterros e recobrimentos especiais de valas, poços e cavas","-",0,0,"BDI 1",0,{"v":41500.6,"d":"41,500.60"},"RA","",16600.24,0,"","",false,"(Sem Código)",0,{"v":0.2604,"d":"26.04%"},{"$nulls":4},{"v":41500.6,"d":"41,500.60"},0]
["S",3,"S",0,6,3,2,0,1,0,0,"F","Serviço","Serviço","6.3.2.0.1.","SINAPI","93379","REATERRO MECANIZADO DE VALA COM RETROESCAVADEIRA (CAPACIDADE DA CAÇAMBA DA RETRO: 0,26 M³/POTÊNCIA: 88 HP), LARGURA 0,8 A 1,5 M, PROFUNDIDADE ATÉ 1,5 M, COM SOLO (SEM SUBSTITUIÇÃO) DE 1ª CATEGORIA, COM COMPACTADOR DE SOLOS DE PERCUSSÃO AF_08/2023","M3",{"v":1541.45,"d":"1,541.45"},20.05,"BDI 1",25.27,{"v":38952.44,"d":"38,952.44"},"RA","RA",15580.976000000002,0,"","","SINAPI 93379",6781,20.05,{"v":0.2604,"d":"26.04%"},null,{"v":1541.45,"d":"1,541.45"},null,null,{"v":38952.44,"d":"38,952.44"},25.27]
["S",3,"S",0,6,3,2,0,2,0,0,"F","Serviço","Serviço","6.3.2.0.2.","SINAPI","93381","REATERRO MECANIZADO DE VALA COM RETROESCAVADEIRA (CAPACIDADE DA CAÇAMBA DA RETRO: 0,26 M³/POTÊNCIA: 88 HP), LARGURA 0,8 A 1,5 M, PROFUNDIDADE 1,5 A 3,0 M, COM SOLO (SEM SUBSTITUIÇÃO) DE 1ª CATEGORIA E COMPACTADOR DE SOLOS DE PERCUSSÃO. AF_08/2023","M3",146.53,{"v":13.8,"d":"13.80"},"BDI 1",17.39,{"v":2548.16,"d":"2,548.16"},"RA","RA",1019.264,0,"","","SINAPI 93381",6780,{"v":13.8,"d":"13.80"},{"v":0.2604,"d":"26.04%"},null,146.53,null,null,{"v":2548.16,"d":"2,548.16"},17.39]
[3,3,3,4,6,3,3,0,0,4,66,"F","Nível 3","Nível 3","6.3.3.","SINAPI",null,"Carga, transporte e descarga","-",0,0,"BDI 1",0,{"v":4569.62,"d":"4,569.62"},"RA","",1827.8480000000002,0,"","",false,"(Sem Código)",0,{"v":0.2604,"d":"26.04%"},{"$nulls":4},{"v":4569.62,"d":"4,569.62"},0]
["S",3,"S",0,6,3,3,0,1,0,0,"F","Serviço","Serviço","6.3.3.0.1.","SABESP","70030090","CARGA E DESCARGA - SOLO (A)","M3",233.96,{"v":7,"d":"7.00"},"BDI 1",8.82,{"v":2063.53,"d":"2,063.53"},"RA","RA",825.4120000000001,0,"","","SABESP 70030090",19976,{"v":7,"d":"7.00"},{"v":0.2604,"d":"26.04%"},null,233.96,null,null,{"v":2063.53,"d":"2,063.53"},8.82]
["S",3,"S",0,6,3,3,0,2,0,0,"F","Serviço","Serviço","6.3.3.0.2.","SABESP",70030091,"TRANSPORTE DE MATERIAL ESCAVADO - SOLO (A)","M3Q",585.34,{"v":2.8,"d":"2.80"},"BDI 1",3.53,{"v":2066.25,"d":"2,066.25"},"RA","RA",826.5,0,"","","SABESP 70030091",19987,{"v":2.8,"d":"2.80"},{"v":0.2604,"d":"26.04%"},null,585.34,null,null,{"v":2066.25,"d":"2,066.25"},3.53]
["S",3,"S",0,6,3,3,0,3,0,0,"F","Serviço","Serviço","6.3.3.0.3.","SINAPI","100574","ESPALHAMENTO DE MATERIAL COM TRATOR DE ESTEIRAS. AF_09/2024","M3",233.96,1.49,"BDI 1",1.88,439.84,"RA","RA",175.936,0,"","","SINAPI 100574",6894,1.49,{"v":0.2604,"d":"26.04%"},null,233.96,null,null,439.84,1.88]
[2,2,2,4,6,4,0,0,0,32,4,"F","Nível 2","Nível 2","6.4.","SINAPI",null,"Escoramentos","-",0,0,"BDI 1",0,{"v":136451.05,"d":"136,451.05"},"RA","",54580.42,0,"",56,false,"(Sem Código)",0,{"v":0.2604,"d":"26.04%"},{"$nulls":4},{"v":136451.05,"d":"136,451.05"},0]
[3,3,3,3,6,4,1,0,0,3,6,"F","Nível 3","Nível 3","6.4.1.","SINAPI",null,"Estruturas de escoramento - blindagem","-",0,0,"BDI 1",0,{"v":136451.05,"d":"136,451.05"},"RA","",54580.42,0,"","",false,"(Sem Código)",0,{"v":0.2604,"d":"26.04%"},{"$nulls":4},{"v":136451.05,"d":"136,451.05"},0]
["S",3,"S",0,6,4,1,0,1,0,0,"F","Serviço","Serviço","6.4.1.0.1.","Composição","0009","ESCORAMENTO DE VALA, TIPO BLINDAGEM, COM PROFUNDIDADE DE 0 A 1,5 M, LARGURA MENOR QUE 1,5 M - EXECUÇÃO E FORNECIMENTO, INCLUI MATERIAL (ESCAVAÇÃO INTERNA AO BLINDADO) [EMBASA/BA-07.93.31]","M2",{"v":3024.24,"d":"3,024.24"},33.03,"BDI 1",41.63,{"v":125899.11,"d":"125,899.11"},"RA","RA",50359.644,0,"","","Composição 0009",11,33.03,{"v":0.2604,"d":"26.04%"},null,{"v":3024.24,"d":"3,024.24"},null,null,{"v":125899.11,"d":"125,899.11"},41.63]
["S",3,"S",0,6,4,1,0,2,0,0,"F","Serviço","Serviço","6.4.1.0.2.","Composição","0013","ESCORAMENTO DE VALA, TIPO BLINDAGEM, COM PROFUNDIDADE DE 1,5 A 3,0 M, LARGURA MENOR DO QUE 1,5 M - EXECUÇÃO E FORNECIMENTO, INCLUI MATERIAL (ESCAVAÇÃO INTERNA AO BLINDADO) [EMBASA/BA-07.93.35]","M2",{"v":316.4,"d":"316.40"},26.46,"BDI 1",33.35,{"v":10551.94,"d":"10,551.94"},"RA","RA",4220.776000000001,0,"","","Composição 0013",15,26.46,{"v":0.2604,"d":"26.04%"},null,{"v":316.4,"d":"316.40"},null,null,{"v":10551.94,"d":"10,551.94"},33.35]
[2,2,2,5,6,5,0,0,0,28,5,"F","Nível 2","Nível 2","6.5.","SINAPI",null,"Fundações e Estruturas","-",0,0,"BDI 1",0,{"v":39954.85,"d":"39,954.85"},"RA","",15981.940000000002,0,"",57,false,"(Sem Código)",0,{"v":0.2604,"d":"26.04%"},{"$nulls":4},{"v":39954.85,"d":"39,954.85"},0]
[3,3,3,2,6,5,1,0,0,4,2,"F","Nível 3","Nível 3","6.5.1.","SINAPI",null,"Lastros para assentamento de tubos e peças","-",0,0,"BDI 1",0,{"v":38906.65,"d":"38,906.65"},"RA","",15562.660000000002,0,"","",false,"(Sem Código)",0,{"v":0.2604,"d":"26.04%"},{"$nulls":4},{"v":38906.65,"d":"38,906.65"},0]
["S",3,"S",0,6,5,1,0,1,0,0,"F","Serviço","Serviço","6.5.1.0.1.","SABESP","70070045","LASTRO DE AREIA (A)","M3",178.34,173.09,"BDI 1",218.16,{"v":38906.65,"d":"38,906.65"},"RA","RA",15562.660000000002,0,"","","SABESP 70070045",20135,173.09,{"v":0.2604,"d":"26.04%"},null,178.34,null,null,{"v":38906.65,"d":"38,906.65"},218.16]
[3,3,3,2,6,5,2,0,0,2,36,"F","Nível 3","Nível 3","6.5.2.","SINAPI",null,"Ancoragem em concreto para peças","-",0,0,"BDI 1",0,{"v":1048.2,"d":"1,048.20"},"RA","",419.28000000000003,0,"","",false,"(Sem Código)",0,{"v":0.2604,"d":"26.04%"},{"$nulls":4},{"v":1048.2,"d":"1,048.20"},0]
["S",3,"S",0,6,5,2,0,1,0,0,"F","Serviço","Serviço","6.5.2.0.1.","SABESP","70070110","ANCORAGEM EM CONCRETO PARA CURVA 45 GRAUS, DIÂMETRO 200 MM","un",{"v":5,"d":"5.00"},166.33,"BDI 1",209.64,{"v":1048.2,"d":"1,048.20"},"RA","RA",419.28000000000003,0,"","","SABESP 70070110",20206,166.33,{"v":0.2604,"d":"26.04%"},null,{"v":5,"d":"5.00"},null,null,{"v":1048.2,"d":"1,048.20"},209.64]
[2,2,2,5,6,6,0,0,0,23,5,"F","Nível 2","Nível 2","6.6.","SINAPI",null,"Assentamentos","-",0,0,"BDI 1",0,{"v":23869.14,"d":"23,869.14"},"RA","",9547.656,0,"",58,false,"(Sem Código)",0,{"v":0.2604,"d":"26.04%"},{"$nulls":4},{"v":23869.14,"d":"23,869.14"},0]
[3,3,3,2,6,6,1,0,0,4,2,"F","Nível 3","Nível 3","6.6.1.","SINAPI",null,"Assentamento simples de tubos e peças de PVC rígido e PVC deFoFo","-",0,0,"BDI 1",0,{"v":19934.98,"d":"19,934.98"},"RA","",7973.992,0,"","",false,"(Sem Código)",0,{"v":0.2604,"d":"26.04%"},{"$nulls":4},{"v":19934.98,"d":"19,934.98"},0]
["S",3,"S",0,6,6,1,0,1,0,0,"F","Serviço","Serviço","6.6.1.0.1.","SINAPI","97135","ASSENTAMENTO DE TUBO DE PVC DEFOFO OU PRFV OU RPVC PARA REDE DE ÁGUA, DN 200 MM, JUNTA ELÁSTICA INTEGRADA, INSTALADO EM LOCAL COM NÍVEL BAIXO DE INTERFERÊNCIAS (NÃO INCLUI FORNECIMENTO). AF_05/2024","M",{"v":1765.72,"d":"1,765.72"},8.96,"BDI 1",11.29,{"v":19934.98,"d":"19,934.98"},"RA","RA",7973.992,0,"","","SINAPI 97135",6610,8.96,{"v":0.2604,"d":"26.04%"},null,{"v":1765.72,"d":"1,765.72"},null,null,{"v":19934.98,"d":"19,934.98"},11.29]
[3,3,3,2,6,6,2,0,0,2,31,"F","Nível 3","Nível 3","6.6.2.","SINAPI",null,"Carga, transporte até 10 km e descarga de tubos e peças de PVC rígido e PVC deFoFo","-",0,0,"BDI 1",0,{"v":3934.16,"d":"3,934.16"},"RA","",1573.664,0,"","",false,"(Sem Código)",0,{"v":0.2604,"d":"26.04%"},{"$nulls":4},{"v":3934.16,"d":"3,934.16"},0]
["S",3,"S",0,6,6,2,0,1,0,0,"F","Serviço","Serviço","6.6.2.0.1.","SABESP",70080320,"CARGA, TRANSPORTE ATÉ 10 KM E DESCARGA TUBOS E PEÇAS, DN 200 MM, EM PVC RÍGIDO, RPVC E DEFOFO","KM",1.77,{"v":1763.48,"d":"1,763.48"},"BDI 1",{"v":2222.69,"d":"2,222.69"},{"v":3934.16,"d":"3,934.16"},"RA","RA",1573.664,0,"","","SABESP 70080320",20737,{"v":1763.48,"d":"1,763.48"},{"v":0.2604,"d":"26.04%"},null,1.77,null,null,{"v":3934.16,"d":"3,934.16"},{"v":2222.69,"d":"2,222.69"}]
[2,2,2,11,6,7,0,0,0,18,11,"F","Nível 2","Nível 2","6.7.","SINAPI",null,"Pavimentação","-",0,0,"BDI 1",0,{"v":460839.43,"d":"460,839.43"},"RA","",184335.77200000003,0,"",59,false,"(Sem Código)",0,{"v":0.2604,"d":"26.04%"},{"$nulls":4},{"v":460839.43,"d":"460,839.43"},0]
[3,3,3,4,6,7,1,0,0,10,4,"F","Nível 3","Nível 3","6.7.1.","SINAPI",null,"Corte de pavimento asfáltico","-",0,0,"BDI 1",0,{"v":100166.45,"d":"100,166.45"},"RA","",40066.58,0,"","",false,"(Sem Código)",0,{"v":0.2604,"d":"26.04%"},{"$nulls":4},{"v":100166.45,"d":"100,166.45"},0]
["S",3,"S",0,6,7,1,0,1,0,0,"F","Serviço","Serviço","6.7.1.0.1.","Composição","0001","CORTE EM PAVIMENTO DE ASFALTO / CONCRETO COM MÁQUINA E DISCO DIAMANTADO","M",{"v":3531.44,"d":"3,531.44"},10.76,"BDI 1",13.56,{"v":47886.33,"d":"47,886.33"},"RA","RA",19154.532000000003,0,"","","Composição 0001",3,10.76,{"v":0.2604,"d":"26.04%"},null,{"v":3531.44,"d":"3,531.44"},null,null,{"v":47886.33,"d":"47,886.33"},13.56]
["S",3,"S",0,6,7,1,0,2,0,0,"F","Serviço","Serviço","6.7.1.0.2.","Composição","0028","Demolição de asfalto c/ martelete - SEDOP 021525","M2",{"v":1959.95,"d":"1,959.95"},14.65,"BDI 1",18.46,{"v":36180.68,"d":"36,180.68"},"RA","RA",14472.272,0,"","","Composição 0028",30,14.65,{"v":0.2604,"d":"26.04%"},null,{"v":1959.95,"d":"1,959.95"},null,null,{"v":36180.68,"d":"36,180.68"},18.46]
["S",3,"S",0,6,7,1,0,3,0,0,"F","Serviço","Serviço","6.7.1.0.3.","SABESP","70190145","REMOÇÃO ENTULHO INCLUSIVE A CARGA, TRANSPORTE E DESCARGA EM BOTA FORA A QQ DISTÂNCIA","M3",{"v":98,"d":"98.00"},130.34,"BDI 1",164.28,{"v":16099.44,"d":"16,099.44"},"RA","RA",6439.776000000001,0,"","","SABESP 70190145",22150,130.34,{"v":0.2604,"d":"26.04%"},null,{"v":98,"d":"98.00"},null,null,{"v":16099.44,"d":"16,099.44"},164.28]
[3,3,3,6,6,7,2,0,0,6,24,"F","Nível 3","Nível 3","6.7.2.","SINAPI",null,"Recomposição de pavimentação asfáltica","-",0,0,"BDI 1",0,{"v":360672.98,"d":"360,672.98"},"RA","",144269.192,0,"","",false,"(Sem Código)",0,{"v":0.2604,"d":"26.04%"},{"$nulls":4},{"v":360672.98,"d":"360,672.98"},0]
["S",3,"S",0,6,7,2,0,1,0,0,"F","Serviço","Serviço","6.7.2.0.1.","CDHU","54.01.220","Base de bica corrida","M3",195.99,232.84,"BDI 1",293.47,{"v":57517.19,"d":"57,517.19"},"RA","RA",23006.876000000004,0,"","","CDHU 54.01.220",19402,232.84,{"v":0.2604,"d":"26.04%"},null,195.99,null,null,{"v":57517.19,"d":"57,517.19"},293.47]
["S",3,"S",0,6,7,2,0,2,0,0,"F","Serviço","Serviço","6.7.2.0.2.","CDHU","54.03.230","Imprimação betuminosa ligante","M2",{"v":1959.95,"d":"1,959.95"},6.49,"BDI 1",8.18,{"v":16032.39,"d":"16,032.39"},"RA","RA",6412.956,0,"","","CDHU 54.03.230",19413,6.49,{"v":0.2604,"d":"26.04%"},null,{"v":1959.95,"d":"1,959.95"},null,null,{"v":16032.39,"d":"16,032.39"},8.18]
["S",3,"S",0,6,7,2,0,3,0,0,"F","Serviço","Serviço","6.7.2.0.3.","CDHU","54.03.240","Imprimação betuminosa impermeabilizante","M2",{"v":1959.95,"d":"1,959.95"},13.09,"BDI 1",{"v":16.5,"d":"16.50"},{"v":32339.18,"d":"32,339.18"},"RA","RA",12935.672,0,"","","CDHU 54.03.240",19414,13.09,{"v":0.2604,"d":"26.04%"},null,{"v":1959.95,"d":"1,959.95"},null,null,{"v":32339.18,"d":"32,339.18"},{"v":16.5,"d":"16.50"}]
["S",3,"S",0,6,7,2,0,4,0,0,"F","Serviço","Serviço","6.7.2.0.4.","SINAPI","95876","TRANSPORTE COM CAMINHÃO BASCULANTE DE 14 M³, EM VIA URBANA PAVIMENTADA, DMT ATÉ 30 KM (UNIDADE: M3XKM). AF_07/2020","M3XKM",{"v":1636.6,"d":"1,636.60"},2.28,"BDI 1",2.87,{"v":4697.04,"d":"4,697.04"},"RA","RA",1878.816,0,"","","SINAPI 95876",15330,2.28,{"v":0.2604,"d":"26.04%"},null,{"v":1636.6,"d":"1,636.60"},null,null,{"v":4697.04,"d":"4,697.04"},2.87]
["S",3,"S",0,6,7,2,0,5,0,0,"F","Serviço","Serviço","6.7.2.0.5.","SINAPI","102098","RECOMPOSIÇÃO DE REVESTIMENTO EM CONCRETO ASFÁLTICO (AQUISIÇÃO EM USINA), PARA O FECHAMENTO DE VALAS - INCLUSO DEMOLIÇÃO DO PAVIMENTO. AF_12/2020","M3",{"v":98,"d":"98.00"},{"v":2024.68,"d":"2,024.68"},"BDI 1",{"v":2551.91,"d":"2,551.91"},{"v":250087.18,"d":"250,087.18"},"RA","RA",100034.872,0,"","","SINAPI 102098",14540,{"v":2024.68,"d":"2,024.68"},{"v":0.2604,"d":"26.04%"},null,{"v":98,"d":"98.00"},null,null,{"v":250087.18,"d":"250,087.18"},{"v":2551.91,"d":"2,551.91"}]
[2,2,2,7,6,8,0,0,0,7,229,"F","Nível 2","Nível 2","6.8.","SINAPI",null,"Fornecimento de materiais e equipamentos","-",0,0,"BDI 1",0,{"v":477495.93,"d":"477,495.93"},"RA","",190998.372,0,"",60,false,"(Sem Código)",0,{"v":0.2604,"d":"26.04%"},{"$nulls":4},{"v":477495.93,"d":"477,495.93"},0]
[3,3,3,4,6,8,1,0,0,6,4,"F","Nível 3","Nível 3","6.8.1.","SINAPI",null,"Hidráulicos e hidromecânicos","-",0,0,"BDI 1",0,{"v":474103.28,"d":"474,103.28"},"RA","",189641.312,0,"","",false,"(Sem Código)",0,{"v":0.2604,"d":"26.04%"},{"$nulls":4},{"v":474103.28,"d":"474,103.28"},0]
[4,4,4,3,6,8,1,1,0,3,56,"F","Nível 4","Nível 4","6.8.1.1.","SINAPI",null,"Tubulação de PVC rígido corrugado com ponta e bolsa JE","-",0,0,"BDI 1",0,{"v":474103.28,"d":"474,103.28"},"RA","",189641.312,0,"","",false,"(Sem Código)",0,{"v":0.2604,"d":"26.04%"},{"$nulls":4},{"v":474103.28,"d":"474,103.28"},0]
["S",4,"S",0,6,8,1,1,1,0,0,"F","Serviço","Serviço","6.8.1.1.1.","SINAPI-I","9829","TUBO PVC DEFOFO, JEI, 1 MPA, DN 200 MM, PARA REDE DE AGUA (NBR 7665)","M",{"v":1770,"d":"1,770.00"},235.58,"BDI 2",262.44,{"v":464518.8,"d":"464,518.80"},"RA","RA",185807.52000000002,0,"","","SINAPI-I 9829",4737,235.58,{"v":0.114,"d":"11.40%"},null,{"v":1770,"d":"1,770.00"},null,null,{"v":464518.8,"d":"464,518.80"},262.44]
["S",4,"S",0,6,8,1,1,2,0,0,"F","Serviço","Serviço","6.8.1.1.2.","SINAPI-I","319","ANEL BORRACHA, PARA TUBO PVC DEFOFO, DN 200 MM (NBR 7665)","UN",{"v":296,"d":"296.00"},29.07,"BDI 2",32.38,{"v":9584.48,"d":"9,584.48"},"RA","RA",3833.792,0,"","","SINAPI-I 319",301,29.07,{"v":0.114,"d":"11.40%"},null,{"v":296,"d":"296.00"},null,null,{"v":9584.48,"d":"9,584.48"},32.38]
[3,3,3,2,6,8,2,0,0,2,13,"F","Nível 3","Nível 3","6.8.2.","SINAPI",null,"Conexões de ferro fundido","-",0,0,"BDI 1",0,{"v":3392.65,"d":"3,392.65"},"RA","",1357.0600000000002,0,"","",false,"(Sem Código)",0,{"v":0.2604,"d":"26.04%"},{"$nulls":4},{"v":3392.65,"d":"3,392.65"},0]
["S",3,"S",0,6,8,2,0,1,0,0,"F","Serviço","Serviço","6.8.2.0.1.","SABESP-I","HM06192","CURVA 45º COM BOLSAS JE2GS FERRO FUNDIDO DN=200 MM (29,00 KG) PINTURA EPÓXI VERMELHA E ANÉIS DE BORRACHA INCLUSOS NBR 15420 ESGOTO","un",{"v":5,"d":"5.00"},609.09,"BDI 2",678.53,{"v":3392.65,"d":"3,392.65"},"RA","RA",1357.0600000000002,0,"","","SABESP-I HM06192",26181,609.09,{"v":0.114,"d":"11.40%"},null,{"v":5,"d":"5.00"},null,null,{"v":3392.65,"d":"3,392.65"},678.53]
[1,1,1,74,7,0,0,0,0,1372,74,"F","Meta","Meta","7.","SINAPI",null,"CAIXA DE VENTOSA BASF","-",0,null,"BDI 1",0,{"v":91292.6,"d":"91,292.60"},"RA","",36517.03999999999,0,"",61,false,"(Sem Código)",0,{"v":0.2604,"d":"26.04%"},{"$nulls":4},{"v":91292.6,"d":"91,292.60"},0]
[2,2,2,4,7,1,0,0,0,73,4,"F","Nível 2","Nível 2","7.1.","SINAPI",null,"Serviços Técnicos","-",0,null,"BDI 1",0,{"v":3103.94,"d":"3,103.94"},"RA","",1241.576,0,"",62,false,"(Sem Código)",0,{"v":0.2604,"d":"26.04%"},{"$nulls":4},{"v":3103.94,"d":"3,103.94"},0]
[3,3,3,3,7,1,1,0,0,3,7,"F","Nível 3","Nível 3","7.1.1.","SINAPI",null,"Locação e Cadastro","-",0,null,"BDI 1",0,{"v":3103.94,"d":"3,103.94"},"RA","",1241.576,0,"","",false,"(Sem Código)",0,{"v":0.2604,"d":"26.04%"},{"$nulls":4},{"v":3103.94,"d":"3,103.94"},0]
["S",3,"S",0,7,1,1,0,1,0,0,"F","Serviço","Serviço","7.1.1.0.1.","SABESP",70010008,"LOCAÇÃO DE OBRAS LOCALIZADAS","EQD",{"v":1,"d":"1.00"},{"v":1076.44,"d":"1,076.44"},"BDI 1",{"v":1356.74,"d":"1,356.74"},{"v":1356.74,"d":"1,356.74"},"RA","RA",542.696,0,"","","SABESP 70010008",19840,{"v":1076.44,"d":"1,076.44"},{"v":0.2604,"d":"26.04%"},null,{"v":1,"d":"1.00"},null,null,{"v":1356.74,"d":"1,356.74"},{"v":1356.74,"d":"1,356.74"}]
["S",3,"S",0,7,1,1,0,2,0,0,"F","Serviço","Serviço","7.1.1.0.2.","SABESP",70010009,"CADASTRO DE OBRAS LOCALIZADAS","EQD",{"v":1,"d":"1.00"},{"v":1386.23,"d":"1,386.23"},"BDI 1",{"v":1747.2,"d":"1,747.20"},{"v":1747.2,"d":"1,747.20"},"RA","RA",698.8800000000001,0,"","","SABESP 70010009",19834,{"v":1386.23,"d":"1,386.23"},{"v":0.2604,"d":"26.04%"},null,{"v":1,"d":"1.00"},null,null,{"v":1747.2,"d":"1,747.20"},{"v":1747.2,"d":"1,747.20"}]
[2,2,2,10,7,2,0,0,0,69,10,"F","Nível 2","Nível 2","7.2.","SINAPI",null,"Movimento de Terra","-",0,0,"BDI 1",0,{"v":2987.92,"d":"2,987.92"},"RA","",1195.1680000000001,0,"",63,false,"(Sem Código)",0,{"v":0.2604,"d":"26.04%"},{"$nulls":4},{"v":2987.92,"d":"2,987.92"},0]
[3,3,3,3,7,2,1,0,0,9,3,"F","Nível 3","Nível 3","7.2.1.","SINAPI",null,"Escavação mecânica, qualquer terreno exceto rocha, de poços e cavas","-",0,0,"BDI 1",0,{"v":1276.72,"d":"1,276.72"},"RA","",510.68800000000005,0,"","",false,"(Sem Código)",0,{"v":0.2604,"d":"26.04%"},{"$nulls":4},{"v":1276.72,"d":"1,276.72"},0]
["S",3,"S",0,7,2,1,0,1,0,0,"F","Serviço","Serviço","7.2.1.0.1.","SABESP",70030002,"ESCAVAÇÃO MECANIZADA DE POÇOS E CAVAS, EM SOLO NÃO ROCHOSO, C/PROF. ATÉ 2,00 M (A)","M3",46.24,16.05,"BDI 1",20.23,935.44,"RA","RA",374.17600000000004,0,"","","SABESP 70030002",19926,16.05,{"v":0.2604,"d":"26.04%"},null,46.24,null,null,935.44,20.23]
["S",3,"S",0,7,2,1,0,2,0,0,"F","Serviço","Serviço","7.2.1.0.2.","SABESP",70030004,"ESCAVAÇÃO MECANIZADA DE POÇOS E CAVAS, EM SOLO NÃO ROCHOSO, C/PROF. ATÉ 4,00 M (A)","M3",12.72,21.29,"BDI 1",26.83,341.28,"RA","RA",136.512,0,"","","SABESP 70030004",19932,21.29,{"v":0.2604,"d":"26.04%"},null,12.72,null,null,341.28,26.83]
[3,3,3,2,7,2,2,0,0,6,2,"F","Nível 3","Nível 3","7.2.2.","SINAPI",null,"Aterros e recobrimentos especiais de valas, cavas e poços","-",0,0,"BDI 1",0,{"v":1388.64,"d":"1,388.64"},"RA","",555.456,0,"","",false,"(Sem Código)",0,{"v":0.2604,"d":"26.04%"},{"$nulls":4},{"v":1388.64,"d":"1,388.64"},0]
["S",3,"S",0,7,2,2,0,1,0,0,"F","Serviço","Serviço","7.2.2.0.1.","SABESP",70030020,"ATERRO DE VALAS, POÇOS E CAVAS COMPACTADO MECANICAMENTE, COM CONTROLE DO G.C. >= 95% DO E.N.C. (A)","M3",42.44,25.96,"BDI 1",32.72,{"v":1388.64,"d":"1,388.64"},"RA","RA",555.456,0,"","","SABESP 70030020",19945,25.96,{"v":0.2604,"d":"26.04%"},null,42.44,null,null,{"v":1388.64,"d":"1,388.64"},32.72]
[3,3,3,4,7,2,3,0,0,4,19,"F","Nível 3","Nível 3","7.2.3.","SINAPI",null,"Carga, transporte e descarga","-",0,0,"BDI 1",0,322.56,"RA","",129.024,0,"","",false,"(Sem Código)",0,{"v":0.2604,"d":"26.04%"},{"$nulls":4},322.56,0]
["S",3,"S",0,7,2,3,0,1,0,0,"F","Serviço","Serviço","7.2.3.0.1.","SABESP","70030090","CARGA E DESCARGA - SOLO (A)","M3",16.52,{"v":7,"d":"7.00"},"BDI 1",8.82,145.71,"RA","RA",58.284000000000006,0,"","","SABESP 70030090",19976,{"v":7,"d":"7.00"},{"v":0.2604,"d":"26.04%"},null,16.52,null,null,145.71,8.82]
["S",3,"S",0,7,2,3,0,2,0,0,"F","Serviço","Serviço","7.2.3.0.2.","SABESP","70030091","TRANSPORTE DE MATERIAL ESCAVADO - SOLO (A)","M3Q",{"v":41.3,"d":"41.30"},{"v":2.8,"d":"2.80"},"BDI 1",3.53,145.79,"RA","RA",58.316,0,"","","SABESP 70030091",19987,{"v":2.8,"d":"2.80"},{"v":0.2604,"d":"26.04%"},null,{"v":41.3,"d":"41.30"},null,null,145.79,3.53]
["S",3,"S",0,7,2,3,0,3,0,0,"F","Serviço","Serviço","7.2.3.0.3.","SINAPI","100574","ESPALHAMENTO DE MATERIAL COM TRATOR DE ESTEIRAS. AF_09/2024","M3",16.52,1.49,"BDI 1",1.88,31.06,"RA","RA",12.424,0,"","","SINAPI 100574",6894,1.49,{"v":0.2604,"d":"26.04%"},null,16.52,null,null,31.06,1.88]
[2,2,2,5,7,3,0,0,0,59,5,"F","Nível 2","Nível 2","7.3.","SINAPI",null,"Escoramentos","-",0,0,"BDI 1",0,{"v":26598.35,"d":"26,598.35"},"RA","",10639.34,0,"",64,false,"(Sem Código)",0,{"v":0.2604,"d":"26.04%"},{"$nulls":4},{"v":26598.35,"d":"26,598.35"},0]
[3,3,3,2,7,3,1,0,0,4,2,"F","Nível 3","Nível 3","7.3.1.","SINAPI",null,"Estruturas de cimbramento","-",0,0,"BDI 1",0,740.25,"RA","",296.1,0,"","",false,"(Sem Código)",0,{"v":0.2604,"d":"26.04%"},{"$nulls":4},740.25,0]
["S",3,"S",0,7,3,1,0,1,0,0,"F","Serviço","Serviço","7.3.1.0.1.","SABESP",70040040,"CIMBRAMENTO DE MADEIRA","M3",7.84,74.91,"BDI 1",94.42,740.25,"RA","RA",296.1,0,"","","SABESP 70040040",20035,74.91,{"v":0.2604,"d":"26.04%"},null,7.84,null,null,740.25,94.42]
[3,3,3,2,7,3,2,0,0,2,10,"F","Nível 3","Nível 3","7.3.2.","SINAPI",null,"Estruturas de escoramento - metálico madeira","-",0,null,"BDI 1",0,{"v":25858.1,"d":"25,858.10"},"RA","",10343.24,0,"","",false,"(Sem Código)",0,{"v":0.2604,"d":"26.04%"},{"$nulls":4},{"v":25858.1,"d":"25,858.10"},0]
["S",3,"S",0,7,3,2,0,1,0,0,"F","Serviço","Serviço","7.3.2.0.1.","SABESP","70040013","ESCORAMENTO METÁLICO-MADEIRA COM LONGARINAS E ESTRONCAS - PROFUNDIDADE ATÉ 4,00 M (A)","M2",69.36,295.79,"BDI 1",372.81,{"v":25858.1,"d":"25,858.10"},"RA","RA",10343.24,0,"","","SABESP 70040013",20014,295.79,{"v":0.2604,"d":"26.04%"},null,69.36,null,null,{"v":25858.1,"d":"25,858.10"},372.81]
[2,2,2,3,7,4,0,0,0,54,3,"F","Nível 2","Nível 2","7.4.","SINAPI",null,"Esgotamentos","-",0,0,"BDI 1",0,{"v":572.8,"d":"572.80"},"RA","",229.12,0,"",65,false,"(Sem Código)",0,{"v":0.2604,"d":"26.04%"},{"$nulls":4},{"v":572.8,"d":"572.80"},0]
[3,3,3,2,7,4,1,0,0,2,5,"F","Nível 3","Nível 3","7.4.1.","SINAPI",null,"Águas superficiais","-",0,0,"BDI 1",0,{"v":572.8,"d":"572.80"},"RA","",229.12,0,"","",false,"(Sem Código)",0,{"v":0.2604,"d":"26.04%"},{"$nulls":4},{"v":572.8,"d":"572.80"},0]
["S",3,"S",0,7,4,1,0,1,0,0,"F","Serviço","Serviço","7.4.1.0.1.","SABESP",70050001,"ESGOTAMENTO COM BOMBAS DE SUPERFÍCIE OU SUBMERSAS","HPH",{"v":160,"d":"160.00"},2.84,"BDI 1",3.58,{"v":572.8,"d":"572.80"},"RA","RA",229.12,0,"","","SABESP 70050001",20039,2.84,{"v":0.2604,"d":"26.04%"},null,{"v":160,"d":"160.00"},null,null,{"v":572.8,"d":"572.80"},3.58]
[2,2,2,13,7,5,0,0,0,51,13,"F","Nível 2","Nível 2","7.5.","SINAPI",null,"Fundações e Estruturas","-",0,0,"BDI 1",0,{"v":14898.8,"d":"14,898.80"},"RA","",5959.520000000001,0,"",66,false,"(Sem Código)",0,{"v":0.2604,"d":"26.04%"},{"$nulls":4},{"v":14898.8,"d":"14,898.80"},0]
[3,3,3,2,7,5,1,0,0,12,2,"F","Nível 3","Nível 3","7.5.1.","SINAPI",null,"Lastros","-",0,0,"BDI 1",0,95.17,"RA","",38.068000000000005,0,"","",false,"(Sem Código)",0,{"v":0.2604,"d":"26.04%"},{"$nulls":4},95.17,0]
["S",3,"S",0,7,5,1,0,1,0,0,"F","Serviço","Serviço","7.5.1.0.1.","SABESP",70070046,"LASTRO DE PEDRA BRITADA (A)","M3",{"v":0.5,"d":"0.50"},151.01,"BDI 1",190.33,95.17,"RA","RA",38.068000000000005,0,"","","SABESP 70070046",20138,151.01,{"v":0.2604,"d":"26.04%"},null,{"v":0.5,"d":"0.50"},null,null,95.17,190.33]
[3,3,3,2,7,5,2,0,0,10,2,"F","Nível 3","Nível 3","7.5.2.","SINAPI",null,"Formas para concreto","-",0,0,"BDI 1",0,{"v":2409.31,"d":"2,409.31"},"RA","",963.724,0,"","",false,"(Sem Código)",0,{"v":0.2604,"d":"26.04%"},{"$nulls":4},{"v":2409.31,"d":"2,409.31"},0]
["S",3,"S",0,7,5,2,0,1,0,0,"F","Serviço","Serviço","7.5.2.0.1.","CDHU","09.02.020","Forma plana em compensado para estrutura convencional","M2",{"v":9.6,"d":"9.60"},199.12,"BDI 1",250.97,{"v":2409.31,"d":"2,409.31"},"RA","RA",963.724,0,"","","CDHU 09.02.020",16302,199.12,{"v":0.2604,"d":"26.04%"},null,{"v":9.6,"d":"9.60"},null,null,{"v":2409.31,"d":"2,409.31"},250.97]
[3,3,3,2,7,5,3,0,0,8,2,"F","Nível 3","Nível 3","7.5.3.","SINAPI",null,"Aços para Concreto","-",0,0,"BDI 1",0,{"v":9404.15,"d":"9,404.15"},"RA","",3761.66,0,"","",false,"(Sem Código)",0,{"v":0.2604,"d":"26.04%"},{"$nulls":4},{"v":9404.15,"d":"9,404.15"},0]
["S",3,"S",0,7,5,3,0,1,0,0,"F","Serviço","Serviço","7.5.3.0.1.","SABESP",70070135,"ARMAÇÃO EM AÇO CA-50","KG",563.46,13.24,"BDI 1",16.69,{"v":9404.15,"d":"9,404.15"},"RA","RA",3761.66,0,"","","SABESP 70070135",20232,13.24,{"v":0.2604,"d":"26.04%"},null,563.46,null,null,{"v":9404.15,"d":"9,404.15"},16.69]
[3,3,3,2,7,5,4,0,0,6,2,"F","Nível 3","Nível 3","7.5.4.","SINAPI",null,"Concreto não estrutural","-",0,0,"BDI 1",0,354.39,"RA","",141.756,0,"","",false,"(Sem Código)",0,{"v":0.2604,"d":"26.04%"},{"$nulls":4},354.39,0]
["S",3,"S",0,7,5,4,0,1,0,0,"F","Serviço","Serviço","7.5.4.0.1.","SABESP",70070142,"CONCRETO NÃO ESTRUTURAL - MÍNIMO 150 KG DE CIMENTO/M³","M3",0.48,585.78,"BDI 1",738.32,354.39,"RA","RA",141.756,0,"","","SABESP 70070142",20236,585.78,{"v":0.2604,"d":"26.04%"},null,0.48,null,null,354.39,738.32]
[3,3,3,2,7,5,5,0,0,4,2,"F","Nível 3","Nível 3","7.5.5.","SINAPI",null,"Concreto Estrutural para estruturas não sujeitas ao contato com água e esgoto","-",0,0,"BDI 1",0,{"v":2294.18,"d":"2,294.18"},"RA","",917.672,0,"","",false,"(Sem Código)",0,{"v":0.2604,"d":"26.04%"},{"$nulls":4},{"v":2294.18,"d":"2,294.18"},0]
["S",3,"S",0,7,5,5,0,1,0,0,"F","Serviço","Serviço","7.5.5.0.1.","SABESP",70070146,"CONCRETO ESTRUTURAL PARA ESTRUTURAS NÃO SUJEITAS A CONTATO COM ÁGUA E ESGOTO, FCK = 30,0 MPA","M3",2.82,645.46,"BDI 1",813.54,{"v":2294.18,"d":"2,294.18"},"RA","RA",917.672,0,"","","SABESP 70070146",20242,645.46,{"v":0.2604,"d":"26.04%"},null,2.82,null,null,{"v":2294.18,"d":"2,294.18"},813.54]
[3,3,3,2,7,5,6,0,0,2,424,"F","Nível 3","Nível 3","7.5.6.","SINAPI",null,"Dispositivos especiais e estruturas acessórias","-",0,0,"BDI 1",0,{"v":341.6,"d":"341.60"},"RA","",136.64000000000001,0,"","",false,"(Sem Código)",0,{"v":0.2604,"d":"26.04%"},{"$nulls":4},{"v":341.6,"d":"341.60"},0]
["S",3,"S",0,7,5,6,0,1,0,0,"F","Serviço","Serviço","7.5.6.0.1.","SABESP",70070230,"ASSENTAMENTO DE TAMPÃO DE FERRO FUNDIDO, DN 600 MM","un",{"v":2,"d":"2.00"},135.51,"BDI 1",{"v":170.8,"d":"170.80"},{"v":341.6,"d":"341.60"},"RA","RA",136.64000000000001,0,"","","SABESP 70070230",20346,135.51,{"v":0.2604,"d":"26.04%"},null,{"v":2,"d":"2.00"},null,null,{"v":341.6,"d":"341.60"},{"v":170.8,"d":"170.80"}]
[2,2,2,3,7,6,0,0,0,38,3,"F","Nível 2","Nível 2","7.6.","SINAPI",null,"Fechamento","-",0,0,"BDI 1",0,{"v":5098.5,"d":"5,098.50"},"RA","",2039.4,0,"",67,false,"(Sem Código)",0,{"v":0.2604,"d":"26.04%"},{"$nulls":4},{"v":5098.5,"d":"5,098.50"},0]
[3,3,3,2,7,6,1,0,0,2,6,"F","Nível 3","Nível 3","7.6.1.","SINAPI",null,"Alvenaria","-",0,0,"BDI 1",0,{"v":5098.5,"d":"5,098.50"},"RA","",2039.4,0,"","",false,"(Sem Código)",0,{"v":0.2604,"d":"26.04%"},{"$nulls":4},{"v":5098.5,"d":"5,098.50"},0]
["S",3,"S",0,7,6,1,0,1,0,0,"F","Serviço","Serviço","7.6.1.0.1.","CDHU","14.11.271","Alvenaria de bloco de concreto estrutural 19 cm - classe A","M2",{"v":25.6,"d":"25.60"},158.01,"BDI 1",199.16,{"v":5098.5,"d":"5,098.50"},"RA","RA",2039.4,0,"","","CDHU 14.11.271",16507,158.01,{"v":0.2604,"d":"26.04%"},null,{"v":25.6,"d":"25.60"},null,null,{"v":5098.5,"d":"5,098.50"},199.16]
[2,2,2,6,7,7,0,0,0,35,6,"F","Nível 2","Nível 2","7.7.","SINAPI",null,"Revestimento e tratamento de superfície","-",0,0,"BDI 1",0,{"v":5891.18,"d":"5,891.18"},"RA","",2356.472,0,"",68,false,"(Sem Código)",0,{"v":0.2604,"d":"26.04%"},{"$nulls":4},{"v":5891.18,"d":"5,891.18"},0]
[3,3,3,3,7,7,1,0,0,5,3,"F","Nível 3","Nível 3","7.7.1.","SINAPI",null,"Pisos, tetos e paredes","-",0,0,"BDI 1",0,{"v":2867.2,"d":"2,867.20"},"RA","",1146.88,0,"","",false,"(Sem Código)",0,{"v":0.2604,"d":"26.04%"},{"$nulls":4},{"v":2867.2,"d":"2,867.20"},0]
["S",3,"S",0,7,7,1,0,1,0,0,"F","Serviço","Serviço","7.7.1.0.1.","CDHU","17.02.120","Emboço comum","M2",60.63,23.68,"BDI 1",29.85,{"v":1809.81,"d":"1,809.81"},"RA","RA",723.924,0,"","","CDHU 17.02.120",16670,23.68,{"v":0.2604,"d":"26.04%"},null,60.63,null,null,{"v":1809.81,"d":"1,809.81"},29.85]
["S",3,"S",0,7,7,1,0,2,0,0,"F","Serviço","Serviço","7.7.1.0.2.","CDHU","17.02.220","Reboco","M2",60.63,13.84,"BDI 1",17.44,{"v":1057.39,"d":"1,057.39"},"RA","RA",422.9560000000001,0,"","","CDHU 17.02.220",16673,13.84,{"v":0.2604,"d":"26.04%"},null,60.63,null,null,{"v":1057.39,"d":"1,057.39"},17.44]
[3,3,3,2,7,7,2,0,0,2,42,"F","Nível 3","Nível 3","7.7.2.","SINAPI",null,"Impermeabilização","-",0,0,"BDI 1",0,{"v":3023.98,"d":"3,023.98"},"RA","",1209.592,0,"","",false,"(Sem Código)",0,{"v":0.2604,"d":"26.04%"},{"$nulls":4},{"v":3023.98,"d":"3,023.98"},0]
["S",3,"S",0,7,7,2,0,1,0,0,"F","Serviço","Serviço","7.7.2.0.1.","SABESP",70120026,"IMPERMEABILIZAÇÃO BETUMINOSA","M2",124.29,{"v":19.3,"d":"19.30"},"BDI 1",24.33,{"v":3023.98,"d":"3,023.98"},"RA","RA",1209.592,0,"","","SABESP 70120026",21049,{"v":19.3,"d":"19.30"},{"v":0.2604,"d":"26.04%"},null,124.29,null,null,{"v":3023.98,"d":"3,023.98"},24.33]
[2,2,2,29,7,8,0,0,0,29,177,"F","Nível 2","Nível 2","7.8.","SINAPI",null,"Fornecimento de materiais e equipamentos","-",0,0,"BDI 1",0,{"v":32141.11,"d":"32,141.11"},"RA","",12856.444,0,"",69,false,"(Sem Código)",0,{"v":0.2604,"d":"26.04%"},{"$nulls":4},{"v":32141.11,"d":"32,141.11"},0]
[3,3,3,17,7,8,1,0,0,28,17,"F","Nível 3","Nível 3","7.8.1.","SINAPI",null,"Hidráulicos e hidromecânicos","-",0,0,"BDI 1",0,{"v":25111.44,"d":"25,111.44"},"RA","",10044.576,0,"","",false,"(Sem Código)",0,{"v":0.2604,"d":"26.04%"},{"$nulls":4},{"v":25111.44,"d":"25,111.44"},0]
[4,4,4,4,7,8,1,1,0,16,4,"F","Nível 4","Nível 4","7.8.1.1.","SINAPI",null,"Tubulação de ferro fundido","-",0,0,"BDI 1",0,{"v":16101.98,"d":"16,101.98"},"RA","",6440.792,0,"","",false,"(Sem Código)",0,{"v":0.2604,"d":"26.04%"},{"$nulls":4},{"v":16101.98,"d":"16,101.98"},0]
["S",4,"S",0,7,8,1,1,1,0,0,"F","Serviço","Serviço","7.8.1.1.1.","SABESP-I","HM06703","TUBO C/FLANGE PN10 E BOLSA JE FERRO FUNDIDO DN=200 MM L=1.500 MM (72,50 KG) PINTURA EPÓXI VERMELHA, ACESSÓRIOS NÃO INCLUSOS NBR 15420 ESGOTO","un",{"v":4,"d":"4.00"},{"v":2061.8,"d":"2,061.80"},"BDI 2",{"v":2296.85,"d":"2,296.85"},{"v":9187.4,"d":"9,187.40"},"RA","RA",3674.96,0,"","","SABESP-I HM06703",26953,{"v":2061.8,"d":"2,061.80"},{"v":0.114,"d":"11.40%"},null,{"v":4,"d":"4.00"},null,null,{"v":9187.4,"d":"9,187.40"},{"v":2296.85,"d":"2,296.85"}]
["S",4,"S",0,7,8,1,1,2,0,0,"F","Serviço","Serviço","7.8.1.1.2.","SABESP-I","HM06883","TUBO C/FLANGE PN10/16 E PONTA FERRO FUNDIDO DN=100 MM L=3.500 MM (64,70 KG) PINTURA EPÓXI VERMELHA, ACESSÓRIOS NÃO INCLUSOS NBR 15420 ESGOTO","un",{"v":2,"d":"2.00"},{"v":1904.6,"d":"1,904.60"},"BDI 2",{"v":2121.72,"d":"2,121.72"},{"v":4243.44,"d":"4,243.44"},"RA","RA",1697.376,0,"","","SABESP-I HM06883",27045,{"v":1904.6,"d":"1,904.60"},{"v":0.114,"d":"11.40%"},null,{"v":2,"d":"2.00"},null,null,{"v":4243.44,"d":"4,243.44"},{"v":2121.72,"d":"2,121.72"}]
["S",4,"S",0,7,8,1,1,3,0,0,"F","Serviço","Serviço","7.8.1.1.3.","SABESP-I","HM06879","TUBO C/FLANGE PN10/16 E PONTA FERRO FUNDIDO DN=100 MM L=1.500 MM (30,30 KG) PINTURA EPÓXI VERMELHA, ACESSÓRIOS NÃO INCLUSOS NBR 15420 ESGOTO","un",{"v":2,"d":"2.00"},{"v":1198.9,"d":"1,198.90"},"BDI 2",{"v":1335.57,"d":"1,335.57"},{"v":2671.14,"d":"2,671.14"},"RA","RA",1068.456,0,"","","SABESP-I HM06879",27041,{"v":1198.9,"d":"1,198.90"},{"v":0.114,"d":"11.40%"},null,{"v":2,"d":"2.00"},null,null,{"v":2671.14,"d":"2,671.14"},{"v":1335.57,"d":"1,335.57"}]
[4,4,4,4,7,8,1,2,0,12,4,"F","Nível 4","Nível 4","7.8.1.2.","SINAPI",null,"Conexões de ferro fundido","-",0,0,"BDI 1",0,{"v":4313.68,"d":"4,313.68"},"RA","",1725.4720000000002,0,"","",false,"(Sem Código)",0,{"v":0.2604,"d":"26.04%"},{"$nulls":4},{"v":4313.68,"d":"4,313.68"},0]
["S",4,"S",0,7,8,1,2,1,0,0,"F","Serviço","Serviço","7.8.1.2.1.","SABESP-I","HM06581","TÊ C/BOLSAS JE2GS E FLANGE PN10/16/25 FERRO FUNDIDO DN=200X50 MM (25,60 KG) PINTURA BETUMINOSA, ACESSÓRIOS NÃO INCLUSOS NBR 7675 ÁGUA","un",{"v":2,"d":"2.00"},833.42,"BDI 2",928.43,{"v":1856.86,"d":"1,856.86"},"RA","RA",742.744,0,"","","SABESP-I HM06581",26042,833.42,{"v":0.114,"d":"11.40%"},null,{"v":2,"d":"2.00"},null,null,{"v":1856.86,"d":"1,856.86"},928.43]
["S",4,"S",0,7,8,1,2,2,0,0,"F","Serviço","Serviço","7.8.1.2.2.","SABESP-I","HM06266","CURVA 90º COM BOLSAS JE2GS FERRO FUNDIDO DN=100 MM (13,20 KG) PINTURA EPÓXI VERMELHA E ANÉIS DE BORRACHA INCLUSOS NBR 15420 ESGOTO","un",{"v":2,"d":"2.00"},275.38,"BDI 2",306.77,613.54,"RA","RA",245.416,0,"","","SABESP-I HM06266",26189,275.38,{"v":0.114,"d":"11.40%"},null,{"v":2,"d":"2.00"},null,null,613.54,306.77]
["S",4,"S",0,7,8,1,2,3,0,0,"F","Serviço","Serviço","7.8.1.2.3.","SABESP-I","HM06292","CURVA 90º COM FLANGES PN10/16 FERRO FUNDIDO DN=100 MM (11,00 KG) PINTURA EPÓXI VERMELHA, ACESSÓRIOS NÃO INCLUSOS NBR 15420 ESGOTO","un",{"v":4,"d":"4.00"},413.66,"BDI 2",460.82,{"v":1843.28,"d":"1,843.28"},"RA","RA",737.312,0,"","","SABESP-I HM06292",26227,413.66,{"v":0.114,"d":"11.40%"},null,{"v":4,"d":"4.00"},null,null,{"v":1843.28,"d":"1,843.28"},460.82]
[4,4,4,3,7,8,1,3,0,8,3,"F","Nível 4","Nível 4","7.8.1.3.","SINAPI",null,"Válvulas e Registros","-",0,0,"BDI 1",0,{"v":1907.46,"d":"1,907.46"},"RA","",762.984,0,"","",false,"(Sem Código)",0,{"v":0.2604,"d":"26.04%"},{"$nulls":4},{"v":1907.46,"d":"1,907.46"},0]
["S",4,"S",0,7,8,1,3,1,0,0,"F","Serviço","Serviço","7.8.1.3.1.","SABESP-I","HM04207","VÁLVULA GAVETA C/FLANGES PN10/16 FERRO FUNDIDO DN=50 MM * (11,00 KG), ACION. VOLANTE, CUNHA DE BORRACHA, MÉTRICA CHATA, PINTURA EPÓXI EM PÓ NBR 14968\nÁGUA/ESGOTO","un",{"v":2,"d":"2.00"},379.83,"BDI 2",423.13,846.26,"RA","RA",338.504,0,"","","SABESP-I HM04207",27292,379.83,{"v":0.114,"d":"11.40%"},null,{"v":2,"d":"2.00"},null,null,846.26,423.13]
["S",4,"S",0,7,8,1,3,2,0,0,"F","Serviço","Serviço","7.8.1.3.2.","SABESP","70140057","VÁLVULA GAVETA FOFO ATÉ DN200 MM - MONTAGEM","un",{"v":2,"d":"2.00"},420.98,"BDI 1",{"v":530.6,"d":"530.60"},{"v":1061.2,"d":"1,061.20"},"RA","RA",424.48,0,"","","SABESP 70140057",21348,420.98,{"v":0.2604,"d":"26.04%"},null,{"v":2,"d":"2.00"},null,null,{"v":1061.2,"d":"1,061.20"},{"v":530.6,"d":"530.60"}]
[4,4,4,3,7,8,1,4,0,5,3,"F","Nível 4","Nível 4","7.8.1.4.","SINAPI",null,"Ventosas","-",0,0,"BDI 1",0,{"v":1734.06,"d":"1,734.06"},"RA","",693.624,0,"","",false,"(Sem Código)",0,{"v":0.2604,"d":"26.04%"},{"$nulls":4},{"v":1734.06,"d":"1,734.06"},0]
["S",4,"S",0,7,8,1,4,1,0,0,"F","Serviço","Serviço","7.8.1.4.1.","SABESP-I","HM04212","VENTOSA SIMPLES C/ROSCA BSP FERRO FUNDIDO DN=2\" PINTURA EPÓXI NTS 322 ÁGUA","un",{"v":2,"d":"2.00"},713.92,"BDI 2",795.31,{"v":1590.62,"d":"1,590.62"},"RA","RA",636.248,0,"","","SABESP-I HM04212",27366,713.92,{"v":0.114,"d":"11.40%"},null,{"v":2,"d":"2.00"},null,null,{"v":1590.62,"d":"1,590.62"},795.31]
["S",4,"S",0,7,8,1,4,2,0,0,"F","Serviço","Serviço","7.8.1.4.2.","SABESP","70140082","VÁLVULA VENTOSA FOFO ATÉ DN 50 MM - MONTAGEM","un",{"v":2,"d":"2.00"},{"v":56.9,"d":"56.90"},"BDI 1",71.72,143.44,"RA","RA",57.376000000000005,0,"","","SABESP 70140082",21361,{"v":56.9,"d":"56.90"},{"v":0.2604,"d":"26.04%"},null,{"v":2,"d":"2.00"},null,null,143.44,71.72]
[4,4,4,2,7,8,1,5,0,2,458,"F","Nível 4","Nível 4","7.8.1.5.","SINAPI",null,"Tampão de ferro fundido Ø = 600mm","-",0,0,"BDI 1",0,{"v":1054.26,"d":"1,054.26"},"RA","",421.704,0,"","",false,"(Sem Código)",0,{"v":0.2604,"d":"26.04%"},{"$nulls":4},{"v":1054.26,"d":"1,054.26"},0]
["S",4,"S",0,7,8,1,5,1,0,0,"F","Serviço","Serviço","7.8.1.5.1.","SABESP-I","HM01428","TAMPÃO ARTICULADO FERRO FUNDIDO DN 600 MM COM ARO NTS 033","un",{"v":2,"d":"2.00"},473.19,"BDI 2",527.13,{"v":1054.26,"d":"1,054.26"},"RA","RA",421.704,0,"","","SABESP-I HM01428",26565,473.19,{"v":0.114,"d":"11.40%"},null,{"v":2,"d":"2.00"},null,null,{"v":1054.26,"d":"1,054.26"},527.13]
[3,3,3,11,7,8,2,0,0,11,22,"F","Nível 3","Nível 3","7.8.2.","SINAPI",null,"Pavimentação","-",0,null,"BDI 1",0,{"v":7029.67,"d":"7,029.67"},"RA","",2811.8680000000004,0,"","",false,"(Sem Código)",0,{"v":0.2604,"d":"26.04%"},{"$nulls":4},{"v":7029.67,"d":"7,029.67"},0]
[4,4,4,4,7,8,2,1,0,10,4,"F","Nível 4","Nível 4","7.8.2.1.","SINAPI",null,"Corte de pavimento asfáltico","-",0,null,"BDI 1",0,{"v":1328.94,"d":"1,328.94"},"RA","",531.576,0,"","",false,"(Sem Código)",0,{"v":0.2604,"d":"26.04%"},{"$nulls":4},{"v":1328.94,"d":"1,328.94"},0]
["S",4,"S",0,7,8,2,1,1,0,0,"F","Serviço","Serviço","7.8.2.1.1.","Composição","0001","CORTE EM PAVIMENTO DE ASFALTO / CONCRETO COM MÁQUINA E DISCO DIAMANTADO","M",{"v":20.8,"d":"20.80"},10.76,"BDI 1",13.56,282.05,"RA","RA",112.82000000000001,0,"","","Composição 0001",3,10.76,{"v":0.2604,"d":"26.04%"},null,{"v":20.8,"d":"20.80"},null,null,282.05,13.56]
["S",4,"S",0,7,8,2,1,2,0,0,"F","Serviço","Serviço","7.8.2.1.2.","Composição","0028","Demolição de asfalto c/ martelete - SEDOP 021525","M2",25.92,14.65,"BDI 1",18.46,478.48,"RA","RA",191.39200000000002,0,"","","Composição 0028",30,14.65,{"v":0.2604,"d":"26.04%"},null,25.92,null,null,478.48,18.46]
["S",4,"S",0,7,8,2,1,3,0,0,"F","Serviço","Serviço","7.8.2.1.3.","SABESP","70190145","REMOÇÃO ENTULHO INCLUSIVE A CARGA, TRANSPORTE E DESCARGA EM BOTA FORA A QQ DISTÂNCIA","M3",3.46,130.34,"BDI 1",164.28,568.41,"RA","RA",227.364,0,"","","SABESP 70190145",22150,130.34,{"v":0.2604,"d":"26.04%"},null,3.46,null,null,568.41,164.28]
[4,4,4,6,7,8,2,2,0,6,61,"F","Nível 4","Nível 4","7.8.2.2.","SINAPI",null,"Recomposição de pavimentação asfáltica","-",0,null,"BDI 1",0,{"v":5700.73,"d":"5,700.73"},"RA","",2280.292,0,"","",false,"(Sem Código)",0,{"v":0.2604,"d":"26.04%"},{"$nulls":4},{"v":5700.73,"d":"5,700.73"},0]
["S",4,"S",0,7,8,2,2,1,0,0,"F","Serviço","Serviço","7.8.2.2.1.","CDHU","54.01.220","Base de bica corrida","M3",3.32,232.84,"BDI 1",293.47,974.32,"RA","RA",389.72800000000007,0,"","","CDHU 54.01.220",19402,232.84,{"v":0.2604,"d":"26.04%"},null,3.32,null,null,974.32,293.47]
["S",4,"S",0,7,8,2,2,2,0,0,"F","Serviço","Serviço","7.8.2.2.2.","CDHU","54.03.230","Imprimação betuminosa ligante","M2",16.64,6.49,"BDI 1",8.18,136.12,"RA","RA",54.44800000000001,0,"","","CDHU 54.03.230",19413,6.49,{"v":0.2604,"d":"26.04%"},null,16.64,null,null,136.12,8.18]
["S",4,"S",0,7,8,2,2,3,0,0,"F","Serviço","Serviço","7.8.2.2.3.","CDHU","54.03.240","Imprimação betuminosa impermeabilizante","M2",16.64,13.09,"BDI 1",{"v":16.5,"d":"16.50"},274.56,"RA","RA",109.82400000000001,0,"","","CDHU 54.03.240",19414,13.09,{"v":0.2604,"d":"26.04%"},null,16.64,null,null,274.56,{"v":16.5,"d":"16.50"}]
["S",4,"S",0,7,8,2,2,4,0,0,"F","Serviço","Serviço","7.8.2.2.4.","SINAPI","95876","TRANSPORTE COM CAMINHÃO BASCULANTE DE 14 M³, EM VIA URBANA PAVIMENTADA, DMT ATÉ 30 KM (UNIDADE: M3XKM). AF_07/2020","M3XKM",27.72,2.28,"BDI 1",2.87,79.56,"RA","RA",31.824,0,"","","SINAPI 95876",15330,2.28,{"v":0.2604,"d":"26.04%"},null,27.72,null,null,79.56,2.87]
["S",4,"S",0,7,8,2,2,5,0,0,"F","Serviço","Serviço","7.8.2.2.5.","SINAPI","102098","RECOMPOSIÇÃO DE REVESTIMENTO EM CONCRETO ASFÁLTICO (AQUISIÇÃO EM USINA), PARA O FECHAMENTO DE VALAS - INCLUSO DEMOLIÇÃO DO PAVIMENTO. AF_12/2020","M3",1.66,{"v":2024.68,"d":"2,024.68"},"BDI 1",{"v":2551.91,"d":"2,551.91"},{"v":4236.17,"d":"4,236.17"},"RA","RA",1694.468,0,"","","SINAPI 102098",14540,{"v":2024.68,"d":"2,024.68"},{"v":0.2604,"d":"26.04%"},null,1.66,null,null,{"v":4236.17,"d":"4,236.17"},{"v":2551.91,"d":"2,551.91"}]
[1,1,1,72,8,0,0,0,0,1298,72,"F","Meta","Meta","8.","SINAPI",null,"CAIXA DE DESCARGA BASF","-",0,0,"BDI 1",0,{"v":80511.22,"d":"80,511.22"},"RA","",32204.487999999994,0,"",70,false,"(Sem Código)",0,{"v":0.2604,"d":"26.04%"},{"$nulls":4},{"v":80511.22,"d":"80,511.22"},0]
[2,2,2,4,8,1,0,0,0,71,4,"F","Nível 2","Nível 2","8.1.","SINAPI",null,"Serviços Técnicos","-",0,0,"BDI 1",0,{"v":3103.94,"d":"3,103.94"},"RA","",1241.576,0,"",71,false,"(Sem Código)",0,{"v":0.2604,"d":"26.04%"},{"$nulls":4},{"v":3103.94,"d":"3,103.94"},0]
[3,3,3,3,8,1,1,0,0,3,7,"F","Nível 3","Nível 3","8.1.1.","SINAPI",null,"Locação e Cadastro","-",0,0,"BDI 1",0,{"v":3103.94,"d":"3,103.94"},"RA","",1241.576,0,"","",false,"(Sem Código)",0,{"v":0.2604,"d":"26.04%"},{"$nulls":4},{"v":3103.94,"d":"3,103.94"},0]
["S",3,"S",0,8,1,1,0,1,0,0,"F","Serviço","Serviço","8.1.1.0.1.","SABESP",70010008,"LOCAÇÃO DE OBRAS LOCALIZADAS","EQD",{"v":1,"d":"1.00"},{"v":1076.44,"d":"1,076.44"},"BDI 1",{"v":1356.74,"d":"1,356.74"},{"v":1356.74,"d":"1,356.74"},"RA","RA",542.696,0,"","","SABESP 70010008",19840,{"v":1076.44,"d":"1,076.44"},{"v":0.2604,"d":"26.04%"},null,{"v":1,"d":"1.00"},null,null,{"v":1356.74,"d":"1,356.74"},{"v":1356.74,"d":"1,356.74"}]
["S",3,"S",0,8,1,1,0,2,0,0,"F","Serviço","Serviço","8.1.1.0.2.","SABESP",70010009,"CADASTRO DE OBRAS LOCALIZADAS","EQD",{"v":1,"d":"1.00"},{"v":1386.23,"d":"1,386.23"},"BDI 1",{"v":1747.2,"d":"1,747.20"},{"v":1747.2,"d":"1,747.20"},"RA","RA",698.8800000000001,0,"","","SABESP 70010009",19834,{"v":1386.23,"d":"1,386.23"},{"v":0.2604,"d":"26.04%"},null,{"v":1,"d":"1.00"},null,null,{"v":1747.2,"d":"1,747.20"},{"v":1747.2,"d":"1,747.20"}]
[2,2,2,10,8,2,0,0,0,67,10,"F","Nível 2","Nível 2","8.2.","SINAPI",null,"Movimento de Terra","-",0,0,"BDI 1",0,{"v":2955.05,"d":"2,955.05"},"RA","",1182.0200000000004,0,"",72,false,"(Sem Código)",0,{"v":0.2604,"d":"26.04%"},{"$nulls":4},{"v":2955.05,"d":"2,955.05"},0]
[3,3,3,3,8,2,1,0,0,9,3,"F","Nível 3","Nível 3","8.2.1.","SINAPI",null,"Escavação mecânica, qualquer terreno exceto rocha, de poços e cavas","-",0,0,"BDI 1",0,{"v":1268.1,"d":"1,268.10"},"RA","",507.24000000000007,0,"","",false,"(Sem Código)",0,{"v":0.2604,"d":"26.04%"},{"$nulls":4},{"v":1268.1,"d":"1,268.10"},0]
["S",3,"S",0,8,2,1,0,1,0,0,"F","Serviço","Serviço","8.2.1.0.1.","SABESP",70030002,"ESCAVAÇÃO MECANIZADA DE POÇOS E CAVAS, EM SOLO NÃO ROCHOSO, C/PROF. ATÉ 2,00 M (A)","M3",40.96,16.05,"BDI 1",20.23,828.62,"RA","RA",331.44800000000004,0,"","","SABESP 70030002",19926,16.05,{"v":0.2604,"d":"26.04%"},null,40.96,null,null,828.62,20.23]
["S",3,"S",0,8,2,1,0,2,0,0,"F","Serviço","Serviço","8.2.1.0.2.","SABESP",70030004,"ESCAVAÇÃO MECANIZADA DE POÇOS E CAVAS, EM SOLO NÃO ROCHOSO, C/PROF. ATÉ 4,00 M (A)","M3",16.38,21.29,"BDI 1",26.83,439.48,"RA","RA",175.79200000000003,0,"","","SABESP 70030004",19932,21.29,{"v":0.2604,"d":"26.04%"},null,16.38,null,null,439.48,26.83]
[3,3,3,2,8,2,2,0,0,6,2,"F","Nível 3","Nível 3","8.2.2.","SINAPI",null,"Aterros e recobrimentos especiais de valas, cavas e poços","-",0,0,"BDI 1",0,{"v":1406.96,"d":"1,406.96"},"RA","",562.784,0,"","",false,"(Sem Código)",0,{"v":0.2604,"d":"26.04%"},{"$nulls":4},{"v":1406.96,"d":"1,406.96"},0]
["S",3,"S",0,8,2,2,0,1,0,0,"F","Serviço","Serviço","8.2.2.0.1.","SABESP",70030020,"ATERRO DE VALAS, POÇOS E CAVAS COMPACTADO MECANICAMENTE, COM CONTROLE DO G.C. >= 95% DO E.N.C. (A)","M3",{"v":43,"d":"43.00"},25.96,"BDI 1",32.72,{"v":1406.96,"d":"1,406.96"},"RA","RA",562.784,0,"","","SABESP 70030020",19945,25.96,{"v":0.2604,"d":"26.04%"},null,{"v":43,"d":"43.00"},null,null,{"v":1406.96,"d":"1,406.96"},32.72]
[3,3,3,4,8,2,3,0,0,4,19,"F","Nível 3","Nível 3","8.2.3.","SINAPI",null,"Carga, transporte e descarga","-",0,0,"BDI 1",0,279.99,"RA","",111.99600000000002,0,"","",false,"(Sem Código)",0,{"v":0.2604,"d":"26.04%"},{"$nulls":4},279.99,0]
["S",3,"S",0,8,2,3,0,1,0,0,"F","Serviço","Serviço","8.2.3.0.1.","SABESP","70030090","CARGA E DESCARGA - SOLO (A)","M3",14.34,{"v":7,"d":"7.00"},"BDI 1",8.82,126.48,"RA","RA",50.592000000000006,0,"","","SABESP 70030090",19976,{"v":7,"d":"7.00"},{"v":0.2604,"d":"26.04%"},null,14.34,null,null,126.48,8.82]
["S",3,"S",0,8,2,3,0,2,0,0,"F","Serviço","Serviço","8.2.3.0.2.","SABESP",70030091,"TRANSPORTE DE MATERIAL ESCAVADO - SOLO (A)","M3Q",35.85,{"v":2.8,"d":"2.80"},"BDI 1",3.53,126.55,"RA","RA",50.620000000000005,0,"","","SABESP 70030091",19987,{"v":2.8,"d":"2.80"},{"v":0.2604,"d":"26.04%"},null,35.85,null,null,126.55,3.53]
["S",3,"S",0,8,2,3,0,3,0,0,"F","Serviço","Serviço","8.2.3.0.3.","SINAPI","100574","ESPALHAMENTO DE MATERIAL COM TRATOR DE ESTEIRAS. AF_09/2024","M3",14.34,1.49,"BDI 1",1.88,26.96,"RA","RA",10.784,0,"","","SINAPI 100574",6894,1.49,{"v":0.2604,"d":"26.04%"},null,14.34,null,null,26.96,1.88]
[2,2,2,5,8,3,0,0,0,57,5,"F","Nível 2","Nível 2","8.3.","SINAPI",null,"Escoramentos","-",0,0,"BDI 1",0,{"v":27321.64,"d":"27,321.64"},"RA","",10928.656,0,"",73,false,"(Sem Código)",0,{"v":0.2604,"d":"26.04%"},{"$nulls":4},{"v":27321.64,"d":"27,321.64"},0]
[3,3,3,2,8,3,1,0,0,4,2,"F","Nível 3","Nível 3","8.3.1.","SINAPI",null,"Estruturas de cimbramento","-",0,0,"BDI 1",0,598.62,"RA","",239.448,0,"","",false,"(Sem Código)",0,{"v":0.2604,"d":"26.04%"},{"$nulls":4},598.62,0]
["S",3,"S",0,8,3,1,0,1,0,0,"F","Serviço","Serviço","8.3.1.0.1.","SABESP",70040040,"CIMBRAMENTO DE MADEIRA","M3",6.34,74.91,"BDI 1",94.42,598.62,"RA","RA",239.448,0,"","","SABESP 70040040",20035,74.91,{"v":0.2604,"d":"26.04%"},null,6.34,null,null,598.62,94.42]
[3,3,3,2,8,3,2,0,0,2,10,"F","Nível 3","Nível 3","8.3.2.","SINAPI",null,"Estruturas de escoramento - metálico madeira","-",0,null,"BDI 1",0,{"v":26723.02,"d":"26,723.02"},"RA","",10689.208,0,"","",false,"(Sem Código)",0,{"v":0.2604,"d":"26.04%"},{"$nulls":4},{"v":26723.02,"d":"26,723.02"},0]
["S",3,"S",0,8,3,2,0,1,0,0,"F","Serviço","Serviço","8.3.2.0.1.","SABESP","70040013","ESCORAMENTO METÁLICO-MADEIRA COM LONGARINAS E ESTRONCAS - PROFUNDIDADE ATÉ 4,00 M (A)","M2",71.68,295.79,"BDI 1",372.81,{"v":26723.02,"d":"26,723.02"},"RA","RA",10689.208,0,"","","SABESP 70040013",20014,295.79,{"v":0.2604,"d":"26.04%"},null,71.68,null,null,{"v":26723.02,"d":"26,723.02"},372.81]
[2,2,2,3,8,4,0,0,0,52,3,"F","Nível 2","Nível 2","8.4.","SINAPI",null,"Esgotamentos","-",0,0,"BDI 1",0,{"v":572.8,"d":"572.80"},"RA","",229.12,0,"",74,false,"(Sem Código)",0,{"v":0.2604,"d":"26.04%"},{"$nulls":4},{"v":572.8,"d":"572.80"},0]
[3,3,3,2,8,4,1,0,0,2,5,"F","Nível 3","Nível 3","8.4.1.","SINAPI",null,"Águas superficiais","-",0,0,"BDI 1",0,{"v":572.8,"d":"572.80"},"RA","",229.12,0,"","",false,"(Sem Código)",0,{"v":0.2604,"d":"26.04%"},{"$nulls":4},{"v":572.8,"d":"572.80"},0]
["S",3,"S",0,8,4,1,0,1,0,0,"F","Serviço","Serviço","8.4.1.0.1.","SABESP",70050001,"ESGOTAMENTO COM BOMBAS DE SUPERFÍCIE OU SUBMERSAS","HPH",{"v":160,"d":"160.00"},2.84,"BDI 1",3.58,{"v":572.8,"d":"572.80"},"RA","RA",229.12,0,"","","SABESP 70050001",20039,2.84,{"v":0.2604,"d":"26.04%"},null,{"v":160,"d":"160.00"},null,null,{"v":572.8,"d":"572.80"},3.58]
[2,2,2,13,8,5,0,0,0,49,13,"F","Nível 2","Nível 2","8.5.","SINAPI",null,"Fundações e Estruturas","-",0,0,"BDI 1",0,{"v":12875.96,"d":"12,875.96"},"RA","",5150.384000000001,0,"",75,false,"(Sem Código)",0,{"v":0.2604,"d":"26.04%"},{"$nulls":4},{"v":12875.96,"d":"12,875.96"},0]
[3,3,3,2,8,5,1,0,0,12,2,"F","Nível 3","Nível 3","8.5.1.","SINAPI",null,"Lastros","-",0,0,"BDI 1",0,76.13,"RA","",30.451999999999998,0,"","",false,"(Sem Código)",0,{"v":0.2604,"d":"26.04%"},{"$nulls":4},76.13,0]
["S",3,"S",0,8,5,1,0,1,0,0,"F","Serviço","Serviço","8.5.1.0.1.","SABESP",70070046,"LASTRO DE PEDRA BRITADA (A)","M3",{"v":0.4,"d":"0.40"},151.01,"BDI 1",190.33,76.13,"RA","RA",30.451999999999998,0,"","","SABESP 70070046",20138,151.01,{"v":0.2604,"d":"26.04%"},null,{"v":0.4,"d":"0.40"},null,null,76.13,190.33]
[3,3,3,2,8,5,2,0,0,10,2,"F","Nível 3","Nível 3","8.5.2.","SINAPI",null,"Formas para concreto","-",0,0,"BDI 1",0,{"v":2007.76,"d":"2,007.76"},"RA","",803.104,0,"","",false,"(Sem Código)",0,{"v":0.2604,"d":"26.04%"},{"$nulls":4},{"v":2007.76,"d":"2,007.76"},0]
["S",3,"S",0,8,5,2,0,1,0,0,"F","Serviço","Serviço","8.5.2.0.1.","CDHU","09.02.020","Forma plana em compensado para estrutura convencional","M2",{"v":8,"d":"8.00"},199.12,"BDI 1",250.97,{"v":2007.76,"d":"2,007.76"},"RA","RA",803.104,0,"","","CDHU 09.02.020",16302,199.12,{"v":0.2604,"d":"26.04%"},null,{"v":8,"d":"8.00"},null,null,{"v":2007.76,"d":"2,007.76"},250.97]
[3,3,3,2,8,5,3,0,0,8,2,"F","Nível 3","Nível 3","8.5.3.","SINAPI",null,"Aços para Concreto","-",0,0,"BDI 1",0,{"v":8300.27,"d":"8,300.27"},"RA","",3320.108,0,"","",false,"(Sem Código)",0,{"v":0.2604,"d":"26.04%"},{"$nulls":4},{"v":8300.27,"d":"8,300.27"},0]
["S",3,"S",0,8,5,3,0,1,0,0,"F","Serviço","Serviço","8.5.3.0.1.","SABESP",70070135,"ARMAÇÃO EM AÇO CA-50","KG",497.32,13.24,"BDI 1",16.69,{"v":8300.27,"d":"8,300.27"},"RA","RA",3320.108,0,"","","SABESP 70070135",20232,13.24,{"v":0.2604,"d":"26.04%"},null,497.32,null,null,{"v":8300.27,"d":"8,300.27"},16.69]
[3,3,3,2,8,5,4,0,0,6,2,"F","Nível 3","Nível 3","8.5.4.","SINAPI",null,"Concreto não estrutural","-",0,0,"BDI 1",0,295.33,"RA","",118.132,0,"","",false,"(Sem Código)",0,{"v":0.2604,"d":"26.04%"},{"$nulls":4},295.33,0]
["S",3,"S",0,8,5,4,0,1,0,0,"F","Serviço","Serviço","8.5.4.0.1.","SABESP",70070142,"CONCRETO NÃO ESTRUTURAL - MÍNIMO 150 KG DE CIMENTO/M³","M3",{"v":0.4,"d":"0.40"},585.78,"BDI 1",738.32,295.33,"RA","RA",118.132,0,"","","SABESP 70070142",20236,585.78,{"v":0.2604,"d":"26.04%"},null,{"v":0.4,"d":"0.40"},null,null,295.33,738.32]
[3,3,3,2,8,5,5,0,0,4,2,"F","Nível 3","Nível 3","8.5.5.","SINAPI",null,"Concreto Estrutural para estruturas não sujeitas ao contato com água e esgoto","-",0,0,"BDI 1",0,{"v":1854.87,"d":"1,854.87"},"RA","",741.948,0,"","",false,"(Sem Código)",0,{"v":0.2604,"d":"26.04%"},{"$nulls":4},{"v":1854.87,"d":"1,854.87"},0]
["S",3,"S",0,8,5,5,0,1,0,0,"F","Serviço","Serviço","8.5.5.0.1.","SABESP",70070146,"CONCRETO ESTRUTURAL PARA ESTRUTURAS NÃO SUJEITAS A CONTATO COM ÁGUA E ESGOTO, FCK = 30,0 MPA","M3",2.28,645.46,"BDI 1",813.54,{"v":1854.87,"d":"1,854.87"},"RA","RA",741.948,0,"","","SABESP 70070146",20242,645.46,{"v":0.2604,"d":"26.04%"},null,2.28,null,null,{"v":1854.87,"d":"1,854.87"},813.54]
[3,3,3,2,8,5,6,0,0,2,350,"F","Nível 3","Nível 3","8.5.6.","SINAPI",null,"Dispositivos especiais e estruturas acessórias","-",0,0,"BDI 1",0,{"v":341.6,"d":"341.60"},"RA","",136.64000000000001,0,"","",false,"(Sem Código)",0,{"v":0.2604,"d":"26.04%"},{"$nulls":4},{"v":341.6,"d":"341.60"},0]
["S",3,"S",0,8,5,6,0,1,0,0,"F","Serviço","Serviço","8.5.6.0.1.","SABESP",70070230,"ASSENTAMENTO DE TAMPÃO DE FERRO FUNDIDO, DN 600 MM","un",{"v":2,"d":"2.00"},135.51,"BDI 1",{"v":170.8,"d":"170.80"},{"v":341.6,"d":"341.60"},"RA","RA",136.64000000000001,0,"","","SABESP 70070230",20346,135.51,{"v":0.2604,"d":"26.04%"},null,{"v":2,"d":"2.00"},null,null,{"v":341.6,"d":"341.60"},{"v":170.8,"d":"170.80"}]
[2,2,2,3,8,6,0,0,0,36,3,"F","Nível 2","Nível 2","8.6.","SINAPI",null,"Fechamento","-",0,0,"BDI 1",0,{"v":4907.3,"d":"4,907.30"},"RA","",1962.92,0,"",76,false,"(Sem Código)",0,{"v":0.2604,"d":"26.04%"},{"$nulls":4},{"v":4907.3,"d":"4,907.30"},0]
[3,3,3,2,8,6,1,0,0,2,6,"F","Nível 3","Nível 3","8.6.1.","SINAPI",null,"Alvenaria","-",0,0,"BDI 1",0,{"v":4907.3,"d":"4,907.30"},"RA","",1962.92,0,"","",false,"(Sem Código)",0,{"v":0.2604,"d":"26.04%"},{"$nulls":4},{"v":4907.3,"d":"4,907.30"},0]
["S",3,"S",0,8,6,1,0,1,0,0,"F","Serviço","Serviço","8.6.1.0.1.","CDHU","14.11.271","Alvenaria de bloco de concreto estrutural 19 cm - classe A","M2",24.64,158.01,"BDI 1",199.16,{"v":4907.3,"d":"4,907.30"},"RA","RA",1962.92,0,"","","CDHU 14.11.271",16507,158.01,{"v":0.2604,"d":"26.04%"},null,24.64,null,null,{"v":4907.3,"d":"4,907.30"},199.16]
[2,2,2,6,8,7,0,0,0,33,6,"F","Nível 2","Nível 2","8.7.","SINAPI",null,"Revestimento e tratamento de superfície","-",0,0,"BDI 1",0,{"v":5479.23,"d":"5,479.23"},"RA","",2191.692,0,"",77,false,"(Sem Código)",0,{"v":0.2604,"d":"26.04%"},{"$nulls":4},{"v":5479.23,"d":"5,479.23"},0]
[3,3,3,3,8,7,1,0,0,5,3,"F","Nível 3","Nível 3","8.7.1.","SINAPI",null,"Pisos, tetos e paredes","-",0,0,"BDI 1",0,{"v":2666.68,"d":"2,666.68"},"RA","",1066.672,0,"","",false,"(Sem Código)",0,{"v":0.2604,"d":"26.04%"},{"$nulls":4},{"v":2666.68,"d":"2,666.68"},0]
["S",3,"S",0,8,7,1,0,1,0,0,"F","Serviço","Serviço","8.7.1.0.1.","CDHU","17.02.120","Emboço comum","M2",56.39,23.68,"BDI 1",29.85,{"v":1683.24,"d":"1,683.24"},"RA","RA",673.296,0,"","","CDHU 17.02.120",16670,23.68,{"v":0.2604,"d":"26.04%"},null,56.39,null,null,{"v":1683.24,"d":"1,683.24"},29.85]
["S",3,"S",0,8,7,1,0,2,0,0,"F","Serviço","Serviço","8.7.1.0.2.","CDHU","17.02.220","Reboco","M2",56.39,13.84,"BDI 1",17.44,983.44,"RA","RA",393.37600000000003,0,"","","CDHU 17.02.220",16673,13.84,{"v":0.2604,"d":"26.04%"},null,56.39,null,null,983.44,17.44]
[3,3,3,2,8,7,2,0,0,2,61,"F","Nível 3","Nível 3","8.7.2.","SINAPI",null,"Impermeabilização","-",0,0,"BDI 1",0,{"v":2812.55,"d":"2,812.55"},"RA","",1125.0200000000002,0,"","",false,"(Sem Código)",0,{"v":0.2604,"d":"26.04%"},{"$nulls":4},{"v":2812.55,"d":"2,812.55"},0]
["S",3,"S",0,8,7,2,0,1,0,0,"F","Serviço","Serviço","8.7.2.0.1.","SABESP",70120026,"IMPERMEABILIZAÇÃO BETUMINOSA","M2",{"v":115.6,"d":"115.60"},{"v":19.3,"d":"19.30"},"BDI 1",24.33,{"v":2812.55,"d":"2,812.55"},"RA","RA",1125.0200000000002,0,"","","SABESP 70120026",21049,{"v":19.3,"d":"19.30"},{"v":0.2604,"d":"26.04%"},null,{"v":115.6,"d":"115.60"},null,null,{"v":2812.55,"d":"2,812.55"},24.33]
[2,2,2,27,8,8,0,0,0,27,103,"F","Nível 2","Nível 2","8.8.","SINAPI",null,"Fornecimento de materiais e equipamentos","-",0,0,"BDI 1",0,{"v":23295.3,"d":"23,295.30"},"RA","",9318.12,0,"",78,false,"(Sem Código)",0,{"v":0.2604,"d":"26.04%"},{"$nulls":4},{"v":23295.3,"d":"23,295.30"},0]
[3,3,3,15,8,8,1,0,0,26,15,"F","Nível 3","Nível 3","8.8.1.","SINAPI",null,"Hidráulicos e hidromecânicos","-",0,0,"BDI 1",0,{"v":16864.18,"d":"16,864.18"},"RA","",6745.6720000000005,0,"","",false,"(Sem Código)",0,{"v":0.2604,"d":"26.04%"},{"$nulls":4},{"v":16864.18,"d":"16,864.18"},0]
[4,4,4,4,8,8,1,1,0,14,4,"F","Nível 4","Nível 4","8.8.1.1.","SINAPI",null,"Tubulação de ferro fundido","-",0,0,"BDI 1",0,{"v":7985.44,"d":"7,985.44"},"RA","",3194.176,0,"","",false,"(Sem Código)",0,{"v":0.2604,"d":"26.04%"},{"$nulls":4},{"v":7985.44,"d":"7,985.44"},0]
["S",4,"S",0,8,8,1,1,1,0,0,"F","Serviço","Serviço","8.8.1.1.1.","SABESP-I","HM07021","TUBO C/FLANGES PN10/16/25 FERRO FUNDIDO DN=80 MM L=1.000 MM (21,90 KG) PINTURA EPÓXI VERMELHA, ACESSÓRIOS NÃO INCLUSOS NBR 15420 ESGOTO","un",{"v":2,"d":"2.00"},{"v":1701.51,"d":"1,701.51"},"BDI 2",{"v":1895.48,"d":"1,895.48"},{"v":3790.96,"d":"3,790.96"},"RA","RA",1516.384,0,"","","SABESP-I HM07021",27139,{"v":1701.51,"d":"1,701.51"},{"v":0.114,"d":"11.40%"},null,{"v":2,"d":"2.00"},null,null,{"v":3790.96,"d":"3,790.96"},{"v":1895.48,"d":"1,895.48"}]
["S",4,"S",0,8,8,1,1,2,0,0,"F","Serviço","Serviço","8.8.1.1.2.","SABESP-I","HM07021","TUBO C/FLANGES PN10/16/25 FERRO FUNDIDO DN=80 MM L=1.000 MM (21,90 KG) PINTURA EPÓXI VERMELHA, ACESSÓRIOS NÃO INCLUSOS NBR 15420 ESGOTO","un",{"v":2,"d":"2.00"},{"v":1701.51,"d":"1,701.51"},"BDI 2",{"v":1895.48,"d":"1,895.48"},{"v":3790.96,"d":"3,790.96"},"RA","RA",1516.384,0,"","","SABESP-I HM07021",27139,{"v":1701.51,"d":"1,701.51"},{"v":0.114,"d":"11.40%"},null,{"v":2,"d":"2.00"},null,null,{"v":3790.96,"d":"3,790.96"},{"v":1895.48,"d":"1,895.48"}]
["S",4,"S",0,8,8,1,1,3,0,0,"F","Serviço","Serviço","8.8.1.1.3.","SABESP-I","HM01304","ACESSÓRIOS PARA FLANGE DN=80 PN10 AÇO GALV D=5/8\" X L=2 3/4\" 8 CJ (PARAFUSO, PORCA E ARRUELA) NORMA 0100-400-E027 FL3/3","un",{"v":4,"d":"4.00"},90.56,"BDI 2",100.88,403.52,"RA","RA",161.40800000000002,0,"","","SABESP-I HM01304",25006,90.56,{"v":0.114,"d":"11.40%"},null,{"v":4,"d":"4.00"},null,null,403.52,100.88]
[4,4,4,4,8,8,1,2,0,10,4,"F","Nível 4","Nível 4","8.8.1.2.","SINAPI",null,"Conexões de ferro fundido","-",0,0,"BDI 1",0,{"v":5728.6,"d":"5,728.60"},"RA","",2291.44,0,"","",false,"(Sem Código)",0,{"v":0.2604,"d":"26.04%"},{"$nulls":4},{"v":5728.6,"d":"5,728.60"},0]
["S",4,"S",0,8,8,1,2,1,0,0,"F","Serviço","Serviço","8.8.1.2.1.","SABESP-I","HM06581","TÊ C/BOLSAS JE2GS E FLANGE PN10/16/25 FERRO FUNDIDO DN=200X50 MM (25,60 KG) PINTURA BETUMINOSA, ACESSÓRIOS NÃO INCLUSOS NBR 7675 ÁGUA","un",{"v":2,"d":"2.00"},833.42,"BDI 2",928.43,{"v":1856.86,"d":"1,856.86"},"RA","RA",742.744,0,"","","SABESP-I HM06581",26042,833.42,{"v":0.114,"d":"11.40%"},null,{"v":2,"d":"2.00"},null,null,{"v":1856.86,"d":"1,856.86"},928.43]
["S",4,"S",0,8,8,1,2,2,0,0,"F","Serviço","Serviço","8.8.1.2.2.","SABESP-I","HM06243","CURVA 22º30' COM FLANGES PN10/16/25 FERRO FUNDIDO DN=80 MM (13,00 KG) PINTURA EPÓXI VERMELHA, ACESSÓRIOS NÃO INCLUSOS NBR 15420 ESGOTO","un",{"v":2,"d":"2.00"},282.77,"BDI 2",315.01,630.02,"RA","RA",252.008,0,"","","SABESP-I HM06243",26206,282.77,{"v":0.114,"d":"11.40%"},null,{"v":2,"d":"2.00"},null,null,630.02,315.01]
["S",4,"S",0,8,8,1,2,3,0,0,"F","Serviço","Serviço","8.8.1.2.3.","SABESP-I","HM06361","HASTE DE PROLONGAMENTO C/QUADRADO E BOCA DE CHAVE FERRO TREFILADO D=1.1/8\" X L=5 M (5 KG/M) PINTURA EPÓXI AZUL P/MANOBRA DE VÁLVULAS","un",{"v":2,"d":"2.00"},{"v":1454.99,"d":"1,454.99"},"BDI 2",{"v":1620.86,"d":"1,620.86"},{"v":3241.72,"d":"3,241.72"},"RA","RA",1296.688,0,"","","SABESP-I HM06361",25701,{"v":1454.99,"d":"1,454.99"},{"v":0.114,"d":"11.40%"},null,{"v":2,"d":"2.00"},null,null,{"v":3241.72,"d":"3,241.72"},{"v":1620.86,"d":"1,620.86"}]
[4,4,4,3,8,8,1,3,0,6,3,"F","Nível 4","Nível 4","8.8.1.3.","SINAPI",null,"Válvulas e Registros","-",0,0,"BDI 1",0,{"v":1907.46,"d":"1,907.46"},"RA","",762.984,0,"","",false,"(Sem Código)",0,{"v":0.2604,"d":"26.04%"},{"$nulls":4},{"v":1907.46,"d":"1,907.46"},0]
["S",4,"S",0,8,8,1,3,1,0,0,"F","Serviço","Serviço","8.8.1.3.1.","SABESP-I","HM04207","VÁLVULA GAVETA C/FLANGES PN10/16 FERRO FUNDIDO DN=50 MM * (11,00 KG), ACION. VOLANTE, CUNHA DE BORRACHA, MÉTRICA CHATA, PINTURA EPÓXI EM PÓ NBR 14968\nÁGUA/ESGOTO","un",{"v":2,"d":"2.00"},379.83,"BDI 2",423.13,846.26,"RA","RA",338.504,0,"","","SABESP-I HM04207",27292,379.83,{"v":0.114,"d":"11.40%"},null,{"v":2,"d":"2.00"},null,null,846.26,423.13]
["S",4,"S",0,8,8,1,3,2,0,0,"F","Serviço","Serviço","8.8.1.3.2.","SABESP","70140057","VÁLVULA GAVETA FOFO ATÉ DN200 MM - MONTAGEM","un",{"v":2,"d":"2.00"},420.98,"BDI 1",{"v":530.6,"d":"530.60"},{"v":1061.2,"d":"1,061.20"},"RA","RA",424.48,0,"","","SABESP 70140057",21348,420.98,{"v":0.2604,"d":"26.04%"},null,{"v":2,"d":"2.00"},null,null,{"v":1061.2,"d":"1,061.20"},{"v":530.6,"d":"530.60"}]
[4,4,4,3,8,8,1,4,0,3,385,"F","Nível 4","Nível 4","8.8.1.4.","SINAPI",null,"Tampões","-",0,0,"BDI 1",0,{"v":1242.68,"d":"1,242.68"},"RA","",497.072,0,"","",false,"(Sem Código)",0,{"v":0.2604,"d":"26.04%"},{"$nulls":4},{"v":1242.68,"d":"1,242.68"},0]
["S",4,"S",0,8,8,1,4,1,0,0,"F","Serviço","Serviço","8.8.1.4.1.","SABESP-I","HM01428","TAMPÃO ARTICULADO FERRO FUNDIDO DN 600 MM COM ARO NTS 033","un",{"v":2,"d":"2.00"},473.19,"BDI 2",527.13,{"v":1054.26,"d":"1,054.26"},"RA","RA",421.704,0,"","","SABESP-I HM01428",26565,473.19,{"v":0.114,"d":"11.40%"},null,{"v":2,"d":"2.00"},null,null,{"v":1054.26,"d":"1,054.26"},527.13]
["S",4,"S",0,8,8,1,4,2,0,0,"F","Serviço","Serviço","8.8.1.4.2.","SABESP-I","HM01366","CAIXA TIPO T-5 FERRO FUNDIDO DN 100 MM COM TAMPA ARTICULADA PARA VÁLVULA NTS 033","un",{"v":2,"d":"2.00"},84.57,"BDI 2",94.21,188.42,"RA","RA",75.368,0,"","","SABESP-I HM01366",26564,84.57,{"v":0.114,"d":"11.40%"},null,{"v":2,"d":"2.00"},null,null,188.42,94.21]
[3,3,3,11,8,8,2,0,0,11,43,"F","Nível 3","Nível 3","8.8.2.","SINAPI",null,"Pavimentação","-",0,null,"BDI 1",0,{"v":6431.12,"d":"6,431.12"},"RA","",2572.4480000000003,0,"","",false,"(Sem Código)",0,{"v":0.2604,"d":"26.04%"},{"$nulls":4},{"v":6431.12,"d":"6,431.12"},0]
[4,4,4,4,8,8,2,1,0,10,4,"F","Nível 4","Nível 4","8.8.2.1.","SINAPI",null,"Corte de pavimento asfáltico","-",0,null,"BDI 1",0,{"v":1144.39,"d":"1,144.39"},"RA","",457.7560000000001,0,"","",false,"(Sem Código)",0,{"v":0.2604,"d":"26.04%"},{"$nulls":4},{"v":1144.39,"d":"1,144.39"},0]
["S",4,"S",0,8,8,2,1,1,0,0,"F","Serviço","Serviço","8.8.2.1.1.","Composição","0001","CORTE EM PAVIMENTO DE ASFALTO / CONCRETO COM MÁQUINA E DISCO DIAMANTADO","M",{"v":19.2,"d":"19.20"},10.76,"BDI 1",13.56,260.35,"RA","RA",104.14000000000001,0,"","","Composição 0001",3,10.76,{"v":0.2604,"d":"26.04%"},null,{"v":19.2,"d":"19.20"},null,null,260.35,13.56]
["S",4,"S",0,8,8,2,1,2,0,0,"F","Serviço","Serviço","8.8.2.1.2.","Composição","0028","Demolição de asfalto c/ martelete - SEDOP 021525","M2",20.48,14.65,"BDI 1",18.46,378.06,"RA","RA",151.22400000000002,0,"","","Composição 0028",30,14.65,{"v":0.2604,"d":"26.04%"},null,20.48,null,null,378.06,18.46]
["S",4,"S",0,8,8,2,1,3,0,0,"F","Serviço","Serviço","8.8.2.1.3.","SABESP","70190145","REMOÇÃO ENTULHO INCLUSIVE A CARGA, TRANSPORTE E DESCARGA EM BOTA FORA A QQ DISTÂNCIA","M3",3.08,130.34,"BDI 1",164.28,505.98,"RA","RA",202.39200000000002,0,"","","SABESP 70190145",22150,130.34,{"v":0.2604,"d":"26.04%"},null,3.08,null,null,505.98,164.28]
[4,4,4,6,8,8,2,2,0,6,97,"F","Nível 4","Nível 4","8.8.2.2.","SINAPI",null,"Recomposição da pavimentação asfáltica","-",0,null,"BDI 1",0,{"v":5286.73,"d":"5,286.73"},"RA","",2114.692,0,"","",false,"(Sem Código)",0,{"v":0.2604,"d":"26.04%"},{"$nulls":4},{"v":5286.73,"d":"5,286.73"},0]
["S",4,"S",0,8,8,2,2,1,0,0,"F","Serviço","Serviço","8.8.2.2.1.","CDHU","54.01.220","Base de bica corrida","M3",3.08,232.84,"BDI 1",293.47,903.89,"RA","RA",361.55600000000004,0,"","","CDHU 54.01.220",19402,232.84,{"v":0.2604,"d":"26.04%"},null,3.08,null,null,903.89,293.47]
["S",4,"S",0,8,8,2,2,2,0,0,"F","Serviço","Serviço","8.8.2.2.2.","CDHU","54.03.230","Imprimação betuminosa ligante","M2",15.36,6.49,"BDI 1",8.18,125.64,"RA","RA",50.256,0,"","","CDHU 54.03.230",19413,6.49,{"v":0.2604,"d":"26.04%"},null,15.36,null,null,125.64,8.18]
["S",4,"S",0,8,8,2,2,3,0,0,"F","Serviço","Serviço","8.8.2.2.3.","CDHU","54.03.240","Imprimação betuminosa impermeabilizante","M2",15.36,13.09,"BDI 1",{"v":16.5,"d":"16.50"},253.44,"RA","RA",101.376,0,"","","CDHU 54.03.240",19414,13.09,{"v":0.2604,"d":"26.04%"},null,15.36,null,null,253.44,{"v":16.5,"d":"16.50"}]
["S",4,"S",0,8,8,2,2,4,0,0,"F","Serviço","Serviço","8.8.2.2.4.","SINAPI","95876","TRANSPORTE COM CAMINHÃO BASCULANTE DE 14 M³, EM VIA URBANA PAVIMENTADA, DMT ATÉ 30 KM (UNIDADE: M3XKM). AF_07/2020","M3XKM",25.72,2.28,"BDI 1",2.87,73.82,"RA","RA",29.528,0,"","","SINAPI 95876",15330,2.28,{"v":0.2604,"d":"26.04%"},null,25.72,null,null,73.82,2.87]
["S",4,"S",0,8,8,2,2,5,0,0,"F","Serviço","Serviço","8.8.2.2.5.","SINAPI","102098","RECOMPOSIÇÃO DE REVESTIMENTO EM CONCRETO ASFÁLTICO (AQUISIÇÃO EM USINA), PARA O FECHAMENTO DE VALAS - INCLUSO DEMOLIÇÃO DO PAVIMENTO. AF_12/2020","M3",1.54,{"v":2024.68,"d":"2,024.68"},"BDI 1",{"v":2551.91,"d":"2,551.91"},{"v":3929.94,"d":"3,929.94"},"RA","RA",1571.976,0,"","","SINAPI 102098",14540,{"v":2024.68,"d":"2,024.68"},{"v":0.2604,"d":"26.04%"},null,1.54,null,null,{"v":3929.94,"d":"3,929.94"},{"v":2551.91,"d":"2,551.91"}]
[1,1,1,95,9,0,0,0,0,1226,95,"F","Meta","Meta","9.","SINAPI",null,"COLETOR ENGENHEIRO NEIVA","-",0,null,"BDI 1",0,{"v":1651911.67,"d":"1,651,911.67"},"RA","",660764.6680000001,0,"",79,false,"(Sem Código)",0,{"v":0.2604,"d":"26.04%"},{"$nulls":4},{"v":1651911.67,"d":"1,651,911.67"},0]
[2,2,2,8,9,1,0,0,0,94,8,"F","Nível 2","Nível 2","9.1.","SINAPI",null,"Canteiro de Obras (também atenderá CT BASF/LR BASF)","-",0,null,"BDI 1",0,{"v":117873.52,"d":"117,873.52"},"RA","",47149.408,0,"",80,false,"(Sem Código)",0,{"v":0.2604,"d":"26.04%"},{"$nulls":4},{"v":117873.52,"d":"117,873.52"},0]
["S",2,"S",0,9,1,0,0,1,0,0,"F","Serviço","Serviço","9.1.0.0.1.","SINAPI-I","10775","LOCACAO DE CONTAINER 2,30 X 6,00 M, ALT. 2,50 M, COM 1 SANITARIO, PARA ESCRITORIO, COMPLETO, SEM DIVISORIAS INTERNAS (NAO INCLUI MOBILIZACAO/DESMOBILIZACAO)","MES",{"v":24,"d":"24.00"},{"v":847.5,"d":"847.50"},"BDI 1",{"v":1068.19,"d":"1,068.19"},{"v":25636.56,"d":"25,636.56"},"RA","RA",10254.624000000002,0,"","","SINAPI-I 10775",2675,{"v":847.5,"d":"847.50"},{"v":0.2604,"d":"26.04%"},null,{"v":24,"d":"24.00"},null,null,{"v":25636.56,"d":"25,636.56"},{"v":1068.19,"d":"1,068.19"}]
["S",2,"S",0,9,1,0,0,2,0,0,"F","Serviço","Serviço","9.1.0.0.2.","SINAPI-I","10776","LOCACAO DE CONTAINER 2,30 X 6,00 M, ALT. 2,50 M, PARA ESCRITORIO, SEM DIVISORIAS INTERNAS E SEM SANITARIO (NAO INCLUI MOBILIZACAO/DESMOBILIZACAO)","MES",{"v":24,"d":"24.00"},{"v":662.1,"d":"662.10"},"BDI 1",834.51,{"v":20028.24,"d":"20,028.24"},"RA","RA",8011.296000000001,0,"","","SINAPI-I 10776",2676,{"v":662.1,"d":"662.10"},{"v":0.2604,"d":"26.04%"},null,{"v":24,"d":"24.00"},null,null,{"v":20028.24,"d":"20,028.24"},834.51]
["S",2,"S",0,9,1,0,0,3,0,0,"F","Serviço","Serviço","9.1.0.0.3.","SINAPI-I","10777","LOCACAO DE CONTAINER 2,30 X 4,30 M, ALT. 2,50 M, PARA SANITARIO, COM 3 BACIAS, 4 CHUVEIROS, 1 LAVATORIO E 1 MICTORIO (NAO INCLUI MOBILIZACAO/DESMOBILIZACAO)","MES",{"v":24,"d":"24.00"},962.26,"BDI 1",{"v":1212.83,"d":"1,212.83"},{"v":29107.92,"d":"29,107.92"},"RA","RA",11643.168,0,"","","SINAPI-I 10777",2674,962.26,{"v":0.2604,"d":"26.04%"},null,{"v":24,"d":"24.00"},null,null,{"v":29107.92,"d":"29,107.92"},{"v":1212.83,"d":"1,212.83"}]
["S",2,"S",0,9,1,0,0,4,0,0,"F","Serviço","Serviço","9.1.0.0.4.","CDHU","02.01.180","Banheiro químico modelo Standard, com manutenção conforme exigências da CETESB","UNMES",{"v":24,"d":"24.00"},{"v":1221.16,"d":"1,221.16"},"BDI 1",{"v":1539.15,"d":"1,539.15"},{"v":36939.6,"d":"36,939.60"},"RA","RA",14775.84,0,"","","CDHU 02.01.180",15890,{"v":1221.16,"d":"1,221.16"},{"v":0.2604,"d":"26.04%"},null,{"v":24,"d":"24.00"},null,null,{"v":36939.6,"d":"36,939.60"},{"v":1539.15,"d":"1,539.15"}]
["S",2,"S",0,9,1,0,0,5,0,0,"F","Serviço","Serviço","9.1.0.0.5.","CDHU","15.01.330","Estrutura em terças para telhas perfil trapezoidal","M2",{"v":36.9,"d":"36.90"},22.23,"BDI 1",28.02,{"v":1033.94,"d":"1,033.94"},"RA","RA",413.576,0,"","","CDHU 15.01.330",16570,22.23,{"v":0.2604,"d":"26.04%"},null,{"v":36.9,"d":"36.90"},null,null,{"v":1033.94,"d":"1,033.94"},28.02]
["S",2,"S",0,9,1,0,0,6,0,0,"F","Serviço","Serviço","9.1.0.0.6.","CDHU","16.12.060","Telhamento em chapa de aço pré-pintada com epóxi e poliéster, perfil trapezoidal, com espessura de 0,50 mm e altura de 40 mm","M2",{"v":36.9,"d":"36.90"},{"v":103.6,"d":"103.60"},"BDI 1",130.58,{"v":4818.4,"d":"4,818.40"},"RA","RA",1927.36,0,"","","CDHU 16.12.060",16617,{"v":103.6,"d":"103.60"},{"v":0.2604,"d":"26.04%"},null,{"v":36.9,"d":"36.90"},null,null,{"v":4818.4,"d":"4,818.40"},130.58]
["S",2,"S",0,9,1,0,0,7,0,0,"F","Serviço","Serviço","9.1.0.0.7.","SABESP","70070054","LASTRO DE PEDRA BRITADA (C)","M3",1.85,132.46,"BDI 1",166.95,308.86,"RA","RA",123.54400000000001,0,"","","SABESP 70070054",20140,132.46,{"v":0.2604,"d":"26.04%"},null,1.85,null,null,308.86,166.95]
[2,2,2,5,9,2,0,0,0,86,5,"F","Nível 2","Nível 2","9.2.","SINAPI",null,"Serviços Técnicos","-",0,0,"BDI 1",0,{"v":6450.21,"d":"6,450.21"},"RA","",2580.0840000000003,0,"",81,false,"(Sem Código)",0,{"v":0.2604,"d":"26.04%"},{"$nulls":4},{"v":6450.21,"d":"6,450.21"},0]
[3,3,3,4,9,2,1,0,0,4,8,"F","Nível 3","Nível 3","9.2.1.","SINAPI",null,"Locação e Cadastro","-",0,0,"BDI 1",0,{"v":6450.21,"d":"6,450.21"},"RA","",2580.0840000000003,0,"","",false,"(Sem Código)",0,{"v":0.2604,"d":"26.04%"},{"$nulls":4},{"v":6450.21,"d":"6,450.21"},0]
["S",3,"S",0,9,2,1,0,1,0,0,"F","Serviço","Serviço","9.2.1.0.1.","SABESP",70010003,"LOCAÇÃO DE ADUTORAS, COLETORES-TRONCO E INTERCEPTORES (ATÉ DIÂM. 500 MM)","M",741.06,1.44,"BDI 1",1.81,{"v":1341.32,"d":"1,341.32"},"RA","RA",536.528,0,"","","SABESP 70010003",19839,1.44,{"v":0.2604,"d":"26.04%"},null,741.06,null,null,{"v":1341.32,"d":"1,341.32"},1.81]
["S",3,"S",0,9,2,1,0,2,0,0,"F","Serviço","Serviço","9.2.1.0.2.","SABESP",70010006,"CADASTRO DE ADUTORAS, COLETORES-TRONCO E INTERCEPTORES (ATÉ DIÂM. 500 MM)","M",741.06,4.56,"BDI 1",5.75,{"v":4261.1,"d":"4,261.10"},"RA","RA",1704.4400000000003,0,"","","SABESP 70010006",19832,4.56,{"v":0.2604,"d":"26.04%"},null,741.06,null,null,{"v":4261.1,"d":"4,261.10"},5.75]
["S",3,"S",0,9,2,1,0,3,0,0,"F","Serviço","Serviço","9.2.1.0.3.","Composição","0032","CADASTRO DE POÇO DE VISITA, POÇO DE INSPEÇÃO E CAIXAS DE PASSAGEM","UNID",{"v":17,"d":"17.00"},39.57,"BDI 1",49.87,847.79,"RA","RA",339.116,0,"","","Composição 0032",34,39.57,{"v":0.2604,"d":"26.04%"},null,{"v":17,"d":"17.00"},null,null,847.79,49.87]
[2,2,2,7,9,3,0,0,0,81,7,"F","Nível 2","Nível 2","9.3.","SINAPI",null,"Serviços Preliminares","-",0,0,"BDI 1",0,{"v":39138.38,"d":"39,138.38"},"RA","",15655.352,0,"",82,false,"(Sem Código)",0,{"v":0.2604,"d":"26.04%"},{"$nulls":4},{"v":39138.38,"d":"39,138.38"},0]
[3,3,3,3,9,3,1,0,0,6,3,"F","Nível 3","Nível 3","9.3.1.","SINAPI",null,"Trânsito e Segurança","-",0,0,"BDI 1",0,{"v":8995.96,"d":"8,995.96"},"RA","",3598.3840000000005,0,"","",false,"(Sem Código)",0,{"v":0.2604,"d":"26.04%"},{"$nulls":4},{"v":8995.96,"d":"8,995.96"},0]
["S",3,"S",0,9,3,1,0,1,0,0,"F","Serviço","Serviço","9.3.1.0.1.","SABESP",70020004,"SINALIZAÇÃO DE TRÁFEGO","M",{"v":120,"d":"120.00"},5.14,"BDI 1",6.48,{"v":777.6,"d":"777.60"},"RA","RA",311.04,0,"","","SABESP 70020004",19845,5.14,{"v":0.2604,"d":"26.04%"},null,{"v":120,"d":"120.00"},null,null,{"v":777.6,"d":"777.60"},6.48]
["S",3,"S",0,9,3,1,0,2,0,0,"F","Serviço","Serviço","9.3.1.0.2.","SABESP",70020003,"TAPUME CONTÍNUO EM CHAPAS DE MADEIRA","M",741.06,{"v":8.8,"d":"8.80"},"BDI 1",11.09,{"v":8218.36,"d":"8,218.36"},"RA","RA",3287.3440000000005,0,"","","SABESP 70020003",19848,{"v":8.8,"d":"8.80"},{"v":0.2604,"d":"26.04%"},null,741.06,null,null,{"v":8218.36,"d":"8,218.36"},11.09]
[3,3,3,3,9,3,2,0,0,3,14,"F","Nível 3","Nível 3","9.3.2.","SINAPI",null,"Passadiços e Travessias","-",0,0,"BDI 1",0,{"v":30142.42,"d":"30,142.42"},"RA","",12056.968,0,"","",false,"(Sem Código)",0,{"v":0.2604,"d":"26.04%"},{"$nulls":4},{"v":30142.42,"d":"30,142.42"},0]
["S",3,"S",0,9,3,2,0,1,0,0,"F","Serviço","Serviço","9.3.2.0.1.","SABESP",70020006,"PASSADIÇOS DE MADEIRA PARA PEDESTRES","M2",{"v":74,"d":"74.00"},120.56,"BDI 1",151.95,{"v":11244.3,"d":"11,244.30"},"RA","RA",4497.72,0,"","","SABESP 70020006",19852,120.56,{"v":0.2604,"d":"26.04%"},null,{"v":74,"d":"74.00"},null,null,{"v":11244.3,"d":"11,244.30"},151.95]
["S",3,"S",0,9,3,2,0,2,0,0,"F","Serviço","Serviço","9.3.2.0.2.","SABESP",70020008,"PASSADIÇOS DE CHAPA METÁLICA PARA VEÍCULOS","M2",{"v":148,"d":"148.00"},101.31,"BDI 1",127.69,{"v":18898.12,"d":"18,898.12"},"RA","RA",7559.248,0,"","","SABESP 70020008",19851,101.31,{"v":0.2604,"d":"26.04%"},null,{"v":148,"d":"148.00"},null,null,{"v":18898.12,"d":"18,898.12"},127.69]
[2,2,2,15,9,4,0,0,0,74,15,"F","Nível 2","Nível 2","9.4.","SINAPI",null,"Movimento de Terra","-",0,0,"BDI 1",0,{"v":122055.73,"d":"122,055.73"},"RA","",48822.292,0,"",83,false,"(Sem Código)",0,{"v":0.2604,"d":"26.04%"},{"$nulls":4},{"v":122055.73,"d":"122,055.73"},0]
[3,3,3,6,9,4,1,0,0,14,6,"F","Nível 3","Nível 3","9.4.1.","SINAPI",null,"Escavação de valas, qualquer terreno, exceto rocha - coletores tronco e interceptores","-",0,0,"BDI 1",0,{"v":44608.93,"d":"44,608.93"},"RA","",17843.572,0,"","",false,"(Sem Código)",0,{"v":0.2604,"d":"26.04%"},{"$nulls":4},{"v":44608.93,"d":"44,608.93"},0]
["S",3,"S",0,9,4,1,0,1,0,0,"F","Serviço","Serviço","9.4.1.0.1.","SINAPI","102279","ESCAVAÇÃO MECANIZADA DE VALA COM PROF. ATÉ 1,5 M (MÉDIA MONTANTE E JUSANTE/UMA COMPOSIÇÃO POR TRECHO), ESCAVADEIRA (0,8 M3),LARG. MENOR QUE 1,5 M, EM SOLO DE 1A CATEGORIA, LOCAIS COM BAIXO NÍVEL DE INTERFERÊNCIA. AF_09/2024","M3",54.54,7.45,"BDI 1",9.39,512.13,"RA","RA",204.852,0,"","","SINAPI 102279",9272,7.45,{"v":0.2604,"d":"26.04%"},null,54.54,null,null,512.13,9.39]
["S",3,"S",0,9,4,1,0,2,0,0,"F","Serviço","Serviço","9.4.1.0.2.","SINAPI","90092","ESCAVAÇÃO MECANIZADA DE VALA COM PROF. MAIOR QUE 1,5 M E ATÉ 3,0 M(MÉDIA MONTANTE E JUSANTE/UMA COMPOSIÇÃO POR TRECHO), ESCAVADEIRA (0,8 M3), LARG. MENOR QUE 1,5 M, EM SOLO DE 1A CATEGORIA, LOCAIS COM BAIXO NÍVEL DE INTERFERÊNCIA. AF_09/2024","M3",144.03,{"v":6.4,"d":"6.40"},"BDI 1",8.07,{"v":1162.32,"d":"1,162.32"},"RA","RA",464.928,0,"","","SINAPI 90092",9309,{"v":6.4,"d":"6.40"},{"v":0.2604,"d":"26.04%"},null,144.03,null,null,{"v":1162.32,"d":"1,162.32"},8.07]
["S",3,"S",0,9,4,1,0,3,0,0,"F","Serviço","Serviço","9.4.1.0.3.","SINAPI","90094","ESCAVAÇÃO MECANIZADA DE VALA COM PROF. MAIOR QUE 3,0 M ATÉ 4,5 M (MÉDIA MONTANTE E JUSANTE/UMA COMPOSIÇÃO POR TRECHO), ESCAVADEIRA (0,8 M3), LARG. MENOR QUE 1,5 M, EM SOLO DE 1A CATEGORIA, LOCAIS COM BAIXO NÍVEL DE INTERFERÊNCIA. AF_09/2024","M3",{"v":1619.06,"d":"1,619.06"},6.05,"BDI 1",7.63,{"v":12353.43,"d":"12,353.43"},"RA","RA",4941.372,0,"","","SINAPI 90094",9311,6.05,{"v":0.2604,"d":"26.04%"},null,{"v":1619.06,"d":"1,619.06"},null,null,{"v":12353.43,"d":"12,353.43"},7.63]
["S",3,"S",0,9,4,1,0,4,0,0,"F","Serviço","Serviço","9.4.1.0.4.","SINAPI","102280","ESCAVAÇÃO MECANIZADA DE VALA COM PROF. MAIOR QUE 4,5 M ATÉ 6,0 M (MÉDIA MONTANTE E JUSANTE/UMA COMPOSIÇÃO POR TRECHO),COM ESCAVADEIRA (0,8 M3), LARG. MENOR QUE 1,5 M, EM SOLO DE 1A CATEGORIA, LOCAIS COM BAIXO NÍVEL DE INTERFERÊNCIA. AF_09/2024","M3",{"v":2635.43,"d":"2,635.43"},5.88,"BDI 1",7.41,{"v":19528.54,"d":"19,528.54"},"RA","RA",7811.416000000001,0,"","","SINAPI 102280",9325,5.88,{"v":0.2604,"d":"26.04%"},null,{"v":2635.43,"d":"2,635.43"},null,null,{"v":19528.54,"d":"19,528.54"},7.41]
["S",3,"S",0,9,4,1,0,5,0,0,"F","Serviço","Serviço","9.4.1.0.5.","SINAPI","101616","PREPARO DE FUNDO DE VALA COM LARGURA MENOR QUE 1,5 M (ACERTO DO SOLO NATURAL). AF_08/2020","M2",{"v":1058.67,"d":"1,058.67"},8.28,"BDI 1",10.44,{"v":11052.51,"d":"11,052.51"},"RA","RA",4421.004,0,"","","SINAPI 101616",9402,8.28,{"v":0.2604,"d":"26.04%"},null,{"v":1058.67,"d":"1,058.67"},null,null,{"v":11052.51,"d":"11,052.51"},10.44]
[3,3,3,4,9,4,2,0,0,8,4,"F","Nível 3","Nível 3","9.4.2.","SINAPI",null,"Aterros e recobrimentos especiais de valas, poços e cavas","-",0,0,"BDI 1",0,{"v":72360.88,"d":"72,360.88"},"RA","",28944.352,0,"","",false,"(Sem Código)",0,{"v":0.2604,"d":"26.04%"},{"$nulls":4},{"v":72360.88,"d":"72,360.88"},0]
["S",3,"S",0,9,4,2,0,1,0,0,"F","Serviço","Serviço","9.4.2.0.1.","SINAPI","93379","REATERRO MECANIZADO DE VALA COM RETROESCAVADEIRA (CAPACIDADE DA CAÇAMBA DA RETRO: 0,26 M³/POTÊNCIA: 88 HP), LARGURA 0,8 A 1,5 M, PROFUNDIDADE ATÉ 1,5 M, COM SOLO (SEM SUBSTITUIÇÃO) DE 1ª CATEGORIA, COM COMPACTADOR DE SOLOS DE PERCUSSÃO AF_08/2023","M3",46.66,20.05,"BDI 1",25.27,{"v":1179.1,"d":"1,179.10"},"RA","RA",471.64,0,"","","SINAPI 93379",6781,20.05,{"v":0.2604,"d":"26.04%"},null,46.66,null,null,{"v":1179.1,"d":"1,179.10"},25.27]
["S",3,"S",0,9,4,2,0,2,0,0,"F","Serviço","Serviço","9.4.2.0.2.","SINAPI","93381","REATERRO MECANIZADO DE VALA COM RETROESCAVADEIRA (CAPACIDADE DA CAÇAMBA DA RETRO: 0,26 M³/POTÊNCIA: 88 HP), LARGURA 0,8 A 1,5 M, PROFUNDIDADE 1,5 A 3,0 M, COM SOLO (SEM SUBSTITUIÇÃO) DE 1ª CATEGORIA E COMPACTADOR DE SOLOS DE PERCUSSÃO. AF_08/2023","M3",132.86,{"v":13.8,"d":"13.80"},"BDI 1",17.39,{"v":2310.44,"d":"2,310.44"},"RA","RA",924.176,0,"","","SINAPI 93381",6780,{"v":13.8,"d":"13.80"},{"v":0.2604,"d":"26.04%"},null,132.86,null,null,{"v":2310.44,"d":"2,310.44"},17.39]
["S",3,"S",0,9,4,2,0,3,0,0,"F","Serviço","Serviço","9.4.2.0.3.","SINAPI","104731","REATERRO MECANIZADO DE VALA COM ESCAVADEIRA HIDRÁULICA (CAPACIDADE DA CAÇAMBA: 0,8 M³/POTÊNCIA: 111 HP), LARGURA ATÉ 1,5 M, PROFUNDIDADE DE 3,0 A 6,0 M, COM SOLO (SEM SUBSTITUIÇÃO) DE 1ª CATEGORIA, COM PLACA VIBRATÓRIA. AF_08/2023","M3",{"v":4077.64,"d":"4,077.64"},{"v":13.4,"d":"13.40"},"BDI 1",16.89,{"v":68871.34,"d":"68,871.34"},"RA","RA",27548.536,0,"","","SINAPI 104731",6773,{"v":13.4,"d":"13.40"},{"v":0.2604,"d":"26.04%"},null,{"v":4077.6400000000003,"d":"4,077.64"},null,null,{"v":68871.34,"d":"68,871.34"},16.89]
[3,3,3,4,9,4,3,0,0,4,26,"F","Nível 3","Nível 3","9.4.3.","SINAPI",null,"Carga, transporte e descarga","-",0,0,"BDI 1",0,{"v":5085.92,"d":"5,085.92"},"RA","",2034.3680000000002,0,"","",false,"(Sem Código)",0,{"v":0.2604,"d":"26.04%"},{"$nulls":4},{"v":5085.92,"d":"5,085.92"},0]
["S",3,"S",0,9,4,3,0,1,0,0,"F","Serviço","Serviço","9.4.3.0.1.","SINAPI","100978","CARGA, MANOBRA E DESCARGA DE SOLOS E MATERIAIS GRANULARES EM CAMINHÃO BASCULANTE 10 M³ - CARGA COM ESCAVADEIRA HIDRÁULICA (CAÇAMBA DE 1,20 M³ / 155 HP) E DESCARGA LIVRE (UNIDADE: M3). AF_07/2020","M3",{"v":195.9,"d":"195.90"},7.48,"BDI 1",9.43,{"v":1847.34,"d":"1,847.34"},"RA","RA",738.936,0,"","","SINAPI 100978",15260,7.48,{"v":0.2604,"d":"26.04%"},null,{"v":195.9,"d":"195.90"},null,null,{"v":1847.34,"d":"1,847.34"},9.43]
["S",3,"S",0,9,4,3,0,2,0,0,"F","Serviço","Serviço","9.4.3.0.2.","SINAPI","95875","TRANSPORTE COM CAMINHÃO BASCULANTE DE 10 M³, EM VIA URBANA PAVIMENTADA, DMT ATÉ 30 KM (UNIDADE: M3XKM). AF_07/2020","M3XKM",861.95,2.64,"BDI 1",3.33,{"v":2870.29,"d":"2,870.29"},"RA","RA",1148.116,0,"","","SINAPI 95875",15320,2.64,{"v":0.2604,"d":"26.04%"},null,861.95,null,null,{"v":2870.29,"d":"2,870.29"},3.33]
["S",3,"S",0,9,4,3,0,3,0,0,"F","Serviço","Serviço","9.4.3.0.3.","SINAPI","100574","ESPALHAMENTO DE MATERIAL COM TRATOR DE ESTEIRAS. AF_09/2024","M3",{"v":195.9,"d":"195.90"},1.49,"BDI 1",1.88,368.29,"RA","RA",147.316,0,"","","SINAPI 100574",6894,1.49,{"v":0.2604,"d":"26.04%"},null,{"v":195.9,"d":"195.90"},null,null,368.29,1.88]
[2,2,2,7,9,5,0,0,0,59,7,"F","Nível 2","Nível 2","9.5.","SINAPI",null,"Escoramentos","-",0,0,"BDI 1",0,{"v":139517,"d":"139,517.00"},"RA","",55806.8,0,"",84,false,"(Sem Código)",0,{"v":0.2604,"d":"26.04%"},{"$nulls":4},{"v":139517,"d":"139,517.00"},0]
[3,3,3,4,9,5,1,0,0,6,4,"F","Nível 3","Nível 3","9.5.1.","SINAPI",null,"Estruturas de escoramento de valas","-",0,0,"BDI 1",0,{"v":136931.48,"d":"136,931.48"},"RA","",54772.592000000004,0,"","",false,"(Sem Código)",0,{"v":0.2604,"d":"26.04%"},{"$nulls":4},{"v":136931.48,"d":"136,931.48"},0]
["S",3,"S",0,9,5,1,0,1,0,0,"F","Serviço","Serviço","9.5.1.0.1.","Composição","0009","ESCORAMENTO DE VALA, TIPO BLINDAGEM, COM PROFUNDIDADE DE 0 A 1,5 M, LARGURA MENOR QUE 1,5 M - EXECUÇÃO E FORNECIMENTO, INCLUI MATERIAL (ESCAVAÇÃO INTERNA AO BLINDADO) [EMBASA/BA-07.93.31]","M2",{"v":108,"d":"108.00"},33.03,"BDI 1",41.63,{"v":4496.04,"d":"4,496.04"},"RA","RA",1798.4160000000002,0,"","","Composição 0009",11,33.03,{"v":0.2604,"d":"26.04%"},null,{"v":108,"d":"108.00"},null,null,{"v":4496.04,"d":"4,496.04"},41.63]
["S",3,"S",0,9,5,1,0,2,0,0,"F","Serviço","Serviço","9.5.1.0.2.","Composição","0013","ESCORAMENTO DE VALA, TIPO BLINDAGEM, COM PROFUNDIDADE DE 1,5 A 3,0 M, LARGURA MENOR DO QUE 1,5 M - EXECUÇÃO E FORNECIMENTO, INCLUI MATERIAL (ESCAVAÇÃO INTERNA AO BLINDADO) [EMBASA/BA-07.93.35]","M2",219.88,26.46,"BDI 1",33.35,{"v":7333,"d":"7,333.00"},"RA","RA",2933.2000000000003,0,"","","Composição 0013",15,26.46,{"v":0.2604,"d":"26.04%"},null,219.88,null,null,{"v":7333,"d":"7,333.00"},33.35]
["S",3,"S",0,9,5,1,0,3,0,0,"F","Serviço","Serviço","9.5.1.0.3.","Composição","0017","ESCORAMENTO DE VALA, TIPO BLINDAGEM, COM PROFUNDIDADE DE 3,0 A 4,5 M, LARGURA MENOR QUE 1,5 M - EXECUÇÃO E FORNECIMENTO, INCLUI MATERIAL (ESCAVAÇÃO INTERNA AO BLINDADO) [EMBASA/BA-07.93.39]","M2",{"v":5547.78,"d":"5,547.78"},17.89,"BDI 1",22.55,{"v":125102.44,"d":"125,102.44"},"RA","RA",50040.976,0,"","","Composição 0017",19,17.89,{"v":0.2604,"d":"26.04%"},null,{"v":5547.78,"d":"5,547.78"},null,null,{"v":125102.44,"d":"125,102.44"},22.55]
[3,3,3,2,9,5,2,0,0,2,15,"F","Nível 3","Nível 3","9.5.2.","SINAPI",null,"Estruturas de escoramento metálico - madeira para valas","-",0,0,"BDI 1",0,{"v":2585.52,"d":"2,585.52"},"RA","",1034.208,0,"","",false,"(Sem Código)",0,{"v":0.2604,"d":"26.04%"},{"$nulls":4},{"v":2585.52,"d":"2,585.52"},0]
["S",3,"S",0,9,5,2,0,1,0,0,"F","Serviço","Serviço","9.5.2.0.1.","SABESP",70040014,"ESCORAMENTO METÁLICO-MADEIRA COM LONGARINAS E ESTRONCAS - PROFUNDIDADE ATÉ 6,00 M (A)","M2",{"v":6,"d":"6.00"},341.89,"BDI 1",430.92,{"v":2585.52,"d":"2,585.52"},"RA","RA",1034.208,0,"","","SABESP 70040014",20017,341.89,{"v":0.2604,"d":"26.04%"},null,{"v":6,"d":"6.00"},null,null,{"v":2585.52,"d":"2,585.52"},430.92]
[2,2,2,8,9,6,0,0,0,52,8,"F","Nível 2","Nível 2","9.6.","SINAPI",null,"Fundações e Estruturas","-",0,0,"BDI 1",0,{"v":102789.82,"d":"102,789.82"},"RA","",41115.928,0,"",85,false,"(Sem Código)",0,{"v":0.2604,"d":"26.04%"},{"$nulls":4},{"v":102789.82,"d":"102,789.82"},0]
[3,3,3,2,9,6,1,0,0,7,2,"F","Nível 3","Nível 3","9.6.1.","SINAPI",null,"Lastros para assentamento de tubos e peças","-",0,0,"BDI 1",0,{"v":23090.05,"d":"23,090.05"},"RA","",9236.02,0,"","",false,"(Sem Código)",0,{"v":0.2604,"d":"26.04%"},{"$nulls":4},{"v":23090.05,"d":"23,090.05"},0]
["S",3,"S",0,9,6,1,0,1,0,0,"F","Serviço","Serviço","9.6.1.0.1.","SABESP","70070045","LASTRO DE AREIA (A)","M3",105.84,173.09,"BDI 1",218.16,{"v":23090.05,"d":"23,090.05"},"RA","RA",9236.02,0,"","","SABESP 70070045",20135,173.09,{"v":0.2604,"d":"26.04%"},null,105.84,null,null,{"v":23090.05,"d":"23,090.05"},218.16]
[3,3,3,5,9,6,2,0,0,5,10,"F","Nível 3","Nível 3","9.6.2.","SINAPI",null,"Poços de visita - coletor tronco","-",0,0,"BDI 1",0,{"v":79699.77,"d":"79,699.77"},"RA","",31879.908000000003,0,"","",false,"(Sem Código)",0,{"v":0.2604,"d":"26.04%"},{"$nulls":4},{"v":79699.77,"d":"79,699.77"},0]
["S",3,"S",0,9,6,2,0,1,0,0,"F","Serviço","Serviço","9.6.2.0.1.","SINAPI","98410","BASE PARA POÇO DE VISITA CIRCULAR PARA ESGOTO, EM CONCRETO PRÉ-MOLDADO, DIÂMETRO INTERNO = 1,0 M, PROFUNDIDADE = 1,35 M, EXCLUINDO TAMPÃO. AF_12/2020","UN",{"v":3,"d":"3.00"},{"v":1326.1,"d":"1,326.10"},"BDI 1",{"v":1671.42,"d":"1,671.42"},{"v":5014.26,"d":"5,014.26"},"RA","RA",2005.7040000000002,0,"","","SINAPI 98410",14193,{"v":1326.1,"d":"1,326.10"},{"v":0.2604,"d":"26.04%"},null,{"v":3,"d":"3.00"},null,null,{"v":5014.26,"d":"5,014.26"},{"v":1671.42,"d":"1,671.42"}]
["S",3,"S",0,9,6,2,0,2,0,0,"F","Serviço","Serviço","9.6.2.0.2.","SINAPI","102139","BASE PARA POÇO DE VISITA CIRCULAR PARA ESGOTO, EM CONCRETO PRÉ-MOLDADO, DIÂMETRO INTERNO = 1,20 M, PROFUNDIDADE = 1,60 M, EXCLUINDO TAMPÃO. AF_12/2020","UN",{"v":14,"d":"14.00"},{"v":1817.28,"d":"1,817.28"},"BDI 1",{"v":2290.5,"d":"2,290.50"},{"v":32067,"d":"32,067.00"},"RA","RA",12826.800000000001,0,"","","SINAPI 102139",14194,{"v":1817.28,"d":"1,817.28"},{"v":0.2604,"d":"26.04%"},null,{"v":14,"d":"14.00"},null,null,{"v":32067,"d":"32,067.00"},{"v":2290.5,"d":"2,290.50"}]
["S",3,"S",0,9,6,2,0,3,0,0,"F","Serviço","Serviço","9.6.2.0.3.","SINAPI","97983","ACRÉSCIMO PARA POÇO DE VISITA CIRCULAR PARA ESGOTO, EM CONCRETO PRÉ-MOLDADO, DIÂMETRO INTERNO = 1 M. AF_12/2020","M",0.71,600.39,"BDI 1",756.73,537.28,"RA","RA",214.912,0,"","","SINAPI 97983",14120,600.39,{"v":0.2604,"d":"26.04%"},null,0.71,null,null,537.28,756.73]
["S",3,"S",0,9,6,2,0,4,0,0,"F","Serviço","Serviço","9.6.2.0.4.","SINAPI","97987","ACRÉSCIMO PARA POÇO DE VISITA CIRCULAR PARA ESGOTO, EM CONCRETO PRÉ-MOLDADO, DIÂMETRO INTERNO = 1,2 M. AF_12/2020","M",41.78,799.12,"BDI 1",{"v":1007.21,"d":"1,007.21"},{"v":42081.23,"d":"42,081.23"},"RA","RA",16832.492000000002,0,"","","SINAPI 97987",14121,799.12,{"v":0.2604,"d":"26.04%"},null,41.78,null,null,{"v":42081.23,"d":"42,081.23"},{"v":1007.21,"d":"1,007.21"}]
[2,2,2,12,9,7,0,0,0,44,12,"F","Nível 2","Nível 2","9.7.","SINAPI",null,"Assentamentos","-",0,0,"BDI 1",0,{"v":17318.41,"d":"17,318.41"},"RA","",6927.3640000000005,0,"",86,false,"(Sem Código)",0,{"v":0.2604,"d":"26.04%"},{"$nulls":4},{"v":17318.41,"d":"17,318.41"},0]
[3,3,3,2,9,7,1,0,0,11,2,"F","Nível 3","Nível 3","9.7.1.","SINAPI",null,"Assentamento simples de tubos e peças de PVC","-",0,0,"BDI 1",0,{"v":10744.23,"d":"10,744.23"},"RA","",4297.692,0,"","",false,"(Sem Código)",0,{"v":0.2604,"d":"26.04%"},{"$nulls":4},{"v":10744.23,"d":"10,744.23"},0]
["S",3,"S",0,9,7,1,0,1,0,0,"F","Serviço","Serviço","9.7.1.0.1.","SINAPI","90745","ASSENTAMENTO DE TUBO DE PVC CORRUGADO DE DUPLA PAREDE PARA REDE COLETORA DE ESGOTO, DN 400 MM, JUNTA ELÁSTICA (NÃO INCLUI FORNECIMENTO). AF_01/2021","M",716.76,11.89,"BDI 1",14.99,{"v":10744.23,"d":"10,744.23"},"RA","RA",4297.692,0,"","","SINAPI 90745",6397,11.89,{"v":0.2604,"d":"26.04%"},null,716.76,null,null,{"v":10744.23,"d":"10,744.23"},14.99]
[3,3,3,2,9,7,2,0,0,9,2,"F","Nível 3","Nível 3","9.7.2.","SINAPI",null,"Assentamento simples de tubos e peças de FºFº","-",0,0,"BDI 1",0,75.46,"RA","",30.183999999999997,0,"","",false,"(Sem Código)",0,{"v":0.2604,"d":"26.04%"},{"$nulls":4},75.46,0]
["S",3,"S",0,9,7,2,0,1,0,0,"F","Serviço","Serviço","9.7.2.0.1.","SABESP",70080112,"ASSENTAM. SIMPLES DE TUBOS E PEÇAS, DN 400 MM, EM FºFº, JE (A)","M",{"v":1.8,"d":"1.80"},33.26,"BDI 1",41.92,75.46,"RA","RA",30.183999999999997,0,"","","SABESP 70080112",20540,33.26,{"v":0.2604,"d":"26.04%"},null,{"v":1.8,"d":"1.80"},null,null,75.46,41.92]
[3,3,3,2,9,7,3,0,0,7,2,"F","Nível 3","Nível 3","9.7.3.","SINAPI",null,"Assentamento de Tampão de ferro fundido Ø = 600mm","-",0,0,"BDI 1",0,{"v":2903.6,"d":"2,903.60"},"RA","",1161.44,0,"","",false,"(Sem Código)",0,{"v":0.2604,"d":"26.04%"},{"$nulls":4},{"v":2903.6,"d":"2,903.60"},0]
["S",3,"S",0,9,7,3,0,1,0,0,"F","Serviço","Serviço","9.7.3.0.1.","SABESP",70070230,"ASSENTAMENTO DE TAMPÃO DE FERRO FUNDIDO, DN 600 MM","un",{"v":17,"d":"17.00"},135.51,"BDI 1",{"v":170.8,"d":"170.80"},{"v":2903.6,"d":"2,903.60"},"RA","RA",1161.44,0,"","","SABESP 70070230",20346,135.51,{"v":0.2604,"d":"26.04%"},null,{"v":17,"d":"17.00"},null,null,{"v":2903.6,"d":"2,903.60"},{"v":170.8,"d":"170.80"}]
[3,3,3,2,9,7,4,0,0,5,2,"F","Nível 3","Nível 3","9.7.4.","SINAPI",null,"Carga, transporte até 10 km e descarga de tubos e peças de PVC","-",0,0,"BDI 1",0,{"v":3545.76,"d":"3,545.76"},"RA","",1418.304,0,"","",false,"(Sem Código)",0,{"v":0.2604,"d":"26.04%"},{"$nulls":4},{"v":3545.76,"d":"3,545.76"},0]
["S",3,"S",0,9,7,4,0,1,0,0,"F","Serviço","Serviço","9.7.4.0.1.","SABESP",70080324,"CARGA, TRANSPORTE ATÉ 10 KM E DESCARGA TUBOS E PEÇAS, DN 400 MM, EM PVC RÍGIDO, RPVC E DEFOFO","KM",0.79,{"v":3561.02,"d":"3,561.02"},"BDI 1",{"v":4488.31,"d":"4,488.31"},{"v":3545.76,"d":"3,545.76"},"RA","RA",1418.304,0,"","","SABESP 70080324",20741,{"v":3561.02,"d":"3,561.02"},{"v":0.2604,"d":"26.04%"},null,0.79,null,null,{"v":3545.76,"d":"3,545.76"},{"v":4488.31,"d":"4,488.31"}]
[3,3,3,3,9,7,5,0,0,3,250,"F","Nível 3","Nível 3","9.7.5.","SINAPI",null,"Carga, transporte e descarga de tubos e peças de FºFº","-",0,0,"BDI 1",0,49.36,"RA","",19.744000000000003,0,"","",false,"(Sem Código)",0,{"v":0.2604,"d":"26.04%"},{"$nulls":4},49.36,0]
["S",3,"S",0,9,7,5,0,1,0,0,"F","Serviço","Serviço","9.7.5.0.1.","SABESP",70080342,"CARGA E DESCARGA, DE TUBOS E PEÇAS EM FERRO FUNDIDO","TON",0.26,116.91,"BDI 1",147.35,38.31,"RA","RA",15.324000000000002,0,"","","SABESP 70080342",20760,116.91,{"v":0.2604,"d":"26.04%"},null,0.26,null,null,38.31,147.35]
["S",3,"S",0,9,7,5,0,2,0,0,"F","Serviço","Serviço","9.7.5.0.2.","SABESP","70080343","TRANSPORTE, DE TUBOS E PEÇAS EM FERRO FUNDIDO","TOK",2.63,3.33,"BDI 1",{"v":4.2,"d":"4.20"},11.05,"RA","RA",4.420000000000001,0,"","","SABESP 70080343",20761,3.33,{"v":0.2604,"d":"26.04%"},null,2.63,null,null,11.05,{"v":4.2,"d":"4.20"}]
[2,2,2,13,9,8,0,0,0,32,13,"F","Nível 2","Nível 2","9.8.","SINAPI",70080343,"Pavimentação","-",0,0,"BDI 1",0,{"v":186330.13,"d":"186,330.13"},"RA","",74532.052,0,"",87,false,"(Sem Código)",0,{"v":0.2604,"d":"26.04%"},{"$nulls":4},{"v":186330.13,"d":"186,330.13"},0]
[3,3,3,2,9,8,1,0,0,12,2,"F","Nível 3","Nível 3","9.8.1.","SINAPI",null,"Regularização e revestimento","-",0,0,"BDI 1",0,521.64,"RA","",208.656,0,"","",false,"(Sem Código)",0,{"v":0.2604,"d":"26.04%"},{"$nulls":4},521.64,0]
["S",3,"S",0,9,8,1,0,1,0,0,"F","Serviço","Serviço","9.8.1.0.1.","SABESP",70090040,"REGULARIZAÇÃO MECANIZADA DE SUPERFÍCIES (A)","M2",{"v":483,"d":"483.00"},0.86,"BDI 1",1.08,521.64,"RA","RA",208.656,0,"","","SABESP 70090040",20810,0.86,{"v":0.2604,"d":"26.04%"},null,{"v":483,"d":"483.00"},null,null,521.64,1.08]
[3,3,3,4,9,8,2,0,0,10,4,"F","Nível 3","Nível 3","9.8.2.","SINAPI",null,"Corte de pavimento asfáltico","-",0,null,"BDI 1",0,{"v":35355.81,"d":"35,355.81"},"RA","",14142.324,0,"","",false,"(Sem Código)",0,{"v":0.2604,"d":"26.04%"},{"$nulls":4},{"v":35355.81,"d":"35,355.81"},0]
["S",3,"S",0,9,8,2,0,1,0,0,"F","Serviço","Serviço","9.8.2.0.1.","Composição","0001","CORTE EM PAVIMENTO DE ASFALTO / CONCRETO COM MÁQUINA E DISCO DIAMANTADO","M",999.12,10.76,"BDI 1",13.56,{"v":13548.07,"d":"13,548.07"},"RA","RA",5419.228,0,"","","Composição 0001",3,10.76,{"v":0.2604,"d":"26.04%"},null,999.12,null,null,{"v":13548.07,"d":"13,548.07"},13.56]
["S",3,"S",0,9,8,2,0,2,0,0,"F","Serviço","Serviço","9.8.2.0.2.","Composição","0028","Demolição de asfalto c/ martelete - SEDOP 021525","M2",817.55,14.65,"BDI 1",18.46,{"v":15091.97,"d":"15,091.97"},"RA","RA",6036.7880000000005,0,"","","Composição 0028",30,14.65,{"v":0.2604,"d":"26.04%"},null,817.55,null,null,{"v":15091.97,"d":"15,091.97"},18.46]
["S",3,"S",0,9,8,2,0,3,0,0,"F","Serviço","Serviço","9.8.2.0.3.","SABESP","70190145","REMOÇÃO ENTULHO INCLUSIVE A CARGA, TRANSPORTE E DESCARGA EM BOTA FORA A QQ DISTÂNCIA","M3",40.88,130.34,"BDI 1",164.28,{"v":6715.77,"d":"6,715.77"},"RA","RA",2686.3080000000004,0,"","","SABESP 70190145",22150,130.34,{"v":0.2604,"d":"26.04%"},null,40.88,null,null,{"v":6715.77,"d":"6,715.77"},164.28]
[3,3,3,6,9,8,3,0,0,6,236,"F","Nível 3","Nível 3","9.8.3.","SINAPI",null,"Recomposição de pavimentação asfáltica","-",0,null,"BDI 1",0,{"v":150452.68,"d":"150,452.68"},"RA","",60181.072,0,"","",false,"(Sem Código)",0,{"v":0.2604,"d":"26.04%"},{"$nulls":4},{"v":150452.68,"d":"150,452.68"},0]
["S",3,"S",0,9,8,3,0,1,0,0,"F","Serviço","Serviço","9.8.3.0.1.","CDHU","54.01.220","Base de bica corrida","M3",81.76,232.84,"BDI 1",293.47,{"v":23994.11,"d":"23,994.11"},"RA","RA",9597.644,0,"","","CDHU 54.01.220",19402,232.84,{"v":0.2604,"d":"26.04%"},null,81.76,null,null,{"v":23994.11,"d":"23,994.11"},293.47]
["S",3,"S",0,9,8,3,0,2,0,0,"F","Serviço","Serviço","9.8.3.0.2.","CDHU","54.03.230","Imprimação betuminosa ligante","M2",817.55,6.49,"BDI 1",8.18,{"v":6687.56,"d":"6,687.56"},"RA","RA",2675.0240000000003,0,"","","CDHU 54.03.230",19413,6.49,{"v":0.2604,"d":"26.04%"},null,817.55,null,null,{"v":6687.56,"d":"6,687.56"},8.18]
["S",3,"S",0,9,8,3,0,3,0,0,"F","Serviço","Serviço","9.8.3.0.3.","CDHU","54.03.240","Imprimação betuminosa impermeabilizante","M2",817.55,13.09,"BDI 1",{"v":16.5,"d":"16.50"},{"v":13489.58,"d":"13,489.58"},"RA","RA",5395.832,0,"","","CDHU 54.03.240",19414,13.09,{"v":0.2604,"d":"26.04%"},null,817.55,null,null,{"v":13489.58,"d":"13,489.58"},{"v":16.5,"d":"16.50"}]
["S",3,"S",0,9,8,3,0,4,0,0,"F","Serviço","Serviço","9.8.3.0.4.","SINAPI","95876","TRANSPORTE COM CAMINHÃO BASCULANTE DE 14 M³, EM VIA URBANA PAVIMENTADA, DMT ATÉ 30 KM (UNIDADE: M3XKM). AF_07/2020","M3XKM",{"v":682.7,"d":"682.70"},2.28,"BDI 1",2.87,{"v":1959.35,"d":"1,959.35"},"RA","RA",783.74,0,"","","SINAPI 95876",15330,2.28,{"v":0.2604,"d":"26.04%"},null,{"v":682.7,"d":"682.70"},null,null,{"v":1959.35,"d":"1,959.35"},2.87]
["S",3,"S",0,9,8,3,0,5,0,0,"F","Serviço","Serviço","9.8.3.0.5.","SINAPI","102098","RECOMPOSIÇÃO DE REVESTIMENTO EM CONCRETO ASFÁLTICO (AQUISIÇÃO EM USINA), PARA O FECHAMENTO DE VALAS - INCLUSO DEMOLIÇÃO DO PAVIMENTO. AF_12/2020","M3",40.88,{"v":2024.68,"d":"2,024.68"},"BDI 1",{"v":2551.91,"d":"2,551.91"},{"v":104322.08,"d":"104,322.08"},"RA","RA",41728.832,0,"","","SINAPI 102098",14540,{"v":2024.68,"d":"2,024.68"},{"v":0.2604,"d":"26.04%"},null,40.88,null,null,{"v":104322.08,"d":"104,322.08"},{"v":2551.91,"d":"2,551.91"}]
[2,2,2,9,9,9,0,0,0,19,9,"F","Nível 2","Nível 2","9.9.","SINAPI",null,"Serviços Especiais","-",0,0,"BDI 1",0,{"v":527771.5,"d":"527,771.50"},"RA","",211108.59999999998,0,"",88,false,"(Sem Código)",0,{"v":0.2604,"d":"26.04%"},{"$nulls":4},{"v":527771.5,"d":"527,771.50"},0]
[3,3,3,8,9,9,1,0,0,8,27,"F","Nível 3","Nível 3","9.9.1.","SINAPI",null,"Método não-destrutivo (MND)","-",0,0,"BDI 1",0,{"v":527771.5,"d":"527,771.50"},"RA","",211108.59999999998,0,"","",false,"(Sem Código)",0,{"v":0.2604,"d":"26.04%"},{"$nulls":4},{"v":527771.5,"d":"527,771.50"},0]
["S",3,"S",0,9,9,1,0,1,0,0,"F","Serviço","Serviço","9.9.1.0.1.","Cotação","COT186","Mobilização de Equipe, Materiais e Equipamentos","Serv",{"v":1,"d":"1.00"},{"v":51272.41,"d":"51,272.41"},"BDI 2",{"v":57117.46,"d":"57,117.46"},{"v":57117.46,"d":"57,117.46"},"RA","RA",22846.984,0,"","","Cotação COT186",106,{"v":51272.41,"d":"51,272.41"},{"v":0.114,"d":"11.40%"},null,{"v":1,"d":"1.00"},null,null,{"v":57117.46,"d":"57,117.46"},{"v":57117.46,"d":"57,117.46"}]
["S",3,"S",0,9,9,1,0,2,0,0,"F","Serviço","Serviço","9.9.1.0.2.","Cotação","COT187","Perfuração Direcional pelo Método Não destrutivo (MND) para assentamento de tubulação em PVC DN400, encamisado PEAD DE 630mm, sob linha férrea","M",{"v":45.3,"d":"45.30"},{"v":3445.51,"d":"3,445.51"},"BDI 2",{"v":3838.3,"d":"3,838.30"},{"v":173874.99,"d":"173,874.99"},"RA","RA",69549.996,0,"","","Cotação COT187",107,{"v":3445.51,"d":"3,445.51"},{"v":0.114,"d":"11.40%"},null,{"v":45.3,"d":"45.30"},null,null,{"v":173874.99,"d":"173,874.99"},{"v":3838.3,"d":"3,838.30"}]
["S",3,"S",0,9,9,1,0,3,0,0,"F","Serviço","Serviço","9.9.1.0.3.","Cotação","COT188","Execução de Poço de Visita Ø1000 MM, profundidade até 2,00m","UN",{"v":2,"d":"2.00"},{"v":7743.16,"d":"7,743.16"},"BDI 2",{"v":8625.88,"d":"8,625.88"},{"v":17251.76,"d":"17,251.76"},"RA","RA",6900.704,0,"","","Cotação COT188",108,{"v":7743.16,"d":"7,743.16"},{"v":0.114,"d":"11.40%"},null,{"v":2,"d":"2.00"},null,null,{"v":17251.76,"d":"17,251.76"},{"v":8625.88,"d":"8,625.88"}]
["S",3,"S",0,9,9,1,0,4,0,0,"F","Serviço","Serviço","9.9.1.0.4.","Cotação","COT189","Execução de Poço de Visita Ø1000 MM, profundidade de 2,01 até 3,00m","UN",{"v":2,"d":"2.00"},{"v":11485.02,"d":"11,485.02"},"BDI 2",{"v":12794.31,"d":"12,794.31"},{"v":25588.62,"d":"25,588.62"},"RA","RA",10235.448,0,"","","Cotação COT189",109,{"v":11485.02,"d":"11,485.02"},{"v":0.114,"d":"11.40%"},null,{"v":2,"d":"2.00"},null,null,{"v":25588.62,"d":"25,588.62"},{"v":12794.31,"d":"12,794.31"}]
["S",3,"S",0,9,9,1,0,5,0,0,"F","Serviço","Serviço","9.9.1.0.5.","SINAPI-I","44523","TUBO DE POLIETILENO DE ALTA DENSIDADE, PEAD, PE-80, DE= 630 MM X 57,3 MM PAREDE (SDR 11 - PN 12,5) PARA REDE DE AGUA OU ESGOTO (NBR 15561)","M",{"v":45.3,"d":"45.30"},{"v":4575.7,"d":"4,575.70"},"BDI 2",{"v":5097.33,"d":"5,097.33"},{"v":230909.05,"d":"230,909.05"},"RA","RA",92363.62,0,"","","SINAPI-I 44523",4681,{"v":4575.7,"d":"4,575.70"},{"v":0.114,"d":"11.40%"},null,{"v":45.3,"d":"45.30"},null,null,{"v":230909.05,"d":"230,909.05"},{"v":5097.33,"d":"5,097.33"}]
["S",3,"S",0,9,9,1,0,6,0,0,"F","Serviço","Serviço","9.9.1.0.6.","SINAPI","90745","ASSENTAMENTO DE TUBO DE PVC CORRUGADO DE DUPLA PAREDE PARA REDE COLETORA DE ESGOTO, DN 400 MM, JUNTA ELÁSTICA (NÃO INCLUI FORNECIMENTO). AF_01/2021","M",{"v":45.3,"d":"45.30"},11.89,"BDI 1",14.99,679.05,"RA","RA",271.62,0,"","","SINAPI 90745",6397,11.89,{"v":0.2604,"d":"26.04%"},null,{"v":45.3,"d":"45.30"},null,null,679.05,14.99]
["S",3,"S",0,9,9,1,0,7,0,0,"F","Serviço","Serviço","9.9.1.0.7.","SINAPI-I","38037","TUBO PVC CORRUGADO, PAREDE DUPLA, JE, DN 400 MM/ DE 400 MM, REDE COLETORA ESGOTO","M",{"v":45.3,"d":"45.30"},{"v":442.9,"d":"442.90"},"BDI 2",493.39,{"v":22350.57,"d":"22,350.57"},"RA","RA",8940.228000000001,0,"","","SINAPI-I 38037",4730,{"v":442.9,"d":"442.90"},{"v":0.114,"d":"11.40%"},null,{"v":45.3,"d":"45.30"},null,null,{"v":22350.57,"d":"22,350.57"},493.39]
[2,2,2,10,9,10,0,0,0,10,254,"F","Nível 2","Nível 2","9.10.","SINAPI",null,"Fornecimento de materiais e equipamentos","-",0,0,"BDI 1",0,{"v":392666.97,"d":"392,666.97"},"RA","",157066.788,0,"",89,false,"(Sem Código)",0,{"v":0.2604,"d":"26.04%"},{"$nulls":4},{"v":392666.97,"d":"392,666.97"},0]
[3,3,3,9,9,10,1,0,0,9,18,"F","Nível 3","Nível 3","9.10.1.","SINAPI",null,"Hidráulicos e hidromecânicos - coletor tronco","-",0,0,"BDI 1",0,{"v":392666.97,"d":"392,666.97"},"RA","",157066.788,0,"","",false,"(Sem Código)",0,{"v":0.2604,"d":"26.04%"},{"$nulls":4},{"v":392666.97,"d":"392,666.97"},0]
[4,4,4,2,9,10,1,1,0,8,2,"F","Nível 4","Nível 4","9.10.1.1.","SINAPI",null,"Tubulação de ferro fundido","-",0,0,"BDI 1",0,{"v":5014.85,"d":"5,014.85"},"RA","",2005.9400000000003,0,"","",false,"(Sem Código)",0,{"v":0.2604,"d":"26.04%"},{"$nulls":4},{"v":5014.85,"d":"5,014.85"},0]
["S",4,"S",0,9,10,1,1,1,0,0,"F","Serviço","Serviço","9.10.1.1.1.","SABESP-I","HM06748","TUBO C/FLANGE PN10 E BOLSA JE FERRO FUNDIDO DN=400 MM L=2.000 MM (236,30 KG) PINTURA EPÓXI VERMELHA, ACESSÓRIOS NÃO INCLUSOS NBR 15420 ESGOTO","un",{"v":1,"d":"1.00"},{"v":4501.66,"d":"4,501.66"},"BDI 2",{"v":5014.85,"d":"5,014.85"},{"v":5014.85,"d":"5,014.85"},"RA","RA",2005.9400000000003,0,"","","SABESP-I HM06748",26998,{"v":4501.66,"d":"4,501.66"},{"v":0.114,"d":"11.40%"},null,{"v":1,"d":"1.00"},null,null,{"v":5014.85,"d":"5,014.85"},{"v":5014.85,"d":"5,014.85"}]
[4,4,4,2,9,10,1,2,0,6,2,"F","Nível 4","Nível 4","9.10.1.2.","SINAPI",null,"Tubulação de PVC rígido corrugado com ponta e bolsa JE","-",0,0,"BDI 1",0,{"v":367082.16,"d":"367,082.16"},"RA","",146832.864,0,"","",false,"(Sem Código)",0,{"v":0.2604,"d":"26.04%"},{"$nulls":4},{"v":367082.16,"d":"367,082.16"},0]
["S",4,"S",0,9,10,1,2,1,0,0,"F","Serviço","Serviço","9.10.1.2.1.","SINAPI-I","38037","TUBO PVC CORRUGADO, PAREDE DUPLA, JE, DN 400 MM/ DE 400 MM, REDE COLETORA ESGOTO","M",{"v":744,"d":"744.00"},{"v":442.9,"d":"442.90"},"BDI 2",493.39,{"v":367082.16,"d":"367,082.16"},"RA","RA",146832.864,0,"","","SINAPI-I 38037",4730,{"v":442.9,"d":"442.90"},{"v":0.114,"d":"11.40%"},null,{"v":744,"d":"744.00"},null,null,{"v":367082.16,"d":"367,082.16"},493.39]
[4,4,4,2,9,10,1,3,0,4,2,"F","Nível 4","Nível 4","9.10.1.3.","SINAPI",null,"Anéis de borracha","-",0,0,"BDI 1",0,{"v":11608.75,"d":"11,608.75"},"RA","",4643.5,0,"","",false,"(Sem Código)",0,{"v":0.2604,"d":"26.04%"},{"$nulls":4},{"v":11608.75,"d":"11,608.75"},0]
["S",4,"S",0,9,10,1,3,1,0,0,"F","Serviço","Serviço","9.10.1.3.1.","SINAPI-I",310,"ANEL BORRACHA, PARA TUBO PVC, REDE COLETOR ESGOTO, DN 400 MM (NBR 7362)","UN",{"v":125,"d":"125.00"},83.37,"BDI 2",92.87,{"v":11608.75,"d":"11,608.75"},"RA","RA",4643.5,0,"","","SINAPI-I 310",307,83.37,{"v":0.114,"d":"11.40%"},null,{"v":125,"d":"125.00"},null,null,{"v":11608.75,"d":"11,608.75"},92.87]
[4,4,4,2,9,10,1,4,0,2,278,"F","Nível 4","Nível 4","9.10.1.4.","SINAPI",null,"Tampão de ferro fundido Ø = 600mm","-",0,0,"BDI 1",0,{"v":8961.21,"d":"8,961.21"},"RA","",3584.484,0,"","",false,"(Sem Código)",0,{"v":0.2604,"d":"26.04%"},{"$nulls":4},{"v":8961.21,"d":"8,961.21"},0]
["S",4,"S",0,9,10,1,4,1,0,0,"F","Serviço","Serviço","9.10.1.4.1.","SABESP-I","HM01428","TAMPÃO ARTICULADO FERRO FUNDIDO DN 600 MM COM ARO NTS 033","un",{"v":17,"d":"17.00"},473.19,"BDI 2",527.13,{"v":8961.21,"d":"8,961.21"},"RA","RA",3584.484,0,"","","SABESP-I HM01428",26565,473.19,{"v":0.114,"d":"11.40%"},null,{"v":17,"d":"17.00"},null,null,{"v":8961.21,"d":"8,961.21"},527.13]
[1,1,1,58,10,0,0,0,0,1131,58,"F","Meta","Meta","10.","SINAPI",null,"INTERLIGAÇÃO 01","-",0,0,"BDI 1",0,{"v":86930.55,"d":"86,930.55"},"RA","",34772.22000000001,0,"",90,false,"(Sem Código)",0,{"v":0.2604,"d":"26.04%"},{"$nulls":4},{"v":86930.55,"d":"86,930.55"},0]
[2,2,2,4,10,1,0,0,0,57,4,"F","Nível 2","Nível 2","10.1.","SINAPI",null,"Serviços Técnicos","-",0,0,"BDI 1",0,946.51,"RA","",378.604,0,"",91,false,"(Sem Código)",0,{"v":0.2604,"d":"26.04%"},{"$nulls":4},946.51,0]
[3,3,3,3,10,1,1,0,0,3,7,"F","Nível 3","Nível 3","10.1.1.","SINAPI",null,"Locação e Cadastro","-",0,0,"BDI 1",0,946.51,"RA","",378.604,0,"","",false,"(Sem Código)",0,{"v":0.2604,"d":"26.04%"},{"$nulls":4},946.51,0]
["S",3,"S",0,10,1,1,0,1,0,0,"F","Serviço","Serviço","10.1.1.0.1.","SABESP",70010003,"LOCAÇÃO DE ADUTORAS, COLETORES-TRONCO E INTERCEPTORES (ATÉ DIÂM. 500 MM)","M",{"v":125.2,"d":"125.20"},1.44,"BDI 1",1.81,226.61,"RA","RA",90.644,0,"","","SABESP 70010003",19839,1.44,{"v":0.2604,"d":"26.04%"},null,{"v":125.2,"d":"125.20"},null,null,226.61,1.81]
["S",3,"S",0,10,1,1,0,2,0,0,"F","Serviço","Serviço","10.1.1.0.2.","SABESP",70010006,"CADASTRO DE ADUTORAS, COLETORES-TRONCO E INTERCEPTORES (ATÉ DIÂM. 500 MM)","M",{"v":125.2,"d":"125.20"},4.56,"BDI 1",5.75,{"v":719.9,"d":"719.90"},"RA","RA",287.96,0,"","","SABESP 70010006",19832,4.56,{"v":0.2604,"d":"26.04%"},null,{"v":125.2,"d":"125.20"},null,null,{"v":719.9,"d":"719.90"},5.75]
[2,2,2,6,10,2,0,0,0,53,6,"F","Nível 2","Nível 2","10.2.","SINAPI",null,"Serviços Preliminares","-",0,0,"BDI 1",0,{"v":6228.39,"d":"6,228.39"},"RA","",2491.356,0,"",92,false,"(Sem Código)",0,{"v":0.2604,"d":"26.04%"},{"$nulls":4},{"v":6228.39,"d":"6,228.39"},0]
[3,3,3,3,10,2,1,0,0,5,3,"F","Nível 3","Nível 3","10.2.1.","SINAPI",null,"Trânsito e Segurança","-",0,0,"BDI 1",0,{"v":3036.14,"d":"3,036.14"},"RA","",1214.4560000000001,0,"","",false,"(Sem Código)",0,{"v":0.2604,"d":"26.04%"},{"$nulls":4},{"v":3036.14,"d":"3,036.14"},0]
["S",3,"S",0,10,2,1,0,1,0,0,"F","Serviço","Serviço","10.2.1.0.1.","SABESP",70020004,"SINALIZAÇÃO DE TRÁFEGO","M",{"v":40,"d":"40.00"},5.14,"BDI 1",6.48,{"v":259.2,"d":"259.20"},"RA","RA",103.68,0,"","","SABESP 70020004",19845,5.14,{"v":0.2604,"d":"26.04%"},null,{"v":40,"d":"40.00"},null,null,{"v":259.2,"d":"259.20"},6.48]
["S",3,"S",0,10,2,1,0,2,0,0,"F","Serviço","Serviço","10.2.1.0.2.","SABESP",70020003,"TAPUME CONTÍNUO EM CHAPAS DE MADEIRA","M",{"v":250.4,"d":"250.40"},{"v":8.8,"d":"8.80"},"BDI 1",11.09,{"v":2776.94,"d":"2,776.94"},"RA","RA",1110.776,0,"","","SABESP 70020003",19848,{"v":8.8,"d":"8.80"},{"v":0.2604,"d":"26.04%"},null,{"v":250.4,"d":"250.40"},null,null,{"v":2776.94,"d":"2,776.94"},11.09]
[3,3,3,2,10,2,2,0,0,2,8,"F","Nível 3","Nível 3","10.2.2.","SINAPI",null,"Passadiços e Travessias","-",0,0,"BDI 1",0,{"v":3192.25,"d":"3,192.25"},"RA","",1276.9,0,"","",false,"(Sem Código)",0,{"v":0.2604,"d":"26.04%"},{"$nulls":4},{"v":3192.25,"d":"3,192.25"},0]
["S",3,"S",0,10,2,2,0,1,0,0,"F","Serviço","Serviço","10.2.2.0.1.","SABESP",70020008,"PASSADIÇOS DE CHAPA METÁLICA PARA VEÍCULOS","M2",{"v":25,"d":"25.00"},101.31,"BDI 1",127.69,{"v":3192.25,"d":"3,192.25"},"RA","RA",1276.9,0,"","","SABESP 70020008",19851,101.31,{"v":0.2604,"d":"26.04%"},null,{"v":25,"d":"25.00"},null,null,{"v":3192.25,"d":"3,192.25"},127.69]
[2,2,2,10,10,3,0,0,0,47,10,"F","Nível 2","Nível 2","10.3.","SINAPI",null,"Movimento de Terra","-",0,0,"BDI 1",0,{"v":21404.63,"d":"21,404.63"},"RA","",8561.851999999999,0,"",93,false,"(Sem Código)",0,{"v":0.2604,"d":"26.04%"},{"$nulls":4},{"v":21404.63,"d":"21,404.63"},0]
[3,3,3,3,10,3,1,0,0,9,3,"F","Nível 3","Nível 3","10.3.1.","SINAPI",null,"Escavação de valas, qualquer terreno, exceto rocha - coletores tronco e interceptores","-",0,0,"BDI 1",0,{"v":7965.22,"d":"7,965.22"},"RA","",3186.0879999999997,0,"","",false,"(Sem Código)",0,{"v":0.2604,"d":"26.04%"},{"$nulls":4},{"v":7965.22,"d":"7,965.22"},0]
["S",3,"S",0,10,3,1,0,1,0,0,"F","Serviço","Serviço","10.3.1.0.1.","SINAPI","90094","ESCAVAÇÃO MECANIZADA DE VALA COM PROF. MAIOR QUE 3,0 M ATÉ 4,5 M (MÉDIA MONTANTE E JUSANTE/UMA COMPOSIÇÃO POR TRECHO), ESCAVADEIRA (0,8 M3), LARG. MENOR QUE 1,5 M, EM SOLO DE 1A CATEGORIA, LOCAIS COM BAIXO NÍVEL DE INTERFERÊNCIA. AF_09/2024","M3",783.44,6.05,"BDI 1",7.63,{"v":5977.65,"d":"5,977.65"},"RA","RA",2391.06,0,"","","SINAPI 90094",9311,6.05,{"v":0.2604,"d":"26.04%"},null,783.44,null,null,{"v":5977.65,"d":"5,977.65"},7.63]
["S",3,"S",0,10,3,1,0,2,0,0,"F","Serviço","Serviço","10.3.1.0.2.","SINAPI","101616","PREPARO DE FUNDO DE VALA COM LARGURA MENOR QUE 1,5 M (ACERTO DO SOLO NATURAL). AF_08/2020","M2",190.38,8.28,"BDI 1",10.44,{"v":1987.57,"d":"1,987.57"},"RA","RA",795.028,0,"","","SINAPI 101616",9402,8.28,{"v":0.2604,"d":"26.04%"},null,190.38,null,null,{"v":1987.57,"d":"1,987.57"},10.44]
[3,3,3,2,10,3,2,0,0,6,2,"F","Nível 3","Nível 3","10.3.2.","SINAPI",null,"Aterros e recobrimentos especiais de valas, poços e cavas","-",0,0,"BDI 1",0,{"v":12846.7,"d":"12,846.70"},"RA","",5138.68,0,"","",false,"(Sem Código)",0,{"v":0.2604,"d":"26.04%"},{"$nulls":4},{"v":12846.7,"d":"12,846.70"},0]
["S",3,"S",0,10,3,2,0,1,0,0,"F","Serviço","Serviço","10.3.2.0.1.","SINAPI","104731","REATERRO MECANIZADO DE VALA COM ESCAVADEIRA HIDRÁULICA (CAPACIDADE DA CAÇAMBA: 0,8 M³/POTÊNCIA: 111 HP), LARGURA ATÉ 1,5 M, PROFUNDIDADE DE 3,0 A 6,0 M, COM SOLO (SEM SUBSTITUIÇÃO) DE 1ª CATEGORIA, COM PLACA VIBRATÓRIA. AF_08/2023","M3",760.61,{"v":13.4,"d":"13.40"},"BDI 1",16.89,{"v":12846.7,"d":"12,846.70"},"RA","RA",5138.68,0,"","","SINAPI 104731",6773,{"v":13.4,"d":"13.40"},{"v":0.2604,"d":"26.04%"},null,760.61,null,null,{"v":12846.7,"d":"12,846.70"},16.89]
[3,3,3,4,10,3,3,0,0,4,194,"F","Nível 3","Nível 3","10.3.3.","SINAPI",null,"Carga, transporte e descarga","-",0,0,"BDI 1",0,592.71,"RA","",237.084,0,"","",false,"(Sem Código)",0,{"v":0.2604,"d":"26.04%"},{"$nulls":4},592.71,0]
["S",3,"S",0,10,3,3,0,1,0,0,"F","Serviço","Serviço","10.3.3.0.1.","SINAPI","100978","CARGA, MANOBRA E DESCARGA DE SOLOS E MATERIAIS GRANULARES EM CAMINHÃO BASCULANTE 10 M³ - CARGA COM ESCAVADEIRA HIDRÁULICA (CAÇAMBA DE 1,20 M³ / 155 HP) E DESCARGA LIVRE (UNIDADE: M3). AF_07/2020","M3",22.83,7.48,"BDI 1",9.43,215.29,"RA","RA",86.116,0,"","","SINAPI 100978",15260,7.48,{"v":0.2604,"d":"26.04%"},null,22.83,null,null,215.29,9.43]
["S",3,"S",0,10,3,3,0,2,0,0,"F","Serviço","Serviço","10.3.3.0.2.","SINAPI","95875","TRANSPORTE COM CAMINHÃO BASCULANTE DE 10 M³, EM VIA URBANA PAVIMENTADA, DMT ATÉ 30 KM (UNIDADE: M3XKM). AF_07/2020","M3XKM",100.45,2.64,"BDI 1",3.33,{"v":334.5,"d":"334.50"},"RA","RA",133.8,0,"","","SINAPI 95875",15320,2.64,{"v":0.2604,"d":"26.04%"},null,100.45,null,null,{"v":334.5,"d":"334.50"},3.33]
["S",3,"S",0,10,3,3,0,3,0,0,"F","Serviço","Serviço","10.3.3.0.3.","SINAPI","100574","ESPALHAMENTO DE MATERIAL COM TRATOR DE ESTEIRAS. AF_09/2024","M3",22.83,1.49,"BDI 1",1.88,42.92,"RA","RA",17.168000000000003,0,"","","SINAPI 100574",6894,1.49,{"v":0.2604,"d":"26.04%"},null,22.83,null,null,42.92,1.88]
[2,2,2,3,10,4,0,0,0,37,3,"F","Nível 2","Nível 2","10.4.","SINAPI",null,"Escoramentos","-",0,0,"BDI 1",0,{"v":22426.65,"d":"22,426.65"},"RA","",8970.660000000002,0,"",94,false,"(Sem Código)",0,{"v":0.2604,"d":"26.04%"},{"$nulls":4},{"v":22426.65,"d":"22,426.65"},0]
[3,3,3,2,10,4,1,0,0,2,5,"F","Nível 3","Nível 3","10.4.1.","SINAPI",null,"Estruturas de escoramento de valas","-",0,0,"BDI 1",0,{"v":22426.65,"d":"22,426.65"},"RA","",8970.660000000002,0,"","",false,"(Sem Código)",0,{"v":0.2604,"d":"26.04%"},{"$nulls":4},{"v":22426.65,"d":"22,426.65"},0]
["S",3,"S",0,10,4,1,0,1,0,0,"F","Serviço","Serviço","10.4.1.0.1.","Composição","0017","ESCORAMENTO DE VALA, TIPO BLINDAGEM, COM PROFUNDIDADE DE 3,0 A 4,5 M, LARGURA MENOR QUE 1,5 M - EXECUÇÃO E FORNECIMENTO, INCLUI MATERIAL (ESCAVAÇÃO INTERNA AO BLINDADO) [EMBASA/BA-07.93.39]","M2",994.53,17.89,"BDI 1",22.55,{"v":22426.65,"d":"22,426.65"},"RA","RA",8970.660000000002,0,"","","Composição 0017",19,17.89,{"v":0.2604,"d":"26.04%"},null,994.53,null,null,{"v":22426.65,"d":"22,426.65"},22.55]
[2,2,2,6,10,5,0,0,0,34,6,"F","Nível 2","Nível 2","10.5.","SINAPI",null,"Fundações e Estruturas","-",0,0,"BDI 1",0,{"v":13607.48,"d":"13,607.48"},"RA","",5442.992,0,"",95,false,"(Sem Código)",0,{"v":0.2604,"d":"26.04%"},{"$nulls":4},{"v":13607.48,"d":"13,607.48"},0]
[3,3,3,2,10,5,1,0,0,5,2,"F","Nível 3","Nível 3","10.5.1.","SINAPI",null,"Lastros para assentamento de tubos e peças","-",0,0,"BDI 1",0,{"v":4151.58,"d":"4,151.58"},"RA","",1660.632,0,"","",false,"(Sem Código)",0,{"v":0.2604,"d":"26.04%"},{"$nulls":4},{"v":4151.58,"d":"4,151.58"},0]
["S",3,"S",0,10,5,1,0,1,0,0,"F","Serviço","Serviço","10.5.1.0.1.","SABESP","70070045","LASTRO DE AREIA (A)","M3",19.03,173.09,"BDI 1",218.16,{"v":4151.58,"d":"4,151.58"},"RA","RA",1660.632,0,"","","SABESP 70070045",20135,173.09,{"v":0.2604,"d":"26.04%"},null,19.03,null,null,{"v":4151.58,"d":"4,151.58"},218.16]
[3,3,3,3,10,5,2,0,0,3,8,"F","Nível 3","Nível 3","10.5.2.","SINAPI",null,"Poços de visita - interligação","-",0,0,"BDI 1",0,{"v":9455.9,"d":"9,455.90"},"RA","",3782.36,0,"","",false,"(Sem Código)",0,{"v":0.2604,"d":"26.04%"},{"$nulls":4},{"v":9455.9,"d":"9,455.90"},0]
["S",3,"S",0,10,5,2,0,1,0,0,"F","Serviço","Serviço","10.5.2.0.1.","SINAPI","102139","BASE PARA POÇO DE VISITA CIRCULAR PARA ESGOTO, EM CONCRETO PRÉ-MOLDADO, DIÂMETRO INTERNO = 1,20 M, PROFUNDIDADE = 1,60 M, EXCLUINDO TAMPÃO. AF_12/2020","UN",{"v":2,"d":"2.00"},{"v":1817.28,"d":"1,817.28"},"BDI 1",{"v":2290.5,"d":"2,290.50"},{"v":4581,"d":"4,581.00"},"RA","RA",1832.4,0,"","","SINAPI 102139",14194,{"v":1817.28,"d":"1,817.28"},{"v":0.2604,"d":"26.04%"},null,{"v":2,"d":"2.00"},null,null,{"v":4581,"d":"4,581.00"},{"v":2290.5,"d":"2,290.50"}]
["S",3,"S",0,10,5,2,0,2,0,0,"F","Serviço","Serviço","10.5.2.0.2.","SINAPI","97987","ACRÉSCIMO PARA POÇO DE VISITA CIRCULAR PARA ESGOTO, EM CONCRETO PRÉ-MOLDADO, DIÂMETRO INTERNO = 1,2 M. AF_12/2020","M",4.84,799.12,"BDI 1",{"v":1007.21,"d":"1,007.21"},{"v":4874.9,"d":"4,874.90"},"RA","RA",1949.96,0,"","","SINAPI 97987",14121,799.12,{"v":0.2604,"d":"26.04%"},null,4.84,null,null,{"v":4874.9,"d":"4,874.90"},{"v":1007.21,"d":"1,007.21"}]
[2,2,2,7,10,6,0,0,0,28,7,"F","Nível 2","Nível 2","10.6.","SINAPI",null,"Assentamentos","-",0,0,"BDI 1",0,{"v":1609.44,"d":"1,609.44"},"RA","",643.7760000000001,0,"",96,false,"(Sem Código)",0,{"v":0.2604,"d":"26.04%"},{"$nulls":4},{"v":1609.44,"d":"1,609.44"},0]
[3,3,3,2,10,6,1,0,0,6,2,"F","Nível 3","Nível 3","10.6.1.","SINAPI",null,"Assentamento simples de tubos e peças de PVC","-",0,0,"BDI 1",0,978.89,"RA","",391.55600000000004,0,"","",false,"(Sem Código)",0,{"v":0.2604,"d":"26.04%"},{"$nulls":4},978.89,0]
["S",3,"S",0,10,6,1,0,1,0,0,"F","Serviço","Serviço","10.6.1.0.1.","SINAPI","90741","ASSENTAMENTO DE TUBO DE PVC CORRUGADO DE DUPLA PAREDE PARA REDE COLETORA DE ESGOTO, DN 200 MM, JUNTA ELÁSTICA (NÃO INCLUI FORNECIMENTO). AF_01/2021","M",{"v":121,"d":"121.00"},6.42,"BDI 1",8.09,978.89,"RA","RA",391.55600000000004,0,"","","SINAPI 90741",6393,6.42,{"v":0.2604,"d":"26.04%"},null,{"v":121,"d":"121.00"},null,null,978.89,8.09]
[3,3,3,2,10,6,2,0,0,4,2,"F","Nível 3","Nível 3","10.6.2.","SINAPI",null,"Assentamento de Tampão de ferro fundido Ø = 600mm","-",0,0,"BDI 1",0,{"v":341.6,"d":"341.60"},"RA","",136.64000000000001,0,"","",false,"(Sem Código)",0,{"v":0.2604,"d":"26.04%"},{"$nulls":4},{"v":341.6,"d":"341.60"},0]
["S",3,"S",0,10,6,2,0,1,0,0,"F","Serviço","Serviço","10.6.2.0.1.","SABESP",70070230,"ASSENTAMENTO DE TAMPÃO DE FERRO FUNDIDO, DN 600 MM","un",{"v":2,"d":"2.00"},135.51,"BDI 1",{"v":170.8,"d":"170.80"},{"v":341.6,"d":"341.60"},"RA","RA",136.64000000000001,0,"","","SABESP 70070230",20346,135.51,{"v":0.2604,"d":"26.04%"},null,{"v":2,"d":"2.00"},null,null,{"v":341.6,"d":"341.60"},{"v":170.8,"d":"170.80"}]
[3,3,3,2,10,6,3,0,0,2,176,"F","Nível 3","Nível 3","10.6.3.","SINAPI",null,"Carga, transporte até 10 km e descarga de tubos e peças de PVC rígido e PVC deFoFo","-",0,0,"BDI 1",0,288.95,"RA","",115.58,0,"","",false,"(Sem Código)",0,{"v":0.2604,"d":"26.04%"},{"$nulls":4},288.95,0]
["S",3,"S",0,10,6,3,0,1,0,0,"F","Serviço","Serviço","10.6.3.0.1.","SABESP",70080320,"CARGA, TRANSPORTE ATÉ 10 KM E DESCARGA TUBOS E PEÇAS, DN 200 MM, EM PVC RÍGIDO, RPVC E DEFOFO","KM",0.13,{"v":1763.48,"d":"1,763.48"},"BDI 1",{"v":2222.69,"d":"2,222.69"},288.95,"RA","RA",115.58,0,"","","SABESP 70080320",20737,{"v":1763.48,"d":"1,763.48"},{"v":0.2604,"d":"26.04%"},null,0.13,null,null,288.95,{"v":2222.69,"d":"2,222.69"}]
[2,2,2,13,10,7,0,0,0,21,13,"F","Nível 2","Nível 2","10.7.","SINAPI",null,"Pavimentação","-",0,0,"BDI 1",0,{"v":4136.69,"d":"4,136.69"},"RA","",1654.676,0,"",97,false,"(Sem Código)",0,{"v":0.2604,"d":"26.04%"},{"$nulls":4},{"v":4136.69,"d":"4,136.69"},0]
[3,3,3,2,10,7,1,0,0,12,2,"F","Nível 3","Nível 3","10.7.1.","SINAPI",null,"Regularização e revestimento","-",0,null,"BDI 1",0,248.83,"RA","",99.53200000000001,0,"","",false,"(Sem Código)",0,{"v":0.2604,"d":"26.04%"},{"$nulls":4},248.83,0]
["S",3,"S",0,10,7,1,0,1,0,0,"F","Serviço","Serviço","10.7.1.0.1.","SABESP","70090040","REGULARIZAÇÃO MECANIZADA DE SUPERFÍCIES (A)","M2",{"v":230.4,"d":"230.40"},0.86,"BDI 1",1.08,248.83,"RA","RA",99.53200000000001,0,"","","SABESP 70090040",20810,0.86,{"v":0.2604,"d":"26.04%"},null,{"v":230.4,"d":"230.40"},null,null,248.83,1.08]
[3,3,3,4,10,7,2,0,0,10,4,"F","Nível 3","Nível 3","10.7.2.","SINAPI",null,"Corte de pavimento asfáltico","-",0,0,"BDI 1",0,728.15,"RA","",291.26,0,"","",false,"(Sem Código)",0,{"v":0.2604,"d":"26.04%"},{"$nulls":4},728.15,0]
["S",3,"S",0,10,7,2,0,1,0,0,"F","Serviço","Serviço","10.7.2.0.1.","Composição","0001","CORTE EM PAVIMENTO DE ASFALTO / CONCRETO COM MÁQUINA E DISCO DIAMANTADO","M",{"v":20,"d":"20.00"},10.76,"BDI 1",13.56,{"v":271.2,"d":"271.20"},"RA","RA",108.48,0,"","","Composição 0001",3,10.76,{"v":0.2604,"d":"26.04%"},null,{"v":20,"d":"20.00"},null,null,{"v":271.2,"d":"271.20"},13.56]
["S",3,"S",0,10,7,2,0,2,0,0,"F","Serviço","Serviço","10.7.2.0.2.","Composição","0028","Demolição de asfalto c/ martelete - SEDOP 021525","M2",{"v":17.1,"d":"17.10"},14.65,"BDI 1",18.46,315.67,"RA","RA",126.26800000000001,0,"","","Composição 0028",30,14.65,{"v":0.2604,"d":"26.04%"},null,{"v":17.1,"d":"17.10"},null,null,315.67,18.46]
["S",3,"S",0,10,7,2,0,3,0,0,"F","Serviço","Serviço","10.7.2.0.3.","SABESP","70190145","REMOÇÃO ENTULHO INCLUSIVE A CARGA, TRANSPORTE E DESCARGA EM BOTA FORA A QQ DISTÂNCIA","M3",0.86,130.34,"BDI 1",164.28,141.28,"RA","RA",56.512,0,"","","SABESP 70190145",22150,130.34,{"v":0.2604,"d":"26.04%"},null,0.86,null,null,141.28,164.28]
[3,3,3,6,10,7,3,0,0,6,167,"F","Nível 3","Nível 3","10.7.3.","SINAPI",null,"Recomposição de pavimentação asfáltica","-",0,null,"BDI 1",0,{"v":3159.71,"d":"3,159.71"},"RA","",1263.884,0,"","",false,"(Sem Código)",0,{"v":0.2604,"d":"26.04%"},{"$nulls":4},{"v":3159.71,"d":"3,159.71"},0]
["S",3,"S",0,10,7,3,0,1,0,0,"F","Serviço","Serviço","10.7.3.0.1.","CDHU","54.01.220","Base de bica corrida","M3",1.71,232.84,"BDI 1",293.47,501.83,"RA","RA",200.732,0,"","","CDHU 54.01.220",19402,232.84,{"v":0.2604,"d":"26.04%"},null,1.71,null,null,501.83,293.47]
["S",3,"S",0,10,7,3,0,2,0,0,"F","Serviço","Serviço","10.7.3.0.2.","CDHU","54.03.230","Imprimação betuminosa ligante","M2",{"v":17.1,"d":"17.10"},6.49,"BDI 1",8.18,139.88,"RA","RA",55.952,0,"","","CDHU 54.03.230",19413,6.49,{"v":0.2604,"d":"26.04%"},null,{"v":17.1,"d":"17.10"},null,null,139.88,8.18]
["S",3,"S",0,10,7,3,0,3,0,0,"F","Serviço","Serviço","10.7.3.0.3.","CDHU","54.03.240","Imprimação betuminosa impermeabilizante","M2",{"v":17.1,"d":"17.10"},13.09,"BDI 1",{"v":16.5,"d":"16.50"},282.15,"RA","RA",112.86,0,"","","CDHU 54.03.240",19414,13.09,{"v":0.2604,"d":"26.04%"},null,{"v":17.1,"d":"17.10"},null,null,282.15,{"v":16.5,"d":"16.50"}]
["S",3,"S",0,10,7,3,0,4,0,0,"F","Serviço","Serviço","10.7.3.0.4.","SINAPI","95876","TRANSPORTE COM CAMINHÃO BASCULANTE DE 14 M³, EM VIA URBANA PAVIMENTADA, DMT ATÉ 30 KM (UNIDADE: M3XKM). AF_07/2020","M3XKM",14.36,2.28,"BDI 1",2.87,41.21,"RA","RA",16.484,0,"","","SINAPI 95876",15330,2.28,{"v":0.2604,"d":"26.04%"},null,14.36,null,null,41.21,2.87]
["S",3,"S",0,10,7,3,0,5,0,0,"F","Serviço","Serviço","10.7.3.0.5.","SINAPI","102098","RECOMPOSIÇÃO DE REVESTIMENTO EM CONCRETO ASFÁLTICO (AQUISIÇÃO EM USINA), PARA O FECHAMENTO DE VALAS - INCLUSO DEMOLIÇÃO DO PAVIMENTO. AF_12/2020","M3",0.86,{"v":2024.68,"d":"2,024.68"},"BDI 1",{"v":2551.91,"d":"2,551.91"},{"v":2194.64,"d":"2,194.64"},"RA","RA",877.856,0,"","","SINAPI 102098",14540,{"v":2024.68,"d":"2,024.68"},{"v":0.2604,"d":"26.04%"},null,0.86,null,null,{"v":2194.64,"d":"2,194.64"},{"v":2551.91,"d":"2,551.91"}]
[2,2,2,8,10,8,0,0,0,8,183,"F","Nível 2","Nível 2","10.8.","SINAPI",null,"Fornecimento de materiais e equipamentos","-",0,0,"BDI 1",0,{"v":16570.76,"d":"16,570.76"},"RA","",6628.304,0,"",98,false,"(Sem Código)",0,{"v":0.2604,"d":"26.04%"},{"$nulls":4},{"v":16570.76,"d":"16,570.76"},0]
[3,3,3,7,10,8,1,0,0,7,16,"F","Nível 3","Nível 3","10.8.1.","SINAPI",null,"Hidráulicos e hidromecânicos","-",0,0,"BDI 1",0,{"v":16570.76,"d":"16,570.76"},"RA","",6628.304,0,"","",false,"(Sem Código)",0,{"v":0.2604,"d":"26.04%"},{"$nulls":4},{"v":16570.76,"d":"16,570.76"},0]
[4,4,4,2,10,8,1,1,0,6,2,"F","Nível 4","Nível 4","10.8.1.1.","SINAPI",null,"Tubulação de PVC rígido corrugado com ponta e bolsa JE","-",0,0,"BDI 1",0,{"v":15160.32,"d":"15,160.32"},"RA","",6064.128000000001,0,"","",false,"(Sem Código)",0,{"v":0.2604,"d":"26.04%"},{"$nulls":4},{"v":15160.32,"d":"15,160.32"},0]
["S",4,"S",0,10,8,1,1,1,0,0,"F","Serviço","Serviço","10.8.1.1.1.","SINAPI-I","38033","TUBO PVC CORRUGADO, PAREDE DUPLA, JE, DN 200 MM/ DE 200 MM, REDE COLETORA ESGOTO","M",{"v":126,"d":"126.00"},108.01,"BDI 2",120.32,{"v":15160.32,"d":"15,160.32"},"RA","RA",6064.128000000001,0,"","","SINAPI-I 38033",4726,108.01,{"v":0.114,"d":"11.40%"},null,{"v":126,"d":"126.00"},null,null,{"v":15160.32,"d":"15,160.32"},120.32]
[4,4,4,2,10,8,1,2,0,4,2,"F","Nível 4","Nível 4","10.8.1.2.","SINAPI",null,"Anéis de borracha","-",0,0,"BDI 1",0,356.18,"RA","",142.472,0,"","",false,"(Sem Código)",0,{"v":0.2604,"d":"26.04%"},{"$nulls":4},356.18,0]
["S",4,"S",0,10,8,1,2,1,0,0,"F","Serviço","Serviço","10.8.1.2.1.","SINAPI-I",306,"ANEL BORRACHA, PARA TUBO PVC, REDE COLETOR ESGOTO, DN 200 MM (NBR 7362)","UN",{"v":22,"d":"22.00"},14.53,"BDI 2",16.19,356.18,"RA","RA",142.472,0,"","","SINAPI-I 306",304,14.53,{"v":0.114,"d":"11.40%"},null,{"v":22,"d":"22.00"},null,null,356.18,16.19]
[4,4,4,2,10,8,1,3,0,2,218,"F","Nível 4","Nível 4","10.8.1.3.","SINAPI",null,"Tampão de ferro fundido Ø = 600mm","-",0,0,"BDI 1",0,{"v":1054.26,"d":"1,054.26"},"RA","",421.704,0,"","",false,"(Sem Código)",0,{"v":0.2604,"d":"26.04%"},{"$nulls":4},{"v":1054.26,"d":"1,054.26"},0]
["S",4,"S",0,10,8,1,3,1,0,0,"F","Serviço","Serviço","10.8.1.3.1.","SABESP-I","HM01428","TAMPÃO ARTICULADO FERRO FUNDIDO DN 600 MM COM ARO NTS 033","un",{"v":2,"d":"2.00"},473.19,"BDI 2",527.13,{"v":1054.26,"d":"1,054.26"},"RA","RA",421.704,0,"","","SABESP-I HM01428",26565,473.19,{"v":0.114,"d":"11.40%"},null,{"v":2,"d":"2.00"},null,null,{"v":1054.26,"d":"1,054.26"},527.13]
[1,1,1,61,11,0,0,0,0,1073,61,"F","Meta","Meta","11.","SINAPI",null,"INTERLIGAÇÃO 02","-",0,0,"BDI 1",0,{"v":143707.28,"d":"143,707.28"},"RA","",57482.912000000004,0,"",99,false,"(Sem Código)",0,{"v":0.2604,"d":"26.04%"},{"$nulls":4},{"v":143707.28,"d":"143,707.28"},0]
[2,2,2,4,11,1,0,0,0,60,4,"F","Nível 2","Nível 2","11.1.","SINAPI",null,"Serviços Técnicos","-",0,0,"BDI 1",0,{"v":1277.64,"d":"1,277.64"},"RA","",511.05600000000004,0,"",100,false,"(Sem Código)",0,{"v":0.2604,"d":"26.04%"},{"$nulls":4},{"v":1277.64,"d":"1,277.64"},0]
[3,3,3,3,11,1,1,0,0,3,7,"F","Nível 3","Nível 3","11.1.1.","SINAPI",null,"Locação e Cadastro","-",0,0,"BDI 1",0,{"v":1277.64,"d":"1,277.64"},"RA","",511.05600000000004,0,"","",false,"(Sem Código)",0,{"v":0.2604,"d":"26.04%"},{"$nulls":4},{"v":1277.64,"d":"1,277.64"},0]
["S",3,"S",0,11,1,1,0,1,0,0,"F","Serviço","Serviço","11.1.1.0.1.","SABESP",70010003,"LOCAÇÃO DE ADUTORAS, COLETORES-TRONCO E INTERCEPTORES (ATÉ DIÂM. 500 MM)","M",{"v":169,"d":"169.00"},1.44,"BDI 1",1.81,305.89,"RA","RA",122.356,0,"","","SABESP 70010003",19839,1.44,{"v":0.2604,"d":"26.04%"},null,{"v":169,"d":"169.00"},null,null,305.89,1.81]
["S",3,"S",0,11,1,1,0,2,0,0,"F","Serviço","Serviço","11.1.1.0.2.","SABESP",70010006,"CADASTRO DE ADUTORAS, COLETORES-TRONCO E INTERCEPTORES (ATÉ DIÂM. 500 MM)","M",{"v":169,"d":"169.00"},4.56,"BDI 1",5.75,971.75,"RA","RA",388.70000000000005,0,"","","SABESP 70010006",19832,4.56,{"v":0.2604,"d":"26.04%"},null,{"v":169,"d":"169.00"},null,null,971.75,5.75]
[2,2,2,6,11,2,0,0,0,56,6,"F","Nível 2","Nível 2","11.2.","SINAPI",null,"Serviços Preliminares","-",0,0,"BDI 1",0,{"v":8867.48,"d":"8,867.48"},"RA","",3546.992,0,"",101,false,"(Sem Código)",0,{"v":0.2604,"d":"26.04%"},{"$nulls":4},{"v":8867.48,"d":"8,867.48"},0]
[3,3,3,3,11,2,1,0,0,5,3,"F","Nível 3","Nível 3","11.2.1.","SINAPI",null,"Trânsito e Segurança","-",0,0,"BDI 1",0,{"v":4526.02,"d":"4,526.02"},"RA","",1810.4080000000001,0,"","",false,"(Sem Código)",0,{"v":0.2604,"d":"26.04%"},{"$nulls":4},{"v":4526.02,"d":"4,526.02"},0]
["S",3,"S",0,11,2,1,0,1,0,0,"F","Serviço","Serviço","11.2.1.0.1.","SABESP",70020004,"SINALIZAÇÃO DE TRÁFEGO","M",{"v":120,"d":"120.00"},5.14,"BDI 1",6.48,{"v":777.6,"d":"777.60"},"RA","RA",311.04,0,"","","SABESP 70020004",19845,5.14,{"v":0.2604,"d":"26.04%"},null,{"v":120,"d":"120.00"},null,null,{"v":777.6,"d":"777.60"},6.48]
["S",3,"S",0,11,2,1,0,2,0,0,"F","Serviço","Serviço","11.2.1.0.2.","SABESP",70020003,"TAPUME CONTÍNUO EM CHAPAS DE MADEIRA","M",{"v":338,"d":"338.00"},{"v":8.8,"d":"8.80"},"BDI 1",11.09,{"v":3748.42,"d":"3,748.42"},"RA","RA",1499.3680000000002,0,"","","SABESP 70020003",19848,{"v":8.8,"d":"8.80"},{"v":0.2604,"d":"26.04%"},null,{"v":338,"d":"338.00"},null,null,{"v":3748.42,"d":"3,748.42"},11.09]
[3,3,3,2,11,2,2,0,0,2,10,"F","Nível 3","Nível 3","11.2.2.","SINAPI",null,"Passadiços e Travessias","-",0,0,"BDI 1",0,{"v":4341.46,"d":"4,341.46"},"RA","",1736.584,0,"","",false,"(Sem Código)",0,{"v":0.2604,"d":"26.04%"},null,{"$error":"#REF!"},null,null,{"v":4341.46,"d":"4,341.46"},0]
["S",3,"S",0,11,2,2,0,1,0,0,"F","Serviço","Serviço","11.2.2.0.1.","SABESP",70020008,"PASSADIÇOS DE CHAPA METÁLICA PARA VEÍCULOS","M2",{"v":34,"d":"34.00"},101.31,"BDI 1",127.69,{"v":4341.46,"d":"4,341.46"},"RA","RA",1736.584,0,"","","SABESP 70020008",19851,101.31,{"v":0.2604,"d":"26.04%"},null,{"v":34,"d":"34.00"},null,null,{"v":4341.46,"d":"4,341.46"},127.69]
[2,2,2,12,11,3,0,0,0,50,12,"F","Nível 2","Nível 2","11.3.","SINAPI",null,"Movimento de Terra","-",0,0,"BDI 1",0,{"v":20533.77,"d":"20,533.77"},"RA","",8213.508,0,"",102,false,"(Sem Código)",0,{"v":0.2604,"d":"26.04%"},{"$nulls":4},{"v":20533.77,"d":"20,533.77"},0]
[3,3,3,4,11,3,1,0,0,11,4,"F","Nível 3","Nível 3","11.3.1.","SINAPI",null,"Escavação de valas, qualquer terreno, exceto rocha - coletores tronco e interceptores","-",0,0,"BDI 1",0,{"v":7863.41,"d":"7,863.41"},"RA","",3145.364,0,"","",false,"(Sem Código)",0,{"v":0.2604,"d":"26.04%"},{"$nulls":4},{"v":7863.41,"d":"7,863.41"},0]
["S",3,"S",0,11,3,1,0,1,0,0,"F","Serviço","Serviço","11.3.1.0.1.","SINAPI","90092","ESCAVAÇÃO MECANIZADA DE VALA COM PROF. MAIOR QUE 1,5 M E ATÉ 3,0 M(MÉDIA MONTANTE E JUSANTE/UMA COMPOSIÇÃO POR TRECHO), ESCAVADEIRA (0,8 M3), LARG. MENOR QUE 1,5 M, EM SOLO DE 1A CATEGORIA, LOCAIS COM BAIXO NÍVEL DE INTERFERÊNCIA. AF_09/2024","M3",13.78,{"v":6.4,"d":"6.40"},"BDI 1",8.07,{"v":111.2,"d":"111.20"},"RA","RA",44.480000000000004,0,"","","SINAPI 90092",9309,{"v":6.4,"d":"6.40"},{"v":0.2604,"d":"26.04%"},null,13.78,null,null,{"v":111.2,"d":"111.20"},8.07]
["S",3,"S",0,11,3,1,0,2,0,0,"F","Serviço","Serviço","11.3.1.0.2.","SINAPI","90094","ESCAVAÇÃO MECANIZADA DE VALA COM PROF. MAIOR QUE 3,0 M ATÉ 4,5 M (MÉDIA MONTANTE E JUSANTE/UMA COMPOSIÇÃO POR TRECHO), ESCAVADEIRA (0,8 M3), LARG. MENOR QUE 1,5 M, EM SOLO DE 1A CATEGORIA, LOCAIS COM BAIXO NÍVEL DE INTERFERÊNCIA. AF_09/2024","M3",722.93,6.05,"BDI 1",7.63,{"v":5515.96,"d":"5,515.96"},"RA","RA",2206.384,0,"","","SINAPI 90094",9311,6.05,{"v":0.2604,"d":"26.04%"},null,722.93,null,null,{"v":5515.96,"d":"5,515.96"},7.63]
["S",3,"S",0,11,3,1,0,3,0,0,"F","Serviço","Serviço","11.3.1.0.3.","SINAPI","101616","PREPARO DE FUNDO DE VALA COM LARGURA MENOR QUE 1,5 M (ACERTO DO SOLO NATURAL). AF_08/2020","M2",{"v":214.2,"d":"214.20"},8.28,"BDI 1",10.44,{"v":2236.25,"d":"2,236.25"},"RA","RA",894.5,0,"","","SINAPI 101616",9402,8.28,{"v":0.2604,"d":"26.04%"},null,{"v":214.2,"d":"214.20"},null,null,{"v":2236.25,"d":"2,236.25"},10.44]
[3,3,3,3,11,3,2,0,0,7,3,"F","Nível 3","Nível 3","11.3.2.","SINAPI",null,"Aterros e recobrimentos especiais de valas, poços e cavas","-",0,0,"BDI 1",0,{"v":12038.96,"d":"12,038.96"},"RA","",4815.584000000001,0,"","",false,"(Sem Código)",0,{"v":0.2604,"d":"26.04%"},{"$nulls":4},{"v":12038.96,"d":"12,038.96"},0]
["S",3,"S",0,11,3,2,0,1,0,0,"F","Serviço","Serviço","11.3.2.0.1.","SINAPI","93381","REATERRO MECANIZADO DE VALA COM RETROESCAVADEIRA (CAPACIDADE DA CAÇAMBA DA RETRO: 0,26 M³/POTÊNCIA: 88 HP), LARGURA 0,8 A 1,5 M, PROFUNDIDADE 1,5 A 3,0 M, COM SOLO (SEM SUBSTITUIÇÃO) DE 1ª CATEGORIA E COMPACTADOR DE SOLOS DE PERCUSSÃO. AF_08/2023","M3",13.38,{"v":13.8,"d":"13.80"},"BDI 1",17.39,232.68,"RA","RA",93.072,0,"","","SINAPI 93381",6780,{"v":13.8,"d":"13.80"},{"v":0.2604,"d":"26.04%"},null,13.38,null,null,232.68,17.39]
["S",3,"S",0,11,3,2,0,2,0,0,"F","Serviço","Serviço","11.3.2.0.2.","SINAPI","104731","REATERRO MECANIZADO DE VALA COM ESCAVADEIRA HIDRÁULICA (CAPACIDADE DA CAÇAMBA: 0,8 M³/POTÊNCIA: 111 HP), LARGURA ATÉ 1,5 M, PROFUNDIDADE DE 3,0 A 6,0 M, COM SOLO (SEM SUBSTITUIÇÃO) DE 1ª CATEGORIA, COM PLACA VIBRATÓRIA. AF_08/2023","M3",699.01,{"v":13.4,"d":"13.40"},"BDI 1",16.89,{"v":11806.28,"d":"11,806.28"},"RA","RA",4722.512000000001,0,"","","SINAPI 104731",6773,{"v":13.4,"d":"13.40"},{"v":0.2604,"d":"26.04%"},null,699.01,null,null,{"v":11806.28,"d":"11,806.28"},16.89]
[3,3,3,4,11,3,3,0,0,4,134,"F","Nível 3","Nível 3","11.3.3.","SINAPI",null,"Carga, transporte e descarga","-",0,0,"BDI 1",0,{"v":631.4,"d":"631.40"},"RA","",252.56,0,"","",false,"(Sem Código)",0,{"v":0.2604,"d":"26.04%"},{"$nulls":4},{"v":631.4,"d":"631.40"},0]
["S",3,"S",0,11,3,3,0,1,0,0,"F","Serviço","Serviço","11.3.3.0.1.","SINAPI","100978","CARGA, MANOBRA E DESCARGA DE SOLOS E MATERIAIS GRANULARES EM CAMINHÃO BASCULANTE 10 M³ - CARGA COM ESCAVADEIRA HIDRÁULICA (CAÇAMBA DE 1,20 M³ / 155 HP) E DESCARGA LIVRE (UNIDADE: M3). AF_07/2020","M3",24.32,7.48,"BDI 1",9.43,229.34,"RA","RA",91.736,0,"","","SINAPI 100978",15260,7.48,{"v":0.2604,"d":"26.04%"},null,24.32,null,null,229.34,9.43]
["S",3,"S",0,11,3,3,0,2,0,0,"F","Serviço","Serviço","11.3.3.0.2.","SINAPI","95875","TRANSPORTE COM CAMINHÃO BASCULANTE DE 10 M³, EM VIA URBANA PAVIMENTADA, DMT ATÉ 30 KM (UNIDADE: M3XKM). AF_07/2020","M3XKM",107.01,2.64,"BDI 1",3.33,356.34,"RA","RA",142.536,0,"","","SINAPI 95875",15320,2.64,{"v":0.2604,"d":"26.04%"},null,107.01,null,null,356.34,3.33]
["S",3,"S",0,11,3,3,0,3,0,0,"F","Serviço","Serviço","11.3.3.0.3.","SINAPI","100574","ESPALHAMENTO DE MATERIAL COM TRATOR DE ESTEIRAS. AF_09/2024","M3",24.32,1.49,"BDI 1",1.88,45.72,"RA","RA",18.288,0,"","","SINAPI 100574",6894,1.49,{"v":0.2604,"d":"26.04%"},null,24.32,null,null,45.72,1.88]
[2,2,2,4,11,4,0,0,0,38,4,"F","Nível 2","Nível 2","11.4.","SINAPI",null,"Escoramentos","-",0,0,"BDI 1",0,{"v":25590.12,"d":"25,590.12"},"RA","",10236.048,0,"",103,false,"(Sem Código)",0,{"v":0.2604,"d":"26.04%"},{"$nulls":4},{"v":25590.12,"d":"25,590.12"},0]
[3,3,3,3,11,4,1,0,0,3,6,"F","Nível 3","Nível 3","11.4.1.","SINAPI",null,"Estruturas de escoramento de valas","-",0,0,"BDI 1",0,{"v":25590.12,"d":"25,590.12"},"RA","",10236.048,0,"","",false,"(Sem Código)",0,{"v":0.2604,"d":"26.04%"},{"$nulls":4},{"v":25590.12,"d":"25,590.12"},0]
["S",3,"S",0,11,4,1,0,1,0,0,"F","Serviço","Serviço","11.4.1.0.1.","Composição","0013","ESCORAMENTO DE VALA, TIPO BLINDAGEM, COM PROFUNDIDADE DE 1,5 A 3,0 M, LARGURA MENOR DO QUE 1,5 M - EXECUÇÃO E FORNECIMENTO, INCLUI MATERIAL (ESCAVAÇÃO INTERNA AO BLINDADO) [EMBASA/BA-07.93.35]","M2",21.04,26.46,"BDI 1",33.35,701.68,"RA","RA",280.67199999999997,0,"","","Composição 0013",15,26.46,{"v":0.2604,"d":"26.04%"},null,21.04,null,null,701.68,33.35]
["S",3,"S",0,11,4,1,0,2,0,0,"F","Serviço","Serviço","11.4.1.0.2.","Composição","0017","ESCORAMENTO DE VALA, TIPO BLINDAGEM, COM PROFUNDIDADE DE 3,0 A 4,5 M, LARGURA MENOR QUE 1,5 M - EXECUÇÃO E FORNECIMENTO, INCLUI MATERIAL (ESCAVAÇÃO INTERNA AO BLINDADO) [EMBASA/BA-07.93.39]","M2",{"v":1103.7,"d":"1,103.70"},17.89,"BDI 1",22.55,{"v":24888.44,"d":"24,888.44"},"RA","RA",9955.376,0,"","","Composição 0017",19,17.89,{"v":0.2604,"d":"26.04%"},null,{"v":1103.7,"d":"1,103.70"},null,null,{"v":24888.44,"d":"24,888.44"},22.55]
[2,2,2,8,11,5,0,0,0,34,8,"F","Nível 2","Nível 2","11.5.","SINAPI",null,"Fundações e Estruturas","-",0,0,"BDI 1",0,{"v":16461.8,"d":"16,461.80"},"RA","",6584.720000000001,0,"",104,false,"(Sem Código)",0,{"v":0.2604,"d":"26.04%"},{"$nulls":4},{"v":16461.8,"d":"16,461.80"},0]
[3,3,3,2,11,5,1,0,0,7,2,"F","Nível 3","Nível 3","11.5.1.","SINAPI",null,"Lastros para assentamento de tubos e peças","-",0,0,"BDI 1",0,{"v":4672.99,"d":"4,672.99"},"RA","",1869.196,0,"","",false,"(Sem Código)",0,{"v":0.2604,"d":"26.04%"},{"$nulls":4},{"v":4672.99,"d":"4,672.99"},0]
["S",3,"S",0,11,5,1,0,1,0,0,"F","Serviço","Serviço","11.5.1.0.1.","SABESP","70070045","LASTRO DE AREIA (A)","M3",21.42,173.09,"BDI 1",218.16,{"v":4672.99,"d":"4,672.99"},"RA","RA",1869.196,0,"","","SABESP 70070045",20135,173.09,{"v":0.2604,"d":"26.04%"},null,21.42,null,null,{"v":4672.99,"d":"4,672.99"},218.16]
[3,3,3,5,11,5,2,0,0,5,10,"F","Nível 3","Nível 3","11.5.2.","SINAPI",null,"Poços de visita - interligação","-",0,0,"BDI 1",0,{"v":11788.81,"d":"11,788.81"},"RA","",4715.524,0,"","",false,"(Sem Código)",0,{"v":0.2604,"d":"26.04%"},{"$nulls":4},{"v":11788.81,"d":"11,788.81"},0]
["S",3,"S",0,11,5,2,0,1,0,0,"F","Serviço","Serviço","11.5.2.0.1.","SINAPI","98410","BASE PARA POÇO DE VISITA CIRCULAR PARA ESGOTO, EM CONCRETO PRÉ-MOLDADO, DIÂMETRO INTERNO = 1,0 M, PROFUNDIDADE = 1,35 M, EXCLUINDO TAMPÃO. AF_12/2020","UN",{"v":1,"d":"1.00"},{"v":1326.1,"d":"1,326.10"},"BDI 1",{"v":1671.42,"d":"1,671.42"},{"v":1671.42,"d":"1,671.42"},"RA","RA",668.5680000000001,0,"","","SINAPI 98410",14193,{"v":1326.1,"d":"1,326.10"},{"v":0.2604,"d":"26.04%"},null,{"v":1,"d":"1.00"},null,null,{"v":1671.42,"d":"1,671.42"},{"v":1671.42,"d":"1,671.42"}]
["S",3,"S",0,11,5,2,0,2,0,0,"F","Serviço","Serviço","11.5.2.0.2.","SINAPI","102139","BASE PARA POÇO DE VISITA CIRCULAR PARA ESGOTO, EM CONCRETO PRÉ-MOLDADO, DIÂMETRO INTERNO = 1,20 M, PROFUNDIDADE = 1,60 M, EXCLUINDO TAMPÃO. AF_12/2020","UN",{"v":2,"d":"2.00"},{"v":1817.28,"d":"1,817.28"},"BDI 1",{"v":2290.5,"d":"2,290.50"},{"v":4581,"d":"4,581.00"},"RA","RA",1832.4,0,"","","SINAPI 102139",14194,{"v":1817.28,"d":"1,817.28"},{"v":0.2604,"d":"26.04%"},null,{"v":2,"d":"2.00"},null,null,{"v":4581,"d":"4,581.00"},{"v":2290.5,"d":"2,290.50"}]
["S",3,"S",0,11,5,2,0,3,0,0,"F","Serviço","Serviço","11.5.2.0.3.","SINAPI","97983","ACRÉSCIMO PARA POÇO DE VISITA CIRCULAR PARA ESGOTO, EM CONCRETO PRÉ-MOLDADO, DIÂMETRO INTERNO = 1 M. AF_12/2020","M",1.34,600.39,"BDI 1",756.73,{"v":1014.02,"d":"1,014.02"},"RA","RA",405.608,0,"","","SINAPI 97983",14120,600.39,{"v":0.2604,"d":"26.04%"},null,1.34,null,null,{"v":1014.02,"d":"1,014.02"},756.73]
["S",3,"S",0,11,5,2,0,4,0,0,"F","Serviço","Serviço","11.5.2.0.4.","SINAPI","97987","ACRÉSCIMO PARA POÇO DE VISITA CIRCULAR PARA ESGOTO, EM CONCRETO PRÉ-MOLDADO, DIÂMETRO INTERNO = 1,2 M. AF_12/2020","M",4.49,799.12,"BDI 1",{"v":1007.21,"d":"1,007.21"},{"v":4522.37,"d":"4,522.37"},"RA","RA",1808.948,0,"","","SINAPI 97987",14121,799.12,{"v":0.2604,"d":"26.04%"},null,4.49,null,null,{"v":4522.37,"d":"4,522.37"},{"v":1007.21,"d":"1,007.21"}]
[2,2,2,7,11,6,0,0,0,26,7,"F","Nível 2","Nível 2","11.6.","SINAPI",null,"Assentamentos","-",0,0,"BDI 1",0,{"v":1980.45,"d":"1,980.45"},"RA","",792.18,0,"",105,false,"(Sem Código)",0,{"v":0.2604,"d":"26.04%"},{"$nulls":4},{"v":1980.45,"d":"1,980.45"},0]
[3,3,3,2,11,6,1,0,0,6,2,"F","Nível 3","Nível 3","11.6.1.","SINAPI",null,"Assentamento simples de tubos e peças de PVC rígido e PVC deFoFo","-",0,0,"BDI 1",0,{"v":1160.85,"d":"1,160.85"},"RA","",464.34,0,"","",false,"(Sem Código)",0,{"v":0.2604,"d":"26.04%"},{"$nulls":4},{"v":1160.85,"d":"1,160.85"},0]
["S",3,"S",0,11,6,1,0,1,0,0,"F","Serviço","Serviço","11.6.1.0.1.","SINAPI","90740","ASSENTAMENTO DE TUBO DE PVC CORRUGADO DE DUPLA PAREDE PARA REDE COLETORA DE ESGOTO, DN 150 MM, JUNTA ELÁSTICA (NÃO INCLUI FORNECIMENTO). AF_01/2021","M",{"v":163.5,"d":"163.50"},5.63,"BDI 1",{"v":7.1,"d":"7.10"},{"v":1160.85,"d":"1,160.85"},"RA","RA",464.34,0,"","","SINAPI 90740",6392,5.63,{"v":0.2604,"d":"26.04%"},null,{"v":163.5,"d":"163.50"},null,null,{"v":1160.85,"d":"1,160.85"},{"v":7.1,"d":"7.10"}]
[3,3,3,2,11,6,2,0,0,4,2,"F","Nível 3","Nível 3","11.6.2.","SINAPI",null,"Assentamento de Tampão de ferro fundido Ø = 600mm","-",0,0,"BDI 1",0,{"v":512.4,"d":"512.40"},"RA","",204.96,0,"","",false,"(Sem Código)",0,{"v":0.2604,"d":"26.04%"},{"$nulls":4},{"v":512.4,"d":"512.40"},0]
["S",3,"S",0,11,6,2,0,1,0,0,"F","Serviço","Serviço","11.6.2.0.1.","SABESP",70070230,"ASSENTAMENTO DE TAMPÃO DE FERRO FUNDIDO, DN 600 MM","un",{"v":3,"d":"3.00"},135.51,"BDI 1",{"v":170.8,"d":"170.80"},{"v":512.4,"d":"512.40"},"RA","RA",204.96,0,"","","SABESP 70070230",20346,135.51,{"v":0.2604,"d":"26.04%"},null,{"v":3,"d":"3.00"},null,null,{"v":512.4,"d":"512.40"},{"v":170.8,"d":"170.80"}]
[3,3,3,2,11,6,3,0,0,2,113,"F","Nível 3","Nível 3","11.6.3.","SINAPI",null,"Carga, transporte até 10 km e descarga de tubos e peças de PVC rígido e PVC deFoFo","-",0,0,"BDI 1",0,{"v":307.2,"d":"307.20"},"RA","",122.88,0,"","",false,"(Sem Código)",0,{"v":0.2604,"d":"26.04%"},{"$nulls":4},{"v":307.2,"d":"307.20"},0]
["S",3,"S",0,11,6,3,0,1,0,0,"F","Serviço","Serviço","11.6.3.0.1.","SABESP",70080319,"CARGA, TRANSPORTE ATÉ 10 KM E DESCARGA TUBOS E PEÇAS, DN 150 MM, EM PVC RÍGIDO, RPVC E DEFOFO","KM",0.17,{"v":1433.72,"d":"1,433.72"},"BDI 1",{"v":1807.06,"d":"1,807.06"},{"v":307.2,"d":"307.20"},"RA","RA",122.88,0,"","","SABESP 70080319",20736,{"v":1433.72,"d":"1,433.72"},{"v":0.2604,"d":"26.04%"},null,0.17,null,null,{"v":307.2,"d":"307.20"},{"v":1807.06,"d":"1,807.06"}]
[2,2,2,11,11,7,0,0,0,19,11,"F","Nível 2","Nível 2","11.7.","SINAPI",null,"Pavimentação","-",0,0,"BDI 1",0,{"v":54778.81,"d":"54,778.81"},"RA","",21911.523999999998,0,"",106,false,"(Sem Código)",0,{"v":0.2604,"d":"26.04%"},{"$nulls":4},{"v":54778.81,"d":"54,778.81"},0]
[3,3,3,4,11,7,1,0,0,10,4,"F","Nível 3","Nível 3","11.7.1.","SINAPI",null,"Corte de pavimento asfáltico","-",0,0,"BDI 1",0,{"v":10940.33,"d":"10,940.33"},"RA","",4376.132,0,"","",false,"(Sem Código)",0,{"v":0.2604,"d":"26.04%"},{"$nulls":4},{"v":10940.33,"d":"10,940.33"},0]
["S",3,"S",0,11,7,1,0,1,0,0,"F","Serviço","Serviço","11.7.1.0.1.","Composição","0001","CORTE EM PAVIMENTO DE ASFALTO / CONCRETO COM MÁQUINA E DISCO DIAMANTADO","M",{"v":338,"d":"338.00"},10.76,"BDI 1",13.56,{"v":4583.28,"d":"4,583.28"},"RA","RA",1833.312,0,"","","Composição 0001",3,10.76,{"v":0.2604,"d":"26.04%"},null,{"v":338,"d":"338.00"},null,null,{"v":4583.28,"d":"4,583.28"},13.56]
["S",3,"S",0,11,7,1,0,2,0,0,"F","Serviço","Serviço","11.7.1.0.2.","Composição","0028","Demolição de asfalto c/ martelete - SEDOP 021525","M2",238.29,14.65,"BDI 1",18.46,{"v":4398.83,"d":"4,398.83"},"RA","RA",1759.5320000000002,0,"","","Composição 0028",30,14.65,{"v":0.2604,"d":"26.04%"},null,238.29,null,null,{"v":4398.83,"d":"4,398.83"},18.46]
["S",3,"S",0,11,7,1,0,3,0,0,"F","Serviço","Serviço","11.7.1.0.3.","SABESP","70190145","REMOÇÃO ENTULHO INCLUSIVE A CARGA, TRANSPORTE E DESCARGA EM BOTA FORA A QQ DISTÂNCIA","M3",11.92,130.34,"BDI 1",164.28,{"v":1958.22,"d":"1,958.22"},"RA","RA",783.288,0,"","","SABESP 70190145",22150,130.34,{"v":0.2604,"d":"26.04%"},null,11.92,null,null,{"v":1958.22,"d":"1,958.22"},164.28]
[3,3,3,6,11,7,2,0,0,6,33,"F","Nível 3","Nível 3","11.7.2.","SINAPI",null,"Recomposição de pavimentação asfáltica","-",0,null,"BDI 1",0,{"v":43838.48,"d":"43,838.48"},"RA","",17535.392,0,"","",false,"(Sem Código)",0,{"v":0.2604,"d":"26.04%"},{"$nulls":4},{"v":43838.48,"d":"43,838.48"},0]
["S",3,"S",0,11,7,2,0,1,0,0,"F","Serviço","Serviço","11.7.2.0.1.","CDHU","54.01.220","Base de bica corrida","M3",23.83,232.84,"BDI 1",293.47,{"v":6993.39,"d":"6,993.39"},"RA","RA",2797.356,0,"","","CDHU 54.01.220",19402,232.84,{"v":0.2604,"d":"26.04%"},null,23.83,null,null,{"v":6993.39,"d":"6,993.39"},293.47]
["S",3,"S",0,11,7,2,0,2,0,0,"F","Serviço","Serviço","11.7.2.0.2.","CDHU","54.03.230","Imprimação betuminosa ligante","M2",238.29,6.49,"BDI 1",8.18,{"v":1949.21,"d":"1,949.21"},"RA","RA",779.6840000000001,0,"","","CDHU 54.03.230",19413,6.49,{"v":0.2604,"d":"26.04%"},null,238.29,null,null,{"v":1949.21,"d":"1,949.21"},8.18]
["S",3,"S",0,11,7,2,0,3,0,0,"F","Serviço","Serviço","11.7.2.0.3.","CDHU","54.03.240","Imprimação betuminosa impermeabilizante","M2",238.29,13.09,"BDI 1",{"v":16.5,"d":"16.50"},{"v":3931.79,"d":"3,931.79"},"RA","RA",1572.7160000000001,0,"","","CDHU 54.03.240",19414,13.09,{"v":0.2604,"d":"26.04%"},null,238.29,null,null,{"v":3931.79,"d":"3,931.79"},{"v":16.5,"d":"16.50"}]
["S",3,"S",0,11,7,2,0,4,0,0,"F","Serviço","Serviço","11.7.2.0.4.","SINAPI","95876","TRANSPORTE COM CAMINHÃO BASCULANTE DE 14 M³, EM VIA URBANA PAVIMENTADA, DMT ATÉ 30 KM (UNIDADE: M3XKM). AF_07/2020","M3XKM",{"v":198.9,"d":"198.90"},2.28,"BDI 1",2.87,570.84,"RA","RA",228.336,0,"","","SINAPI 95876",15330,2.28,{"v":0.2604,"d":"26.04%"},null,{"v":198.9,"d":"198.90"},null,null,570.84,2.87]
["S",3,"S",0,11,7,2,0,5,0,0,"F","Serviço","Serviço","11.7.2.0.5.","SINAPI","102098","RECOMPOSIÇÃO DE REVESTIMENTO EM CONCRETO ASFÁLTICO (AQUISIÇÃO EM USINA), PARA O FECHAMENTO DE VALAS - INCLUSO DEMOLIÇÃO DO PAVIMENTO. AF_12/2020","M3",11.91,{"v":2024.68,"d":"2,024.68"},"BDI 1",{"v":2551.91,"d":"2,551.91"},{"v":30393.25,"d":"30,393.25"},"RA","RA",12157.300000000001,0,"","","SINAPI 102098",14540,{"v":2024.68,"d":"2,024.68"},{"v":0.2604,"d":"26.04%"},null,11.91,null,null,{"v":30393.25,"d":"30,393.25"},{"v":2551.91,"d":"2,551.91"}]
[2,2,2,8,11,8,0,0,0,8,122,"F","Nível 2","Nível 2","11.8.","SINAPI",null,"Fornecimento de materiais e equipamentos","-",0,0,"BDI 1",0,{"v":14217.21,"d":"14,217.21"},"RA","",5686.884,0,"",107,false,"(Sem Código)",0,{"v":0.2604,"d":"26.04%"},{"$nulls":4},{"v":14217.21,"d":"14,217.21"},0]
[3,3,3,7,11,8,1,0,0,7,16,"F","Nível 3","Nível 3","11.8.1.","SINAPI",null,"Hidráulicos e hidromecânicos","-",0,0,"BDI 1",0,{"v":14217.21,"d":"14,217.21"},"RA","",5686.884,0,"","",false,"(Sem Código)",0,{"v":0.2604,"d":"26.04%"},{"$nulls":4},{"v":14217.21,"d":"14,217.21"},0]
[4,4,4,2,11,8,1,1,0,6,2,"F","Nível 4","Nível 4","11.8.1.1.","SINAPI",null,"Tubulação de PVC rígido corrugado com ponta e bolsa JE","-",0,0,"BDI 1",0,{"v":12315.72,"d":"12,315.72"},"RA","",4926.2880000000005,0,"","",false,"(Sem Código)",0,{"v":0.2604,"d":"26.04%"},{"$nulls":4},{"v":12315.72,"d":"12,315.72"},0]
["S",4,"S",0,11,8,1,1,1,0,0,"F","Serviço","Serviço","11.8.1.1.1.","SINAPI-I","38032","TUBO PVC CORRUGADO, PAREDE DUPLA, JE, DN 150 MM/ DE 160 MM, REDE COLETORA ESGOTO","M",{"v":174,"d":"174.00"},63.54,"BDI 2",70.78,{"v":12315.72,"d":"12,315.72"},"RA","RA",4926.2880000000005,0,"","","SINAPI-I 38032",4725,63.54,{"v":0.114,"d":"11.40%"},null,{"v":174,"d":"174.00"},null,null,{"v":12315.72,"d":"12,315.72"},70.78]
[4,4,4,2,11,8,1,2,0,4,2,"F","Nível 4","Nível 4","11.8.1.2.","SINAPI",null,"Anéis de borracha","-",0,0,"BDI 1",0,{"v":320.1,"d":"320.10"},"RA","",128.04000000000002,0,"","",false,"(Sem Código)",0,{"v":0.2604,"d":"26.04%"},{"$nulls":4},{"v":320.1,"d":"320.10"},0]
["S",4,"S",0,11,8,1,2,1,0,0,"F","Serviço","Serviço","11.8.1.2.1.","SINAPI-I",305,"ANEL BORRACHA, PARA TUBO PVC, REDE COLETOR ESGOTO, DN 150 MM (NBR 7362)","UN",{"v":30,"d":"30.00"},9.58,"BDI 2",10.67,{"v":320.1,"d":"320.10"},"RA","RA",128.04000000000002,0,"","","SINAPI-I 305",303,9.58,{"v":0.114,"d":"11.40%"},null,{"v":30,"d":"30.00"},null,null,{"v":320.1,"d":"320.10"},10.67]
[4,4,4,2,11,8,1,3,0,2,157,"F","Nível 4","Nível 4","11.8.1.3.","SINAPI",null,"Tampão de ferro fundido Ø = 600mm","-",0,0,"BDI 1",0,{"v":1581.39,"d":"1,581.39"},"RA","",632.556,0,"","",false,"(Sem Código)",0,{"v":0.2604,"d":"26.04%"},{"$nulls":4},{"v":1581.39,"d":"1,581.39"},0]
["S",4,"S",0,11,8,1,3,1,0,0,"F","Serviço","Serviço","11.8.1.3.1.","SABESP-I","HM01428","TAMPÃO ARTICULADO FERRO FUNDIDO DN 600 MM COM ARO NTS 033","un",{"v":3,"d":"3.00"},473.19,"BDI 2",527.13,{"v":1581.39,"d":"1,581.39"},"RA","RA",632.556,0,"","","SABESP-I HM01428",26565,473.19,{"v":0.114,"d":"11.40%"},null,{"v":3,"d":"3.00"},null,null,{"v":1581.39,"d":"1,581.39"},527.13]
[1,1,1,53,12,0,0,0,0,1012,53,"F","Meta","Meta","12.","SINAPI",null,"INTERLIGAÇÃO 06","-",0,0,"BDI 1",0,{"v":502813.92,"d":"502,813.92"},"RA","",201125.568,0,"",108,false,"(Sem Código)",0,{"v":0.2604,"d":"26.04%"},{"$nulls":4},{"v":502813.92,"d":"502,813.92"},0]
[2,2,2,4,12,1,0,0,0,52,4,"F","Nível 2","Nível 2","12.1.","SINAPI",null,"Serviços Técnicos","-",0,0,"BDI 1",0,{"v":6993,"d":"6,993.00"},"RA","",2797.2,0,"",109,false,"(Sem Código)",0,{"v":0.2604,"d":"26.04%"},{"$nulls":4},{"v":6993,"d":"6,993.00"},0]
[3,3,3,3,12,1,1,0,0,3,7,"F","Nível 3","Nível 3","12.1.1.","SINAPI",null,"Locação e Cadastro","-",0,0,"BDI 1",0,{"v":6993,"d":"6,993.00"},"RA","",2797.2,0,"","",false,"(Sem Código)",0,{"v":0.2604,"d":"26.04%"},{"$nulls":4},{"v":6993,"d":"6,993.00"},0]
["S",3,"S",0,12,1,1,0,1,0,0,"F","Serviço","Serviço","12.1.1.0.1.","SABESP",70010003,"LOCAÇÃO DE ADUTORAS, COLETORES-TRONCO E INTERCEPTORES (ATÉ DIÂM. 500 MM)","M",{"v":925,"d":"925.00"},1.44,"BDI 1",1.81,{"v":1674.25,"d":"1,674.25"},"RA","RA",669.7,0,"","","SABESP 70010003",19839,1.44,{"v":0.2604,"d":"26.04%"},null,{"v":925,"d":"925.00"},null,null,{"v":1674.25,"d":"1,674.25"},1.81]
["S",3,"S",0,12,1,1,0,2,0,0,"F","Serviço","Serviço","12.1.1.0.2.","SABESP",70010006,"CADASTRO DE ADUTORAS, COLETORES-TRONCO E INTERCEPTORES (ATÉ DIÂM. 500 MM)","M",{"v":925,"d":"925.00"},4.56,"BDI 1",5.75,{"v":5318.75,"d":"5,318.75"},"RA","RA",2127.5,0,"","","SABESP 70010006",19832,4.56,{"v":0.2604,"d":"26.04%"},null,{"v":925,"d":"925.00"},null,null,{"v":5318.75,"d":"5,318.75"},5.75]
[2,2,2,6,12,2,0,0,0,48,6,"F","Nível 2","Nível 2","12.2.","SINAPI",null,"Serviços Preliminares","-",0,0,"BDI 1",0,{"v":44657.55,"d":"44,657.55"},"RA","",17863.020000000004,0,"",110,false,"(Sem Código)",0,{"v":0.2604,"d":"26.04%"},{"$nulls":4},{"v":44657.55,"d":"44,657.55"},0]
[3,3,3,3,12,2,1,0,0,5,3,"F","Nível 3","Nível 3","12.2.1.","SINAPI",null,"Trânsito e Segurança","-",0,0,"BDI 1",0,{"v":21034.9,"d":"21,034.90"},"RA","",8413.960000000001,0,"","",false,"(Sem Código)",0,{"v":0.2604,"d":"26.04%"},{"$nulls":4},{"v":21034.9,"d":"21,034.90"},0]
["S",3,"S",0,12,2,1,0,1,0,0,"F","Serviço","Serviço","12.2.1.0.1.","SABESP",70020004,"SINALIZAÇÃO DE TRÁFEGO","M",{"v":80,"d":"80.00"},5.14,"BDI 1",6.48,{"v":518.4,"d":"518.40"},"RA","RA",207.36,0,"","","SABESP 70020004",19845,5.14,{"v":0.2604,"d":"26.04%"},null,{"v":80,"d":"80.00"},null,null,{"v":518.4,"d":"518.40"},6.48]
["S",3,"S",0,12,2,1,0,2,0,0,"F","Serviço","Serviço","12.2.1.0.2.","SABESP",70020003,"TAPUME CONTÍNUO EM CHAPAS DE MADEIRA","M",{"v":1850,"d":"1,850.00"},{"v":8.8,"d":"8.80"},"BDI 1",11.09,{"v":20516.5,"d":"20,516.50"},"RA","RA",8206.6,0,"","","SABESP 70020003",19848,{"v":8.8,"d":"8.80"},{"v":0.2604,"d":"26.04%"},null,{"v":1850,"d":"1,850.00"},null,null,{"v":20516.5,"d":"20,516.50"},11.09]
[3,3,3,2,12,2,2,0,0,2,10,"F","Nível 3","Nível 3","12.2.2.","SINAPI",null,"Passadiços e Travessias","-",0,0,"BDI 1",0,{"v":23622.65,"d":"23,622.65"},"RA","",9449.060000000001,0,"","",false,"(Sem Código)",0,{"v":0.2604,"d":"26.04%"},{"$nulls":4},{"v":23622.65,"d":"23,622.65"},0]
["S",3,"S",0,12,2,2,0,1,0,0,"F","Serviço","Serviço","12.2.2.0.1.","SABESP",70020008,"PASSADIÇOS DE CHAPA METÁLICA PARA VEÍCULOS","M2",{"v":185,"d":"185.00"},101.31,"BDI 1",127.69,{"v":23622.65,"d":"23,622.65"},"RA","RA",9449.060000000001,0,"","","SABESP 70020008",19851,101.31,{"v":0.2604,"d":"26.04%"},null,{"v":185,"d":"185.00"},null,null,{"v":23622.65,"d":"23,622.65"},127.69]
[2,2,2,12,12,3,0,0,0,42,12,"F","Nível 2","Nível 2","12.3.","SINAPI",null,"Movimento de Terra","-",0,0,"BDI 1",0,{"v":129470.83,"d":"129,470.83"},"RA","",51788.332,0,"",111,false,"(Sem Código)",0,{"v":0.2604,"d":"26.04%"},{"$nulls":4},{"v":129470.83,"d":"129,470.83"},0]
[3,3,3,4,12,3,1,0,0,11,4,"F","Nível 3","Nível 3","12.3.1.","SINAPI",null,"Escavação de valas, qualquer terreno, exceto rocha - coletores tronco e interceptores","-",0,0,"BDI 1",0,{"v":48912.17,"d":"48,912.17"},"RA","",19564.868000000002,0,"","",false,"(Sem Código)",0,{"v":0.2604,"d":"26.04%"},{"$nulls":4},{"v":48912.17,"d":"48,912.17"},0]
["S",3,"S",0,12,3,1,0,1,0,0,"F","Serviço","Serviço","12.3.1.0.1.","SINAPI","90092","ESCAVAÇÃO MECANIZADA DE VALA COM PROF. MAIOR QUE 1,5 M E ATÉ 3,0 M(MÉDIA MONTANTE E JUSANTE/UMA COMPOSIÇÃO POR TRECHO), ESCAVADEIRA (0,8 M3), LARG. MENOR QUE 1,5 M, EM SOLO DE 1A CATEGORIA, LOCAIS COM BAIXO NÍVEL DE INTERFERÊNCIA. AF_09/2024","M3",903.82,{"v":6.4,"d":"6.40"},"BDI 1",8.07,{"v":7293.83,"d":"7,293.83"},"RA","RA",2917.532,0,"","","SINAPI 90092",9309,{"v":6.4,"d":"6.40"},{"v":0.2604,"d":"26.04%"},null,903.82,null,null,{"v":7293.83,"d":"7,293.83"},8.07]
["S",3,"S",0,12,3,1,0,2,0,0,"F","Serviço","Serviço","12.3.1.0.2.","SINAPI","90094","ESCAVAÇÃO MECANIZADA DE VALA COM PROF. MAIOR QUE 3,0 M ATÉ 4,5 M (MÉDIA MONTANTE E JUSANTE/UMA COMPOSIÇÃO POR TRECHO), ESCAVADEIRA (0,8 M3), LARG. MENOR QUE 1,5 M, EM SOLO DE 1A CATEGORIA, LOCAIS COM BAIXO NÍVEL DE INTERFERÊNCIA. AF_09/2024","M3",{"v":3700.51,"d":"3,700.51"},6.05,"BDI 1",7.63,{"v":28234.89,"d":"28,234.89"},"RA","RA",11293.956,0,"","","SINAPI 90094",9311,6.05,{"v":0.2604,"d":"26.04%"},null,{"v":3700.51,"d":"3,700.51"},null,null,{"v":28234.89,"d":"28,234.89"},7.63]
["S",3,"S",0,12,3,1,0,3,0,0,"F","Serviço","Serviço","12.3.1.0.3.","SINAPI","101616","PREPARO DE FUNDO DE VALA COM LARGURA MENOR QUE 1,5 M (ACERTO DO SOLO NATURAL). AF_08/2020","M2",{"v":1281.94,"d":"1,281.94"},8.28,"BDI 1",10.44,{"v":13383.45,"d":"13,383.45"},"RA","RA",5353.380000000001,0,"","","SINAPI 101616",9402,8.28,{"v":0.2604,"d":"26.04%"},null,{"v":1281.94,"d":"1,281.94"},null,null,{"v":13383.45,"d":"13,383.45"},10.44]
[3,3,3,3,12,3,2,0,0,7,3,"F","Nível 3","Nível 3","12.3.2.","SINAPI",null,"Aterros e recobrimentos especiais de valas, poços e cavas","-",0,0,"BDI 1",0,{"v":75763.47,"d":"75,763.47"},"RA","",30305.388,0,"","",false,"(Sem Código)",0,{"v":0.2604,"d":"26.04%"},{"$nulls":4},{"v":75763.47,"d":"75,763.47"},0]
["S",3,"S",0,12,3,2,0,1,0,0,"F","Serviço","Serviço","12.3.2.0.1.","SINAPI","93381","REATERRO MECANIZADO DE VALA COM RETROESCAVADEIRA (CAPACIDADE DA CAÇAMBA DA RETRO: 0,26 M³/POTÊNCIA: 88 HP), LARGURA 0,8 A 1,5 M, PROFUNDIDADE 1,5 A 3,0 M, COM SOLO (SEM SUBSTITUIÇÃO) DE 1ª CATEGORIA E COMPACTADOR DE SOLOS DE PERCUSSÃO. AF_08/2023","M3",863.74,{"v":13.8,"d":"13.80"},"BDI 1",17.39,{"v":15020.44,"d":"15,020.44"},"RA","RA",6008.176,0,"","","SINAPI 93381",6780,{"v":13.8,"d":"13.80"},{"v":0.2604,"d":"26.04%"},null,863.74,null,null,{"v":15020.44,"d":"15,020.44"},17.39]
["S",3,"S",0,12,3,2,0,2,0,0,"F","Serviço","Serviço","12.3.2.0.2.","SINAPI","104731","REATERRO MECANIZADO DE VALA COM ESCAVADEIRA HIDRÁULICA (CAPACIDADE DA CAÇAMBA: 0,8 M³/POTÊNCIA: 111 HP), LARGURA ATÉ 1,5 M, PROFUNDIDADE DE 3,0 A 6,0 M, COM SOLO (SEM SUBSTITUIÇÃO) DE 1ª CATEGORIA, COM PLACA VIBRATÓRIA. AF_08/2023","M3",{"v":3596.39,"d":"3,596.39"},{"v":13.4,"d":"13.40"},"BDI 1",16.89,{"v":60743.03,"d":"60,743.03"},"RA","RA",24297.212,0,"","","SINAPI 104731",6773,{"v":13.4,"d":"13.40"},{"v":0.2604,"d":"26.04%"},null,{"v":3596.39,"d":"3,596.39"},null,null,{"v":60743.03,"d":"60,743.03"},16.89]
[3,3,3,4,12,3,3,0,0,4,73,"F","Nível 3","Nível 3","12.3.3.","SINAPI",null,"Carga, transporte e descarga","-",0,0,"BDI 1",0,{"v":4795.19,"d":"4,795.19"},"RA","",1918.0760000000002,0,"","",false,"(Sem Código)",0,{"v":0.2604,"d":"26.04%"},{"$nulls":4},{"v":4795.19,"d":"4,795.19"},0]
["S",3,"S",0,12,3,3,0,1,0,0,"F","Serviço","Serviço","12.3.3.0.1.","SINAPI","100978","CARGA, MANOBRA E DESCARGA DE SOLOS E MATERIAIS GRANULARES EM CAMINHÃO BASCULANTE 10 M³ - CARGA COM ESCAVADEIRA HIDRÁULICA (CAÇAMBA DE 1,20 M³ / 155 HP) E DESCARGA LIVRE (UNIDADE: M3). AF_07/2020","M3",{"v":144.2,"d":"144.20"},7.48,"BDI 1",9.43,{"v":1359.81,"d":"1,359.81"},"RA","RA",543.924,0,"","","SINAPI 100978",15260,7.48,{"v":0.2604,"d":"26.04%"},null,{"v":144.2,"d":"144.20"},null,null,{"v":1359.81,"d":"1,359.81"},9.43]
["S",3,"S",0,12,3,3,0,2,0,0,"F","Serviço","Serviço","12.3.3.0.2.","SINAPI","93588","TRANSPORTE COM CAMINHÃO BASCULANTE DE 10 M³, EM VIA URBANA EM LEITO NATURAL (UNIDADE: M3XKM). AF_07/2020","M3XKM",749.83,3.35,"BDI 1",4.22,{"v":3164.28,"d":"3,164.28"},"RA","RA",1265.7120000000002,0,"","","SINAPI 93588",15314,3.35,{"v":0.2604,"d":"26.04%"},null,749.83,null,null,{"v":3164.28,"d":"3,164.28"},4.22]
["S",3,"S",0,12,3,3,0,3,0,0,"F","Serviço","Serviço","12.3.3.0.3.","SINAPI","100574","ESPALHAMENTO DE MATERIAL COM TRATOR DE ESTEIRAS. AF_09/2024","M3",{"v":144.2,"d":"144.20"},1.49,"BDI 1",1.88,{"v":271.1,"d":"271.10"},"RA","RA",108.44000000000001,0,"","","SINAPI 100574",6894,1.49,{"v":0.2604,"d":"26.04%"},null,{"v":144.2,"d":"144.20"},null,null,{"v":271.1,"d":"271.10"},1.88]
[2,2,2,4,12,4,0,0,0,30,4,"F","Nível 2","Nível 2","12.4.","SINAPI",null,"Escoramentos","-",0,0,"BDI 1",0,{"v":159031.65,"d":"159,031.65"},"RA","",63612.66,0,"",112,false,"(Sem Código)",0,{"v":0.2604,"d":"26.04%"},{"$nulls":4},{"v":159031.65,"d":"159,031.65"},0]
[3,3,3,3,12,4,1,0,0,3,6,"F","Nível 3","Nível 3","12.4.1.","SINAPI",null,"Estruturas de escoramento de valas","-",0,0,"BDI 1",0,{"v":159031.65,"d":"159,031.65"},"RA","",63612.66,0,"","",false,"(Sem Código)",0,{"v":0.2604,"d":"26.04%"},{"$nulls":4},{"v":159031.65,"d":"159,031.65"},0]
["S",3,"S",0,12,4,1,0,1,0,0,"F","Serviço","Serviço","12.4.1.0.1.","Composição","0013","ESCORAMENTO DE VALA, TIPO BLINDAGEM, COM PROFUNDIDADE DE 1,5 A 3,0 M, LARGURA MENOR DO QUE 1,5 M - EXECUÇÃO E FORNECIMENTO, INCLUI MATERIAL (ESCAVAÇÃO INTERNA AO BLINDADO) [EMBASA/BA-07.93.35]","M2",{"v":1411.8,"d":"1,411.80"},26.46,"BDI 1",33.35,{"v":47083.53,"d":"47,083.53"},"RA","RA",18833.412,0,"","","Composição 0013",15,26.46,{"v":0.2604,"d":"26.04%"},null,{"v":1411.8,"d":"1,411.80"},null,null,{"v":47083.53,"d":"47,083.53"},33.35]
["S",3,"S",0,12,4,1,0,2,0,0,"F","Serviço","Serviço","12.4.1.0.2.","Composição","0017","ESCORAMENTO DE VALA, TIPO BLINDAGEM, COM PROFUNDIDADE DE 3,0 A 4,5 M, LARGURA MENOR QUE 1,5 M - EXECUÇÃO E FORNECIMENTO, INCLUI MATERIAL (ESCAVAÇÃO INTERNA AO BLINDADO) [EMBASA/BA-07.93.39]","M2",{"v":4964.44,"d":"4,964.44"},17.89,"BDI 1",22.55,{"v":111948.12,"d":"111,948.12"},"RA","RA",44779.248,0,"","","Composição 0017",19,17.89,{"v":0.2604,"d":"26.04%"},null,{"v":4964.44,"d":"4,964.44"},null,null,{"v":111948.12,"d":"111,948.12"},22.55]
[2,2,2,8,12,5,0,0,0,26,8,"F","Nível 2","Nível 2","12.5.","SINAPI",null,"Fundações e Estruturas","-",0,0,"BDI 1",0,{"v":76649.95,"d":"76,649.95"},"RA","",30659.980000000003,0,"",113,false,"(Sem Código)",0,{"v":0.2604,"d":"26.04%"},{"$nulls":4},{"v":76649.95,"d":"76,649.95"},0]
[3,3,3,2,12,5,1,0,0,7,2,"F","Nível 3","Nível 3","12.5.1.","SINAPI",null,"Lastros para assentamento de tubos e peças","-",0,0,"BDI 1",0,{"v":27965.93,"d":"27,965.93"},"RA","",11186.372000000001,0,"","",false,"(Sem Código)",0,{"v":0.2604,"d":"26.04%"},{"$nulls":4},{"v":27965.93,"d":"27,965.93"},0]
["S",3,"S",0,12,5,1,0,1,0,0,"F","Serviço","Serviço","12.5.1.0.1.","SABESP","70070045","LASTRO DE AREIA (A)","M3",128.19,173.09,"BDI 1",218.16,{"v":27965.93,"d":"27,965.93"},"RA","RA",11186.372000000001,0,"","","SABESP 70070045",20135,173.09,{"v":0.2604,"d":"26.04%"},null,128.19,null,null,{"v":27965.93,"d":"27,965.93"},218.16]
[3,3,3,5,12,5,2,0,0,5,10,"F","Nível 3","Nível 3","12.5.2.","SINAPI",null,"Poços de visita - Ø = 1,00m para redes coletoras","-",0,0,"BDI 1",0,{"v":48684.02,"d":"48,684.02"},"RA","",19473.608,0,"","",false,"(Sem Código)",0,{"v":0.2604,"d":"26.04%"},{"$nulls":4},{"v":48684.02,"d":"48,684.02"},0]
["S",3,"S",0,12,5,2,0,1,0,0,"F","Serviço","Serviço","12.5.2.0.1.","SINAPI","98410","BASE PARA POÇO DE VISITA CIRCULAR PARA ESGOTO, EM CONCRETO PRÉ-MOLDADO, DIÂMETRO INTERNO = 1,0 M, PROFUNDIDADE = 1,35 M, EXCLUINDO TAMPÃO. AF_12/2020","UN",{"v":5,"d":"5.00"},{"v":1326.1,"d":"1,326.10"},"BDI 1",{"v":1671.42,"d":"1,671.42"},{"v":8357.1,"d":"8,357.10"},"RA","RA",3342.84,0,"","","SINAPI 98410",14193,{"v":1326.1,"d":"1,326.10"},{"v":0.2604,"d":"26.04%"},null,{"v":5,"d":"5.00"},null,null,{"v":8357.1,"d":"8,357.10"},{"v":1671.42,"d":"1,671.42"}]
["S",3,"S",0,12,5,2,0,2,0,0,"F","Serviço","Serviço","12.5.2.0.2.","SINAPI","102139","BASE PARA POÇO DE VISITA CIRCULAR PARA ESGOTO, EM CONCRETO PRÉ-MOLDADO, DIÂMETRO INTERNO = 1,20 M, PROFUNDIDADE = 1,60 M, EXCLUINDO TAMPÃO. AF_12/2020","UN",{"v":8,"d":"8.00"},{"v":1817.28,"d":"1,817.28"},"BDI 1",{"v":2290.5,"d":"2,290.50"},{"v":18324,"d":"18,324.00"},"RA","RA",7329.6,0,"","","SINAPI 102139",14194,{"v":1817.28,"d":"1,817.28"},{"v":0.2604,"d":"26.04%"},null,{"v":8,"d":"8.00"},null,null,{"v":18324,"d":"18,324.00"},{"v":2290.5,"d":"2,290.50"}]
["S",3,"S",0,12,5,2,0,3,0,0,"F","Serviço","Serviço","12.5.2.0.3.","SINAPI","97983","ACRÉSCIMO PARA POÇO DE VISITA CIRCULAR PARA ESGOTO, EM CONCRETO PRÉ-MOLDADO, DIÂMETRO INTERNO = 1 M. AF_12/2020","M",4.12,600.39,"BDI 1",756.73,{"v":3117.73,"d":"3,117.73"},"RA","RA",1247.092,0,"","","SINAPI 97983",14120,600.39,{"v":0.2604,"d":"26.04%"},null,4.12,null,null,{"v":3117.73,"d":"3,117.73"},756.73]
["S",3,"S",0,12,5,2,0,4,0,0,"F","Serviço","Serviço","12.5.2.0.4.","SINAPI","97987","ACRÉSCIMO PARA POÇO DE VISITA CIRCULAR PARA ESGOTO, EM CONCRETO PRÉ-MOLDADO, DIÂMETRO INTERNO = 1,2 M. AF_12/2020","M",18.75,799.12,"BDI 1",{"v":1007.21,"d":"1,007.21"},{"v":18885.19,"d":"18,885.19"},"RA","RA",7554.076,0,"","","SINAPI 97987",14121,799.12,{"v":0.2604,"d":"26.04%"},null,18.75,null,null,{"v":18885.19,"d":"18,885.19"},{"v":1007.21,"d":"1,007.21"}]
[2,2,2,7,12,6,0,0,0,18,7,"F","Nível 2","Nível 2","12.6.","SINAPI",null,"Assentamento","-",0,0,"BDI 1",0,{"v":10337.12,"d":"10,337.12"},"RA","",4134.848,0,"",114,false,"(Sem Código)",0,{"v":0.2604,"d":"26.04%"},{"$nulls":4},{"v":10337.12,"d":"10,337.12"},0]
[3,3,3,2,12,6,1,0,0,6,2,"F","Nível 3","Nível 3","12.6.1.","SINAPI",null,"Assentamento simples de tubos e peças de PVC rígido e PVC deFoFo","-",0,0,"BDI 1",0,{"v":6436.15,"d":"6,436.15"},"RA","",2574.46,0,"","",false,"(Sem Código)",0,{"v":0.2604,"d":"26.04%"},{"$nulls":4},{"v":6436.15,"d":"6,436.15"},0]
["S",3,"S",0,12,6,1,0,1,0,0,"F","Serviço","Serviço","12.6.1.0.1.","SINAPI","90740","ASSENTAMENTO DE TUBO DE PVC CORRUGADO DE DUPLA PAREDE PARA REDE COLETORA DE ESGOTO, DN 150 MM, JUNTA ELÁSTICA (NÃO INCLUI FORNECIMENTO). AF_01/2021","M",{"v":906.5,"d":"906.50"},5.63,"BDI 1",{"v":7.1,"d":"7.10"},{"v":6436.15,"d":"6,436.15"},"RA","RA",2574.46,0,"","","SINAPI 90740",6392,5.63,{"v":0.2604,"d":"26.04%"},null,{"v":906.5,"d":"906.50"},null,null,{"v":6436.15,"d":"6,436.15"},{"v":7.1,"d":"7.10"}]
[3,3,3,2,12,6,2,0,0,4,2,"F","Nível 3","Nível 3","12.6.2.","SINAPI",null,"Assentamento de Tampão de ferro fundido Ø = 600mm","-",0,0,"BDI 1",0,{"v":2220.4,"d":"2,220.40"},"RA","",888.1600000000001,0,"","",false,"(Sem Código)",0,{"v":0.2604,"d":"26.04%"},{"$nulls":4},{"v":2220.4,"d":"2,220.40"},0]
["S",3,"S",0,12,6,2,0,1,0,0,"F","Serviço","Serviço","12.6.2.0.1.","SABESP",70070230,"ASSENTAMENTO DE TAMPÃO DE FERRO FUNDIDO, DN 600 MM","un",{"v":13,"d":"13.00"},135.51,"BDI 1",{"v":170.8,"d":"170.80"},{"v":2220.4,"d":"2,220.40"},"RA","RA",888.1600000000001,0,"","","SABESP 70070230",20346,135.51,{"v":0.2604,"d":"26.04%"},null,{"v":13,"d":"13.00"},null,null,{"v":2220.4,"d":"2,220.40"},{"v":170.8,"d":"170.80"}]
[3,3,3,2,12,6,3,0,0,2,52,"F","Nível 3","Nível 3","12.6.3.","SINAPI",null,"Carga, transporte até 10 km e descarga de tubos e peças de PVC rígido e PVC deFoFo","-",0,0,"BDI 1",0,{"v":1680.57,"d":"1,680.57"},"RA","",672.2280000000001,0,"","",false,"(Sem Código)",0,{"v":0.2604,"d":"26.04%"},{"$nulls":4},{"v":1680.57,"d":"1,680.57"},0]
["S",3,"S",0,12,6,3,0,1,0,0,"F","Serviço","Serviço","12.6.3.0.1.","SABESP",70080319,"CARGA, TRANSPORTE ATÉ 10 KM E DESCARGA TUBOS E PEÇAS, DN 150 MM, EM PVC RÍGIDO, RPVC E DEFOFO","KM",0.93,{"v":1433.72,"d":"1,433.72"},"BDI 1",{"v":1807.06,"d":"1,807.06"},{"v":1680.57,"d":"1,680.57"},"RA","RA",672.2280000000001,0,"","","SABESP 70080319",20736,{"v":1433.72,"d":"1,433.72"},{"v":0.2604,"d":"26.04%"},null,0.93,null,null,{"v":1680.57,"d":"1,680.57"},{"v":1807.06,"d":"1,807.06"}]
[2,2,2,3,12,7,0,0,0,11,3,"F","Nível 2","Nível 2","12.7.","SINAPI",null,"Pavimentação","-",0,0,"BDI 1",0,{"v":1331.21,"d":"1,331.21"},"RA","",532.484,0,"",115,false,"(Sem Código)",0,{"v":0.2604,"d":"26.04%"},{"$nulls":4},{"v":1331.21,"d":"1,331.21"},0]
[3,3,3,2,12,7,1,0,0,2,28,"F","Nível 3","Nível 3","12.7.1.","SINAPI",null,"Regularização e revestimento","-",0,0,"BDI 1",0,{"v":1331.21,"d":"1,331.21"},"RA","",532.484,0,"","",false,"(Sem Código)",0,{"v":0.2604,"d":"26.04%"},{"$nulls":4},{"v":1331.21,"d":"1,331.21"},0]
["S",3,"S",0,12,7,1,0,1,0,0,"F","Serviço","Serviço","12.7.1.0.1.","SABESP",70090040,"REGULARIZAÇÃO MECANIZADA DE SUPERFÍCIES (A)","M2",{"v":1232.6,"d":"1,232.60"},0.86,"BDI 1",1.08,{"v":1331.21,"d":"1,331.21"},"RA","RA",532.484,0,"","","SABESP 70090040",20810,0.86,{"v":0.2604,"d":"26.04%"},null,{"v":1232.6,"d":"1,232.60"},null,null,{"v":1331.21,"d":"1,331.21"},1.08]
[2,2,2,8,12,8,0,0,0,8,69,"F","Nível 2","Nível 2","12.8.","SINAPI",null,"Fornecimento de materiais e equipamentos","-",0,0,"BDI 1",0,{"v":74342.61,"d":"74,342.61"},"RA","",29737.044,0,"",116,false,"(Sem Código)",0,{"v":0.2604,"d":"26.04%"},{"$nulls":4},{"v":74342.61,"d":"74,342.61"},0]
[3,3,3,7,12,8,1,0,0,7,25,"F","Nível 3","Nível 3","12.8.1.","SINAPI",null,"Hidráulicos e hidromecânicos","-",0,0,"BDI 1",0,{"v":74342.61,"d":"74,342.61"},"RA","",29737.044,0,"","",false,"(Sem Código)",0,{"v":0.2604,"d":"26.04%"},{"$nulls":4},{"v":74342.61,"d":"74,342.61"},0]
[4,4,4,2,12,8,1,1,0,6,2,"F","Nível 4","Nível 4","12.8.1.1.","SINAPI",null,"Tubulação de PVC rígido corrugado com ponta e bolsa JE","-",0,0,"BDI 1",0,{"v":65825.4,"d":"65,825.40"},"RA","",26330.16,0,"","",false,"(Sem Código)",0,{"v":0.2604,"d":"26.04%"},{"$nulls":4},{"v":65825.4,"d":"65,825.40"},0]
["S",4,"S",0,12,8,1,1,1,0,0,"F","Serviço","Serviço","12.8.1.1.1.","SINAPI-I","38032","TUBO PVC CORRUGADO, PAREDE DUPLA, JE, DN 150 MM/ DE 160 MM, REDE COLETORA ESGOTO","M",{"v":930,"d":"930.00"},63.54,"BDI 2",70.78,{"v":65825.4,"d":"65,825.40"},"RA","RA",26330.16,0,"","","SINAPI-I 38032",4725,63.54,{"v":0.114,"d":"11.40%"},null,{"v":930,"d":"930.00"},null,null,{"v":65825.4,"d":"65,825.40"},70.78]
[4,4,4,2,12,8,1,2,0,4,2,"F","Nível 4","Nível 4","12.8.1.2.","SINAPI",null,"Anéis de borracha","-",0,0,"BDI 1",0,{"v":1664.52,"d":"1,664.52"},"RA","",665.808,0,"","",false,"(Sem Código)",0,{"v":0.2604,"d":"26.04%"},{"$nulls":4},{"v":1664.52,"d":"1,664.52"},0]
["S",4,"S",0,12,8,1,2,1,0,0,"F","Serviço","Serviço","12.8.1.2.1.","SINAPI-I",305,"ANEL BORRACHA, PARA TUBO PVC, REDE COLETOR ESGOTO, DN 150 MM (NBR 7362)","UN",{"v":156,"d":"156.00"},9.58,"BDI 2",10.67,{"v":1664.52,"d":"1,664.52"},"RA","RA",665.808,0,"","","SINAPI-I 305",303,9.58,{"v":0.114,"d":"11.40%"},null,{"v":156,"d":"156.00"},null,null,{"v":1664.52,"d":"1,664.52"},10.67]
[4,4,4,2,12,8,1,3,0,2,104,"F","Nível 4","Nível 4","12.8.1.3.","SINAPI",null,"Tampão de ferro fundido Ø = 600mm","-",0,0,"BDI 1",0,{"v":6852.69,"d":"6,852.69"},"RA","",2741.076,0,"","",false,"(Sem Código)",0,{"v":0.2604,"d":"26.04%"},{"$nulls":4},{"v":6852.69,"d":"6,852.69"},0]
["S",4,"S",0,12,8,1,3,1,0,0,"F","Serviço","Serviço","12.8.1.3.1.","SABESP-I","HM01428","TAMPÃO ARTICULADO FERRO FUNDIDO DN 600 MM COM ARO NTS 033","un",{"v":13,"d":"13.00"},473.19,"BDI 2",527.13,{"v":6852.69,"d":"6,852.69"},"RA","RA",2741.076,0,"","","SABESP-I HM01428",26565,473.19,{"v":0.114,"d":"11.40%"},null,{"v":13,"d":"13.00"},null,null,{"v":6852.69,"d":"6,852.69"},527.13]
[1,1,1,237,13,0,0,0,0,959,237,"F","Meta","Meta","13.","SINAPI",null,"EEE DISTRITO INDUSTRIAL","-",0,0,"BDI 1",0,{"v":568342.05,"d":"568,342.05"},"RA","",227336.81999999992,0,"",117,false,"(Sem Código)",0,{"v":0.2604,"d":"26.04%"},{"$nulls":4},{"v":568342.05,"d":"568,342.05"},0]
[2,2,2,2,13,1,0,0,0,236,2,"F","Nível 2","Nível 2","13.1.","SINAPI",null,"Canteiro de Obras de Apoio Local","-",0,0,"BDI 1",0,{"v":6409.14,"d":"6,409.14"},"RA","",2563.6560000000004,0,"",118,false,"(Sem Código)",0,{"v":0.2604,"d":"26.04%"},{"$nulls":4},{"v":6409.14,"d":"6,409.14"},0]
["S",2,"S",0,13,1,0,0,1,0,0,"F","Serviço","Serviço","13.1.0.0.1.","SINAPI-I","10775","LOCACAO DE CONTAINER 2,30 X 6,00 M, ALT. 2,50 M, COM 1 SANITARIO, PARA ESCRITORIO, COMPLETO, SEM DIVISORIAS INTERNAS (NAO INCLUI MOBILIZACAO/DESMOBILIZACAO)","MES",{"v":6,"d":"6.00"},{"v":847.5,"d":"847.50"},"BDI 1",{"v":1068.19,"d":"1,068.19"},{"v":6409.14,"d":"6,409.14"},"RA","RA",2563.6560000000004,0,"","","SINAPI-I 10775",2675,{"v":847.5,"d":"847.50"},{"v":0.2604,"d":"26.04%"},null,{"v":6,"d":"6.00"},null,null,{"v":6409.14,"d":"6,409.14"},{"v":1068.19,"d":"1,068.19"}]
[2,2,2,4,13,2,0,0,0,234,4,"F","Nível 2","Nível 2","13.2.","SINAPI",null,"Serviços Técnicos","-",0,0,"BDI 1",0,{"v":3103.94,"d":"3,103.94"},"RA","",1241.576,0,"",119,false,"(Sem Código)",0,{"v":0.2604,"d":"26.04%"},{"$nulls":4},{"v":3103.94,"d":"3,103.94"},0]
[3,3,3,3,13,2,1,0,0,3,14,"F","Nível 3","Nível 3","13.2.1.","SINAPI",null,"Locação e Cadastro","-",0,0,"BDI 1",0,{"v":3103.94,"d":"3,103.94"},"RA","",1241.576,0,"","",false,"(Sem Código)",0,{"v":0.2604,"d":"26.04%"},{"$nulls":4},{"v":3103.94,"d":"3,103.94"},0]
["S",3,"S",0,13,2,1,0,1,0,0,"F","Serviço","Serviço","13.2.1.0.1.","SABESP",70010008,"LOCAÇÃO DE OBRAS LOCALIZADAS","EQD",{"v":1,"d":"1.00"},{"v":1076.44,"d":"1,076.44"},"BDI 1",{"v":1356.74,"d":"1,356.74"},{"v":1356.74,"d":"1,356.74"},"RA","RA",542.696,0,"","","SABESP 70010008",19840,{"v":1076.44,"d":"1,076.44"},{"v":0.2604,"d":"26.04%"},null,{"v":1,"d":"1.00"},null,null,{"v":1356.74,"d":"1,356.74"},{"v":1356.74,"d":"1,356.74"}]
["S",3,"S",0,13,2,1,0,2,0,0,"F","Serviço","Serviço","13.2.1.0.2.","SABESP",70010009,"CADASTRO DE OBRAS LOCALIZADAS","EQD",{"v":1,"d":"1.00"},{"v":1386.23,"d":"1,386.23"},"BDI 1",{"v":1747.2,"d":"1,747.20"},{"v":1747.2,"d":"1,747.20"},"RA","RA",698.8800000000001,0,"","","SABESP 70010009",19834,{"v":1386.23,"d":"1,386.23"},{"v":0.2604,"d":"26.04%"},null,{"v":1,"d":"1.00"},null,null,{"v":1747.2,"d":"1,747.20"},{"v":1747.2,"d":"1,747.20"}]
[2,2,2,5,13,3,0,0,0,230,5,"F","Nível 2","Nível 2","13.3.","SINAPI",null,"Serviços Preliminares","-",0,0,"BDI 1",0,{"v":5847.03,"d":"5,847.03"},"RA","",2338.8120000000004,0,"",120,false,"(Sem Código)",0,{"v":0.2604,"d":"26.04%"},{"$nulls":4},{"v":5847.03,"d":"5,847.03"},0]
[3,3,3,4,13,3,1,0,0,4,10,"F","Nível 3","Nível 3","13.3.1.","SINAPI",null,"Trânsito e Segurança","-",0,0,"BDI 1",0,{"v":5847.03,"d":"5,847.03"},"RA","",2338.8120000000004,0,"","",false,"(Sem Código)",0,{"v":0.2604,"d":"26.04%"},{"$nulls":4},{"v":5847.03,"d":"5,847.03"},0]
["S",3,"S",0,13,3,1,0,1,0,0,"F","Serviço","Serviço","13.3.1.0.1.","SABESP",70020004,"SINALIZAÇÃO DE TRÁFEGO","M",39.95,5.14,"BDI 1",6.48,258.88,"RA","RA",103.552,0,"","","SABESP 70020004",19845,5.14,{"v":0.2604,"d":"26.04%"},null,39.95,null,null,258.88,6.48]
["S",3,"S",0,13,3,1,0,2,0,0,"F","Serviço","Serviço","13.3.1.0.2.","SABESP",70020002,"TAPUME DE CHAPA DE MADEIRA COMPENSADA","M2",43.95,98.09,"BDI 1",123.63,{"v":5433.54,"d":"5,433.54"},"RA","RA",2173.416,0,"","","SABESP 70020002",19849,98.09,{"v":0.2604,"d":"26.04%"},null,43.95,null,null,{"v":5433.54,"d":"5,433.54"},123.63]
["S",3,"S",0,13,3,1,0,3,0,0,"F","Serviço","Serviço","13.3.1.0.3.","SABESP",70190002,"PROTEÇÃO COM TELA DE NYLON","M2",7.99,15.35,"BDI 1",19.35,154.61,"RA","RA",61.84400000000001,0,"","","SABESP 70190002",21999,15.35,{"v":0.2604,"d":"26.04%"},null,{"v":7.990000000000001,"d":"7.99"},null,null,154.61,19.35]
[2,2,2,12,13,4,0,0,0,225,12,"F","Nível 2","Nível 2","13.4.","SINAPI",null,"Movimento de Terra","-",0,0,"BDI 1",0,{"v":7790.85,"d":"7,790.85"},"RA","",3116.34,0,"",121,false,"(Sem Código)",0,{"v":0.2604,"d":"26.04%"},{"$nulls":4},{"v":7790.85,"d":"7,790.85"},0]
[3,3,3,5,13,4,1,0,0,11,5,"F","Nível 3","Nível 3","13.4.1.","SINAPI",null,"Escavação mecânica, qualquer terreno exceto rocha, de poços e cavas","-",0,0,"BDI 1",0,{"v":4108.62,"d":"4,108.62"},"RA","",1643.448,0,"","",false,"(Sem Código)",0,{"v":0.2604,"d":"26.04%"},{"$nulls":4},{"v":4108.62,"d":"4,108.62"},0]
["S",3,"S",0,13,4,1,0,1,0,0,"F","Serviço","Serviço","13.4.1.0.1.","SABESP",70030002,"ESCAVAÇÃO MECANIZADA DE POÇOS E CAVAS, EM SOLO NÃO ROCHOSO, C/PROF. ATÉ 2,00 M (A)","M3",44.53,16.05,"BDI 1",20.23,900.84,"RA","RA",360.336,0,"","","SABESP 70030002",19926,16.05,{"v":0.2604,"d":"26.04%"},null,44.53,null,null,900.84,20.23]
["S",3,"S",0,13,4,1,0,2,0,0,"F","Serviço","Serviço","13.4.1.0.2.","SABESP",70030004,"ESCAVAÇÃO MECANIZADA DE POÇOS E CAVAS, EM SOLO NÃO ROCHOSO, C/PROF. ATÉ 4,00 M (A)","M3",33.14,21.29,"BDI 1",26.83,889.15,"RA","RA",355.66,0,"","","SABESP 70030004",19932,21.29,{"v":0.2604,"d":"26.04%"},null,33.14,null,null,889.15,26.83]
["S",3,"S",0,13,4,1,0,3,0,0,"F","Serviço","Serviço","13.4.1.0.3.","SABESP",70030005,"ESCAVAÇÃO MECANIZADA DE POÇOS E CAVAS, EM SOLO NÃO ROCHOSO, C/PROF. ATÉ 6,00 M (A)","M3",31.37,35.26,"BDI 1",44.44,{"v":1394.08,"d":"1,394.08"},"RA","RA",557.632,0,"","","SABESP 70030005",19935,35.26,{"v":0.2604,"d":"26.04%"},null,31.37,null,null,{"v":1394.08,"d":"1,394.08"},44.44]
["S",3,"S",0,13,4,1,0,4,0,0,"F","Serviço","Serviço","13.4.1.0.4.","SABESP",70030006,"ESCAVAÇÃO MECANIZADA DE POÇOS E CAVAS, EM SOLO NÃO ROCHOSO, C/PROF. ATÉ 8,00 M (A)","M3",{"v":14.9,"d":"14.90"},49.23,"BDI 1",62.05,924.55,"RA","RA",369.82,0,"","","SABESP 70030006",19938,49.23,{"v":0.2604,"d":"26.04%"},null,{"v":14.9,"d":"14.90"},null,null,924.55,62.05]
[3,3,3,2,13,4,2,0,0,6,2,"F","Nível 3","Nível 3","13.4.2.","SINAPI",null,"Aterros e recobrimentos especiais de valas, cavas e poços","-",0,0,"BDI 1",0,{"v":1650.4,"d":"1,650.40"},"RA","",660.1600000000001,0,"","",false,"(Sem Código)",0,{"v":0.2604,"d":"26.04%"},{"$nulls":4},{"v":1650.4,"d":"1,650.40"},0]
["S",3,"S",0,13,4,2,0,1,0,0,"F","Serviço","Serviço","13.4.2.0.1.","SABESP",70030020,"ATERRO DE VALAS, POÇOS E CAVAS COMPACTADO MECANICAMENTE, COM CONTROLE DO G.C. >= 95% DO E.N.C. (A)","M3",50.44,25.96,"BDI 1",32.72,{"v":1650.4,"d":"1,650.40"},"RA","RA",660.1600000000001,0,"","","SABESP 70030020",19945,25.96,{"v":0.2604,"d":"26.04%"},null,50.44,null,null,{"v":1650.4,"d":"1,650.40"},32.72]
[3,3,3,4,13,4,3,0,0,4,19,"F","Nível 3","Nível 3","13.4.3.","SINAPI",null,"Carga, transporte e descarga","-",0,0,"BDI 1",0,{"v":2031.83,"d":"2,031.83"},"RA","",812.7320000000001,0,"","",false,"(Sem Código)",0,{"v":0.2604,"d":"26.04%"},{"$nulls":4},{"v":2031.83,"d":"2,031.83"},0]
["S",3,"S",0,13,4,3,0,1,0,0,"F","Serviço","Serviço","13.4.3.0.1.","SABESP","70030090","CARGA E DESCARGA - SOLO (A)","M3",{"v":73.5,"d":"73.50"},{"v":7,"d":"7.00"},"BDI 1",8.82,648.27,"RA","RA",259.308,0,"","","SABESP 70030090",19976,{"v":7,"d":"7.00"},{"v":0.2604,"d":"26.04%"},null,{"v":73.5,"d":"73.50"},null,null,648.27,8.82]
["S",3,"S",0,13,4,3,0,2,0,0,"F","Serviço","Serviço","13.4.3.0.2.","SABESP",70030091,"TRANSPORTE DE MATERIAL ESCAVADO - SOLO (A)","M3Q",{"v":352.8,"d":"352.80"},{"v":2.8,"d":"2.80"},"BDI 1",3.53,{"v":1245.38,"d":"1,245.38"},"RA","RA",498.15200000000004,0,"","","SABESP 70030091",19987,{"v":2.8,"d":"2.80"},{"v":0.2604,"d":"26.04%"},null,{"v":352.8,"d":"352.80"},null,null,{"v":1245.38,"d":"1,245.38"},3.53]
["S",3,"S",0,13,4,3,0,3,0,0,"F","Serviço","Serviço","13.4.3.0.3.","SINAPI","100574","ESPALHAMENTO DE MATERIAL COM TRATOR DE ESTEIRAS. AF_09/2024","M3",{"v":73.5,"d":"73.50"},1.49,"BDI 1",1.88,138.18,"RA","RA",55.272000000000006,0,"","","SINAPI 100574",6894,1.49,{"v":0.2604,"d":"26.04%"},null,{"v":73.5,"d":"73.50"},null,null,138.18,1.88]
[2,2,2,5,13,5,0,0,0,213,5,"F","Nível 2","Nível 2","13.5.","SINAPI",null,"Escoramentos","-",0,0,"BDI 1",0,{"v":77327.64,"d":"77,327.64"},"RA","",30931.056000000004,0,"",122,false,"(Sem Código)",0,{"v":0.2604,"d":"26.04%"},{"$nulls":4},{"v":77327.64,"d":"77,327.64"},0]
[3,3,3,2,13,5,1,0,0,4,2,"F","Nível 3","Nível 3","13.5.1.","SINAPI",null,"Estruturas de cimbramento","-",0,0,"BDI 1",0,{"v":1815.45,"d":"1,815.45"},"RA","",726.1800000000001,0,"","",false,"(Sem Código)",0,{"v":0.2604,"d":"26.04%"},{"$nulls":4},{"v":1815.45,"d":"1,815.45"},0]
["S",3,"S",0,13,5,1,0,1,0,0,"F","Serviço","Serviço","13.5.1.0.1.","SABESP",70040041,"CIMBRAMENTO TUBULAR","M3M",40.87,35.24,"BDI 1",44.42,{"v":1815.45,"d":"1,815.45"},"RA","RA",726.1800000000001,0,"","","SABESP 70040041",20036,35.24,{"v":0.2604,"d":"26.04%"},null,40.87,null,null,{"v":1815.45,"d":"1,815.45"},44.42]
[3,3,3,2,13,5,2,0,0,2,10,"F","Nível 3","Nível 3","13.5.2.","SINAPI",null,"Estruturas de escoramento - metálico madeira","-",0,0,"BDI 1",0,{"v":75512.19,"d":"75,512.19"},"RA","",30204.876000000004,0,"","",false,"(Sem Código)",0,{"v":0.2604,"d":"26.04%"},{"$nulls":4},{"v":75512.19,"d":"75,512.19"},0]
["S",3,"S",0,13,5,2,0,1,0,0,"F","Serviço","Serviço","13.5.2.0.1.","SABESP",70040033,"ESCORAMENTO METÁLICO-MADEIRA COM LONGARINAS E ESTRONCAS - PROFUNDIDADE ATÉ 8,00 M","M2",139.27,430.18,"BDI 1",{"v":542.2,"d":"542.20"},{"v":75512.19,"d":"75,512.19"},"RA","RA",30204.876000000004,0,"","","SABESP 70040033",20029,430.18,{"v":0.2604,"d":"26.04%"},null,139.27,null,null,{"v":75512.19,"d":"75,512.19"},{"v":542.2,"d":"542.20"}]
[2,2,2,3,13,6,0,0,0,208,3,"F","Nível 2","Nível 2","13.6.","SINAPI",null,"Esgotamentos","-",0,0,"BDI 1",0,{"v":429.6,"d":"429.60"},"RA","",171.84000000000003,0,"",123,false,"(Sem Código)",0,{"v":0.2604,"d":"26.04%"},{"$nulls":4},{"v":429.6,"d":"429.60"},0]
[3,3,3,2,13,6,1,0,0,2,5,"F","Nível 3","Nível 3","13.6.1.","SINAPI",null,"Águas superficiais","-",0,0,"BDI 1",0,{"v":429.6,"d":"429.60"},"RA","",171.84000000000003,0,"","",false,"(Sem Código)",0,{"v":0.2604,"d":"26.04%"},{"$nulls":4},{"v":429.6,"d":"429.60"},0]
["S",3,"S",0,13,6,1,0,1,0,0,"F","Serviço","Serviço","13.6.1.0.1.","SABESP",70050001,"ESGOTAMENTO COM BOMBAS DE SUPERFÍCIE OU SUBMERSAS","HPH",{"v":120,"d":"120.00"},2.84,"BDI 1",3.58,{"v":429.6,"d":"429.60"},"RA","RA",171.84000000000003,0,"","","SABESP 70050001",20039,2.84,{"v":0.2604,"d":"26.04%"},null,{"v":120,"d":"120.00"},null,null,{"v":429.6,"d":"429.60"},3.58]
[2,2,2,18,13,7,0,0,0,205,18,"F","Nível 2","Nível 2","13.7.","SINAPI",null,"Fundações e Estruturas","-",0,0,"BDI 1",0,{"v":54802.17,"d":"54,802.17"},"RA","",21920.868000000002,0,"",124,false,"(Sem Código)",0,{"v":0.2604,"d":"26.04%"},{"$nulls":4},{"v":54802.17,"d":"54,802.17"},0]
[3,3,3,2,13,7,1,0,0,17,2,"F","Nível 3","Nível 3","13.7.1.","SINAPI",null,"Lastros","-",0,0,"BDI 1",0,531.02,"RA","",212.40800000000002,0,"","",false,"(Sem Código)",0,{"v":0.2604,"d":"26.04%"},{"$nulls":4},531.02,0]
["S",3,"S",0,13,7,1,0,1,0,0,"F","Serviço","Serviço","13.7.1.0.1.","SABESP",70070046,"LASTRO DE PEDRA BRITADA (A)","M3",2.79,151.01,"BDI 1",190.33,531.02,"RA","RA",212.40800000000002,0,"","","SABESP 70070046",20138,151.01,{"v":0.2604,"d":"26.04%"},null,2.79,null,null,531.02,190.33]
[3,3,3,2,13,7,2,0,0,15,2,"F","Nível 3","Nível 3","13.7.2.","SINAPI",null,"Formas para concreto","-",0,0,"BDI 1",0,{"v":7315.78,"d":"7,315.78"},"RA","",2926.312,0,"","",false,"(Sem Código)",0,{"v":0.2604,"d":"26.04%"},{"$nulls":4},{"v":7315.78,"d":"7,315.78"},0]
["S",3,"S",0,13,7,2,0,1,0,0,"F","Serviço","Serviço","13.7.2.0.1.","CDHU","09.02.020","Forma plana em compensado para estrutura convencional","M2",29.15,199.12,"BDI 1",250.97,{"v":7315.78,"d":"7,315.78"},"RA","RA",2926.312,0,"","","CDHU 09.02.020",16302,199.12,{"v":0.2604,"d":"26.04%"},null,29.15,null,null,{"v":7315.78,"d":"7,315.78"},250.97]
[3,3,3,2,13,7,3,0,0,13,2,"F","Nível 3","Nível 3","13.7.3.","SINAPI",null,"Aços para Concreto","-",0,0,"BDI 1",0,{"v":9757.81,"d":"9,757.81"},"RA","",3903.124,0,"","",false,"(Sem Código)",0,{"v":0.2604,"d":"26.04%"},{"$nulls":4},{"v":9757.81,"d":"9,757.81"},0]
["S",3,"S",0,13,7,3,0,1,0,0,"F","Serviço","Serviço","13.7.3.0.1.","SABESP",70070135,"ARMAÇÃO EM AÇO CA-50","KG",584.65,13.24,"BDI 1",16.69,{"v":9757.81,"d":"9,757.81"},"RA","RA",3903.124,0,"","","SABESP 70070135",20232,13.24,{"v":0.2604,"d":"26.04%"},null,584.65,null,null,{"v":9757.81,"d":"9,757.81"},16.69]
[3,3,3,2,13,7,4,0,0,11,2,"F","Nível 3","Nível 3","13.7.4.","SINAPI",null,"Concreto não estrutural","-",0,0,"BDI 1",0,930.28,"RA","",372.112,0,"","",false,"(Sem Código)",0,{"v":0.2604,"d":"26.04%"},{"$nulls":4},930.28,0]
["S",3,"S",0,13,7,4,0,1,0,0,"F","Serviço","Serviço","13.7.4.0.1.","SABESP",70070142,"CONCRETO NÃO ESTRUTURAL - MÍNIMO 150 KG DE CIMENTO/M³","M3",1.26,585.78,"BDI 1",738.32,930.28,"RA","RA",372.112,0,"","","SABESP 70070142",20236,585.78,{"v":0.2604,"d":"26.04%"},null,1.26,null,null,930.28,738.32]
[3,3,3,2,13,7,5,0,0,9,2,"F","Nível 3","Nível 3","13.7.5.","SINAPI",null,"Concreto Estrutural para estruturas sujeitas ao contato com água e esgoto","-",0,null,"BDI 1",0,298.33,"RA","",119.332,0,"","",false,"(Sem Código)",0,{"v":0.2604,"d":"26.04%"},{"$nulls":4},298.33,0]
["S",3,"S",0,13,7,5,0,1,0,0,"F","Serviço","Serviço","13.7.5.0.1.","SABESP",70070144,"CONCRETO ESTRUTURAL PARA ESTRUTURAS NÃO SUJEITAS A CONTATO COM ÁGUA E ESGOTO, FCK = 20,0 MPA","M3",0.39,{"v":606.9,"d":"606.90"},"BDI 1",764.94,298.33,"RA","RA",119.332,0,"","","SABESP 70070144",20240,{"v":606.9,"d":"606.90"},{"v":0.2604,"d":"26.04%"},null,0.39,null,null,298.33,764.94]
[3,3,3,2,13,7,6,0,0,7,2,"F","Nível 3","Nível 3","13.7.6.","SINAPI",null,"Concreto Estrutural para estruturas sujeitas ao contato com água e esgoto","-",0,null,"BDI 1",0,{"v":7166.72,"d":"7,166.72"},"RA","",2866.688,0,"","",false,"(Sem Código)",0,{"v":0.2604,"d":"26.04%"},{"$nulls":4},{"v":7166.72,"d":"7,166.72"},0]
["S",3,"S",0,13,7,6,0,1,0,0,"F","Serviço","Serviço","13.7.6.0.1.","SABESP",70070301,"CONCRETO ESTRUTURAL P/ ESTRUTURAS EM CONTATO COM ESGOTO, GASES AGRESSIVOS, AMBIENTE MARÍTIMO E ESTRUTURAS PARA TRATAMENTO DE ÁGUA, FCK = 40,0 MPA, A/C MÁX. 0,45 L/KG - MÍN. DE 360 KG DE CIMENTO/M³","M3",{"v":8.1,"d":"8.10"},701.98,"BDI 1",884.78,{"v":7166.72,"d":"7,166.72"},"RA","RA",2866.688,0,"","","SABESP 70070301",20248,701.98,{"v":0.2604,"d":"26.04%"},null,{"v":8.1,"d":"8.10"},null,null,{"v":7166.72,"d":"7,166.72"},884.78]
[3,3,3,3,13,7,7,0,0,5,3,"F","Nível 3","Nível 3","13.7.7.","SINAPI",null,"Aduelas sucessivas de concreto armado moldada in loco","-",0,null,"BDI 1",0,{"v":28589.99,"d":"28,589.99"},"RA","",11435.996000000001,0,"","",false,"(Sem Código)",0,{"v":0.2604,"d":"26.04%"},{"$nulls":4},{"v":28589.99,"d":"28,589.99"},0]
["S",3,"S",0,13,7,7,0,1,0,0,"F","Serviço","Serviço","13.7.7.0.1.","SABESP","70070214","ADUELAS DE CONCR. ARMADO, PRÉ-MOLDADAS, C/PB, DIÂM. 1,00 M - H\n= 0,50 M","un",{"v":11,"d":"11.00"},269.02,"BDI 1",339.07,{"v":3729.77,"d":"3,729.77"},"RA","RA",1491.9080000000001,0,"","","SABESP 70070214",20331,269.02,{"v":0.2604,"d":"26.04%"},null,{"v":11,"d":"11.00"},null,null,{"v":3729.77,"d":"3,729.77"},339.07]
["S",3,"S",0,13,7,7,0,2,0,0,"F","Serviço","Serviço","13.7.7.0.2.","SABESP",70070220,"ADUELAS DE CONCR. ARMADO, PRÉ-MOLDADAS, C/PB, DIÂM. 2,50 M - H\n= 0,50 M","un",{"v":14,"d":"14.00"},{"v":1408.86,"d":"1,408.86"},"BDI 1",{"v":1775.73,"d":"1,775.73"},{"v":24860.22,"d":"24,860.22"},"RA","RA",9944.088000000002,0,"","","SABESP 70070220",20337,{"v":1408.86,"d":"1,408.86"},{"v":0.2604,"d":"26.04%"},null,{"v":14,"d":"14.00"},null,null,{"v":24860.22,"d":"24,860.22"},{"v":1775.73,"d":"1,775.73"}]
[3,3,3,2,13,7,8,0,0,2,186,"F","Nível 3","Nível 3","13.7.8.","SINAPI",null,"Tampa de Ferro Fundido - Fornecimento e Assentamento","-",0,null,"BDI 1",0,212.24,"RA","",84.89600000000002,0,"","",false,"(Sem Código)",0,{"v":0.2604,"d":"26.04%"},{"$nulls":4},212.24,0]
["S",3,"S",0,13,7,8,0,1,0,0,"F","Serviço","Serviço","13.7.8.0.1.","SABESP",70070342,"DISPOSITIVO DE PROTEÇÃO PARA REGISTRO COM ASSENTAMENTO DE TAMPA T-5","un",{"v":1,"d":"1.00"},168.39,"BDI 1",212.24,212.24,"RA","RA",84.89600000000002,0,"","","SABESP 70070342",20350,168.39,{"v":0.2604,"d":"26.04%"},null,{"v":1,"d":"1.00"},null,null,212.24,212.24]
[2,2,2,11,13,8,0,0,0,187,11,"F","Nível 2","Nível 2","13.8.","SINAPI",null,"Assentamentos, Montagens, Cargas, Transporte e Descargas de Tubulação","-",0,null,"BDI 1",0,{"v":8578.53,"d":"8,578.53"},"RA","",3431.412,0,"",125,false,"(Sem Código)",0,{"v":0.2604,"d":"26.04%"},{"$nulls":4},{"v":8578.53,"d":"8,578.53"},0]
[3,3,3,2,13,8,1,0,0,10,2,"F","Nível 3","Nível 3","13.8.1.","SINAPI",null,"Assentamento de Tampão de ferro fundido Ø = 600mm","-",0,null,"BDI 1",0,{"v":854,"d":"854.00"},"RA","",341.6,0,"","",false,"(Sem Código)",0,{"v":0.2604,"d":"26.04%"},{"$nulls":4},{"v":854,"d":"854.00"},0]
["S",3,"S",0,13,8,1,0,1,0,0,"F","Serviço","Serviço","13.8.1.0.1.","SABESP",70070230,"ASSENTAMENTO DE TAMPÃO DE FERRO FUNDIDO, DN 600 MM","un",{"v":5,"d":"5.00"},135.51,"BDI 1",{"v":170.8,"d":"170.80"},{"v":854,"d":"854.00"},"RA","RA",341.6,0,"","","SABESP 70070230",20346,135.51,{"v":0.2604,"d":"26.04%"},null,{"v":5,"d":"5.00"},null,null,{"v":854,"d":"854.00"},{"v":170.8,"d":"170.80"}]
[3,3,3,5,13,8,2,0,0,8,5,"F","Nível 3","Nível 3","13.8.2.","SINAPI",null,"Montagens de Tubos, Conexões e Válvulas de Ferro Fundido","-",0,null,"BDI 1",0,{"v":7251.84,"d":"7,251.84"},"RA","",2900.7360000000003,0,"","",false,"(Sem Código)",0,{"v":0.2604,"d":"26.04%"},{"$nulls":4},{"v":7251.84,"d":"7,251.84"},0]
["S",3,"S",0,13,8,2,0,1,0,0,"F","Serviço","Serviço","13.8.2.0.1.","SABESP",70140023,"TUBOS E CONEXÕES METÁLICOS FLANGEADOS - MONTAGEM","KG",{"v":855.4,"d":"855.40"},2.38,"BDI 1",{"v":3,"d":"3.00"},{"v":2566.2,"d":"2,566.20"},"RA","RA",1026.48,0,"","","SABESP 70140023",21306,2.38,{"v":0.2604,"d":"26.04%"},null,{"v":855.4,"d":"855.40"},null,null,{"v":2566.2,"d":"2,566.20"},{"v":3,"d":"3.00"}]
["S",3,"S",0,13,8,2,0,2,0,0,"F","Serviço","Serviço","13.8.2.0.2.","SABESP",70140057,"VÁLVULA GAVETA FOFO ATÉ DN200 MM - MONTAGEM","un",{"v":2,"d":"2.00"},420.98,"BDI 1",{"v":530.6,"d":"530.60"},{"v":1061.2,"d":"1,061.20"},"RA","RA",424.48,0,"","","SABESP 70140057",21348,420.98,{"v":0.2604,"d":"26.04%"},null,{"v":2,"d":"2.00"},null,null,{"v":1061.2,"d":"1,061.20"},{"v":530.6,"d":"530.60"}]
["S",3,"S",0,13,8,2,0,3,0,0,"F","Serviço","Serviço","13.8.2.0.3.","SABESP",70140058,"VÁLVULA GAVETA FOFO DN250 MM ATÉ DN400 MM - MONTAGEM","un",{"v":2,"d":"2.00"},{"v":1025.99,"d":"1,025.99"},"BDI 1",{"v":1293.16,"d":"1,293.16"},{"v":2586.32,"d":"2,586.32"},"RA","RA",1034.528,0,"","","SABESP 70140058",21349,{"v":1025.99,"d":"1,025.99"},{"v":0.2604,"d":"26.04%"},null,{"v":2,"d":"2.00"},null,null,{"v":2586.32,"d":"2,586.32"},{"v":1293.16,"d":"1,293.16"}]
["S",3,"S",0,13,8,2,0,4,0,0,"F","Serviço","Serviço","13.8.2.0.4.","SABESP",70140072,"VÁLVULA RETENÇÃO FOFO ATÉ DN 200 MM - MONTAGEM","un",{"v":2,"d":"2.00"},411.82,"BDI 1",519.06,{"v":1038.12,"d":"1,038.12"},"RA","RA",415.248,0,"","","SABESP 70140072",21356,411.82,{"v":0.2604,"d":"26.04%"},null,{"v":2,"d":"2.00"},null,null,{"v":1038.12,"d":"1,038.12"},519.06]
[3,3,3,3,13,8,3,0,0,3,146,"F","Nível 3","Nível 3","13.8.3.","SINAPI",null,"Carga, transporte até 10 km e descarga de tubos e peças de Ferro Fundido","-",0,null,"BDI 1",0,472.69,"RA","",189.07600000000002,0,"","",false,"(Sem Código)",0,{"v":0.2604,"d":"26.04%"},{"$nulls":4},472.69,0]
["S",3,"S",0,13,8,3,0,1,0,0,"F","Serviço","Serviço","13.8.3.0.1.","SABESP",70080342,"CARGA E DESCARGA, DE TUBOS E PEÇAS EM FERRO FUNDIDO","TON",1.73,116.91,"BDI 1",147.35,254.92,"RA","RA",101.968,0,"","","SABESP 70080342",20760,116.91,{"v":0.2604,"d":"26.04%"},null,1.73,null,null,254.92,147.35]
["S",3,"S",0,13,8,3,0,2,0,0,"F","Serviço","Serviço","13.8.3.0.2.","SABESP",70080343,"TRANSPORTE, DE TUBOS E PEÇAS EM FERRO FUNDIDO","TOK",51.85,3.33,"BDI 1",{"v":4.2,"d":"4.20"},217.77,"RA","RA",87.108,0,"","","SABESP 70080343",20761,3.33,{"v":0.2604,"d":"26.04%"},null,51.85,null,null,217.77,{"v":4.2,"d":"4.20"}]
[2,2,2,3,13,9,0,0,0,176,3,"F","Nível 2","Nível 2","13.9.","SINAPI",null,"Fechamento - Caixa do Barrilete","-",0,null,"BDI 1",0,{"v":2456.61,"d":"2,456.61"},"RA","",982.6440000000001,0,"",126,false,"(Sem Código)",0,{"v":0.2604,"d":"26.04%"},{"$nulls":4},{"v":2456.61,"d":"2,456.61"},0]
[3,3,3,2,13,9,1,0,0,2,6,"F","Nível 3","Nível 3","13.9.1.","SINAPI",null,"Alvenaria","-",0,null,"BDI 1",0,{"v":2456.61,"d":"2,456.61"},"RA","",982.6440000000001,0,"","",false,"(Sem Código)",0,{"v":0.2604,"d":"26.04%"},{"$nulls":4},{"v":2456.61,"d":"2,456.61"},0]
["S",3,"S",0,13,9,1,0,1,0,0,"F","Serviço","Serviço","13.9.1.0.1.","SINAPI","89472","ALVENARIA DE BLOCOS DE CONCRETO ESTRUTURAL 14X19X39 CM (ESPESSURA 14 CM), FBK = 14 MPA, UTILIZANDO COLHER DE PEDREIRO. AF_10/2022","M2",15.56,125.26,"BDI 1",157.88,{"v":2456.61,"d":"2,456.61"},"RA","RA",982.6440000000001,0,"","","SINAPI 89472",6060,125.26,{"v":0.2604,"d":"26.04%"},null,15.56,null,null,{"v":2456.61,"d":"2,456.61"},157.88]
[2,2,2,8,13,10,0,0,0,173,8,"F","Nível 2","Nível 2","13.10.","SINAPI",null,"Revestimento e tratamento de superfície - Caixa do Barrilete","-",0,0,"BDI 1",0,{"v":1123.22,"d":"1,123.22"},"RA","",449.288,0,"",127,false,"(Sem Código)",0,{"v":0.2604,"d":"26.04%"},{"$nulls":4},{"v":1123.22,"d":"1,123.22"},0]
[3,3,3,3,13,10,1,0,0,7,3,"F","Nível 3","Nível 3","13.10.1.","SINAPI",null,"Pisos, tetos e paredes","-",0,0,"BDI 1",0,576.94,"RA","",230.776,0,"","",false,"(Sem Código)",0,{"v":0.2604,"d":"26.04%"},{"$nulls":4},576.94,0]
["S",3,"S",0,13,10,1,0,1,0,0,"F","Serviço","Serviço","13.10.1.0.1.","CDHU","17.02.120","Emboço comum","M2",{"v":12.2,"d":"12.20"},23.68,"BDI 1",29.85,364.17,"RA","RA",145.668,0,"","","CDHU 17.02.120",16670,23.68,{"v":0.2604,"d":"26.04%"},null,{"v":12.2,"d":"12.20"},null,null,364.17,29.85]
["S",3,"S",0,13,10,1,0,2,0,0,"F","Serviço","Serviço","13.10.1.0.2.","CDHU","17.02.220","Reboco","M2",{"v":12.2,"d":"12.20"},13.84,"BDI 1",17.44,212.77,"RA","RA",85.108,0,"","","CDHU 17.02.220",16673,13.84,{"v":0.2604,"d":"26.04%"},null,{"v":12.2,"d":"12.20"},null,null,212.77,17.44]
[3,3,3,2,13,10,2,0,0,4,2,"F","Nível 3","Nível 3","13.10.2.","SINAPI",null,"Pinturas - Caixa do Barrilete","-",0,0,"BDI 1",0,482.27,"RA","",192.90800000000002,0,"","",false,"(Sem Código)",0,{"v":0.2604,"d":"26.04%"},{"$nulls":4},482.27,0]
["S",3,"S",0,13,10,2,0,1,0,0,"F","Serviço","Serviço","13.10.2.0.1.","SABESP",70120035,"PINTURA EM LÁTEX PVA, SEM MASSA CORRIDA","M2",{"v":12.2,"d":"12.20"},31.36,"BDI 1",39.53,482.27,"RA","RA",192.90800000000002,0,"","","SABESP 70120035",21082,31.36,{"v":0.2604,"d":"26.04%"},null,{"v":12.2,"d":"12.20"},null,null,482.27,39.53]
[3,3,3,2,13,10,3,0,0,2,134,"F","Nível 3","Nível 3","13.10.3.","SINAPI",null,"Impermeabilização","-",0,13.84,"BDI 1",0,64.01,"RA","",25.604000000000003,0,"","",false,"(Sem Código)",0,{"v":0.2604,"d":"26.04%"},{"$nulls":4},64.01,17.44]
["S",3,"S",0,13,10,3,0,1,0,0,"F","Serviço","Serviço","13.10.3.0.1.","SINAPI",98555,"IMPERMEABILIZAÇÃO DE SUPERFÍCIE COM ARGAMASSA POLIMÉRICA / MEMBRANA ACRÍLICA, 3 DEMÃOS. AF_09/2023","M2",1.42,35.77,"BDI 1",45.08,64.01,"RA","RA",25.604000000000003,0,"","","SINAPI 98555",10324,35.77,{"v":0.2604,"d":"26.04%"},null,1.42,null,null,64.01,45.08]
[2,2,2,7,13,11,0,0,0,165,7,"F","Nível 2","Nível 2","13.11.","SINAPI",null,"Montagem de materiais e equipamentos Elétricos","-",0,0,"BDI 1",0,{"v":15518.4,"d":"15,518.40"},"RA","",6207.360000000001,0,"",128,false,"(Sem Código)",0,{"v":0.2604,"d":"26.04%"},{"$nulls":4},{"v":15518.4,"d":"15,518.40"},0]
[3,3,3,3,13,11,1,0,0,6,3,"F","Nível 3","Nível 3","13.11.1.","SINAPI",null,"Montagem de materiais e equipamentos elétricos (conforme lista do projeto elétrico)","-",0,0,"BDI 1",0,{"v":12414.72,"d":"12,414.72"},"RA","",4965.888000000001,0,"","",false,"(Sem Código)",0,{"v":0.2604,"d":"26.04%"},{"$nulls":4},{"v":12414.72,"d":"12,414.72"},0]
["S",3,"S",0,13,11,1,0,1,0,0,"F","Serviço","Serviço","13.11.1.0.1.","SINAPI",88264,"ELETRICISTA COM ENCARGOS COMPLEMENTARES","H",{"v":128,"d":"128.00"},44.32,"BDI 1",55.86,{"v":7150.08,"d":"7,150.08"},"RA","RA",2860.032,0,"","","SINAPI 88264",13007,44.32,{"v":0.2604,"d":"26.04%"},null,{"v":128,"d":"128.00"},null,null,{"v":7150.08,"d":"7,150.08"},55.86]
["S",3,"S",0,13,11,1,0,2,0,0,"F","Serviço","Serviço","13.11.1.0.2.","SINAPI",88247,"AUXILIAR DE ELETRICISTA COM ENCARGOS COMPLEMENTARES","H",{"v":128,"d":"128.00"},32.63,"BDI 1",41.13,{"v":5264.64,"d":"5,264.64"},"RA","RA",2105.856,0,"","","SINAPI 88247",12787,32.63,{"v":0.2604,"d":"26.04%"},null,{"v":128,"d":"128.00"},null,null,{"v":5264.64,"d":"5,264.64"},41.13]
[3,3,3,3,13,11,2,0,0,3,123,"F","Nível 3","Nível 3","13.11.2.","SINAPI",null,"Montagem de materiais e equipamentos de automação (conforme lista do projeto elétrico)","-",0,0,"BDI 1",0,{"v":3103.68,"d":"3,103.68"},"RA","",1241.4720000000002,0,"","",false,"(Sem Código)",0,{"v":0.2604,"d":"26.04%"},{"$nulls":4},{"v":3103.68,"d":"3,103.68"},0]
["S",3,"S",0,13,11,2,0,1,0,0,"F","Serviço","Serviço","13.11.2.0.1.","SINAPI",88264,"ELETRICISTA COM ENCARGOS COMPLEMENTARES","H",{"v":32,"d":"32.00"},44.32,"BDI 1",55.86,{"v":1787.52,"d":"1,787.52"},"RA","RA",715.008,0,"","","SINAPI 88264",13007,44.32,{"v":0.2604,"d":"26.04%"},null,{"v":32,"d":"32.00"},null,null,{"v":1787.52,"d":"1,787.52"},55.86]
["S",3,"S",0,13,11,2,0,2,0,0,"F","Serviço","Serviço","13.11.2.0.2.","SINAPI",88247,"AUXILIAR DE ELETRICISTA COM ENCARGOS COMPLEMENTARES","H",{"v":32,"d":"32.00"},32.63,"BDI 1",41.13,{"v":1316.16,"d":"1,316.16"},"RA","RA",526.464,0,"","","SINAPI 88247",12787,32.63,{"v":0.2604,"d":"26.04%"},null,{"v":32,"d":"32.00"},null,null,{"v":1316.16,"d":"1,316.16"},41.13]
[2,2,2,106,13,12,0,0,0,158,106,"F","Nível 2","Nível 2","13.12.","SINAPI",null,"Fornecimento de materiais e equipamentos","-",0,0,"BDI 1",0,{"v":347145.08,"d":"347,145.08"},"RA","",138858.032,0,"",129,false,"(Sem Código)",0,{"v":0.2604,"d":"26.04%"},{"$nulls":4},{"v":347145.08,"d":"347,145.08"},0]
[3,3,3,36,13,12,1,0,0,105,36,"F","Nível 3","Nível 3","13.12.1.","SINAPI",null,"Hidráulicos e hidromecânicos","-",0,0,"BDI 1",0,{"v":118997.13,"d":"118,997.13"},"RA","",47598.85199999999,0,"","",false,"(Sem Código)",0,{"v":0.2604,"d":"26.04%"},{"$nulls":4},{"v":118997.13,"d":"118,997.13"},0]
[4,4,4,10,13,12,1,1,0,35,10,"F","Nível 4","Nível 4","13.12.1.1.","SINAPI",null,"Tubulação de ferro fundido","-",0,0,"BDI 1",0,{"v":32058.78,"d":"32,058.78"},"RA","",12823.512000000002,0,"","",false,"(Sem Código)",0,{"v":0.2604,"d":"26.04%"},{"$nulls":4},{"v":32058.78,"d":"32,058.78"},0]
["S",4,"S",0,13,12,1,1,1,0,0,"F","Serviço","Serviço","13.12.1.1.1.","SABESP-I","HM06658","TOCO COM FLANGES PN10 FERRO FUNDIDO DN=200 MM L=250 MM (32,00 KG) PINTURA EPÓXI VERMELHA, ACESSÓRIOS NÃO INCLUSOS NBR 15420 ESGOTO","un",{"v":1,"d":"1.00"},940.66,"BDI 2",{"v":1047.9,"d":"1,047.90"},{"v":1047.9,"d":"1,047.90"},"RA","RA",419.1600000000001,0,"","","SABESP-I HM06658",26506,940.66,{"v":0.114,"d":"11.40%"},null,{"v":1,"d":"1.00"},null,null,{"v":1047.9,"d":"1,047.90"},{"v":1047.9,"d":"1,047.90"}]
["S",4,"S",0,13,12,1,1,2,0,0,"F","Serviço","Serviço","13.12.1.1.2.","SABESP-I","HM06922","TUBO C/FLANGES PN10 FERRO FUNDIDO DN=200 MM L=1.000 MM (54,80 KG) PINTURA EPÓXI VERMELHA, ACESSÓRIOS NÃO INCLUSOS NBR 15420 ESGOTO","un",{"v":1,"d":"1.00"},{"v":2712.5,"d":"2,712.50"},"BDI 2",{"v":3021.73,"d":"3,021.73"},{"v":3021.73,"d":"3,021.73"},"RA","RA",1208.692,0,"","","SABESP-I HM06922",27172,{"v":2712.5,"d":"2,712.50"},{"v":0.114,"d":"11.40%"},null,{"v":1,"d":"1.00"},null,null,{"v":3021.73,"d":"3,021.73"},{"v":3021.73,"d":"3,021.73"}]
["S",4,"S",0,13,12,1,1,3,0,0,"F","Serviço","Serviço","13.12.1.1.3.","SABESP-I","HM06923","TUBO C/FLANGES PN10 FERRO FUNDIDO DN=200 MM L=1.500 MM (72,20 KG) PINTURA EPÓXI VERMELHA, ACESSÓRIOS NÃO INCLUSOS NBR 15420 ESGOTO","un",{"v":2,"d":"2.00"},{"v":3081.09,"d":"3,081.09"},"BDI 2",{"v":3432.33,"d":"3,432.33"},{"v":6864.66,"d":"6,864.66"},"RA","RA",2745.864,0,"","","SABESP-I HM06923",27173,{"v":3081.09,"d":"3,081.09"},{"v":0.114,"d":"11.40%"},null,{"v":2,"d":"2.00"},null,null,{"v":6864.66,"d":"6,864.66"},{"v":3432.33,"d":"3,432.33"}]
["S",4,"S",0,13,12,1,1,4,0,0,"F","Serviço","Serviço","13.12.1.1.4.","SABESP-I","HM06929","TUBO C/FLANGES PN10 FERRO FUNDIDO DN=200 MM L=4.500 MM (176,60 KG) PINTURA EPÓXI VERMELHA, ACESSÓRIOS NÃO INCLUSOS NBR 15420 ESGOTO","un",{"v":2,"d":"2.00"},{"v":5658.55,"d":"5,658.55"},"BDI 2",{"v":6303.62,"d":"6,303.62"},{"v":12607.24,"d":"12,607.24"},"RA","RA",5042.896000000001,0,"","","SABESP-I HM06929",27179,{"v":5658.55,"d":"5,658.55"},{"v":0.114,"d":"11.40%"},null,{"v":2,"d":"2.00"},null,null,{"v":12607.24,"d":"12,607.24"},{"v":6303.62,"d":"6,303.62"}]
["S",4,"S",0,13,12,1,1,5,0,0,"F","Serviço","Serviço","13.12.1.1.5.","Cotação","COT112","TUBO FOFO CILÍNDRICO ESG PP DN 400 X L = 670mm","UN",{"v":1,"d":"1.00"},{"v":1545.27,"d":"1,545.27"},"BDI 2",{"v":1721.43,"d":"1,721.43"},{"v":1721.43,"d":"1,721.43"},"RA","RA",688.5720000000001,0,"","","Cotação COT112",94,{"v":1545.27,"d":"1,545.27"},{"v":0.114,"d":"11.40%"},null,{"v":1,"d":"1.00"},null,null,{"v":1721.43,"d":"1,721.43"},{"v":1721.43,"d":"1,721.43"}]
["S",4,"S",0,13,12,1,1,6,0,0,"F","Serviço","Serviço","13.12.1.1.6.","Cotação","COT113","TUBO FOFO CILÍNDRICO ESG PP DN 400 X L = 1150mm","UN",{"v":1,"d":"1.00"},{"v":2652.33,"d":"2,652.33"},"BDI 2",{"v":2954.7,"d":"2,954.70"},{"v":2954.7,"d":"2,954.70"},"RA","RA",1181.8799999999999,0,"","","Cotação COT113",95,{"v":2652.33,"d":"2,652.33"},{"v":0.114,"d":"11.40%"},null,{"v":1,"d":"1.00"},null,null,{"v":2954.7,"d":"2,954.70"},{"v":2954.7,"d":"2,954.70"}]
["S",4,"S",0,13,12,1,1,7,0,0,"F","Serviço","Serviço","13.12.1.1.7.","SABESP-I","HM01292","ACESSÓRIOS PARA FLANGE DN=100 PN10 AÇO GALV D=5/8\" X L=2 3/4\" 8 CJ (PARAFUSO, PORCA E ARRUELA) NORMA 0100-400-E027 FL3/3","un",{"v":1,"d":"1.00"},90.56,"BDI 2",100.88,100.88,"RA","RA",40.352000000000004,0,"","","SABESP-I HM01292",25007,90.56,{"v":0.114,"d":"11.40%"},null,{"v":1,"d":"1.00"},null,null,100.88,100.88]
["S",4,"S",0,13,12,1,1,8,0,0,"F","Serviço","Serviço","13.12.1.1.8.","SABESP-I","HM01294","ACESSÓRIOS PARA FLANGE DN=200 PN10 AÇO GALV D=3/4\" X L=3 1/2\" 8 CJ (PARAFUSO, PORCA E ARRUELA) NORMA 0100-400-E027 FL3/3","un",{"v":17,"d":"17.00"},143.81,"BDI 2",{"v":160.2,"d":"160.20"},{"v":2723.4,"d":"2,723.40"},"RA","RA",1089.3600000000001,0,"","","SABESP-I HM01294",25009,143.81,{"v":0.114,"d":"11.40%"},null,{"v":17,"d":"17.00"},null,null,{"v":2723.4,"d":"2,723.40"},{"v":160.2,"d":"160.20"}]
["S",4,"S",0,13,12,1,1,9,0,0,"F","Serviço","Serviço","13.12.1.1.9.","SABESP-I","HM01298","ACESSÓRIOS PARA FLANGE DN=400 PN10 AÇO GALV D=7/8\" X L=4\" 16 CJ (PARAFUSO, PORCA E ARRUELA) NORMA 0100-400-E027 FL3/3","un",{"v":2,"d":"2.00"},456.39,"BDI 2",508.42,{"v":1016.84,"d":"1,016.84"},"RA","RA",406.73600000000005,0,"","","SABESP-I HM01298",25013,456.39,{"v":0.114,"d":"11.40%"},null,{"v":2,"d":"2.00"},null,null,{"v":1016.84,"d":"1,016.84"},508.42]
[4,4,4,7,13,12,1,2,0,25,7,"F","Nível 4","Nível 4","13.12.1.2.","SINAPI",null,"Conexões de ferro fundido","-",0,0,"BDI 1",0,{"v":10326.4,"d":"10,326.40"},"RA","",4130.56,0,"","",false,"(Sem Código)",0,{"v":0.2604,"d":"26.04%"},{"$nulls":4},{"v":10326.4,"d":"10,326.40"},0]
["S",4,"S",0,13,12,1,2,1,0,0,"F","Serviço","Serviço","13.12.1.2.1.","SABESP-I","HM06192","CURVA 45º COM BOLSAS JE2GS FERRO FUNDIDO DN=200 MM (29,00 KG) PINTURA EPÓXI VERMELHA E ANÉIS DE BORRACHA INCLUSOS NBR 15420 ESGOTO","un",{"v":1,"d":"1.00"},609.09,"BDI 2",678.53,678.53,"RA","RA",271.412,0,"","","SABESP-I HM06192",26181,609.09,{"v":0.114,"d":"11.40%"},null,{"v":1,"d":"1.00"},null,null,678.53,678.53]
["S",4,"S",0,13,12,1,2,2,0,0,"F","Serviço","Serviço","13.12.1.2.2.","SABESP-I","HM06285","CURVA 90º COM FLANGES PN10 FERRO FUNDIDO DN=200 MM (28,00 KG) PINTURA EPÓXI VERMELHA, ACESSÓRIOS NÃO INCLUSOS NBR 15420 ESGOTO","un",{"v":3,"d":"3.00"},942.75,"BDI 2",{"v":1050.22,"d":"1,050.22"},{"v":3150.66,"d":"3,150.66"},"RA","RA",1260.2640000000001,0,"","","SABESP-I HM06285",26229,942.75,{"v":0.114,"d":"11.40%"},null,{"v":3,"d":"3.00"},null,null,{"v":3150.66,"d":"3,150.66"},{"v":1050.22,"d":"1,050.22"}]
["S",4,"S",0,13,12,1,2,3,0,0,"F","Serviço","Serviço","13.12.1.2.3.","SABESP-I","HM06305","EXTREMIDADE PONTA - FLANGE PN10 E ABA DE VEDAÇÃO FERRO FUNDIDO DN=200 MM L=700 MM (46,00 KG) PINTURA EPÓXI VERMELHA - ACESSÓRIOS NÃO INCLUSOS NBR 15420 ESGOTO","un",{"v":1,"d":"1.00"},{"v":1356.18,"d":"1,356.18"},"BDI 2",{"v":1510.78,"d":"1,510.78"},{"v":1510.78,"d":"1,510.78"},"RA","RA",604.312,0,"","","SABESP-I HM06305",26268,{"v":1356.18,"d":"1,356.18"},{"v":0.114,"d":"11.40%"},null,{"v":1,"d":"1.00"},null,null,{"v":1510.78,"d":"1,510.78"},{"v":1510.78,"d":"1,510.78"}]
["S",4,"S",0,13,12,1,2,4,0,0,"F","Serviço","Serviço","13.12.1.2.4.","CDHU","46.19.620","Redução concêntrica em ferro fundido, com flanges, classe PN-10, DN= 200mm x 100/150mm","UN",{"v":2,"d":"2.00"},880.08,"BDI 2",980.41,{"v":1960.82,"d":"1,960.82"},"RA","RA",784.328,0,"","","CDHU 46.19.620",18922,880.08,{"v":0.114,"d":"11.40%"},null,{"v":2,"d":"2.00"},null,null,{"v":1960.82,"d":"1,960.82"},980.41]
["S",4,"S",0,13,12,1,2,5,0,0,"F","Serviço","Serviço","13.12.1.2.5.","SABESP-I","HM06604","TÊ COM FLANGES PN10 FERRO FUNDIDO DN=200 X 200 MM (47,00 KG) PINTURA EPÓXI VERMELHA, ACESSÓRIOS NÃO INCLUSOS NBR 15420 ESGOTO","un",{"v":1,"d":"1.00"},{"v":1261,"d":"1,261.00"},"BDI 2",{"v":1404.75,"d":"1,404.75"},{"v":1404.75,"d":"1,404.75"},"RA","RA",561.9,0,"","","SABESP-I HM06604",26479,{"v":1261,"d":"1,261.00"},{"v":0.114,"d":"11.40%"},null,{"v":1,"d":"1.00"},null,null,{"v":1404.75,"d":"1,404.75"},{"v":1404.75,"d":"1,404.75"}]
["S",4,"S",0,13,12,1,2,6,0,0,"F","Serviço","Serviço","13.12.1.2.6.","SABESP-I","HM06361","HASTE DE PROLONGAMENTO C/QUADRADO E BOCA DE CHAVE FERRO TREFILADO D=1.1/8\" X L=5 M (5 KG/M) PINTURA EPÓXI AZUL P/MANOBRA DE VÁLVULAS","un",{"v":1,"d":"1.00"},{"v":1454.99,"d":"1,454.99"},"BDI 2",{"v":1620.86,"d":"1,620.86"},{"v":1620.86,"d":"1,620.86"},"RA","RA",648.344,0,"","","SABESP-I HM06361",25701,{"v":1454.99,"d":"1,454.99"},{"v":0.114,"d":"11.40%"},null,{"v":1,"d":"1.00"},null,null,{"v":1620.86,"d":"1,620.86"},{"v":1620.86,"d":"1,620.86"}]
[4,4,4,4,13,12,1,3,0,18,4,"F","Nível 4","Nível 4","13.12.1.3.","SINAPI",null,"Válvulas","-",0,0,"BDI 1",0,{"v":24051.92,"d":"24,051.92"},"RA","",9620.768,0,"","",false,"(Sem Código)",0,{"v":0.2604,"d":"26.04%"},{"$nulls":4},{"v":24051.92,"d":"24,051.92"},0]
["S",4,"S",0,13,12,1,3,1,0,0,"F","Serviço","Serviço","13.12.1.3.1.","SABESP-I","HM05897","VÁLVULA RETENÇÃO C/FLANGES PN10 FERRO FUNDIDO DN=200 MM FECH. RÁPIDO, PORT. ÚNICA, ÂNGULO 35º, OBT. REVEST. BORRACHA, PINTURA EPÓXI NBR 7675 ESGOTO","un",{"v":2,"d":"2.00"},{"v":3125,"d":"3,125.00"},"BDI 2",{"v":3481.25,"d":"3,481.25"},{"v":6962.5,"d":"6,962.50"},"RA","RA",2785,0,"","","SABESP-I HM05897",27351,{"v":3125,"d":"3,125.00"},{"v":0.114,"d":"11.40%"},null,{"v":2,"d":"2.00"},null,null,{"v":6962.5,"d":"6,962.50"},{"v":3481.25,"d":"3,481.25"}]
["S",4,"S",0,13,12,1,3,2,0,0,"F","Serviço","Serviço","13.12.1.3.2.","SABESP-I","HM04165","VÁLVULA GAVETA C/FLANGES PN10 FERRO FUNDIDO DN=200 MM * (66,00 KG), ACION. VOLANTE, CUNHA DE BORRACHA, MÉTRICA CHATA, PINTURA EPÓXI EM PÓ NBR 14968 ÁGUA/ESGOTO","un",{"v":2,"d":"2.00"},{"v":1650.52,"d":"1,650.52"},"BDI 2",{"v":1838.68,"d":"1,838.68"},{"v":3677.36,"d":"3,677.36"},"RA","RA",1470.9440000000002,0,"","","SABESP-I HM04165",27296,{"v":1650.52,"d":"1,650.52"},{"v":0.114,"d":"11.40%"},null,{"v":2,"d":"2.00"},null,null,{"v":3677.36,"d":"3,677.36"},{"v":1838.68,"d":"1,838.68"}]
["S",4,"S",0,13,12,1,3,3,0,0,"F","Serviço","Serviço","13.12.1.3.3.","SABESP-I","HM04169","VÁLVULA GAVETA C/FLANGES PN10 FERRO FUNDIDO DN=400 MM * (290,00 KG), ACION. VOLANTE, CUNHA DE BORRACHA, MÉTRICA CHATA, PINTURA EPÓXI EM PÓ NBR 14968 ÁGUA/ESGOTO","un",{"v":1,"d":"1.00"},{"v":12039.55,"d":"12,039.55"},"BDI 2",{"v":13412.06,"d":"13,412.06"},{"v":13412.06,"d":"13,412.06"},"RA","RA",5364.8240000000005,0,"","","SABESP-I HM04169",27300,{"v":12039.55,"d":"12,039.55"},{"v":0.114,"d":"11.40%"},null,{"v":1,"d":"1.00"},null,null,{"v":13412.06,"d":"13,412.06"},{"v":13412.06,"d":"13,412.06"}]
[4,4,4,2,13,12,1,4,0,14,2,"F","Nível 4","Nível 4","13.12.1.4.","SINAPI",null,"Tampão de ferro fundido Ø = 600mm","-",0,0,"BDI 1",0,{"v":2635.65,"d":"2,635.65"},"RA","",1054.26,0,"","",false,"(Sem Código)",0,{"v":0.2604,"d":"26.04%"},{"$nulls":4},{"v":2635.65,"d":"2,635.65"},0]
["S",4,"S",0,13,12,1,4,1,0,0,"F","Serviço","Serviço","13.12.1.4.1.","SABESP-I","HM01428","TAMPÃO ARTICULADO FERRO FUNDIDO DN 600 MM COM ARO NTS 033","un",{"v":5,"d":"5.00"},473.19,"BDI 2",527.13,{"v":2635.65,"d":"2,635.65"},"RA","RA",1054.26,0,"","","SABESP-I HM01428",26565,473.19,{"v":0.114,"d":"11.40%"},null,{"v":5,"d":"5.00"},null,null,{"v":2635.65,"d":"2,635.65"},527.13]
[4,4,4,2,13,12,1,5,0,12,2,"F","Nível 4","Nível 4","13.12.1.5.","SINAPI",null,"Equipamentos","-",0,0,"BDI 1",0,{"v":41732.86,"d":"41,732.86"},"RA","",16693.144,0,"","",false,"(Sem Código)",0,{"v":0.2604,"d":"26.04%"},{"$nulls":4},{"v":41732.86,"d":"41,732.86"},0]
["S",4,"S",0,13,12,1,5,1,0,0,"F","Serviço","Serviço","13.12.1.5.1.","Cotação","COT181","CONJ. MOTOBOMBA SUBM.  Q=39,45m³/h, Hman.=15,35 m.c.a., COM TUBO GUIA AÇO INOX 2\"X5,30m, CORRENTE EM AÇO INÓX P/ IÇAMENTO 1/4\", MANILHA RETA DO TIPO D X/ PINO ROSCADO 5/16\"X6 m EM AÇO INÓX","CJ",{"v":2,"d":"2.00"},{"v":18731.09,"d":"18,731.09"},"BDI 2",{"v":20866.43,"d":"20,866.43"},{"v":41732.86,"d":"41,732.86"},"RA","RA",16693.144,0,"","","Cotação COT181",101,{"v":18731.09,"d":"18,731.09"},{"v":0.114,"d":"11.40%"},null,{"v":2,"d":"2.00"},null,null,{"v":41732.86,"d":"41,732.86"},{"v":20866.43,"d":"20,866.43"}]
[4,4,4,3,13,12,1,6,0,10,3,"F","Nível 4","Nível 4","13.12.1.6.","SINAPI",null,"Equipamentos em Aço","-",0,0,"BDI 1",0,{"v":7824.15,"d":"7,824.15"},"RA","",3129.6600000000003,0,"","",false,"(Sem Código)",0,{"v":0.2604,"d":"26.04%"},{"$nulls":4},{"v":7824.15,"d":"7,824.15"},0]
["S",4,"S",0,13,12,1,6,1,0,0,"F","Serviço","Serviço","13.12.1.6.1.","SABESP",70140141,"FORNECIMENTO E INSTALAÇÃO DE CESTO METÁLICO EM ESTAÇÃO ELEVATÓRIA (FORN E INST CESTO METÁLICO)","un",{"v":1,"d":"1.00"},{"v":6902.77,"d":"6,902.77"},"BDI 2",{"v":7689.69,"d":"7,689.69"},{"v":7689.69,"d":"7,689.69"},"RA","RA",3075.876,0,"","","SABESP 70140141",21227,{"v":6902.77,"d":"6,902.77"},{"v":0.114,"d":"11.40%"},null,{"v":1,"d":"1.00"},null,null,{"v":7689.69,"d":"7,689.69"},{"v":7689.69,"d":"7,689.69"}]
["S",4,"S",0,13,12,1,6,2,0,0,"F","Serviço","Serviço","13.12.1.6.2.","SABESP-I","HM00569","CORRENTE ELO CURTO AÇO GALVANIZADO D=5 MM (APROX. 0,468 KG/M) SEM CALIBRAÇÃO","KG",{"v":3.6,"d":"3.60"},33.53,"BDI 2",37.35,134.46,"RA","RA",53.784000000000006,0,"","","SABESP-I HM00569",25185,33.53,{"v":0.114,"d":"11.40%"},null,{"v":3.6,"d":"3.60"},null,null,134.46,37.35]
[4,4,4,3,13,12,1,7,0,7,3,"F","Nível 4","Nível 4","13.12.1.7.","SINAPI",null,"Tubulação de PVC Esgoto Série Normal","-",0,0,"BDI 1",0,168.21,"RA","",67.284,0,"","",false,"(Sem Código)",0,{"v":0.2604,"d":"26.04%"},{"$nulls":4},168.21,0]
["S",4,"S",0,13,12,1,7,1,0,0,"F","Serviço","Serviço","13.12.1.7.1.","SINAPI-I",9837,"TUBO PVC SERIE NORMAL, DN 75 MM, PARA ESGOTO PREDIAL (NBR 5688)","M",0.15,15.22,"BDI 2",16.96,2.54,"RA","RA",1.016,0,"","","SINAPI-I 9837",4754,15.22,{"v":0.114,"d":"11.40%"},null,0.15,null,null,2.54,16.96]
["S",4,"S",0,13,12,1,7,2,0,0,"F","Serviço","Serviço","13.12.1.7.2.","SINAPI-I",9836,"TUBO PVC SERIE NORMAL, DN 100 MM, PARA ESGOTO PREDIAL (NBR 5688)","M",9.25,16.08,"BDI 2",17.91,165.67,"RA","RA",66.268,0,"","","SINAPI-I 9836",4750,16.08,{"v":0.114,"d":"11.40%"},null,9.25,null,null,165.67,17.91]
[4,4,4,4,13,12,1,8,0,4,{"$error":"#N/A"},"F","Nível 4","Nível 4","13.12.1.8.","SINAPI",null,"Conexões de PVC Esgoto Série Normal","-",0,0,"BDI 1",0,199.16,"RA","",79.664,0,"","",false,"(Sem Código)",0,{"v":0.2604,"d":"26.04%"},{"$nulls":4},199.16,0]
["S",4,"S",0,13,12,1,8,1,0,0,"F","Serviço","Serviço","13.12.1.8.1.","SINAPI-I",11714,"CAIXA SIFONADA, PVC, 150 X *185* X 75 MM, COM GRELHA QUADRADA, BRANCA","UN",{"v":1,"d":"1.00"},{"v":65.7,"d":"65.70"},"BDI 2",73.19,73.19,"RA","RA",29.276,0,"","","SINAPI-I 11714",1045,{"v":65.7,"d":"65.70"},{"v":0.114,"d":"11.40%"},null,{"v":1,"d":"1.00"},null,null,73.19,73.19]
["S",4,"S",0,13,12,1,8,2,0,0,"F","Serviço","Serviço","13.12.1.8.2.","SINAPI-I",20044,"REDUCAO EXCENTRICA PVC, DN 100 X 75 MM, PARA ESGOTO PREDIAL","UN",{"v":1,"d":"1.00"},11.22,"BDI 2",{"v":12.5,"d":"12.50"},{"v":12.5,"d":"12.50"},"RA","RA",5,0,"","","SINAPI-I 20044",3767,11.22,{"v":0.114,"d":"11.40%"},null,{"v":1,"d":"1.00"},null,null,{"v":12.5,"d":"12.50"},{"v":12.5,"d":"12.50"}]
["S",4,"S",0,13,12,1,8,3,0,0,"F","Serviço","Serviço","13.12.1.8.3.","SABESP-I","HM07130","VÁLVULA RETENÇÃO PVC DN=100 MM HORIZONTAL COM BOLSAS, ESGOTO PREDIAL","un",{"v":1,"d":"1.00"},101.86,"BDI 2",113.47,113.47,"RA","RA",45.388000000000005,0,"","","SABESP-I HM07130",25698,101.86,{"v":0.114,"d":"11.40%"},null,{"v":1,"d":"1.00"},null,null,113.47,113.47]
[3,3,3,69,13,12,2,0,0,69,83,"F","Nível 3","Nível 3","13.12.2.","SINAPI",null,"Elétricos e eletromecânicos","-",0,0,"BDI 1",0,{"v":228147.95,"d":"228,147.95"},"RA","",91259.18,0,"","",false,"(Sem Código)",0,{"v":0.2604,"d":"26.04%"},{"$nulls":4},{"v":228147.95,"d":"228,147.95"},0]
[4,4,4,66,13,12,2,1,0,68,66,"F","Nível 4","Nível 4","13.12.2.1.","SINAPI",null,"Materiais e Equipamentos Elétricos para Entrada de Energia e Instalações Gerais (conforme lista do projeto elétrico)","-",0,0,"BDI 1",0,{"v":52768.66,"d":"52,768.66"},"RA","",21107.464,0,"","",false,"(Sem Código)",0,{"v":0.2604,"d":"26.04%"},{"$nulls":4},{"v":52768.66,"d":"52,768.66"},0]
["S",4,"S",0,13,12,2,1,1,0,0,"F","Serviço","Serviço","13.12.2.1.1.","SINAPI","101505","ENTRADA DE ENERGIA ELÉTRICA, AÉREA, TRIFÁSICA, COM CAIXA DE SOBREPOR, CABO DE 10 MM2 E DISJUNTOR DIN 50A (NÃO INCLUSO O POSTE DE CONCRETO). AF_07/2020_PS","UN",{"v":1,"d":"1.00"},{"v":2148.5,"d":"2,148.50"},"BDI 1",{"v":2707.97,"d":"2,707.97"},{"v":2707.97,"d":"2,707.97"},"RA","RA",1083.1879999999999,0,"","","SINAPI 101505",10783,{"v":2148.5,"d":"2,148.50"},{"v":0.2604,"d":"26.04%"},null,{"v":1,"d":"1.00"},null,null,{"v":2707.97,"d":"2,707.97"},{"v":2707.97,"d":"2,707.97"}]
["S",4,"S",0,13,12,2,1,2,0,0,"F","Serviço","Serviço","13.12.2.1.2.","SINAPI-I","41202","POSTE DE CONCRETO ARMADO DE SECAO DUPLO T, EXTENSAO DE 11,00 M, RESISTENCIA DE 150 DAN, TIPO D","UN",{"v":1,"d":"1.00"},732.67,"BDI 1",923.46,923.46,"RA","RA",369.384,0,"","","SINAPI-I 41202",3628,732.67,{"v":0.2604,"d":"26.04%"},null,{"v":1,"d":"1.00"},null,null,923.46,923.46]
["S",4,"S",0,13,12,2,1,3,0,0,"F","Serviço","Serviço","13.12.2.1.3.","SABESP-I","EL02252","CABO MÚLTIPLO DE COBRE COM ISOLAÇÃO HEPR / COBERTURA PVC 0,6/1 KV, 4 X 10MM2","M",{"v":40,"d":"40.00"},35.94,"BDI 2",40.04,{"v":1601.6,"d":"1,601.60"},"RA","RA",640.64,0,"","","SABESP-I EL02252",23964,35.94,{"v":0.114,"d":"11.40%"},null,{"v":40,"d":"40.00"},null,null,{"v":1601.6,"d":"1,601.60"},40.04]
["S",4,"S",0,13,12,2,1,4,0,0,"F","Serviço","Serviço","13.12.2.1.4.","SINAPI-I",1100,"CABECOTE PARA ENTRADA DE LINHA DE ALIMENTACAO PARA ELETRODUTO, EM LIGA DE ALUMINIO COM ACABAMENTO ANTI CORROSIVO, COM FIXACAO POR ENCAIXE LISO DE 360 GRAUS, DE 2\"","UN",{"v":1,"d":"1.00"},16.27,"BDI 2",18.12,18.12,"RA","RA",7.248000000000001,0,"","","SINAPI-I 1100",811,16.27,{"v":0.114,"d":"11.40%"},null,{"v":1,"d":"1.00"},null,null,18.12,18.12]
["S",4,"S",0,13,12,2,1,5,0,0,"F","Serviço","Serviço","13.12.2.1.5.","CDHU","38.06.120","Eletroduto galvanizado a quente conforme NBR5598 - 2´ com acessórios","M",{"v":3,"d":"3.00"},{"v":118.2,"d":"118.20"},"BDI 1",148.98,446.94,"RA","RA",178.776,0,"","","CDHU 38.06.120",17865,{"v":118.2,"d":"118.20"},{"v":0.2604,"d":"26.04%"},null,{"v":3,"d":"3.00"},null,null,446.94,148.98]
["S",4,"S",0,13,12,2,1,6,0,0,"F","Serviço","Serviço","13.12.2.1.6.","CDHU-I","P.25.000.091392","Fita em aço inoxidável para poste tubular; comprimento de 0,50 m, largura de 19 mm","M",{"v":8,"d":"8.00"},3.46,"BDI 2",3.85,{"v":30.8,"d":"30.80"},"RA","RA",12.32,0,"","","CDHU-I P.25.000.091392",30497,3.46,{"v":0.114,"d":"11.40%"},null,{"v":8,"d":"8.00"},null,null,{"v":30.8,"d":"30.80"},3.85]
["S",4,"S",0,13,12,2,1,7,0,0,"F","Serviço","Serviço","13.12.2.1.7.","CDHU-I","P.25.000.091393","Fecho em aço inoxidável para fita de 19 mm","UN",{"v":10,"d":"10.00"},0.89,"BDI 2",0.99,{"v":9.9,"d":"9.90"},"RA","RA",3.9600000000000004,0,"","","CDHU-I P.25.000.091393",30498,0.89,{"v":0.114,"d":"11.40%"},null,{"v":10,"d":"10.00"},null,null,{"v":9.9,"d":"9.90"},0.99]
["S",4,"S",0,13,12,2,1,8,0,0,"F","Serviço","Serviço","13.12.2.1.8.","SINAPI-I",2643,"LUVA PARA ELETRODUTO, EM ACO GALVANIZADO ELETROLITICO, COM ROSCA,DIAMETRO DE 50 MM (2\")","UN",{"v":3,"d":"3.00"},7.29,"BDI 2",8.12,24.36,"RA","RA",9.744,0,"","","SINAPI-I 2643",2850,7.29,{"v":0.114,"d":"11.40%"},null,{"v":3,"d":"3.00"},null,null,24.36,8.12]
["S",4,"S",0,13,12,2,1,9,0,0,"F","Serviço","Serviço","13.12.2.1.9.","SINAPI-I",2631,"CURVA 90 GRAUS PARA ELETRODUTO, EM ACO GALVANIZADO ELETROLITICO, COM ROSCA, DIAMETRO DE 50 MM (2\")","UN",{"v":1,"d":"1.00"},25.77,"BDI 2",28.71,28.71,"RA","RA",11.484000000000002,0,"","","SINAPI-I 2631",1705,25.77,{"v":0.114,"d":"11.40%"},null,{"v":1,"d":"1.00"},null,null,28.71,28.71]
["S",4,"S",0,13,12,2,1,10,0,0,"F","Serviço","Serviço","13.12.2.1.10.","CDHU-I","P.07.000.091396","Tampa para caixa R1 padrão Telebras","UN",{"v":1,"d":"1.00"},286.14,"BDI 2",318.76,318.76,"RA","RA",127.504,0,"","","CDHU-I P.07.000.091396",29870,286.14,{"v":0.114,"d":"11.40%"},null,{"v":1,"d":"1.00"},null,null,318.76,318.76]
["S",4,"S",0,13,12,2,1,11,0,0,"F","Serviço","Serviço","13.12.2.1.11.","SINAPI-I",3380,"HASTE DE ATERRAMENTO EM ACO COM 3,00 M DE COMPRIMENTO E DN = 5/8\", REVESTIDA COM BAIXA CAMADA DE COBRE, COM CONECTOR TIPO GRAMPO","UN",{"v":5,"d":"5.00"},{"v":81,"d":"81.00"},"BDI 2",90.23,451.15,"RA","RA",180.46,0,"","","SINAPI-I 3380",2345,{"v":81,"d":"81.00"},{"v":0.114,"d":"11.40%"},null,{"v":5,"d":"5.00"},null,null,451.15,90.23]
["S",4,"S",0,13,12,2,1,12,0,0,"F","Serviço","Serviço","13.12.2.1.12.","SINAPI-I",425,"GRAMPO METALICO TIPO OLHAL PARA HASTE DE ATERRAMENTO DE 5/8\", CONDUTOR DE *10* A 50 MM2","UN",{"v":5,"d":"5.00"},7.42,"BDI 2",8.27,41.35,"RA","RA",16.540000000000003,0,"","","SINAPI-I 425",2286,7.42,{"v":0.114,"d":"11.40%"},null,{"v":5,"d":"5.00"},null,null,41.35,8.27]
["S",4,"S",0,13,12,2,1,13,0,0,"F","Serviço","Serviço","13.12.2.1.13.","SINAPI-I",862,"CABO DE COBRE NU 10 MM2 MEIO-DURO","M",{"v":30,"d":"30.00"},11.22,"BDI 2",{"v":12.5,"d":"12.50"},{"v":375,"d":"375.00"},"RA","RA",150,0,"","","SINAPI-I 862",836,11.22,{"v":0.114,"d":"11.40%"},null,{"v":30,"d":"30.00"},null,null,{"v":375,"d":"375.00"},{"v":12.5,"d":"12.50"}]
["S",4,"S",0,13,12,2,1,14,0,0,"F","Serviço","Serviço","13.12.2.1.14.","SINAPI-I",2674,"ELETRODUTO DE PVC RIGIDO ROSCAVEL DE 3/4 \", SEM LUVA","M",{"v":1,"d":"1.00"},4.31,"BDI 2",{"v":4.8,"d":"4.80"},{"v":4.8,"d":"4.80"},"RA","RA",1.92,0,"","","SINAPI-I 2674",1919,4.31,{"v":0.114,"d":"11.40%"},null,{"v":1,"d":"1.00"},null,null,{"v":4.8,"d":"4.80"},{"v":4.8,"d":"4.80"}]
["S",4,"S",0,13,12,2,1,15,0,0,"F","Serviço","Serviço","13.12.2.1.15.","SINAPI-I",39272,"CURVA 90 GRAUS, CURTA, DE PVC RIGIDO ROSCAVEL, DE 3/4\", PARA ELETRODUTO","UN",{"v":1,"d":"1.00"},1.97,"BDI 2",2.19,2.19,"RA","RA",0.876,0,"","","SINAPI-I 39272",1713,1.97,{"v":0.114,"d":"11.40%"},null,{"v":1,"d":"1.00"},null,null,2.19,2.19]
["S",4,"S",0,13,12,2,1,16,0,0,"F","Serviço","Serviço","13.12.2.1.16.","SINAPI-I",1891,"LUVA EM PVC RIGIDO ROSCAVEL, DE 3/4\", PARA ELETRODUTO","UN",{"v":4,"d":"4.00"},0.91,"BDI 2",1.01,4.04,"RA","RA",1.616,0,"","","SINAPI-I 1891",2840,0.91,{"v":0.114,"d":"11.40%"},null,{"v":4,"d":"4.00"},null,null,4.04,1.01]
["S",4,"S",0,13,12,2,1,17,0,0,"F","Serviço","Serviço","13.12.2.1.17.","SINAPI-I",43093,"CAIXA DE DERIVACAO PARA MEDIDOR DE ENERGIA, COM BARRAMENTO POLIFASICO, EM POLICARBONATO / TERMOPLASTICO - MODULO (PADRAO CONCESSIONARIA LOCAL)","UN",{"v":1,"d":"1.00"},256.47,"BDI 2",285.71,285.71,"RA","RA",114.28399999999999,0,"","","SINAPI-I 43093",983,256.47,{"v":0.114,"d":"11.40%"},null,{"v":1,"d":"1.00"},null,null,285.71,285.71]
["S",4,"S",0,13,12,2,1,18,0,0,"F","Serviço","Serviço","13.12.2.1.18.","SINAPI-I",39175,"BUCHA EM ALUMINIO, COM ROSCA, DE 3/4\", PARA ELETRODUTO","UN",{"v":4,"d":"4.00"},1.23,"BDI 2",1.37,5.48,"RA","RA",2.192,0,"","","SINAPI-I 39175",802,1.23,{"v":0.114,"d":"11.40%"},null,{"v":4,"d":"4.00"},null,null,5.48,1.37]
["S",4,"S",0,13,12,2,1,19,0,0,"F","Serviço","Serviço","13.12.2.1.19.","SINAPI-I",39209,"ARRUELA EM ALUMINIO, COM ROSCA, DE 3/4\", PARA ELETRODUTO","UN",{"v":4,"d":"4.00"},0.63,"BDI 2",{"v":0.7,"d":"0.70"},{"v":2.8,"d":"2.80"},"RA","RA",1.1199999999999999,0,"","","SINAPI-I 39209",467,0.63,{"v":0.114,"d":"11.40%"},null,{"v":4,"d":"4.00"},null,null,{"v":2.8,"d":"2.80"},{"v":0.7,"d":"0.70"}]
["S",4,"S",0,13,12,2,1,20,0,0,"F","Serviço","Serviço","13.12.2.1.20.","SINAPI-I",39179,"BUCHA EM ALUMINIO, COM ROSCA, DE 2\", PARA ELETRODUTO","UN",{"v":4,"d":"4.00"},5.36,"BDI 2",5.97,23.88,"RA","RA",9.552,0,"","","SINAPI-I 39179",800,5.36,{"v":0.114,"d":"11.40%"},null,{"v":4,"d":"4.00"},null,null,23.88,5.97]
["S",4,"S",0,13,12,2,1,21,0,0,"F","Serviço","Serviço","13.12.2.1.21.","SINAPI-I",39213,"ARRUELA EM ALUMINIO, COM ROSCA, DE 2\", PARA ELETRODUTO","UN",{"v":4,"d":"4.00"},2.57,"BDI 2",2.86,11.44,"RA","RA",4.576,0,"","","SINAPI-I 39213",465,2.57,{"v":0.114,"d":"11.40%"},null,{"v":4,"d":"4.00"},null,null,11.44,2.86]
["S",4,"S",0,13,12,2,1,22,0,0,"F","Serviço","Serviço","13.12.2.1.22.","CDHU-I","H.05.000.027644","Porta de abrir em alumínio com pintura eletrostática branca, sob medida, instalada - sem vidro","M2",1.62,{"v":1349.34,"d":"1,349.34"},"BDI 2",{"v":1503.16,"d":"1,503.16"},{"v":2435.12,"d":"2,435.12"},"RA","RA",974.048,0,"","","CDHU-I H.05.000.027644",28558,{"v":1349.34,"d":"1,349.34"},{"v":0.114,"d":"11.40%"},null,1.62,null,null,{"v":2435.12,"d":"2,435.12"},{"v":1503.16,"d":"1,503.16"}]
["S",4,"S",0,13,12,2,1,23,0,0,"F","Serviço","Serviço","13.12.2.1.23.","SINAPI-I",396,"ABRACADEIRA EM ACO PARA AMARRACAO DE ELETRODUTOS, TIPO D, COM 2\" E PARAFUSO DE FIXACAO","UN",{"v":4,"d":"4.00"},{"v":4,"d":"4.00"},"BDI 2",4.46,17.84,"RA","RA",7.136,0,"","","SINAPI-I 396",135,{"v":4,"d":"4.00"},{"v":0.114,"d":"11.40%"},null,{"v":4,"d":"4.00"},null,null,17.84,4.46]
["S",4,"S",0,13,12,2,1,24,0,0,"F","Serviço","Serviço","13.12.2.1.24.","SINAPI-I",4374,"BUCHA DE NYLON SEM ABA S10","UN",{"v":4,"d":"4.00"},0.22,"BDI 2",0.25,{"v":1,"d":"1.00"},"RA","RA",0.4,0,"","","SINAPI-I 4374",695,0.22,{"v":0.114,"d":"11.40%"},null,{"v":4,"d":"4.00"},null,null,{"v":1,"d":"1.00"},0.25]
["S",4,"S",0,13,12,2,1,25,0,0,"F","Serviço","Serviço","13.12.2.1.25.","CDHU-I","S.04.000.026728","Parafuso em inoxidável auto-atarraxante sextavado M6x50mm com bucha plástica tipo S6","CJ",{"v":4,"d":"4.00"},1.34,"BDI 2",1.49,5.96,"RA","RA",2.384,0,"","","CDHU-I S.04.000.026728",30861,1.34,{"v":0.114,"d":"11.40%"},null,{"v":4,"d":"4.00"},null,null,5.96,1.49]
["S",4,"S",0,13,12,2,1,26,0,0,"F","Serviço","Serviço","13.12.2.1.26.","SINAPI-I",11856,"CONECTOR METALICO TIPO PARAFUSO FENDIDO (SPLIT BOLT), PARA CABOS ATE 10 MM2","UN",{"v":4,"d":"4.00"},{"v":6.7,"d":"6.70"},"BDI 2",7.46,29.84,"RA","RA",11.936,0,"","","SINAPI-I 11856",1438,{"v":6.7,"d":"6.70"},{"v":0.114,"d":"11.40%"},null,{"v":4,"d":"4.00"},null,null,29.84,7.46]
["S",4,"S",0,13,12,2,1,27,0,0,"F","Serviço","Serviço","13.12.2.1.27.","SINAPI-I",34709,"DISJUNTOR TERMOMAGNETICO PARA TRILHO DIN (IEC), TRIPOLAR, 10 - 50 A","UN",{"v":1,"d":"1.00"},{"v":59.1,"d":"59.10"},"BDI 2",65.84,65.84,"RA","RA",26.336000000000002,0,"","","SINAPI-I 34709",1811,{"v":59.1,"d":"59.10"},{"v":0.114,"d":"11.40%"},null,{"v":1,"d":"1.00"},null,null,65.84,65.84]
["S",4,"S",0,13,12,2,1,28,0,0,"F","Serviço","Serviço","13.12.2.1.28.","SINAPI-I",1535,"TERMINAL METALICO A PRESSAO PARA 1 CABO DE 6 A 10 MM2, COM 1 FURO DE FIXACAO","UN",{"v":2,"d":"2.00"},{"v":5.6,"d":"5.60"},"BDI 2",6.24,12.48,"RA","RA",4.992000000000001,0,"","","SINAPI-I 1535",4341,{"v":5.6,"d":"5.60"},{"v":0.114,"d":"11.40%"},null,{"v":2,"d":"2.00"},null,null,12.48,6.24]
["S",4,"S",0,13,12,2,1,29,0,0,"F","Serviço","Serviço","13.12.2.1.29.","SINAPI-I",400,"ABRACADEIRA EM ACO PARA AMARRACAO DE ELETRODUTOS, TIPO D, COM 3/4\" E PARAFUSO DE FIXACAO","UN",{"v":4,"d":"4.00"},1.82,"BDI 2",2.03,8.12,"RA","RA",3.2479999999999998,0,"","","SINAPI-I 400",140,1.82,{"v":0.114,"d":"11.40%"},null,{"v":4,"d":"4.00"},null,null,8.12,2.03]
["S",4,"S",0,13,12,2,1,30,0,0,"F","Serviço","Serviço","13.12.2.1.30.","SINAPI-I",2510,"RELE FOTOELETRICO INTERNO E EXTERNO BIVOLT 1000 W, DE CONECTOR, SEM BASE","UN",{"v":2,"d":"2.00"},35.46,"BDI 2",{"v":39.5,"d":"39.50"},{"v":79,"d":"79.00"},"RA","RA",31.6,0,"","","SINAPI-I 2510",3822,35.46,{"v":0.114,"d":"11.40%"},null,{"v":2,"d":"2.00"},null,null,{"v":79,"d":"79.00"},{"v":39.5,"d":"39.50"}]
["S",4,"S",0,13,12,2,1,31,0,0,"F","Serviço","Serviço","13.12.2.1.31.","Cotação","COT185","CABO BLINDADO FLEXÍVEL TETRAPOLAR 3 X 4,0 mm² + 4,0 mm²","M",{"v":40,"d":"40.00"},{"v":58.6,"d":"58.60"},"BDI 2",65.28,{"v":2611.2,"d":"2,611.20"},"RA","RA",1044.48,0,"","","Cotação COT185",105,{"v":58.6,"d":"58.60"},{"v":0.114,"d":"11.40%"},null,{"v":40,"d":"40.00"},null,null,{"v":2611.2,"d":"2,611.20"},65.28]
["S",4,"S",0,13,12,2,1,32,0,0,"F","Serviço","Serviço","13.12.2.1.32.","SABESP-I","EL02186","CABO DE CONTROLE DE COBRE COM ISOLAÇÃO PVC / COBERTURA PVC 1KV, 2 X 1,5MM2 BLINDADO COM FITA DE ALUMÍNIO/POLIÉSTER + DRENO","M",{"v":160,"d":"160.00"},4.77,"BDI 2",5.31,{"v":849.6,"d":"849.60"},"RA","RA",339.84000000000003,0,"","","SABESP-I EL02186",23870,4.77,{"v":0.114,"d":"11.40%"},null,{"v":160,"d":"160.00"},null,null,{"v":849.6,"d":"849.60"},5.31]
["S",4,"S",0,13,12,2,1,33,0,0,"F","Serviço","Serviço","13.12.2.1.33.","CDHU-I","P.08.000.043079","Cabo de cobre flexível de 1,5 mm², isolamento 0,6/1kV - isolação HEPR 90°C","M",{"v":20,"d":"20.00"},1.71,"BDI 2",{"v":1.9,"d":"1.90"},{"v":38,"d":"38.00"},"RA","RA",15.200000000000001,0,"","","CDHU-I P.08.000.043079",29900,1.71,{"v":0.114,"d":"11.40%"},null,{"v":20,"d":"20.00"},null,null,{"v":38,"d":"38.00"},{"v":1.9,"d":"1.90"}]
["S",4,"S",0,13,12,2,1,34,0,0,"F","Serviço","Serviço","13.12.2.1.34.","CDHU-I","P.08.000.043079","Cabo de cobre flexível de 1,5 mm², isolamento 0,6/1kV - isolação HEPR 90°C","M",{"v":20,"d":"20.00"},1.71,"BDI 2",{"v":1.9,"d":"1.90"},{"v":38,"d":"38.00"},"RA","RA",15.200000000000001,0,"","","CDHU-I P.08.000.043079",29900,1.71,{"v":0.114,"d":"11.40%"},null,{"v":20,"d":"20.00"},null,null,{"v":38,"d":"38.00"},{"v":1.9,"d":"1.90"}]
["S",4,"S",0,13,12,2,1,35,0,0,"F","Serviço","Serviço","13.12.2.1.35.","CDHU-I","P.08.000.043079","Cabo de cobre flexível de 1,5 mm², isolamento 0,6/1kV - isolação HEPR 90°C","M",{"v":10,"d":"10.00"},1.71,"BDI 2",{"v":1.9,"d":"1.90"},{"v":19,"d":"19.00"},"RA","RA",7.6000000000000005,0,"","","CDHU-I P.08.000.043079",29900,1.71,{"v":0.114,"d":"11.40%"},null,{"v":10,"d":"10.00"},null,null,{"v":19,"d":"19.00"},{"v":1.9,"d":"1.90"}]
["S",4,"S",0,13,12,2,1,36,0,0,"F","Serviço","Serviço","13.12.2.1.36.","SINAPI-I",2685,"ELETRODUTO DE PVC RIGIDO ROSCAVEL DE 1 \", SEM LUVA","M",{"v":16,"d":"16.00"},6.73,"BDI 2",{"v":7.5,"d":"7.50"},{"v":120,"d":"120.00"},"RA","RA",48,0,"","","SINAPI-I 2685",1912,6.73,{"v":0.114,"d":"11.40%"},null,{"v":16,"d":"16.00"},null,null,{"v":120,"d":"120.00"},{"v":7.5,"d":"7.50"}]
["S",4,"S",0,13,12,2,1,37,0,0,"F","Serviço","Serviço","13.12.2.1.37.","SINAPI-I",39273,"CURVA 90 GRAUS, CURTA, DE PVC RIGIDO ROSCAVEL, DE 1\", PARA ELETRODUTO","UN",{"v":20,"d":"20.00"},2.73,"BDI 2",3.04,{"v":60.8,"d":"60.80"},"RA","RA",24.32,0,"","","SINAPI-I 39273",1711,2.73,{"v":0.114,"d":"11.40%"},null,{"v":20,"d":"20.00"},null,null,{"v":60.8,"d":"60.80"},3.04]
["S",4,"S",0,13,12,2,1,38,0,0,"F","Serviço","Serviço","13.12.2.1.38.","SINAPI-I",1892,"LUVA EM PVC RIGIDO ROSCAVEL, DE 1\", PARA ELETRODUTO","UN",{"v":28,"d":"28.00"},1.27,"BDI 2",1.41,39.48,"RA","RA",15.792,0,"","","SINAPI-I 1892",2835,1.27,{"v":0.114,"d":"11.40%"},null,{"v":28,"d":"28.00"},null,null,39.48,1.41]
["S",4,"S",0,13,12,2,1,39,0,0,"F","Serviço","Serviço","13.12.2.1.39.","SINAPI-I",2674,"ELETRODUTO DE PVC RIGIDO ROSCAVEL DE 3/4 \", SEM LUVA","M",{"v":3,"d":"3.00"},4.31,"BDI 2",{"v":4.8,"d":"4.80"},{"v":14.4,"d":"14.40"},"RA","RA",5.760000000000001,0,"","","SINAPI-I 2674",1919,4.31,{"v":0.114,"d":"11.40%"},null,{"v":3,"d":"3.00"},null,null,{"v":14.4,"d":"14.40"},{"v":4.8,"d":"4.80"}]
["S",4,"S",0,13,12,2,1,40,0,0,"F","Serviço","Serviço","13.12.2.1.40.","SINAPI-I",1879,"CURVA 90 GRAUS, LONGA, DE PVC RIGIDO ROSCAVEL, DE 3/4\", PARA ELETRODUTO","UN",{"v":1,"d":"1.00"},2.11,"BDI 2",2.35,2.35,"RA","RA",0.9400000000000001,0,"","","SINAPI-I 1879",1721,2.11,{"v":0.114,"d":"11.40%"},null,{"v":1,"d":"1.00"},null,null,2.35,2.35]
["S",4,"S",0,13,12,2,1,41,0,0,"F","Serviço","Serviço","13.12.2.1.41.","SINAPI-I",1891,"LUVA EM PVC RIGIDO ROSCAVEL, DE 3/4\", PARA ELETRODUTO","UN",{"v":4,"d":"4.00"},0.91,"BDI 2",1.01,4.04,"RA","RA",1.616,0,"","","SINAPI-I 1891",2840,0.91,{"v":0.114,"d":"11.40%"},null,{"v":4,"d":"4.00"},null,null,4.04,1.01]
["S",4,"S",0,13,12,2,1,42,0,0,"F","Serviço","Serviço","13.12.2.1.42.","SINAPI-I",39175,"BUCHA EM ALUMINIO, COM ROSCA, DE 3/4\", PARA ELETRODUTO","UN",{"v":4,"d":"4.00"},1.23,"BDI 2",1.37,5.48,"RA","RA",2.192,0,"","","SINAPI-I 39175",802,1.23,{"v":0.114,"d":"11.40%"},null,{"v":4,"d":"4.00"},null,null,5.48,1.37]
["S",4,"S",0,13,12,2,1,43,0,0,"F","Serviço","Serviço","13.12.2.1.43.","SINAPI-I",39209,"ARRUELA EM ALUMINIO, COM ROSCA, DE 3/4\", PARA ELETRODUTO","UN",{"v":4,"d":"4.00"},0.63,"BDI 2",{"v":0.7,"d":"0.70"},{"v":2.8,"d":"2.80"},"RA","RA",1.1199999999999999,0,"","","SINAPI-I 39209",467,0.63,{"v":0.114,"d":"11.40%"},null,{"v":4,"d":"4.00"},null,null,{"v":2.8,"d":"2.80"},{"v":0.7,"d":"0.70"}]
["S",4,"S",0,13,12,2,1,44,0,0,"F","Serviço","Serviço","13.12.2.1.44.","SINAPI-I",39176,"BUCHA EM ALUMINIO, COM ROSCA, DE 1\", PARA ELETRODUTO","UN",{"v":8,"d":"8.00"},1.32,"BDI 2",1.47,11.76,"RA","RA",4.704,0,"","","SINAPI-I 39176",797,1.32,{"v":0.114,"d":"11.40%"},null,{"v":8,"d":"8.00"},null,null,11.76,1.47]
["S",4,"S",0,13,12,2,1,45,0,0,"F","Serviço","Serviço","13.12.2.1.45.","SINAPI-I",39210,"ARRUELA EM ALUMINIO, COM ROSCA, DE 1\", PARA ELETRODUTO","UN",{"v":8,"d":"8.00"},0.98,"BDI 2",1.09,8.72,"RA","RA",3.4880000000000004,0,"","","SINAPI-I 39210",462,0.98,{"v":0.114,"d":"11.40%"},null,{"v":8,"d":"8.00"},null,null,8.72,1.09]
["S",4,"S",0,13,12,2,1,46,0,0,"F","Serviço","Serviço","13.12.2.1.46.","SINAPI-I",4374,"BUCHA DE NYLON SEM ABA S10","UN",{"v":8,"d":"8.00"},0.22,"BDI 2",0.25,{"v":2,"d":"2.00"},"RA","RA",0.8,0,"","","SINAPI-I 4374",695,0.22,{"v":0.114,"d":"11.40%"},null,{"v":8,"d":"8.00"},null,null,{"v":2,"d":"2.00"},0.25]
["S",4,"S",0,13,12,2,1,47,0,0,"F","Serviço","Serviço","13.12.2.1.47.","CDHU-I","S.04.000.026728","Parafuso em inoxidável auto-atarraxante sextavado M6x50mm com bucha plástica tipo S6","CJ",{"v":8,"d":"8.00"},1.34,"BDI 2",1.49,11.92,"RA","RA",4.768,0,"","","CDHU-I S.04.000.026728",30861,1.34,{"v":0.114,"d":"11.40%"},null,{"v":8,"d":"8.00"},null,null,11.92,1.49]
["S",4,"S",0,13,12,2,1,48,0,0,"F","Serviço","Serviço","13.12.2.1.48.","SINAPI-I",1599,"CONECTOR DE ALUMINIO TIPO PRENSA CABO, BITOLA 3/4\", PARA CABOS DE DIAMETRO DE 17,5 A 20 MM","UN",{"v":2,"d":"2.00"},15.36,"BDI 2",17.11,34.22,"RA","RA",13.688,0,"","","SINAPI-I 1599",1431,15.36,{"v":0.114,"d":"11.40%"},null,{"v":2,"d":"2.00"},null,null,34.22,17.11]
["S",4,"S",0,13,12,2,1,49,0,0,"F","Serviço","Serviço","13.12.2.1.49.","SINAPI-I",1598,"CONECTOR DE ALUMINIO TIPO PRENSA CABO, BITOLA 1/2\", PARA CABOS DE DIAMETRO DE 12,5 A 15 MM","UN",{"v":4,"d":"4.00"},13.24,"BDI 2",14.75,{"v":59,"d":"59.00"},"RA","RA",23.6,0,"","","SINAPI-I 1598",1429,13.24,{"v":0.114,"d":"11.40%"},null,{"v":4,"d":"4.00"},null,null,{"v":59,"d":"59.00"},14.75]
["S",4,"S",0,13,12,2,1,50,0,0,"F","Serviço","Serviço","13.12.2.1.50.","SABESP-I","EL02150","PRENSA CABO TERMOPLÁSTICO (POLIAMIDA) D=3/4\" COM ROSCA BSP","un",{"v":6,"d":"6.00"},3.13,"BDI 2",3.49,20.94,"RA","RA",8.376000000000001,0,"","","SABESP-I EL02150",24189,3.13,{"v":0.114,"d":"11.40%"},null,{"v":6,"d":"6.00"},null,null,20.94,3.49]
["S",4,"S",0,13,12,2,1,51,0,0,"F","Serviço","Serviço","13.12.2.1.51.","SINAPI-I",20088,"CAP PVC, SERIE R, DN 100 MM, PARA ESGOTO PREDIAL","UN",{"v":2,"d":"2.00"},13.86,"BDI 2",15.44,30.88,"RA","RA",12.352,0,"","","SINAPI-I 20088",1124,13.86,{"v":0.114,"d":"11.40%"},null,{"v":2,"d":"2.00"},null,null,30.88,15.44]
["S",4,"S",0,13,12,2,1,52,0,0,"F","Serviço","Serviço","13.12.2.1.52.","SABESP-I","EL02637","CHAVE DE NÍVEL TIPO BÓIA (PÊRA) INVÓLUCRO EM POLIPROPILENO COM CABO DE * 13M IP-68 ADEQUADA PARA ESGOTO","un",{"v":2,"d":"2.00"},424.77,"BDI 2",473.19,946.38,"RA","RA",378.552,0,"","","SABESP-I EL02637",24424,424.77,{"v":0.114,"d":"11.40%"},null,{"v":2,"d":"2.00"},null,null,946.38,473.19]
["S",4,"S",0,13,12,2,1,53,0,0,"F","Serviço","Serviço","13.12.2.1.53.","CDHU-I","P.13.000.045005","Caixa de passagem em chapa 18, com tampa parafusada, 30 x 30 x 12 cm","UN",{"v":2,"d":"2.00"},56.71,"BDI 2",63.17,126.34,"RA","RA",50.536,0,"","","CDHU-I P.13.000.045005",30080,56.71,{"v":0.114,"d":"11.40%"},null,{"v":2,"d":"2.00"},null,null,126.34,63.17]
["S",4,"S",0,13,12,2,1,54,0,0,"F","Serviço","Serviço","13.12.2.1.54.","SINAPI-I",2673,"ELETRODUTO DE PVC RIGIDO ROSCAVEL DE 1/2 \", SEM LUVA","M",{"v":5,"d":"5.00"},3.46,"BDI 2",3.85,19.25,"RA","RA",7.7,0,"","","SINAPI-I 2673",1915,3.46,{"v":0.114,"d":"11.40%"},null,{"v":5,"d":"5.00"},null,null,19.25,3.85]
["S",4,"S",0,13,12,2,1,55,0,0,"F","Serviço","Serviço","13.12.2.1.55.","SINAPI-I",1870,"CURVA 90 GRAUS, LONGA, DE PVC RIGIDO ROSCAVEL, DE 1/2\", PARA ELETRODUTO","UN",{"v":5,"d":"5.00"},2.08,"BDI 2",2.32,{"v":11.6,"d":"11.60"},"RA","RA",4.64,0,"","","SINAPI-I 1870",1717,2.08,{"v":0.114,"d":"11.40%"},null,{"v":5,"d":"5.00"},null,null,{"v":11.6,"d":"11.60"},2.32]
["S",4,"S",0,13,12,2,1,56,0,0,"F","Serviço","Serviço","13.12.2.1.56.","SINAPI-I",1901,"LUVA EM PVC RIGIDO ROSCAVEL, DE 1/2\", PARA ELETRODUTO","UN",{"v":8,"d":"8.00"},0.62,"BDI 2",0.69,5.52,"RA","RA",2.2079999999999997,0,"","","SINAPI-I 1901",2836,0.62,{"v":0.114,"d":"11.40%"},null,{"v":8,"d":"8.00"},null,null,5.52,0.69]
["S",4,"S",0,13,12,2,1,57,0,0,"F","Serviço","Serviço","13.12.2.1.57.","SINAPI-I",2558,"CONDULETE DE ALUMINIO TIPO C, PARA ELETRODUTO ROSCAVEL DE 1/2\", COM TAMPA CEGA","UN",{"v":1,"d":"1.00"},10.09,"BDI 2",11.24,11.24,"RA","RA",4.496,0,"","","SINAPI-I 2558",1344,10.09,{"v":0.114,"d":"11.40%"},null,{"v":1,"d":"1.00"},null,null,11.24,11.24]
["S",4,"S",0,13,12,2,1,58,0,0,"F","Serviço","Serviço","13.12.2.1.58.","SINAPI-I",2591,"CONDULETE DE ALUMINIO TIPO E, PARA ELETRODUTO ROSCAVEL DE 1/2\", COM TAMPA CEGA","UN",{"v":1,"d":"1.00"},11.49,"BDI 2",{"v":12.8,"d":"12.80"},{"v":12.8,"d":"12.80"},"RA","RA",5.120000000000001,0,"","","SINAPI-I 2591",1350,11.49,{"v":0.114,"d":"11.40%"},null,{"v":1,"d":"1.00"},null,null,{"v":12.8,"d":"12.80"},{"v":12.8,"d":"12.80"}]
["S",4,"S",0,13,12,2,1,59,0,0,"F","Serviço","Serviço","13.12.2.1.59.","SINAPI-I",39390,"LUMINARIA LED REFLETOR RETANGULAR BIVOLT, LUZ BRANCA, 30 W","UN",{"v":1,"d":"1.00"},23.51,"BDI 2",26.19,26.19,"RA","RA",10.476,0,"","","SINAPI-I 39390",2708,23.51,{"v":0.114,"d":"11.40%"},null,{"v":1,"d":"1.00"},null,null,26.19,26.19]
["S",4,"S",0,13,12,2,1,60,0,0,"F","Serviço","Serviço","13.12.2.1.60.","SINAPI-I",39346,"TAMPA PARA CONDULETE, EM PVC, PARA 1 INTERRUPTOR","UN",{"v":1,"d":"1.00"},2.53,"BDI 2",2.82,2.82,"RA","RA",1.128,0,"","","SINAPI-I 39346",4007,2.53,{"v":0.114,"d":"11.40%"},null,{"v":1,"d":"1.00"},null,null,2.82,2.82]
["S",4,"S",0,13,12,2,1,61,0,0,"F","Serviço","Serviço","13.12.2.1.61.","SINAPI-I",38112,"INTERRUPTOR SIMPLES 10A, 250V (APENAS MODULO)","UN",{"v":1,"d":"1.00"},7.14,"BDI 2",7.95,7.95,"RA","RA",3.18,0,"","","SINAPI-I 38112",2388,7.14,{"v":0.114,"d":"11.40%"},null,{"v":1,"d":"1.00"},null,null,7.95,7.95]
["S",4,"S",0,13,12,2,1,62,0,0,"F","Serviço","Serviço","13.12.2.1.62.","SABESP-I","EL02538","CARTUCHO (PÓ EXOTÉRMICO) Nº 32 PARA SOLDA EXOTÉRMICA","un",{"v":6,"d":"6.00"},6.15,"BDI 2",6.85,{"v":41.1,"d":"41.10"},"RA","RA",16.44,0,"","","SABESP-I EL02538",24907,6.15,{"v":0.114,"d":"11.40%"},null,{"v":6,"d":"6.00"},null,null,{"v":41.1,"d":"41.10"},6.85]
["S",4,"S",0,13,12,2,1,63,0,0,"F","Serviço","Serviço","13.12.2.1.63.","SINAPI-I",39174,"BUCHA EM ALUMINIO, COM ROSCA, DE 1/2\", PARA ELETRODUTO","UN",{"v":1,"d":"1.00"},1.01,"BDI 2",1.13,1.13,"RA","RA",0.45199999999999996,0,"","","SINAPI-I 39174",798,1.01,{"v":0.114,"d":"11.40%"},null,{"v":1,"d":"1.00"},null,null,1.13,1.13]
["S",4,"S",0,13,12,2,1,64,0,0,"F","Serviço","Serviço","13.12.2.1.64.","SINAPI-I",39208,"ARRUELA EM ALUMINIO, COM ROSCA, DE 1/2\", PARA ELETRODUTO","UN",{"v":1,"d":"1.00"},0.53,"BDI 2",0.59,0.59,"RA","RA",0.236,0,"","","SINAPI-I 39208",463,0.53,{"v":0.114,"d":"11.40%"},null,{"v":1,"d":"1.00"},null,null,0.59,0.59]
["S",4,"S",0,13,12,2,1,65,0,0,"F","Serviço","Serviço","13.12.2.1.65.","Cotação","COT192","GRUPO GERADOR A DIESEL, 20 KVA, TRIFÁSICO, 110-380V","UN",{"v":1,"d":"1.00"},{"v":33750,"d":"33,750.00"},"BDI 2",{"v":37597.5,"d":"37,597.50"},{"v":37597.5,"d":"37,597.50"},"RA","RA",15039,0,"","","Cotação COT192",110,{"v":33750,"d":"33,750.00"},{"v":0.114,"d":"11.40%"},null,{"v":1,"d":"1.00"},null,null,{"v":37597.5,"d":"37,597.50"},{"v":37597.5,"d":"37,597.50"}]
[4,4,4,2,13,12,2,2,0,2,12,"F","Nível 4","Nível 4","13.12.2.2.","SINAPI",null,"Materiais e Equipamentos de automação (conforme lista do projeto elétrico)","-",0,0,"BDI 1",0,{"v":175379.29,"d":"175,379.29"},"RA","",70151.716,0,"","",false,"(Sem Código)",0,{"v":0.2604,"d":"26.04%"},{"$nulls":4},{"v":175379.29,"d":"175,379.29"},0]
["S",4,"S",0,13,12,2,2,1,0,0,"F","Serviço","Serviço","13.12.2.2.1.","Cotação","COT196","FORNECIMENTO DE PAINEL ELÉTRICO QUADRO COMPACTO EM CAIXA DE ATÉ 1200MM PARA PARTIDAS COM DOIS CONVERSORES DE FREQUÊNCIA (PARA 2 MOTORES DE 7,5CV) DE 220V","UN",{"v":1,"d":"1.00"},{"v":157432.04,"d":"157,432.04"},"BDI 2",{"v":175379.29,"d":"175,379.29"},{"v":175379.29,"d":"175,379.29"},"RA","RA",70151.716,0,"","","Cotação COT196",115,{"v":157432.04,"d":"157,432.04"},{"v":0.114,"d":"11.40%"},null,{"v":1,"d":"1.00"},null,null,{"v":175379.29,"d":"175,379.29"},{"v":175379.29,"d":"175,379.29"}]
[2,2,2,52,13,13,0,0,0,52,{"$error":"#N/A"},"F","Nível 2","Nível 2","13.13.","SINAPI",null,"Abrigo do gerador de energia","-",0,null,"BDI 1",0,{"v":37809.84,"d":"37,809.84"},"RA","",15123.936000000005,0,"",130,false,"(Sem Código)",0,{"v":0.2604,"d":"26.04%"},{"$nulls":4},{"v":37809.84,"d":"37,809.84"},0]
[3,3,3,3,13,13,1,0,0,51,3,"F","Nível 3","Nível 3","13.13.1.","SINAPI",null,"Locação e cadastro","-",0,null,"BDI 1",0,{"v":3103.94,"d":"3,103.94"},"RA","",1241.576,0,"","",false,"(Sem Código)",0,{"v":0.2604,"d":"26.04%"},{"$nulls":4},{"v":3103.94,"d":"3,103.94"},0]
["S",3,"S",0,13,13,1,0,1,0,0,"F","Serviço","Serviço","13.13.1.0.1.","SABESP",70010008,"LOCAÇÃO DE OBRAS LOCALIZADAS","EQD",{"v":1,"d":"1.00"},{"v":1076.44,"d":"1,076.44"},"BDI 1",{"v":1356.74,"d":"1,356.74"},{"v":1356.74,"d":"1,356.74"},"RA","RA",542.696,0,"","","SABESP 70010008",19840,{"v":1076.44,"d":"1,076.44"},{"v":0.2604,"d":"26.04%"},null,{"v":1,"d":"1.00"},null,null,{"v":1356.74,"d":"1,356.74"},{"v":1356.74,"d":"1,356.74"}]
["S",3,"S",0,13,13,1,0,2,0,0,"F","Serviço","Serviço","13.13.1.0.2.","SABESP",70010009,"CADASTRO DE OBRAS LOCALIZADAS","EQD",{"v":1,"d":"1.00"},{"v":1386.23,"d":"1,386.23"},"BDI 1",{"v":1747.2,"d":"1,747.20"},{"v":1747.2,"d":"1,747.20"},"RA","RA",698.8800000000001,0,"","","SABESP 70010009",19834,{"v":1386.23,"d":"1,386.23"},{"v":0.2604,"d":"26.04%"},null,{"v":1,"d":"1.00"},null,null,{"v":1747.2,"d":"1,747.20"},{"v":1747.2,"d":"1,747.20"}]
[3,3,3,10,13,13,2,0,0,48,10,"F","Nível 3","Nível 3","13.13.2.","SINAPI",null,"Movimento de Terra","-",0,null,"BDI 1",0,{"v":1915.49,"d":"1,915.49"},"RA","",766.196,0,"","",false,"(Sem Código)",0,{"v":0.2604,"d":"26.04%"},{"$nulls":4},{"v":1915.49,"d":"1,915.49"},0]
[4,4,4,3,13,13,2,1,0,9,3,"F","Nível 4","Nível 4","13.13.2.1.","SINAPI",null,"Escavação mecânica, qualquer terreno exceto rocha, de poços e cavas","-",0,null,"BDI 1",0,782.13,"RA","",312.85200000000003,0,"","",false,"(Sem Código)",0,{"v":0.2604,"d":"26.04%"},{"$nulls":4},782.13,0]
["S",4,"S",0,13,13,2,1,1,0,0,"F","Serviço","Serviço","13.13.2.1.1.","SABESP",70030002,"ESCAVAÇÃO MECANIZADA DE POÇOS E CAVAS, EM SOLO NÃO ROCHOSO, C/PROF. ATÉ 2,00 M (A)","M3",30.24,16.05,"BDI 1",20.23,611.76,"RA","RA",244.704,0,"","","SABESP 70030002",19926,16.05,{"v":0.2604,"d":"26.04%"},null,30.24,null,null,611.76,20.23]
["S",4,"S",0,13,13,2,1,2,0,0,"F","Serviço","Serviço","13.13.2.1.2.","SABESP",70030004,"ESCAVAÇÃO MECANIZADA DE POÇOS E CAVAS, EM SOLO NÃO ROCHOSO, C/PROF. ATÉ 4,00 M (A)","M3",6.35,21.29,"BDI 1",26.83,170.37,"RA","RA",68.14800000000001,0,"","","SABESP 70030004",19932,21.29,{"v":0.2604,"d":"26.04%"},null,6.35,null,null,170.37,26.83]
[4,4,4,2,13,13,2,2,0,6,2,"F","Nível 4","Nível 4","13.13.2.2.","SINAPI",null,"Aterros e recobrimentos especiais de valas, cavas e poços","-",0,null,"BDI 1",0,785.61,"RA","",314.244,0,"","",false,"(Sem Código)",0,{"v":0.2604,"d":"26.04%"},{"$nulls":4},785.61,0]
["S",4,"S",0,13,13,2,2,1,0,0,"F","Serviço","Serviço","13.13.2.2.1.","SABESP",70030020,"ATERRO DE VALAS, POÇOS E CAVAS COMPACTADO MECANICAMENTE, COM CONTROLE DO G.C. >= 95% DO E.N.C. (A)","M3",24.01,25.96,"BDI 1",32.72,785.61,"RA","RA",314.244,0,"","","SABESP 70030020",19945,25.96,{"v":0.2604,"d":"26.04%"},null,24.01,null,null,785.61,32.72]
[4,4,4,4,13,13,2,3,0,4,20,"F","Nível 4","Nível 4","13.13.2.3.","SINAPI",null,"Carga, transporte e descarga","-",0,null,"BDI 1",0,347.75,"RA","",139.1,0,"","",false,"(Sem Código)",0,{"v":0.2604,"d":"26.04%"},{"$nulls":4},347.75,0]
["S",4,"S",0,13,13,2,3,1,0,0,"F","Serviço","Serviço","13.13.2.3.1.","SABESP","70030090","CARGA E DESCARGA - SOLO (A)","M3",12.58,{"v":7,"d":"7.00"},"BDI 1",8.82,110.96,"RA","RA",44.384,0,"","","SABESP 70030090",19976,{"v":7,"d":"7.00"},{"v":0.2604,"d":"26.04%"},null,12.58,null,null,110.96,8.82]
["S",4,"S",0,13,13,2,3,2,0,0,"F","Serviço","Serviço","13.13.2.3.2.","SABESP",70030091,"TRANSPORTE DE MATERIAL ESCAVADO - SOLO (A)","M3Q",60.38,{"v":2.8,"d":"2.80"},"BDI 1",3.53,213.14,"RA","RA",85.256,0,"","","SABESP 70030091",19987,{"v":2.8,"d":"2.80"},{"v":0.2604,"d":"26.04%"},null,60.38,null,null,213.14,3.53]
["S",4,"S",0,13,13,2,3,3,0,0,"F","Serviço","Serviço","13.13.2.3.3.","SINAPI","100574","ESPALHAMENTO DE MATERIAL COM TRATOR DE ESTEIRAS. AF_09/2024","M3",12.58,1.49,"BDI 1",1.88,23.65,"RA","RA",9.459999999999999,0,"","","SINAPI 100574",6894,1.49,{"v":0.2604,"d":"26.04%"},null,12.58,null,null,23.65,1.88]
[3,3,3,5,13,13,3,0,0,38,5,"F","Nível 3","Nível 3","13.13.3.","SINAPI",null,"Escoramentos","-",0,null,"BDI 1",0,{"v":14451.26,"d":"14,451.26"},"RA","",5780.504000000001,0,"","",false,"(Sem Código)",0,{"v":0.2604,"d":"26.04%"},{"$nulls":4},{"v":14451.26,"d":"14,451.26"},0]
[4,4,4,2,13,13,3,1,0,4,2,"F","Nível 4","Nível 4","13.13.3.1.","SINAPI",null,"Estruturas de cimbramento","-",0,null,"BDI 1",0,377.68,"RA","",151.072,0,"","",false,"(Sem Código)",0,{"v":0.2604,"d":"26.04%"},{"$nulls":4},377.68,0]
["S",4,"S",0,13,13,3,1,1,0,0,"F","Serviço","Serviço","13.13.3.1.1.","SABESP",70040040,"CIMBRAMENTO DE MADEIRA","M3",{"v":4,"d":"4.00"},74.91,"BDI 1",94.42,377.68,"RA","RA",151.072,0,"","","SABESP 70040040",20035,74.91,{"v":0.2604,"d":"26.04%"},null,{"v":4,"d":"4.00"},null,null,377.68,94.42]
[4,4,4,2,13,13,3,2,0,2,10,"F","Nível 4","Nível 4","13.13.3.2.","SINAPI",null,"Estruturas de escoramento - metálico madeira","-",0,null,"BDI 1",0,{"v":14073.58,"d":"14,073.58"},"RA","",5629.432000000001,0,"","",false,"(Sem Código)",0,{"v":0.2604,"d":"26.04%"},{"$nulls":4},{"v":14073.58,"d":"14,073.58"},0]
["S",4,"S",0,13,13,3,2,1,0,0,"F","Serviço","Serviço","13.13.3.2.1.","SABESP","70040013","ESCORAMENTO METÁLICO-MADEIRA COM LONGARINAS E ESTRONCAS - PROFUNDIDADE ATÉ 4,00 M (A)","M2",37.75,295.79,"BDI 1",372.81,{"v":14073.58,"d":"14,073.58"},"RA","RA",5629.432000000001,0,"","","SABESP 70040013",20014,295.79,{"v":0.2604,"d":"26.04%"},null,37.75,null,null,{"v":14073.58,"d":"14,073.58"},372.81]
[3,3,3,3,13,13,4,0,0,33,3,"F","Nível 3","Nível 3","13.13.4.","SINAPI",null,"Esgotamentos","-",0,null,"BDI 1",0,{"v":286.4,"d":"286.40"},"RA","",114.56,0,"","",false,"(Sem Código)",0,{"v":0.2604,"d":"26.04%"},{"$nulls":4},{"v":286.4,"d":"286.40"},0]
[4,4,4,2,13,13,4,1,0,2,5,"F","Nível 4","Nível 4","13.13.4.1.","SINAPI",null,"Águas superficiais","-",0,null,"BDI 1",0,{"v":286.4,"d":"286.40"},"RA","",114.56,0,"","",false,"(Sem Código)",0,{"v":0.2604,"d":"26.04%"},{"$nulls":4},{"v":286.4,"d":"286.40"},0]
["S",4,"S",0,13,13,4,1,1,0,0,"F","Serviço","Serviço","13.13.4.1.1.","SABESP",70050001,"ESGOTAMENTO COM BOMBAS DE SUPERFÍCIE OU SUBMERSAS","HPH",{"v":80,"d":"80.00"},2.84,"BDI 1",3.58,{"v":286.4,"d":"286.40"},"RA","RA",114.56,0,"","","SABESP 70050001",20039,2.84,{"v":0.2604,"d":"26.04%"},null,{"v":80,"d":"80.00"},null,null,{"v":286.4,"d":"286.40"},3.58]
[3,3,3,18,13,13,5,0,0,30,18,"F","Nível 3","Nível 3","13.13.5.","SINAPI",null,"Fundações e Estruturas","-",0,null,"BDI 1",0,{"v":11873.74,"d":"11,873.74"},"RA","",4749.496,0,"","",false,"(Sem Código)",0,{"v":0.2604,"d":"26.04%"},{"$nulls":4},{"v":11873.74,"d":"11,873.74"},0]
[4,4,4,2,13,13,5,1,0,17,2,"F","Nível 4","Nível 4","13.13.5.1.","SINAPI",null,"Lastros","-",0,null,"BDI 1",0,49.49,"RA","",19.796000000000003,0,"","",false,"(Sem Código)",0,{"v":0.2604,"d":"26.04%"},{"$nulls":4},49.49,0]
["S",4,"S",0,13,13,5,1,1,0,0,"F","Serviço","Serviço","13.13.5.1.1.","SABESP",70070046,"LASTRO DE PEDRA BRITADA (A)","M3",0.26,151.01,"BDI 1",190.33,49.49,"RA","RA",19.796000000000003,0,"","","SABESP 70070046",20138,151.01,{"v":0.2604,"d":"26.04%"},null,0.26,null,null,49.49,190.33]
[4,4,4,2,13,13,5,2,0,15,2,"F","Nível 4","Nível 4","13.13.5.2.","SINAPI",null,"Formas para concreto","-",0,null,"BDI 1",0,{"v":2032.86,"d":"2,032.86"},"RA","",813.144,0,"","",false,"(Sem Código)",0,{"v":0.2604,"d":"26.04%"},{"$nulls":4},{"v":2032.86,"d":"2,032.86"},0]
["S",4,"S",0,13,13,5,2,1,0,0,"F","Serviço","Serviço","13.13.5.2.1.","CDHU","09.02.020","Forma plana em compensado para estrutura convencional","M2",{"v":8.1,"d":"8.10"},199.12,"BDI 1",250.97,{"v":2032.86,"d":"2,032.86"},"RA","RA",813.144,0,"","","CDHU 09.02.020",16302,199.12,{"v":0.2604,"d":"26.04%"},null,{"v":8.1,"d":"8.10"},null,null,{"v":2032.86,"d":"2,032.86"},250.97]
[4,4,4,3,13,13,5,3,0,13,3,"F","Nível 4","Nível 4","13.13.5.3.","SINAPI",null,"Aços para Concreto","-",0,null,"BDI 1",0,{"v":3285.91,"d":"3,285.91"},"RA","",1314.364,0,"","",false,"(Sem Código)",0,{"v":0.2604,"d":"26.04%"},{"$nulls":4},{"v":3285.91,"d":"3,285.91"},0]
["S",4,"S",0,13,13,5,3,1,0,0,"F","Serviço","Serviço","13.13.5.3.1.","SABESP",70070135,"ARMAÇÃO EM AÇO CA-50","KG",{"v":189,"d":"189.00"},13.24,"BDI 1",16.69,{"v":3154.41,"d":"3,154.41"},"RA","RA",1261.7640000000001,0,"","","SABESP 70070135",20232,13.24,{"v":0.2604,"d":"26.04%"},null,{"v":189,"d":"189.00"},null,null,{"v":3154.41,"d":"3,154.41"},16.69]
["S",4,"S",0,13,13,5,3,2,0,0,"F","Serviço","Serviço","13.13.5.3.2.","SINAPI-I","7156","TELA DE ACO SOLDADA NERVURADA, CA-60, Q-196, (3,11 KG/M2), DIAMETRO DO FIO = 5,0 MM, LARGURA = 2,45 M, ESPACAMENTO DA MALHA = 10 X 10 CM","M2",4.32,24.15,"BDI 1",30.44,{"v":131.5,"d":"131.50"},"RA","RA",52.6,0,"","","SINAPI-I 7156",4241,24.15,{"v":0.2604,"d":"26.04%"},null,4.32,null,null,{"v":131.5,"d":"131.50"},30.44]
[4,4,4,2,13,13,5,4,0,10,2,"F","Nível 4","Nível 4","13.13.5.4.","SINAPI",null,"Concreto não estrutural","-",0,null,"BDI 1",0,191.96,"RA","",76.784,0,"","",false,"(Sem Código)",0,{"v":0.2604,"d":"26.04%"},{"$nulls":4},191.96,0]
["S",4,"S",0,13,13,5,4,1,0,0,"F","Serviço","Serviço","13.13.5.4.1.","SABESP",70070142,"CONCRETO NÃO ESTRUTURAL - MÍNIMO 150 KG DE CIMENTO/M³","M3",0.26,585.78,"BDI 1",738.32,191.96,"RA","RA",76.784,0,"","","SABESP 70070142",20236,585.78,{"v":0.2604,"d":"26.04%"},null,0.26,null,null,191.96,738.32]
[4,4,4,2,13,13,5,5,0,8,2,"F","Nível 4","Nível 4","13.13.5.5.","SINAPI",null,"Concreto Estrutural para estruturas não sujeitas ao contato com água e esgoto","-",0,null,"BDI 1",0,{"v":1822.33,"d":"1,822.33"},"RA","",728.932,0,"","",false,"(Sem Código)",0,{"v":0.2604,"d":"26.04%"},{"$nulls":4},{"v":1822.33,"d":"1,822.33"},0]
["S",4,"S",0,13,13,5,5,1,0,0,"F","Serviço","Serviço","13.13.5.5.1.","SABESP",70070146,"CONCRETO ESTRUTURAL PARA ESTRUTURAS NÃO SUJEITAS A CONTATO COM ÁGUA E ESGOTO, FCK = 30,0 MPA","M3",2.24,645.46,"BDI 1",813.54,{"v":1822.33,"d":"1,822.33"},"RA","RA",728.932,0,"","","SABESP 70070146",20242,645.46,{"v":0.2604,"d":"26.04%"},null,2.24,null,null,{"v":1822.33,"d":"1,822.33"},813.54]
[4,4,4,6,13,13,5,6,0,6,{"$error":"#N/A"},"F","Nível 4","Nível 4","13.13.5.6.","SINAPI",null,"Tubos e Conexões em Ferro Fundido","-",0,null,"BDI 1",0,{"v":4491.19,"d":"4,491.19"},"RA","",1796.476,0,"","",false,"(Sem Código)",0,{"v":0.2604,"d":"26.04%"},{"$nulls":4},{"v":4491.19,"d":"4,491.19"},0]
["S",4,"S",0,13,13,5,6,1,0,0,"F","Serviço","Serviço","13.13.5.6.1.","SABESP-I","HM06884","TUBO C/FLANGE PN10/16 E PONTA FERRO FUNDIDO DN=100 MM L=4.000 MM (73,30 KG) PINTURA EPÓXI VERMELHA, ACESSÓRIOS NÃO INCLUSOS NBR 15420 ESGOTO","un",{"v":1,"d":"1.00"},{"v":2085.57,"d":"2,085.57"},"BDI 2",{"v":2323.32,"d":"2,323.32"},{"v":2323.32,"d":"2,323.32"},"RA","RA",929.3280000000001,0,"","","SABESP-I HM06884",27046,{"v":2085.57,"d":"2,085.57"},{"v":0.114,"d":"11.40%"},null,{"v":1,"d":"1.00"},null,null,{"v":2323.32,"d":"2,323.32"},{"v":2323.32,"d":"2,323.32"}]
["S",4,"S",0,13,13,5,6,2,0,0,"F","Serviço","Serviço","13.13.5.6.2.","SABESP-I","HM06320","EXTREMIDADE PONTA - FLANGE PN10/16 FERRO FUNDIDO DN=100 MM L=360 MM (10,90 KG) PINTURA EPÓXI VERMELHA - ACESSÓRIOS NÃO INCLUSOS NBR 15420 ESGOTO","un",{"v":1,"d":"1.00"},521.78,"BDI 2",581.26,581.26,"RA","RA",232.50400000000002,0,"","","SABESP-I HM06320",26256,521.78,{"v":0.114,"d":"11.40%"},null,{"v":1,"d":"1.00"},null,null,581.26,581.26]
["S",4,"S",0,13,13,5,6,3,0,0,"F","Serviço","Serviço","13.13.5.6.3.","SABESP-I","HM06292","CURVA 90º COM FLANGES PN10/16 FERRO FUNDIDO DN=100 MM (11,00 KG) PINTURA EPÓXI VERMELHA, ACESSÓRIOS NÃO INCLUSOS NBR 15420 ESGOTO","un",{"v":2,"d":"2.00"},413.66,"BDI 2",460.82,921.64,"RA","RA",368.656,0,"","","SABESP-I HM06292",26227,413.66,{"v":0.114,"d":"11.40%"},null,{"v":2,"d":"2.00"},null,null,921.64,460.82]
["S",4,"S",0,13,13,5,6,4,0,0,"F","Serviço","Serviço","13.13.5.6.4.","SABESP-I","HM06266","CURVA 90º COM BOLSAS JE2GS FERRO FUNDIDO DN=100 MM (13,20 KG) PINTURA EPÓXI VERMELHA E ANÉIS DE BORRACHA INCLUSOS NBR 15420 ESGOTO","un",{"v":1,"d":"1.00"},275.38,"BDI 2",306.77,306.77,"RA","RA",122.708,0,"","","SABESP-I HM06266",26189,275.38,{"v":0.114,"d":"11.40%"},null,{"v":1,"d":"1.00"},null,null,306.77,306.77]
["S",4,"S",0,13,13,5,6,5,0,0,"F","Serviço","Serviço","13.13.5.6.5.","SABESP","70140023","TUBOS E CONEXÕES METÁLICOS FLANGEADOS - MONTAGEM","KG",{"v":119.4,"d":"119.40"},2.38,"BDI 1",{"v":3,"d":"3.00"},{"v":358.2,"d":"358.20"},"RA","RA",143.28,0,"","","SABESP 70140023",21306,2.38,{"v":0.2604,"d":"26.04%"},null,{"v":119.4,"d":"119.40"},null,null,{"v":358.2,"d":"358.20"},{"v":3,"d":"3.00"}]
[3,3,3,3,13,13,6,0,0,12,3,"F","Nível 3","Nível 3","13.13.6.","SINAPI",null,"Fechamento","-",0,null,"BDI 1",0,{"v":3329.96,"d":"3,329.96"},"RA","",1331.9840000000002,0,"","",false,"(Sem Código)",0,{"v":0.2604,"d":"26.04%"},{"$nulls":4},{"v":3329.96,"d":"3,329.96"},0]
[4,4,4,2,13,13,6,1,0,2,58,"F","Nível 4","Nível 4","13.13.6.1.","SINAPI",null,"Alvenaria","-",0,null,"BDI 1",0,{"v":3329.96,"d":"3,329.96"},"RA","",1331.9840000000002,0,"","",false,"(Sem Código)",0,{"v":0.2604,"d":"26.04%"},{"$nulls":4},{"v":3329.96,"d":"3,329.96"},0]
["S",4,"S",0,13,13,6,1,1,0,0,"F","Serviço","Serviço","13.13.6.1.1.","CDHU","14.11.271","Alvenaria de bloco de concreto estrutural 19 cm - classe A","M2",16.72,158.01,"BDI 1",199.16,{"v":3329.96,"d":"3,329.96"},"RA","RA",1331.9840000000002,0,"","","CDHU 14.11.271",16507,158.01,{"v":0.2604,"d":"26.04%"},null,16.72,null,null,{"v":3329.96,"d":"3,329.96"},199.16]
[3,3,3,4,13,13,7,0,0,9,4,"F","Nível 3","Nível 3","13.13.7.","SINAPI",null,"Revestimento e tratamento de superfície","-",0,null,"BDI 1",0,{"v":1414.91,"d":"1,414.91"},"RA","",565.964,0,"","",false,"(Sem Código)",0,{"v":0.2604,"d":"26.04%"},{"$nulls":4},{"v":1414.91,"d":"1,414.91"},0]
[4,4,4,3,13,13,7,1,0,3,55,"F","Nível 4","Nível 4","13.13.7.1.","SINAPI",null,"Pisos, tetos e paredes","-",0,null,"BDI 1",0,{"v":1414.91,"d":"1,414.91"},"RA","",565.964,0,"","",false,"(Sem Código)",0,{"v":0.2604,"d":"26.04%"},{"$nulls":4},{"v":1414.91,"d":"1,414.91"},0]
["S",4,"S",0,13,13,7,1,1,0,0,"F","Serviço","Serviço","13.13.7.1.1.","CDHU","17.02.120","Emboço comum","M2",29.92,23.68,"BDI 1",29.85,893.11,"RA","RA",357.244,0,"","","CDHU 17.02.120",16670,23.68,{"v":0.2604,"d":"26.04%"},null,29.92,null,null,893.11,29.85]
["S",4,"S",0,13,13,7,1,2,0,0,"F","Serviço","Serviço","13.13.7.1.2.","CDHU","17.02.220","Reboco","M2",29.92,13.84,"BDI 1",17.44,{"v":521.8,"d":"521.80"},"RA","RA",208.72,0,"","","CDHU 17.02.220",16673,13.84,{"v":0.2604,"d":"26.04%"},null,29.92,null,null,{"v":521.8,"d":"521.80"},17.44]
[3,3,3,2,13,13,8,0,0,5,2,"F","Nível 3","Nível 3","13.13.8.","SINAPI",null,"Impermeabilização","-",0,null,"BDI 1",0,899.24,"RA","",359.696,0,"","",false,"(Sem Código)",0,{"v":0.2604,"d":"26.04%"},{"$nulls":4},899.24,0]
["S",3,"S",0,13,13,8,0,1,0,0,"F","Serviço","Serviço","13.13.8.0.1.","SABESP",70120026,"IMPERMEABILIZAÇÃO BETUMINOSA","M2",36.96,{"v":19.3,"d":"19.30"},"BDI 1",24.33,899.24,"RA","RA",359.696,0,"","","SABESP 70120026",21049,{"v":19.3,"d":"19.30"},{"v":0.2604,"d":"26.04%"},null,36.96,null,null,899.24,24.33]
[3,3,3,3,13,13,9,0,0,3,{"$error":"#N/A"},"F","Nível 3","Nível 3","13.13.9.","SINAPI",null,"Apoio para as tampas de concreto","-",0,null,"BDI 1",0,{"v":534.9,"d":"534.90"},"RA","",213.96000000000004,0,"","",false,"(Sem Código)",0,{"v":0.2604,"d":"26.04%"},{"$nulls":4},{"v":534.9,"d":"534.90"},0]
["S",3,"S",0,13,13,9,0,1,0,0,"F","Serviço","Serviço","13.13.9.0.1.","SINAPI-I","43083","PERFIL \"U\" ENRIJECIDO, EM CHAPA DOBRADA DE ACO LAMINADO, E = 3,75 MM, H = 200 MM, L = 75 MM (9,94 KG/M)","KG",42.54,8.66,"BDI 1",10.92,464.54,"RA","RA",185.81600000000003,0,"","","SINAPI-I 43083",3370,8.66,{"v":0.2604,"d":"26.04%"},null,42.54,null,null,464.54,10.92]
["S",3,"S",0,13,13,9,0,2,0,0,"F","Serviço","Serviço","13.13.9.0.2.","CDHU","11.05.040","Argamassa graute","M3",0.13,{"v":429.4,"d":"429.40"},"BDI 1",541.22,70.36,"RA","RA",28.144000000000002,0,"","","CDHU 11.05.040",16357,{"v":429.4,"d":"429.40"},{"v":0.2604,"d":"26.04%"},null,0.13,null,null,70.36,541.22]
[1,1,1,51,14,0,0,0,0,722,51,"F","Meta","Meta","14.","SINAPI",null,"LINHA DE RECALQUE DISTRITO INDUSTRIAL","-",0,0,"BDI 1",0,{"v":542631.85,"d":"542,631.85"},"RA","",217052.74000000005,0,"",131,false,"(Sem Código)",0,{"v":0.2604,"d":"26.04%"},{"$nulls":4},{"v":542631.85,"d":"542,631.85"},0]
[2,2,2,4,14,1,0,0,0,50,4,"F","Nível 2","Nível 2","14.1.","SINAPI",null,"Serviços Técnicos","-",0,0,"BDI 1",0,{"v":7518.43,"d":"7,518.43"},"RA","",3007.3720000000003,0,"",132,false,"(Sem Código)",0,{"v":0.2604,"d":"26.04%"},{"$nulls":4},{"v":7518.43,"d":"7,518.43"},0]
[3,3,3,3,14,1,1,0,0,3,7,"F","Nível 3","Nível 3","14.1.1.","SINAPI",null,"Locação e Cadastro","-",0,0,"BDI 1",0,{"v":7518.43,"d":"7,518.43"},"RA","",3007.3720000000003,0,"","",false,"(Sem Código)",0,{"v":0.2604,"d":"26.04%"},{"$nulls":4},{"v":7518.43,"d":"7,518.43"},0]
["S",3,"S",0,14,1,1,0,1,0,0,"F","Serviço","Serviço","14.1.1.0.1.","SABESP",70010003,"LOCAÇÃO DE ADUTORAS, COLETORES-TRONCO E INTERCEPTORES (ATÉ DIÂM. 500 MM)","M",{"v":994.5,"d":"994.50"},1.44,"BDI 1",1.81,{"v":1800.05,"d":"1,800.05"},"RA","RA",720.02,0,"","","SABESP 70010003",19839,1.44,{"v":0.2604,"d":"26.04%"},null,{"v":994.5,"d":"994.50"},null,null,{"v":1800.05,"d":"1,800.05"},1.81]
["S",3,"S",0,14,1,1,0,2,0,0,"F","Serviço","Serviço","14.1.1.0.2.","SABESP",70010006,"CADASTRO DE ADUTORAS, COLETORES-TRONCO E INTERCEPTORES (ATÉ DIÂM. 500 MM)","M",{"v":994.5,"d":"994.50"},4.56,"BDI 1",5.75,{"v":5718.38,"d":"5,718.38"},"RA","RA",2287.3520000000003,0,"","","SABESP 70010006",19832,4.56,{"v":0.2604,"d":"26.04%"},null,{"v":994.5,"d":"994.50"},null,null,{"v":5718.38,"d":"5,718.38"},5.75]
[2,2,2,7,14,2,0,0,0,46,7,"F","Nível 2","Nível 2","14.2.","SINAPI",null,"Serviços Preliminares","-",0,0,"BDI 1",0,{"v":63276.2,"d":"63,276.20"},"RA","",25310.480000000003,0,"",133,false,"(Sem Código)",0,{"v":0.2604,"d":"26.04%"},{"$nulls":4},{"v":63276.2,"d":"63,276.20"},0]
[3,3,3,3,14,2,1,0,0,6,3,"F","Nível 3","Nível 3","14.2.1.","SINAPI",null,"Trânsito e Segurança","-",0,0,"BDI 1",0,{"v":22835.61,"d":"22,835.61"},"RA","",9134.244,0,"","",false,"(Sem Código)",0,{"v":0.2604,"d":"26.04%"},{"$nulls":4},{"v":22835.61,"d":"22,835.61"},0]
["S",3,"S",0,14,2,1,0,1,0,0,"F","Serviço","Serviço","14.2.1.0.1.","SABESP",70020004,"SINALIZAÇÃO DE TRÁFEGO","M",{"v":120,"d":"120.00"},5.14,"BDI 1",6.48,{"v":777.6,"d":"777.60"},"RA","RA",311.04,0,"","","SABESP 70020004",19845,5.14,{"v":0.2604,"d":"26.04%"},null,{"v":120,"d":"120.00"},null,null,{"v":777.6,"d":"777.60"},6.48]
["S",3,"S",0,14,2,1,0,2,0,0,"F","Serviço","Serviço","14.2.1.0.2.","SABESP",70020003,"TAPUME CONTÍNUO EM CHAPAS DE MADEIRA","M",{"v":1989,"d":"1,989.00"},{"v":8.8,"d":"8.80"},"BDI 1",11.09,{"v":22058.01,"d":"22,058.01"},"RA","RA",8823.204,0,"","","SABESP 70020003",19848,{"v":8.8,"d":"8.80"},{"v":0.2604,"d":"26.04%"},null,{"v":1989,"d":"1,989.00"},null,null,{"v":22058.01,"d":"22,058.01"},11.09]
[3,3,3,3,14,2,2,0,0,3,10,"F","Nível 3","Nível 3","14.2.2.","SINAPI",null,"Passadiços e Travessias","-",0,0,"BDI 1",0,{"v":40440.59,"d":"40,440.59"},"RA","",16176.236,0,"","",false,"(Sem Código)",0,{"v":0.2604,"d":"26.04%"},{"$nulls":4},{"v":40440.59,"d":"40,440.59"},0]
["S",3,"S",0,14,2,2,0,1,0,0,"F","Serviço","Serviço","14.2.2.0.1.","SABESP",70020006,"PASSADIÇOS DE MADEIRA PARA PEDESTRES","M2",{"v":99,"d":"99.00"},120.56,"BDI 1",151.95,{"v":15043.05,"d":"15,043.05"},"RA","RA",6017.22,0,"","","SABESP 70020006",19852,120.56,{"v":0.2604,"d":"26.04%"},null,{"v":99,"d":"99.00"},null,null,{"v":15043.05,"d":"15,043.05"},151.95]
["S",3,"S",0,14,2,2,0,2,0,0,"F","Serviço","Serviço","14.2.2.0.2.","SABESP",70020008,"PASSADIÇOS DE CHAPA METÁLICA PARA VEÍCULOS","M2",{"v":198.9,"d":"198.90"},101.31,"BDI 1",127.69,{"v":25397.54,"d":"25,397.54"},"RA","RA",10159.016000000001,0,"","","SABESP 70020008",19851,101.31,{"v":0.2604,"d":"26.04%"},null,{"v":198.9,"d":"198.90"},null,null,{"v":25397.54,"d":"25,397.54"},127.69]
[2,2,2,11,14,3,0,0,0,39,11,"F","Nível 2","Nível 2","14.3.","SINAPI",null,"Movimento de Terra","-",0,0,"BDI 1",0,{"v":48064.86,"d":"48,064.86"},"RA","",19225.944000000003,0,"",134,false,"(Sem Código)",0,{"v":0.2604,"d":"26.04%"},{"$nulls":4},{"v":48064.86,"d":"48,064.86"},0]
[3,3,3,3,14,3,1,0,0,10,3,"F","Nível 3","Nível 3","14.3.1.","SINAPI",null,"Escavação de valas, qualquer terreno, exceto rocha - coletores tronco e interceptores","-",0,0,"BDI 1",0,{"v":14018.6,"d":"14,018.60"},"RA","",5607.4400000000005,0,"","",false,"(Sem Código)",0,{"v":0.2604,"d":"26.04%"},{"$nulls":4},{"v":14018.6,"d":"14,018.60"},0]
["S",3,"S",0,14,3,1,0,1,0,0,"F","Serviço","Serviço","14.3.1.0.1.","SINAPI","102279","ESCAVAÇÃO MECANIZADA DE VALA COM PROF. ATÉ 1,5 M (MÉDIA MONTANTE E JUSANTE/UMA COMPOSIÇÃO POR TRECHO), ESCAVADEIRA (0,8 M3),LARG. MENOR QUE 1,5 M, EM SOLO DE 1A CATEGORIA, LOCAIS COM BAIXO NÍVEL DE INTERFERÊNCIA. AF_09/2024","M3",578.99,7.45,"BDI 1",9.39,{"v":5436.72,"d":"5,436.72"},"RA","RA",2174.688,0,"","","SINAPI 102279",9272,7.45,{"v":0.2604,"d":"26.04%"},null,578.99,null,null,{"v":5436.72,"d":"5,436.72"},9.39]
["S",3,"S",0,14,3,1,0,2,0,0,"F","Serviço","Serviço","14.3.1.0.2.","SINAPI","90092","ESCAVAÇÃO MECANIZADA DE VALA COM PROF. MAIOR QUE 1,5 M E ATÉ 3,0 M(MÉDIA MONTANTE E JUSANTE/UMA COMPOSIÇÃO POR TRECHO), ESCAVADEIRA (0,8 M3), LARG. MENOR QUE 1,5 M, EM SOLO DE 1A CATEGORIA, LOCAIS COM BAIXO NÍVEL DE INTERFERÊNCIA. AF_09/2024","M3",{"v":1063.43,"d":"1,063.43"},{"v":6.4,"d":"6.40"},"BDI 1",8.07,{"v":8581.88,"d":"8,581.88"},"RA","RA",3432.752,0,"","","SINAPI 90092",9309,{"v":6.4,"d":"6.40"},{"v":0.2604,"d":"26.04%"},null,{"v":1063.43,"d":"1,063.43"},null,null,{"v":8581.88,"d":"8,581.88"},8.07]
[3,3,3,3,14,3,2,0,0,7,3,"F","Nível 3","Nível 3","14.3.2.","SINAPI",null,"Aterros e recobrimentos especiais de valas, poços e cavas","-",0,0,"BDI 1",0,{"v":30337.25,"d":"30,337.25"},"RA","",12134.900000000001,0,"","",false,"(Sem Código)",0,{"v":0.2604,"d":"26.04%"},{"$nulls":4},{"v":30337.25,"d":"30,337.25"},0]
["S",3,"S",0,14,3,2,0,1,0,0,"F","Serviço","Serviço","14.3.2.0.1.","SINAPI","93379","REATERRO MECANIZADO DE VALA COM RETROESCAVADEIRA (CAPACIDADE DA CAÇAMBA DA RETRO: 0,26 M³/POTÊNCIA: 88 HP), LARGURA 0,8 A 1,5 M, PROFUNDIDADE ATÉ 1,5 M, COM SOLO (SEM SUBSTITUIÇÃO) DE 1ª CATEGORIA, COM COMPACTADOR DE SOLOS DE PERCUSSÃO AF_08/2023","M3",521.42,20.05,"BDI 1",25.27,{"v":13176.28,"d":"13,176.28"},"RA","RA",5270.512000000001,0,"","","SINAPI 93379",6781,20.05,{"v":0.2604,"d":"26.04%"},null,521.42,null,null,{"v":13176.28,"d":"13,176.28"},25.27]
["S",3,"S",0,14,3,2,0,2,0,0,"F","Serviço","Serviço","14.3.2.0.2.","SINAPI","93381","REATERRO MECANIZADO DE VALA COM RETROESCAVADEIRA (CAPACIDADE DA CAÇAMBA DA RETRO: 0,26 M³/POTÊNCIA: 88 HP), LARGURA 0,8 A 1,5 M, PROFUNDIDADE 1,5 A 3,0 M, COM SOLO (SEM SUBSTITUIÇÃO) DE 1ª CATEGORIA E COMPACTADOR DE SOLOS DE PERCUSSÃO. AF_08/2023","M3",986.83,{"v":13.8,"d":"13.80"},"BDI 1",17.39,{"v":17160.97,"d":"17,160.97"},"RA","RA",6864.388000000001,0,"","","SINAPI 93381",6780,{"v":13.8,"d":"13.80"},{"v":0.2604,"d":"26.04%"},null,986.83,null,null,{"v":17160.97,"d":"17,160.97"},17.39]
[3,3,3,4,14,3,3,0,0,4,62,"F","Nível 3","Nível 3","14.3.3.","SINAPI",null,"Carga, transporte e descarga","-",0,0,"BDI 1",0,{"v":3709.01,"d":"3,709.01"},"RA","",1483.604,0,"","",false,"(Sem Código)",0,{"v":0.2604,"d":"26.04%"},{"$nulls":4},{"v":3709.01,"d":"3,709.01"},0]
["S",3,"S",0,14,3,3,0,1,0,0,"F","Serviço","Serviço","14.3.3.0.1.","SABESP","70030090","CARGA E DESCARGA - SOLO (A)","M3",134.17,{"v":7,"d":"7.00"},"BDI 1",8.82,{"v":1183.38,"d":"1,183.38"},"RA","RA",473.3520000000001,0,"","","SABESP 70030090",19976,{"v":7,"d":"7.00"},{"v":0.2604,"d":"26.04%"},null,134.17,null,null,{"v":1183.38,"d":"1,183.38"},8.82]
["S",3,"S",0,14,3,3,0,2,0,0,"F","Serviço","Serviço","14.3.3.0.2.","SABESP",70030091,"TRANSPORTE DE MATERIAL ESCAVADO - SOLO (A)","M3Q",644.02,{"v":2.8,"d":"2.80"},"BDI 1",3.53,{"v":2273.39,"d":"2,273.39"},"RA","RA",909.356,0,"","","SABESP 70030091",19987,{"v":2.8,"d":"2.80"},{"v":0.2604,"d":"26.04%"},null,644.02,null,null,{"v":2273.39,"d":"2,273.39"},3.53]
["S",3,"S",0,14,3,3,0,3,0,0,"F","Serviço","Serviço","14.3.3.0.3.","SINAPI","100574","ESPALHAMENTO DE MATERIAL COM TRATOR DE ESTEIRAS. AF_09/2024","M3",134.17,1.49,"BDI 1",1.88,252.24,"RA","RA",100.89600000000002,0,"","","SINAPI 100574",6894,1.49,{"v":0.2604,"d":"26.04%"},null,134.17,null,null,252.24,1.88]
[2,2,2,4,14,4,0,0,0,28,4,"F","Nível 2","Nível 2","14.4.","SINAPI",null,"Escoramentos","-",0,0,"BDI 1",0,{"v":112830.57,"d":"112,830.57"},"RA","",45132.228,0,"",135,false,"(Sem Código)",0,{"v":0.2604,"d":"26.04%"},{"$nulls":4},{"v":112830.57,"d":"112,830.57"},0]
[3,3,3,3,14,4,1,0,0,3,6,"F","Nível 3","Nível 3","14.4.1.","SINAPI",null,"Estruturas de escoramento - blindagem","-",0,0,"BDI 1",0,{"v":112830.57,"d":"112,830.57"},"RA","",45132.228,0,"","",false,"(Sem Código)",0,{"v":0.2604,"d":"26.04%"},{"$nulls":4},{"v":112830.57,"d":"112,830.57"},0]
["S",3,"S",0,14,4,1,0,1,0,0,"F","Serviço","Serviço","14.4.1.0.1.","Composição","0009","ESCORAMENTO DE VALA, TIPO BLINDAGEM, COM PROFUNDIDADE DE 0 A 1,5 M, LARGURA MENOR QUE 1,5 M - EXECUÇÃO E FORNECIMENTO, INCLUI MATERIAL (ESCAVAÇÃO INTERNA AO BLINDADO) [EMBASA/BA-07.93.31]","M2",{"v":1101.7,"d":"1,101.70"},33.03,"BDI 1",41.63,{"v":45863.77,"d":"45,863.77"},"RA","RA",18345.507999999998,0,"","","Composição 0009",11,33.03,{"v":0.2604,"d":"26.04%"},null,{"v":1101.7,"d":"1,101.70"},null,null,{"v":45863.77,"d":"45,863.77"},41.63]
["S",3,"S",0,14,4,1,0,2,0,0,"F","Serviço","Serviço","14.4.1.0.2.","Composição","0013","ESCORAMENTO DE VALA, TIPO BLINDAGEM, COM PROFUNDIDADE DE 1,5 A 3,0 M, LARGURA MENOR DO QUE 1,5 M - EXECUÇÃO E FORNECIMENTO, INCLUI MATERIAL (ESCAVAÇÃO INTERNA AO BLINDADO) [EMBASA/BA-07.93.35]","M2",{"v":2008,"d":"2,008.00"},26.46,"BDI 1",33.35,{"v":66966.8,"d":"66,966.80"},"RA","RA",26786.72,0,"","","Composição 0013",15,26.46,{"v":0.2604,"d":"26.04%"},null,{"v":2008,"d":"2,008.00"},null,null,{"v":66966.8,"d":"66,966.80"},33.35]
[2,2,2,7,14,5,0,0,0,24,7,"F","Nível 2","Nível 2","14.5.","SINAPI",null,"Fundações e Estruturas","-",0,0,"BDI 1",0,{"v":24109.99,"d":"24,109.99"},"RA","",9643.996000000001,0,"",136,false,"(Sem Código)",0,{"v":0.2604,"d":"26.04%"},{"$nulls":4},{"v":24109.99,"d":"24,109.99"},0]
[3,3,3,2,14,5,1,0,0,6,2,"F","Nível 3","Nível 3","14.5.1.","SINAPI",null,"Lastros para assentamento de tubos e peças","-",0,0,"BDI 1",0,{"v":22435.57,"d":"22,435.57"},"RA","",8974.228000000001,0,"","",false,"(Sem Código)",0,{"v":0.2604,"d":"26.04%"},{"$nulls":4},{"v":22435.57,"d":"22,435.57"},0]
["S",3,"S",0,14,5,1,0,1,0,0,"F","Serviço","Serviço","14.5.1.0.1.","SABESP","70070045","LASTRO DE AREIA (A)","M3",102.84,173.09,"BDI 1",218.16,{"v":22435.57,"d":"22,435.57"},"RA","RA",8974.228000000001,0,"","","SABESP 70070045",20135,173.09,{"v":0.2604,"d":"26.04%"},null,102.84,null,null,{"v":22435.57,"d":"22,435.57"},218.16]
[3,3,3,4,14,5,2,0,0,4,32,"F","Nível 3","Nível 3","14.5.2.","SINAPI",null,"Ancoragem em concreto para peças","-",0,0,"BDI 1",0,{"v":1674.42,"d":"1,674.42"},"RA","",669.768,0,"","",false,"(Sem Código)",0,{"v":0.2604,"d":"26.04%"},{"$nulls":4},{"v":1674.42,"d":"1,674.42"},0]
["S",3,"S",0,14,5,2,0,1,0,0,"F","Serviço","Serviço","14.5.2.0.1.","SABESP",70070098,"ANCORAGEM EM CONCRETO PARA CURVA 11 GRAUS 15 MIN, DIÂMETRO 200 MM","un",{"v":1,"d":"1.00"},157.17,"BDI 1",{"v":198.1,"d":"198.10"},{"v":198.1,"d":"198.10"},"RA","RA",79.24000000000001,0,"","","SABESP 70070098",20192,157.17,{"v":0.2604,"d":"26.04%"},null,{"v":1,"d":"1.00"},null,null,{"v":198.1,"d":"198.10"},{"v":198.1,"d":"198.10"}]
["S",3,"S",0,14,5,2,0,2,0,0,"F","Serviço","Serviço","14.5.2.0.2.","SABESP",70070104,"ANCORAGEM EM CONCRETO PARA CURVA 22 GRAUS 30 MIN, DIÂMETRO 200 MM","un",{"v":1,"d":"1.00"},173.34,"BDI 1",218.48,218.48,"RA","RA",87.392,0,"","","SABESP 70070104",20199,173.34,{"v":0.2604,"d":"26.04%"},null,{"v":1,"d":"1.00"},null,null,218.48,218.48]
["S",3,"S",0,14,5,2,0,3,0,0,"F","Serviço","Serviço","14.5.2.0.3.","SABESP",70070110,"ANCORAGEM EM CONCRETO PARA CURVA 45 GRAUS, DIÂMETRO 200 MM","un",{"v":6,"d":"6.00"},166.33,"BDI 1",209.64,{"v":1257.84,"d":"1,257.84"},"RA","RA",503.13599999999997,0,"","","SABESP 70070110",20206,166.33,{"v":0.2604,"d":"26.04%"},null,{"v":6,"d":"6.00"},null,null,{"v":1257.84,"d":"1,257.84"},209.64]
[2,2,2,5,14,6,0,0,0,17,5,"F","Nível 2","Nível 2","14.6.","SINAPI",null,"Assentamentos","-",0,0,"BDI 1",0,{"v":13428.37,"d":"13,428.37"},"RA","",5371.348,0,"",137,false,"(Sem Código)",0,{"v":0.2604,"d":"26.04%"},{"$nulls":4},{"v":13428.37,"d":"13,428.37"},0]
[3,3,3,2,14,6,1,0,0,4,2,"F","Nível 3","Nível 3","14.6.1.","SINAPI",null,"Assentamento simples de tubos e peças de PVC rígido e PVC deFoFo","-",0,0,"BDI 1",0,{"v":11227.91,"d":"11,227.91"},"RA","",4491.164,0,"","",false,"(Sem Código)",0,{"v":0.2604,"d":"26.04%"},{"$nulls":4},{"v":11227.91,"d":"11,227.91"},0]
["S",3,"S",0,14,6,1,0,1,0,0,"F","Serviço","Serviço","14.6.1.0.1.","SINAPI","97135","ASSENTAMENTO DE TUBO DE PVC DEFOFO OU PRFV OU RPVC PARA REDE DE ÁGUA, DN 200 MM, JUNTA ELÁSTICA INTEGRADA, INSTALADO EM LOCAL COM NÍVEL BAIXO DE INTERFERÊNCIAS (NÃO INCLUI FORNECIMENTO). AF_05/2024","M",{"v":994.5,"d":"994.50"},8.96,"BDI 1",11.29,{"v":11227.91,"d":"11,227.91"},"RA","RA",4491.164,0,"","","SINAPI 97135",6610,8.96,{"v":0.2604,"d":"26.04%"},null,{"v":994.5,"d":"994.50"},null,null,{"v":11227.91,"d":"11,227.91"},11.29]
[3,3,3,2,14,6,2,0,0,2,25,"F","Nível 3","Nível 3","14.6.2.","SINAPI",null,"Carga, transporte até 10 km e descarga de tubos e peças de PVC rígido e PVC deFoFo","-",0,0,"BDI 1",0,{"v":2200.46,"d":"2,200.46"},"RA","",880.1840000000001,0,"","",false,"(Sem Código)",0,{"v":0.2604,"d":"26.04%"},{"$nulls":4},{"v":2200.46,"d":"2,200.46"},0]
["S",3,"S",0,14,6,2,0,1,0,0,"F","Serviço","Serviço","14.6.2.0.1.","SABESP",70080320,"CARGA, TRANSPORTE ATÉ 10 KM E DESCARGA TUBOS E PEÇAS, DN 200 MM, EM PVC RÍGIDO, RPVC E DEFOFO","KM",0.99,{"v":1763.48,"d":"1,763.48"},"BDI 1",{"v":2222.69,"d":"2,222.69"},{"v":2200.46,"d":"2,200.46"},"RA","RA",880.1840000000001,0,"","","SABESP 70080320",20737,{"v":1763.48,"d":"1,763.48"},{"v":0.2604,"d":"26.04%"},null,{"v":0.9945,"d":"0.99"},null,null,{"v":2200.46,"d":"2,200.46"},{"v":2222.69,"d":"2,222.69"}]
[2,2,2,3,14,7,0,0,0,12,3,"F","Nível 2","Nível 2","14.7.","SINAPI",null,"Pavimentação","-",0,0,"BDI 1",0,{"v":1221.44,"d":"1,221.44"},"RA","",488.576,0,"",138,false,"(Sem Código)",0,{"v":0.2604,"d":"26.04%"},{"$nulls":4},{"v":1221.44,"d":"1,221.44"},0]
[3,3,3,2,14,7,1,0,0,2,20,"F","Nível 3","Nível 3","14.7.1.","SINAPI",null,"Regularização e revestimento","-",0,0,"BDI 1",0,{"v":1221.44,"d":"1,221.44"},"RA","",488.576,0,"","",false,"(Sem Código)",0,{"v":0.2604,"d":"26.04%"},{"$nulls":4},{"v":1221.44,"d":"1,221.44"},0]
["S",3,"S",0,14,7,1,0,1,0,0,"F","Serviço","Serviço","14.7.1.0.1.","SABESP",70090040,"REGULARIZAÇÃO MECANIZADA DE SUPERFÍCIES (A)","M2",{"v":1130.96,"d":"1,130.96"},0.86,"BDI 1",1.08,{"v":1221.44,"d":"1,221.44"},"RA","RA",488.576,0,"","","SABESP 70090040",20810,0.86,{"v":0.2604,"d":"26.04%"},null,{"v":1130.96,"d":"1,130.96"},null,null,{"v":1221.44,"d":"1,221.44"},1.08]
[2,2,2,9,14,8,0,0,0,9,217,"F","Nível 2","Nível 2","14.8.","SINAPI",null,"Fornecimento de materiais e equipamentos","-",0,0,"BDI 1",0,{"v":272181.99,"d":"272,181.99"},"RA","",108872.79599999999,0,"",139,false,"(Sem Código)",0,{"v":0.2604,"d":"26.04%"},{"$nulls":4},{"v":272181.99,"d":"272,181.99"},0]
[3,3,3,8,14,8,1,0,0,8,17,"F","Nível 3","Nível 3","14.8.1.","SINAPI",null,"Hidráulicos e hidromecânicos","-",0,0,"BDI 1",0,{"v":272181.99,"d":"272,181.99"},"RA","",108872.79599999999,0,"","",false,"(Sem Código)",0,{"v":0.2604,"d":"26.04%"},{"$nulls":4},{"v":272181.99,"d":"272,181.99"},0]
[4,4,4,3,14,8,1,1,0,7,3,"F","Nível 4","Nível 4","14.8.1.1.","SINAPI",null,"Tubulação de PVC rígido corrugado com ponta e bolsa JE","-",0,0,"BDI 1",0,{"v":266797.7,"d":"266,797.70"},"RA","",106719.08,0,"","",false,"(Sem Código)",0,{"v":0.2604,"d":"26.04%"},{"$nulls":4},{"v":266797.7,"d":"266,797.70"},0]
["S",4,"S",0,14,8,1,1,1,0,0,"F","Serviço","Serviço","14.8.1.1.1.","SINAPI-I","9829","TUBO PVC DEFOFO, JEI, 1 MPA, DN 200 MM, PARA REDE DE AGUA (NBR 7665)","M",{"v":996,"d":"996.00"},235.58,"BDI 2",262.44,{"v":261390.24,"d":"261,390.24"},"RA","RA",104556.096,0,"","","SINAPI-I 9829",4737,235.58,{"v":0.114,"d":"11.40%"},null,{"v":996,"d":"996.00"},null,null,{"v":261390.24,"d":"261,390.24"},262.44]
["S",4,"S",0,14,8,1,1,2,0,0,"F","Serviço","Serviço","14.8.1.1.2.","SINAPI-I","319","ANEL BORRACHA, PARA TUBO PVC DEFOFO, DN 200 MM (NBR 7665)","UN",{"v":167,"d":"167.00"},29.07,"BDI 2",32.38,{"v":5407.46,"d":"5,407.46"},"RA","RA",2162.984,0,"","","SINAPI-I 319",301,29.07,{"v":0.114,"d":"11.40%"},null,{"v":167,"d":"167.00"},null,null,{"v":5407.46,"d":"5,407.46"},32.38]
[4,4,4,4,14,8,1,2,0,4,59,"F","Nível 4","Nível 4","14.8.1.2.","SINAPI",null,"Conexões de ferro fundido","-",0,0,"BDI 1",0,{"v":5384.29,"d":"5,384.29"},"RA","",2153.716,0,"","",false,"(Sem Código)",0,{"v":0.2604,"d":"26.04%"},{"$nulls":4},{"v":5384.29,"d":"5,384.29"},0]
["S",4,"S",0,14,8,1,2,1,0,0,"F","Serviço","Serviço","14.8.1.2.1.","SABESP-I","HM06205","CURVA 11º15' COM BOLSAS JE2GS FERRO FUNDIDO DN=200 MM (27,60 KG) PINTURA EPÓXI VERMELHA E ANÉIS DE BORRACHA INCLUSOS NBR 15420 ESGOTO","un",{"v":1,"d":"1.00"},564.52,"BDI 2",628.88,628.88,"RA","RA",251.55200000000002,0,"","","SABESP-I HM06205",26161,564.52,{"v":0.114,"d":"11.40%"},null,{"v":1,"d":"1.00"},null,null,628.88,628.88]
["S",4,"S",0,14,8,1,2,2,0,0,"F","Serviço","Serviço","14.8.1.2.2.","SABESP-I","HM06226","CURVA 22º30' COM BOLSAS JE2GS FERRO FUNDIDO DN=200 MM (26,20 KG) PINTURA EPÓXI VERMELHA E ANÉIS DE BORRACHA INCLUSOS NBR 15420 ESGOTO","un",{"v":1,"d":"1.00"},614.21,"BDI 2",684.23,684.23,"RA","RA",273.692,0,"","","SABESP-I HM06226",26171,614.21,{"v":0.114,"d":"11.40%"},null,{"v":1,"d":"1.00"},null,null,684.23,684.23]
["S",4,"S",0,14,8,1,2,3,0,0,"F","Serviço","Serviço","14.8.1.2.3.","SABESP-I","HM06192","CURVA 45º COM BOLSAS JE2GS FERRO FUNDIDO DN=200 MM (29,00 KG) PINTURA EPÓXI VERMELHA E ANÉIS DE BORRACHA INCLUSOS NBR 15420 ESGOTO","un",{"v":6,"d":"6.00"},609.09,"BDI 2",678.53,{"v":4071.18,"d":"4,071.18"},"RA","RA",1628.472,0,"","","SABESP-I HM06192",26181,609.09,{"v":0.114,"d":"11.40%"},null,{"v":6,"d":"6.00"},null,null,{"v":4071.18,"d":"4,071.18"},678.53]
[1,1,1,73,15,0,0,0,0,671,73,"F","Meta","Meta","15.","SINAPI",null,"CAIXA DE VENTOSA DISTRITO INDUSTRIAL","-",0,0,"BDI 1",0,{"v":46023.14,"d":"46,023.14"},"RA","",18409.255999999998,0,"",140,false,"(Sem Código)",0,{"v":0.2604,"d":"26.04%"},{"$nulls":4},{"v":46023.14,"d":"46,023.14"},0]
[2,2,2,4,15,1,0,0,0,72,4,"F","Nível 2","Nível 2","15.1.","SINAPI",null,"Serviços Técnicos","-",0,0,"BDI 1",0,{"v":3103.94,"d":"3,103.94"},"RA","",1241.576,0,"",141,false,"(Sem Código)",0,{"v":0.2604,"d":"26.04%"},{"$nulls":4},{"v":3103.94,"d":"3,103.94"},0]
[3,3,3,3,15,1,1,0,0,3,7,"F","Nível 3","Nível 3","15.1.1.","SINAPI",null,"Locação e Cadastro","-",0,0,"BDI 1",0,{"v":3103.94,"d":"3,103.94"},"RA","",1241.576,0,"","",false,"(Sem Código)",0,{"v":0.2604,"d":"26.04%"},{"$nulls":4},{"v":3103.94,"d":"3,103.94"},0]
["S",3,"S",0,15,1,1,0,1,0,0,"F","Serviço","Serviço","15.1.1.0.1.","SABESP",70010008,"LOCAÇÃO DE OBRAS LOCALIZADAS","EQD",{"v":1,"d":"1.00"},{"v":1076.44,"d":"1,076.44"},"BDI 1",{"v":1356.74,"d":"1,356.74"},{"v":1356.74,"d":"1,356.74"},"RA","RA",542.696,0,"","","SABESP 70010008",19840,{"v":1076.44,"d":"1,076.44"},{"v":0.2604,"d":"26.04%"},null,{"v":1,"d":"1.00"},null,null,{"v":1356.74,"d":"1,356.74"},{"v":1356.74,"d":"1,356.74"}]
["S",3,"S",0,15,1,1,0,2,0,0,"F","Serviço","Serviço","15.1.1.0.2.","SABESP",70010009,"CADASTRO DE OBRAS LOCALIZADAS","EQD",{"v":1,"d":"1.00"},{"v":1386.23,"d":"1,386.23"},"BDI 1",{"v":1747.2,"d":"1,747.20"},{"v":1747.2,"d":"1,747.20"},"RA","RA",698.8800000000001,0,"","","SABESP 70010009",19834,{"v":1386.23,"d":"1,386.23"},{"v":0.2604,"d":"26.04%"},null,{"v":1,"d":"1.00"},null,null,{"v":1747.2,"d":"1,747.20"},{"v":1747.2,"d":"1,747.20"}]
[2,2,2,10,15,2,0,0,0,68,10,"F","Nível 2","Nível 2","15.2.","SINAPI",null,"Movimento de Terra","-",0,0,"BDI 1",0,{"v":1561.02,"d":"1,561.02"},"RA","",624.408,0,"",142,false,"(Sem Código)",0,{"v":0.2604,"d":"26.04%"},{"$nulls":4},{"v":1561.02,"d":"1,561.02"},0]
[3,3,3,3,15,2,1,0,0,9,3,"F","Nível 3","Nível 3","15.2.1.","SINAPI",null,"Escavação mecânica, qualquer terreno exceto rocha, de poços e cavas","-",0,0,"BDI 1",0,638.36,"RA","",255.34400000000002,0,"","",false,"(Sem Código)",0,{"v":0.2604,"d":"26.04%"},{"$nulls":4},638.36,0]
["S",3,"S",0,15,2,1,0,1,0,0,"F","Serviço","Serviço","15.2.1.0.1.","SABESP",70030002,"ESCAVAÇÃO MECANIZADA DE POÇOS E CAVAS, EM SOLO NÃO ROCHOSO, C/PROF. ATÉ 2,00 M (A)","M3",23.12,16.05,"BDI 1",20.23,467.72,"RA","RA",187.08800000000002,0,"","","SABESP 70030002",19926,16.05,{"v":0.2604,"d":"26.04%"},null,23.12,null,null,467.72,20.23]
["S",3,"S",0,15,2,1,0,2,0,0,"F","Serviço","Serviço","15.2.1.0.2.","SABESP","70030004","ESCAVAÇÃO MECANIZADA DE POÇOS E CAVAS, EM SOLO NÃO ROCHOSO, C/PROF. ATÉ 4,00 M (A)","M3",6.36,21.29,"BDI 1",26.83,170.64,"RA","RA",68.256,0,"","","SABESP 70030004",19932,21.29,{"v":0.2604,"d":"26.04%"},null,6.36,null,null,170.64,26.83]
[3,3,3,2,15,2,2,0,0,6,2,"F","Nível 3","Nível 3","15.2.2.","SINAPI",70030004,"Aterros e recobrimentos especiais de valas, cavas e poços","-",0,0,"BDI 1",0,694.32,"RA","",277.728,0,"","",false,"(Sem Código)",0,{"v":0.2604,"d":"26.04%"},{"$nulls":4},694.32,0]
["S",3,"S",0,15,2,2,0,1,0,0,"F","Serviço","Serviço","15.2.2.0.1.","SABESP",70030020,"ATERRO DE VALAS, POÇOS E CAVAS COMPACTADO MECANICAMENTE, COM CONTROLE DO G.C. >= 95% DO E.N.C. (A)","M3",21.22,25.96,"BDI 1",32.72,694.32,"RA","RA",277.728,0,"","","SABESP 70030020",19945,25.96,{"v":0.2604,"d":"26.04%"},null,21.22,null,null,694.32,32.72]
[3,3,3,4,15,2,3,0,0,4,19,"F","Nível 3","Nível 3","15.2.3.","SINAPI",null,"Carga, transporte e descarga","-",0,0,"BDI 1",0,228.34,"RA","",91.33600000000001,0,"","",false,"(Sem Código)",0,{"v":0.2604,"d":"26.04%"},{"$nulls":4},228.34,0]
["S",3,"S",0,15,2,3,0,1,0,0,"F","Serviço","Serviço","15.2.3.0.1.","SABESP","70030090","CARGA E DESCARGA - SOLO (A)","M3",8.26,{"v":7,"d":"7.00"},"BDI 1",8.82,72.85,"RA","RA",29.14,0,"","","SABESP 70030090",19976,{"v":7,"d":"7.00"},{"v":0.2604,"d":"26.04%"},null,8.26,null,null,72.85,8.82]
["S",3,"S",0,15,2,3,0,2,0,0,"F","Serviço","Serviço","15.2.3.0.2.","SABESP",70030091,"TRANSPORTE DE MATERIAL ESCAVADO - SOLO (A)","M3Q",39.65,{"v":2.8,"d":"2.80"},"BDI 1",3.53,139.96,"RA","RA",55.98400000000001,0,"","","SABESP 70030091",19987,{"v":2.8,"d":"2.80"},{"v":0.2604,"d":"26.04%"},null,39.65,null,null,139.96,3.53]
["S",3,"S",0,15,2,3,0,3,0,0,"F","Serviço","Serviço","15.2.3.0.3.","SINAPI","100574","ESPALHAMENTO DE MATERIAL COM TRATOR DE ESTEIRAS. AF_09/2024","M3",8.26,1.49,"BDI 1",1.88,15.53,"RA","RA",6.212,0,"","","SINAPI 100574",6894,1.49,{"v":0.2604,"d":"26.04%"},null,8.26,null,null,15.53,1.88]
[2,2,2,5,15,3,0,0,0,58,5,"F","Nível 2","Nível 2","15.3.","SINAPI",null,"Escoramentos","-",0,0,"BDI 1",0,{"v":13299.18,"d":"13,299.18"},"RA","",5319.672,0,"",143,false,"(Sem Código)",0,{"v":0.2604,"d":"26.04%"},{"$nulls":4},{"v":13299.18,"d":"13,299.18"},0]
[3,3,3,2,15,3,1,0,0,4,2,"F","Nível 3","Nível 3","15.3.1.","SINAPI",null,"Estruturas de cimbramento","-",0,0,"BDI 1",0,370.13,"RA","",148.052,0,"","",false,"(Sem Código)",0,{"v":0.2604,"d":"26.04%"},{"$nulls":4},370.13,0]
["S",3,"S",0,15,3,1,0,1,0,0,"F","Serviço","Serviço","15.3.1.0.1.","SABESP",70040040,"CIMBRAMENTO DE MADEIRA","M3",3.92,74.91,"BDI 1",94.42,370.13,"RA","RA",148.052,0,"","","SABESP 70040040",20035,74.91,{"v":0.2604,"d":"26.04%"},null,3.92,null,null,370.13,94.42]
[3,3,3,2,15,3,2,0,0,2,10,"F","Nível 3","Nível 3","15.3.2.","SINAPI",null,"Estruturas de escoramento - metálico madeira","-",0,null,"BDI 1",0,{"v":12929.05,"d":"12,929.05"},"RA","",5171.62,0,"","",false,"(Sem Código)",0,{"v":0.2604,"d":"26.04%"},{"$nulls":4},{"v":12929.05,"d":"12,929.05"},0]
["S",3,"S",0,15,3,2,0,1,0,0,"F","Serviço","Serviço","15.3.2.0.1.","SABESP","70040013","ESCORAMENTO METÁLICO-MADEIRA COM LONGARINAS E ESTRONCAS - PROFUNDIDADE ATÉ 4,00 M (A)","M2",34.68,295.79,"BDI 1",372.81,{"v":12929.05,"d":"12,929.05"},"RA","RA",5171.62,0,"","","SABESP 70040013",20014,295.79,{"v":0.2604,"d":"26.04%"},null,34.68,null,null,{"v":12929.05,"d":"12,929.05"},372.81]
[2,2,2,3,15,4,0,0,0,53,3,"F","Nível 2","Nível 2","15.4.","SINAPI",null,"Esgotamentos","-",0,0,"BDI 1",0,{"v":286.4,"d":"286.40"},"RA","",114.56,0,"",144,false,"(Sem Código)",0,{"v":0.2604,"d":"26.04%"},{"$nulls":4},{"v":286.4,"d":"286.40"},0]
[3,3,3,2,15,4,1,0,0,2,5,"F","Nível 3","Nível 3","15.4.1.","SINAPI",null,"Águas superficiais","-",0,0,"BDI 1",0,{"v":286.4,"d":"286.40"},"RA","",114.56,0,"","",false,"(Sem Código)",0,{"v":0.2604,"d":"26.04%"},{"$nulls":4},{"v":286.4,"d":"286.40"},0]
["S",3,"S",0,15,4,1,0,1,0,0,"F","Serviço","Serviço","15.4.1.0.1.","SABESP",70050001,"ESGOTAMENTO COM BOMBAS DE SUPERFÍCIE OU SUBMERSAS","HPH",{"v":80,"d":"80.00"},2.84,"BDI 1",3.58,{"v":286.4,"d":"286.40"},"RA","RA",114.56,0,"","","SABESP 70050001",20039,2.84,{"v":0.2604,"d":"26.04%"},null,{"v":80,"d":"80.00"},null,null,{"v":286.4,"d":"286.40"},3.58]
[2,2,2,13,15,5,0,0,0,50,13,"F","Nível 2","Nível 2","15.5.","SINAPI",null,"Fundações e Estruturas","-",0,0,"BDI 1",0,{"v":7661.78,"d":"7,661.78"},"RA","",3064.7120000000004,0,"",145,false,"(Sem Código)",0,{"v":0.2604,"d":"26.04%"},{"$nulls":4},{"v":7661.78,"d":"7,661.78"},0]
[3,3,3,2,15,5,1,0,0,12,2,"F","Nível 3","Nível 3","15.5.1.","SINAPI",null,"Lastros","-",0,0,"BDI 1",0,47.58,"RA","",19.032,0,"","",false,"(Sem Código)",0,{"v":0.2604,"d":"26.04%"},{"$nulls":4},47.58,0]
["S",3,"S",0,15,5,1,0,1,0,0,"F","Serviço","Serviço","15.5.1.0.1.","SABESP",70070046,"LASTRO DE PEDRA BRITADA (A)","M3",0.25,151.01,"BDI 1",190.33,47.58,"RA","RA",19.032,0,"","","SABESP 70070046",20138,151.01,{"v":0.2604,"d":"26.04%"},null,0.25,null,null,47.58,190.33]
[3,3,3,2,15,5,2,0,0,10,2,"F","Nível 3","Nível 3","15.5.2.","SINAPI",null,"Formas para concreto","-",0,0,"BDI 1",0,{"v":1295.01,"d":"1,295.01"},"RA","",518.004,0,"","",false,"(Sem Código)",0,{"v":0.2604,"d":"26.04%"},{"$nulls":4},{"v":1295.01,"d":"1,295.01"},0]
["S",3,"S",0,15,5,2,0,1,0,0,"F","Serviço","Serviço","15.5.2.0.1.","CDHU","09.02.020","Forma plana em compensado para estrutura convencional","M2",5.16,199.12,"BDI 1",250.97,{"v":1295.01,"d":"1,295.01"},"RA","RA",518.004,0,"","","CDHU 09.02.020",16302,199.12,{"v":0.2604,"d":"26.04%"},null,5.16,null,null,{"v":1295.01,"d":"1,295.01"},250.97]
[3,3,3,2,15,5,3,0,0,8,2,"F","Nível 3","Nível 3","15.5.3.","SINAPI",null,"Aços para Concreto","-",0,0,"BDI 1",0,{"v":4702.07,"d":"4,702.07"},"RA","",1880.828,0,"","",false,"(Sem Código)",0,{"v":0.2604,"d":"26.04%"},{"$nulls":4},{"v":4702.07,"d":"4,702.07"},0]
["S",3,"S",0,15,5,3,0,1,0,0,"F","Serviço","Serviço","15.5.3.0.1.","SABESP",70070135,"ARMAÇÃO EM AÇO CA-50","KG",281.73,13.24,"BDI 1",16.69,{"v":4702.07,"d":"4,702.07"},"RA","RA",1880.828,0,"","","SABESP 70070135",20232,13.24,{"v":0.2604,"d":"26.04%"},null,281.73,null,null,{"v":4702.07,"d":"4,702.07"},16.69]
[3,3,3,2,15,5,4,0,0,6,2,"F","Nível 3","Nível 3","15.5.4.","SINAPI",null,"Concreto não estrutural","-",0,0,"BDI 1",0,{"v":177.2,"d":"177.20"},"RA","",70.88,0,"","",false,"(Sem Código)",0,{"v":0.2604,"d":"26.04%"},{"$nulls":4},{"v":177.2,"d":"177.20"},0]
["S",3,"S",0,15,5,4,0,1,0,0,"F","Serviço","Serviço","15.5.4.0.1.","SABESP",70070142,"CONCRETO NÃO ESTRUTURAL - MÍNIMO 150 KG DE CIMENTO/M³","M3",0.24,585.78,"BDI 1",738.32,{"v":177.2,"d":"177.20"},"RA","RA",70.88,0,"","","SABESP 70070142",20236,585.78,{"v":0.2604,"d":"26.04%"},null,0.24,null,null,{"v":177.2,"d":"177.20"},738.32]
[3,3,3,2,15,5,5,0,0,4,2,"F","Nível 3","Nível 3","15.5.5.","SINAPI",null,"Concreto Estrutural para estruturas não sujeitas ao contato com água e esgoto","-",0,0,"BDI 1",0,{"v":1269.12,"d":"1,269.12"},"RA","",507.64799999999997,0,"","",false,"(Sem Código)",0,{"v":0.2604,"d":"26.04%"},{"$nulls":4},{"v":1269.12,"d":"1,269.12"},0]
["S",3,"S",0,15,5,5,0,1,0,0,"F","Serviço","Serviço","15.5.5.0.1.","SABESP",70070146,"CONCRETO ESTRUTURAL PARA ESTRUTURAS NÃO SUJEITAS A CONTATO COM ÁGUA E ESGOTO, FCK = 30,0 MPA","M3",1.56,645.46,"BDI 1",813.54,{"v":1269.12,"d":"1,269.12"},"RA","RA",507.64799999999997,0,"","","SABESP 70070146",20242,645.46,{"v":0.2604,"d":"26.04%"},null,1.56,null,null,{"v":1269.12,"d":"1,269.12"},813.54]
[3,3,3,2,15,5,6,0,0,2,254,"F","Nível 3","Nível 3","15.5.6.","SINAPI",null,"Dispositivos especiais e estruturas acessórias","-",0,0,"BDI 1",0,{"v":170.8,"d":"170.80"},"RA","",68.32000000000001,0,"","",false,"(Sem Código)",0,{"v":0.2604,"d":"26.04%"},{"$nulls":4},{"v":170.8,"d":"170.80"},0]
["S",3,"S",0,15,5,6,0,1,0,0,"F","Serviço","Serviço","15.5.6.0.1.","SABESP",70070230,"ASSENTAMENTO DE TAMPÃO DE FERRO FUNDIDO, DN 600 MM","un",{"v":1,"d":"1.00"},135.51,"BDI 1",{"v":170.8,"d":"170.80"},{"v":170.8,"d":"170.80"},"RA","RA",68.32000000000001,0,"","","SABESP 70070230",20346,135.51,{"v":0.2604,"d":"26.04%"},null,{"v":1,"d":"1.00"},null,null,{"v":170.8,"d":"170.80"},{"v":170.8,"d":"170.80"}]
[2,2,2,3,15,6,0,0,0,37,3,"F","Nível 2","Nível 2","15.6.","SINAPI",null,"Fechamento","-",0,0,"BDI 1",0,{"v":2549.25,"d":"2,549.25"},"RA","",1019.7,0,"",146,false,"(Sem Código)",0,{"v":0.2604,"d":"26.04%"},{"$nulls":4},{"v":2549.25,"d":"2,549.25"},0]
[3,3,3,2,15,6,1,0,0,2,6,"F","Nível 3","Nível 3","15.6.1.","SINAPI",null,"Alvenaria","-",0,0,"BDI 1",0,{"v":2549.25,"d":"2,549.25"},"RA","",1019.7,0,"","",false,"(Sem Código)",0,{"v":0.2604,"d":"26.04%"},{"$nulls":4},{"v":2549.25,"d":"2,549.25"},0]
["S",3,"S",0,15,6,1,0,1,0,0,"F","Serviço","Serviço","15.6.1.0.1.","CDHU","14.11.271","Alvenaria de bloco de concreto estrutural 19 cm - classe A","M2",{"v":12.8,"d":"12.80"},158.01,"BDI 1",199.16,{"v":2549.25,"d":"2,549.25"},"RA","RA",1019.7,0,"","","CDHU 14.11.271",16507,158.01,{"v":0.2604,"d":"26.04%"},null,{"v":12.8,"d":"12.80"},null,null,{"v":2549.25,"d":"2,549.25"},199.16]
[2,2,2,6,15,7,0,0,0,34,6,"F","Nível 2","Nível 2","15.7.","SINAPI",null,"Revestimento e tratamento de superfície","-",0,0,"BDI 1",0,{"v":2980.97,"d":"2,980.97"},"RA","",1192.388,0,"",147,false,"(Sem Código)",0,{"v":0.2604,"d":"26.04%"},{"$nulls":4},{"v":2980.97,"d":"2,980.97"},0]
[3,3,3,3,15,7,1,0,0,5,3,"F","Nível 3","Nível 3","15.7.1.","SINAPI",null,"Pisos, tetos e paredes","-",0,0,"BDI 1",0,{"v":1450.86,"d":"1,450.86"},"RA","",580.344,0,"","",false,"(Sem Código)",0,{"v":0.2604,"d":"26.04%"},{"$nulls":4},{"v":1450.86,"d":"1,450.86"},0]
["S",3,"S",0,15,7,1,0,1,0,0,"F","Serviço","Serviço","15.7.1.0.1.","CDHU","17.02.120","Emboço comum","M2",30.68,23.68,"BDI 1",29.85,{"v":915.8,"d":"915.80"},"RA","RA",366.32,0,"","","CDHU 17.02.120",16670,23.68,{"v":0.2604,"d":"26.04%"},null,30.68,null,null,{"v":915.8,"d":"915.80"},29.85]
["S",3,"S",0,15,7,1,0,2,0,0,"F","Serviço","Serviço","15.7.1.0.2.","CDHU","17.02.220","Reboco","M2",30.68,13.84,"BDI 1",17.44,535.06,"RA","RA",214.024,0,"","","CDHU 17.02.220",16673,13.84,{"v":0.2604,"d":"26.04%"},null,30.68,null,null,535.06,17.44]
[3,3,3,2,15,7,2,0,0,2,41,"F","Nível 3","Nível 3","15.7.2.","SINAPI",null,"Impermeabilização","-",0,0,"BDI 1",0,{"v":1530.11,"d":"1,530.11"},"RA","",612.044,0,"","",false,"(Sem Código)",0,{"v":0.2604,"d":"26.04%"},{"$nulls":4},{"v":1530.11,"d":"1,530.11"},0]
["S",3,"S",0,15,7,2,0,1,0,0,"F","Serviço","Serviço","15.7.2.0.1.","SABESP",70120026,"IMPERMEABILIZAÇÃO BETUMINOSA","M2",62.89,{"v":19.3,"d":"19.30"},"BDI 1",24.33,{"v":1530.11,"d":"1,530.11"},"RA","RA",612.044,0,"","","SABESP 70120026",21049,{"v":19.3,"d":"19.30"},{"v":0.2604,"d":"26.04%"},null,62.89,null,null,{"v":1530.11,"d":"1,530.11"},24.33]
[2,2,2,28,15,8,0,0,0,28,163,"F","Nível 2","Nível 2","15.8.","SINAPI",null,"Fornecimento de materiais e equipamentos","-",0,0,"BDI 1",0,{"v":14580.6,"d":"14,580.60"},"RA","",5832.24,0,"",148,false,"(Sem Código)",0,{"v":0.2604,"d":"26.04%"},{"$nulls":4},{"v":14580.6,"d":"14,580.60"},0]
[3,3,3,16,15,8,1,0,0,27,16,"F","Nível 3","Nível 3","15.8.1.","SINAPI",null,"Hidráulicos e hidromecânicos","-",0,0,"BDI 1",0,{"v":12484,"d":"12,484.00"},"RA","",4993.599999999999,0,"","",false,"(Sem Código)",0,{"v":0.2604,"d":"26.04%"},{"$nulls":4},{"v":12484,"d":"12,484.00"},0]
[4,4,4,4,15,8,1,1,0,15,4,"F","Nível 4","Nível 4","15.8.1.1.","SINAPI",null,"Tubulação de ferro fundido","-",0,0,"BDI 1",0,{"v":8050.99,"d":"8,050.99"},"RA","",3220.396,0,"","",false,"(Sem Código)",0,{"v":0.2604,"d":"26.04%"},{"$nulls":4},{"v":8050.99,"d":"8,050.99"},0]
["S",4,"S",0,15,8,1,1,1,0,0,"F","Serviço","Serviço","15.8.1.1.1.","SABESP-I","HM06703","TUBO C/FLANGE PN10 E BOLSA JE FERRO FUNDIDO DN=200 MM L=1.500 MM (72,50 KG) PINTURA EPÓXI VERMELHA, ACESSÓRIOS NÃO INCLUSOS NBR 15420 ESGOTO","un",{"v":2,"d":"2.00"},{"v":2061.8,"d":"2,061.80"},"BDI 2",{"v":2296.85,"d":"2,296.85"},{"v":4593.7,"d":"4,593.70"},"RA","RA",1837.48,0,"","","SABESP-I HM06703",26953,{"v":2061.8,"d":"2,061.80"},{"v":0.114,"d":"11.40%"},null,{"v":2,"d":"2.00"},null,null,{"v":4593.7,"d":"4,593.70"},{"v":2296.85,"d":"2,296.85"}]
["S",4,"S",0,15,8,1,1,2,0,0,"F","Serviço","Serviço","15.8.1.1.2.","SABESP-I","HM06879","TUBO C/FLANGE PN10/16 E PONTA FERRO FUNDIDO DN=100 MM L=1.500 MM (30,30 KG) PINTURA EPÓXI VERMELHA, ACESSÓRIOS NÃO INCLUSOS NBR 15420 ESGOTO","un",{"v":1,"d":"1.00"},{"v":1198.9,"d":"1,198.90"},"BDI 2",{"v":1335.57,"d":"1,335.57"},{"v":1335.57,"d":"1,335.57"},"RA","RA",534.228,0,"","","SABESP-I HM06879",27041,{"v":1198.9,"d":"1,198.90"},{"v":0.114,"d":"11.40%"},null,{"v":1,"d":"1.00"},null,null,{"v":1335.57,"d":"1,335.57"},{"v":1335.57,"d":"1,335.57"}]
["S",4,"S",0,15,8,1,1,3,0,0,"F","Serviço","Serviço","15.8.1.1.3.","SABESP-I","HM06883","TUBO C/FLANGE PN10/16 E PONTA FERRO FUNDIDO DN=100 MM L=3.500 MM (64,70 KG) PINTURA EPÓXI VERMELHA, ACESSÓRIOS NÃO INCLUSOS NBR 15420 ESGOTO","un",{"v":1,"d":"1.00"},{"v":1904.6,"d":"1,904.60"},"BDI 2",{"v":2121.72,"d":"2,121.72"},{"v":2121.72,"d":"2,121.72"},"RA","RA",848.688,0,"","","SABESP-I HM06883",27045,{"v":1904.6,"d":"1,904.60"},{"v":0.114,"d":"11.40%"},null,{"v":1,"d":"1.00"},null,null,{"v":2121.72,"d":"2,121.72"},{"v":2121.72,"d":"2,121.72"}]
[4,4,4,4,15,8,1,2,0,11,4,"F","Nível 4","Nível 4","15.8.1.2.","SINAPI",null,"Conexões de ferro fundido","-",0,0,"BDI 1",0,{"v":2156.84,"d":"2,156.84"},"RA","",862.7360000000001,0,"","",false,"(Sem Código)",0,{"v":0.2604,"d":"26.04%"},{"$nulls":4},{"v":2156.84,"d":"2,156.84"},0]
["S",4,"S",0,15,8,1,2,1,0,0,"F","Serviço","Serviço","15.8.1.2.1.","SABESP-I","HM06581","TÊ C/BOLSAS JE2GS E FLANGE PN10/16/25 FERRO FUNDIDO DN=200X50 MM (25,60 KG) PINTURA BETUMINOSA, ACESSÓRIOS NÃO INCLUSOS NBR 7675 ÁGUA","un",{"v":1,"d":"1.00"},833.42,"BDI 2",928.43,928.43,"RA","RA",371.372,0,"","","SABESP-I HM06581",26042,833.42,{"v":0.114,"d":"11.40%"},null,{"v":1,"d":"1.00"},null,null,928.43,928.43]
["S",4,"S",0,15,8,1,2,2,0,0,"F","Serviço","Serviço","15.8.1.2.2.","SABESP-I","HM06266","CURVA 90º COM BOLSAS JE2GS FERRO FUNDIDO DN=100 MM (13,20 KG) PINTURA EPÓXI VERMELHA E ANÉIS DE BORRACHA INCLUSOS NBR 15420 ESGOTO","un",{"v":1,"d":"1.00"},275.38,"BDI 2",306.77,306.77,"RA","RA",122.708,0,"","","SABESP-I HM06266",26189,275.38,{"v":0.114,"d":"11.40%"},null,{"v":1,"d":"1.00"},null,null,306.77,306.77]
["S",4,"S",0,15,8,1,2,3,0,0,"F","Serviço","Serviço","15.8.1.2.3.","SABESP-I","HM06292","CURVA 90º COM FLANGES PN10/16 FERRO FUNDIDO DN=100 MM (11,00 KG) PINTURA EPÓXI VERMELHA, ACESSÓRIOS NÃO INCLUSOS NBR 15420 ESGOTO","un",{"v":2,"d":"2.00"},413.66,"BDI 2",460.82,921.64,"RA","RA",368.656,0,"","","SABESP-I HM06292",26227,413.66,{"v":0.114,"d":"11.40%"},null,{"v":2,"d":"2.00"},null,null,921.64,460.82]
[4,4,4,3,15,8,1,3,0,7,3,"F","Nível 4","Nível 4","15.8.1.3.","SINAPI",null,"Válvulas e registros","-",0,0,"BDI 1",0,953.73,"RA","",381.492,0,"","",false,"(Sem Código)",0,{"v":0.2604,"d":"26.04%"},{"$nulls":4},953.73,0]
["S",4,"S",0,15,8,1,3,1,0,0,"F","Serviço","Serviço","15.8.1.3.1.","SABESP-I","HM04207","VÁLVULA GAVETA C/FLANGES PN10/16 FERRO FUNDIDO DN=50 MM * (11,00 KG), ACION. VOLANTE, CUNHA DE BORRACHA, MÉTRICA CHATA, PINTURA EPÓXI EM PÓ NBR 14968\nÁGUA/ESGOTO","un",{"v":1,"d":"1.00"},379.83,"BDI 2",423.13,423.13,"RA","RA",169.252,0,"","","SABESP-I HM04207",27292,379.83,{"v":0.114,"d":"11.40%"},null,{"v":1,"d":"1.00"},null,null,423.13,423.13]
["S",4,"S",0,15,8,1,3,2,0,0,"F","Serviço","Serviço","15.8.1.3.2.","SABESP","70140057","VÁLVULA GAVETA FOFO ATÉ DN200 MM - MONTAGEM","un",{"v":1,"d":"1.00"},420.98,"BDI 1",{"v":530.6,"d":"530.60"},{"v":530.6,"d":"530.60"},"RA","RA",212.24,0,"","","SABESP 70140057",21348,420.98,{"v":0.2604,"d":"26.04%"},null,{"v":1,"d":"1.00"},null,null,{"v":530.6,"d":"530.60"},{"v":530.6,"d":"530.60"}]
[4,4,4,2,15,8,1,4,0,4,2,"F","Nível 4","Nível 4","15.8.1.4.","SINAPI",null,"Ventosas","-",0,0,"BDI 1",0,795.31,"RA","",318.124,0,"","",false,"(Sem Código)",0,{"v":0.2604,"d":"26.04%"},{"$nulls":4},795.31,0]
["S",4,"S",0,15,8,1,4,1,0,0,"F","Serviço","Serviço","15.8.1.4.1.","SABESP-I","HM04212","VENTOSA SIMPLES C/ROSCA BSP FERRO FUNDIDO DN=2\" PINTURA EPÓXI NTS 322 ÁGUA","un",{"v":1,"d":"1.00"},713.92,"BDI 2",795.31,795.31,"RA","RA",318.124,0,"","","SABESP-I HM04212",27366,713.92,{"v":0.114,"d":"11.40%"},null,{"v":1,"d":"1.00"},null,null,795.31,795.31]
[4,4,4,2,15,8,1,5,0,2,342,"F","Nível 4","Nível 4","15.8.1.5.","SINAPI",null,"Tampão de ferro fundido Ø = 600mm","-",0,0,"BDI 1",0,527.13,"RA","",210.852,0,"","",false,"(Sem Código)",0,{"v":0.2604,"d":"26.04%"},{"$nulls":4},527.13,0]
["S",4,"S",0,15,8,1,5,1,0,0,"F","Serviço","Serviço","15.8.1.5.1.","SABESP-I","HM01428","TAMPÃO ARTICULADO FERRO FUNDIDO DN 600 MM COM ARO NTS 033","un",{"v":1,"d":"1.00"},473.19,"BDI 2",527.13,527.13,"RA","RA",210.852,0,"","","SABESP-I HM01428",26565,473.19,{"v":0.114,"d":"11.40%"},null,{"v":1,"d":"1.00"},null,null,527.13,527.13]
[3,3,3,11,15,8,2,0,0,11,22,"F","Nível 3","Nível 3","15.8.2.","SINAPI",null,"Pavimentação","-",0,null,"BDI 1",0,{"v":2096.6,"d":"2,096.60"},"RA","",838.64,0,"","",false,"(Sem Código)",0,{"v":0.2604,"d":"26.04%"},{"$nulls":4},{"v":2096.6,"d":"2,096.60"},0]
[4,4,4,4,15,8,2,1,0,10,4,"F","Nível 4","Nível 4","15.8.2.1.","SINAPI",null,"Corte de pavimento asfáltico","-",0,null,"BDI 1",0,578.81,"RA","",231.52400000000003,0,"","",false,"(Sem Código)",0,{"v":0.2604,"d":"26.04%"},{"$nulls":4},578.81,0]
["S",4,"S",0,15,8,2,1,1,0,0,"F","Serviço","Serviço","15.8.2.1.1.","Composição","0001","CORTE EM PAVIMENTO DE ASFALTO / CONCRETO COM MÁQUINA E DISCO DIAMANTADO","M",{"v":10.4,"d":"10.40"},10.76,"BDI 1",13.56,141.02,"RA","RA",56.40800000000001,0,"","","Composição 0001",3,10.76,{"v":0.2604,"d":"26.04%"},null,{"v":10.4,"d":"10.40"},null,null,141.02,13.56]
["S",4,"S",0,15,8,2,1,2,0,0,"F","Serviço","Serviço","15.8.2.1.2.","Composição","0028","Demolição de asfalto c/ martelete - SEDOP 021525","M2",8.32,14.65,"BDI 1",18.46,153.59,"RA","RA",61.43600000000001,0,"","","Composição 0028",30,14.65,{"v":0.2604,"d":"26.04%"},null,8.32,null,null,153.59,18.46]
["S",4,"S",0,15,8,2,1,3,0,0,"F","Serviço","Serviço","15.8.2.1.3.","SABESP","70190145","REMOÇÃO ENTULHO INCLUSIVE A CARGA, TRANSPORTE E DESCARGA EM BOTA FORA A QQ DISTÂNCIA","M3",1.73,130.34,"BDI 1",164.28,{"v":284.2,"d":"284.20"},"RA","RA",113.68,0,"","","SABESP 70190145",22150,130.34,{"v":0.2604,"d":"26.04%"},null,1.73,null,null,{"v":284.2,"d":"284.20"},164.28]
[4,4,4,6,15,8,2,2,0,6,61,"F","Nível 4","Nível 4","15.8.2.2.","SINAPI",null,"Recomposição de pavimentação asfáltica","-",0,null,"BDI 1",0,{"v":1517.79,"d":"1,517.79"},"RA","",607.116,0,"","",false,"(Sem Código)",0,{"v":0.2604,"d":"26.04%"},{"$nulls":4},{"v":1517.79,"d":"1,517.79"},0]
["S",4,"S",0,15,8,2,2,1,0,0,"F","Serviço","Serviço","15.8.2.2.1.","CDHU","54.01.220","Base de bica corrida","M3",0.84,232.84,"BDI 1",293.47,246.51,"RA","RA",98.604,0,"","","CDHU 54.01.220",19402,232.84,{"v":0.2604,"d":"26.04%"},null,0.84,null,null,246.51,293.47]
["S",4,"S",0,15,8,2,2,2,0,0,"F","Serviço","Serviço","15.8.2.2.2.","CDHU","54.03.230","Imprimação betuminosa ligante","M2",8.32,6.49,"BDI 1",8.18,68.06,"RA","RA",27.224000000000004,0,"","","CDHU 54.03.230",19413,6.49,{"v":0.2604,"d":"26.04%"},null,8.32,null,null,68.06,8.18]
["S",4,"S",0,15,8,2,2,3,0,0,"F","Serviço","Serviço","15.8.2.2.3.","CDHU","54.03.240","Imprimação betuminosa impermeabilizante","M2",8.32,13.09,"BDI 1",{"v":16.5,"d":"16.50"},137.28,"RA","RA",54.912000000000006,0,"","","CDHU 54.03.240",19414,13.09,{"v":0.2604,"d":"26.04%"},null,8.32,null,null,137.28,{"v":16.5,"d":"16.50"}]
["S",4,"S",0,15,8,2,2,4,0,0,"F","Serviço","Serviço","15.8.2.2.4.","SINAPI","95876","TRANSPORTE COM CAMINHÃO BASCULANTE DE 14 M³, EM VIA URBANA PAVIMENTADA, DMT ATÉ 30 KM (UNIDADE: M3XKM). AF_07/2020","M3XKM",6.85,2.28,"BDI 1",2.87,19.66,"RA","RA",7.864000000000001,0,"","","SINAPI 95876",15330,2.28,{"v":0.2604,"d":"26.04%"},null,6.85,null,null,19.66,2.87]
["S",4,"S",0,15,8,2,2,5,0,0,"F","Serviço","Serviço","15.8.2.2.5.","SINAPI","102098","RECOMPOSIÇÃO DE REVESTIMENTO EM CONCRETO ASFÁLTICO (AQUISIÇÃO EM USINA), PARA O FECHAMENTO DE VALAS - INCLUSO DEMOLIÇÃO DO PAVIMENTO. AF_12/2020","M3",0.41,{"v":2024.68,"d":"2,024.68"},"BDI 1",{"v":2551.91,"d":"2,551.91"},{"v":1046.28,"d":"1,046.28"},"RA","RA",418.512,0,"","","SINAPI 102098",14540,{"v":2024.68,"d":"2,024.68"},{"v":0.2604,"d":"26.04%"},null,0.41,null,null,{"v":1046.28,"d":"1,046.28"},{"v":2551.91,"d":"2,551.91"}]
[1,1,1,72,16,0,0,0,0,598,72,"F","Meta","Meta","16.","SINAPI",null,"CAIXA DE DESCARGA DISTRITO INDUSTRIAL","-",0,0,"BDI 1",0,{"v":41013.06,"d":"41,013.06"},"RA","",16405.224000000002,0,"",149,false,"(Sem Código)",0,{"v":0.2604,"d":"26.04%"},{"$nulls":4},{"v":41013.06,"d":"41,013.06"},0]
[2,2,2,4,16,1,0,0,0,71,4,"F","Nível 2","Nível 2","16.1.","SINAPI",null,"Serviços Técnicos","-",0,0,"BDI 1",0,{"v":3103.94,"d":"3,103.94"},"RA","",1241.576,0,"",150,false,"(Sem Código)",0,{"v":0.2604,"d":"26.04%"},{"$nulls":4},{"v":3103.94,"d":"3,103.94"},0]
[3,3,3,3,16,1,1,0,0,3,7,"F","Nível 3","Nível 3","16.1.1.","SINAPI",null,"Locação e Cadastro","-",0,0,"BDI 1",0,{"v":3103.94,"d":"3,103.94"},"RA","",1241.576,0,"","",false,"(Sem Código)",0,{"v":0.2604,"d":"26.04%"},{"$nulls":4},{"v":3103.94,"d":"3,103.94"},0]
["S",3,"S",0,16,1,1,0,1,0,0,"F","Serviço","Serviço","16.1.1.0.1.","SABESP",70010008,"LOCAÇÃO DE OBRAS LOCALIZADAS","EQD",{"v":1,"d":"1.00"},{"v":1076.44,"d":"1,076.44"},"BDI 1",{"v":1356.74,"d":"1,356.74"},{"v":1356.74,"d":"1,356.74"},"RA","RA",542.696,0,"","","SABESP 70010008",19840,{"v":1076.44,"d":"1,076.44"},{"v":0.2604,"d":"26.04%"},null,{"v":1,"d":"1.00"},null,null,{"v":1356.74,"d":"1,356.74"},{"v":1356.74,"d":"1,356.74"}]
["S",3,"S",0,16,1,1,0,2,0,0,"F","Serviço","Serviço","16.1.1.0.2.","SABESP",70010009,"CADASTRO DE OBRAS LOCALIZADAS","EQD",{"v":1,"d":"1.00"},{"v":1386.23,"d":"1,386.23"},"BDI 1",{"v":1747.2,"d":"1,747.20"},{"v":1747.2,"d":"1,747.20"},"RA","RA",698.8800000000001,0,"","","SABESP 70010009",19834,{"v":1386.23,"d":"1,386.23"},{"v":0.2604,"d":"26.04%"},null,{"v":1,"d":"1.00"},null,null,{"v":1747.2,"d":"1,747.20"},{"v":1747.2,"d":"1,747.20"}]
[2,2,2,10,16,2,0,0,0,67,10,"F","Nível 2","Nível 2","16.2.","SINAPI",null,"Movimento de Terra","-",0,0,"BDI 1",0,{"v":1535.75,"d":"1,535.75"},"RA","",614.3000000000002,0,"",151,false,"(Sem Código)",0,{"v":0.2604,"d":"26.04%"},{"$nulls":4},{"v":1535.75,"d":"1,535.75"},0]
[3,3,3,3,16,2,1,0,0,9,3,"F","Nível 3","Nível 3","16.2.1.","SINAPI",null,"Escavação mecânica, qualquer terreno exceto rocha, de poços e cavas","-",0,0,"BDI 1",0,634.05,"RA","",253.62000000000003,0,"","",false,"(Sem Código)",0,{"v":0.2604,"d":"26.04%"},{"$nulls":4},634.05,0]
["S",3,"S",0,16,2,1,0,1,0,0,"F","Serviço","Serviço","16.2.1.0.1.","SABESP",70030002,"ESCAVAÇÃO MECANIZADA DE POÇOS E CAVAS, EM SOLO NÃO ROCHOSO, C/PROF. ATÉ 2,00 M (A)","M3",20.48,16.05,"BDI 1",20.23,414.31,"RA","RA",165.72400000000002,0,"","","SABESP 70030002",19926,16.05,{"v":0.2604,"d":"26.04%"},null,20.48,null,null,414.31,20.23]
["S",3,"S",0,16,2,1,0,2,0,0,"F","Serviço","Serviço","16.2.1.0.2.","SABESP",70030004,"ESCAVAÇÃO MECANIZADA DE POÇOS E CAVAS, EM SOLO NÃO ROCHOSO, C/PROF. ATÉ 4,00 M (A)","M3",8.19,21.29,"BDI 1",26.83,219.74,"RA","RA",87.89600000000002,0,"","","SABESP 70030004",19932,21.29,{"v":0.2604,"d":"26.04%"},null,8.19,null,null,219.74,26.83]
[3,3,3,2,16,2,2,0,0,6,2,"F","Nível 3","Nível 3","16.2.2.","SINAPI",null,"Aterros e recobrimentos especiais de valas, cavas e poços","-",0,0,"BDI 1",0,703.48,"RA","",281.392,0,"","",false,"(Sem Código)",0,{"v":0.2604,"d":"26.04%"},{"$nulls":4},703.48,0]
["S",3,"S",0,16,2,2,0,1,0,0,"F","Serviço","Serviço","16.2.2.0.1.","SABESP",70030020,"ATERRO DE VALAS, POÇOS E CAVAS COMPACTADO MECANICAMENTE, COM CONTROLE DO G.C. >= 95% DO E.N.C. (A)","M3",{"v":21.5,"d":"21.50"},25.96,"BDI 1",32.72,703.48,"RA","RA",281.392,0,"","","SABESP 70030020",19945,25.96,{"v":0.2604,"d":"26.04%"},null,{"v":21.5,"d":"21.50"},null,null,703.48,32.72]
[3,3,3,4,16,2,3,0,0,4,19,"F","Nível 3","Nível 3","16.2.3.","SINAPI",null,"Carga, transporte e descarga","-",0,0,"BDI 1",0,198.22,"RA","",79.288,0,"","",false,"(Sem Código)",0,{"v":0.2604,"d":"26.04%"},{"$nulls":4},198.22,0]
["S",3,"S",0,16,2,3,0,1,0,0,"F","Serviço","Serviço","16.2.3.0.1.","SABESP","70030090","CARGA E DESCARGA - SOLO (A)","M3",7.17,{"v":7,"d":"7.00"},"BDI 1",8.82,63.24,"RA","RA",25.296000000000003,0,"","","SABESP 70030090",19976,{"v":7,"d":"7.00"},{"v":0.2604,"d":"26.04%"},null,7.17,null,null,63.24,8.82]
["S",3,"S",0,16,2,3,0,2,0,0,"F","Serviço","Serviço","16.2.3.0.2.","SABESP",70030091,"TRANSPORTE DE MATERIAL ESCAVADO - SOLO (A)","M3Q",34.42,{"v":2.8,"d":"2.80"},"BDI 1",3.53,{"v":121.5,"d":"121.50"},"RA","RA",48.6,0,"","","SABESP 70030091",19987,{"v":2.8,"d":"2.80"},{"v":0.2604,"d":"26.04%"},null,34.42,null,null,{"v":121.5,"d":"121.50"},3.53]
["S",3,"S",0,16,2,3,0,3,0,0,"F","Serviço","Serviço","16.2.3.0.3.","SINAPI","100574","ESPALHAMENTO DE MATERIAL COM TRATOR DE ESTEIRAS. AF_09/2024","M3",7.17,1.49,"BDI 1",1.88,13.48,"RA","RA",5.392,0,"","","SINAPI 100574",6894,1.49,{"v":0.2604,"d":"26.04%"},null,7.17,null,null,13.48,1.88]
[2,2,2,5,16,3,0,0,0,57,5,"F","Nível 2","Nível 2","16.3.","SINAPI",null,"Escoramentos","-",0,0,"BDI 1",0,{"v":13660.82,"d":"13,660.82"},"RA","",5464.328,0,"",152,false,"(Sem Código)",0,{"v":0.2604,"d":"26.04%"},{"$nulls":4},{"v":13660.82,"d":"13,660.82"},0]
[3,3,3,2,16,3,1,0,0,4,2,"F","Nível 3","Nível 3","16.3.1.","SINAPI",null,"Estruturas de cimbramento","-",0,0,"BDI 1",0,299.31,"RA","",119.724,0,"","",false,"(Sem Código)",0,{"v":0.2604,"d":"26.04%"},{"$nulls":4},299.31,0]
["S",3,"S",0,16,3,1,0,1,0,0,"F","Serviço","Serviço","16.3.1.0.1.","SABESP",70040040,"CIMBRAMENTO DE MADEIRA","M3",3.17,74.91,"BDI 1",94.42,299.31,"RA","RA",119.724,0,"","","SABESP 70040040",20035,74.91,{"v":0.2604,"d":"26.04%"},null,3.17,null,null,299.31,94.42]
[3,3,3,2,16,3,2,0,0,2,10,"F","Nível 3","Nível 3","16.3.2.","SINAPI",null,"Estruturas de escoramento - metálico madeira","-",0,null,"BDI 1",0,{"v":13361.51,"d":"13,361.51"},"RA","",5344.604,0,"","",false,"(Sem Código)",0,{"v":0.2604,"d":"26.04%"},{"$nulls":4},{"v":13361.51,"d":"13,361.51"},0]
["S",3,"S",0,16,3,2,0,1,0,0,"F","Serviço","Serviço","16.3.2.0.1.","SABESP","70040013","ESCORAMENTO METÁLICO-MADEIRA COM LONGARINAS E ESTRONCAS - PROFUNDIDADE ATÉ 4,00 M (A)","M2",35.84,295.79,"BDI 1",372.81,{"v":13361.51,"d":"13,361.51"},"RA","RA",5344.604,0,"","","SABESP 70040013",20014,295.79,{"v":0.2604,"d":"26.04%"},null,35.84,null,null,{"v":13361.51,"d":"13,361.51"},372.81]
[2,2,2,3,16,4,0,0,0,52,3,"F","Nível 2","Nível 2","16.4.","SINAPI",null,"Esgotamentos","-",0,0,"BDI 1",0,{"v":286.4,"d":"286.40"},"RA","",114.56,0,"",153,false,"(Sem Código)",0,{"v":0.2604,"d":"26.04%"},{"$nulls":4},{"v":286.4,"d":"286.40"},0]
[3,3,3,2,16,4,1,0,0,2,5,"F","Nível 3","Nível 3","16.4.1.","SINAPI",null,"Águas superficiais","-",0,0,"BDI 1",0,{"v":286.4,"d":"286.40"},"RA","",114.56,0,"","",false,"(Sem Código)",0,{"v":0.2604,"d":"26.04%"},{"$nulls":4},{"v":286.4,"d":"286.40"},0]
["S",3,"S",0,16,4,1,0,1,0,0,"F","Serviço","Serviço","16.4.1.0.1.","SABESP",70050001,"ESGOTAMENTO COM BOMBAS DE SUPERFÍCIE OU SUBMERSAS","HPH",{"v":80,"d":"80.00"},2.84,"BDI 1",3.58,{"v":286.4,"d":"286.40"},"RA","RA",114.56,0,"","","SABESP 70050001",20039,2.84,{"v":0.2604,"d":"26.04%"},null,{"v":80,"d":"80.00"},null,null,{"v":286.4,"d":"286.40"},3.58]
[2,2,2,13,16,5,0,0,0,49,13,"F","Nível 2","Nível 2","16.5.","SINAPI",null,"Fundações e Estruturas","-",0,0,"BDI 1",0,{"v":6615.92,"d":"6,615.92"},"RA","",2646.3680000000004,0,"",154,false,"(Sem Código)",0,{"v":0.2604,"d":"26.04%"},{"$nulls":4},{"v":6615.92,"d":"6,615.92"},0]
[3,3,3,2,16,5,1,0,0,12,2,"F","Nível 3","Nível 3","16.5.1.","SINAPI",null,"Lastros","-",0,0,"BDI 1",0,38.07,"RA","",15.228000000000002,0,"","",false,"(Sem Código)",0,{"v":0.2604,"d":"26.04%"},{"$nulls":4},38.07,0]
["S",3,"S",0,16,5,1,0,1,0,0,"F","Serviço","Serviço","16.5.1.0.1.","SABESP",70070046,"LASTRO DE PEDRA BRITADA (A)","M3",{"v":0.2,"d":"0.20"},151.01,"BDI 1",190.33,38.07,"RA","RA",15.228000000000002,0,"","","SABESP 70070046",20138,151.01,{"v":0.2604,"d":"26.04%"},null,{"v":0.2,"d":"0.20"},null,null,38.07,190.33]
[3,3,3,2,16,5,2,0,0,10,2,"F","Nível 3","Nível 3","16.5.2.","SINAPI",null,"Formas para concreto","-",0,0,"BDI 1",0,{"v":1084.19,"d":"1,084.19"},"RA","",433.67600000000004,0,"","",false,"(Sem Código)",0,{"v":0.2604,"d":"26.04%"},{"$nulls":4},{"v":1084.19,"d":"1,084.19"},0]
["S",3,"S",0,16,5,2,0,1,0,0,"F","Serviço","Serviço","16.5.2.0.1.","CDHU","09.02.020","Forma plana em compensado para estrutura convencional","M2",4.32,199.12,"BDI 1",250.97,{"v":1084.19,"d":"1,084.19"},"RA","RA",433.67600000000004,0,"","","CDHU 09.02.020",16302,199.12,{"v":0.2604,"d":"26.04%"},null,4.32,null,null,{"v":1084.19,"d":"1,084.19"},250.97]
[3,3,3,2,16,5,3,0,0,8,2,"F","Nível 3","Nível 3","16.5.3.","SINAPI",null,"Aços para Concreto","-",0,0,"BDI 1",0,{"v":4150.14,"d":"4,150.14"},"RA","",1660.0560000000003,0,"","",false,"(Sem Código)",0,{"v":0.2604,"d":"26.04%"},{"$nulls":4},{"v":4150.14,"d":"4,150.14"},0]
["S",3,"S",0,16,5,3,0,1,0,0,"F","Serviço","Serviço","16.5.3.0.1.","SABESP",70070135,"ARMAÇÃO EM AÇO CA-50","KG",248.66,13.24,"BDI 1",16.69,{"v":4150.14,"d":"4,150.14"},"RA","RA",1660.0560000000003,0,"","","SABESP 70070135",20232,13.24,{"v":0.2604,"d":"26.04%"},null,{"v":248.65999999999997,"d":"248.66"},null,null,{"v":4150.14,"d":"4,150.14"},16.69]
[3,3,3,2,16,5,4,0,0,6,2,"F","Nível 3","Nível 3","16.5.4.","SINAPI",null,"Concreto não estrutural","-",0,0,"BDI 1",0,147.66,"RA","",59.064,0,"","",false,"(Sem Código)",0,{"v":0.2604,"d":"26.04%"},{"$nulls":4},147.66,0]
["S",3,"S",0,16,5,4,0,1,0,0,"F","Serviço","Serviço","16.5.4.0.1.","SABESP",70070142,"CONCRETO NÃO ESTRUTURAL - MÍNIMO 150 KG DE CIMENTO/M³","M3",{"v":0.2,"d":"0.20"},585.78,"BDI 1",738.32,147.66,"RA","RA",59.064,0,"","","SABESP 70070142",20236,585.78,{"v":0.2604,"d":"26.04%"},null,{"v":0.2,"d":"0.20"},null,null,147.66,738.32]
[3,3,3,2,16,5,5,0,0,4,2,"F","Nível 3","Nível 3","16.5.5.","SINAPI",null,"Concreto Estrutural para estruturas não sujeitas ao contato com água e esgoto","-",0,0,"BDI 1",0,{"v":1025.06,"d":"1,025.06"},"RA","",410.024,0,"","",false,"(Sem Código)",0,{"v":0.2604,"d":"26.04%"},{"$nulls":4},{"v":1025.06,"d":"1,025.06"},0]
["S",3,"S",0,16,5,5,0,1,0,0,"F","Serviço","Serviço","16.5.5.0.1.","SABESP",70070146,"CONCRETO ESTRUTURAL PARA ESTRUTURAS NÃO SUJEITAS A CONTATO COM ÁGUA E ESGOTO, FCK = 30,0 MPA","M3",1.26,645.46,"BDI 1",813.54,{"v":1025.06,"d":"1,025.06"},"RA","RA",410.024,0,"","","SABESP 70070146",20242,645.46,{"v":0.2604,"d":"26.04%"},null,1.26,null,null,{"v":1025.06,"d":"1,025.06"},813.54]
[3,3,3,2,16,5,6,0,0,2,181,"F","Nível 3","Nível 3","16.5.6.","SINAPI",null,"Dispositivos especiais e estruturas acessórias","-",0,0,"BDI 1",0,{"v":170.8,"d":"170.80"},"RA","",68.32000000000001,0,"","",false,"(Sem Código)",0,{"v":0.2604,"d":"26.04%"},{"$nulls":4},{"v":170.8,"d":"170.80"},0]
["S",3,"S",0,16,5,6,0,1,0,0,"F","Serviço","Serviço","16.5.6.0.1.","SABESP",70070230,"ASSENTAMENTO DE TAMPÃO DE FERRO FUNDIDO, DN 600 MM","un",{"v":1,"d":"1.00"},135.51,"BDI 1",{"v":170.8,"d":"170.80"},{"v":170.8,"d":"170.80"},"RA","RA",68.32000000000001,0,"","","SABESP 70070230",20346,135.51,{"v":0.2604,"d":"26.04%"},null,{"v":1,"d":"1.00"},null,null,{"v":170.8,"d":"170.80"},{"v":170.8,"d":"170.80"}]
[2,2,2,3,16,6,0,0,0,36,3,"F","Nível 2","Nível 2","16.6.","SINAPI",null,"Fechamento","-",0,0,"BDI 1",0,{"v":2453.65,"d":"2,453.65"},"RA","",981.46,0,"",155,false,"(Sem Código)",0,{"v":0.2604,"d":"26.04%"},{"$nulls":4},{"v":2453.65,"d":"2,453.65"},0]
[3,3,3,2,16,6,1,0,0,2,6,"F","Nível 3","Nível 3","16.6.1.","SINAPI",null,"Alvenaria","-",0,0,"BDI 1",0,{"v":2453.65,"d":"2,453.65"},"RA","",981.46,0,"","",false,"(Sem Código)",0,{"v":0.2604,"d":"26.04%"},{"$nulls":4},{"v":2453.65,"d":"2,453.65"},0]
["S",3,"S",0,16,6,1,0,1,0,0,"F","Serviço","Serviço","16.6.1.0.1.","CDHU","14.11.271","Alvenaria de bloco de concreto estrutural 19 cm - classe A","M2",12.32,158.01,"BDI 1",199.16,{"v":2453.65,"d":"2,453.65"},"RA","RA",981.46,0,"","","CDHU 14.11.271",16507,158.01,{"v":0.2604,"d":"26.04%"},null,12.32,null,null,{"v":2453.65,"d":"2,453.65"},199.16]
[2,2,2,6,16,7,0,0,0,33,6,"F","Nível 2","Nível 2","16.7.","SINAPI",null,"Revestimento e tratamento de superfície","-",0,0,"BDI 1",0,{"v":2771.29,"d":"2,771.29"},"RA","",1108.516,0,"",156,false,"(Sem Código)",0,{"v":0.2604,"d":"26.04%"},{"$nulls":4},{"v":2771.29,"d":"2,771.29"},0]
[3,3,3,3,16,7,1,0,0,5,3,"F","Nível 3","Nível 3","16.7.1.","SINAPI",null,"Pisos, tetos e paredes","-",0,0,"BDI 1",0,{"v":1348.71,"d":"1,348.71"},"RA","",539.484,0,"","",false,"(Sem Código)",0,{"v":0.2604,"d":"26.04%"},{"$nulls":4},{"v":1348.71,"d":"1,348.71"},0]
["S",3,"S",0,16,7,1,0,1,0,0,"F","Serviço","Serviço","16.7.1.0.1.","CDHU","17.02.120","Emboço comum","M2",28.52,23.68,"BDI 1",29.85,851.32,"RA","RA",340.528,0,"","","CDHU 17.02.120",16670,23.68,{"v":0.2604,"d":"26.04%"},null,28.52,null,null,851.32,29.85]
["S",3,"S",0,16,7,1,0,2,0,0,"F","Serviço","Serviço","16.7.1.0.2.","CDHU","17.02.220","Reboco","M2",28.52,13.84,"BDI 1",17.44,497.39,"RA","RA",198.95600000000002,0,"","","CDHU 17.02.220",16673,13.84,{"v":0.2604,"d":"26.04%"},null,28.52,null,null,497.39,17.44]
[3,3,3,2,16,7,2,0,0,2,53,"F","Nível 3","Nível 3","16.7.2.","SINAPI",null,"Impermeabilização","-",0,0,"BDI 1",0,{"v":1422.58,"d":"1,422.58"},"RA","",569.032,0,"","",false,"(Sem Código)",0,{"v":0.2604,"d":"26.04%"},{"$nulls":4},{"v":1422.58,"d":"1,422.58"},0]
["S",3,"S",0,16,7,2,0,1,0,0,"F","Serviço","Serviço","16.7.2.0.1.","SABESP",70120026,"IMPERMEABILIZAÇÃO BETUMINOSA","M2",58.47,{"v":19.3,"d":"19.30"},"BDI 1",24.33,{"v":1422.58,"d":"1,422.58"},"RA","RA",569.032,0,"","","SABESP 70120026",21049,{"v":19.3,"d":"19.30"},{"v":0.2604,"d":"26.04%"},null,58.47,null,null,{"v":1422.58,"d":"1,422.58"},24.33]
[2,2,2,27,16,8,0,0,0,27,90,"F","Nível 2","Nível 2","16.8.","SINAPI",null,"Fornecimento de materiais e equipamentos","-",0,0,"BDI 1",0,{"v":10585.29,"d":"10,585.29"},"RA","",4234.116,0,"",157,false,"(Sem Código)",0,{"v":0.2604,"d":"26.04%"},{"$nulls":4},{"v":10585.29,"d":"10,585.29"},0]
[3,3,3,15,16,8,1,0,0,26,15,"F","Nível 3","Nível 3","16.8.1.","SINAPI",null,"Hidráulicos e hidromecânicos","-",0,0,"BDI 1",0,{"v":8633.85,"d":"8,633.85"},"RA","",3453.54,0,"","",false,"(Sem Código)",0,{"v":0.2604,"d":"26.04%"},{"$nulls":4},{"v":8633.85,"d":"8,633.85"},0]
[4,4,4,4,16,8,1,1,0,14,4,"F","Nível 4","Nível 4","16.8.1.1.","SINAPI",null,"Tubulação de ferro fundido","-",0,0,"BDI 1",0,{"v":4194.48,"d":"4,194.48"},"RA","",1677.792,0,"","",false,"(Sem Código)",0,{"v":0.2604,"d":"26.04%"},{"$nulls":4},{"v":4194.48,"d":"4,194.48"},0]
["S",4,"S",0,16,8,1,1,1,0,0,"F","Serviço","Serviço","16.8.1.1.1.","SABESP-I","HM07021","TUBO C/FLANGES PN10/16/25 FERRO FUNDIDO DN=80 MM L=1.000 MM (21,90 KG) PINTURA EPÓXI VERMELHA, ACESSÓRIOS NÃO INCLUSOS NBR 15420 ESGOTO","un",{"v":1,"d":"1.00"},{"v":1701.51,"d":"1,701.51"},"BDI 2",{"v":1895.48,"d":"1,895.48"},{"v":1895.48,"d":"1,895.48"},"RA","RA",758.192,0,"","","SABESP-I HM07021",27139,{"v":1701.51,"d":"1,701.51"},{"v":0.114,"d":"11.40%"},null,{"v":1,"d":"1.00"},null,null,{"v":1895.48,"d":"1,895.48"},{"v":1895.48,"d":"1,895.48"}]
["S",4,"S",0,16,8,1,1,2,0,0,"F","Serviço","Serviço","16.8.1.1.2.","SABESP-I","HM07021","TUBO C/FLANGES PN10/16/25 FERRO FUNDIDO DN=80 MM L=1.000 MM (21,90 KG) PINTURA EPÓXI VERMELHA, ACESSÓRIOS NÃO INCLUSOS NBR 15420 ESGOTO","un",{"v":1,"d":"1.00"},{"v":1701.51,"d":"1,701.51"},"BDI 2",{"v":1895.48,"d":"1,895.48"},{"v":1895.48,"d":"1,895.48"},"RA","RA",758.192,0,"","","SABESP-I HM07021",27139,{"v":1701.51,"d":"1,701.51"},{"v":0.114,"d":"11.40%"},null,{"v":1,"d":"1.00"},null,null,{"v":1895.48,"d":"1,895.48"},{"v":1895.48,"d":"1,895.48"}]
["S",4,"S",0,16,8,1,1,3,0,0,"F","Serviço","Serviço","16.8.1.1.3.","SABESP-I","HM01304","ACESSÓRIOS PARA FLANGE DN=80 PN10 AÇO GALV D=5/8\" X L=2 3/4\" 8 CJ (PARAFUSO, PORCA E ARRUELA) NORMA 0100-400-E027 FL3/3","un",{"v":4,"d":"4.00"},90.56,"BDI 2",100.88,403.52,"RA","RA",161.40800000000002,0,"","","SABESP-I HM01304",25006,90.56,{"v":0.114,"d":"11.40%"},null,{"v":4,"d":"4.00"},null,null,403.52,100.88]
[4,4,4,4,16,8,1,2,0,10,4,"F","Nível 4","Nível 4","16.8.1.2.","SINAPI",null,"Conexões de ferro fundido","-",0,0,"BDI 1",0,{"v":2864.3,"d":"2,864.30"},"RA","",1145.72,0,"","",false,"(Sem Código)",0,{"v":0.2604,"d":"26.04%"},{"$nulls":4},{"v":2864.3,"d":"2,864.30"},0]
["S",4,"S",0,16,8,1,2,1,0,0,"F","Serviço","Serviço","16.8.1.2.1.","SABESP-I","HM06581","TÊ C/BOLSAS JE2GS E FLANGE PN10/16/25 FERRO FUNDIDO DN=200X50 MM (25,60 KG) PINTURA BETUMINOSA, ACESSÓRIOS NÃO INCLUSOS NBR 7675 ÁGUA","un",{"v":1,"d":"1.00"},833.42,"BDI 2",928.43,928.43,"RA","RA",371.372,0,"","","SABESP-I HM06581",26042,833.42,{"v":0.114,"d":"11.40%"},null,{"v":1,"d":"1.00"},null,null,928.43,928.43]
["S",4,"S",0,16,8,1,2,2,0,0,"F","Serviço","Serviço","16.8.1.2.2.","SABESP-I","HM06243","CURVA 22º30' COM FLANGES PN10/16/25 FERRO FUNDIDO DN=80 MM (13,00 KG) PINTURA EPÓXI VERMELHA, ACESSÓRIOS NÃO INCLUSOS NBR 15420 ESGOTO","un",{"v":1,"d":"1.00"},282.77,"BDI 2",315.01,315.01,"RA","RA",126.004,0,"","","SABESP-I HM06243",26206,282.77,{"v":0.114,"d":"11.40%"},null,{"v":1,"d":"1.00"},null,null,315.01,315.01]
["S",4,"S",0,16,8,1,2,3,0,0,"F","Serviço","Serviço","16.8.1.2.3.","SABESP-I","HM06361","HASTE DE PROLONGAMENTO C/QUADRADO E BOCA DE CHAVE FERRO TREFILADO D=1.1/8\" X L=5 M (5 KG/M) PINTURA EPÓXI AZUL P/MANOBRA DE VÁLVULAS","un",{"v":1,"d":"1.00"},{"v":1454.99,"d":"1,454.99"},"BDI 2",{"v":1620.86,"d":"1,620.86"},{"v":1620.86,"d":"1,620.86"},"RA","RA",648.344,0,"","","SABESP-I HM06361",25701,{"v":1454.99,"d":"1,454.99"},{"v":0.114,"d":"11.40%"},null,{"v":1,"d":"1.00"},null,null,{"v":1620.86,"d":"1,620.86"},{"v":1620.86,"d":"1,620.86"}]
[4,4,4,3,16,8,1,3,0,6,3,"F","Nível 4","Nível 4","16.8.1.3.","SINAPI",null,"Válvulas e registros","-",0,0,"BDI 1",0,953.73,"RA","",381.492,0,"","",false,"(Sem Código)",0,{"v":0.2604,"d":"26.04%"},{"$nulls":4},953.73,0]
["S",4,"S",0,16,8,1,3,1,0,0,"F","Serviço","Serviço","16.8.1.3.1.","SABESP-I","HM04207","VÁLVULA GAVETA C/FLANGES PN10/16 FERRO FUNDIDO DN=50 MM * (11,00 KG), ACION. VOLANTE, CUNHA DE BORRACHA, MÉTRICA CHATA, PINTURA EPÓXI EM PÓ NBR 14968\nÁGUA/ESGOTO","un",{"v":1,"d":"1.00"},379.83,"BDI 2",423.13,423.13,"RA","RA",169.252,0,"","","SABESP-I HM04207",27292,379.83,{"v":0.114,"d":"11.40%"},null,{"v":1,"d":"1.00"},null,null,423.13,423.13]
["S",4,"S",0,16,8,1,3,2,0,0,"F","Serviço","Serviço","16.8.1.3.2.","SABESP","70140057","VÁLVULA GAVETA FOFO ATÉ DN200 MM - MONTAGEM","un",{"v":1,"d":"1.00"},420.98,"BDI 1",{"v":530.6,"d":"530.60"},{"v":530.6,"d":"530.60"},"RA","RA",212.24,0,"","","SABESP 70140057",21348,420.98,{"v":0.2604,"d":"26.04%"},null,{"v":1,"d":"1.00"},null,null,{"v":530.6,"d":"530.60"},{"v":530.6,"d":"530.60"}]
[4,4,4,3,16,8,1,4,0,3,101,"F","Nível 4","Nível 4","16.8.1.4.","SINAPI",null,"Tampões","-",0,0,"BDI 1",0,621.34,"RA","",248.536,0,"","",false,"(Sem Código)",0,{"v":0.2604,"d":"26.04%"},{"$nulls":4},621.34,0]
["S",4,"S",0,16,8,1,4,1,0,0,"F","Serviço","Serviço","16.8.1.4.1.","SABESP-I","HM01428","TAMPÃO ARTICULADO FERRO FUNDIDO DN 600 MM COM ARO NTS 033","un",{"v":1,"d":"1.00"},473.19,"BDI 2",527.13,527.13,"RA","RA",210.852,0,"","","SABESP-I HM01428",26565,473.19,{"v":0.114,"d":"11.40%"},null,{"v":1,"d":"1.00"},null,null,527.13,527.13]
["S",4,"S",0,16,8,1,4,2,0,0,"F","Serviço","Serviço","16.8.1.4.2.","SABESP-I","HM01366","CAIXA TIPO T-5 FERRO FUNDIDO DN 100 MM COM TAMPA ARTICULADA PARA VÁLVULA NTS 033","un",{"v":1,"d":"1.00"},84.57,"BDI 2",94.21,94.21,"RA","RA",37.684,0,"","","SABESP-I HM01366",26564,84.57,{"v":0.114,"d":"11.40%"},null,{"v":1,"d":"1.00"},null,null,94.21,94.21]
[3,3,3,11,16,8,2,0,0,11,35,"F","Nível 3","Nível 3","16.8.2.","SINAPI",null,"Pavimentação","-",0,null,"BDI 1",0,{"v":1951.44,"d":"1,951.44"},"RA","",780.576,0,"","",false,"(Sem Código)",0,{"v":0.2604,"d":"26.04%"},{"$nulls":4},{"v":1951.44,"d":"1,951.44"},0]
[4,4,4,4,16,8,2,1,0,10,4,"F","Nível 4","Nível 4","16.8.2.1.","SINAPI",null,"Corte de pavimento asfáltico","-",0,null,"BDI 1",0,524.94,"RA","",209.976,0,"","",false,"(Sem Código)",0,{"v":0.2604,"d":"26.04%"},{"$nulls":4},524.94,0]
["S",4,"S",0,16,8,2,1,1,0,0,"F","Serviço","Serviço","16.8.2.1.1.","Composição","0001","CORTE EM PAVIMENTO DE ASFALTO / CONCRETO COM MÁQUINA E DISCO DIAMANTADO","M",{"v":9.6,"d":"9.60"},10.76,"BDI 1",13.56,130.18,"RA","RA",52.072,0,"","","Composição 0001",3,10.76,{"v":0.2604,"d":"26.04%"},null,{"v":9.6,"d":"9.60"},null,null,130.18,13.56]
["S",4,"S",0,16,8,2,1,2,0,0,"F","Serviço","Serviço","16.8.2.1.2.","Composição","0028","Demolição de asfalto c/ martelete - SEDOP 021525","M2",7.68,14.65,"BDI 1",18.46,141.77,"RA","RA",56.708000000000006,0,"","","Composição 0028",30,14.65,{"v":0.2604,"d":"26.04%"},null,7.68,null,null,141.77,18.46]
["S",4,"S",0,16,8,2,1,3,0,0,"F","Serviço","Serviço","16.8.2.1.3.","SABESP","70190145","REMOÇÃO ENTULHO INCLUSIVE A CARGA, TRANSPORTE E DESCARGA EM BOTA FORA A QQ DISTÂNCIA","M3",1.54,130.34,"BDI 1",164.28,252.99,"RA","RA",101.19600000000001,0,"","","SABESP 70190145",22150,130.34,{"v":0.2604,"d":"26.04%"},null,1.54,null,null,252.99,164.28]
[4,4,4,6,16,8,2,2,0,6,88,"F","Nível 4","Nível 4","16.8.2.2.","SINAPI",null,"Recomposição da pavimentação asfáltica","-",0,null,"BDI 1",0,{"v":1426.5,"d":"1,426.50"},"RA","",570.6,0,"","",false,"(Sem Código)",0,{"v":0.2604,"d":"26.04%"},{"$nulls":4},{"v":1426.5,"d":"1,426.50"},0]
["S",4,"S",0,16,8,2,2,1,0,0,"F","Serviço","Serviço","16.8.2.2.1.","CDHU","54.01.220","Base de bica corrida","M3",0.76,232.84,"BDI 1",293.47,223.04,"RA","RA",89.21600000000001,0,"","","CDHU 54.01.220",19402,232.84,{"v":0.2604,"d":"26.04%"},null,0.76,null,null,223.04,293.47]
["S",4,"S",0,16,8,2,2,2,0,0,"F","Serviço","Serviço","16.8.2.2.2.","CDHU","54.03.230","Imprimação betuminosa ligante","M2",7.68,6.49,"BDI 1",8.18,62.82,"RA","RA",25.128,0,"","","CDHU 54.03.230",19413,6.49,{"v":0.2604,"d":"26.04%"},null,7.68,null,null,62.82,8.18]
["S",4,"S",0,16,8,2,2,3,0,0,"F","Serviço","Serviço","16.8.2.2.3.","CDHU","54.03.240","Imprimação betuminosa impermeabilizante","M2",7.68,13.09,"BDI 1",{"v":16.5,"d":"16.50"},126.72,"RA","RA",50.688,0,"","","CDHU 54.03.240",19414,13.09,{"v":0.2604,"d":"26.04%"},null,7.68,null,null,126.72,{"v":16.5,"d":"16.50"}]
["S",4,"S",0,16,8,2,2,4,0,0,"F","Serviço","Serviço","16.8.2.2.4.","SINAPI","95876","TRANSPORTE COM CAMINHÃO BASCULANTE DE 14 M³, EM VIA URBANA PAVIMENTADA, DMT ATÉ 30 KM (UNIDADE: M3XKM). AF_07/2020","M3XKM",6.51,2.28,"BDI 1",2.87,18.68,"RA","RA",7.472,0,"","","SINAPI 95876",15330,2.28,{"v":0.2604,"d":"26.04%"},null,6.51,null,null,18.68,2.87]
["S",4,"S",0,16,8,2,2,5,0,0,"F","Serviço","Serviço","16.8.2.2.5.","SINAPI","102098","RECOMPOSIÇÃO DE REVESTIMENTO EM CONCRETO ASFÁLTICO (AQUISIÇÃO EM USINA), PARA O FECHAMENTO DE VALAS - INCLUSO DEMOLIÇÃO DO PAVIMENTO. AF_12/2020","M3",0.39,{"v":2024.68,"d":"2,024.68"},"BDI 1",{"v":2551.91,"d":"2,551.91"},995.24,"RA","RA",398.096,0,"","","SINAPI 102098",14540,{"v":2024.68,"d":"2,024.68"},{"v":0.2604,"d":"26.04%"},null,0.39,null,null,995.24,{"v":2551.91,"d":"2,551.91"}]
[1,1,1,98,17,0,0,0,0,526,98,"F","Meta","Meta","17.","SINAPI",null,"ETE - TRATAMENTO PRELIMINAR","-",0,0,"BDI 1",0,{"v":464793.5,"d":"464,793.50"},"RA","",185917.40000000005,0,"",158,false,"(Sem Código)",0,{"v":0.2604,"d":"26.04%"},{"$nulls":4},{"v":464793.5,"d":"464,793.50"},0]
[2,2,2,7,17,1,0,0,0,97,7,"F","Nível 2","Nível 2","17.1.","SINAPI",null,"Canteiro de Obras","-",0,0,"BDI 1",0,{"v":80933.92,"d":"80,933.92"},"RA","",32373.568000000007,0,"",159,false,"(Sem Código)",0,{"v":0.2604,"d":"26.04%"},{"$nulls":4},{"v":80933.92,"d":"80,933.92"},0]
["S",2,"S",0,17,1,0,0,1,0,0,"F","Serviço","Serviço","17.1.0.0.1.","SINAPI-I","10775","LOCACAO DE CONTAINER 2,30 X 6,00 M, ALT. 2,50 M, COM 1 SANITARIO, PARA ESCRITORIO, COMPLETO, SEM DIVISORIAS INTERNAS (NAO INCLUI MOBILIZACAO/DESMOBILIZACAO)","MES",{"v":24,"d":"24.00"},{"v":847.5,"d":"847.50"},"BDI 1",{"v":1068.19,"d":"1,068.19"},{"v":25636.56,"d":"25,636.56"},"RA","RA",10254.624000000002,0,"","","SINAPI-I 10775",2675,{"v":847.5,"d":"847.50"},{"v":0.2604,"d":"26.04%"},null,{"v":24,"d":"24.00"},null,null,{"v":25636.56,"d":"25,636.56"},{"v":1068.19,"d":"1,068.19"}]
["S",2,"S",0,17,1,0,0,2,0,0,"F","Serviço","Serviço","17.1.0.0.2.","SINAPI-I","10776","LOCACAO DE CONTAINER 2,30 X 6,00 M, ALT. 2,50 M, PARA ESCRITORIO, SEM DIVISORIAS INTERNAS E SEM SANITARIO (NAO INCLUI MOBILIZACAO/DESMOBILIZACAO)","MES",{"v":24,"d":"24.00"},{"v":662.1,"d":"662.10"},"BDI 1",834.51,{"v":20028.24,"d":"20,028.24"},"RA","RA",8011.296000000001,0,"","","SINAPI-I 10776",2676,{"v":662.1,"d":"662.10"},{"v":0.2604,"d":"26.04%"},null,{"v":24,"d":"24.00"},null,null,{"v":20028.24,"d":"20,028.24"},834.51]
["S",2,"S",0,17,1,0,0,3,0,0,"F","Serviço","Serviço","17.1.0.0.3.","SINAPI-I","10777","LOCACAO DE CONTAINER 2,30 X 4,30 M, ALT. 2,50 M, PARA SANITARIO, COM 3 BACIAS, 4 CHUVEIROS, 1 LAVATORIO E 1 MICTORIO (NAO INCLUI MOBILIZACAO/DESMOBILIZACAO)","MES",{"v":24,"d":"24.00"},962.26,"BDI 1",{"v":1212.83,"d":"1,212.83"},{"v":29107.92,"d":"29,107.92"},"RA","RA",11643.168,0,"","","SINAPI-I 10777",2674,962.26,{"v":0.2604,"d":"26.04%"},null,{"v":24,"d":"24.00"},null,null,{"v":29107.92,"d":"29,107.92"},{"v":1212.83,"d":"1,212.83"}]
["S",2,"S",0,17,1,0,0,4,0,0,"F","Serviço","Serviço","17.1.0.0.4.","CDHU","15.01.330","Estrutura em terças para telhas perfil trapezoidal","M2",{"v":36.9,"d":"36.90"},22.23,"BDI 1",28.02,{"v":1033.94,"d":"1,033.94"},"RA","RA",413.576,0,"","","CDHU 15.01.330",16570,22.23,{"v":0.2604,"d":"26.04%"},null,{"v":36.9,"d":"36.90"},null,null,{"v":1033.94,"d":"1,033.94"},28.02]
["S",2,"S",0,17,1,0,0,5,0,0,"F","Serviço","Serviço","17.1.0.0.5.","CDHU","16.12.060","Telhamento em chapa de aço pré-pintada com epóxi e poliéster, perfil trapezoidal, com espessura de 0,50 mm e altura de 40 mm","M2",{"v":36.9,"d":"36.90"},{"v":103.6,"d":"103.60"},"BDI 1",130.58,{"v":4818.4,"d":"4,818.40"},"RA","RA",1927.36,0,"","","CDHU 16.12.060",16617,{"v":103.6,"d":"103.60"},{"v":0.2604,"d":"26.04%"},null,{"v":36.9,"d":"36.90"},null,null,{"v":4818.4,"d":"4,818.40"},130.58]
["S",2,"S",0,17,1,0,0,6,0,0,"F","Serviço","Serviço","17.1.0.0.6.","SABESP","70070054","LASTRO DE PEDRA BRITADA (C)","M3",1.85,132.46,"BDI 1",166.95,308.86,"RA","RA",123.54400000000001,0,"","","SABESP 70070054",20140,132.46,{"v":0.2604,"d":"26.04%"},null,1.85,null,null,308.86,166.95]
[2,2,2,6,17,2,0,0,0,90,6,"F","Nível 2","Nível 2","17.2.","SINAPI",null,"Serviços Técnicos","-",0,0,"BDI 1",0,{"v":3124.76,"d":"3,124.76"},"RA","",1249.904,0,"",160,false,"(Sem Código)",0,{"v":0.2604,"d":"26.04%"},{"$nulls":4},{"v":3124.76,"d":"3,124.76"},0]
[3,3,3,5,17,2,1,0,0,5,13,"F","Nível 3","Nível 3","17.2.1.","SINAPI",null,"Locação e Cadastro","-",0,0,"BDI 1",0,{"v":3124.76,"d":"3,124.76"},"RA","",1249.904,0,"","",false,"(Sem Código)",0,{"v":0.2604,"d":"26.04%"},{"$nulls":4},{"v":3124.76,"d":"3,124.76"},0]
["S",3,"S",0,17,2,1,0,1,0,0,"F","Serviço","Serviço","17.2.1.0.1.","SABESP",70010002,"LOCAÇÃO DE REDES DE ESGOTOS (ATÉ DIÂM. 500 MM)","M",{"v":6,"d":"6.00"},1.09,"BDI 1",1.37,8.22,"RA","RA",3.2880000000000003,0,"","","SABESP 70010002",19841,1.09,{"v":0.2604,"d":"26.04%"},null,{"v":6,"d":"6.00"},null,null,8.22,1.37]
["S",3,"S",0,17,2,1,0,2,0,0,"F","Serviço","Serviço","17.2.1.0.2.","SABESP",70010005,"CADASTRO DE REDES","M",{"v":6,"d":"6.00"},1.67,"BDI 1",{"v":2.1,"d":"2.10"},{"v":12.6,"d":"12.60"},"RA","RA",5.04,0,"","","SABESP 70010005",19835,1.67,{"v":0.2604,"d":"26.04%"},null,{"v":6,"d":"6.00"},null,null,{"v":12.6,"d":"12.60"},{"v":2.1,"d":"2.10"}]
["S",3,"S",0,17,2,1,0,3,0,0,"F","Serviço","Serviço","17.2.1.0.3.","SABESP",70010008,"LOCAÇÃO DE OBRAS LOCALIZADAS","EQD",{"v":1,"d":"1.00"},{"v":1076.44,"d":"1,076.44"},"BDI 1",{"v":1356.74,"d":"1,356.74"},{"v":1356.74,"d":"1,356.74"},"RA","RA",542.696,0,"","","SABESP 70010008",19840,{"v":1076.44,"d":"1,076.44"},{"v":0.2604,"d":"26.04%"},null,{"v":1,"d":"1.00"},null,null,{"v":1356.74,"d":"1,356.74"},{"v":1356.74,"d":"1,356.74"}]
["S",3,"S",0,17,2,1,0,4,0,0,"F","Serviço","Serviço","17.2.1.0.4.","SABESP",70010009,"CADASTRO DE OBRAS LOCALIZADAS","EQD",{"v":1,"d":"1.00"},{"v":1386.23,"d":"1,386.23"},"BDI 1",{"v":1747.2,"d":"1,747.20"},{"v":1747.2,"d":"1,747.20"},"RA","RA",698.8800000000001,0,"","","SABESP 70010009",19834,{"v":1386.23,"d":"1,386.23"},{"v":0.2604,"d":"26.04%"},null,{"v":1,"d":"1.00"},null,null,{"v":1747.2,"d":"1,747.20"},{"v":1747.2,"d":"1,747.20"}]
[2,2,2,4,17,3,0,0,0,84,4,"F","Nível 2","Nível 2","17.3.","SINAPI",null,"Serviços Preliminares","-",0,0,"BDI 1",0,{"v":4914.1,"d":"4,914.10"},"RA","",1965.6399999999999,0,"",161,false,"(Sem Código)",0,{"v":0.2604,"d":"26.04%"},{"$nulls":4},{"v":4914.1,"d":"4,914.10"},0]
[3,3,3,3,17,3,1,0,0,3,7,"F","Nível 3","Nível 3","17.3.1.","SINAPI",null,"Trânsito e Segurança","-",0,0,"BDI 1",0,{"v":4914.1,"d":"4,914.10"},"RA","",1965.6399999999999,0,"","",false,"(Sem Código)",0,{"v":0.2604,"d":"26.04%"},{"$nulls":4},{"v":4914.1,"d":"4,914.10"},0]
["S",3,"S",0,17,3,1,0,1,0,0,"F","Serviço","Serviço","17.3.1.0.1.","SINAPI","103689","FORNECIMENTO E INSTALAÇÃO DE PLACA DE OBRA COM CHAPA GALVANIZADA E ESTRUTURA DE MADEIRA. AF_03/2022_PS","M2",{"v":8,"d":"8.00"},470.89,"BDI 1",593.51,{"v":4748.08,"d":"4,748.08"},"RA","RA",1899.232,0,"","","SINAPI 103689",14829,470.89,{"v":0.2604,"d":"26.04%"},null,{"v":8,"d":"8.00"},null,null,{"v":4748.08,"d":"4,748.08"},593.51]
["S",3,"S",0,17,3,1,0,2,0,0,"F","Serviço","Serviço","17.3.1.0.2.","SABESP",70190002,"PROTEÇÃO COM TELA DE NYLON","M2",8.58,15.35,"BDI 1",19.35,166.02,"RA","RA",66.408,0,"","","SABESP 70190002",21999,15.35,{"v":0.2604,"d":"26.04%"},null,8.58,null,null,166.02,19.35]
[2,2,2,10,17,4,0,0,0,80,10,"F","Nível 2","Nível 2","17.4.","SINAPI",null,"Movimento de Terra","-",0,0,"BDI 1",0,{"v":18518.57,"d":"18,518.57"},"RA","",7407.428000000001,0,"",162,false,"(Sem Código)",0,{"v":0.2604,"d":"26.04%"},{"$nulls":4},{"v":18518.57,"d":"18,518.57"},0]
[3,3,3,3,17,4,1,0,0,9,3,"F","Nível 3","Nível 3","17.4.1.","SINAPI",null,"Escavação mecânica, qualquer terreno exceto rocha, de poços e cavas","-",0,0,"BDI 1",0,{"v":7799.18,"d":"7,799.18"},"RA","",3119.672,0,"","",false,"(Sem Código)",0,{"v":0.2604,"d":"26.04%"},{"$nulls":4},{"v":7799.18,"d":"7,799.18"},0]
["S",3,"S",0,17,4,1,0,1,0,0,"F","Serviço","Serviço","17.4.1.0.1.","SABESP",70030002,"ESCAVAÇÃO MECANIZADA DE POÇOS E CAVAS, EM SOLO NÃO ROCHOSO, C/PROF. ATÉ 2,00 M (A)","M3",205.62,16.05,"BDI 1",20.23,{"v":4159.69,"d":"4,159.69"},"RA","RA",1663.876,0,"","","SABESP 70030002",19926,16.05,{"v":0.2604,"d":"26.04%"},null,205.62,null,null,{"v":4159.69,"d":"4,159.69"},20.23]
["S",3,"S",0,17,4,1,0,2,0,0,"F","Serviço","Serviço","17.4.1.0.2.","SABESP",70030004,"ESCAVAÇÃO MECANIZADA DE POÇOS E CAVAS, EM SOLO NÃO ROCHOSO, C/PROF. ATÉ 4,00 M (A)","M3",135.65,21.29,"BDI 1",26.83,{"v":3639.49,"d":"3,639.49"},"RA","RA",1455.796,0,"","","SABESP 70030004",19932,21.29,{"v":0.2604,"d":"26.04%"},null,135.65,null,null,{"v":3639.49,"d":"3,639.49"},26.83]
[3,3,3,2,17,4,2,0,0,6,2,"F","Nível 3","Nível 3","17.4.2.","SINAPI",null,"Aterros e recobrimentos especiais de valas, cavas e poços","-",0,0,"BDI 1",0,{"v":7819.75,"d":"7,819.75"},"RA","",3127.9,0,"","",false,"(Sem Código)",0,{"v":0.2604,"d":"26.04%"},{"$nulls":4},{"v":7819.75,"d":"7,819.75"},0]
["S",3,"S",0,17,4,2,0,1,0,0,"F","Serviço","Serviço","17.4.2.0.1.","SABESP",70030020,"ATERRO DE VALAS, POÇOS E CAVAS COMPACTADO MECANICAMENTE, COM CONTROLE DO G.C. >= 95% DO E.N.C. (A)","M3",238.99,25.96,"BDI 1",32.72,{"v":7819.75,"d":"7,819.75"},"RA","RA",3127.9,0,"","","SABESP 70030020",19945,25.96,{"v":0.2604,"d":"26.04%"},null,238.99,null,null,{"v":7819.75,"d":"7,819.75"},32.72]
[3,3,3,4,17,4,3,0,0,4,23,"F","Nível 3","Nível 3","17.4.3.","SINAPI",null,"Carga, transporte e descarga","-",0,0,"BDI 1",0,{"v":2899.64,"d":"2,899.64"},"RA","",1159.856,0,"","",false,"(Sem Código)",0,{"v":0.2604,"d":"26.04%"},{"$nulls":4},{"v":2899.64,"d":"2,899.64"},0]
["S",3,"S",0,17,4,3,0,1,0,0,"F","Serviço","Serviço","17.4.3.0.1.","SABESP",70030090,"CARGA E DESCARGA - SOLO (A)","M3",102.28,{"v":7,"d":"7.00"},"BDI 1",8.82,902.11,"RA","RA",360.84400000000005,0,"","","SABESP 70030090",19976,{"v":7,"d":"7.00"},{"v":0.2604,"d":"26.04%"},null,102.28,null,null,902.11,8.82]
["S",3,"S",0,17,4,3,0,2,0,0,"F","Serviço","Serviço","17.4.3.0.2.","SABESP",70030091,"TRANSPORTE DE MATERIAL ESCAVADO - SOLO (A)","M3Q",{"v":511.4,"d":"511.40"},{"v":2.8,"d":"2.80"},"BDI 1",3.53,{"v":1805.24,"d":"1,805.24"},"RA","RA",722.096,0,"","","SABESP 70030091",19987,{"v":2.8,"d":"2.80"},{"v":0.2604,"d":"26.04%"},null,{"v":511.4,"d":"511.40"},null,null,{"v":1805.24,"d":"1,805.24"},3.53]
["S",3,"S",0,17,4,3,0,3,0,0,"F","Serviço","Serviço","17.4.3.0.3.","SINAPI","100574","ESPALHAMENTO DE MATERIAL COM TRATOR DE ESTEIRAS. AF_09/2024","M3",102.28,1.49,"BDI 1",1.88,192.29,"RA","RA",76.916,0,"","","SINAPI 100574",6894,1.49,{"v":0.2604,"d":"26.04%"},null,102.28,null,null,192.29,1.88]
[2,2,2,8,17,5,0,0,0,70,8,"F","Nível 2","Nível 2","17.5.","SINAPI",null,"Escoramentos","-",0,0,"BDI 1",0,{"v":56215.63,"d":"56,215.63"},"RA","",22486.252000000004,0,"",163,false,"(Sem Código)",0,{"v":0.2604,"d":"26.04%"},{"$nulls":4},{"v":56215.63,"d":"56,215.63"},0]
[3,3,3,2,17,5,1,0,0,7,2,"F","Nível 3","Nível 3","17.5.1.","SINAPI",null,"Estruturas de cimbramento","-",0,0,"BDI 1",0,322.49,"RA","",128.996,0,"","",false,"(Sem Código)",0,{"v":0.2604,"d":"26.04%"},{"$nulls":4},322.49,0]
["S",3,"S",0,17,5,1,0,1,0,0,"F","Serviço","Serviço","17.5.1.0.1.","SABESP",70040041,"CIMBRAMENTO TUBULAR","M3M",7.26,35.24,"BDI 1",44.42,322.49,"RA","RA",128.996,0,"","","SABESP 70040041",20036,35.24,{"v":0.2604,"d":"26.04%"},null,7.26,null,null,322.49,44.42]
[3,3,3,2,17,5,2,0,0,5,2,"F","Nível 3","Nível 3","17.5.2.","SINAPI",null,"Estruturas de escoramento - madeira","-",0,0,"BDI 1",0,907.76,"RA","",363.10400000000004,0,"","",false,"(Sem Código)",0,{"v":0.2604,"d":"26.04%"},{"$nulls":4},907.76,0]
["S",3,"S",0,17,5,2,0,1,0,0,"F","Serviço","Serviço","17.5.2.0.1.","SABESP",70040003,"ESCORAMENTO CONTÍNUO (A)","M2",{"v":15.6,"d":"15.60"},46.17,"BDI 1",58.19,907.76,"RA","RA",363.10400000000004,0,"","","SABESP 70040003",19992,46.17,{"v":0.2604,"d":"26.04%"},null,{"v":15.600000000000001,"d":"15.60"},null,null,907.76,58.19]
[3,3,3,3,17,5,3,0,0,3,14,"F","Nível 3","Nível 3","17.5.3.","SINAPI",null,"Estruturas de escoramento - metálico madeira","-",0,0,"BDI 1",0,{"v":54985.38,"d":"54,985.38"},"RA","",21994.152000000002,0,"","",false,"(Sem Código)",0,{"v":0.2604,"d":"26.04%"},{"$nulls":4},{"v":54985.38,"d":"54,985.38"},0]
["S",3,"S",0,17,5,3,0,1,0,0,"F","Serviço","Serviço","17.5.3.0.1.","SABESP",70040031,"ESCORAMENTO METÁLICO-MADEIRA COM LONGARINAS E ESTRONCAS - PROFUNDIDADE ATÉ 4,00 M","M2",72.64,362.16,"BDI 1",456.47,{"v":33157.98,"d":"33,157.98"},"RA","RA",13263.192000000003,0,"","","SABESP 70040031",20027,362.16,{"v":0.2604,"d":"26.04%"},null,72.64,null,null,{"v":33157.98,"d":"33,157.98"},456.47]
["S",3,"S",0,17,5,3,0,2,0,0,"F","Serviço","Serviço","17.5.3.0.2.","SABESP",70040032,"ESCORAMENTO METÁLICO-MADEIRA COM LONGARINAS E ESTRONCAS - PROFUNDIDADE ATÉ 6,00 M","M2",{"v":42,"d":"42.00"},412.33,"BDI 1",{"v":519.7,"d":"519.70"},{"v":21827.4,"d":"21,827.40"},"RA","RA",8730.960000000001,0,"","","SABESP 70040032",20028,412.33,{"v":0.2604,"d":"26.04%"},null,{"v":41.99999999999999,"d":"42.00"},null,null,{"v":21827.4,"d":"21,827.40"},{"v":519.7,"d":"519.70"}]
[2,2,2,3,17,6,0,0,0,62,3,"F","Nível 2","Nível 2","17.6.","SINAPI",null,"Esgotamentos","-",0,0,"BDI 1",0,{"v":859.2,"d":"859.20"},"RA","",343.68000000000006,0,"",164,false,"(Sem Código)",0,{"v":0.2604,"d":"26.04%"},{"$nulls":4},{"v":859.2,"d":"859.20"},0]
[3,3,3,2,17,6,1,0,0,2,5,"F","Nível 3","Nível 3","17.6.1.","SINAPI",null,"Águas superficiais","-",0,0,"BDI 1",0,{"v":859.2,"d":"859.20"},"RA","",343.68000000000006,0,"","",false,"(Sem Código)",0,{"v":0.2604,"d":"26.04%"},{"$nulls":4},{"v":859.2,"d":"859.20"},0]
["S",3,"S",0,17,6,1,0,1,0,0,"F","Serviço","Serviço","17.6.1.0.1.","SABESP",70050001,"ESGOTAMENTO COM BOMBAS DE SUPERFÍCIE OU SUBMERSAS","HPH",{"v":240,"d":"240.00"},2.84,"BDI 1",3.58,{"v":859.2,"d":"859.20"},"RA","RA",343.68000000000006,0,"","","SABESP 70050001",20039,2.84,{"v":0.2604,"d":"26.04%"},null,{"v":240,"d":"240.00"},null,null,{"v":859.2,"d":"859.20"},3.58]
[2,2,2,12,17,7,0,0,0,59,12,"F","Nível 2","Nível 2","17.7.","SINAPI",null,"Fundações e Estruturas","-",0,0,"BDI 1",0,{"v":192561.22,"d":"192,561.22"},"RA","",77024.48800000001,0,"",165,false,"(Sem Código)",0,{"v":0.2604,"d":"26.04%"},{"$nulls":4},{"v":192561.22,"d":"192,561.22"},0]
[3,3,3,2,17,7,1,0,0,11,2,"F","Nível 3","Nível 3","17.7.1.","SINAPI",null,"Lastros","-",0,null,"BDI 1",0,445.37,"RA","",178.14800000000002,0,"","",false,"(Sem Código)",0,{"v":0.2604,"d":"26.04%"},{"$nulls":4},445.37,0]
["S",3,"S",0,17,7,1,0,1,0,0,"F","Serviço","Serviço","17.7.1.0.1.","SABESP","70070046","LASTRO DE PEDRA BRITADA (A)","M3",2.34,151.01,"BDI 1",190.33,445.37,"RA","RA",178.14800000000002,0,"","","SABESP 70070046",20138,151.01,{"v":0.2604,"d":"26.04%"},null,2.34,null,null,445.37,190.33]
[3,3,3,2,17,7,2,0,0,9,2,"F","Nível 3","Nível 3","17.7.2.","SINAPI",null,"Formas para concreto","-",0,0,"BDI 1",0,{"v":80814.85,"d":"80,814.85"},"RA","",32325.940000000002,0,"","",false,"(Sem Código)",0,{"v":0.2604,"d":"26.04%"},{"$nulls":4},{"v":80814.85,"d":"80,814.85"},0]
["S",3,"S",0,17,7,2,0,1,0,0,"F","Serviço","Serviço","17.7.2.0.1.","CDHU","09.02.020","Forma plana em compensado para estrutura convencional","M2",322.01,199.12,"BDI 1",250.97,{"v":80814.85,"d":"80,814.85"},"RA","RA",32325.940000000002,0,"","","CDHU 09.02.020",16302,199.12,{"v":0.2604,"d":"26.04%"},null,322.01,null,null,{"v":80814.85,"d":"80,814.85"},250.97]
[3,3,3,3,17,7,3,0,0,7,3,"F","Nível 3","Nível 3","17.7.3.","SINAPI",null,"Aços para Concreto","-",0,0,"BDI 1",0,{"v":78800.68,"d":"78,800.68"},"RA","",31520.272,0,"","",false,"(Sem Código)",0,{"v":0.2604,"d":"26.04%"},{"$nulls":4},{"v":78800.68,"d":"78,800.68"},0]
["S",3,"S",0,17,7,3,0,1,0,0,"F","Serviço","Serviço","17.7.3.0.1.","SABESP",70070135,"ARMAÇÃO EM AÇO CA-50","KG",{"v":4719.34,"d":"4,719.34"},13.24,"BDI 1",16.69,{"v":78765.78,"d":"78,765.78"},"RA","RA",31506.312,0,"","","SABESP 70070135",20232,13.24,{"v":0.2604,"d":"26.04%"},null,{"v":4719.339999999999,"d":"4,719.34"},null,null,{"v":78765.78,"d":"78,765.78"},16.69]
["S",3,"S",0,17,7,3,0,2,0,0,"F","Serviço","Serviço","17.7.3.0.2.","SABESP",70070136,"ARMAÇÃO EM AÇO CA-60","KG",2.03,13.64,"BDI 1",17.19,{"v":34.9,"d":"34.90"},"RA","RA",13.96,0,"","","SABESP 70070136",20233,13.64,{"v":0.2604,"d":"26.04%"},null,2.03,null,null,{"v":34.9,"d":"34.90"},17.19]
[3,3,3,2,17,7,4,0,0,4,2,"F","Nível 3","Nível 3","17.7.4.","SINAPI",null,"Concreto não estrutural","-",0,0,"BDI 1",0,{"v":1727.67,"d":"1,727.67"},"RA","",691.0680000000001,0,"","",false,"(Sem Código)",0,{"v":0.2604,"d":"26.04%"},{"$nulls":4},{"v":1727.67,"d":"1,727.67"},0]
["S",3,"S",0,17,7,4,0,1,0,0,"F","Serviço","Serviço","17.7.4.0.1.","SABESP",70070142,"CONCRETO NÃO ESTRUTURAL - MÍNIMO 150 KG DE CIMENTO/M³","M3",2.34,585.78,"BDI 1",738.32,{"v":1727.67,"d":"1,727.67"},"RA","RA",691.0680000000001,0,"","","SABESP 70070142",20236,585.78,{"v":0.2604,"d":"26.04%"},null,2.34,null,null,{"v":1727.67,"d":"1,727.67"},738.32]
[3,3,3,2,17,7,5,0,0,2,92,"F","Nível 3","Nível 3","17.7.5.","SINAPI",null,"Concreto Estrutural para estruturas sujeitas ao contato com água e esgoto","-",0,0,"BDI 1",0,{"v":30772.65,"d":"30,772.65"},"RA","",12309.060000000001,0,"","",false,"(Sem Código)",0,{"v":0.2604,"d":"26.04%"},{"$nulls":4},{"v":30772.65,"d":"30,772.65"},0]
["S",3,"S",0,17,7,5,0,1,0,0,"F","Serviço","Serviço","17.7.5.0.1.","SABESP",70070301,"CONCRETO ESTRUTURAL P/ ESTRUTURAS EM CONTATO COM ESGOTO, GASES AGRESSIVOS, AMBIENTE MARÍTIMO E ESTRUTURAS PARA TRATAMENTO DE ÁGUA, FCK = 40,0 MPA, A/C MÁX. 0,45 L/KG - MÍN. DE 360 KG DE CIMENTO/M³","M3",34.78,701.98,"BDI 1",884.78,{"v":30772.65,"d":"30,772.65"},"RA","RA",12309.060000000001,0,"","","SABESP 70070301",20248,701.98,{"v":0.2604,"d":"26.04%"},null,34.78,null,null,{"v":30772.65,"d":"30,772.65"},884.78]
[2,2,2,12,17,8,0,0,0,47,12,"F","Nível 2","Nível 2","17.8.","SINAPI",null,"Assentamentos, Montagens, Cargas, Transporte e Descargas de Tubulação","-",0,0,"BDI 1",0,{"v":3255.92,"d":"3,255.92"},"RA","",1302.368,0,"",166,false,"(Sem Código)",0,{"v":0.2604,"d":"26.04%"},{"$nulls":4},{"v":3255.92,"d":"3,255.92"},0]
[3,3,3,2,17,8,1,0,0,11,2,"F","Nível 3","Nível 3","17.8.1.","SINAPI",null,"Assentamento simples de tubos e peças de PVC rígido e PVC deFoFo","-",0,0,"BDI 1",0,71.16,"RA","",28.464,0,"","",false,"(Sem Código)",0,{"v":0.2604,"d":"26.04%"},{"$nulls":4},71.16,0]
["S",3,"S",0,17,8,1,0,1,0,0,"F","Serviço","Serviço","17.8.1.0.1.","SABESP",70080072,"ASSENTAMENTO SIMPLES DE TUBOS E PEÇAS, DN 300 MM, EM PVC RÍGIDO, RPVC E DEFOFO, JE (A)","M",{"v":6,"d":"6.00"},9.41,"BDI 1",11.86,71.16,"RA","RA",28.464,0,"","","SABESP 70080072",20497,9.41,{"v":0.2604,"d":"26.04%"},null,{"v":6,"d":"6.00"},null,null,71.16,11.86]
[3,3,3,2,17,8,2,0,0,9,2,"F","Nível 3","Nível 3","17.8.2.","SINAPI",null,"Carga, transporte até 10 km e descarga de tubos e peças de PVC rígido e PVC deFoFo","-",0,0,"BDI 1",0,35.69,"RA","",14.276,0,"","",false,"(Sem Código)",0,{"v":0.2604,"d":"26.04%"},{"$nulls":4},35.69,0]
["S",3,"S",0,17,8,2,0,1,0,0,"F","Serviço","Serviço","17.8.2.0.1.","SABESP",70080322,"CARGA, TRANSPORTE ATÉ 10 KM E DESCARGA TUBOS E PEÇAS, DN 300 MM, EM PVC RÍGIDO, RPVC E DEFOFO","KM",0.01,{"v":2831.79,"d":"2,831.79"},"BDI 1",{"v":3569.19,"d":"3,569.19"},35.69,"RA","RA",14.276,0,"","","SABESP 70080322",20739,{"v":2831.79,"d":"2,831.79"},{"v":0.2604,"d":"26.04%"},null,0.01,null,null,35.69,{"v":3569.19,"d":"3,569.19"}]
[3,3,3,4,17,8,3,0,0,7,4,"F","Nível 3","Nível 3","17.8.3.","SINAPI",null,"Montagens de Tubos, Conexões e Válvulas de Ferro Fundido","-",0,0,"BDI 1",0,{"v":3017.86,"d":"3,017.86"},"RA","",1207.1440000000002,0,"","",false,"(Sem Código)",0,{"v":0.2604,"d":"26.04%"},{"$nulls":4},{"v":3017.86,"d":"3,017.86"},0]
["S",3,"S",0,17,8,3,0,1,0,0,"F","Serviço","Serviço","17.8.3.0.1.","SABESP",70140023,"TUBOS E CONEXÕES METÁLICOS FLANGEADOS - MONTAGEM","KG",{"v":419.9,"d":"419.90"},2.38,"BDI 1",{"v":3,"d":"3.00"},{"v":1259.7,"d":"1,259.70"},"RA","RA",503.88000000000005,0,"","","SABESP 70140023",21306,2.38,{"v":0.2604,"d":"26.04%"},null,{"v":419.9,"d":"419.90"},null,null,{"v":1259.7,"d":"1,259.70"},{"v":3,"d":"3.00"}]
["S",3,"S",0,17,8,3,0,2,0,0,"F","Serviço","Serviço","17.8.3.0.2.","SABESP",70140057,"VÁLVULA GAVETA FOFO ATÉ DN200 MM - MONTAGEM","un",{"v":2,"d":"2.00"},420.98,"BDI 1",{"v":530.6,"d":"530.60"},{"v":1061.2,"d":"1,061.20"},"RA","RA",424.48,0,"","","SABESP 70140057",21348,420.98,{"v":0.2604,"d":"26.04%"},null,{"v":2,"d":"2.00"},null,null,{"v":1061.2,"d":"1,061.20"},{"v":530.6,"d":"530.60"}]
["S",3,"S",0,17,8,3,0,3,0,0,"F","Serviço","Serviço","17.8.3.0.3.","SABESP",70140078,"VÁLVULA FOFO ADUFA OU FLAP DN 250 MM ATÉ DN 400 MM - MONTAGEM","un",{"v":1,"d":"1.00"},552.97,"BDI 1",696.96,696.96,"RA","RA",278.78400000000005,0,"","","SABESP 70140078",21339,552.97,{"v":0.2604,"d":"26.04%"},null,{"v":1,"d":"1.00"},null,null,696.96,696.96]
[3,3,3,3,17,8,4,0,0,3,79,"F","Nível 3","Nível 3","17.8.4.","SINAPI",null,"Carga, transporte e descarga de tubos e peças de FºFº","-",0,0,"BDI 1",0,131.21,"RA","",52.484,0,"","",false,"(Sem Código)",0,{"v":0.2604,"d":"26.04%"},{"$nulls":4},131.21,0]
["S",3,"S",0,17,8,4,0,1,0,0,"F","Serviço","Serviço","17.8.4.0.1.","SABESP",70080342,"CARGA E DESCARGA, DE TUBOS E PEÇAS EM FERRO FUNDIDO","TON",0.48,116.91,"BDI 1",147.35,70.73,"RA","RA",28.292,0,"","","SABESP 70080342",20760,116.91,{"v":0.2604,"d":"26.04%"},null,0.48,null,null,70.73,147.35]
["S",3,"S",0,17,8,4,0,2,0,0,"F","Serviço","Serviço","17.8.4.0.2.","SABESP",70080343,"TRANSPORTE, DE TUBOS E PEÇAS EM FERRO FUNDIDO","TOK",{"v":14.4,"d":"14.40"},3.33,"BDI 1",{"v":4.2,"d":"4.20"},60.48,"RA","RA",24.192,0,"","","SABESP 70080343",20761,3.33,{"v":0.2604,"d":"26.04%"},null,{"v":14.4,"d":"14.40"},null,null,60.48,{"v":4.2,"d":"4.20"}]
[2,2,2,6,17,9,0,0,0,35,6,"F","Nível 2","Nível 2","17.9.","SINAPI",null,"Grades Metálicas","-",0,0,"BDI 1",0,{"v":38021.24,"d":"38,021.24"},"RA","",15208.496,0,"",167,false,"(Sem Código)",0,{"v":0.2604,"d":"26.04%"},{"$nulls":4},{"v":38021.24,"d":"38,021.24"},0]
[3,3,3,2,17,9,1,0,0,5,2,"F","Nível 3","Nível 3","17.9.1.","SINAPI",null,"Gradeamento manual","-",0,0,"BDI 1",0,{"v":2362.77,"d":"2,362.77"},"RA","",945.1080000000001,0,"","",false,"(Sem Código)",0,{"v":0.2604,"d":"26.04%"},{"$nulls":4},{"v":2362.77,"d":"2,362.77"},0]
["S",3,"S",0,17,9,1,0,1,0,0,"F","Serviço","Serviço","17.9.1.0.1.","SABESP",70110086,"GRADE DE AÇO COM BARRAS DE 1.1/2” X 1/4”,  ESPAÇAMENTO ATÉ 2,5 CM","M2",1.42,{"v":1320.15,"d":"1,320.15"},"BDI 1",{"v":1663.92,"d":"1,663.92"},{"v":2362.77,"d":"2,362.77"},"RA","RA",945.1080000000001,0,"","","SABESP 70110086",20997,{"v":1320.15,"d":"1,320.15"},{"v":0.2604,"d":"26.04%"},null,1.42,null,null,{"v":2362.77,"d":"2,362.77"},{"v":1663.92,"d":"1,663.92"}]
[3,3,3,3,17,9,2,0,0,3,49,"F","Nível 3","Nível 3","17.9.2.","SINAPI",null,"Grades de Proteção","-",0,null,"BDI 1",0,{"v":35658.47,"d":"35,658.47"},"RA","",14263.387999999999,0,"","",false,"(Sem Código)",0,{"v":0.2604,"d":"26.04%"},{"$nulls":4},{"v":35658.47,"d":"35,658.47"},0]
["S",3,"S",0,17,9,2,0,1,0,0,"F","Serviço","Serviço","17.9.2.0.1.","SINAPI","99837","GUARDA-CORPO DE AÇO GALVANIZADO DE 1,10M, MONTANTES TUBULARES DE 1.1/4\" ESPAÇADOS DE 1,20M, TRAVESSA SUPERIOR DE 1.1/2\", GRADIL FORMADO POR TUBOS HORIZONTAIS DE 1\" E VERTICAIS DE 3/4\", FIXADO COM CHUMBADOR MECÂNICO. AF_04/2019_PS","M",38.65,669.32,"BDI 1",843.61,{"v":32605.53,"d":"32,605.53"},"RA","RA",13042.212,0,"","","SINAPI 99837",10235,669.32,{"v":0.2604,"d":"26.04%"},null,38.65,null,null,{"v":32605.53,"d":"32,605.53"},843.61]
["S",3,"S",0,17,9,2,0,2,0,0,"F","Serviço","Serviço","17.9.2.0.2.","SINAPI","100752","PINTURA COM TINTA EPOXÍDICA DE ACABAMENTO APLICADA A ROLO OU PINCEL SOBRE PERFIL METÁLICO EXECUTADO EM FÁBRICA (02 DEMÃOS). AF_01/2020","M2",42.52,56.97,"BDI 1",{"v":71.8,"d":"71.80"},{"v":3052.94,"d":"3,052.94"},"RA","RA",1221.1760000000002,0,"","","SINAPI 100752",13934,56.97,{"v":0.2604,"d":"26.04%"},null,42.52,null,null,{"v":3052.94,"d":"3,052.94"},{"v":71.8,"d":"71.80"}]
[2,2,2,21,17,10,0,0,0,29,21,"F","Nível 2","Nível 2","17.10.","SINAPI",null,"Fornecimento de materiais e equipamentos","-",0,0,"BDI 1",0,{"v":57737.75,"d":"57,737.75"},"RA","",23095.100000000002,0,"",168,false,"(Sem Código)",0,{"v":0.2604,"d":"26.04%"},{"$nulls":4},{"v":57737.75,"d":"57,737.75"},0]
[3,3,3,20,17,10,1,0,0,20,26,"F","Nível 3","Nível 3","17.10.1.","SINAPI",null,"Hidráulicos e hidromecânicos","-",0,0,"BDI 1",0,{"v":57737.75,"d":"57,737.75"},"RA","",23095.100000000002,0,"","",false,"(Sem Código)",0,{"v":0.2604,"d":"26.04%"},{"$nulls":4},{"v":57737.75,"d":"57,737.75"},0]
[4,4,4,7,17,10,1,1,0,19,7,"F","Nível 4","Nível 4","17.10.1.1.","SINAPI",null,"Tubulação de ferro fundido","-",0,0,"BDI 1",0,{"v":7129,"d":"7,129.00"},"RA","",2851.5999999999995,0,"","",false,"(Sem Código)",0,{"v":0.2604,"d":"26.04%"},{"$nulls":4},{"v":7129,"d":"7,129.00"},0]
["S",4,"S",0,17,10,1,1,1,0,0,"F","Serviço","Serviço","17.10.1.1.1.","SABESP-I","HM06856","TUBO C/FLANGE PN10/16 E BOLSA JE FERRO FUNDIDO DN=100 MM L=1.000 MM (26,00 KG) PINTURA EPÓXI VERMELHA, ACESSÓRIOS NÃO INCLUSOS NBR 15420 ESGOTO","un",{"v":1,"d":"1.00"},{"v":1170.81,"d":"1,170.81"},"BDI 2",{"v":1304.28,"d":"1,304.28"},{"v":1304.28,"d":"1,304.28"},"RA","RA",521.712,0,"","","SABESP-I HM06856",26930,{"v":1170.81,"d":"1,170.81"},{"v":0.114,"d":"11.40%"},null,{"v":1,"d":"1.00"},null,null,{"v":1304.28,"d":"1,304.28"},{"v":1304.28,"d":"1,304.28"}]
["S",4,"S",0,17,10,1,1,2,0,0,"F","Serviço","Serviço","17.10.1.1.2.","SABESP-I","HM06858","TUBO C/FLANGE PN10/16 E BOLSA JE FERRO FUNDIDO DN=100 MM L=2.000 MM (43,20 KG) PINTURA EPÓXI VERMELHA, ACESSÓRIOS NÃO INCLUSOS NBR 15420 ESGOTO","un",{"v":1,"d":"1.00"},{"v":1591.87,"d":"1,591.87"},"BDI 2",{"v":1773.34,"d":"1,773.34"},{"v":1773.34,"d":"1,773.34"},"RA","RA",709.336,0,"","","SABESP-I HM06858",26932,{"v":1591.87,"d":"1,591.87"},{"v":0.114,"d":"11.40%"},null,{"v":1,"d":"1.00"},null,null,{"v":1773.34,"d":"1,773.34"},{"v":1773.34,"d":"1,773.34"}]
["S",4,"S",0,17,10,1,1,3,0,0,"F","Serviço","Serviço","17.10.1.1.3.","SABESP-I","HM06724","TUBO C/FLANGE PN10 E BOLSA JE FERRO FUNDIDO DN=300 MM L=1.000 MM (93,70 KG) PINTURA EPÓXI VERMELHA, ACESSÓRIOS NÃO INCLUSOS NBR 15420 ESGOTO","un",{"v":1,"d":"1.00"},{"v":2483.6,"d":"2,483.60"},"BDI 2",{"v":2766.73,"d":"2,766.73"},{"v":2766.73,"d":"2,766.73"},"RA","RA",1106.692,0,"","","SABESP-I HM06724",26974,{"v":2483.6,"d":"2,483.60"},{"v":0.114,"d":"11.40%"},null,{"v":1,"d":"1.00"},null,null,{"v":2766.73,"d":"2,766.73"},{"v":2766.73,"d":"2,766.73"}]
["S",4,"S",0,17,10,1,1,4,0,0,"F","Serviço","Serviço","17.10.1.1.4.","SABESP-I","HM01292","ACESSÓRIOS PARA FLANGE DN=100 PN10 AÇO GALV D=5/8\" X L=2 3/4\" 8 CJ (PARAFUSO, PORCA E ARRUELA) NORMA 0100-400-E027 FL3/3","un",{"v":4,"d":"4.00"},90.56,"BDI 2",100.88,403.52,"RA","RA",161.40800000000002,0,"","","SABESP-I HM01292",25007,90.56,{"v":0.114,"d":"11.40%"},null,{"v":4,"d":"4.00"},null,null,403.52,100.88]
["S",4,"S",0,17,10,1,1,5,0,0,"F","Serviço","Serviço","17.10.1.1.5.","SABESP-I","HM01293","ACESSÓRIOS PARA FLANGE DN=150 PN10 AÇO GALV D=3/4\" X L=2 3/4\" 8 CJ (PARAFUSO, PORCA E ARRUELA) NORMA 0100-400-E027 FL3/3","un",{"v":1,"d":"1.00"},143.81,"BDI 2",{"v":160.2,"d":"160.20"},{"v":160.2,"d":"160.20"},"RA","RA",64.08,0,"","","SABESP-I HM01293",25008,143.81,{"v":0.114,"d":"11.40%"},null,{"v":1,"d":"1.00"},null,null,{"v":160.2,"d":"160.20"},{"v":160.2,"d":"160.20"}]
["S",4,"S",0,17,10,1,1,6,0,0,"F","Serviço","Serviço","17.10.1.1.6.","SABESP-I","HM01296","ACESSÓRIOS PARA FLANGE DN=300 PN10 AÇO GALV D=3/4\" X L=3 1/2\" 12 CJ (PARAFUSO, PORCA E ARRUELA) NORMA 0100-400-E027 FL3/3","un",{"v":3,"d":"3.00"},215.72,"BDI 2",240.31,720.93,"RA","RA",288.372,0,"","","SABESP-I HM01296",25011,215.72,{"v":0.114,"d":"11.40%"},null,{"v":3,"d":"3.00"},null,null,720.93,240.31]
[4,4,4,4,17,10,1,2,0,12,4,"F","Nível 4","Nível 4","17.10.1.2.","SINAPI",null,"Conexões de ferro fundido","-",0,0,"BDI 1",0,{"v":16568.42,"d":"16,568.42"},"RA","",6627.368,0,"","",false,"(Sem Código)",0,{"v":0.2604,"d":"26.04%"},{"$nulls":4},{"v":16568.42,"d":"16,568.42"},0]
["S",4,"S",0,17,10,1,2,1,0,0,"F","Serviço","Serviço","17.10.1.2.1.","SABESP-I","HM06319","EXTREMIDADE PONTA - FLANGE PN10/16 E ABA DE VEDAÇÃO FERRO FUNDIDO DN=150 MM L=700 MM (32,00 KG) PINTURA EPÓXI VERMELHA - ACESSÓRIOS NÃO INCLUSOS NBR 15420 ESGOTO","un",{"v":1,"d":"1.00"},844.98,"BDI 2",941.31,941.31,"RA","RA",376.524,0,"","","SABESP-I HM06319",26267,844.98,{"v":0.114,"d":"11.40%"},null,{"v":1,"d":"1.00"},null,null,941.31,941.31]
["S",4,"S",0,17,10,1,2,2,0,0,"F","Serviço","Serviço","17.10.1.2.2.","SABESP-I","HM06307","EXTREMIDADE PONTA - FLANGE PN10 E ABA DE VEDAÇÃO FERRO FUNDIDO DN=300 MM L=700 MM (75,00 KG) PINTURA EPÓXI VERMELHA - ACESSÓRIOS NÃO INCLUSOS NBR 15420 ESGOTO","un",{"v":3,"d":"3.00"},{"v":3020.24,"d":"3,020.24"},"BDI 2",{"v":3364.55,"d":"3,364.55"},{"v":10093.65,"d":"10,093.65"},"RA","RA",4037.46,0,"","","SABESP-I HM06307",26270,{"v":3020.24,"d":"3,020.24"},{"v":0.114,"d":"11.40%"},null,{"v":3,"d":"3.00"},null,null,{"v":10093.65,"d":"10,093.65"},{"v":3364.55,"d":"3,364.55"}]
["S",4,"S",0,17,10,1,2,3,0,0,"F","Serviço","Serviço","17.10.1.2.3.","SABESP-I","HM06724","TUBO C/FLANGE PN10 E BOLSA JE FERRO FUNDIDO DN=300 MM L=1.000 MM (93,70 KG) PINTURA EPÓXI VERMELHA, ACESSÓRIOS NÃO INCLUSOS NBR 15420 ESGOTO","un",{"v":2,"d":"2.00"},{"v":2483.6,"d":"2,483.60"},"BDI 2",{"v":2766.73,"d":"2,766.73"},{"v":5533.46,"d":"5,533.46"},"RA","RA",2213.384,0,"","","SABESP-I HM06724",26974,{"v":2483.6,"d":"2,483.60"},{"v":0.114,"d":"11.40%"},null,{"v":2,"d":"2.00"},null,null,{"v":5533.46,"d":"5,533.46"},{"v":2766.73,"d":"2,766.73"}]
[4,4,4,3,17,10,1,3,0,8,3,"F","Nível 4","Nível 4","17.10.1.3.","SINAPI",null,"Válvulas","-",0,0,"BDI 1",0,{"v":7336.16,"d":"7,336.16"},"RA","",2934.464,0,"","",false,"(Sem Código)",0,{"v":0.2604,"d":"26.04%"},{"$nulls":4},{"v":7336.16,"d":"7,336.16"},0]
["S",4,"S",0,17,10,1,3,1,0,0,"F","Serviço","Serviço","17.10.1.3.1.","SABESP-I","HM04203","VÁLVULA GAVETA C/FLANGES PN10/16 FERRO FUNDIDO DN=100 MM * (20,00 KG), ACION. VOLANTE, CUNHA DE BORRACHA, MÉTRICA CHATA, PINTURA EPÓXI EM PÓ NBR 14968 ÁGUA/ESGOTO","un",{"v":2,"d":"2.00"},562.65,"BDI 2",626.79,{"v":1253.58,"d":"1,253.58"},"RA","RA",501.432,0,"","","SABESP-I HM04203",27294,562.65,{"v":0.114,"d":"11.40%"},null,{"v":2,"d":"2.00"},null,null,{"v":1253.58,"d":"1,253.58"},626.79]
["S",4,"S",0,17,10,1,3,2,0,0,"F","Serviço","Serviço","17.10.1.3.2.","Cotação","COT168","VÁLVULA FLAP FOFO DN 300","UN",{"v":1,"d":"1.00"},{"v":5460.13,"d":"5,460.13"},"BDI 2",{"v":6082.58,"d":"6,082.58"},{"v":6082.58,"d":"6,082.58"},"RA","RA",2433.032,0,"","","Cotação COT168",97,{"v":5460.13,"d":"5,460.13"},{"v":0.114,"d":"11.40%"},null,{"v":1,"d":"1.00"},null,null,{"v":6082.58,"d":"6,082.58"},{"v":6082.58,"d":"6,082.58"}]
[4,4,4,2,17,10,1,4,0,5,2,"F","Nível 4","Nível 4","17.10.1.4.","SINAPI",null,"Tubulação de PVC Esgoto Série Normal","-",0,0,"BDI 1",0,{"v":1078.68,"d":"1,078.68"},"RA","",431.47200000000004,0,"","",false,"(Sem Código)",0,{"v":0.2604,"d":"26.04%"},{"$nulls":4},{"v":1078.68,"d":"1,078.68"},0]
["S",4,"S",0,17,10,1,4,1,0,0,"F","Serviço","Serviço","17.10.1.4.1.","SABESP-I","HM02034","TUBO PVC RÍGIDO D=300 MM OCRE PB JEI NBR 7362 COLETOR DE ESGOTO","M",{"v":6,"d":"6.00"},161.38,"BDI 2",179.78,{"v":1078.68,"d":"1,078.68"},"RA","RA",431.47200000000004,0,"","","SABESP-I HM02034",25566,161.38,{"v":0.114,"d":"11.40%"},null,{"v":6,"d":"6.00"},null,null,{"v":1078.68,"d":"1,078.68"},179.78]
[4,4,4,3,17,10,1,5,0,3,170,"F","Nível 4","Nível 4","17.10.1.5.","SINAPI",null,"Equipamentos em Fibra de Vidro","-",0,0,"BDI 1",0,{"v":25625.49,"d":"25,625.49"},"RA","",10250.196,0,"","",false,"(Sem Código)",0,{"v":0.2604,"d":"26.04%"},{"$nulls":4},{"v":25625.49,"d":"25,625.49"},0]
["S",4,"S",0,17,10,1,5,1,0,0,"F","Serviço","Serviço","17.10.1.5.1.","Cotação","COT177","COMPORTA MANUAL EM FIBRA DE VIDRO 630 X 1200mm","UN",{"v":4,"d":"4.00"},{"v":2627.77,"d":"2,627.77"},"BDI 2",{"v":2927.34,"d":"2,927.34"},{"v":11709.36,"d":"11,709.36"},"RA","RA",4683.744000000001,0,"","","Cotação COT177",98,{"v":2627.77,"d":"2,627.77"},{"v":0.114,"d":"11.40%"},null,{"v":4,"d":"4.00"},null,null,{"v":11709.36,"d":"11,709.36"},{"v":2927.34,"d":"2,927.34"}]
["S",4,"S",0,17,10,1,5,2,0,0,"F","Serviço","Serviço","17.10.1.5.2.","Cotação","COT178","MEDIDOR DE VAZÃO CALHA PARSHALL FIBRA DE VIDRO GARGANTA 10\"","UN",{"v":1,"d":"1.00"},{"v":12492.04,"d":"12,492.04"},"BDI 2",{"v":13916.13,"d":"13,916.13"},{"v":13916.13,"d":"13,916.13"},"RA","RA",5566.452,0,"","","Cotação COT178",99,{"v":12492.04,"d":"12,492.04"},{"v":0.114,"d":"11.40%"},null,{"v":1,"d":"1.00"},null,null,{"v":13916.13,"d":"13,916.13"},{"v":13916.13,"d":"13,916.13"}]
[2,2,2,8,17,11,0,0,0,8,{"$error":"#N/A"},"F","Nível 2","Nível 2","17.11.","SINAPI",null,"Desativação do Tratamento Preliminar Existente","-",0,null,"BDI 1",0,{"v":8651.19,"d":"8,651.19"},"RA","",3460.476,0,"",169,false,"(Sem Código)",0,{"v":0.2604,"d":"26.04%"},{"$nulls":4},{"v":8651.19,"d":"8,651.19"},0]
[3,3,3,5,17,11,1,0,0,7,5,"F","Nível 3","Nível 3","17.11.1.","SINAPI",null,"Serviços Preliminares","-",0,null,"BDI 1",0,{"v":5146.88,"d":"5,146.88"},"RA","",2058.752,0,"","",false,"(Sem Código)",0,{"v":0.2604,"d":"26.04%"},{"$nulls":4},{"v":5146.88,"d":"5,146.88"},0]
[4,4,4,2,17,11,1,1,0,4,2,"F","Nível 4","Nível 4","17.11.1.1.","SINAPI",null,"Retiradas","-",0,null,"BDI 1",0,{"v":58.4,"d":"58.40"},"RA","",23.36,0,"","",false,"(Sem Código)",0,{"v":0.2604,"d":"26.04%"},{"$nulls":4},{"v":58.4,"d":"58.40"},0]
["S",4,"S",0,17,11,1,1,1,0,0,"F","Serviço","Serviço","17.11.1.1.1.","CDHU","04.02.140","Retirada de estrutura metálica","KG",{"v":20,"d":"20.00"},2.32,"BDI 1",2.92,{"v":58.4,"d":"58.40"},"RA","RA",23.36,0,"","","CDHU 04.02.140",16004,2.32,{"v":0.2604,"d":"26.04%"},null,{"v":20,"d":"20.00"},null,null,{"v":58.4,"d":"58.40"},2.92]
[4,4,4,2,17,11,1,2,0,2,152,"F","Nível 4","Nível 4","17.11.1.2.","SINAPI",null,"Demolições","-",0,null,"BDI 1",0,{"v":5088.48,"d":"5,088.48"},"RA","",2035.3919999999998,0,"","",false,"(Sem Código)",0,{"v":0.2604,"d":"26.04%"},{"$nulls":4},{"v":5088.48,"d":"5,088.48"},0]
["S",4,"S",0,17,11,1,2,1,0,0,"F","Serviço","Serviço","17.11.1.2.1.","SABESP","70180031","DEMOLIÇÃO DE CONCRETO ARMADO","M3",{"v":17.5,"d":"17.50"},{"v":230.7,"d":"230.70"},"BDI 1",290.77,{"v":5088.48,"d":"5,088.48"},"RA","RA",2035.3919999999998,0,"","","SABESP 70180031",21865,{"v":230.7,"d":"230.70"},{"v":0.2604,"d":"26.04%"},null,{"v":17.5,"d":"17.50"},null,null,{"v":5088.48,"d":"5,088.48"},290.77]
[3,3,3,2,17,11,2,0,0,2,19,"F","Nível 3","Nível 3","17.11.2.","SINAPI",null,"Movimento de Terra","-",0,null,"BDI 1",0,{"v":3504.31,"d":"3,504.31"},"RA","",1401.7240000000002,0,"","",false,"(Sem Código)",0,{"v":0.2604,"d":"26.04%"},{"$nulls":4},{"v":3504.31,"d":"3,504.31"},0]
["S",3,"S",0,17,11,2,0,1,0,0,"F","Serviço","Serviço","17.11.2.0.1.","SABESP",70030020,"ATERRO DE VALAS, POÇOS E CAVAS COMPACTADO MECANICAMENTE, COM CONTROLE DO G.C. >= 95% DO E.N.C. (A)","M3",{"v":107.1,"d":"107.10"},25.96,"BDI 1",32.72,{"v":3504.31,"d":"3,504.31"},"RA","RA",1401.7240000000002,0,"","","SABESP 70030020",19945,25.96,{"v":0.2604,"d":"26.04%"},null,{"v":107.1,"d":"107.10"},null,null,{"v":3504.31,"d":"3,504.31"},32.72]
[1,1,1,192,18,0,0,0,0,428,192,"F","Meta","Meta","18.","SINAPI",null,"ETE - TRATAMENTO SECUNDÁRIO","-",0,0,"BDI 1",0,{"v":2690044.96,"d":"2,690,044.96"},"RA","",1076017.9839999997,0,"",170,false,"(Sem Código)",0,{"v":0.2604,"d":"26.04%"},{"$nulls":4},{"v":2690044.96,"d":"2,690,044.96"},0]
[2,2,2,6,18,1,0,0,0,191,6,"F","Nível 2","Nível 2","18.1.","SINAPI",null,"Serviços Técnicos","-",0,0,"BDI 1",0,{"v":3728.85,"d":"3,728.85"},"RA","",1491.5400000000002,0,"",171,false,"(Sem Código)",0,{"v":0.2604,"d":"26.04%"},{"$nulls":4},{"v":3728.85,"d":"3,728.85"},0]
[3,3,3,5,18,1,1,0,0,5,12,"F","Nível 3","Nível 3","18.1.1.","SINAPI",null,"Locação e Cadastro","-",0,0,"BDI 1",0,{"v":3728.85,"d":"3,728.85"},"RA","",1491.5400000000002,0,"","",false,"(Sem Código)",0,{"v":0.2604,"d":"26.04%"},{"$nulls":4},{"v":3728.85,"d":"3,728.85"},0]
["S",3,"S",0,18,1,1,0,1,0,0,"F","Serviço","Serviço","18.1.1.0.1.","SABESP",70010002,"LOCAÇÃO DE REDES DE ESGOTOS (ATÉ DIÂM. 500 MM)","M",180.09,1.09,"BDI 1",1.37,246.72,"RA","RA",98.688,0,"","","SABESP 70010002",19841,1.09,{"v":0.2604,"d":"26.04%"},null,180.09,null,null,246.72,1.37]
["S",3,"S",0,18,1,1,0,2,0,0,"F","Serviço","Serviço","18.1.1.0.2.","SABESP",70010005,"CADASTRO DE REDES","M",180.09,1.67,"BDI 1",{"v":2.1,"d":"2.10"},378.19,"RA","RA",151.276,0,"","","SABESP 70010005",19835,1.67,{"v":0.2604,"d":"26.04%"},null,180.09,null,null,378.19,{"v":2.1,"d":"2.10"}]
["S",3,"S",0,18,1,1,0,3,0,0,"F","Serviço","Serviço","18.1.1.0.3.","SABESP",70010008,"LOCAÇÃO DE OBRAS LOCALIZADAS","EQD",{"v":1,"d":"1.00"},{"v":1076.44,"d":"1,076.44"},"BDI 1",{"v":1356.74,"d":"1,356.74"},{"v":1356.74,"d":"1,356.74"},"RA","RA",542.696,0,"","","SABESP 70010008",19840,{"v":1076.44,"d":"1,076.44"},{"v":0.2604,"d":"26.04%"},null,{"v":1,"d":"1.00"},null,null,{"v":1356.74,"d":"1,356.74"},{"v":1356.74,"d":"1,356.74"}]
["S",3,"S",0,18,1,1,0,4,0,0,"F","Serviço","Serviço","18.1.1.0.4.","SABESP",70010009,"CADASTRO DE OBRAS LOCALIZADAS","EQD",{"v":1,"d":"1.00"},{"v":1386.23,"d":"1,386.23"},"BDI 1",{"v":1747.2,"d":"1,747.20"},{"v":1747.2,"d":"1,747.20"},"RA","RA",698.8800000000001,0,"","","SABESP 70010009",19834,{"v":1386.23,"d":"1,386.23"},{"v":0.2604,"d":"26.04%"},null,{"v":1,"d":"1.00"},null,null,{"v":1747.2,"d":"1,747.20"},{"v":1747.2,"d":"1,747.20"}]
[2,2,2,3,18,2,0,0,0,185,3,"F","Nível 2","Nível 2","18.2.","SINAPI",null,"Serviços Preliminares","-",0,0,"BDI 1",0,{"v":1891.27,"d":"1,891.27"},"RA","",756.508,0,"",172,false,"(Sem Código)",0,{"v":0.2604,"d":"26.04%"},{"$nulls":4},{"v":1891.27,"d":"1,891.27"},0]
[3,3,3,2,18,2,1,0,0,2,6,"F","Nível 3","Nível 3","18.2.1.","SINAPI",null,"Trânsito e Segurança","-",0,0,"BDI 1",0,{"v":1891.27,"d":"1,891.27"},"RA","",756.508,0,"","",false,"(Sem Código)",0,{"v":0.2604,"d":"26.04%"},{"$nulls":4},{"v":1891.27,"d":"1,891.27"},0]
["S",3,"S",0,18,2,1,0,1,0,0,"F","Serviço","Serviço","18.2.1.0.1.","SABESP",70190002,"PROTEÇÃO COM TELA DE NYLON","M2",97.74,15.35,"BDI 1",19.35,{"v":1891.27,"d":"1,891.27"},"RA","RA",756.508,0,"","","SABESP 70190002",21999,15.35,{"v":0.2604,"d":"26.04%"},null,97.74,null,null,{"v":1891.27,"d":"1,891.27"},19.35]
[2,2,2,13,18,3,0,0,0,182,13,"F","Nível 2","Nível 2","18.3.","SINAPI",null,"Movimento de Terra","-",0,0,"BDI 1",0,{"v":77380.9,"d":"77,380.90"},"RA","",30952.36,0,"",173,false,"(Sem Código)",0,{"v":0.2604,"d":"26.04%"},{"$nulls":4},{"v":77380.9,"d":"77,380.90"},0]
[3,3,3,3,18,3,1,0,0,12,3,"F","Nível 3","Nível 3","18.3.1.","SINAPI",null,"Escavação manual, qualquer terreno exceto rocha, para execução de estação elevatória em aduelas sucessivas","-",0,0,"BDI 1",0,{"v":5453.4,"d":"5,453.40"},"RA","",2181.36,0,"","",false,"(Sem Código)",0,{"v":0.2604,"d":"26.04%"},{"$nulls":4},{"v":5453.4,"d":"5,453.40"},0]
["S",3,"S",0,18,3,1,0,1,0,0,"F","Serviço","Serviço","18.3.1.0.1.","SABESP","70030055","ESCAVAÇÃO MANUAL, QUALQUER TERRENO EXCETO ROCHA, P/EXECEUÇÃO DE ESTAÇÃO ELEVATÓRIA EM ADUELAS SUCESSIVAS, PROF. ATÉ 2,00 M","M3",29.33,121.72,"BDI 1",153.42,{"v":4499.81,"d":"4,499.81"},"RA","RA",1799.9240000000002,0,"","","SABESP 70030055",19889,121.72,{"v":0.2604,"d":"26.04%"},null,29.33,null,null,{"v":4499.81,"d":"4,499.81"},153.42]
["S",3,"S",0,18,3,1,0,2,0,0,"F","Serviço","Serviço","18.3.1.0.2.","SABESP","70030056","ESCAVAÇÃO MANUAL, QUALQUER TERRENO EXCETO ROCHA, P/EXECEUÇÃO DE ESTAÇÃO ELEVATÓRIA EM ADUELAS SUCESSIVAS, PROF. DE 2,00 ATÉ 4,00 M","M3",5.18,146.06,"BDI 1",184.09,953.59,"RA","RA",381.43600000000004,0,"","","SABESP 70030056",19890,146.06,{"v":0.2604,"d":"26.04%"},null,5.18,null,null,953.59,184.09]
[3,3,3,3,18,3,2,0,0,9,3,"F","Nível 3","Nível 3","18.3.2.","SINAPI",null,"Escavação mecânica, qualquer terreno exceto rocha, de poços e cavas","-",0,0,"BDI 1",0,{"v":29849.37,"d":"29,849.37"},"RA","",11939.748,0,"","",false,"(Sem Código)",0,{"v":0.2604,"d":"26.04%"},{"$nulls":4},{"v":29849.37,"d":"29,849.37"},0]
["S",3,"S",0,18,3,2,0,1,0,0,"F","Serviço","Serviço","18.3.2.0.1.","SABESP",70030002,"ESCAVAÇÃO MECANIZADA DE POÇOS E CAVAS, EM SOLO NÃO ROCHOSO, C/PROF. ATÉ 2,00 M (A)","M3",951.42,16.05,"BDI 1",20.23,{"v":19247.23,"d":"19,247.23"},"RA","RA",7698.892,0,"","","SABESP 70030002",19926,16.05,{"v":0.2604,"d":"26.04%"},null,{"v":951.4200000000001,"d":"951.42"},null,null,{"v":19247.23,"d":"19,247.23"},20.23]
["S",3,"S",0,18,3,2,0,2,0,0,"F","Serviço","Serviço","18.3.2.0.2.","SABESP",70030004,"ESCAVAÇÃO MECANIZADA DE POÇOS E CAVAS, EM SOLO NÃO ROCHOSO, C/PROF. ATÉ 4,00 M (A)","M3",395.16,21.29,"BDI 1",26.83,{"v":10602.14,"d":"10,602.14"},"RA","RA",4240.856,0,"","","SABESP 70030004",19932,21.29,{"v":0.2604,"d":"26.04%"},null,395.16,null,null,{"v":10602.14,"d":"10,602.14"},26.83]
[3,3,3,2,18,3,3,0,0,6,2,"F","Nível 3","Nível 3","18.3.3.","SINAPI",null,"Aterros e recobrimentos especiais de valas, cavas e poços","-",0,0,"BDI 1",0,{"v":29220.27,"d":"29,220.27"},"RA","",11688.108,0,"","",false,"(Sem Código)",0,{"v":0.2604,"d":"26.04%"},{"$nulls":4},{"v":29220.27,"d":"29,220.27"},0]
["S",3,"S",0,18,3,3,0,1,0,0,"F","Serviço","Serviço","18.3.3.0.1.","SABESP",70030020,"ATERRO DE VALAS, POÇOS E CAVAS COMPACTADO MECANICAMENTE, COM CONTROLE DO G.C. >= 95% DO E.N.C. (A)","M3",893.04,25.96,"BDI 1",32.72,{"v":29220.27,"d":"29,220.27"},"RA","RA",11688.108,0,"","","SABESP 70030020",19945,25.96,{"v":0.2604,"d":"26.04%"},null,{"v":893.0400000000002,"d":"893.04"},null,null,{"v":29220.27,"d":"29,220.27"},32.72]
[3,3,3,4,18,3,4,0,0,4,22,"F","Nível 3","Nível 3","18.3.4.","SINAPI",null,"Carga, transporte e descarga","-",0,0,"BDI 1",0,{"v":12857.86,"d":"12,857.86"},"RA","",5143.144,0,"","",false,"(Sem Código)",0,{"v":0.2604,"d":"26.04%"},{"$nulls":4},{"v":12857.86,"d":"12,857.86"},0]
["S",3,"S",0,18,3,4,0,1,0,0,"F","Serviço","Serviço","18.3.4.0.1.","SABESP",70030090,"CARGA E DESCARGA - SOLO (A)","M3",453.54,{"v":7,"d":"7.00"},"BDI 1",8.82,{"v":4000.22,"d":"4,000.22"},"RA","RA",1600.088,0,"","","SABESP 70030090",19976,{"v":7,"d":"7.00"},{"v":0.2604,"d":"26.04%"},null,{"v":453.53999999999996,"d":"453.54"},null,null,{"v":4000.22,"d":"4,000.22"},8.82]
["S",3,"S",0,18,3,4,0,2,0,0,"F","Serviço","Serviço","18.3.4.0.2.","SABESP",70030091,"TRANSPORTE DE MATERIAL ESCAVADO - SOLO (A)","M3Q",{"v":2267.7,"d":"2,267.70"},{"v":2.8,"d":"2.80"},"BDI 1",3.53,{"v":8004.98,"d":"8,004.98"},"RA","RA",3201.992,0,"","","SABESP 70030091",19987,{"v":2.8,"d":"2.80"},{"v":0.2604,"d":"26.04%"},null,{"v":2267.7,"d":"2,267.70"},null,null,{"v":8004.98,"d":"8,004.98"},3.53]
["S",3,"S",0,18,3,4,0,3,0,0,"F","Serviço","Serviço","18.3.4.0.3.","SINAPI","100574","ESPALHAMENTO DE MATERIAL COM TRATOR DE ESTEIRAS. AF_09/2024","M3",453.54,1.49,"BDI 1",1.88,852.66,"RA","RA",341.064,0,"","","SINAPI 100574",6894,1.49,{"v":0.2604,"d":"26.04%"},null,{"v":453.53999999999996,"d":"453.54"},null,null,852.66,1.88]
[2,2,2,5,18,4,0,0,0,169,5,"F","Nível 2","Nível 2","18.4.","SINAPI",null,"Escoramentos","-",0,0,"BDI 1",0,{"v":208573.64,"d":"208,573.64"},"RA","",83429.456,0,"",174,false,"(Sem Código)",0,{"v":0.2604,"d":"26.04%"},{"$nulls":4},{"v":208573.64,"d":"208,573.64"},0]
[3,3,3,2,18,4,1,0,0,4,2,"F","Nível 3","Nível 3","18.4.1.","SINAPI",null,"Estruturas de escoramento - metálico madeira","-",0,0,"BDI 1",0,{"v":6553.71,"d":"6,553.71"},"RA","",2621.4840000000004,0,"","",false,"(Sem Código)",0,{"v":0.2604,"d":"26.04%"},{"$nulls":4},{"v":6553.71,"d":"6,553.71"},0]
["S",3,"S",0,18,4,1,0,1,0,0,"F","Serviço","Serviço","18.4.1.0.1.","SABESP",70040001,"PONTALETEAMENTO (A)","M2",405.05,12.84,"BDI 1",16.18,{"v":6553.71,"d":"6,553.71"},"RA","RA",2621.4840000000004,0,"","","SABESP 70040001",20001,12.84,{"v":0.2604,"d":"26.04%"},null,{"v":405.05000000000007,"d":"405.05"},null,null,{"v":6553.71,"d":"6,553.71"},16.18]
[3,3,3,2,18,4,2,0,0,2,10,"F","Nível 3","Nível 3","18.4.2.","SINAPI",null,"Estruturas de escoramento - metálico madeira","-",0,0,"BDI 1",0,{"v":202019.93,"d":"202,019.93"},"RA","",80807.97200000001,0,"","",false,"(Sem Código)",0,{"v":0.2604,"d":"26.04%"},{"$nulls":4},{"v":202019.93,"d":"202,019.93"},0]
["S",3,"S",0,18,4,2,0,1,0,0,"F","Serviço","Serviço","18.4.2.0.1.","SABESP",70040031,"ESCORAMENTO METÁLICO-MADEIRA COM LONGARINAS E ESTRONCAS - PROFUNDIDADE ATÉ 4,00 M","M2",442.57,362.16,"BDI 1",456.47,{"v":202019.93,"d":"202,019.93"},"RA","RA",80807.97200000001,0,"","","SABESP 70040031",20027,362.16,{"v":0.2604,"d":"26.04%"},null,442.57,null,null,{"v":202019.93,"d":"202,019.93"},456.47]
[2,2,2,3,18,5,0,0,0,164,3,"F","Nível 2","Nível 2","18.5.","SINAPI",null,"Esgotamentos","-",0,0,"BDI 1",0,{"v":1718.4,"d":"1,718.40"},"RA","",687.3600000000001,0,"",175,false,"(Sem Código)",0,{"v":0.2604,"d":"26.04%"},{"$nulls":4},{"v":1718.4,"d":"1,718.40"},0]
[3,3,3,2,18,5,1,0,0,2,5,"F","Nível 3","Nível 3","18.5.1.","SINAPI",null,"Águas superficiais","-",0,0,"BDI 1",0,{"v":1718.4,"d":"1,718.40"},"RA","",687.3600000000001,0,"","",false,"(Sem Código)",0,{"v":0.2604,"d":"26.04%"},{"$nulls":4},{"v":1718.4,"d":"1,718.40"},0]
["S",3,"S",0,18,5,1,0,1,0,0,"F","Serviço","Serviço","18.5.1.0.1.","SABESP",70050001,"ESGOTAMENTO COM BOMBAS DE SUPERFÍCIE OU SUBMERSAS","HPH",{"v":480,"d":"480.00"},2.84,"BDI 1",3.58,{"v":1718.4,"d":"1,718.40"},"RA","RA",687.3600000000001,0,"","","SABESP 70050001",20039,2.84,{"v":0.2604,"d":"26.04%"},null,{"v":480,"d":"480.00"},null,null,{"v":1718.4,"d":"1,718.40"},3.58]
[2,2,2,18,18,6,0,0,0,161,18,"F","Nível 2","Nível 2","18.6.","SINAPI",null,"Fundações e Estruturas","-",0,0,"BDI 1",0,{"v":1366904.74,"d":"1,366,904.74"},"RA","",546761.896,0,"",176,false,"(Sem Código)",0,{"v":0.2604,"d":"26.04%"},{"$nulls":4},{"v":1366904.74,"d":"1,366,904.74"},0]
[3,3,3,2,18,6,1,0,0,17,2,"F","Nível 3","Nível 3","18.6.1.","SINAPI",null,"Lastros","-",0,null,"BDI 1",0,{"v":3730.47,"d":"3,730.47"},"RA","",1492.188,0,"","",false,"(Sem Código)",0,{"v":0.2604,"d":"26.04%"},{"$nulls":4},{"v":3730.47,"d":"3,730.47"},0]
["S",3,"S",0,18,6,1,0,1,0,0,"F","Serviço","Serviço","18.6.1.0.1.","SABESP","70070046","LASTRO DE PEDRA BRITADA (A)","M3",{"v":19.6,"d":"19.60"},151.01,"BDI 1",190.33,{"v":3730.47,"d":"3,730.47"},"RA","RA",1492.188,0,"","","SABESP 70070046",20138,151.01,{"v":0.2604,"d":"26.04%"},null,{"v":19.599999999999998,"d":"19.60"},null,null,{"v":3730.47,"d":"3,730.47"},190.33]
[3,3,3,2,18,6,2,0,0,15,2,"F","Nível 3","Nível 3","18.6.2.","SINAPI",null,"Formas para concreto","-",0,0,"BDI 1",0,{"v":473394.67,"d":"473,394.67"},"RA","",189357.86800000002,0,"","",false,"(Sem Código)",0,{"v":0.2604,"d":"26.04%"},{"$nulls":4},{"v":473394.67,"d":"473,394.67"},0]
["S",3,"S",0,18,6,2,0,1,0,0,"F","Serviço","Serviço","18.6.2.0.1.","CDHU","09.02.020","Forma plana em compensado para estrutura convencional","M2",{"v":1886.26,"d":"1,886.26"},199.12,"BDI 1",250.97,{"v":473394.67,"d":"473,394.67"},"RA","RA",189357.86800000002,0,"","","CDHU 09.02.020",16302,199.12,{"v":0.2604,"d":"26.04%"},null,{"v":1886.26,"d":"1,886.26"},null,null,{"v":473394.67,"d":"473,394.67"},250.97]
[3,3,3,3,18,6,3,0,0,13,3,"F","Nível 3","Nível 3","18.6.3.","SINAPI",null,"Aços para Concreto","-",0,0,"BDI 1",0,{"v":541185.42,"d":"541,185.42"},"RA","",216474.16799999998,0,"","",false,"(Sem Código)",0,{"v":0.2604,"d":"26.04%"},{"$nulls":4},{"v":541185.42,"d":"541,185.42"},0]
["S",3,"S",0,18,6,3,0,1,0,0,"F","Serviço","Serviço","18.6.3.0.1.","SABESP",70070135,"ARMAÇÃO EM AÇO CA-50","KG",{"v":32036.59,"d":"32,036.59"},13.24,"BDI 1",16.69,{"v":534690.69,"d":"534,690.69"},"RA","RA",213876.27599999998,0,"","","SABESP 70070135",20232,13.24,{"v":0.2604,"d":"26.04%"},null,{"v":32036.590000000007,"d":"32,036.59"},null,null,{"v":534690.69,"d":"534,690.69"},16.69]
["S",3,"S",0,18,6,3,0,2,0,0,"F","Serviço","Serviço","18.6.3.0.2.","SABESP",70070136,"ARMAÇÃO EM AÇO CA-60","KG",377.82,13.64,"BDI 1",17.19,{"v":6494.73,"d":"6,494.73"},"RA","RA",2597.892,0,"","","SABESP 70070136",20233,13.64,{"v":0.2604,"d":"26.04%"},null,377.82,null,null,{"v":6494.73,"d":"6,494.73"},17.19]
[3,3,3,2,18,6,4,0,0,10,2,"F","Nível 3","Nível 3","18.6.4.","SINAPI",null,"Concreto não estrutural","-",0,0,"BDI 1",0,{"v":21824.74,"d":"21,824.74"},"RA","",8729.896,0,"","",false,"(Sem Código)",0,{"v":0.2604,"d":"26.04%"},{"$nulls":4},{"v":21824.74,"d":"21,824.74"},0]
["S",3,"S",0,18,6,4,0,1,0,0,"F","Serviço","Serviço","18.6.4.0.1.","SABESP",70070142,"CONCRETO NÃO ESTRUTURAL - MÍNIMO 150 KG DE CIMENTO/M³","M3",29.56,585.78,"BDI 1",738.32,{"v":21824.74,"d":"21,824.74"},"RA","RA",8729.896,0,"","","SABESP 70070142",20236,585.78,{"v":0.2604,"d":"26.04%"},null,29.56,null,null,{"v":21824.74,"d":"21,824.74"},738.32]
[3,3,3,2,18,6,5,0,0,8,2,"F","Nível 3","Nível 3","18.6.5.","SINAPI",null,"Concreto Estrutural para estruturas sujeitas ao contato com água e esgoto","-",0,0,"BDI 1",0,{"v":303240.65,"d":"303,240.65"},"RA","",121296.26000000001,0,"","",false,"(Sem Código)",0,{"v":0.2604,"d":"26.04%"},{"$nulls":4},{"v":303240.65,"d":"303,240.65"},0]
["S",3,"S",0,18,6,5,0,1,0,0,"F","Serviço","Serviço","18.6.5.0.1.","SABESP",70070301,"CONCRETO ESTRUTURAL P/ ESTRUTURAS EM CONTATO COM ESGOTO, GASES AGRESSIVOS, AMBIENTE MARÍTIMO E ESTRUTURAS PARA TRATAMENTO DE ÁGUA, FCK = 40,0 MPA, A/C MÁX. 0,45 L/KG - MÍN. DE 360 KG DE CIMENTO/M³","M3",342.73,701.98,"BDI 1",884.78,{"v":303240.65,"d":"303,240.65"},"RA","RA",121296.26000000001,0,"","","SABESP 70070301",20248,701.98,{"v":0.2604,"d":"26.04%"},null,342.73,null,null,{"v":303240.65,"d":"303,240.65"},884.78]
[3,3,3,2,18,6,6,0,0,6,2,"F","Nível 3","Nível 3","18.6.6.","SINAPI",null,"Aduelas sucessivas de concreto armado moldada in loco","-",0,0,"BDI 1",0,{"v":1641.06,"d":"1,641.06"},"RA","",656.424,0,"","",false,"(Sem Código)",0,{"v":0.2604,"d":"26.04%"},{"$nulls":4},{"v":1641.06,"d":"1,641.06"},0]
["S",3,"S",0,18,6,6,0,1,0,0,"F","Serviço","Serviço","18.6.6.0.1.","SABESP",70070213,"ADUELAS DE CONCR. ARMADO, PRÉ-MOLDADAS, C/PB, DIÂM. 0,80 M - H\n= 0,50 M","un",{"v":6,"d":"6.00"},{"v":217,"d":"217.00"},"BDI 1",273.51,{"v":1641.06,"d":"1,641.06"},"RA","RA",656.424,0,"","","SABESP 70070213",20330,{"v":217,"d":"217.00"},{"v":0.2604,"d":"26.04%"},null,{"v":6,"d":"6.00"},null,null,{"v":1641.06,"d":"1,641.06"},273.51]
[3,3,3,4,18,6,7,0,0,4,{"$error":"#N/A"},"F","Nível 3","Nível 3","18.6.7.","SINAPI",null,"Lastros para assentamento de tubos e peças","-",0,0,"BDI 1",0,{"v":21887.73,"d":"21,887.73"},"RA","",8755.092,0,"","",false,"(Sem Código)",0,{"v":0.2604,"d":"26.04%"},{"$nulls":4},{"v":21887.73,"d":"21,887.73"},0]
["S",3,"S",0,18,6,7,0,1,0,0,"F","Serviço","Serviço","18.6.7.0.1.","SABESP",70070057,"LASTRO, LAJE E BERÇO P/ ASSENTAM. DE TUBOS E PEÇAS, DIÂM. 100 MM (A)","M",126.92,81.51,"BDI 1",102.74,{"v":13039.76,"d":"13,039.76"},"RA","RA",5215.904,0,"","","SABESP 70070057",20148,81.51,{"v":0.2604,"d":"26.04%"},null,{"v":126.92000000000002,"d":"126.92"},null,null,{"v":13039.76,"d":"13,039.76"},102.74]
["S",3,"S",0,18,6,7,0,2,0,0,"F","Serviço","Serviço","18.6.7.0.2.","SABESP",70070058,"LASTRO, LAJE E BERÇO P/ ASSENTAM. DE TUBOS E PEÇAS, DIÂM. 150 MM (A)","M",17.82,113.38,"BDI 1",{"v":142.9,"d":"142.90"},{"v":2546.48,"d":"2,546.48"},"RA","RA",1018.5920000000001,0,"","","SABESP 70070058",20151,113.38,{"v":0.2604,"d":"26.04%"},null,17.82,null,null,{"v":2546.48,"d":"2,546.48"},{"v":142.9,"d":"142.90"}]
["S",3,"S",0,18,6,7,0,3,0,0,"F","Serviço","Serviço","18.6.7.0.3.","SABESP",70070059,"LASTRO, LAJE E BERÇO P/ ASSENTAM. DE TUBOS E PEÇAS, DIÂM. 200 MM (A)","M",35.35,141.43,"BDI 1",178.26,{"v":6301.49,"d":"6,301.49"},"RA","RA",2520.596,0,"","","SABESP 70070059",20154,141.43,{"v":0.2604,"d":"26.04%"},null,35.35,null,null,{"v":6301.49,"d":"6,301.49"},178.26]
[2,2,2,14,18,7,0,0,0,143,14,"F","Nível 2","Nível 2","18.7.","SINAPI",null,"Assentamentos, Montagens, Cargas, Transporte e Descargas de Tubulação","-",0,0,"BDI 1",0,{"v":31048.36,"d":"31,048.36"},"RA","",12419.344000000001,0,"",177,false,"(Sem Código)",0,{"v":0.2604,"d":"26.04%"},{"$nulls":4},{"v":31048.36,"d":"31,048.36"},0]
[3,3,3,4,18,7,1,0,0,13,4,"F","Nível 3","Nível 3","18.7.1.","SINAPI",null,"Assentamento simples de tubos e peças de Ferro Fundido","-",0,0,"BDI 1",0,{"v":3452.38,"d":"3,452.38"},"RA","",1380.952,0,"","",false,"(Sem Código)",0,{"v":0.2604,"d":"26.04%"},{"$nulls":4},{"v":3452.38,"d":"3,452.38"},0]
["S",3,"S",0,18,7,1,0,1,0,0,"F","Serviço","Serviço","18.7.1.0.1.","SABESP",70080107,"ASSENTAM. SIMPLES DE TUBOS E PEÇAS, DN 100 MM, EM FºFº, JE (A)","M",126.92,12.97,"BDI 1",16.35,{"v":2075.14,"d":"2,075.14"},"RA","RA",830.056,0,"","","SABESP 70080107",20522,12.97,{"v":0.2604,"d":"26.04%"},null,{"v":126.92000000000002,"d":"126.92"},null,null,{"v":2075.14,"d":"2,075.14"},16.35]
["S",3,"S",0,18,7,1,0,2,0,0,"F","Serviço","Serviço","18.7.1.0.2.","SABESP",70080108,"ASSENTAM. SIMPLES DE TUBOS E PEÇAS, DN 150 MM, EM FºFº, JE (A)","M",17.82,19.39,"BDI 1",24.44,435.52,"RA","RA",174.208,0,"","","SABESP 70080108",20525,19.39,{"v":0.2604,"d":"26.04%"},null,17.82,null,null,435.52,24.44]
["S",3,"S",0,18,7,1,0,3,0,0,"F","Serviço","Serviço","18.7.1.0.3.","SABESP",70080109,"ASSENTAM. SIMPLES DE TUBOS E PEÇAS, DN 200 MM, EM FºFº, JE (A)","M",35.35,21.14,"BDI 1",26.64,941.72,"RA","RA",376.68800000000005,0,"","","SABESP 70080109",20528,21.14,{"v":0.2604,"d":"26.04%"},null,35.35,null,null,941.72,26.64]
[3,3,3,2,18,7,2,0,0,9,2,"F","Nível 3","Nível 3","18.7.2.","SINAPI",null,"Assentamento de Tampão de ferro fundido Ø = 600mm","-",0,0,"BDI 1",0,{"v":341.6,"d":"341.60"},"RA","",136.64000000000001,0,"","",false,"(Sem Código)",0,{"v":0.2604,"d":"26.04%"},{"$nulls":4},{"v":341.6,"d":"341.60"},0]
["S",3,"S",0,18,7,2,0,1,0,0,"F","Serviço","Serviço","18.7.2.0.1.","SABESP",70070230,"ASSENTAMENTO DE TAMPÃO DE FERRO FUNDIDO, DN 600 MM","un",{"v":2,"d":"2.00"},135.51,"BDI 1",{"v":170.8,"d":"170.80"},{"v":341.6,"d":"341.60"},"RA","RA",136.64000000000001,0,"","","SABESP 70070230",20346,135.51,{"v":0.2604,"d":"26.04%"},null,{"v":2,"d":"2.00"},null,null,{"v":341.6,"d":"341.60"},{"v":170.8,"d":"170.80"}]
[3,3,3,4,18,7,3,0,0,7,4,"F","Nível 3","Nível 3","18.7.3.","SINAPI",null,"Montagens de Tubos, Conexões e Válvulas de Ferro Fundido","-",0,0,"BDI 1",0,{"v":24775.02,"d":"24,775.02"},"RA","",9910.008,0,"","",false,"(Sem Código)",0,{"v":0.2604,"d":"26.04%"},{"$nulls":4},{"v":24775.02,"d":"24,775.02"},0]
["S",3,"S",0,18,7,3,0,1,0,0,"F","Serviço","Serviço","18.7.3.0.1.","SABESP",70140023,"TUBOS E CONEXÕES METÁLICOS FLANGEADOS - MONTAGEM","KG",{"v":3530.82,"d":"3,530.82"},2.38,"BDI 1",{"v":3,"d":"3.00"},{"v":10592.46,"d":"10,592.46"},"RA","RA",4236.9839999999995,0,"","","SABESP 70140023",21306,2.38,{"v":0.2604,"d":"26.04%"},null,{"v":3530.8199999999997,"d":"3,530.82"},null,null,{"v":10592.46,"d":"10,592.46"},{"v":3,"d":"3.00"}]
["S",3,"S",0,18,7,3,0,2,0,0,"F","Serviço","Serviço","18.7.3.0.2.","SABESP",70140057,"VÁLVULA GAVETA FOFO ATÉ DN200 MM - MONTAGEM","un",{"v":20,"d":"20.00"},420.98,"BDI 1",{"v":530.6,"d":"530.60"},{"v":10612,"d":"10,612.00"},"RA","RA",4244.8,0,"","","SABESP 70140057",21348,420.98,{"v":0.2604,"d":"26.04%"},null,{"v":20,"d":"20.00"},null,null,{"v":10612,"d":"10,612.00"},{"v":530.6,"d":"530.60"}]
["S",3,"S",0,18,7,3,0,3,0,0,"F","Serviço","Serviço","18.7.3.0.3.","SABESP",70140050,"JUNTA GIBAULT ATÉ DN 300 MM - MONTAGEM","un",{"v":14,"d":"14.00"},202.35,"BDI 1",255.04,{"v":3570.56,"d":"3,570.56"},"RA","RA",1428.2240000000002,0,"","","SABESP 70140050",21325,202.35,{"v":0.2604,"d":"26.04%"},null,{"v":14,"d":"14.00"},null,null,{"v":3570.56,"d":"3,570.56"},255.04]
[3,3,3,3,18,7,4,0,0,3,167,"F","Nível 3","Nível 3","18.7.4.","SINAPI",null,"Carga, transporte até 10 km e descarga de tubos e peças de Ferro Fundido","-",0,0,"BDI 1",0,{"v":2479.36,"d":"2,479.36"},"RA","",991.7440000000001,0,"","",false,"(Sem Código)",0,{"v":0.2604,"d":"26.04%"},{"$nulls":4},{"v":2479.36,"d":"2,479.36"},0]
["S",3,"S",0,18,7,4,0,1,0,0,"F","Serviço","Serviço","18.7.4.0.1.","SABESP",70080342,"CARGA E DESCARGA, DE TUBOS E PEÇAS EM FERRO FUNDIDO","TON",9.07,116.91,"BDI 1",147.35,{"v":1336.46,"d":"1,336.46"},"RA","RA",534.5840000000001,0,"","","SABESP 70080342",20760,116.91,{"v":0.2604,"d":"26.04%"},null,9.07,null,null,{"v":1336.46,"d":"1,336.46"},147.35]
["S",3,"S",0,18,7,4,0,2,0,0,"F","Serviço","Serviço","18.7.4.0.2.","SABESP",70080343,"TRANSPORTE, DE TUBOS E PEÇAS EM FERRO FUNDIDO","TOK",272.12,3.33,"BDI 1",{"v":4.2,"d":"4.20"},{"v":1142.9,"d":"1,142.90"},"RA","RA",457.1600000000001,0,"","","SABESP 70080343",20761,3.33,{"v":0.2604,"d":"26.04%"},null,272.12,null,null,{"v":1142.9,"d":"1,142.90"},{"v":4.2,"d":"4.20"}]
[2,2,2,7,18,8,0,0,0,129,7,"F","Nível 2","Nível 2","18.8.","SINAPI",null,"Montagem de materiais e equipamentos Elétricos","-",0,0,"BDI 1",0,{"v":69832.8,"d":"69,832.80"},"RA","",27933.120000000003,0,"",178,false,"(Sem Código)",0,{"v":0.2604,"d":"26.04%"},{"$nulls":4},{"v":69832.8,"d":"69,832.80"},0]
[3,3,3,3,18,8,1,0,0,6,3,"F","Nível 3","Nível 3","18.8.1.","SINAPI",null,"Montagem de materiais e equipamentos elétricos (conforme lista do projeto elétrico)","-",0,0,"BDI 1",0,{"v":46555.2,"d":"46,555.20"},"RA","",18622.08,0,"","",false,"(Sem Código)",0,{"v":0.2604,"d":"26.04%"},{"$nulls":4},{"v":46555.2,"d":"46,555.20"},0]
["S",3,"S",0,18,8,1,0,1,0,0,"F","Serviço","Serviço","18.8.1.0.1.","SINAPI",88264,"ELETRICISTA COM ENCARGOS COMPLEMENTARES","H",{"v":480,"d":"480.00"},44.32,"BDI 1",55.86,{"v":26812.8,"d":"26,812.80"},"RA","RA",10725.12,0,"","","SINAPI 88264",13007,44.32,{"v":0.2604,"d":"26.04%"},null,{"v":480,"d":"480.00"},null,null,{"v":26812.8,"d":"26,812.80"},55.86]
["S",3,"S",0,18,8,1,0,2,0,0,"F","Serviço","Serviço","18.8.1.0.2.","SINAPI",88247,"AUXILIAR DE ELETRICISTA COM ENCARGOS COMPLEMENTARES","H",{"v":480,"d":"480.00"},32.63,"BDI 1",41.13,{"v":19742.4,"d":"19,742.40"},"RA","RA",7896.960000000001,0,"","","SINAPI 88247",12787,32.63,{"v":0.2604,"d":"26.04%"},null,{"v":480,"d":"480.00"},null,null,{"v":19742.4,"d":"19,742.40"},41.13]
[3,3,3,3,18,8,2,0,0,3,122,"F","Nível 3","Nível 3","18.8.2.","SINAPI",null,"Montagem de materiais e equipamentos de automação (conforme lista do projeto elétrico)","-",0,0,"BDI 1",0,{"v":23277.6,"d":"23,277.60"},"RA","",9311.04,0,"","",false,"(Sem Código)",0,{"v":0.2604,"d":"26.04%"},{"$nulls":4},{"v":23277.6,"d":"23,277.60"},0]
["S",3,"S",0,18,8,2,0,1,0,0,"F","Serviço","Serviço","18.8.2.0.1.","SINAPI",88264,"ELETRICISTA COM ENCARGOS COMPLEMENTARES","H",{"v":240,"d":"240.00"},44.32,"BDI 1",55.86,{"v":13406.4,"d":"13,406.40"},"RA","RA",5362.56,0,"","","SINAPI 88264",13007,44.32,{"v":0.2604,"d":"26.04%"},null,{"v":240,"d":"240.00"},null,null,{"v":13406.4,"d":"13,406.40"},55.86]
["S",3,"S",0,18,8,2,0,2,0,0,"F","Serviço","Serviço","18.8.2.0.2.","SINAPI",88247,"AUXILIAR DE ELETRICISTA COM ENCARGOS COMPLEMENTARES","H",{"v":240,"d":"240.00"},32.63,"BDI 1",41.13,{"v":9871.2,"d":"9,871.20"},"RA","RA",3948.4800000000005,0,"","","SINAPI 88247",12787,32.63,{"v":0.2604,"d":"26.04%"},null,{"v":240,"d":"240.00"},null,null,{"v":9871.2,"d":"9,871.20"},41.13]
[2,2,2,4,18,9,0,0,0,122,4,"F","Nível 2","Nível 2","18.9.","SINAPI",null,"Grades Metálicas","-",0,null,"BDI 1",0,{"v":277469.3,"d":"277,469.30"},"RA","",110987.72,0,"",179,false,"(Sem Código)",0,{"v":0.2604,"d":"26.04%"},{"$nulls":4},{"v":277469.3,"d":"277,469.30"},0]
[3,3,3,3,18,9,1,0,0,3,90,"F","Nível 3","Nível 3","18.9.1.","SINAPI",null,"Grades de Proteção","-",0,null,"BDI 1",0,{"v":277469.3,"d":"277,469.30"},"RA","",110987.72,0,"","",false,"(Sem Código)",0,{"v":0.2604,"d":"26.04%"},{"$nulls":4},{"v":277469.3,"d":"277,469.30"},0]
["S",3,"S",0,18,9,1,0,1,0,0,"F","Serviço","Serviço","18.9.1.0.1.","SINAPI","99837","GUARDA-CORPO DE AÇO GALVANIZADO DE 1,10M, MONTANTES TUBULARES DE 1.1/4\" ESPAÇADOS DE 1,20M, TRAVESSA SUPERIOR DE 1.1/2\", GRADIL FORMADO POR TUBOS HORIZONTAIS DE 1\" E VERTICAIS DE 3/4\", FIXADO COM CHUMBADOR MECÂNICO. AF_04/2019_PS","M",300.75,669.32,"BDI 1",843.61,{"v":253715.71,"d":"253,715.71"},"RA","RA",101486.284,0,"","","SINAPI 99837",10235,669.32,{"v":0.2604,"d":"26.04%"},null,300.75,null,null,{"v":253715.71,"d":"253,715.71"},843.61]
["S",3,"S",0,18,9,1,0,2,0,0,"F","Serviço","Serviço","18.9.1.0.2.","SINAPI","100752","PINTURA COM TINTA EPOXÍDICA DE ACABAMENTO APLICADA A ROLO OU PINCEL SOBRE PERFIL METÁLICO EXECUTADO EM FÁBRICA (02 DEMÃOS). AF_01/2020","M2",330.83,56.97,"BDI 1",{"v":71.8,"d":"71.80"},{"v":23753.59,"d":"23,753.59"},"RA","RA",9501.436,0,"","","SINAPI 100752",13934,56.97,{"v":0.2604,"d":"26.04%"},null,330.83,null,null,{"v":23753.59,"d":"23,753.59"},{"v":71.8,"d":"71.80"}]
[2,2,2,118,18,10,0,0,0,118,{"$error":"#N/A"},"F","Nível 2","Nível 2","18.10.","SINAPI",null,"Fornecimento de materiais e equipamentos","-",0,0,"BDI 1",0,{"v":651496.7,"d":"651,496.70"},"RA","",260598.68,0,"",180,false,"(Sem Código)",0,{"v":0.2604,"d":"26.04%"},{"$nulls":4},{"v":651496.7,"d":"651,496.70"},0]
[3,3,3,86,18,10,1,0,0,117,86,"F","Nível 3","Nível 3","18.10.1.","SINAPI",null,"Hidráulicos e hidromecânicos","-",0,0,"BDI 1",0,{"v":407191.42,"d":"407,191.42"},"RA","",162876.56799999997,0,"","",false,"(Sem Código)",0,{"v":0.2604,"d":"26.04%"},{"$nulls":4},{"v":407191.42,"d":"407,191.42"},0]
[4,4,4,56,18,10,1,1,0,85,56,"F","Nível 4","Nível 4","18.10.1.1.","SINAPI",null,"Tubulação de ferro fundido","-",0,0,"BDI 1",0,{"v":297121.91,"d":"297,121.91"},"RA","",118848.76400000001,0,"","",false,"(Sem Código)",0,{"v":0.2604,"d":"26.04%"},{"$nulls":4},{"v":297121.91,"d":"297,121.91"},0]
["S",4,"S",0,18,10,1,1,1,0,0,"F","Serviço","Serviço","18.10.1.1.1.","SABESP-I","HM06999","TUBO C/FLANGES PN10/16 FERRO FUNDIDO DN=100 MM L=1.000 MM (26,20 KG) PINTURA EPÓXI VERMELHA, ACESSÓRIOS NÃO INCLUSOS NBR 15420 ESGOTO","un",{"v":4,"d":"4.00"},{"v":1924.29,"d":"1,924.29"},"BDI 2",{"v":2143.66,"d":"2,143.66"},{"v":8574.64,"d":"8,574.64"},"RA","RA",3429.8559999999998,0,"","","SABESP-I HM06999",27150,{"v":1924.29,"d":"1,924.29"},{"v":0.114,"d":"11.40%"},null,{"v":4,"d":"4.00"},null,null,{"v":8574.64,"d":"8,574.64"},{"v":2143.66,"d":"2,143.66"}]
["S",4,"S",0,18,10,1,1,2,0,0,"F","Serviço","Serviço","18.10.1.1.2.","SABESP-I","HM07000","TUBO C/FLANGES PN10/16 FERRO FUNDIDO DN=100 MM L=1.500 MM (34,80 KG) PINTURA EPÓXI VERMELHA, ACESSÓRIOS NÃO INCLUSOS NBR 15420 ESGOTO","un",{"v":2,"d":"2.00"},{"v":2050.63,"d":"2,050.63"},"BDI 2",{"v":2284.4,"d":"2,284.40"},{"v":4568.8,"d":"4,568.80"},"RA","RA",1827.5200000000002,0,"","","SABESP-I HM07000",27151,{"v":2050.63,"d":"2,050.63"},{"v":0.114,"d":"11.40%"},null,{"v":2,"d":"2.00"},null,null,{"v":4568.8,"d":"4,568.80"},{"v":2284.4,"d":"2,284.40"}]
["S",4,"S",0,18,10,1,1,3,0,0,"F","Serviço","Serviço","18.10.1.1.3.","SABESP-I","HM07000","TUBO C/FLANGES PN10/16 FERRO FUNDIDO DN=100 MM L=1.500 MM (34,80 KG) PINTURA EPÓXI VERMELHA, ACESSÓRIOS NÃO INCLUSOS NBR 15420 ESGOTO","un",{"v":2,"d":"2.00"},{"v":2050.63,"d":"2,050.63"},"BDI 2",{"v":2284.4,"d":"2,284.40"},{"v":4568.8,"d":"4,568.80"},"RA","RA",1827.5200000000002,0,"","","SABESP-I HM07000",27151,{"v":2050.63,"d":"2,050.63"},{"v":0.114,"d":"11.40%"},null,{"v":2,"d":"2.00"},null,null,{"v":4568.8,"d":"4,568.80"},{"v":2284.4,"d":"2,284.40"}]
["S",4,"S",0,18,10,1,1,4,0,0,"F","Serviço","Serviço","18.10.1.1.4.","SABESP-I","HM07001","TUBO C/FLANGES PN10/16 FERRO FUNDIDO DN=100 MM L=2.000 MM (43,40 KG) PINTURA EPÓXI VERMELHA, ACESSÓRIOS NÃO INCLUSOS NBR 15420 ESGOTO","un",{"v":2,"d":"2.00"},{"v":2299.02,"d":"2,299.02"},"BDI 2",{"v":2561.11,"d":"2,561.11"},{"v":5122.22,"d":"5,122.22"},"RA","RA",2048.8880000000004,0,"","","SABESP-I HM07001",27152,{"v":2299.02,"d":"2,299.02"},{"v":0.114,"d":"11.40%"},null,{"v":2,"d":"2.00"},null,null,{"v":5122.22,"d":"5,122.22"},{"v":2561.11,"d":"2,561.11"}]
["S",4,"S",0,18,10,1,1,5,0,0,"F","Serviço","Serviço","18.10.1.1.5.","SABESP-I","HM07002","TUBO C/FLANGES PN10/16 FERRO FUNDIDO DN=100 MM L=2.500 MM (52,00 KG) PINTURA EPÓXI VERMELHA, ACESSÓRIOS NÃO INCLUSOS NBR 15420 ESGOTO","un",{"v":2,"d":"2.00"},{"v":2410.05,"d":"2,410.05"},"BDI 2",{"v":2684.8,"d":"2,684.80"},{"v":5369.6,"d":"5,369.60"},"RA","RA",2147.84,0,"","","SABESP-I HM07002",27153,{"v":2410.05,"d":"2,410.05"},{"v":0.114,"d":"11.40%"},null,{"v":2,"d":"2.00"},null,null,{"v":5369.6,"d":"5,369.60"},{"v":2684.8,"d":"2,684.80"}]
["S",4,"S",0,18,10,1,1,6,0,0,"F","Serviço","Serviço","18.10.1.1.6.","SABESP-I","HM07003","TUBO C/FLANGES PN10/16 FERRO FUNDIDO DN=100 MM L=3.000 MM (60,60 KG) PINTURA EPÓXI VERMELHA, ACESSÓRIOS NÃO INCLUSOS NBR 15420 ESGOTO","un",{"v":6,"d":"6.00"},{"v":2914.94,"d":"2,914.94"},"BDI 2",{"v":3247.24,"d":"3,247.24"},{"v":19483.44,"d":"19,483.44"},"RA","RA",7793.376,0,"","","SABESP-I HM07003",27154,{"v":2914.94,"d":"2,914.94"},{"v":0.114,"d":"11.40%"},null,{"v":6,"d":"6.00"},null,null,{"v":19483.44,"d":"19,483.44"},{"v":3247.24,"d":"3,247.24"}]
["S",4,"S",0,18,10,1,1,7,0,0,"F","Serviço","Serviço","18.10.1.1.7.","SABESP-I","HM07007","TUBO C/FLANGES PN10/16 FERRO FUNDIDO DN=100 MM L=5.000 MM (95,00 KG) PINTURA EPÓXI VERMELHA, ACESSÓRIOS NÃO INCLUSOS NBR 15420 ESGOTO","un",{"v":2,"d":"2.00"},{"v":4113.3,"d":"4,113.30"},"BDI 2",{"v":4582.22,"d":"4,582.22"},{"v":9164.44,"d":"9,164.44"},"RA","RA",3665.7760000000003,0,"","","SABESP-I HM07007",27158,{"v":4113.3,"d":"4,113.30"},{"v":0.114,"d":"11.40%"},null,{"v":2,"d":"2.00"},null,null,{"v":9164.44,"d":"9,164.44"},{"v":4582.22,"d":"4,582.22"}]
["S",4,"S",0,18,10,1,1,8,0,0,"F","Serviço","Serviço","18.10.1.1.8.","SABESP-I","HM07009","TUBO C/FLANGES PN10/16 FERRO FUNDIDO DN=100 MM L=5.800 MM (108,76 KG) PINTURA EPÓXI VERMELHA, ACESSÓRIOS NÃO INCLUSOS NBR 15420 ESGOTO","un",{"v":2,"d":"2.00"},{"v":4178.73,"d":"4,178.73"},"BDI 2",{"v":4655.11,"d":"4,655.11"},{"v":9310.22,"d":"9,310.22"},"RA","RA",3724.0879999999997,0,"","","SABESP-I HM07009",27160,{"v":4178.73,"d":"4,178.73"},{"v":0.114,"d":"11.40%"},null,{"v":2,"d":"2.00"},null,null,{"v":9310.22,"d":"9,310.22"},{"v":4655.11,"d":"4,655.11"}]
["S",4,"S",0,18,10,1,1,9,0,0,"F","Serviço","Serviço","18.10.1.1.9.","Cotação","COT183","TUBO C/FLANGE PN10/16/25 E PONTA FERRO FUNDIDO DN=50 MM L=1.950 MM (29,35 KG) PINTURA EPÓXI VERMELHA, ACESSÓRIOS NÃO INCLUSOS NBR 15420 ESGOTO","UN",{"v":4,"d":"4.00"},{"v":1499.77,"d":"1,499.77"},"BDI 2",{"v":1670.74,"d":"1,670.74"},{"v":6682.96,"d":"6,682.96"},"RA","RA",2673.184,0,"","","Cotação COT183",103,{"v":1499.77,"d":"1,499.77"},{"v":0.114,"d":"11.40%"},null,{"v":4,"d":"4.00"},null,null,{"v":6682.96,"d":"6,682.96"},{"v":1670.74,"d":"1,670.74"}]
["S",4,"S",0,18,10,1,1,10,0,0,"F","Serviço","Serviço","18.10.1.1.10.","SABESP-I","HM06911","TUBO C/FLANGE PN10/16/25 E PONTA FERRO FUNDIDO DN=80 MM L=1.000 MM (17,90 KG) PINTURA EPÓXI VERMELHA, ACESSÓRIOS NÃO INCLUSOS NBR 15420 ESGOTO","un",{"v":2,"d":"2.00"},{"v":1197.27,"d":"1,197.27"},"BDI 2",{"v":1333.76,"d":"1,333.76"},{"v":2667.52,"d":"2,667.52"},"RA","RA",1067.008,0,"","","SABESP-I HM06911",27029,{"v":1197.27,"d":"1,197.27"},{"v":0.114,"d":"11.40%"},null,{"v":2,"d":"2.00"},null,null,{"v":2667.52,"d":"2,667.52"},{"v":1333.76,"d":"1,333.76"}]
["S",4,"S",0,18,10,1,1,11,0,0,"F","Serviço","Serviço","18.10.1.1.11.","SABESP-I","HM06911","TUBO C/FLANGE PN10/16/25 E PONTA FERRO FUNDIDO DN=80 MM L=1.000 MM (17,90 KG) PINTURA EPÓXI VERMELHA, ACESSÓRIOS NÃO INCLUSOS NBR 15420 ESGOTO","un",{"v":12,"d":"12.00"},{"v":1197.27,"d":"1,197.27"},"BDI 2",{"v":1333.76,"d":"1,333.76"},{"v":16005.12,"d":"16,005.12"},"RA","RA",6402.048000000001,0,"","","SABESP-I HM06911",27029,{"v":1197.27,"d":"1,197.27"},{"v":0.114,"d":"11.40%"},null,{"v":12,"d":"12.00"},null,null,{"v":16005.12,"d":"16,005.12"},{"v":1333.76,"d":"1,333.76"}]
["S",4,"S",0,18,10,1,1,12,0,0,"F","Serviço","Serviço","18.10.1.1.12.","SABESP-I","HM06911","TUBO C/FLANGE PN10/16/25 E PONTA FERRO FUNDIDO DN=80 MM L=1.000 MM (17,90 KG) PINTURA EPÓXI VERMELHA, ACESSÓRIOS NÃO INCLUSOS NBR 15420 ESGOTO","un",{"v":2,"d":"2.00"},{"v":1197.27,"d":"1,197.27"},"BDI 2",{"v":1333.76,"d":"1,333.76"},{"v":2667.52,"d":"2,667.52"},"RA","RA",1067.008,0,"","","SABESP-I HM06911",27029,{"v":1197.27,"d":"1,197.27"},{"v":0.114,"d":"11.40%"},null,{"v":2,"d":"2.00"},null,null,{"v":2667.52,"d":"2,667.52"},{"v":1333.76,"d":"1,333.76"}]
["S",4,"S",0,18,10,1,1,13,0,0,"F","Serviço","Serviço","18.10.1.1.13.","SABESP-I","HM06878","TUBO C/FLANGE PN10/16 E PONTA FERRO FUNDIDO DN=100 MM L=1.000 MM (21,70 KG) PINTURA EPÓXI VERMELHA, ACESSÓRIOS NÃO INCLUSOS NBR 15420 ESGOTO","un",{"v":2,"d":"2.00"},{"v":1186.52,"d":"1,186.52"},"BDI 2",{"v":1321.78,"d":"1,321.78"},{"v":2643.56,"d":"2,643.56"},"RA","RA",1057.424,0,"","","SABESP-I HM06878",27040,{"v":1186.52,"d":"1,186.52"},{"v":0.114,"d":"11.40%"},null,{"v":2,"d":"2.00"},null,null,{"v":2643.56,"d":"2,643.56"},{"v":1321.78,"d":"1,321.78"}]
["S",4,"S",0,18,10,1,1,14,0,0,"F","Serviço","Serviço","18.10.1.1.14.","SABESP-I","HM06878","TUBO C/FLANGE PN10/16 E PONTA FERRO FUNDIDO DN=100 MM L=1.000 MM (21,70 KG) PINTURA EPÓXI VERMELHA, ACESSÓRIOS NÃO INCLUSOS NBR 15420 ESGOTO","un",{"v":6,"d":"6.00"},{"v":1186.52,"d":"1,186.52"},"BDI 2",{"v":1321.78,"d":"1,321.78"},{"v":7930.68,"d":"7,930.68"},"RA","RA",3172.2720000000004,0,"","","SABESP-I HM06878",27040,{"v":1186.52,"d":"1,186.52"},{"v":0.114,"d":"11.40%"},null,{"v":6,"d":"6.00"},null,null,{"v":7930.68,"d":"7,930.68"},{"v":1321.78,"d":"1,321.78"}]
["S",4,"S",0,18,10,1,1,15,0,0,"F","Serviço","Serviço","18.10.1.1.15.","SABESP-I","HM06879","TUBO C/FLANGE PN10/16 E PONTA FERRO FUNDIDO DN=100 MM L=1.500 MM (30,30 KG) PINTURA EPÓXI VERMELHA, ACESSÓRIOS NÃO INCLUSOS NBR 15420 ESGOTO","un",{"v":2,"d":"2.00"},{"v":1198.9,"d":"1,198.90"},"BDI 2",{"v":1335.57,"d":"1,335.57"},{"v":2671.14,"d":"2,671.14"},"RA","RA",1068.456,0,"","","SABESP-I HM06879",27041,{"v":1198.9,"d":"1,198.90"},{"v":0.114,"d":"11.40%"},null,{"v":2,"d":"2.00"},null,null,{"v":2671.14,"d":"2,671.14"},{"v":1335.57,"d":"1,335.57"}]
["S",4,"S",0,18,10,1,1,16,0,0,"F","Serviço","Serviço","18.10.1.1.16.","SABESP-I","HM06879","TUBO C/FLANGE PN10/16 E PONTA FERRO FUNDIDO DN=100 MM L=1.500 MM (30,30 KG) PINTURA EPÓXI VERMELHA, ACESSÓRIOS NÃO INCLUSOS NBR 15420 ESGOTO","un",{"v":2,"d":"2.00"},{"v":1198.9,"d":"1,198.90"},"BDI 2",{"v":1335.57,"d":"1,335.57"},{"v":2671.14,"d":"2,671.14"},"RA","RA",1068.456,0,"","","SABESP-I HM06879",27041,{"v":1198.9,"d":"1,198.90"},{"v":0.114,"d":"11.40%"},null,{"v":2,"d":"2.00"},null,null,{"v":2671.14,"d":"2,671.14"},{"v":1335.57,"d":"1,335.57"}]
["S",4,"S",0,18,10,1,1,17,0,0,"F","Serviço","Serviço","18.10.1.1.17.","SABESP-I","HM06880","TUBO C/FLANGE PN10/16 E PONTA FERRO FUNDIDO DN=100 MM L=2.000 MM (38,90 KG) PINTURA EPÓXI VERMELHA, ACESSÓRIOS NÃO INCLUSOS NBR 15420 ESGOTO","un",{"v":2,"d":"2.00"},{"v":1381.63,"d":"1,381.63"},"BDI 2",{"v":1539.14,"d":"1,539.14"},{"v":3078.28,"d":"3,078.28"},"RA","RA",1231.3120000000001,0,"","","SABESP-I HM06880",27042,{"v":1381.63,"d":"1,381.63"},{"v":0.114,"d":"11.40%"},null,{"v":2,"d":"2.00"},null,null,{"v":3078.28,"d":"3,078.28"},{"v":1539.14,"d":"1,539.14"}]
["S",4,"S",0,18,10,1,1,18,0,0,"F","Serviço","Serviço","18.10.1.1.18.","SABESP-I","HM06882","TUBO C/FLANGE PN10/16 E PONTA FERRO FUNDIDO DN=100 MM L=3.000 MM (56,10 KG) PINTURA EPÓXI VERMELHA, ACESSÓRIOS NÃO INCLUSOS NBR 15420 ESGOTO","un",{"v":8,"d":"8.00"},{"v":1734.66,"d":"1,734.66"},"BDI 2",{"v":1932.41,"d":"1,932.41"},{"v":15459.28,"d":"15,459.28"},"RA","RA",6183.712,0,"","","SABESP-I HM06882",27044,{"v":1734.66,"d":"1,734.66"},{"v":0.114,"d":"11.40%"},null,{"v":8,"d":"8.00"},null,null,{"v":15459.28,"d":"15,459.28"},{"v":1932.41,"d":"1,932.41"}]
["S",4,"S",0,18,10,1,1,19,0,0,"F","Serviço","Serviço","18.10.1.1.19.","SABESP-I","HM06883","TUBO C/FLANGE PN10/16 E PONTA FERRO FUNDIDO DN=100 MM L=3.500 MM (64,70 KG) PINTURA EPÓXI VERMELHA, ACESSÓRIOS NÃO INCLUSOS NBR 15420 ESGOTO","un",{"v":1,"d":"1.00"},{"v":1904.6,"d":"1,904.60"},"BDI 2",{"v":2121.72,"d":"2,121.72"},{"v":2121.72,"d":"2,121.72"},"RA","RA",848.688,0,"","","SABESP-I HM06883",27045,{"v":1904.6,"d":"1,904.60"},{"v":0.114,"d":"11.40%"},null,{"v":1,"d":"1.00"},null,null,{"v":2121.72,"d":"2,121.72"},{"v":2121.72,"d":"2,121.72"}]
["S",4,"S",0,18,10,1,1,20,0,0,"F","Serviço","Serviço","18.10.1.1.20.","SABESP-I","HM06884","TUBO C/FLANGE PN10/16 E PONTA FERRO FUNDIDO DN=100 MM L=4.000 MM (73,30 KG) PINTURA EPÓXI VERMELHA, ACESSÓRIOS NÃO INCLUSOS NBR 15420 ESGOTO","un",{"v":2,"d":"2.00"},{"v":2085.57,"d":"2,085.57"},"BDI 2",{"v":2323.32,"d":"2,323.32"},{"v":4646.64,"d":"4,646.64"},"RA","RA",1858.6560000000002,0,"","","SABESP-I HM06884",27046,{"v":2085.57,"d":"2,085.57"},{"v":0.114,"d":"11.40%"},null,{"v":2,"d":"2.00"},null,null,{"v":4646.64,"d":"4,646.64"},{"v":2323.32,"d":"2,323.32"}]
["S",4,"S",0,18,10,1,1,21,0,0,"F","Serviço","Serviço","18.10.1.1.21.","SABESP-I","HM06889","TUBO C/FLANGE PN10/16 E PONTA FERRO FUNDIDO DN=150 MM L=1.000 MM (34,00 KG) PINTURA EPÓXI VERMELHA, ACESSÓRIOS NÃO INCLUSOS NBR 15420 ESGOTO","un",{"v":2,"d":"2.00"},{"v":1623.41,"d":"1,623.41"},"BDI 2",{"v":1808.48,"d":"1,808.48"},{"v":3616.96,"d":"3,616.96"},"RA","RA",1446.784,0,"","","SABESP-I HM06889",27051,{"v":1623.41,"d":"1,623.41"},{"v":0.114,"d":"11.40%"},null,{"v":2,"d":"2.00"},null,null,{"v":3616.96,"d":"3,616.96"},{"v":1808.48,"d":"1,808.48"}]
["S",4,"S",0,18,10,1,1,22,0,0,"F","Serviço","Serviço","18.10.1.1.22.","SABESP-I","HM06890","TUBO C/FLANGE PN10/16 E PONTA FERRO FUNDIDO DN=150 MM L=1.500 MM (47,00 KG) PINTURA EPÓXI VERMELHA, ACESSÓRIOS NÃO INCLUSOS NBR 15420 ESGOTO","un",{"v":2,"d":"2.00"},{"v":1725.34,"d":"1,725.34"},"BDI 2",{"v":1922.03,"d":"1,922.03"},{"v":3844.06,"d":"3,844.06"},"RA","RA",1537.624,0,"","","SABESP-I HM06890",27052,{"v":1725.34,"d":"1,725.34"},{"v":0.114,"d":"11.40%"},null,{"v":2,"d":"2.00"},null,null,{"v":3844.06,"d":"3,844.06"},{"v":1922.03,"d":"1,922.03"}]
["S",4,"S",0,18,10,1,1,23,0,0,"F","Serviço","Serviço","18.10.1.1.23.","SABESP-I","HM06891","TUBO C/FLANGE PN10/16 E PONTA FERRO FUNDIDO DN=150 MM L=2.000 MM (60,00 KG) PINTURA EPÓXI VERMELHA, ACESSÓRIOS NÃO INCLUSOS NBR 15420 ESGOTO","un",{"v":4,"d":"4.00"},{"v":2016.3,"d":"2,016.30"},"BDI 2",{"v":2246.16,"d":"2,246.16"},{"v":8984.64,"d":"8,984.64"},"RA","RA",3593.8559999999998,0,"","","SABESP-I HM06891",27053,{"v":2016.3,"d":"2,016.30"},{"v":0.114,"d":"11.40%"},null,{"v":4,"d":"4.00"},null,null,{"v":8984.64,"d":"8,984.64"},{"v":2246.16,"d":"2,246.16"}]
["S",4,"S",0,18,10,1,1,24,0,0,"F","Serviço","Serviço","18.10.1.1.24.","SABESP-I","HM06892","TUBO C/FLANGE PN10/16 E PONTA FERRO FUNDIDO DN=150 MM L=2.500 MM (73,00 KG) PINTURA EPÓXI VERMELHA, ACESSÓRIOS NÃO INCLUSOS NBR 15420 ESGOTO","un",{"v":4,"d":"4.00"},{"v":2281.59,"d":"2,281.59"},"BDI 2",{"v":2541.69,"d":"2,541.69"},{"v":10166.76,"d":"10,166.76"},"RA","RA",4066.704,0,"","","SABESP-I HM06892",27054,{"v":2281.59,"d":"2,281.59"},{"v":0.114,"d":"11.40%"},null,{"v":4,"d":"4.00"},null,null,{"v":10166.76,"d":"10,166.76"},{"v":2541.69,"d":"2,541.69"}]
["S",4,"S",0,18,10,1,1,25,0,0,"F","Serviço","Serviço","18.10.1.1.25.","SABESP-I","HM06889","TUBO C/FLANGE PN10/16 E PONTA FERRO FUNDIDO DN=150 MM L=1.000 MM (34,00 KG) PINTURA EPÓXI VERMELHA, ACESSÓRIOS NÃO INCLUSOS NBR 15420 ESGOTO","un",{"v":4,"d":"4.00"},{"v":1623.41,"d":"1,623.41"},"BDI 2",{"v":1808.48,"d":"1,808.48"},{"v":7233.92,"d":"7,233.92"},"RA","RA",2893.568,0,"","","SABESP-I HM06889",27051,{"v":1623.41,"d":"1,623.41"},{"v":0.114,"d":"11.40%"},null,{"v":4,"d":"4.00"},null,null,{"v":7233.92,"d":"7,233.92"},{"v":1808.48,"d":"1,808.48"}]
["S",4,"S",0,18,10,1,1,26,0,0,"F","Serviço","Serviço","18.10.1.1.26.","SABESP-I","HM06894","TUBO C/FLANGE PN10/16 E PONTA FERRO FUNDIDO DN=150 MM L=3.500 MM (99,00 KG) PINTURA EPÓXI VERMELHA, ACESSÓRIOS NÃO INCLUSOS NBR 15420 ESGOTO","un",{"v":4,"d":"4.00"},{"v":3147.45,"d":"3,147.45"},"BDI 2",{"v":3506.26,"d":"3,506.26"},{"v":14025.04,"d":"14,025.04"},"RA","RA",5610.0160000000005,0,"","","SABESP-I HM06894",27056,{"v":3147.45,"d":"3,147.45"},{"v":0.114,"d":"11.40%"},null,{"v":4,"d":"4.00"},null,null,{"v":14025.04,"d":"14,025.04"},{"v":3506.26,"d":"3,506.26"}]
["S",4,"S",0,18,10,1,1,27,0,0,"F","Serviço","Serviço","18.10.1.1.27.","Cotação","COT038","TUBO CILÍNDRICO, C/ PONTAS FERRO FUNDIDO DN=80 MM L=900 MM (17,90 KG) PINTURA EPÓXI VERMELHA, ESGOTO","UN",{"v":2,"d":"2.00"},698.94,"BDI 2",778.62,{"v":1557.24,"d":"1,557.24"},"RA","RA",622.8960000000001,0,"","","Cotação COT038",36,698.94,{"v":0.114,"d":"11.40%"},null,{"v":2,"d":"2.00"},null,null,{"v":1557.24,"d":"1,557.24"},778.62]
["S",4,"S",0,18,10,1,1,28,0,0,"F","Serviço","Serviço","18.10.1.1.28.","Cotação","COT040","TUBO CILÍNDRICO, C/ PONTAS FERRO FUNDIDO DN=80 MM L=1.100 MM (17,90 KG) PINTURA EPÓXI VERMELHA, ESGOTO","UN",{"v":4,"d":"4.00"},{"v":711.4,"d":"711.40"},"BDI 2",{"v":792.5,"d":"792.50"},{"v":3170,"d":"3,170.00"},"RA","RA",1268,0,"","","Cotação COT040",37,{"v":711.4,"d":"711.40"},{"v":0.114,"d":"11.40%"},null,{"v":4,"d":"4.00"},null,null,{"v":3170,"d":"3,170.00"},{"v":792.5,"d":"792.50"}]
["S",4,"S",0,18,10,1,1,29,0,0,"F","Serviço","Serviço","18.10.1.1.29.","Cotação","COT041","TUBO CILÍNDRICO, C/ PONTAS FERRO FUNDIDO DN=100 MM L=350 MM (17,90 KG) PINTURA EPÓXI VERMELHA, ESGOTO","UN ",{"v":2,"d":"2.00"},236.18,"BDI 2",{"v":263.1,"d":"263.10"},{"v":526.2,"d":"526.20"},"RA","RA",210.48000000000002,0,"","","Cotação COT041",38,236.18,{"v":0.114,"d":"11.40%"},null,{"v":2,"d":"2.00"},null,null,{"v":526.2,"d":"526.20"},{"v":263.1,"d":"263.10"}]
["S",4,"S",0,18,10,1,1,30,0,0,"F","Serviço","Serviço","18.10.1.1.30.","Cotação","COT042","TUBO CILÍNDRICO, C/ PONTAS FERRO FUNDIDO DN=100 MM L=400 MM (17,90 KG) PINTURA EPÓXI VERMELHA, ESGOTO","UN",{"v":1,"d":"1.00"},269.92,"BDI 2",300.69,300.69,"RA","RA",120.27600000000001,0,"","","Cotação COT042",39,269.92,{"v":0.114,"d":"11.40%"},null,{"v":1,"d":"1.00"},null,null,300.69,300.69]
["S",4,"S",0,18,10,1,1,31,0,0,"F","Serviço","Serviço","18.10.1.1.31.","Cotação","COT046","TUBO CILÍNDRICO, C/ PONTAS FERRO FUNDIDO DN=100 MM L=750 MM (17,90 KG) PINTURA EPÓXI VERMELHA, ESGOTO","UN",{"v":3,"d":"3.00"},506.13,"BDI 2",563.83,{"v":1691.49,"d":"1,691.49"},"RA","RA",676.596,0,"","","Cotação COT046",43,506.13,{"v":0.114,"d":"11.40%"},null,{"v":3,"d":"3.00"},null,null,{"v":1691.49,"d":"1,691.49"},563.83]
["S",4,"S",0,18,10,1,1,32,0,0,"F","Serviço","Serviço","18.10.1.1.32.","Cotação","COT048","TUBO CILÍNDRICO, C/ PONTAS FERRO FUNDIDO DN=100 MM L=850 MM (17,90 KG) PINTURA EPÓXI VERMELHA, ESGOTO","UN",{"v":1,"d":"1.00"},573.61,"BDI 2",{"v":639,"d":"639.00"},{"v":639,"d":"639.00"},"RA","RA",255.60000000000002,0,"","","Cotação COT048",45,573.61,{"v":0.114,"d":"11.40%"},null,{"v":1,"d":"1.00"},null,null,{"v":639,"d":"639.00"},{"v":639,"d":"639.00"}]
["S",4,"S",0,18,10,1,1,33,0,0,"F","Serviço","Serviço","18.10.1.1.33.","Cotação","COT050","TUBO CILÍNDRICO, C/ PONTAS FERRO FUNDIDO DN=100 MM L=950 MM (17,90 KG) PINTURA EPÓXI VERMELHA, ESGOTO","UN",{"v":3,"d":"3.00"},641.09,"BDI 2",714.17,{"v":2142.51,"d":"2,142.51"},"RA","RA",857.0040000000001,0,"","","Cotação COT050",47,641.09,{"v":0.114,"d":"11.40%"},null,{"v":3,"d":"3.00"},null,null,{"v":2142.51,"d":"2,142.51"},714.17]
["S",4,"S",0,18,10,1,1,34,0,0,"F","Serviço","Serviço","18.10.1.1.34.","Cotação","COT051","TUBO CILÍNDRICO, C/ PONTAS FERRO FUNDIDO DN=100 MM L=1.000 MM (20,64 KG) PINTURA EPÓXI VERMELHA, ACESSÓRIOS NÃO INCLUSOS NBR 15420 ESGOTO","UN",{"v":2,"d":"2.00"},674.82,"BDI 2",751.75,{"v":1503.5,"d":"1,503.50"},"RA","RA",601.4,0,"","","Cotação COT051",48,674.82,{"v":0.114,"d":"11.40%"},null,{"v":2,"d":"2.00"},null,null,{"v":1503.5,"d":"1,503.50"},751.75]
["S",4,"S",0,18,10,1,1,35,0,0,"F","Serviço","Serviço","18.10.1.1.35.","Cotação","COT054","TUBO CILÍNDRICO, C/ PONTAS FERRO FUNDIDO DN=100 MM L=1.200 MM (17,90 KG) PINTURA EPÓXI VERMELHA, ESGOTO","UN",{"v":3,"d":"3.00"},809.81,"BDI 2",902.13,{"v":2706.39,"d":"2,706.39"},"RA","RA",1082.556,0,"","","Cotação COT054",50,809.81,{"v":0.114,"d":"11.40%"},null,{"v":3,"d":"3.00"},null,null,{"v":2706.39,"d":"2,706.39"},902.13]
["S",4,"S",0,18,10,1,1,36,0,0,"F","Serviço","Serviço","18.10.1.1.36.","Cotação","COT056","TUBO CILÍNDRICO, C/ PONTAS FERRO FUNDIDO DN=100 MM L=2.000 MM (17,90 KG) PINTURA EPÓXI VERMELHA, ESGOTO","UN",{"v":1,"d":"1.00"},{"v":1349.67,"d":"1,349.67"},"BDI 2",{"v":1503.53,"d":"1,503.53"},{"v":1503.53,"d":"1,503.53"},"RA","RA",601.412,0,"","","Cotação COT056",52,{"v":1349.67,"d":"1,349.67"},{"v":0.114,"d":"11.40%"},null,{"v":1,"d":"1.00"},null,null,{"v":1503.53,"d":"1,503.53"},{"v":1503.53,"d":"1,503.53"}]
["S",4,"S",0,18,10,1,1,37,0,0,"F","Serviço","Serviço","18.10.1.1.37.","Cotação","COT057","TUBO CILÍNDRICO, C/ PONTAS FERRO FUNDIDO DN=100 MM L=2.350 MM (17,90 KG) PINTURA EPÓXI VERMELHA, ESGOTO","UN",{"v":2,"d":"2.00"},{"v":1585.87,"d":"1,585.87"},"BDI 2",{"v":1766.66,"d":"1,766.66"},{"v":3533.32,"d":"3,533.32"},"RA","RA",1413.3280000000002,0,"","","Cotação COT057",53,{"v":1585.87,"d":"1,585.87"},{"v":0.114,"d":"11.40%"},null,{"v":2,"d":"2.00"},null,null,{"v":3533.32,"d":"3,533.32"},{"v":1766.66,"d":"1,766.66"}]
["S",4,"S",0,18,10,1,1,38,0,0,"F","Serviço","Serviço","18.10.1.1.38.","Cotação","COT058","TUBO CILÍNDRICO, C/ PONTAS FERRO FUNDIDO DN=100 MM L=2.950 MM (17,90 KG) PINTURA EPÓXI VERMELHA, ESGOTO","UN",{"v":2,"d":"2.00"},{"v":1990.77,"d":"1,990.77"},"BDI 2",{"v":2217.72,"d":"2,217.72"},{"v":4435.44,"d":"4,435.44"},"RA","RA",1774.176,0,"","","Cotação COT058",54,{"v":1990.77,"d":"1,990.77"},{"v":0.114,"d":"11.40%"},null,{"v":2,"d":"2.00"},null,null,{"v":4435.44,"d":"4,435.44"},{"v":2217.72,"d":"2,217.72"}]
["S",4,"S",0,18,10,1,1,39,0,0,"F","Serviço","Serviço","18.10.1.1.39.","Cotação","COT061","TUBO CILÍNDRICO, C/ PONTAS FERRO FUNDIDO DN=100 MM L=3.300 MM (17,90 KG) PINTURA EPÓXI VERMELHA, ESGOTO","UN",{"v":1,"d":"1.00"},{"v":2226.95,"d":"2,226.95"},"BDI 2",{"v":2480.82,"d":"2,480.82"},{"v":2480.82,"d":"2,480.82"},"RA","RA",992.3280000000001,0,"","","Cotação COT061",56,{"v":2226.95,"d":"2,226.95"},{"v":0.114,"d":"11.40%"},null,{"v":1,"d":"1.00"},null,null,{"v":2480.82,"d":"2,480.82"},{"v":2480.82,"d":"2,480.82"}]
["S",4,"S",0,18,10,1,1,40,0,0,"F","Serviço","Serviço","18.10.1.1.40.","Cotação","COT064","TUBO CILÍNDRICO, C/ PONTAS FERRO FUNDIDO DN=100 MM L=4.100 MM (17,90 KG) PINTURA EPÓXI VERMELHA, ESGOTO","UN",{"v":1,"d":"1.00"},{"v":2766.83,"d":"2,766.83"},"BDI 2",{"v":3082.25,"d":"3,082.25"},{"v":3082.25,"d":"3,082.25"},"RA","RA",1232.9,0,"","","Cotação COT064",59,{"v":2766.83,"d":"2,766.83"},{"v":0.114,"d":"11.40%"},null,{"v":1,"d":"1.00"},null,null,{"v":3082.25,"d":"3,082.25"},{"v":3082.25,"d":"3,082.25"}]
["S",4,"S",0,18,10,1,1,41,0,0,"F","Serviço","Serviço","18.10.1.1.41.","Cotação","COT067","TUBO CILÍNDRICO, C/ PONTAS FERRO FUNDIDO DN=100 MM L=4.450 MM (17,90 KG) PINTURA EPÓXI VERMELHA, ESGOTO","UN",{"v":1,"d":"1.00"},{"v":3003.02,"d":"3,003.02"},"BDI 2",{"v":3345.36,"d":"3,345.36"},{"v":3345.36,"d":"3,345.36"},"RA","RA",1338.1440000000002,0,"","","Cotação COT067",62,{"v":3003.02,"d":"3,003.02"},{"v":0.114,"d":"11.40%"},null,{"v":1,"d":"1.00"},null,null,{"v":3345.36,"d":"3,345.36"},{"v":3345.36,"d":"3,345.36"}]
["S",4,"S",0,18,10,1,1,42,0,0,"F","Serviço","Serviço","18.10.1.1.42.","Cotação","COT069","TUBO CILÍNDRICO, C/ PONTAS FERRO FUNDIDO DN=100 MM L=5.200 MM (17,90 KG) PINTURA EPÓXI VERMELHA, ESGOTO","UN",{"v":1,"d":"1.00"},{"v":3509.16,"d":"3,509.16"},"BDI 2",{"v":3909.2,"d":"3,909.20"},{"v":3909.2,"d":"3,909.20"},"RA","RA",1563.68,0,"","","Cotação COT069",64,{"v":3509.16,"d":"3,509.16"},{"v":0.114,"d":"11.40%"},null,{"v":1,"d":"1.00"},null,null,{"v":3909.2,"d":"3,909.20"},{"v":3909.2,"d":"3,909.20"}]
["S",4,"S",0,18,10,1,1,43,0,0,"F","Serviço","Serviço","18.10.1.1.43.","Cotação","COT070","TUBO CILÍNDRICO, C/ PONTAS FERRO FUNDIDO DN=100 MM L=5.400 MM (17,90 KG) PINTURA EPÓXI VERMELHA, ESGOTO","UN",{"v":1,"d":"1.00"},{"v":3644.12,"d":"3,644.12"},"BDI 2",{"v":4059.55,"d":"4,059.55"},{"v":4059.55,"d":"4,059.55"},"RA","RA",1623.8200000000002,0,"","","Cotação COT070",65,{"v":3644.12,"d":"3,644.12"},{"v":0.114,"d":"11.40%"},null,{"v":1,"d":"1.00"},null,null,{"v":4059.55,"d":"4,059.55"},{"v":4059.55,"d":"4,059.55"}]
["S",4,"S",0,18,10,1,1,44,0,0,"F","Serviço","Serviço","18.10.1.1.44.","Cotação","COT073","TUBO CILÍNDRICO, C/ PONTAS FERRO FUNDIDO DN=150 MM L=900 MM (17,90 KG) PINTURA EPÓXI VERMELHA, ESGOTO","UN",{"v":1,"d":"1.00"},732.95,"BDI 2",816.51,816.51,"RA","RA",326.60400000000004,0,"","","Cotação COT073",67,732.95,{"v":0.114,"d":"11.40%"},null,{"v":1,"d":"1.00"},null,null,816.51,816.51]
["S",4,"S",0,18,10,1,1,45,0,0,"F","Serviço","Serviço","18.10.1.1.45.","Cotação","COT077","TUBO CILÍNDRICO, C/ PONTAS FERRO FUNDIDO DN=150 MM L=2.500 MM (17,90 KG) PINTURA EPÓXI VERMELHA, ESGOTO","UN",{"v":1,"d":"1.00"},{"v":2035.97,"d":"2,035.97"},"BDI 2",{"v":2268.07,"d":"2,268.07"},{"v":2268.07,"d":"2,268.07"},"RA","RA",907.2280000000001,0,"","","Cotação COT077",71,{"v":2035.97,"d":"2,035.97"},{"v":0.114,"d":"11.40%"},null,{"v":1,"d":"1.00"},null,null,{"v":2268.07,"d":"2,268.07"},{"v":2268.07,"d":"2,268.07"}]
["S",4,"S",0,18,10,1,1,46,0,0,"F","Serviço","Serviço","18.10.1.1.46.","Cotação","COT079","TUBO CILÍNDRICO, C/ PONTAS FERRO FUNDIDO DN=150 MM L=2.750 MM (17,90 KG) PINTURA EPÓXI VERMELHA, ESGOTO","UN",{"v":1,"d":"1.00"},{"v":2239.59,"d":"2,239.59"},"BDI 2",{"v":2494.9,"d":"2,494.90"},{"v":2494.9,"d":"2,494.90"},"RA","RA",997.96,0,"","","Cotação COT079",73,{"v":2239.59,"d":"2,239.59"},{"v":0.114,"d":"11.40%"},null,{"v":1,"d":"1.00"},null,null,{"v":2494.9,"d":"2,494.90"},{"v":2494.9,"d":"2,494.90"}]
["S",4,"S",0,18,10,1,1,47,0,0,"F","Serviço","Serviço","18.10.1.1.47.","Cotação","COT080","TUBO CILÍNDRICO, C/ PONTAS FERRO FUNDIDO DN=150 MM L=2.850 MM (17,90 KG) PINTURA EPÓXI VERMELHA, ESGOTO","UN",{"v":1,"d":"1.00"},{"v":2321.03,"d":"2,321.03"},"BDI 2",{"v":2585.63,"d":"2,585.63"},{"v":2585.63,"d":"2,585.63"},"RA","RA",1034.2520000000002,0,"","","Cotação COT080",74,{"v":2321.03,"d":"2,321.03"},{"v":0.114,"d":"11.40%"},null,{"v":1,"d":"1.00"},null,null,{"v":2585.63,"d":"2,585.63"},{"v":2585.63,"d":"2,585.63"}]
["S",4,"S",0,18,10,1,1,48,0,0,"F","Serviço","Serviço","18.10.1.1.48.","Cotação","COT184","TUBO CILÍNDRICO, C/ PONTAS FERRO FUNDIDO DN=200 MM L=5.500 MM (187,92 KG) PINTURA EPÓXI VERMELHA, ESGOTO","UN",{"v":1,"d":"1.00"},{"v":5803.58,"d":"5,803.58"},"BDI 2",{"v":6465.19,"d":"6,465.19"},{"v":6465.19,"d":"6,465.19"},"RA","RA",2586.076,0,"","","Cotação COT184",104,{"v":5803.58,"d":"5,803.58"},{"v":0.114,"d":"11.40%"},null,{"v":1,"d":"1.00"},null,null,{"v":6465.19,"d":"6,465.19"},{"v":6465.19,"d":"6,465.19"}]
["S",4,"S",0,18,10,1,1,49,0,0,"F","Serviço","Serviço","18.10.1.1.49.","SABESP-I","HM04088","TUBO C/PONTA E BOLSA JGS K9 FERRO FUNDIDO DN=100 MM * (18,40 KG/M) PINTURA EPÓXI VERMELHA, ANEL DE BORRACHA INCLUSO NBR 15420 ESGOTO","M",{"v":83,"d":"83.00"},314.94,"BDI 2",350.84,{"v":29119.72,"d":"29,119.72"},"RA","RA",11647.888,0,"","","SABESP-I HM04088",27250,314.94,{"v":0.114,"d":"11.40%"},null,{"v":83,"d":"83.00"},null,null,{"v":29119.72,"d":"29,119.72"},350.84]
["S",4,"S",0,18,10,1,1,50,0,0,"F","Serviço","Serviço","18.10.1.1.50.","SABESP-I","HM04089","TUBO C/PONTA E BOLSA JGS K7 FERRO FUNDIDO DN=150 MM * (23,80 KG/M) PINTURA EPÓXI VERMELHA, ANEL DE BORRACHA INCLUSO NBR 15420 ESGOTO","M",{"v":6,"d":"6.00"},336.02,"BDI 2",374.33,{"v":2245.98,"d":"2,245.98"},"RA","RA",898.392,0,"","","SABESP-I HM04089",27251,336.02,{"v":0.114,"d":"11.40%"},null,{"v":6,"d":"6.00"},null,null,{"v":2245.98,"d":"2,245.98"},374.33]
["S",4,"S",0,18,10,1,1,51,0,0,"F","Serviço","Serviço","18.10.1.1.51.","SABESP-I","HM04090","TUBO C/PONTA E BOLSA JGS K7 FERRO FUNDIDO DN=200 MM * (32,60 KG/M) PINTURA EPÓXI VERMELHA, ANEL DE BORRACHA INCLUSO NBR 15420 ESGOTO","M",{"v":30,"d":"30.00"},415.48,"BDI 2",462.84,{"v":13885.2,"d":"13,885.20"},"RA","RA",5554.080000000001,0,"","","SABESP-I HM04090",27252,415.48,{"v":0.114,"d":"11.40%"},null,{"v":30,"d":"30.00"},null,null,{"v":13885.2,"d":"13,885.20"},462.84]
["S",4,"S",0,18,10,1,1,52,0,0,"F","Serviço","Serviço","18.10.1.1.52.","SABESP-I","HM01300","ACESSÓRIOS PARA FLANGE DN=50 PN10 AÇO GALV D=5/8\" X L=2 3/4\" 4 CJ (PARAFUSO, PORCA E ARRUELA) NORMA 0100-400-E027 FL3/3","un",{"v":12,"d":"12.00"},45.28,"BDI 2",50.44,605.28,"RA","RA",242.112,0,"","","SABESP-I HM01300",25005,45.28,{"v":0.114,"d":"11.40%"},null,{"v":12,"d":"12.00"},null,null,605.28,50.44]
["S",4,"S",0,18,10,1,1,53,0,0,"F","Serviço","Serviço","18.10.1.1.53.","SABESP-I","HM01304","ACESSÓRIOS PARA FLANGE DN=80 PN10 AÇO GALV D=5/8\" X L=2 3/4\" 8 CJ (PARAFUSO, PORCA E ARRUELA) NORMA 0100-400-E027 FL3/3","un",{"v":4,"d":"4.00"},90.56,"BDI 2",100.88,403.52,"RA","RA",161.40800000000002,0,"","","SABESP-I HM01304",25006,90.56,{"v":0.114,"d":"11.40%"},null,{"v":4,"d":"4.00"},null,null,403.52,100.88]
["S",4,"S",0,18,10,1,1,54,0,0,"F","Serviço","Serviço","18.10.1.1.54.","SABESP-I","HM01292","ACESSÓRIOS PARA FLANGE DN=100 PN10 AÇO GALV D=5/8\" X L=2 3/4\" 8 CJ (PARAFUSO, PORCA E ARRUELA) NORMA 0100-400-E027 FL3/3","un",{"v":94,"d":"94.00"},90.56,"BDI 2",100.88,{"v":9482.72,"d":"9,482.72"},"RA","RA",3793.0879999999997,0,"","","SABESP-I HM01292",25007,90.56,{"v":0.114,"d":"11.40%"},null,{"v":94,"d":"94.00"},null,null,{"v":9482.72,"d":"9,482.72"},100.88]
["S",4,"S",0,18,10,1,1,55,0,0,"F","Serviço","Serviço","18.10.1.1.55.","SABESP-I","HM01293","ACESSÓRIOS PARA FLANGE DN=150 PN10 AÇO GALV D=3/4\" X L=2 3/4\" 8 CJ (PARAFUSO, PORCA E ARRUELA) NORMA 0100-400-E027 FL3/3","un",{"v":18,"d":"18.00"},143.81,"BDI 2",{"v":160.2,"d":"160.20"},{"v":2883.6,"d":"2,883.60"},"RA","RA",1153.44,0,"","","SABESP-I HM01293",25008,143.81,{"v":0.114,"d":"11.40%"},null,{"v":18,"d":"18.00"},null,null,{"v":2883.6,"d":"2,883.60"},{"v":160.2,"d":"160.20"}]
[4,4,4,16,18,10,1,2,0,29,16,"F","Nível 4","Nível 4","18.10.1.2.","SINAPI",null,"Conexões de ferro fundido","-",0,0,"BDI 1",0,{"v":35571.67,"d":"35,571.67"},"RA","",14228.668000000001,0,"","",false,"(Sem Código)",0,{"v":0.2604,"d":"26.04%"},{"$nulls":4},{"v":35571.67,"d":"35,571.67"},0]
["S",4,"S",0,18,10,1,2,1,0,0,"F","Serviço","Serviço","18.10.1.2.1.","SABESP-I","HM06146","CAP JUNTA ELÁSTICA JE2GS FERRO FUNDIDO DN=100 MM (4,70 KG) PINTURA EPÓXI VERMELHA E ANEL DE BORRACHA INCLUSO NBR 15420 ESGOTO","un",{"v":1,"d":"1.00"},164.55,"BDI 2",183.31,183.31,"RA","RA",73.324,0,"","","SABESP-I HM06146",26141,164.55,{"v":0.114,"d":"11.40%"},null,{"v":1,"d":"1.00"},null,null,183.31,183.31]
["S",4,"S",0,18,10,1,2,2,0,0,"F","Serviço","Serviço","18.10.1.2.2.","SABESP-I","HM06266","CURVA 90º COM BOLSAS JE2GS FERRO FUNDIDO DN=100 MM (13,20 KG) PINTURA EPÓXI VERMELHA E ANÉIS DE BORRACHA INCLUSOS NBR 15420 ESGOTO","un",{"v":12,"d":"12.00"},275.38,"BDI 2",306.77,{"v":3681.24,"d":"3,681.24"},"RA","RA",1472.496,0,"","","SABESP-I HM06266",26189,275.38,{"v":0.114,"d":"11.40%"},null,{"v":12,"d":"12.00"},null,null,{"v":3681.24,"d":"3,681.24"},306.77]
["S",4,"S",0,18,10,1,2,3,0,0,"F","Serviço","Serviço","18.10.1.2.3.","SABESP-I","HM06267","CURVA 90º COM BOLSAS JE2GS FERRO FUNDIDO DN=150 MM (21,60 KG) PINTURA EPÓXI VERMELHA E ANÉIS DE BORRACHA INCLUSOS NBR 15420 ESGOTO","un",{"v":1,"d":"1.00"},587.44,"BDI 2",654.41,654.41,"RA","RA",261.764,0,"","","SABESP-I HM06267",26190,587.44,{"v":0.114,"d":"11.40%"},null,{"v":1,"d":"1.00"},null,null,654.41,654.41]
["S",4,"S",0,18,10,1,2,4,0,0,"F","Serviço","Serviço","18.10.1.2.4.","CDHU","46.18.168","Curva de 90° em ferro fundido com flanges, classe PN-10, DN= 50mm","UN",{"v":12,"d":"12.00"},322.45,"BDI 2",359.21,{"v":4310.52,"d":"4,310.52"},"RA","RA",1724.2080000000003,0,"","","CDHU 46.18.168",18905,322.45,{"v":0.114,"d":"11.40%"},null,{"v":12,"d":"12.00"},null,null,{"v":4310.52,"d":"4,310.52"},359.21]
["S",4,"S",0,18,10,1,2,5,0,0,"F","Serviço","Serviço","18.10.1.2.5.","SABESP-I","HM06292","CURVA 90º COM FLANGES PN10/16 FERRO FUNDIDO DN=100 MM (11,00 KG) PINTURA EPÓXI VERMELHA, ACESSÓRIOS NÃO INCLUSOS NBR 15420 ESGOTO","un",{"v":20,"d":"20.00"},413.66,"BDI 2",460.82,{"v":9216.4,"d":"9,216.40"},"RA","RA",3686.56,0,"","","SABESP-I HM06292",26227,413.66,{"v":0.114,"d":"11.40%"},null,{"v":20,"d":"20.00"},null,null,{"v":9216.4,"d":"9,216.40"},460.82]
["S",4,"S",0,18,10,1,2,6,0,0,"F","Serviço","Serviço","18.10.1.2.6.","SABESP-I","HM06293","CURVA 90º COM FLANGES PN10/16 FERRO FUNDIDO DN=150 MM (18,00 KG) PINTURA EPÓXI VERMELHA, ACESSÓRIOS NÃO INCLUSOS NBR 15420 ESGOTO","un",{"v":4,"d":"4.00"},672.59,"BDI 2",749.27,{"v":2997.08,"d":"2,997.08"},"RA","RA",1198.832,0,"","","SABESP-I HM06293",26228,672.59,{"v":0.114,"d":"11.40%"},null,{"v":4,"d":"4.00"},null,null,{"v":2997.08,"d":"2,997.08"},749.27]
["S",4,"S",0,18,10,1,2,7,0,0,"F","Serviço","Serviço","18.10.1.2.7.","SABESP-I","HM06486","REDUÇÃO PONTA BOLSA JE2GS FERRO FUNDIDO DN=150 X 100 MM (12,50 KG) PINTURA EPÓXI VERMELHA, ANEL DE BORRACHA INCLUSO NBR 15420 ESGOTO","un",{"v":1,"d":"1.00"},412.85,"BDI 2",459.91,459.91,"RA","RA",183.96400000000003,0,"","","SABESP-I HM06486",26395,412.85,{"v":0.114,"d":"11.40%"},null,{"v":1,"d":"1.00"},null,null,459.91,459.91]
["S",4,"S",0,18,10,1,2,8,0,0,"F","Serviço","Serviço","18.10.1.2.8.","CDHU","46.19.610","Redução concêntrica em ferro fundido, com flanges, classe PN-10, DN= 150mm x 80/100mm","UN",{"v":2,"d":"2.00"},758.18,"BDI 2",844.61,{"v":1689.22,"d":"1,689.22"},"RA","RA",675.6880000000001,0,"","","CDHU 46.19.610",18921,758.18,{"v":0.114,"d":"11.40%"},null,{"v":2,"d":"2.00"},null,null,{"v":1689.22,"d":"1,689.22"},844.61]
["S",4,"S",0,18,10,1,2,9,0,0,"F","Serviço","Serviço","18.10.1.2.9.","SABESP-I","HM06511","TÊ COM BOLSAS JE2GS FERRO FUNDIDO DN=100 X 100 MM (18,40 KG) PINTURA EPÓXI VERMELHA, ANÉIS DE BORRACHA INCLUSOS NBR 15420 ESGOTO","un",{"v":6,"d":"6.00"},404.87,"BDI 2",451.03,{"v":2706.18,"d":"2,706.18"},"RA","RA",1082.472,0,"","","SABESP-I HM06511",26413,404.87,{"v":0.114,"d":"11.40%"},null,{"v":6,"d":"6.00"},null,null,{"v":2706.18,"d":"2,706.18"},451.03]
["S",4,"S",0,18,10,1,2,10,0,0,"F","Serviço","Serviço","18.10.1.2.10.","SABESP-I","HM06515","TÊ COM BOLSAS JE2GS FERRO FUNDIDO DN=150 X 80 MM (22,90 KG) PINTURA EPÓXI VERMELHA, ANÉIS DE BORRACHA INCLUSOS NBR 15420 ESGOTO","un",{"v":2,"d":"2.00"},563.36,"BDI 2",627.58,{"v":1255.16,"d":"1,255.16"},"RA","RA",502.0640000000001,0,"","","SABESP-I HM06515",26415,563.36,{"v":0.114,"d":"11.40%"},null,{"v":2,"d":"2.00"},null,null,{"v":1255.16,"d":"1,255.16"},627.58]
["S",4,"S",0,18,10,1,2,11,0,0,"F","Serviço","Serviço","18.10.1.2.11.","SABESP-I","HM06513","TÊ COM BOLSAS JE2GS FERRO FUNDIDO DN=150 X 100 MM (25,00 KG) PINTURA EPÓXI VERMELHA, ANÉIS DE BORRACHA INCLUSOS NBR 15420 ESGOTO","un",{"v":1,"d":"1.00"},506.34,"BDI 2",564.06,564.06,"RA","RA",225.624,0,"","","SABESP-I HM06513",26416,506.34,{"v":0.114,"d":"11.40%"},null,{"v":1,"d":"1.00"},null,null,564.06,564.06]
["S",4,"S",0,18,10,1,2,12,0,0,"F","Serviço","Serviço","18.10.1.2.12.","SABESP-I","HM06514","TÊ COM BOLSAS JE2GS FERRO FUNDIDO DN=150 X 150 MM (29,70 KG) PINTURA EPÓXI VERMELHA, ANÉIS DE BORRACHA INCLUSOS NBR 15420 ESGOTO","un",{"v":1,"d":"1.00"},593.46,"BDI 2",661.11,661.11,"RA","RA",264.444,0,"","","SABESP-I HM06514",26417,593.46,{"v":0.114,"d":"11.40%"},null,{"v":1,"d":"1.00"},null,null,661.11,661.11]
["S",4,"S",0,18,10,1,2,13,0,0,"F","Serviço","Serviço","18.10.1.2.13.","SABESP-I","HM06634","TÊ COM FLANGES PN10/16 FERRO FUNDIDO DN=100 X 50 MM (16,00 KG) PINTURA EPÓXI VERMELHA, ACESSÓRIOS NÃO INCLUSOS NBR 15420 ESGOTO","un",{"v":6,"d":"6.00"},489.87,"BDI 2",545.72,{"v":3274.32,"d":"3,274.32"},"RA","RA",1309.728,0,"","","SABESP-I HM06634",26470,489.87,{"v":0.114,"d":"11.40%"},null,{"v":6,"d":"6.00"},null,null,{"v":3274.32,"d":"3,274.32"},545.72]
["S",4,"S",0,18,10,1,2,14,0,0,"F","Serviço","Serviço","18.10.1.2.14.","SABESP-I","HM06633","TÊ COM FLANGES PN10/16 FERRO FUNDIDO DN=100 X 100 MM (18,50 KG) PINTURA EPÓXI VERMELHA, ACESSÓRIOS NÃO INCLUSOS NBR 15420 ESGOTO","un",{"v":4,"d":"4.00"},652.24,"BDI 2",{"v":726.6,"d":"726.60"},{"v":2906.4,"d":"2,906.40"},"RA","RA",1162.5600000000002,0,"","","SABESP-I HM06633",26472,652.24,{"v":0.114,"d":"11.40%"},null,{"v":4,"d":"4.00"},null,null,{"v":2906.4,"d":"2,906.40"},{"v":726.6,"d":"726.60"}]
["S",4,"S",0,18,10,1,2,15,0,0,"F","Serviço","Serviço","18.10.1.2.15.","SABESP-I","HM06636","TÊ COM FLANGES PN10/16 FERRO FUNDIDO DN=150 X 150 MM (32,00 KG) PINTURA EPÓXI VERMELHA, ACESSÓRIOS NÃO INCLUSOS NBR 15420 ESGOTO","un",{"v":1,"d":"1.00"},908.75,"BDI 2",{"v":1012.35,"d":"1,012.35"},{"v":1012.35,"d":"1,012.35"},"RA","RA",404.94000000000005,0,"","","SABESP-I HM06636",26476,908.75,{"v":0.114,"d":"11.40%"},null,{"v":1,"d":"1.00"},null,null,{"v":1012.35,"d":"1,012.35"},{"v":1012.35,"d":"1,012.35"}]
[4,4,4,4,18,10,1,3,0,13,4,"F","Nível 4","Nível 4","18.10.1.3.","SINAPI",null,"Juntas","-",0,0,"BDI 1",0,{"v":6903.94,"d":"6,903.94"},"RA","",2761.576,0,"","",false,"(Sem Código)",0,{"v":0.2604,"d":"26.04%"},{"$nulls":4},{"v":6903.94,"d":"6,903.94"},0]
["S",4,"S",0,18,10,1,3,1,0,0,"F","Serviço","Serviço","18.10.1.3.1.","SABESP-I","HM06397","JUNTA GIBAULT FERRO FUNDIDO DN=80 MM (7,0 KG) PINTURA EPÓXI VERMELHA - ACESSÓRIOS INCLUSOS NBR 15420 ESGOTO","un",{"v":2,"d":"2.00"},318.41,"BDI 2",354.71,709.42,"RA","RA",283.768,0,"","","SABESP-I HM06397",26311,318.41,{"v":0.114,"d":"11.40%"},null,{"v":2,"d":"2.00"},null,null,709.42,354.71]
["S",4,"S",0,18,10,1,3,2,0,0,"F","Serviço","Serviço","18.10.1.3.2.","SABESP-I","HM06388","JUNTA GIBAULT FERRO FUNDIDO DN=100 MM (5,20 KG) PINTURA EPÓXI VERMELHA - ACESSÓRIOS INCLUSOS NBR 15420 ESGOTO","un",{"v":8,"d":"8.00"},415.16,"BDI 2",462.49,{"v":3699.92,"d":"3,699.92"},"RA","RA",1479.968,0,"","","SABESP-I HM06388",26312,415.16,{"v":0.114,"d":"11.40%"},null,{"v":8,"d":"8.00"},null,null,{"v":3699.92,"d":"3,699.92"},462.49]
["S",4,"S",0,18,10,1,3,3,0,0,"F","Serviço","Serviço","18.10.1.3.3.","SABESP-I","HM06389","JUNTA GIBAULT FERRO FUNDIDO DN=150 MM (9,20 KG) PINTURA EPÓXI VERMELHA - ACESSÓRIOS INCLUSOS NBR 15420 ESGOTO","un",{"v":4,"d":"4.00"},559.83,"BDI 2",623.65,{"v":2494.6,"d":"2,494.60"},"RA","RA",997.84,0,"","","SABESP-I HM06389",26313,559.83,{"v":0.114,"d":"11.40%"},null,{"v":4,"d":"4.00"},null,null,{"v":2494.6,"d":"2,494.60"},623.65]
[4,4,4,5,18,10,1,4,0,9,5,"F","Nível 4","Nível 4","18.10.1.4.","SINAPI",null,"Válvulas","-",0,0,"BDI 1",0,{"v":16873.36,"d":"16,873.36"},"RA","",6749.344,0,"","",false,"(Sem Código)",0,{"v":0.2604,"d":"26.04%"},{"$nulls":4},{"v":16873.36,"d":"16,873.36"},0]
["S",4,"S",0,18,10,1,4,1,0,0,"F","Serviço","Serviço","18.10.1.4.1.","SABESP-I","HM04206","VÁLVULA GAVETA C/FLANGES PN10/16 FERRO FUNDIDO DN=80 MM * (16,00 KG), ACION.\nVOLANTE, CUNHA DE BORRACHA, MÉTRICA CHATA, PINTURA EPÓXI EM PÓ NBR 14968 ÁGUA/ESGOTO","un",{"v":2,"d":"2.00"},486.81,"BDI 2",542.31,{"v":1084.62,"d":"1,084.62"},"RA","RA",433.84799999999996,0,"","","SABESP-I HM04206",27293,486.81,{"v":0.114,"d":"11.40%"},null,{"v":2,"d":"2.00"},null,null,{"v":1084.62,"d":"1,084.62"},542.31]
["S",4,"S",0,18,10,1,4,2,0,0,"F","Serviço","Serviço","18.10.1.4.2.","SABESP-I","HM04203","VÁLVULA GAVETA C/FLANGES PN10/16 FERRO FUNDIDO DN=100 MM * (20,00 KG), ACION. VOLANTE, CUNHA DE BORRACHA, MÉTRICA CHATA, PINTURA EPÓXI EM PÓ NBR 14968 ÁGUA/ESGOTO","un",{"v":14,"d":"14.00"},562.65,"BDI 2",626.79,{"v":8775.06,"d":"8,775.06"},"RA","RA",3510.024,0,"","","SABESP-I HM04203",27294,562.65,{"v":0.114,"d":"11.40%"},null,{"v":14,"d":"14.00"},null,null,{"v":8775.06,"d":"8,775.06"},626.79]
["S",4,"S",0,18,10,1,4,3,0,0,"F","Serviço","Serviço","18.10.1.4.3.","SABESP-I","HM04204","VÁLVULA GAVETA C/FLANGES PN10/16 FERRO FUNDIDO DN=150 MM * (33,00 KG), ACION. VOLANTE, CUNHA DE BORRACHA, MÉTRICA CHATA, PINTURA EPÓXI EM PÓ NBR 14968 ÁGUA/ESGOTO","un",{"v":4,"d":"4.00"},966.62,"BDI 2",{"v":1076.81,"d":"1,076.81"},{"v":4307.24,"d":"4,307.24"},"RA","RA",1722.896,0,"","","SABESP-I HM04204",27295,966.62,{"v":0.114,"d":"11.40%"},null,{"v":4,"d":"4.00"},null,null,{"v":4307.24,"d":"4,307.24"},{"v":1076.81,"d":"1,076.81"}]
["S",4,"S",0,18,10,1,4,4,0,0,"F","Serviço","Serviço","18.10.1.4.4.","SABESP-I","HM03277","PEDESTAL SIMPLES FERRO FUNDIDO MODELO 01 * (57,00 KG) MANOBRA DE VÁLVULA","un",{"v":1,"d":"1.00"},{"v":2429.48,"d":"2,429.48"},"BDI 2",{"v":2706.44,"d":"2,706.44"},{"v":2706.44,"d":"2,706.44"},"RA","RA",1082.576,0,"","","SABESP-I HM03277",25713,{"v":2429.48,"d":"2,429.48"},{"v":0.114,"d":"11.40%"},null,{"v":1,"d":"1.00"},null,null,{"v":2706.44,"d":"2,706.44"},{"v":2706.44,"d":"2,706.44"}]
[4,4,4,2,18,10,1,5,0,4,2,"F","Nível 4","Nível 4","18.10.1.5.","SINAPI",null,"Tampão de ferro fundido Ø = 600mm","-",0,0,"BDI 1",0,{"v":1054.26,"d":"1,054.26"},"RA","",421.704,0,"","",false,"(Sem Código)",0,{"v":0.2604,"d":"26.04%"},{"$nulls":4},{"v":1054.26,"d":"1,054.26"},0]
["S",4,"S",0,18,10,1,5,1,0,0,"F","Serviço","Serviço","18.10.1.5.1.","SABESP-I","HM01428","TAMPÃO ARTICULADO FERRO FUNDIDO DN 600 MM COM ARO NTS 033","un",{"v":2,"d":"2.00"},473.19,"BDI 2",527.13,{"v":1054.26,"d":"1,054.26"},"RA","RA",421.704,0,"","","SABESP-I HM01428",26565,473.19,{"v":0.114,"d":"11.40%"},null,{"v":2,"d":"2.00"},null,null,{"v":1054.26,"d":"1,054.26"},527.13]
[4,4,4,2,18,10,1,6,0,2,{"$error":"#N/A"},"F","Nível 4","Nível 4","18.10.1.6.","SINAPI",null,"Equipamentos eletromecânicos","-",0,0,"BDI 1",0,{"v":49666.28,"d":"49,666.28"},"RA","",19866.512000000002,0,"","",false,"(Sem Código)",0,{"v":0.2604,"d":"26.04%"},{"$nulls":4},{"v":49666.28,"d":"49,666.28"},0]
["S",4,"S",0,18,10,1,6,1,0,0,"F","Serviço","Serviço","18.10.1.6.1.","Cotação","COT182","AERADOR MECANIZADO DE FLUXO DESCENDENTE, BAIXA ROTAÇÃO, POTÊNCIA 5,08CV","CJ",{"v":4,"d":"4.00"},{"v":11145.93,"d":"11,145.93"},"BDI 2",{"v":12416.57,"d":"12,416.57"},{"v":49666.28,"d":"49,666.28"},"RA","RA",19866.512000000002,0,"","","Cotação COT182",102,{"v":11145.93,"d":"11,145.93"},{"v":0.114,"d":"11.40%"},null,{"v":4,"d":"4.00"},null,null,{"v":49666.28,"d":"49,666.28"},{"v":12416.57,"d":"12,416.57"}]
[3,3,3,28,18,10,2,0,0,31,28,"F","Nível 3","Nível 3","18.10.2.","SINAPI",null,"Elétricos e eletromecânicos","-",0,0,"BDI 1",0,{"v":225089.3,"d":"225,089.30"},"RA","",90035.72,0,"","",false,"(Sem Código)",0,{"v":0.2604,"d":"26.04%"},{"$nulls":4},{"v":225089.3,"d":"225,089.30"},0]
[4,4,4,25,18,10,2,1,0,27,25,"F","Nível 4","Nível 4","18.10.2.1.","SINAPI",null,"Materiais e Equipamentos Elétricos para Instalações Gerais (conforme lista do projeto elétrico)","-",0,0,"BDI 1",0,{"v":19590.7,"d":"19,590.70"},"RA","",7836.28,0,"","",false,"(Sem Código)",0,{"v":0.2604,"d":"26.04%"},{"$nulls":4},{"v":19590.7,"d":"19,590.70"},0]
["S",4,"S",0,18,10,2,1,1,0,0,"F","Serviço","Serviço","18.10.2.1.1.","SINAPI",97668,"ELETRODUTO FLEXÍVEL CORRUGADO, PEAD, DN 63 (2\"), PARA REDE ENTERRADA DE DISTRIBUIÇÃO DE ENERGIA ELÉTRICA - FORNECIMENTO E INSTALAÇÃO. AF_12/2021","M",{"v":100,"d":"100.00"},13.87,"BDI 1",17.48,{"v":1748,"d":"1,748.00"},"RA","RA",699.2,0,"","","SINAPI 97668",14566,13.87,{"v":0.2604,"d":"26.04%"},null,{"v":100,"d":"100.00"},null,null,{"v":1748,"d":"1,748.00"},17.48]
["S",4,"S",0,18,10,2,1,2,0,0,"F","Serviço","Serviço","18.10.2.1.2.","SINAPI-I",39179,"BUCHA EM ALUMINIO, COM ROSCA, DE 2\", PARA ELETRODUTO","UN",{"v":1,"d":"1.00"},5.36,"BDI 2",5.97,5.97,"RA","RA",2.388,0,"","","SINAPI-I 39179",800,5.36,{"v":0.114,"d":"11.40%"},null,{"v":1,"d":"1.00"},null,null,5.97,5.97]
["S",4,"S",0,18,10,2,1,3,0,0,"F","Serviço","Serviço","18.10.2.1.3.","SINAPI-I",39213,"ARRUELA EM ALUMINIO, COM ROSCA, DE 2\", PARA ELETRODUTO","UN",{"v":1,"d":"1.00"},2.57,"BDI 2",2.86,2.86,"RA","RA",1.144,0,"","","SINAPI-I 39213",465,2.57,{"v":0.114,"d":"11.40%"},null,{"v":1,"d":"1.00"},null,null,2.86,2.86]
["S",4,"S",0,18,10,2,1,4,0,0,"F","Serviço","Serviço","18.10.2.1.4.","SINAPI",97892,"CAIXA ENTERRADA ELÉTRICA RETANGULAR, EM ALVENARIA COM BLOCOS DE CONCRETO, FUNDO COM BRITA, DIMENSÕES INTERNAS: 0,6X0,6X0,6 M. AF_12/2020","UN",{"v":1,"d":"1.00"},423.97,"BDI 1",534.37,534.37,"RA","RA",213.74800000000002,0,"","","SINAPI 97892",7139,423.97,{"v":0.2604,"d":"26.04%"},null,{"v":1,"d":"1.00"},null,null,534.37,534.37]
["S",4,"S",0,18,10,2,1,5,0,0,"F","Serviço","Serviço","18.10.2.1.5.","SINAPI-I",39178,"BUCHA EM ALUMINIO, COM ROSCA, DE 1 1/2\", PARA ELETRODUTO","UN",{"v":2,"d":"2.00"},2.23,"BDI 2",2.48,4.96,"RA","RA",1.984,0,"","","SINAPI-I 39178",795,2.23,{"v":0.114,"d":"11.40%"},null,{"v":2,"d":"2.00"},null,null,4.96,2.48]
["S",4,"S",0,18,10,2,1,6,0,0,"F","Serviço","Serviço","18.10.2.1.6.","SINAPI-I",39212,"ARRUELA EM ALUMINIO, COM ROSCA, DE 1 1/2\", PARA ELETRODUTO","UN",{"v":2,"d":"2.00"},1.96,"BDI 2",2.18,4.36,"RA","RA",1.7440000000000002,0,"","","SINAPI-I 39212",460,1.96,{"v":0.114,"d":"11.40%"},null,{"v":2,"d":"2.00"},null,null,4.36,2.18]
["S",4,"S",0,18,10,2,1,7,0,0,"F","Serviço","Serviço","18.10.2.1.7.","CDHU","38.05.100","Eletroduto galvanizado a quente conforme NBR6323 - 1 1/2´ com acessórios","M",{"v":19,"d":"19.00"},91.95,"BDI 1",115.89,{"v":2201.91,"d":"2,201.91"},"RA","RA",880.764,0,"","","CDHU 38.05.100",17854,91.95,{"v":0.2604,"d":"26.04%"},null,{"v":19,"d":"19.00"},null,null,{"v":2201.91,"d":"2,201.91"},115.89]
["S",4,"S",0,18,10,2,1,8,0,0,"F","Serviço","Serviço","18.10.2.1.8.","SINAPI-I",394,"ABRACADEIRA EM ACO PARA AMARRACAO DE ELETRODUTOS, TIPO D, COM 1 1/2\" E PARAFUSO DE FIXACAO","UN",{"v":18,"d":"18.00"},{"v":3.6,"d":"3.60"},"BDI 2",4.01,72.18,"RA","RA",28.872000000000003,0,"","","SINAPI-I 394",125,{"v":3.6,"d":"3.60"},{"v":0.114,"d":"11.40%"},null,{"v":18,"d":"18.00"},null,null,72.18,4.01]
["S",4,"S",0,18,10,2,1,9,0,0,"F","Serviço","Serviço","18.10.2.1.9.","SINAPI-I",2632,"CURVA 90 GRAUS PARA ELETRODUTO, EM ACO GALVANIZADO ELETROLITICO, COM ROSCA, DIAMETRO DE 40 MM (1 1/2\"), ESPESSURA DE 1,50 MM","UN",{"v":4,"d":"4.00"},17.55,"BDI 2",19.55,{"v":78.2,"d":"78.20"},"RA","RA",31.28,0,"","","SINAPI-I 2632",1704,17.55,{"v":0.114,"d":"11.40%"},null,{"v":4,"d":"4.00"},null,null,{"v":78.2,"d":"78.20"},19.55]
["S",4,"S",0,18,10,2,1,10,0,0,"F","Serviço","Serviço","18.10.2.1.10.","CDHU-I","S.04.000.026728","Parafuso em inoxidável auto-atarraxante sextavado M6x50mm com bucha plástica tipo S6","CJ",{"v":6,"d":"6.00"},1.34,"BDI 2",1.49,8.94,"RA","RA",3.576,0,"","","CDHU-I S.04.000.026728",30861,1.34,{"v":0.114,"d":"11.40%"},null,{"v":6,"d":"6.00"},null,null,8.94,1.49]
["S",4,"S",0,18,10,2,1,11,0,0,"F","Serviço","Serviço","18.10.2.1.11.","SINAPI-I",4375,"BUCHA DE NYLON SEM ABA S6","UN",{"v":6,"d":"6.00"},0.06,"BDI 2",0.07,0.42,"RA","RA",0.168,0,"","","SINAPI-I 4375",700,0.06,{"v":0.114,"d":"11.40%"},null,{"v":6,"d":"6.00"},null,null,0.42,0.07]
["S",4,"S",0,18,10,2,1,12,0,0,"F","Serviço","Serviço","18.10.2.1.12.","SINAPI-I",2587,"CONDULETE DE ALUMINIO TIPO LR, PARA ELETRODUTO ROSCAVEL DE 1 1/2\", COM TAMPA CEGA","UN",{"v":2,"d":"2.00"},36.44,"BDI 2",40.59,81.18,"RA","RA",32.472,0,"","","SINAPI-I 2587",1355,36.44,{"v":0.114,"d":"11.40%"},null,{"v":2,"d":"2.00"},null,null,81.18,40.59]
["S",4,"S",0,18,10,2,1,13,0,0,"F","Serviço","Serviço","18.10.2.1.13.","SINAPI-I",2582,"CONDULETE DE ALUMINIO TIPO X, PARA ELETRODUTO ROSCAVEL DE 1 1/2\", COM TAMPA CEGA","UN",{"v":1,"d":"1.00"},40.49,"BDI 2",45.11,45.11,"RA","RA",18.044,0,"","","SINAPI-I 2582",1372,40.49,{"v":0.114,"d":"11.40%"},null,{"v":1,"d":"1.00"},null,null,45.11,45.11]
["S",4,"S",0,18,10,2,1,14,0,0,"F","Serviço","Serviço","18.10.2.1.14.","SINAPI-I",2576,"CONDULETE DE ALUMINIO TIPO T, PARA ELETRODUTO ROSCAVEL DE 1 1/2\", COM TAMPA CEGA","UN",{"v":1,"d":"1.00"},43.65,"BDI 2",48.63,48.63,"RA","RA",19.452,0,"","","SINAPI-I 2576",1363,43.65,{"v":0.114,"d":"11.40%"},null,{"v":1,"d":"1.00"},null,null,48.63,48.63]
["S",4,"S",0,18,10,2,1,15,0,0,"F","Serviço","Serviço","18.10.2.1.15.","SINAPI-I",1602,"CONECTOR DE ALUMINIO TIPO PRENSA CABO, BITOLA 1 1/2\", PARA CABOS DE DIAMETRO DE 37 A 40 MM","UN",{"v":4,"d":"4.00"},50.21,"BDI 2",55.93,223.72,"RA","RA",89.488,0,"","","SINAPI-I 1602",1426,50.21,{"v":0.114,"d":"11.40%"},null,{"v":4,"d":"4.00"},null,null,223.72,55.93]
["S",4,"S",0,18,10,2,1,16,0,0,"F","Serviço","Serviço","18.10.2.1.16.","SINAPI-I",12059,"ELETRODUTO FLEXIVEL, EM FITA DE ACO GALVANIZADO, SEM REVESTIMENTO, DIAMETRO NOMINAL 1/2\"","M",{"v":20,"d":"20.00"},6.72,"BDI 2",7.49,{"v":149.8,"d":"149.80"},"RA","RA",59.92000000000001,0,"","","SINAPI-I 12059",1941,6.72,{"v":0.114,"d":"11.40%"},null,{"v":20,"d":"20.00"},null,null,{"v":149.8,"d":"149.80"},7.49]
["S",4,"S",0,18,10,2,1,17,0,0,"F","Serviço","Serviço","18.10.2.1.17.","CDHU-I","P.05.000.092162","Terminal em latão zincado macho fixo, 3/4´ ref. CMZL da SPTF ou equivalente","UN",{"v":4,"d":"4.00"},16.62,"BDI 2",18.51,74.04,"RA","RA",29.616000000000003,0,"","","CDHU-I P.05.000.092162",29837,16.62,{"v":0.114,"d":"11.40%"},null,{"v":4,"d":"4.00"},null,null,74.04,18.51]
["S",4,"S",0,18,10,2,1,18,0,0,"F","Serviço","Serviço","18.10.2.1.18.","Cotação","COT185","CABO BLINDADO FLEXÍVEL TETRAPOLAR 3 X 4,0 mm² + 4,0 mm²","M",{"v":65,"d":"65.00"},{"v":58.6,"d":"58.60"},"BDI 2",65.28,{"v":4243.2,"d":"4,243.20"},"RA","RA",1697.28,0,"","","Cotação COT185",105,{"v":58.6,"d":"58.60"},{"v":0.114,"d":"11.40%"},null,{"v":65,"d":"65.00"},null,null,{"v":4243.2,"d":"4,243.20"},65.28]
["S",4,"S",0,18,10,2,1,19,0,0,"F","Serviço","Serviço","18.10.2.1.19.","CDHU-I","P.08.000.043086","Cabo de cobre flexível de 25 mm², isolamento 0,6/1kV - isolação HEPR 90°C","M",{"v":100,"d":"100.00"},21.23,"BDI 2",23.65,{"v":2365,"d":"2,365.00"},"RA","RA",946,0,"","","CDHU-I P.08.000.043086",29906,21.23,{"v":0.114,"d":"11.40%"},null,{"v":100,"d":"100.00"},null,null,{"v":2365,"d":"2,365.00"},23.65]
["S",4,"S",0,18,10,2,1,20,0,0,"F","Serviço","Serviço","18.10.2.1.20.","CDHU-I","P.08.000.043086","Cabo de cobre flexível de 25 mm², isolamento 0,6/1kV - isolação HEPR 90°C","M",{"v":100,"d":"100.00"},21.23,"BDI 2",23.65,{"v":2365,"d":"2,365.00"},"RA","RA",946,0,"","","CDHU-I P.08.000.043086",29906,21.23,{"v":0.114,"d":"11.40%"},null,{"v":100,"d":"100.00"},null,null,{"v":2365,"d":"2,365.00"},23.65]
["S",4,"S",0,18,10,2,1,21,0,0,"F","Serviço","Serviço","18.10.2.1.21.","CDHU-I","P.08.000.043086","Cabo de cobre flexível de 25 mm², isolamento 0,6/1kV - isolação HEPR 90°C","M",{"v":100,"d":"100.00"},21.23,"BDI 2",23.65,{"v":2365,"d":"2,365.00"},"RA","RA",946,0,"","","CDHU-I P.08.000.043086",29906,21.23,{"v":0.114,"d":"11.40%"},null,{"v":100,"d":"100.00"},null,null,{"v":2365,"d":"2,365.00"},23.65]
["S",4,"S",0,18,10,2,1,22,0,0,"F","Serviço","Serviço","18.10.2.1.22.","CDHU-I","P.08.000.043086","Cabo de cobre flexível de 25 mm², isolamento 0,6/1kV - isolação HEPR 90°C","M",{"v":100,"d":"100.00"},21.23,"BDI 2",23.65,{"v":2365,"d":"2,365.00"},"RA","RA",946,0,"","","CDHU-I P.08.000.043086",29906,21.23,{"v":0.114,"d":"11.40%"},null,{"v":100,"d":"100.00"},null,null,{"v":2365,"d":"2,365.00"},23.65]
["S",4,"S",0,18,10,2,1,23,0,0,"F","Serviço","Serviço","18.10.2.1.23.","SINAPI-I",868,"CABO DE COBRE NU 25 MM2 MEIO-DURO","M",{"v":20,"d":"20.00"},26.75,"BDI 2",{"v":29.8,"d":"29.80"},{"v":596,"d":"596.00"},"RA","RA",238.4,0,"","","SINAPI-I 868",841,26.75,{"v":0.114,"d":"11.40%"},null,{"v":20,"d":"20.00"},null,null,{"v":596,"d":"596.00"},{"v":29.8,"d":"29.80"}]
["S",4,"S",0,18,10,2,1,24,0,0,"F","Serviço","Serviço","18.10.2.1.24.","SABESP-I","EL02538","CARTUCHO (PÓ EXOTÉRMICO) Nº 32 PARA SOLDA EXOTÉRMICA","un",{"v":1,"d":"1.00"},6.15,"BDI 2",6.85,6.85,"RA","RA",2.74,0,"","","SABESP-I EL02538",24907,6.15,{"v":0.114,"d":"11.40%"},null,{"v":1,"d":"1.00"},null,null,6.85,6.85]
[4,4,4,2,18,10,2,2,0,2,73,"F","Nível 4","Nível 4","18.10.2.2.","SINAPI",null,"Materiais e Equipamentos de automação (conforme lista do projeto elétrico)","-",0,0,"BDI 1",0,{"v":205498.6,"d":"205,498.60"},"RA","",82199.44,0,"","",false,"(Sem Código)",0,{"v":0.2604,"d":"26.04%"},{"$nulls":4},{"v":205498.6,"d":"205,498.60"},0]
["S",4,"S",0,18,10,2,2,1,0,0,"F","Serviço","Serviço","18.10.2.2.1.","Cotação","COT197","FORNECIMENTO DE PAINEL ELÉTRICO QUADRO COMPACTO EM CAIXA DE ATÉ 1200MM PARA PARTIDAS COM DOIS CONVERSORES DE FREQUÊNCIA (PARA 4 MOTORES DE 10CV) DE 380V","UN",{"v":1,"d":"1.00"},{"v":184469.12,"d":"184,469.12"},"BDI 2",{"v":205498.6,"d":"205,498.60"},{"v":205498.6,"d":"205,498.60"},"RA","RA",82199.44,0,"","","Cotação COT197",116,{"v":184469.12,"d":"184,469.12"},{"v":0.114,"d":"11.40%"},null,{"v":1,"d":"1.00"},null,null,{"v":205498.6,"d":"205,498.60"},{"v":205498.6,"d":"205,498.60"}]
[3,3,3,3,18,10,3,0,0,3,19,"F","Nível 3","Nível 3","18.10.3.","SINAPI",null,"Materiais em Fibra de Vidro (PRFV)","-",0,null,"BDI 1",0,{"v":19215.98,"d":"19,215.98"},"RA","",7686.392,0,"","",false,"(Sem Código)",0,{"v":0.2604,"d":"26.04%"},{"$nulls":4},{"v":19215.98,"d":"19,215.98"},0]
[4,4,4,2,18,10,3,1,0,2,67,"F","Nível 4","Nível 4","18.10.3.1.","SINAPI",null,"Placas vertedouras (Decantador/Adensador) \"similaridade\"","-",0,null,"BDI 1",0,{"v":19215.98,"d":"19,215.98"},"RA","",7686.392,0,"","",false,"(Sem Código)",0,{"v":0.2604,"d":"26.04%"},{"$nulls":4},{"v":19215.98,"d":"19,215.98"},0]
["S",4,"S",0,18,10,3,1,1,0,0,"F","Serviço","Serviço","18.10.3.1.1.","CDHU","27.03.030","Placa de poliéster reforçada com fibra de vidro de 3 mm","M2",{"v":81.6,"d":"81.60"},186.84,"BDI 1",235.49,{"v":19215.98,"d":"19,215.98"},"RA","RA",7686.392,0,"","","CDHU 27.03.030",17209,186.84,{"v":0.2604,"d":"26.04%"},null,{"v":81.6,"d":"81.60"},null,null,{"v":19215.98,"d":"19,215.98"},235.49]
[1,1,1,82,19,0,0,0,0,236,82,"F","Meta","Meta","19.","SINAPI",null,"ETE - LEITOS DE SECAGEM","-",0,0,"BDI 1",0,{"v":2690952.85,"d":"2,690,952.85"},"RA","",1076381.14,0,"",181,false,"(Sem Código)",0,{"v":0.2604,"d":"26.04%"},{"$nulls":4},{"v":2690952.85,"d":"2,690,952.85"},0]
[2,2,2,4,19,1,0,0,0,81,4,"F","Nível 2","Nível 2","19.1.","SINAPI",null,"Serviços Técnicos","-",0,0,"BDI 1",0,{"v":3103.94,"d":"3,103.94"},"RA","",1241.576,0,"",182,false,"(Sem Código)",0,{"v":0.2604,"d":"26.04%"},{"$nulls":4},{"v":3103.94,"d":"3,103.94"},0]
[3,3,3,3,19,1,1,0,0,3,10,"F","Nível 3","Nível 3","19.1.1.","SINAPI",null,"Locação e Cadastro","-",0,0,"BDI 1",0,{"v":3103.94,"d":"3,103.94"},"RA","",1241.576,0,"","",false,"(Sem Código)",0,{"v":0.2604,"d":"26.04%"},{"$nulls":4},{"v":3103.94,"d":"3,103.94"},0]
["S",3,"S",0,19,1,1,0,1,0,0,"F","Serviço","Serviço","19.1.1.0.1.","SABESP",70010008,"LOCAÇÃO DE OBRAS LOCALIZADAS","EQD",{"v":1,"d":"1.00"},{"v":1076.44,"d":"1,076.44"},"BDI 1",{"v":1356.74,"d":"1,356.74"},{"v":1356.74,"d":"1,356.74"},"RA","RA",542.696,0,"","","SABESP 70010008",19840,{"v":1076.44,"d":"1,076.44"},{"v":0.2604,"d":"26.04%"},null,{"v":1,"d":"1.00"},null,null,{"v":1356.74,"d":"1,356.74"},{"v":1356.74,"d":"1,356.74"}]
["S",3,"S",0,19,1,1,0,2,0,0,"F","Serviço","Serviço","19.1.1.0.2.","SABESP",70010009,"CADASTRO DE OBRAS LOCALIZADAS","EQD",{"v":1,"d":"1.00"},{"v":1386.23,"d":"1,386.23"},"BDI 1",{"v":1747.2,"d":"1,747.20"},{"v":1747.2,"d":"1,747.20"},"RA","RA",698.8800000000001,0,"","","SABESP 70010009",19834,{"v":1386.23,"d":"1,386.23"},{"v":0.2604,"d":"26.04%"},null,{"v":1,"d":"1.00"},null,null,{"v":1747.2,"d":"1,747.20"},{"v":1747.2,"d":"1,747.20"}]
[2,2,2,4,19,2,0,0,0,77,4,"F","Nível 2","Nível 2","19.2.","SINAPI",null,"Serviços Preliminares","-",0,0,"BDI 1",0,{"v":38742.05,"d":"38,742.05"},"RA","",15496.82,0,"",183,false,"(Sem Código)",0,{"v":0.2604,"d":"26.04%"},{"$nulls":4},{"v":38742.05,"d":"38,742.05"},0]
[3,3,3,3,19,2,1,0,0,3,6,"F","Nível 3","Nível 3","19.2.1.","SINAPI",null,"Trânsito e Segurança","-",0,0,"BDI 1",0,{"v":38742.05,"d":"38,742.05"},"RA","",15496.82,0,"","",false,"(Sem Código)",0,{"v":0.2604,"d":"26.04%"},{"$nulls":4},{"v":38742.05,"d":"38,742.05"},0]
["S",3,"S",0,19,2,1,0,1,0,0,"F","Serviço","Serviço","19.2.1.0.1.","SABESP",70020002,"TAPUME DE CHAPA DE MADEIRA COMPENSADA","M2",{"v":304.7,"d":"304.70"},98.09,"BDI 1",123.63,{"v":37670.06,"d":"37,670.06"},"RA","RA",15068.024,0,"","","SABESP 70020002",19849,98.09,{"v":0.2604,"d":"26.04%"},null,{"v":304.70000000000005,"d":"304.70"},null,null,{"v":37670.06,"d":"37,670.06"},123.63]
["S",3,"S",0,19,2,1,0,2,0,0,"F","Serviço","Serviço","19.2.1.0.2.","SABESP",70190002,"PROTEÇÃO COM TELA DE NYLON","M2",{"v":55.4,"d":"55.40"},15.35,"BDI 1",19.35,{"v":1071.99,"d":"1,071.99"},"RA","RA",428.79600000000005,0,"","","SABESP 70190002",21999,15.35,{"v":0.2604,"d":"26.04%"},null,{"v":55.400000000000006,"d":"55.40"},null,null,{"v":1071.99,"d":"1,071.99"},19.35]
[2,2,2,11,19,3,0,0,0,73,11,"F","Nível 2","Nível 2","19.3.","SINAPI",null,"Movimento de Terra","-",0,0,"BDI 1",0,{"v":105307.65,"d":"105,307.65"},"RA","",42123.06,0,"",184,false,"(Sem Código)",0,{"v":0.2604,"d":"26.04%"},{"$nulls":4},{"v":105307.65,"d":"105,307.65"},0]
[3,3,3,2,19,3,1,0,0,10,2,"F","Nível 3","Nível 3","19.3.1.","SINAPI",null,"Escavação manual, qualquer terreno exceto rocha, para execução de estação elevatória em aduelas sucessivas","-",0,0,"BDI 1",0,{"v":9447.6,"d":"9,447.60"},"RA","",3779.0400000000004,0,"","",false,"(Sem Código)",0,{"v":0.2604,"d":"26.04%"},{"$nulls":4},{"v":9447.6,"d":"9,447.60"},0]
["S",3,"S",0,19,3,1,0,1,0,0,"F","Serviço","Serviço","19.3.1.0.1.","SABESP","70030055","ESCAVAÇÃO MANUAL, QUALQUER TERRENO EXCETO ROCHA, P/EXECEUÇÃO DE ESTAÇÃO ELEVATÓRIA EM ADUELAS SUCESSIVAS, PROF. ATÉ 2,00 M","M3",61.58,121.72,"BDI 1",153.42,{"v":9447.6,"d":"9,447.60"},"RA","RA",3779.0400000000004,0,"","","SABESP 70030055",19889,121.72,{"v":0.2604,"d":"26.04%"},null,61.58,null,null,{"v":9447.6,"d":"9,447.60"},153.42]
[3,3,3,2,19,3,2,0,0,8,2,"F","Nível 3","Nível 3","19.3.2.","SINAPI",null,"Escavação mecânica, qualquer terreno exceto rocha, de poços e cavas","-",0,0,"BDI 1",0,{"v":38913.82,"d":"38,913.82"},"RA","",15565.528,0,"","",false,"(Sem Código)",0,{"v":0.2604,"d":"26.04%"},{"$nulls":4},{"v":38913.82,"d":"38,913.82"},0]
["S",3,"S",0,19,3,2,0,1,0,0,"F","Serviço","Serviço","19.3.2.0.1.","SABESP",70030002,"ESCAVAÇÃO MECANIZADA DE POÇOS E CAVAS, EM SOLO NÃO ROCHOSO, C/PROF. ATÉ 2,00 M (A)","M3",{"v":1923.57,"d":"1,923.57"},16.05,"BDI 1",20.23,{"v":38913.82,"d":"38,913.82"},"RA","RA",15565.528,0,"","","SABESP 70030002",19926,16.05,{"v":0.2604,"d":"26.04%"},null,{"v":1923.57,"d":"1,923.57"},null,null,{"v":38913.82,"d":"38,913.82"},20.23]
[3,3,3,2,19,3,3,0,0,6,2,"F","Nível 3","Nível 3","19.3.3.","SINAPI",null,"Aterros e recobrimentos especiais de valas, cavas e poços","-",0,0,"BDI 1",0,{"v":18067.33,"d":"18,067.33"},"RA","",7226.932000000001,0,"","",false,"(Sem Código)",0,{"v":0.2604,"d":"26.04%"},{"$nulls":4},{"v":18067.33,"d":"18,067.33"},0]
["S",3,"S",0,19,3,3,0,1,0,0,"F","Serviço","Serviço","19.3.3.0.1.","SABESP",70030020,"ATERRO DE VALAS, POÇOS E CAVAS COMPACTADO MECANICAMENTE, COM CONTROLE DO G.C. >= 95% DO E.N.C. (A)","M3",552.18,25.96,"BDI 1",32.72,{"v":18067.33,"d":"18,067.33"},"RA","RA",7226.932000000001,0,"","","SABESP 70030020",19945,25.96,{"v":0.2604,"d":"26.04%"},null,{"v":552.1800000000001,"d":"552.18"},null,null,{"v":18067.33,"d":"18,067.33"},32.72]
[3,3,3,4,19,3,4,0,0,4,19,"F","Nível 3","Nível 3","19.3.4.","SINAPI",null,"Carga, transporte e descarga","-",0,0,"BDI 1",0,{"v":38878.9,"d":"38,878.90"},"RA","",15551.560000000001,0,"","",false,"(Sem Código)",0,{"v":0.2604,"d":"26.04%"},{"$nulls":4},{"v":38878.9,"d":"38,878.90"},0]
["S",3,"S",0,19,3,4,0,1,0,0,"F","Serviço","Serviço","19.3.4.0.1.","SABESP","70030090","CARGA E DESCARGA - SOLO (A)","M3",{"v":1371.39,"d":"1,371.39"},{"v":7,"d":"7.00"},"BDI 1",8.82,{"v":12095.66,"d":"12,095.66"},"RA","RA",4838.264,0,"","","SABESP 70030090",19976,{"v":7,"d":"7.00"},{"v":0.2604,"d":"26.04%"},null,{"v":1371.3899999999999,"d":"1,371.39"},null,null,{"v":12095.66,"d":"12,095.66"},8.82]
["S",3,"S",0,19,3,4,0,2,0,0,"F","Serviço","Serviço","19.3.4.0.2.","SABESP",70030091,"TRANSPORTE DE MATERIAL ESCAVADO - SOLO (A)","M3Q",{"v":6856.95,"d":"6,856.95"},{"v":2.8,"d":"2.80"},"BDI 1",3.53,{"v":24205.03,"d":"24,205.03"},"RA","RA",9682.012,0,"","","SABESP 70030091",19987,{"v":2.8,"d":"2.80"},{"v":0.2604,"d":"26.04%"},null,{"v":6856.95,"d":"6,856.95"},null,null,{"v":24205.03,"d":"24,205.03"},3.53]
["S",3,"S",0,19,3,4,0,3,0,0,"F","Serviço","Serviço","19.3.4.0.3.","SINAPI","100574","ESPALHAMENTO DE MATERIAL COM TRATOR DE ESTEIRAS. AF_09/2024","M3",{"v":1371.39,"d":"1,371.39"},1.49,"BDI 1",1.88,{"v":2578.21,"d":"2,578.21"},"RA","RA",1031.284,0,"","","SINAPI 100574",6894,1.49,{"v":0.2604,"d":"26.04%"},null,{"v":1371.3899999999999,"d":"1,371.39"},null,null,{"v":2578.21,"d":"2,578.21"},1.88]
[2,2,2,3,19,4,0,0,0,62,3,"F","Nível 2","Nível 2","19.4.","SINAPI",null,"Escoramentos","-",0,0,"BDI 1",0,{"v":7531.14,"d":"7,531.14"},"RA","",3012.456,0,"",185,false,"(Sem Código)",0,{"v":0.2604,"d":"26.04%"},{"$nulls":4},{"v":7531.14,"d":"7,531.14"},0]
[3,3,3,2,19,4,1,0,0,2,8,"F","Nível 3","Nível 3","19.4.1.","SINAPI",null,"Estruturas de escoramento - madeira","-",0,0,"BDI 1",0,{"v":7531.14,"d":"7,531.14"},"RA","",3012.456,0,"","",false,"(Sem Código)",0,{"v":0.2604,"d":"26.04%"},{"$nulls":4},{"v":7531.14,"d":"7,531.14"},0]
["S",3,"S",0,19,4,1,0,1,0,0,"F","Serviço","Serviço","19.4.1.0.1.","SABESP",70040001,"PONTALETEAMENTO (A)","M2",465.46,12.84,"BDI 1",16.18,{"v":7531.14,"d":"7,531.14"},"RA","RA",3012.456,0,"","","SABESP 70040001",20001,12.84,{"v":0.2604,"d":"26.04%"},null,{"v":465.4600000000001,"d":"465.46"},null,null,{"v":7531.14,"d":"7,531.14"},16.18]
[2,2,2,3,19,5,0,0,0,59,3,"F","Nível 2","Nível 2","19.5.","SINAPI",null,"Esgotamentos","-",0,0,"BDI 1",0,{"v":2291.2,"d":"2,291.20"},"RA","",916.48,0,"",186,false,"(Sem Código)",0,{"v":0.2604,"d":"26.04%"},{"$nulls":4},{"v":2291.2,"d":"2,291.20"},0]
[3,3,3,2,19,5,1,0,0,2,5,"F","Nível 3","Nível 3","19.5.1.","SINAPI",null,"Águas superficiais","-",0,0,"BDI 1",0,{"v":2291.2,"d":"2,291.20"},"RA","",916.48,0,"","",false,"(Sem Código)",0,{"v":0.2604,"d":"26.04%"},{"$nulls":4},{"v":2291.2,"d":"2,291.20"},0]
["S",3,"S",0,19,5,1,0,1,0,0,"F","Serviço","Serviço","19.5.1.0.1.","SABESP",70050001,"ESGOTAMENTO COM BOMBAS DE SUPERFÍCIE OU SUBMERSAS","HPH",{"v":640,"d":"640.00"},2.84,"BDI 1",3.58,{"v":2291.2,"d":"2,291.20"},"RA","RA",916.48,0,"","","SABESP 70050001",20039,2.84,{"v":0.2604,"d":"26.04%"},null,{"v":640,"d":"640.00"},null,null,{"v":2291.2,"d":"2,291.20"},3.58]
[2,2,2,15,19,6,0,0,0,56,15,"F","Nível 2","Nível 2","19.6.","SINAPI",null,"Fundações e Estruturas","-",0,0,"BDI 1",0,{"v":2066273.13,"d":"2,066,273.13"},"RA","",826509.2520000001,0,"",187,false,"(Sem Código)",0,{"v":0.2604,"d":"26.04%"},{"$nulls":4},{"v":2066273.13,"d":"2,066,273.13"},0]
[3,3,3,2,19,6,1,0,0,14,2,"F","Nível 3","Nível 3","19.6.1.","SINAPI",null,"Lastros","-",0,0,"BDI 1",0,{"v":9242.42,"d":"9,242.42"},"RA","",3696.9680000000003,0,"","",false,"(Sem Código)",0,{"v":0.2604,"d":"26.04%"},{"$nulls":4},{"v":9242.42,"d":"9,242.42"},0]
["S",3,"S",0,19,6,1,0,1,0,0,"F","Serviço","Serviço","19.6.1.0.1.","SABESP",70070046,"LASTRO DE PEDRA BRITADA (A)","M3",48.56,151.01,"BDI 1",190.33,{"v":9242.42,"d":"9,242.42"},"RA","RA",3696.9680000000003,0,"","","SABESP 70070046",20138,151.01,{"v":0.2604,"d":"26.04%"},null,48.56,null,null,{"v":9242.42,"d":"9,242.42"},190.33]
[3,3,3,2,19,6,2,0,0,12,2,"F","Nível 3","Nível 3","19.6.2.","SINAPI",null,"Formas para concreto","-",0,0,"BDI 1",0,{"v":418377.03,"d":"418,377.03"},"RA","",167350.81200000003,0,"","",false,"(Sem Código)",0,{"v":0.2604,"d":"26.04%"},{"$nulls":4},{"v":418377.03,"d":"418,377.03"},0]
["S",3,"S",0,19,6,2,0,1,0,0,"F","Serviço","Serviço","19.6.2.0.1.","CDHU","09.02.020","Forma plana em compensado para estrutura convencional","M2",{"v":1667.04,"d":"1,667.04"},199.12,"BDI 1",250.97,{"v":418377.03,"d":"418,377.03"},"RA","RA",167350.81200000003,0,"","","CDHU 09.02.020",16302,199.12,{"v":0.2604,"d":"26.04%"},null,{"v":1667.04,"d":"1,667.04"},null,null,{"v":418377.03,"d":"418,377.03"},250.97]
[3,3,3,2,19,6,3,0,0,10,2,"F","Nível 3","Nível 3","19.6.3.","SINAPI",null,"Aços para Concreto","-",0,0,"BDI 1",0,{"v":1105247.18,"d":"1,105,247.18"},"RA","",442098.872,0,"","",false,"(Sem Código)",0,{"v":0.2604,"d":"26.04%"},{"$nulls":4},{"v":1105247.18,"d":"1,105,247.18"},0]
["S",3,"S",0,19,6,3,0,1,0,0,"F","Serviço","Serviço","19.6.3.0.1.","SABESP",70070135,"ARMAÇÃO EM AÇO CA-50","KG",{"v":66222.12,"d":"66,222.12"},13.24,"BDI 1",16.69,{"v":1105247.18,"d":"1,105,247.18"},"RA","RA",442098.872,0,"","","SABESP 70070135",20232,13.24,{"v":0.2604,"d":"26.04%"},null,{"v":66222.12,"d":"66,222.12"},null,null,{"v":1105247.18,"d":"1,105,247.18"},16.69]
[3,3,3,2,19,6,4,0,0,8,2,"F","Nível 3","Nível 3","19.6.4.","SINAPI",null,"Concreto não estrutural (lastro)","-",0,0,"BDI 1",0,{"v":35852.82,"d":"35,852.82"},"RA","",14341.128,0,"","",false,"(Sem Código)",0,{"v":0.2604,"d":"26.04%"},{"$nulls":4},{"v":35852.82,"d":"35,852.82"},0]
["S",3,"S",0,19,6,4,0,1,0,0,"F","Serviço","Serviço","19.6.4.0.1.","SABESP",70070142,"CONCRETO NÃO ESTRUTURAL - MÍNIMO 150 KG DE CIMENTO/M³","M3",48.56,585.78,"BDI 1",738.32,{"v":35852.82,"d":"35,852.82"},"RA","RA",14341.128,0,"","","SABESP 70070142",20236,585.78,{"v":0.2604,"d":"26.04%"},null,48.56,null,null,{"v":35852.82,"d":"35,852.82"},738.32]
[3,3,3,2,19,6,5,0,0,6,2,"F","Nível 3","Nível 3","19.6.5.","SINAPI",null,"Concreto Estrutural para estruturas sujeitas ao contato com água e esgoto","-",0,null,"BDI 1",0,{"v":311150.58,"d":"311,150.58"},"RA","",124460.23200000002,0,"","",false,"(Sem Código)",0,{"v":0.2604,"d":"26.04%"},{"$nulls":4},{"v":311150.58,"d":"311,150.58"},0]
["S",3,"S",0,19,6,5,0,1,0,0,"F","Serviço","Serviço","19.6.5.0.1.","SABESP","70070301","CONCRETO ESTRUTURAL P/ ESTRUTURAS EM CONTATO COM ESGOTO, GASES AGRESSIVOS, AMBIENTE MARÍTIMO E ESTRUTURAS PARA TRATAMENTO DE ÁGUA, FCK = 40,0 MPA, A/C MÁX. 0,45 L/KG - MÍN. DE 360 KG DE CIMENTO/M³","M3",351.67,701.98,"BDI 1",884.78,{"v":311150.58,"d":"311,150.58"},"RA","RA",124460.23200000002,0,"","","SABESP 70070301",20248,701.98,{"v":0.2604,"d":"26.04%"},null,{"v":351.66999999999996,"d":"351.67"},null,null,{"v":311150.58,"d":"311,150.58"},884.78]
[3,3,3,2,19,6,6,0,0,4,2,"F","Nível 3","Nível 3","19.6.6.","SINAPI",null,"Concreto Estrutural para estruturas sujeitas ao contato com água e esgoto (enchimento de fundo do leito)","-",0,0,"BDI 1",0,{"v":164409.1,"d":"164,409.10"},"RA","",65763.64,0,"","",false,"(Sem Código)",0,{"v":0.2604,"d":"26.04%"},{"$nulls":4},{"v":164409.1,"d":"164,409.10"},0]
["S",3,"S",0,19,6,6,0,1,0,0,"F","Serviço","Serviço","19.6.6.0.1.","SABESP",70070142,"CONCRETO NÃO ESTRUTURAL - MÍNIMO 150 KG DE CIMENTO/M³","M3",222.68,585.78,"BDI 1",738.32,{"v":164409.1,"d":"164,409.10"},"RA","RA",65763.64,0,"","","SABESP 70070142",20236,585.78,{"v":0.2604,"d":"26.04%"},null,222.68,null,null,{"v":164409.1,"d":"164,409.10"},738.32]
[3,3,3,2,19,6,7,0,0,2,{"$error":"#N/A"},"F","Nível 3","Nível 3","19.6.7.","SINAPI",null,"Poço de Inspeção para esgoto - di=0,60m","-",0,0,"BDI 1",0,{"v":21994,"d":"21,994.00"},"RA","",8797.6,0,"","",false,"(Sem Código)",0,{"v":0.2604,"d":"26.04%"},{"$nulls":4},{"v":21994,"d":"21,994.00"},0]
["S",3,"S",0,19,6,7,0,1,0,0,"F","Serviço","Serviço","19.6.7.0.1.","SINAPI","97975","POÇO DE INSPEÇÃO CIRCULAR PARA ESGOTO, EM CONCRETO PRÉ-MOLDADO, DIÂMETRO INTERNO = 0,60 M, PROFUNDIDADE = 1,40 M, EXCLUINDO TAMPÃO. AF_12/2020","UN",{"v":25,"d":"25.00"},{"v":698,"d":"698.00"},"BDI 1",879.76,{"v":21994,"d":"21,994.00"},"RA","RA",8797.6,0,"","","SINAPI 97975",14279,{"v":698,"d":"698.00"},{"v":0.2604,"d":"26.04%"},null,{"v":25,"d":"25.00"},null,null,{"v":21994,"d":"21,994.00"},879.76]
[2,2,2,9,19,7,0,0,0,41,9,"F","Nível 2","Nível 2","19.7.","SINAPI",null,"Assentamentos, Montagens, Cargas, Transporte e Descargas de Tubulação","-",0,0,"BDI 1",0,{"v":24390.78,"d":"24,390.78"},"RA","",9756.312,0,"",188,false,"(Sem Código)",0,{"v":0.2604,"d":"26.04%"},{"$nulls":4},{"v":24390.78,"d":"24,390.78"},0]
[3,3,3,2,19,7,1,0,0,8,2,"F","Nível 3","Nível 3","19.7.1.","SINAPI",null,"Assentamento de Tampão de ferro fundido Ø = 600mm","-",0,0,"BDI 1",0,{"v":4270,"d":"4,270.00"},"RA","",1708,0,"","",false,"(Sem Código)",0,{"v":0.2604,"d":"26.04%"},{"$nulls":4},{"v":4270,"d":"4,270.00"},0]
["S",3,"S",0,19,7,1,0,1,0,0,"F","Serviço","Serviço","19.7.1.0.1.","SABESP",70070230,"ASSENTAMENTO DE TAMPÃO DE FERRO FUNDIDO, DN 600 MM","un",{"v":25,"d":"25.00"},135.51,"BDI 1",{"v":170.8,"d":"170.80"},{"v":4270,"d":"4,270.00"},"RA","RA",1708,0,"","","SABESP 70070230",20346,135.51,{"v":0.2604,"d":"26.04%"},null,{"v":25,"d":"25.00"},null,null,{"v":4270,"d":"4,270.00"},{"v":170.8,"d":"170.80"}]
[3,3,3,3,19,7,2,0,0,6,3,"F","Nível 3","Nível 3","19.7.2.","SINAPI",null,"Montagens de Tubos, Conexões e Válvulas de Ferro Fundido","-",0,0,"BDI 1",0,{"v":18365,"d":"18,365.00"},"RA","",7346,0,"","",false,"(Sem Código)",0,{"v":0.2604,"d":"26.04%"},{"$nulls":4},{"v":18365,"d":"18,365.00"},0]
["S",3,"S",0,19,7,2,0,1,0,0,"F","Serviço","Serviço","19.7.2.0.1.","SABESP",70140023,"TUBOS E CONEXÕES METÁLICOS FLANGEADOS - MONTAGEM","KG",{"v":1700,"d":"1,700.00"},2.38,"BDI 1",{"v":3,"d":"3.00"},{"v":5100,"d":"5,100.00"},"RA","RA",2040,0,"","","SABESP 70140023",21306,2.38,{"v":0.2604,"d":"26.04%"},null,{"v":1700,"d":"1,700.00"},null,null,{"v":5100,"d":"5,100.00"},{"v":3,"d":"3.00"}]
["S",3,"S",0,19,7,2,0,2,0,0,"F","Serviço","Serviço","19.7.2.0.2.","SABESP",70140057,"VÁLVULA GAVETA FOFO ATÉ DN200 MM - MONTAGEM","un",{"v":25,"d":"25.00"},420.98,"BDI 1",{"v":530.6,"d":"530.60"},{"v":13265,"d":"13,265.00"},"RA","RA",5306,0,"","","SABESP 70140057",21348,420.98,{"v":0.2604,"d":"26.04%"},null,{"v":25,"d":"25.00"},null,null,{"v":13265,"d":"13,265.00"},{"v":530.6,"d":"530.60"}]
[3,3,3,3,19,7,3,0,0,3,50,"F","Nível 3","Nível 3","19.7.3.","SABESP",null,"Carga, transporte até 10 km e descarga de tubos e peças de Ferro Fundido","-",0,0,"BDI 1",0,{"v":1755.78,"d":"1,755.78"},"RA","",702.3120000000001,0,"","",false,"(Sem Código)",0,{"v":0.2604,"d":"26.04%"},{"$nulls":4},{"v":1755.78,"d":"1,755.78"},0]
["S",3,"S",0,19,7,3,0,1,0,0,"F","Serviço","Serviço","19.7.3.0.1.","SABESP",70080342,"CARGA E DESCARGA, DE TUBOS E PEÇAS EM FERRO FUNDIDO","TON",{"v":6.5,"d":"6.50"},116.91,"BDI 1",147.35,957.78,"RA","RA",383.112,0,"","","SABESP 70080342",20760,116.91,{"v":0.2604,"d":"26.04%"},null,{"v":6.5,"d":"6.50"},null,null,957.78,147.35]
["S",3,"S",0,19,7,3,0,2,0,0,"F","Serviço","Serviço","19.7.3.0.2.","SABESP",70080343,"TRANSPORTE, DE TUBOS E PEÇAS EM FERRO FUNDIDO","TOK",{"v":190,"d":"190.00"},3.33,"BDI 1",{"v":4.2,"d":"4.20"},{"v":798,"d":"798.00"},"RA","RA",319.20000000000005,0,"","","SABESP 70080343",20761,3.33,{"v":0.2604,"d":"26.04%"},null,{"v":190,"d":"190.00"},null,null,{"v":798,"d":"798.00"},{"v":4.2,"d":"4.20"}]
[2,2,2,6,19,8,0,0,0,32,6,"F","Nível 2","Nível 2","19.8.","SINAPI",null,"Enchimentos  de Leitos de Secagem","-",0,0,"BDI 1",0,{"v":108294.9,"d":"108,294.90"},"RA","",43317.96000000001,0,"",189,false,"(Sem Código)",0,{"v":0.2604,"d":"26.04%"},{"$nulls":4},{"v":108294.9,"d":"108,294.90"},0]
[3,3,3,3,19,8,1,0,0,5,3,"F","Nível 3","Nível 3","19.8.1.","SINAPI",null,"Enchimento com Materiais Granulares","-",0,0,"BDI 1",0,{"v":76573.86,"d":"76,573.86"},"RA","",30629.544,0,"","",false,"(Sem Código)",0,{"v":0.2604,"d":"26.04%"},{"$nulls":4},{"v":76573.86,"d":"76,573.86"},0]
["S",3,"S",0,19,8,1,0,1,0,0,"F","Serviço","Serviço","19.8.1.0.1.","SABESP","70140018","COLOCAÇÃO DE AREIA NOS FILTROS","M3",{"v":90,"d":"90.00"},115.28,"BDI 1",{"v":145.3,"d":"145.30"},{"v":13077,"d":"13,077.00"},"RA","RA",5230.8,0,"","","SABESP 70140018",21242,115.28,{"v":0.2604,"d":"26.04%"},null,{"v":90,"d":"90.00"},null,null,{"v":13077,"d":"13,077.00"},{"v":145.3,"d":"145.30"}]
["S",3,"S",0,19,8,1,0,2,0,0,"F","Serviço","Serviço","19.8.1.0.2.","SABESP",70140019,"COLOCAÇÃO DE PEDREGULHO NOS FILTROS","M3",{"v":399,"d":"399.00"},126.26,"BDI 1",159.14,{"v":63496.86,"d":"63,496.86"},"RA","RA",25398.744000000002,0,"","","SABESP 70140019",21244,126.26,{"v":0.2604,"d":"26.04%"},null,{"v":399,"d":"399.00"},null,null,{"v":63496.86,"d":"63,496.86"},159.14]
[3,3,3,2,19,8,2,0,0,2,26,"F","Nível 3","Nível 3","19.8.2.","SINAPI",null,"Colocação de Tijolos","-",0,0,"BDI 1",0,{"v":31721.04,"d":"31,721.04"},"RA","",12688.416000000001,0,"","",false,"(Sem Código)",0,{"v":0.2604,"d":"26.04%"},{"$nulls":4},{"v":31721.04,"d":"31,721.04"},0]
["S",3,"S",0,19,8,2,0,1,0,0,"F","Serviço","Serviço","19.8.2.0.1.","SABESP",70110019,"COLOCAÇÃO DE TIJOLO COMUM NO LEITO DE SECAGEM","M2",{"v":936,"d":"936.00"},26.89,"BDI 1",33.89,{"v":31721.04,"d":"31,721.04"},"RA","RA",12688.416000000001,0,"","","SABESP 70110019",20935,26.89,{"v":0.2604,"d":"26.04%"},null,{"v":936,"d":"936.00"},null,null,{"v":31721.04,"d":"31,721.04"},33.89]
[2,2,2,26,19,9,0,0,0,26,{"$error":"#N/A"},"F","Nível 2","Nível 2","19.9.","SINAPI",null,"Fornecimento de materiais e equipamentos","-",0,0,"BDI 1",0,{"v":335018.06,"d":"335,018.06"},"RA","",134007.22399999996,0,"",190,false,"(Sem Código)",0,{"v":0.2604,"d":"26.04%"},{"$nulls":4},{"v":335018.06,"d":"335,018.06"},0]
[3,3,3,15,19,9,1,0,0,25,15,"F","Nível 3","Nível 3","19.9.1.","SINAPI",null,"Hidráulicos e hidromecânicos","-",0,0,"BDI 1",0,{"v":277091.87,"d":"277,091.87"},"RA","",110836.74799999998,0,"","",false,"(Sem Código)",0,{"v":0.2604,"d":"26.04%"},{"$nulls":4},{"v":277091.87,"d":"277,091.87"},0]
[4,4,4,7,19,9,1,1,0,14,7,"F","Nível 4","Nível 4","19.9.1.1.","SINAPI",null,"Tubulação de ferro fundido","-",0,0,"BDI 1",0,{"v":204315.62,"d":"204,315.62"},"RA","",81726.24799999999,0,"","",false,"(Sem Código)",0,{"v":0.2604,"d":"26.04%"},{"$nulls":4},{"v":204315.62,"d":"204,315.62"},0]
["S",4,"S",0,19,9,1,1,1,0,0,"F","Serviço","Serviço","19.9.1.1.1.","Cotação","COT042","TUBO CILÍNDRICO, C/ PONTAS FERRO FUNDIDO DN=100 MM L=400 MM (17,90 KG) PINTURA EPÓXI VERMELHA, ESGOTO","UN",{"v":25,"d":"25.00"},269.92,"BDI 2",300.69,{"v":7517.25,"d":"7,517.25"},"RA","RA",3006.9,0,"","","Cotação COT042",39,269.92,{"v":0.114,"d":"11.40%"},null,{"v":25,"d":"25.00"},null,null,{"v":7517.25,"d":"7,517.25"},300.69]
["S",4,"S",0,19,9,1,1,2,0,0,"F","Serviço","Serviço","19.9.1.1.2.","Cotação","COT143","TUBO C/FLANGE PN10/16 E PONTA FERRO FUNDIDO DN=100 MM L=700 MM (19,32 KG) PINTURA EPÓXI VERMELHA, ACESSÓRIOS NÃO INCLUSOS NBR 15420 ESGOTO","UN",{"v":25,"d":"25.00"},839.22,"BDI 2",934.89,{"v":23372.25,"d":"23,372.25"},"RA","RA",9348.9,0,"","","Cotação COT143",96,839.22,{"v":0.114,"d":"11.40%"},null,{"v":25,"d":"25.00"},null,null,{"v":23372.25,"d":"23,372.25"},934.89]
["S",4,"S",0,19,9,1,1,3,0,0,"F","Serviço","Serviço","19.9.1.1.3.","Cotação","COT067","TUBO CILÍNDRICO, C/ PONTAS FERRO FUNDIDO DN=100 MM L=4.450 MM (17,90 KG) PINTURA EPÓXI VERMELHA, ESGOTO","UN",{"v":23,"d":"23.00"},{"v":3003.02,"d":"3,003.02"},"BDI 2",{"v":3345.36,"d":"3,345.36"},{"v":76943.28,"d":"76,943.28"},"RA","RA",30777.312,0,"","","Cotação COT067",62,{"v":3003.02,"d":"3,003.02"},{"v":0.114,"d":"11.40%"},null,{"v":23,"d":"23.00"},null,null,{"v":76943.28,"d":"76,943.28"},{"v":3345.36,"d":"3,345.36"}]
["S",4,"S",0,19,9,1,1,4,0,0,"F","Serviço","Serviço","19.9.1.1.4.","Cotação","COT084","TUBO CILÍNDRICO, C/ PONTAS FERRO FUNDIDO DN=150 MM L=4.000 MM (20,64 KG) PINTURA EPÓXI VERMELHA, NBR 15420 ESGOTO","UN",{"v":23,"d":"23.00"},{"v":3257.59,"d":"3,257.59"},"BDI 2",{"v":3628.96,"d":"3,628.96"},{"v":83466.08,"d":"83,466.08"},"RA","RA",33386.432,0,"","","Cotação COT084",77,{"v":3257.59,"d":"3,257.59"},{"v":0.114,"d":"11.40%"},null,{"v":23,"d":"23.00"},null,null,{"v":83466.08,"d":"83,466.08"},{"v":3628.96,"d":"3,628.96"}]
["S",4,"S",0,19,9,1,1,5,0,0,"F","Serviço","Serviço","19.9.1.1.5.","SABESP-I","HM01292","ACESSÓRIOS PARA FLANGE DN=100 PN10 AÇO GALV D=5/8\" X L=2 3/4\" 8 CJ (PARAFUSO, PORCA E ARRUELA) NORMA 0100-400-E027 FL3/3","un",{"v":75,"d":"75.00"},90.56,"BDI 2",100.88,{"v":7566,"d":"7,566.00"},"RA","RA",3026.4,0,"","","SABESP-I HM01292",25007,90.56,{"v":0.114,"d":"11.40%"},null,{"v":75,"d":"75.00"},null,null,{"v":7566,"d":"7,566.00"},100.88]
["S",4,"S",0,19,9,1,1,6,0,0,"F","Serviço","Serviço","19.9.1.1.6.","SABESP","70140023","TUBOS E CONEXÕES METÁLICOS FLANGEADOS - MONTAGEM","KG",{"v":1816.92,"d":"1,816.92"},2.38,"BDI 1",{"v":3,"d":"3.00"},{"v":5450.76,"d":"5,450.76"},"RA","RA",2180.304,0,"","","SABESP 70140023",21306,2.38,{"v":0.2604,"d":"26.04%"},null,{"v":1816.92,"d":"1,816.92"},null,null,{"v":5450.76,"d":"5,450.76"},{"v":3,"d":"3.00"}]
[4,4,4,3,19,9,1,2,0,7,3,"F","Nível 4","Nível 4","19.9.1.2.","SINAPI",null,"Conexões de ferro fundido","-",0,0,"BDI 1",0,{"v":43928.25,"d":"43,928.25"},"RA","",17571.3,0,"","",false,"(Sem Código)",0,{"v":0.2604,"d":"26.04%"},{"$nulls":4},{"v":43928.25,"d":"43,928.25"},0]
["S",4,"S",0,19,9,1,2,1,0,0,"F","Serviço","Serviço","19.9.1.2.1.","SABESP-I","HM06292","CURVA 90º COM FLANGES PN10/16 FERRO FUNDIDO DN=100 MM (11,00 KG) PINTURA EPÓXI VERMELHA, ACESSÓRIOS NÃO INCLUSOS NBR 15420 ESGOTO","un",{"v":50,"d":"50.00"},413.66,"BDI 2",460.82,{"v":23041,"d":"23,041.00"},"RA","RA",9216.4,0,"","","SABESP-I HM06292",26227,413.66,{"v":0.114,"d":"11.40%"},null,{"v":50,"d":"50.00"},null,null,{"v":23041,"d":"23,041.00"},460.82]
["S",4,"S",0,19,9,1,2,2,0,0,"F","Serviço","Serviço","19.9.1.2.2.","SABESP-I","HM06562","TÊ C/BOLSAS JE2GS E FLANGE PN10/16 FERRO FUNDIDO DN=100X100 MM (19,30 KG) PINTURA EPÓXI VERMELHA, ACESSÓRIOS NÃO INCLUSOS NBR 15420 ESGOTO","un",{"v":25,"d":"25.00"},749.99,"BDI 2",835.49,{"v":20887.25,"d":"20,887.25"},"RA","RA",8354.9,0,"","","SABESP-I HM06562",26443,749.99,{"v":0.114,"d":"11.40%"},null,{"v":25,"d":"25.00"},null,null,{"v":20887.25,"d":"20,887.25"},835.49]
[4,4,4,2,19,9,1,3,0,4,2,"F","Nível 4","Nível 4","19.9.1.3.","SINAPI",null,"Válvulas","-",0,0,"BDI 1",0,{"v":15669.75,"d":"15,669.75"},"RA","",6267.900000000001,0,"","",false,"(Sem Código)",0,{"v":0.2604,"d":"26.04%"},{"$nulls":4},{"v":15669.75,"d":"15,669.75"},0]
["S",4,"S",0,19,9,1,3,1,0,0,"F","Serviço","Serviço","19.9.1.3.1.","SABESP-I","HM04203","VÁLVULA GAVETA C/FLANGES PN10/16 FERRO FUNDIDO DN=100 MM * (20,00 KG), ACION. VOLANTE, CUNHA DE BORRACHA, MÉTRICA CHATA, PINTURA EPÓXI EM PÓ NBR 14968 ÁGUA/ESGOTO","un",{"v":25,"d":"25.00"},562.65,"BDI 2",626.79,{"v":15669.75,"d":"15,669.75"},"RA","RA",6267.900000000001,0,"","","SABESP-I HM04203",27294,562.65,{"v":0.114,"d":"11.40%"},null,{"v":25,"d":"25.00"},null,null,{"v":15669.75,"d":"15,669.75"},626.79]
[4,4,4,2,19,9,1,4,0,2,{"$error":"#N/A"},"F","Nível 4","Nível 4","19.9.1.4.","SINAPI",null,"Tampão de ferro fundido Ø = 600mm","-",0,0,"BDI 1",0,{"v":13178.25,"d":"13,178.25"},"RA","",5271.3,0,"","",false,"(Sem Código)",0,{"v":0.2604,"d":"26.04%"},{"$nulls":4},{"v":13178.25,"d":"13,178.25"},0]
["S",4,"S",0,19,9,1,4,1,0,0,"F","Serviço","Serviço","19.9.1.4.1.","SABESP-I","HM01428","TAMPÃO ARTICULADO FERRO FUNDIDO DN 600 MM COM ARO NTS 033","un",{"v":25,"d":"25.00"},473.19,"BDI 2",527.13,{"v":13178.25,"d":"13,178.25"},"RA","RA",5271.3,0,"","","SABESP-I HM01428",26565,473.19,{"v":0.114,"d":"11.40%"},null,{"v":25,"d":"25.00"},null,null,{"v":13178.25,"d":"13,178.25"},527.13]
[3,3,3,8,19,9,2,0,0,10,8,"F","Nível 3","Nível 3","19.9.2.","SINAPI",null,"Materiais Granulares","-",0,0,"BDI 1",0,{"v":42222.69,"d":"42,222.69"},"RA","",16889.076,0,"","",false,"(Sem Código)",0,{"v":0.2604,"d":"26.04%"},{"$nulls":4},{"v":42222.69,"d":"42,222.69"},0]
[4,4,4,2,19,9,2,1,0,7,2,"F","Nível 4","Nível 4","19.9.2.1.","SINAPI",null,"Areia","-",0,0,"BDI 1",0,{"v":11359.8,"d":"11,359.80"},"RA","",4543.92,0,"","",false,"(Sem Código)",0,{"v":0.2604,"d":"26.04%"},{"$nulls":4},{"v":11359.8,"d":"11,359.80"},0]
["S",4,"S",0,19,9,2,1,1,0,0,"F","Serviço","Serviço","19.9.2.1.1.","SABESP-I","CV00182","AREIA MÉDIA GRANULOMETRIA ENTRE (0,42 E 1,2 MM) LAVADA","M3",{"v":90,"d":"90.00"},{"v":113.3,"d":"113.30"},"BDI 2",126.22,{"v":11359.8,"d":"11,359.80"},"RA","RA",4543.92,0,"","","SABESP-I CV00182",23253,{"v":113.3,"d":"113.30"},{"v":0.114,"d":"11.40%"},null,{"v":90,"d":"90.00"},null,null,{"v":11359.8,"d":"11,359.80"},126.22]
[4,4,4,5,19,9,2,2,0,5,115,"F","Nível 4","Nível 4","19.9.2.2.","SINAPI",null,"Pedras","-",0,0,"BDI 1",0,{"v":30862.89,"d":"30,862.89"},"RA","",12345.156,0,"","",false,"(Sem Código)",0,{"v":0.2604,"d":"26.04%"},{"$nulls":4},{"v":30862.89,"d":"30,862.89"},0]
["S",4,"S",0,19,9,2,2,1,0,0,"F","Serviço","Serviço","19.9.2.2.1.","SABESP-I","CV00209","PEDRA BRITADA Nº 1 E 2 GRANULOMETRIA ENTRE (4,8 E 25,0 MM) NBR 7225","M3",{"v":90,"d":"90.00"},65.73,"BDI 2",73.22,{"v":6589.8,"d":"6,589.80"},"RA","RA",2635.92,0,"","","SABESP-I CV00209",23259,65.73,{"v":0.114,"d":"11.40%"},null,{"v":90,"d":"90.00"},null,null,{"v":6589.8,"d":"6,589.80"},73.22]
["S",4,"S",0,19,9,2,2,2,0,0,"F","Serviço","Serviço","19.9.2.2.2.","SABESP-I","CV00211","PEDRA BRITADA Nº 2 E 3 GRANULOMETRIA ENTRE (12,5 E 50,0 MM) NBR 7225","M3",{"v":90,"d":"90.00"},62.09,"BDI 2",69.17,{"v":6225.3,"d":"6,225.30"},"RA","RA",2490.1200000000003,0,"","","SABESP-I CV00211",23261,62.09,{"v":0.114,"d":"11.40%"},null,{"v":90,"d":"90.00"},null,null,{"v":6225.3,"d":"6,225.30"},69.17]
["S",4,"S",0,19,9,2,2,3,0,0,"F","Serviço","Serviço","19.9.2.2.3.","SABESP-I","CV00214","PEDRA BRITADA Nº 4 GRANULOMETRIA ENTRE (37,5 E 76,0 MM)","M3",{"v":90,"d":"90.00"},73.98,"BDI 2",82.41,{"v":7416.9,"d":"7,416.90"},"RA","RA",2966.76,0,"","","SABESP-I CV00214",23262,73.98,{"v":0.114,"d":"11.40%"},null,{"v":90,"d":"90.00"},null,null,{"v":7416.9,"d":"7,416.90"},82.41]
["S",4,"S",0,19,9,2,2,4,0,0,"F","Serviço","Serviço","19.9.2.2.4.","SABESP-I","CV00215","PEDRA DE MÃO (RACHÃO) GRANULOMETRIA ENTRE (100 E 300 MM)","M3",{"v":129,"d":"129.00"},73.98,"BDI 2",82.41,{"v":10630.89,"d":"10,630.89"},"RA","RA",4252.356,0,"","","SABESP-I CV00215",23263,73.98,{"v":0.114,"d":"11.40%"},null,{"v":129,"d":"129.00"},null,null,{"v":10630.89,"d":"10,630.89"},82.41]
[3,3,3,2,19,9,3,0,0,2,17,"F","Nível 3","Nível 3","19.9.3.","SINAPI",null,"Tijolos","-",0,0,"BDI 1",0,{"v":15703.5,"d":"15,703.50"},"RA","",6281.400000000001,0,"","",false,"(Sem Código)",0,{"v":0.2604,"d":"26.04%"},{"$nulls":4},{"v":15703.5,"d":"15,703.50"},0]
["S",3,"S",0,19,9,3,0,1,0,0,"F","Serviço","Serviço","19.9.3.0.1.","SABESP-I","CV00351","TIJOLO MACIÇO CERÂMICO 10,5 X 5,5 X 21,5 CM (LARG X ALT X COMP)","un",{"v":27550,"d":"27,550.00"},0.51,"BDI 2",0.57,{"v":15703.5,"d":"15,703.50"},"RA","RA",6281.400000000001,0,"","","SABESP-I CV00351",23782,0.51,{"v":0.114,"d":"11.40%"},null,{"v":27550,"d":"27,550.00"},null,null,{"v":15703.5,"d":"15,703.50"},0.57]
[1,1,1,112,20,0,0,0,0,154,112,"F","Meta","Meta","20.","SINAPI",null,"ETE - INTERLIGAÇÕES","-",0,0,"BDI 1",0,{"v":380100.88,"d":"380,100.88"},"RA","",152040.35199999996,0,"",191,false,"(Sem Código)",0,{"v":0.2604,"d":"26.04%"},{"$nulls":4},{"v":380100.88,"d":"380,100.88"},0]
[2,2,2,4,20,1,0,0,0,111,4,"F","Nível 2","Nível 2","20.1.","SINAPI",null,"Serviços Técnicos","-",0,0,"BDI 1",0,{"v":1612.96,"d":"1,612.96"},"RA","",645.1840000000001,0,"",192,false,"(Sem Código)",0,{"v":0.2604,"d":"26.04%"},{"$nulls":4},{"v":1612.96,"d":"1,612.96"},0]
[3,3,3,3,20,1,1,0,0,3,9,"F","Nível 3","Nível 3","20.1.1.","SINAPI",null,"Locação e Cadastro","-",0,0,"BDI 1",0,{"v":1612.96,"d":"1,612.96"},"RA","",645.1840000000001,0,"","",false,"(Sem Código)",0,{"v":0.2604,"d":"26.04%"},{"$nulls":4},{"v":1612.96,"d":"1,612.96"},0]
["S",3,"S",0,20,1,1,0,1,0,0,"F","Serviço","Serviço","20.1.1.0.1.","SABESP",70010002,"LOCAÇÃO DE REDES DE ESGOTOS (ATÉ DIÂM. 500 MM)","M",464.83,1.09,"BDI 1",1.37,636.82,"RA","RA",254.72800000000004,0,"","","SABESP 70010002",19841,1.09,{"v":0.2604,"d":"26.04%"},null,464.83,null,null,636.82,1.37]
["S",3,"S",0,20,1,1,0,2,0,0,"F","Serviço","Serviço","20.1.1.0.2.","SABESP",70010005,"CADASTRO DE REDES","M",464.83,1.67,"BDI 1",{"v":2.1,"d":"2.10"},976.14,"RA","RA",390.456,0,"","","SABESP 70010005",19835,1.67,{"v":0.2604,"d":"26.04%"},null,464.83,null,null,976.14,{"v":2.1,"d":"2.10"}]
[2,2,2,3,20,2,0,0,0,107,3,"F","Nível 2","Nível 2","20.2.","SINAPI",null,"Serviços Preliminares","-",0,0,"BDI 1",0,{"v":3597.75,"d":"3,597.75"},"RA","",1439.1000000000001,0,"",193,false,"(Sem Código)",0,{"v":0.2604,"d":"26.04%"},{"$nulls":4},{"v":3597.75,"d":"3,597.75"},0]
[3,3,3,2,20,2,1,0,0,2,5,"F","Nível 3","Nível 3","20.2.1.","SINAPI",null,"Trânsito e Segurança","-",0,0,"BDI 1",0,{"v":3597.75,"d":"3,597.75"},"RA","",1439.1000000000001,0,"","",false,"(Sem Código)",0,{"v":0.2604,"d":"26.04%"},{"$nulls":4},{"v":3597.75,"d":"3,597.75"},0]
["S",3,"S",0,20,2,1,0,1,0,0,"F","Serviço","Serviço","20.2.1.0.1.","SABESP",70190002,"PROTEÇÃO COM TELA DE NYLON","M2",185.93,15.35,"BDI 1",19.35,{"v":3597.75,"d":"3,597.75"},"RA","RA",1439.1000000000001,0,"","","SABESP 70190002",21999,15.35,{"v":0.2604,"d":"26.04%"},null,185.93,null,null,{"v":3597.75,"d":"3,597.75"},19.35]
[2,2,2,11,20,3,0,0,0,104,11,"F","Nível 2","Nível 2","20.3.","SINAPI",null,"Movimento de Terra","-",0,0,"BDI 1",0,{"v":17780.55,"d":"17,780.55"},"RA","",7112.220000000001,0,"",194,false,"(Sem Código)",0,{"v":0.2604,"d":"26.04%"},{"$nulls":4},{"v":17780.55,"d":"17,780.55"},0]
[3,3,3,2,20,3,1,0,0,10,2,"F","Nível 3","Nível 3","20.3.1.","SINAPI",null,"Escavação manual, qualquer terreno exceto rocha, para execução de estação elevatória em aduelas sucessivas","-",0,0,"BDI 1",0,{"v":1805.75,"d":"1,805.75"},"RA","",722.3000000000001,0,"","",false,"(Sem Código)",0,{"v":0.2604,"d":"26.04%"},{"$nulls":4},{"v":1805.75,"d":"1,805.75"},0]
["S",3,"S",0,20,3,1,0,1,0,0,"F","Serviço","Serviço","20.3.1.0.1.","SABESP","70030055","ESCAVAÇÃO MANUAL, QUALQUER TERRENO EXCETO ROCHA, P/EXECEUÇÃO DE ESTAÇÃO ELEVATÓRIA EM ADUELAS SUCESSIVAS, PROF. ATÉ 2,00 M","M3",11.77,121.72,"BDI 1",153.42,{"v":1805.75,"d":"1,805.75"},"RA","RA",722.3000000000001,0,"","","SABESP 70030055",19889,121.72,{"v":0.2604,"d":"26.04%"},null,11.77,null,null,{"v":1805.75,"d":"1,805.75"},153.42]
[3,3,3,2,20,3,2,0,0,8,2,"F","Nível 3","Nível 3","20.3.2.","SINAPI",null,"Escavação mecânica, qualquer terreno exceto rocha, de poços e cavas","-",0,0,"BDI 1",0,{"v":3574.12,"d":"3,574.12"},"RA","",1429.6480000000001,0,"","",false,"(Sem Código)",0,{"v":0.2604,"d":"26.04%"},{"$nulls":4},{"v":3574.12,"d":"3,574.12"},0]
["S",3,"S",0,20,3,2,0,1,0,0,"F","Serviço","Serviço","20.3.2.0.1.","SINAPI","102279","ESCAVAÇÃO MECANIZADA DE VALA COM PROF. ATÉ 1,5 M (MÉDIA MONTANTE E JUSANTE/UMA COMPOSIÇÃO POR TRECHO), ESCAVADEIRA (0,8 M3),LARG. MENOR QUE 1,5 M, EM SOLO DE 1A CATEGORIA, LOCAIS COM BAIXO NÍVEL DE INTERFERÊNCIA. AF_09/2024","M3",380.63,7.45,"BDI 1",9.39,{"v":3574.12,"d":"3,574.12"},"RA","RA",1429.6480000000001,0,"","","SINAPI 102279",9272,7.45,{"v":0.2604,"d":"26.04%"},null,380.63,null,null,{"v":3574.12,"d":"3,574.12"},9.39]
[3,3,3,2,20,3,3,0,0,6,2,"F","Nível 3","Nível 3","20.3.3.","SINAPI",null,"Aterros e recobrimentos especiais de valas, cavas e poços","-",0,0,"BDI 1",0,{"v":12053.39,"d":"12,053.39"},"RA","",4821.356,0,"","",false,"(Sem Código)",0,{"v":0.2604,"d":"26.04%"},{"$nulls":4},{"v":12053.39,"d":"12,053.39"},0]
["S",3,"S",0,20,3,3,0,1,0,0,"F","Serviço","Serviço","20.3.3.0.1.","SABESP",70030020,"ATERRO DE VALAS, POÇOS E CAVAS COMPACTADO MECANICAMENTE, COM CONTROLE DO G.C. >= 95% DO E.N.C. (A)","M3",368.38,25.96,"BDI 1",32.72,{"v":12053.39,"d":"12,053.39"},"RA","RA",4821.356,0,"","","SABESP 70030020",19945,25.96,{"v":0.2604,"d":"26.04%"},null,368.38,null,null,{"v":12053.39,"d":"12,053.39"},32.72]
[3,3,3,4,20,3,4,0,0,4,{"$error":"#N/A"},"F","Nível 3","Nível 3","20.3.4.","SINAPI",null,"Carga, transporte e descarga","-",0,0,"BDI 1",0,347.29,"RA","",138.916,0,"","",false,"(Sem Código)",0,{"v":0.2604,"d":"26.04%"},{"$nulls":4},347.29,0]
["S",3,"S",0,20,3,4,0,1,0,0,"F","Serviço","Serviço","20.3.4.0.1.","SABESP","70030090","CARGA E DESCARGA - SOLO (A)","M3",12.25,{"v":7,"d":"7.00"},"BDI 1",8.82,108.05,"RA","RA",43.22,0,"","","SABESP 70030090",19976,{"v":7,"d":"7.00"},{"v":0.2604,"d":"26.04%"},null,12.25,null,null,108.05,8.82]
["S",3,"S",0,20,3,4,0,2,0,0,"F","Serviço","Serviço","20.3.4.0.2.","SABESP",70030091,"TRANSPORTE DE MATERIAL ESCAVADO - SOLO (A)","M3Q",61.25,{"v":2.8,"d":"2.80"},"BDI 1",3.53,216.21,"RA","RA",86.48400000000001,0,"","","SABESP 70030091",19987,{"v":2.8,"d":"2.80"},{"v":0.2604,"d":"26.04%"},null,61.25,null,null,216.21,3.53]
["S",3,"S",0,20,3,4,0,3,0,0,"F","Serviço","Serviço","20.3.4.0.3.","SINAPI","100574","ESPALHAMENTO DE MATERIAL COM TRATOR DE ESTEIRAS. AF_09/2024","M3",12.25,1.49,"BDI 1",1.88,23.03,"RA","RA",9.212000000000002,0,"","","SINAPI 100574",6894,1.49,{"v":0.2604,"d":"26.04%"},null,12.25,null,null,23.03,1.88]
[2,2,2,3,20,4,0,0,0,93,3,"F","Nível 2","Nível 2","20.4.","SINAPI",null,"Escoramentos","-",0,0,"BDI 1",0,{"v":1395.85,"d":"1,395.85"},"RA","",558.34,0,"",195,false,"(Sem Código)",0,{"v":0.2604,"d":"26.04%"},{"$nulls":4},{"v":1395.85,"d":"1,395.85"},0]
[3,3,3,2,20,4,1,0,0,2,5,"F","Nível 3","Nível 3","20.4.1.","SINAPI",null,"Estruturas de escoramento - metálico madeira","-",0,0,"BDI 1",0,{"v":1395.85,"d":"1,395.85"},"RA","",558.34,0,"","",false,"(Sem Código)",0,{"v":0.2604,"d":"26.04%"},{"$nulls":4},{"v":1395.85,"d":"1,395.85"},0]
["S",3,"S",0,20,4,1,0,1,0,0,"F","Serviço","Serviço","20.4.1.0.1.","SABESP",70040001,"PONTALETEAMENTO (A)","M2",86.27,12.84,"BDI 1",16.18,{"v":1395.85,"d":"1,395.85"},"RA","RA",558.34,0,"","","SABESP 70040001",20001,12.84,{"v":0.2604,"d":"26.04%"},null,86.27,null,null,{"v":1395.85,"d":"1,395.85"},16.18]
[2,2,2,8,20,5,0,0,0,90,8,"F","Nível 2","Nível 2","20.5.","SINAPI",null,"Fundações e Estruturas","-",0,0,"BDI 1",0,{"v":44901.56,"d":"44,901.56"},"RA","",17960.624,0,"",196,false,"(Sem Código)",0,{"v":0.2604,"d":"26.04%"},{"$nulls":4},{"v":44901.56,"d":"44,901.56"},0]
[3,3,3,2,20,5,1,0,0,7,2,"F","Nível 3","Nível 3","20.5.1.","SINAPI",null,"Lastros para assentamento de tubos e peças","-",0,0,"BDI 1",0,{"v":8113.37,"d":"8,113.37"},"RA","",3245.348,0,"","",false,"(Sem Código)",0,{"v":0.2604,"d":"26.04%"},{"$nulls":4},{"v":8113.37,"d":"8,113.37"},0]
["S",3,"S",0,20,5,1,0,1,0,0,"F","Serviço","Serviço","20.5.1.0.1.","SABESP","70070045","LASTRO DE AREIA (A)","M3",37.19,173.09,"BDI 1",218.16,{"v":8113.37,"d":"8,113.37"},"RA","RA",3245.348,0,"","","SABESP 70070045",20135,173.09,{"v":0.2604,"d":"26.04%"},null,37.19,null,null,{"v":8113.37,"d":"8,113.37"},218.16]
[3,3,3,2,20,5,2,0,0,5,2,"F","Nível 3","Nível 3","20.5.2.","SINAPI",null,"Poços de visita - Ø = 0,60m para redes coletoras","-",0,0,"BDI 1",0,{"v":34788.39,"d":"34,788.39"},"RA","",13915.356,0,"","",false,"(Sem Código)",0,{"v":0.2604,"d":"26.04%"},{"$nulls":4},{"v":34788.39,"d":"34,788.39"},0]
["S",3,"S",0,20,5,2,0,1,0,0,"F","Serviço","Serviço","20.5.2.0.1.","SABESP",70070211,"POÇO DE INSPEÇÃO  D=0,60 M EM TUBO DE CONCRETO C/PBJE - PROF. ATÉ 1,60 M","un",{"v":13,"d":"13.00"},{"v":2123.16,"d":"2,123.16"},"BDI 1",{"v":2676.03,"d":"2,676.03"},{"v":34788.39,"d":"34,788.39"},"RA","RA",13915.356,0,"","","SABESP 70070211",20323,{"v":2123.16,"d":"2,123.16"},{"v":0.2604,"d":"26.04%"},null,{"v":13,"d":"13.00"},null,null,{"v":34788.39,"d":"34,788.39"},{"v":2676.03,"d":"2,676.03"}]
[3,3,3,3,20,5,3,0,0,3,15,"F","Nível 3","Nível 3","20.5.3.","SINAPI",null,"Ancoragem em concreto para peças","-",0,0,"BDI 1",0,{"v":1999.8,"d":"1,999.80"},"RA","",799.9200000000001,0,"","",false,"(Sem Código)",0,{"v":0.2604,"d":"26.04%"},{"$nulls":4},{"v":1999.8,"d":"1,999.80"},0]
["S",3,"S",0,20,5,3,0,1,0,0,"F","Serviço","Serviço","20.5.3.0.1.","SABESP",70070109,"ANCORAGEM EM CONCRETO PARA CURVA 45 GRAUS, DIÂMETRO 150 MM","un",{"v":2,"d":"2.00"},130.95,"BDI 1",165.05,{"v":330.1,"d":"330.10"},"RA","RA",132.04000000000002,0,"","","SABESP 70070109",20205,130.95,{"v":0.2604,"d":"26.04%"},null,{"v":2,"d":"2.00"},null,null,{"v":330.1,"d":"330.10"},165.05]
["S",3,"S",0,20,5,3,0,2,0,0,"F","Serviço","Serviço","20.5.3.0.2.","SABESP",70070112,"ANCORAGEM EM CONCRETO PARA CURVA 45 GRAUS, DIÂMETRO 300 MM","un",{"v":5,"d":"5.00"},264.95,"BDI 1",333.94,{"v":1669.7,"d":"1,669.70"},"RA","RA",667.8800000000001,0,"","","SABESP 70070112",20208,264.95,{"v":0.2604,"d":"26.04%"},null,{"v":5,"d":"5.00"},null,null,{"v":1669.7,"d":"1,669.70"},333.94]
[2,2,2,15,20,6,0,0,0,82,15,"F","Nível 2","Nível 2","20.6.","SINAPI",null,"Assentamentos, Montagens, Cargas, Transporte e Descargas de Tubulação","-",0,0,"BDI 1",0,{"v":19564.02,"d":"19,564.02"},"RA","",7825.608000000001,0,"",197,false,"(Sem Código)",0,{"v":0.2604,"d":"26.04%"},{"$nulls":4},{"v":19564.02,"d":"19,564.02"},0]
[3,3,3,6,20,6,1,0,0,14,6,"F","Nível 3","Nível 3","20.6.1.","SINAPI",null,"Assentamento simples de tubos e peças de Ferro Fundido","-",0,0,"BDI 1",0,{"v":11791.39,"d":"11,791.39"},"RA","",4716.5560000000005,0,"","",false,"(Sem Código)",0,{"v":0.2604,"d":"26.04%"},{"$nulls":4},{"v":11791.39,"d":"11,791.39"},0]
["S",3,"S",0,20,6,1,0,1,0,0,"F","Serviço","Serviço","20.6.1.0.1.","SABESP",70080107,"ASSENTAM. SIMPLES DE TUBOS E PEÇAS, DN 100 MM, EM FºFº, JE (A)","M",119.48,12.97,"BDI 1",16.35,{"v":1953.5,"d":"1,953.50"},"RA","RA",781.4000000000001,0,"","","SABESP 70080107",20522,12.97,{"v":0.2604,"d":"26.04%"},null,{"v":119.47999999999999,"d":"119.48"},null,null,{"v":1953.5,"d":"1,953.50"},16.35]
["S",3,"S",0,20,6,1,0,2,0,0,"F","Serviço","Serviço","20.6.1.0.2.","SABESP",70080108,"ASSENTAM. SIMPLES DE TUBOS E PEÇAS, DN 150 MM, EM FºFº, JE (A)","M",132.28,19.39,"BDI 1",24.44,{"v":3232.92,"d":"3,232.92"},"RA","RA",1293.1680000000001,0,"","","SABESP 70080108",20525,19.39,{"v":0.2604,"d":"26.04%"},null,132.28,null,null,{"v":3232.92,"d":"3,232.92"},24.44]
["S",3,"S",0,20,6,1,0,3,0,0,"F","Serviço","Serviço","20.6.1.0.3.","SABESP",70080109,"ASSENTAM. SIMPLES DE TUBOS E PEÇAS, DN 200 MM, EM FºFº, JE (A)","M",39.36,21.14,"BDI 1",26.64,{"v":1048.55,"d":"1,048.55"},"RA","RA",419.42,0,"","","SABESP 70080109",20528,21.14,{"v":0.2604,"d":"26.04%"},null,39.36,null,null,{"v":1048.55,"d":"1,048.55"},26.64]
["S",3,"S",0,20,6,1,0,4,0,0,"F","Serviço","Serviço","20.6.1.0.4.","SABESP",70080110,"ASSENTAM. SIMPLES DE TUBOS E PEÇAS, DN 250 MM, EM FºFº, JE (A)","M",140.53,24.82,"BDI 1",31.28,{"v":4395.78,"d":"4,395.78"},"RA","RA",1758.312,0,"","","SABESP 70080110",20531,24.82,{"v":0.2604,"d":"26.04%"},null,140.53,null,null,{"v":4395.78,"d":"4,395.78"},31.28]
["S",3,"S",0,20,6,1,0,5,0,0,"F","Serviço","Serviço","20.6.1.0.5.","SABESP",70080111,"ASSENTAM. SIMPLES DE TUBOS E PEÇAS, DN 300 MM, EM FºFº, JE (A)","M",33.18,27.75,"BDI 1",34.98,{"v":1160.64,"d":"1,160.64"},"RA","RA",464.2560000000001,0,"","","SABESP 70080111",20534,27.75,{"v":0.2604,"d":"26.04%"},null,33.18,null,null,{"v":1160.64,"d":"1,160.64"},34.98]
[3,3,3,2,20,6,2,0,0,8,2,"F","Nível 3","Nível 3","20.6.2.","SINAPI",null,"Assentamento de Tampão de ferro fundido Ø = 600mm","-",0,0,"BDI 1",0,{"v":2220.4,"d":"2,220.40"},"RA","",888.1600000000001,0,"","",false,"(Sem Código)",0,{"v":0.2604,"d":"26.04%"},{"$nulls":4},{"v":2220.4,"d":"2,220.40"},0]
["S",3,"S",0,20,6,2,0,1,0,0,"F","Serviço","Serviço","20.6.2.0.1.","SABESP",70070230,"ASSENTAMENTO DE TAMPÃO DE FERRO FUNDIDO, DN 600 MM","un",{"v":13,"d":"13.00"},135.51,"BDI 1",{"v":170.8,"d":"170.80"},{"v":2220.4,"d":"2,220.40"},"RA","RA",888.1600000000001,0,"","","SABESP 70070230",20346,135.51,{"v":0.2604,"d":"26.04%"},null,{"v":13,"d":"13.00"},null,null,{"v":2220.4,"d":"2,220.40"},{"v":170.8,"d":"170.80"}]
[3,3,3,3,20,6,3,0,0,6,3,"F","Nível 3","Nível 3","20.6.3.","SINAPI",null,"Montagens de Tubos, Conexões e Válvulas de Ferro Fundido","-",0,0,"BDI 1",0,{"v":1667.8,"d":"1,667.80"},"RA","",667.12,0,"","",false,"(Sem Código)",0,{"v":0.2604,"d":"26.04%"},{"$nulls":4},{"v":1667.8,"d":"1,667.80"},0]
["S",3,"S",0,20,6,3,0,1,0,0,"F","Serviço","Serviço","20.6.3.0.1.","SABESP",70140023,"TUBOS E CONEXÕES METÁLICOS FLANGEADOS - MONTAGEM","KG",{"v":202.2,"d":"202.20"},2.38,"BDI 1",{"v":3,"d":"3.00"},{"v":606.6,"d":"606.60"},"RA","RA",242.64000000000001,0,"","","SABESP 70140023",21306,2.38,{"v":0.2604,"d":"26.04%"},null,{"v":202.2,"d":"202.20"},null,null,{"v":606.6,"d":"606.60"},{"v":3,"d":"3.00"}]
["S",3,"S",0,20,6,3,0,2,0,0,"F","Serviço","Serviço","20.6.3.0.2.","SABESP",70140057,"VÁLVULA GAVETA FOFO ATÉ DN200 MM - MONTAGEM","un",{"v":2,"d":"2.00"},420.98,"BDI 1",{"v":530.6,"d":"530.60"},{"v":1061.2,"d":"1,061.20"},"RA","RA",424.48,0,"","","SABESP 70140057",21348,420.98,{"v":0.2604,"d":"26.04%"},null,{"v":2,"d":"2.00"},null,null,{"v":1061.2,"d":"1,061.20"},{"v":530.6,"d":"530.60"}]
[3,3,3,3,20,6,4,0,0,3,{"$error":"#N/A"},"F","Nível 3","Nível 3","20.6.4.","SINAPI",null,"Carga, transporte até 10 km e descarga de tubos e peças de Ferro Fundido","-",0,0,"BDI 1",0,{"v":3884.43,"d":"3,884.43"},"RA","",1553.772,0,"","",false,"(Sem Código)",0,{"v":0.2604,"d":"26.04%"},{"$nulls":4},{"v":3884.43,"d":"3,884.43"},0]
["S",3,"S",0,20,6,4,0,1,0,0,"F","Serviço","Serviço","20.6.4.0.1.","SABESP",70080342,"CARGA E DESCARGA, DE TUBOS E PEÇAS EM FERRO FUNDIDO","TON",14.21,116.91,"BDI 1",147.35,{"v":2093.84,"d":"2,093.84"},"RA","RA",837.5360000000001,0,"","","SABESP 70080342",20760,116.91,{"v":0.2604,"d":"26.04%"},null,14.21,null,null,{"v":2093.84,"d":"2,093.84"},147.35]
["S",3,"S",0,20,6,4,0,2,0,0,"F","Serviço","Serviço","20.6.4.0.2.","SABESP",70080343,"TRANSPORTE, DE TUBOS E PEÇAS EM FERRO FUNDIDO","TOK",426.33,3.33,"BDI 1",{"v":4.2,"d":"4.20"},{"v":1790.59,"d":"1,790.59"},"RA","RA",716.236,0,"","","SABESP 70080343",20761,3.33,{"v":0.2604,"d":"26.04%"},null,426.33,null,null,{"v":1790.59,"d":"1,790.59"},{"v":4.2,"d":"4.20"}]
[2,2,2,67,20,7,0,0,0,67,{"$error":"#N/A"},"F","Nível 2","Nível 2","20.7.","SINAPI",null,"Fornecimento de materiais e equipamentos","-",0,0,"BDI 1",0,{"v":291248.19,"d":"291,248.19"},"RA","",116499.27600000003,0,"",198,false,"(Sem Código)",0,{"v":0.2604,"d":"26.04%"},{"$nulls":4},{"v":291248.19,"d":"291,248.19"},0]
[3,3,3,66,20,7,1,0,0,66,76,"F","Nível 3","Nível 3","20.7.1.","SINAPI",null,"Hidráulicos e hidromecânicos","-",0,0,"BDI 1",0,{"v":291248.19,"d":"291,248.19"},"RA","",116499.27600000003,0,"","",false,"(Sem Código)",0,{"v":0.2604,"d":"26.04%"},{"$nulls":4},{"v":291248.19,"d":"291,248.19"},0]
[4,4,4,50,20,7,1,1,0,65,50,"F","Nível 4","Nível 4","20.7.1.1.","SINAPI",null,"Tubulação de ferro fundido","-",0,0,"BDI 1",0,{"v":268798.62,"d":"268,798.62"},"RA","",107519.44800000003,0,"","",false,"(Sem Código)",0,{"v":0.2604,"d":"26.04%"},{"$nulls":4},{"v":268798.62,"d":"268,798.62"},0]
["S",4,"S",0,20,7,1,1,1,0,0,"F","Serviço","Serviço","20.7.1.1.1.","SABESP-I","HM06890","TUBO C/FLANGE PN10/16 E PONTA FERRO FUNDIDO DN=150 MM L=1.500 MM (47,00 KG) PINTURA EPÓXI VERMELHA, ACESSÓRIOS NÃO INCLUSOS NBR 15420 ESGOTO","un",{"v":2,"d":"2.00"},{"v":1725.34,"d":"1,725.34"},"BDI 2",{"v":1922.03,"d":"1,922.03"},{"v":3844.06,"d":"3,844.06"},"RA","RA",1537.624,0,"","","SABESP-I HM06890",27052,{"v":1725.34,"d":"1,725.34"},{"v":0.114,"d":"11.40%"},null,{"v":2,"d":"2.00"},null,null,{"v":3844.06,"d":"3,844.06"},{"v":1922.03,"d":"1,922.03"}]
["S",4,"S",0,20,7,1,1,2,0,0,"F","Serviço","Serviço","20.7.1.1.2.","SABESP-I","HM06868","TUBO C/FLANGE PN10/16 E BOLSA JE FERRO FUNDIDO DN=150 MM L=1.500 MM (54,10 KG) PINTURA EPÓXI VERMELHA, ACESSÓRIOS NÃO INCLUSOS NBR 15420 ESGOTO","un",{"v":2,"d":"2.00"},{"v":1672.09,"d":"1,672.09"},"BDI 2",{"v":1862.71,"d":"1,862.71"},{"v":3725.42,"d":"3,725.42"},"RA","RA",1490.1680000000001,0,"","","SABESP-I HM06868",26942,{"v":1672.09,"d":"1,672.09"},{"v":0.114,"d":"11.40%"},null,{"v":2,"d":"2.00"},null,null,{"v":3725.42,"d":"3,725.42"},{"v":1862.71,"d":"1,862.71"}]
["S",4,"S",0,20,7,1,1,3,0,0,"F","Serviço","Serviço","20.7.1.1.3.","Cotação","COT043","TUBO CILÍNDRICO, C/ PONTAS FERRO FUNDIDO DN=100 MM L=500 MM (20,64 KG) PINTURA EPÓXI VERMELHA, ACESSÓRIOS NÃO INCLUSOS NBR 15420 ESGOTO","UN",{"v":1,"d":"1.00"},{"v":337.4,"d":"337.40"},"BDI 2",375.86,375.86,"RA","RA",150.34400000000002,0,"","","Cotação COT043",40,{"v":337.4,"d":"337.40"},{"v":0.114,"d":"11.40%"},null,{"v":1,"d":"1.00"},null,null,375.86,375.86]
["S",4,"S",0,20,7,1,1,4,0,0,"F","Serviço","Serviço","20.7.1.1.4.","Cotação","COT044","TUBO CILÍNDRICO, C/ PONTAS FERRO FUNDIDO DN=100 MM L=600 MM (20,64 KG) PINTURA EPÓXI VERMELHA, ACESSÓRIOS NÃO INCLUSOS NBR 15420 ESGOTO","UN",{"v":1,"d":"1.00"},{"v":404.9,"d":"404.90"},"BDI 2",451.06,451.06,"RA","RA",180.424,0,"","","Cotação COT044",41,{"v":404.9,"d":"404.90"},{"v":0.114,"d":"11.40%"},null,{"v":1,"d":"1.00"},null,null,451.06,451.06]
["S",4,"S",0,20,7,1,1,5,0,0,"F","Serviço","Serviço","20.7.1.1.5.","Cotação","COT045","TUBO CILÍNDRICO, C/ PONTAS FERRO FUNDIDO DN=100 MM L=650 MM (20,64 KG) PINTURA EPÓXI VERMELHA, ACESSÓRIOS NÃO INCLUSOS NBR 15420 ESGOTO","UN",{"v":1,"d":"1.00"},438.65,"BDI 2",488.66,488.66,"RA","RA",195.46400000000003,0,"","","Cotação COT045",42,438.65,{"v":0.114,"d":"11.40%"},null,{"v":1,"d":"1.00"},null,null,488.66,488.66]
["S",4,"S",0,20,7,1,1,6,0,0,"F","Serviço","Serviço","20.7.1.1.6.","Cotação","COT047","TUBO CILÍNDRICO, C/ PONTAS FERRO FUNDIDO DN=100 MM L=800 MM (20,64 KG) PINTURA EPÓXI VERMELHA, ACESSÓRIOS NÃO INCLUSOS NBR 15420 ESGOTO","UN",{"v":1,"d":"1.00"},539.86,"BDI 2",{"v":601.4,"d":"601.40"},{"v":601.4,"d":"601.40"},"RA","RA",240.56,0,"","","Cotação COT047",44,539.86,{"v":0.114,"d":"11.40%"},null,{"v":1,"d":"1.00"},null,null,{"v":601.4,"d":"601.40"},{"v":601.4,"d":"601.40"}]
["S",4,"S",0,20,7,1,1,7,0,0,"F","Serviço","Serviço","20.7.1.1.7.","Cotação","COT049","TUBO CILÍNDRICO, C/ PONTAS FERRO FUNDIDO DN=100 MM L=900 MM (20,64 KG) PINTURA EPÓXI VERMELHA, ACESSÓRIOS NÃO INCLUSOS NBR 15420 ESGOTO","UN",{"v":1,"d":"1.00"},607.34,"BDI 2",676.58,676.58,"RA","RA",270.632,0,"","","Cotação COT049",46,607.34,{"v":0.114,"d":"11.40%"},null,{"v":1,"d":"1.00"},null,null,676.58,676.58]
["S",4,"S",0,20,7,1,1,8,0,0,"F","Serviço","Serviço","20.7.1.1.8.","Cotação","COT051","TUBO CILÍNDRICO, C/ PONTAS FERRO FUNDIDO DN=100 MM L=1.000 MM (20,64 KG) PINTURA EPÓXI VERMELHA, ACESSÓRIOS NÃO INCLUSOS NBR 15420 ESGOTO","UN",{"v":1,"d":"1.00"},674.82,"BDI 2",751.75,751.75,"RA","RA",300.7,0,"","","Cotação COT051",48,674.82,{"v":0.114,"d":"11.40%"},null,{"v":1,"d":"1.00"},null,null,751.75,751.75]
["S",4,"S",0,20,7,1,1,9,0,0,"F","Serviço","Serviço","20.7.1.1.9.","Cotação","COT052","TUBO CILÍNDRICO, C/ PONTAS FERRO FUNDIDO DN=100 MM L=1.050 MM (20,64 KG) PINTURA EPÓXI VERMELHA, ACESSÓRIOS NÃO INCLUSOS NBR 15420 ESGOTO","UN",{"v":1,"d":"1.00"},708.57,"BDI 2",789.35,789.35,"RA","RA",315.74,0,"","","Cotação COT052",49,708.57,{"v":0.114,"d":"11.40%"},null,{"v":1,"d":"1.00"},null,null,789.35,789.35]
["S",4,"S",0,20,7,1,1,10,0,0,"F","Serviço","Serviço","20.7.1.1.10.","Cotação","COT055","TUBO CILÍNDRICO, C/ PONTAS FERRO FUNDIDO DN=100 MM L=1.650 MM (20,64 KG) PINTURA EPÓXI VERMELHA, ACESSÓRIOS NÃO INCLUSOS NBR 15420 ESGOTO","UN",{"v":1,"d":"1.00"},{"v":1113.47,"d":"1,113.47"},"BDI 2",{"v":1240.41,"d":"1,240.41"},{"v":1240.41,"d":"1,240.41"},"RA","RA",496.16400000000004,0,"","","Cotação COT055",51,{"v":1113.47,"d":"1,113.47"},{"v":0.114,"d":"11.40%"},null,{"v":1,"d":"1.00"},null,null,{"v":1240.41,"d":"1,240.41"},{"v":1240.41,"d":"1,240.41"}]
["S",4,"S",0,20,7,1,1,11,0,0,"F","Serviço","Serviço","20.7.1.1.11.","Cotação","COT060","TUBO CILÍNDRICO, C/ PONTAS FERRO FUNDIDO DN=100 MM L=3.100 MM (20,64 KG) PINTURA EPÓXI VERMELHA, ACESSÓRIOS NÃO INCLUSOS NBR 15420 ESGOTO","UN",{"v":1,"d":"1.00"},{"v":2092,"d":"2,092.00"},"BDI 2",{"v":2330.49,"d":"2,330.49"},{"v":2330.49,"d":"2,330.49"},"RA","RA",932.1959999999999,0,"","","Cotação COT060",55,{"v":2092,"d":"2,092.00"},{"v":0.114,"d":"11.40%"},null,{"v":1,"d":"1.00"},null,null,{"v":2330.49,"d":"2,330.49"},{"v":2330.49,"d":"2,330.49"}]
["S",4,"S",0,20,7,1,1,12,0,0,"F","Serviço","Serviço","20.7.1.1.12.","Cotação","COT061","TUBO CILÍNDRICO, C/ PONTAS FERRO FUNDIDO DN=100 MM L=3.300 MM (17,90 KG) PINTURA EPÓXI VERMELHA, ESGOTO","UN",{"v":1,"d":"1.00"},{"v":2226.95,"d":"2,226.95"},"BDI 2",{"v":2480.82,"d":"2,480.82"},{"v":2480.82,"d":"2,480.82"},"RA","RA",992.3280000000001,0,"","","Cotação COT061",56,{"v":2226.95,"d":"2,226.95"},{"v":0.114,"d":"11.40%"},null,{"v":1,"d":"1.00"},null,null,{"v":2480.82,"d":"2,480.82"},{"v":2480.82,"d":"2,480.82"}]
["S",4,"S",0,20,7,1,1,13,0,0,"F","Serviço","Serviço","20.7.1.1.13.","Cotação","COT062","TUBO CILÍNDRICO, C/ PONTAS FERRO FUNDIDO DN=100 MM L=3.400 MM (20,64 KG) PINTURA EPÓXI VERMELHA, ACESSÓRIOS NÃO INCLUSOS NBR 15420 ESGOTO","UN",{"v":1,"d":"1.00"},{"v":2294.45,"d":"2,294.45"},"BDI 2",{"v":2556.02,"d":"2,556.02"},{"v":2556.02,"d":"2,556.02"},"RA","RA",1022.408,0,"","","Cotação COT062",57,{"v":2294.45,"d":"2,294.45"},{"v":0.114,"d":"11.40%"},null,{"v":1,"d":"1.00"},null,null,{"v":2556.02,"d":"2,556.02"},{"v":2556.02,"d":"2,556.02"}]
["S",4,"S",0,20,7,1,1,14,0,0,"F","Serviço","Serviço","20.7.1.1.14.","Cotação","COT063","TUBO CILÍNDRICO, C/ PONTAS FERRO FUNDIDO DN=100 MM L=3.500 MM (20,64 KG) PINTURA EPÓXI VERMELHA, ACESSÓRIOS NÃO INCLUSOS NBR 15420 ESGOTO","UN",{"v":1,"d":"1.00"},{"v":2361.94,"d":"2,361.94"},"BDI 2",{"v":2631.2,"d":"2,631.20"},{"v":2631.2,"d":"2,631.20"},"RA","RA",1052.48,0,"","","Cotação COT063",58,{"v":2361.94,"d":"2,361.94"},{"v":0.114,"d":"11.40%"},null,{"v":1,"d":"1.00"},null,null,{"v":2631.2,"d":"2,631.20"},{"v":2631.2,"d":"2,631.20"}]
["S",4,"S",0,20,7,1,1,15,0,0,"F","Serviço","Serviço","20.7.1.1.15.","Cotação","COT065","TUBO CILÍNDRICO, C/ PONTAS FERRO FUNDIDO DN=100 MM L=4.350 MM (20,64 KG) PINTURA EPÓXI VERMELHA, ACESSÓRIOS NÃO INCLUSOS NBR 15420 ESGOTO","UN",{"v":1,"d":"1.00"},{"v":2935.54,"d":"2,935.54"},"BDI 2",{"v":3270.19,"d":"3,270.19"},{"v":3270.19,"d":"3,270.19"},"RA","RA",1308.076,0,"","","Cotação COT065",60,{"v":2935.54,"d":"2,935.54"},{"v":0.114,"d":"11.40%"},null,{"v":1,"d":"1.00"},null,null,{"v":3270.19,"d":"3,270.19"},{"v":3270.19,"d":"3,270.19"}]
["S",4,"S",0,20,7,1,1,16,0,0,"F","Serviço","Serviço","20.7.1.1.16.","Cotação","COT066","TUBO CILÍNDRICO, C/ PONTAS FERRO FUNDIDO DN=100 MM L=4.400 MM (20,64 KG) PINTURA EPÓXI VERMELHA, ACESSÓRIOS NÃO INCLUSOS NBR 15420 ESGOTO","UN",{"v":1,"d":"1.00"},{"v":2969.28,"d":"2,969.28"},"BDI 2",{"v":3307.78,"d":"3,307.78"},{"v":3307.78,"d":"3,307.78"},"RA","RA",1323.112,0,"","","Cotação COT066",61,{"v":2969.28,"d":"2,969.28"},{"v":0.114,"d":"11.40%"},null,{"v":1,"d":"1.00"},null,null,{"v":3307.78,"d":"3,307.78"},{"v":3307.78,"d":"3,307.78"}]
["S",4,"S",0,20,7,1,1,17,0,0,"F","Serviço","Serviço","20.7.1.1.17.","Cotação","COT068","TUBO CILÍNDRICO, C/ PONTAS FERRO FUNDIDO DN=100 MM L=4.800 MM (20,64 KG) PINTURA EPÓXI VERMELHA, ACESSÓRIOS NÃO INCLUSOS NBR 15420 ESGOTO","UN",{"v":1,"d":"1.00"},{"v":3239.23,"d":"3,239.23"},"BDI 2",{"v":3608.5,"d":"3,608.50"},{"v":3608.5,"d":"3,608.50"},"RA","RA",1443.4,0,"","","Cotação COT068",63,{"v":3239.23,"d":"3,239.23"},{"v":0.114,"d":"11.40%"},null,{"v":1,"d":"1.00"},null,null,{"v":3608.5,"d":"3,608.50"},{"v":3608.5,"d":"3,608.50"}]
["S",4,"S",0,20,7,1,1,18,0,0,"F","Serviço","Serviço","20.7.1.1.18.","Cotação","COT069","TUBO CILÍNDRICO, C/ PONTAS FERRO FUNDIDO DN=100 MM L=5.200 MM (17,90 KG) PINTURA EPÓXI VERMELHA, ESGOTO","UN",{"v":1,"d":"1.00"},{"v":3509.16,"d":"3,509.16"},"BDI 2",{"v":3909.2,"d":"3,909.20"},{"v":3909.2,"d":"3,909.20"},"RA","RA",1563.68,0,"","","Cotação COT069",64,{"v":3509.16,"d":"3,509.16"},{"v":0.114,"d":"11.40%"},null,{"v":1,"d":"1.00"},null,null,{"v":3909.2,"d":"3,909.20"},{"v":3909.2,"d":"3,909.20"}]
["S",4,"S",0,20,7,1,1,19,0,0,"F","Serviço","Serviço","20.7.1.1.19.","Cotação","COT072","TUBO CILÍNDRICO, C/ PONTAS FERRO FUNDIDO DN=150 MM L=750 MM (20,64 KG) PINTURA EPÓXI VERMELHA, ACESSÓRIOS NÃO INCLUSOS NBR 15420 ESGOTO","UN",{"v":1,"d":"1.00"},610.78,"BDI 2",680.41,680.41,"RA","RA",272.164,0,"","","Cotação COT072",66,610.78,{"v":0.114,"d":"11.40%"},null,{"v":1,"d":"1.00"},null,null,680.41,680.41]
["S",4,"S",0,20,7,1,1,20,0,0,"F","Serviço","Serviço","20.7.1.1.20.","Cotação","COT074","TUBO CILÍNDRICO, C/ PONTAS FERRO FUNDIDO DN=150 MM L=1.150 MM (20,64 KG) PINTURA EPÓXI VERMELHA, ACESSÓRIOS NÃO INCLUSOS NBR 15420 ESGOTO","UN",{"v":1,"d":"1.00"},936.54,"BDI 2",{"v":1043.31,"d":"1,043.31"},{"v":1043.31,"d":"1,043.31"},"RA","RA",417.324,0,"","","Cotação COT074",68,936.54,{"v":0.114,"d":"11.40%"},null,{"v":1,"d":"1.00"},null,null,{"v":1043.31,"d":"1,043.31"},{"v":1043.31,"d":"1,043.31"}]
["S",4,"S",0,20,7,1,1,21,0,0,"F","Serviço","Serviço","20.7.1.1.21.","Cotação","COT075","TUBO CILÍNDRICO, C/ PONTAS FERRO FUNDIDO DN=150 MM L=1.250 MM (20,64 KG) PINTURA EPÓXI VERMELHA, ACESSÓRIOS NÃO INCLUSOS NBR 15420 ESGOTO","UN",{"v":1,"d":"1.00"},{"v":1017.97,"d":"1,017.97"},"BDI 2",{"v":1134.02,"d":"1,134.02"},{"v":1134.02,"d":"1,134.02"},"RA","RA",453.608,0,"","","Cotação COT075",69,{"v":1017.97,"d":"1,017.97"},{"v":0.114,"d":"11.40%"},null,{"v":1,"d":"1.00"},null,null,{"v":1134.02,"d":"1,134.02"},{"v":1134.02,"d":"1,134.02"}]
["S",4,"S",0,20,7,1,1,22,0,0,"F","Serviço","Serviço","20.7.1.1.22.","Cotação","COT076","TUBO CILÍNDRICO, C/ PONTAS FERRO FUNDIDO DN=150 MM L=1.750 MM (45,50 KG) PINTURA EPÓXI VERMELHA, NBR 15420 ESGOTO","UN",{"v":1,"d":"1.00"},{"v":1229.31,"d":"1,229.31"},"BDI 2",{"v":1369.45,"d":"1,369.45"},{"v":1369.45,"d":"1,369.45"},"RA","RA",547.7800000000001,0,"","","Cotação COT076",70,{"v":1229.31,"d":"1,229.31"},{"v":0.114,"d":"11.40%"},null,{"v":1,"d":"1.00"},null,null,{"v":1369.45,"d":"1,369.45"},{"v":1369.45,"d":"1,369.45"}]
["S",4,"S",0,20,7,1,1,23,0,0,"F","Serviço","Serviço","20.7.1.1.23.","Cotação","COT077","TUBO CILÍNDRICO, C/ PONTAS FERRO FUNDIDO DN=150 MM L=2.500 MM (17,90 KG) PINTURA EPÓXI VERMELHA, ESGOTO","UN",{"v":1,"d":"1.00"},{"v":2035.97,"d":"2,035.97"},"BDI 2",{"v":2268.07,"d":"2,268.07"},{"v":2268.07,"d":"2,268.07"},"RA","RA",907.2280000000001,0,"","","Cotação COT077",71,{"v":2035.97,"d":"2,035.97"},{"v":0.114,"d":"11.40%"},null,{"v":1,"d":"1.00"},null,null,{"v":2268.07,"d":"2,268.07"},{"v":2268.07,"d":"2,268.07"}]
["S",4,"S",0,20,7,1,1,24,0,0,"F","Serviço","Serviço","20.7.1.1.24.","Cotação","COT078","TUBO CILÍNDRICO, C/ PONTAS FERRO FUNDIDO DN=150 MM L=2.600 MM (20,64 KG) PINTURA EPÓXI VERMELHA, ACESSÓRIOS NÃO INCLUSOS NBR 15420 ESGOTO","UN",{"v":1,"d":"1.00"},{"v":2117.41,"d":"2,117.41"},"BDI 2",{"v":2358.79,"d":"2,358.79"},{"v":2358.79,"d":"2,358.79"},"RA","RA",943.5160000000001,0,"","","Cotação COT078",72,{"v":2117.41,"d":"2,117.41"},{"v":0.114,"d":"11.40%"},null,{"v":1,"d":"1.00"},null,null,{"v":2358.79,"d":"2,358.79"},{"v":2358.79,"d":"2,358.79"}]
["S",4,"S",0,20,7,1,1,25,0,0,"F","Serviço","Serviço","20.7.1.1.25.","Cotação","COT080","TUBO CILÍNDRICO, C/ PONTAS FERRO FUNDIDO DN=150 MM L=2.850 MM (17,90 KG) PINTURA EPÓXI VERMELHA, ESGOTO","UN",{"v":2,"d":"2.00"},{"v":2321.03,"d":"2,321.03"},"BDI 2",{"v":2585.63,"d":"2,585.63"},{"v":5171.26,"d":"5,171.26"},"RA","RA",2068.5040000000004,0,"","","Cotação COT080",74,{"v":2321.03,"d":"2,321.03"},{"v":0.114,"d":"11.40%"},null,{"v":2,"d":"2.00"},null,null,{"v":5171.26,"d":"5,171.26"},{"v":2585.63,"d":"2,585.63"}]
["S",4,"S",0,20,7,1,1,26,0,0,"F","Serviço","Serviço","20.7.1.1.26.","Cotação","COT082","TUBO CILÍNDRICO, C/ PONTAS FERRO FUNDIDO DN=150 MM L=3.300 MM (20,64 KG) PINTURA EPÓXI VERMELHA, ACESSÓRIOS NÃO INCLUSOS NBR 15420 ESGOTO","UN",{"v":1,"d":"1.00"},{"v":2687.51,"d":"2,687.51"},"BDI 2",{"v":2993.89,"d":"2,993.89"},{"v":2993.89,"d":"2,993.89"},"RA","RA",1197.556,0,"","","Cotação COT082",75,{"v":2687.51,"d":"2,687.51"},{"v":0.114,"d":"11.40%"},null,{"v":1,"d":"1.00"},null,null,{"v":2993.89,"d":"2,993.89"},{"v":2993.89,"d":"2,993.89"}]
["S",4,"S",0,20,7,1,1,27,0,0,"F","Serviço","Serviço","20.7.1.1.27.","Cotação","COT083","TUBO CILÍNDRICO, C/ PONTAS FERRO FUNDIDO DN=150 MM L=3.350 MM (87,10 KG) PINTURA EPÓXI VERMELHA, NBR 15420 ESGOTO","UN",{"v":1,"d":"1.00"},{"v":2353.25,"d":"2,353.25"},"BDI 2",{"v":2621.52,"d":"2,621.52"},{"v":2621.52,"d":"2,621.52"},"RA","RA",1048.608,0,"","","Cotação COT083",76,{"v":2353.25,"d":"2,353.25"},{"v":0.114,"d":"11.40%"},null,{"v":1,"d":"1.00"},null,null,{"v":2621.52,"d":"2,621.52"},{"v":2621.52,"d":"2,621.52"}]
["S",4,"S",0,20,7,1,1,28,0,0,"F","Serviço","Serviço","20.7.1.1.28.","Cotação","COT085","TUBO CILÍNDRICO, C/ PONTAS FERRO FUNDIDO DN=150 MM L=4.200 MM (109,20 KG) PINTURA EPÓXI VERMELHA, NBR 15420 ESGOTO","UN",{"v":2,"d":"2.00"},{"v":2958.48,"d":"2,958.48"},"BDI 2",{"v":3295.75,"d":"3,295.75"},{"v":6591.5,"d":"6,591.50"},"RA","RA",2636.6000000000004,0,"","","Cotação COT085",78,{"v":2958.48,"d":"2,958.48"},{"v":0.114,"d":"11.40%"},null,{"v":2,"d":"2.00"},null,null,{"v":6591.5,"d":"6,591.50"},{"v":3295.75,"d":"3,295.75"}]
["S",4,"S",0,20,7,1,1,29,0,0,"F","Serviço","Serviço","20.7.1.1.29.","Cotação","COT086","TUBO CILÍNDRICO, C/ PONTAS FERRO FUNDIDO DN=150 MM L=5.350 MM (20,64 KG) PINTURA EPÓXI VERMELHA, ACESSÓRIOS NÃO INCLUSOS NBR 15420 ESGOTO","UN",{"v":1,"d":"1.00"},{"v":4357.03,"d":"4,357.03"},"BDI 2",{"v":4853.73,"d":"4,853.73"},{"v":4853.73,"d":"4,853.73"},"RA","RA",1941.492,0,"","","Cotação COT086",79,{"v":4357.03,"d":"4,357.03"},{"v":0.114,"d":"11.40%"},null,{"v":1,"d":"1.00"},null,null,{"v":4853.73,"d":"4,853.73"},{"v":4853.73,"d":"4,853.73"}]
["S",4,"S",0,20,7,1,1,30,0,0,"F","Serviço","Serviço","20.7.1.1.30.","Cotação","COT088","TUBO CILÍNDRICO, C/ PONTAS FERRO FUNDIDO DN=200 MM L=500 MM (20,64 KG) PINTURA EPÓXI VERMELHA, ACESSÓRIOS NÃO INCLUSOS NBR 15420 ESGOTO","UN",{"v":1,"d":"1.00"},530.12,"BDI 2",590.55,590.55,"RA","RA",236.22,0,"","","Cotação COT088",80,530.12,{"v":0.114,"d":"11.40%"},null,{"v":1,"d":"1.00"},null,null,590.55,590.55]
["S",4,"S",0,20,7,1,1,31,0,0,"F","Serviço","Serviço","20.7.1.1.31.","Cotação","COT089","TUBO CILÍNDRICO, C/ PONTAS FERRO FUNDIDO DN=200 MM L=1.800 MM (20,64 KG) PINTURA EPÓXI VERMELHA, ACESSÓRIOS NÃO INCLUSOS NBR 15420 ESGOTO","UN",{"v":1,"d":"1.00"},{"v":1908.43,"d":"1,908.43"},"BDI 2",{"v":2125.99,"d":"2,125.99"},{"v":2125.99,"d":"2,125.99"},"RA","RA",850.396,0,"","","Cotação COT089",81,{"v":1908.43,"d":"1,908.43"},{"v":0.114,"d":"11.40%"},null,{"v":1,"d":"1.00"},null,null,{"v":2125.99,"d":"2,125.99"},{"v":2125.99,"d":"2,125.99"}]
["S",4,"S",0,20,7,1,1,32,0,0,"F","Serviço","Serviço","20.7.1.1.32.","Cotação","COT090","TUBO CILÍNDRICO, C/ PONTAS FERRO FUNDIDO DN=200 MM L=3.500 MM (20,64 KG) PINTURA EPÓXI VERMELHA, ACESSÓRIOS NÃO INCLUSOS NBR 15420 ESGOTO","UN",{"v":1,"d":"1.00"},{"v":3710.86,"d":"3,710.86"},"BDI 2",{"v":4133.9,"d":"4,133.90"},{"v":4133.9,"d":"4,133.90"},"RA","RA",1653.56,0,"","","Cotação COT090",82,{"v":3710.86,"d":"3,710.86"},{"v":0.114,"d":"11.40%"},null,{"v":1,"d":"1.00"},null,null,{"v":4133.9,"d":"4,133.90"},{"v":4133.9,"d":"4,133.90"}]
["S",4,"S",0,20,7,1,1,33,0,0,"F","Serviço","Serviço","20.7.1.1.33.","Cotação","COT091","TUBO CILÍNDRICO, C/ PONTAS FERRO FUNDIDO DN=200 MM L=3.800 MM (20,64 KG) PINTURA EPÓXI VERMELHA, ACESSÓRIOS NÃO INCLUSOS NBR 15420 ESGOTO","UN",{"v":1,"d":"1.00"},{"v":4028.92,"d":"4,028.92"},"BDI 2",{"v":4488.22,"d":"4,488.22"},{"v":4488.22,"d":"4,488.22"},"RA","RA",1795.2880000000002,0,"","","Cotação COT091",83,{"v":4028.92,"d":"4,028.92"},{"v":0.114,"d":"11.40%"},null,{"v":1,"d":"1.00"},null,null,{"v":4488.22,"d":"4,488.22"},{"v":4488.22,"d":"4,488.22"}]
["S",4,"S",0,20,7,1,1,34,0,0,"F","Serviço","Serviço","20.7.1.1.34.","Cotação","COT092","TUBO CILÍNDRICO, C/ PONTAS FERRO FUNDIDO DN=200 MM L=5.250 MM (20,64 KG) PINTURA EPÓXI VERMELHA, ACESSÓRIOS NÃO INCLUSOS NBR 15420 ESGOTO","UN",{"v":1,"d":"1.00"},{"v":5566.28,"d":"5,566.28"},"BDI 2",{"v":6200.84,"d":"6,200.84"},{"v":6200.84,"d":"6,200.84"},"RA","RA",2480.3360000000002,0,"","","Cotação COT092",84,{"v":5566.28,"d":"5,566.28"},{"v":0.114,"d":"11.40%"},null,{"v":1,"d":"1.00"},null,null,{"v":6200.84,"d":"6,200.84"},{"v":6200.84,"d":"6,200.84"}]
["S",4,"S",0,20,7,1,1,35,0,0,"F","Serviço","Serviço","20.7.1.1.35.","Cotação","COT094","TUBO CILÍNDRICO, C/ PONTAS FERRO FUNDIDO DN=250 MM L=500 MM (22,70 KG) PINTURA EPÓXI VERMELHA, NBR 15420 ESGOTO","UN",{"v":1,"d":"1.00"},594.74,"BDI 2",662.54,662.54,"RA","RA",265.016,0,"","","Cotação COT094",85,594.74,{"v":0.114,"d":"11.40%"},null,{"v":1,"d":"1.00"},null,null,662.54,662.54]
["S",4,"S",0,20,7,1,1,36,0,0,"F","Serviço","Serviço","20.7.1.1.36.","Cotação","COT095","TUBO CILÍNDRICO, C/ PONTAS FERRO FUNDIDO DN=250 MM L=550 MM (24,97 KG) PINTURA EPÓXI VERMELHA, NBR 15420 ESGOTO","UN",{"v":1,"d":"1.00"},528.46,"BDI 2",{"v":588.7,"d":"588.70"},{"v":588.7,"d":"588.70"},"RA","RA",235.48000000000002,0,"","","Cotação COT095",86,528.46,{"v":0.114,"d":"11.40%"},null,{"v":1,"d":"1.00"},null,null,{"v":588.7,"d":"588.70"},{"v":588.7,"d":"588.70"}]
["S",4,"S",0,20,7,1,1,37,0,0,"F","Serviço","Serviço","20.7.1.1.37.","Cotação","COT096","TUBO CILÍNDRICO, C/ PONTAS FERRO FUNDIDO DN=250 MM L=3.700 MM (167,98 KG) PINTURA EPÓXI VERMELHA, NBR 15420 ESGOTO","UN",{"v":2,"d":"2.00"},{"v":4389.89,"d":"4,389.89"},"BDI 2",{"v":4890.34,"d":"4,890.34"},{"v":9780.68,"d":"9,780.68"},"RA","RA",3912.2720000000004,0,"","","Cotação COT096",87,{"v":4389.89,"d":"4,389.89"},{"v":0.114,"d":"11.40%"},null,{"v":2,"d":"2.00"},null,null,{"v":9780.68,"d":"9,780.68"},{"v":4890.34,"d":"4,890.34"}]
["S",4,"S",0,20,7,1,1,38,0,0,"F","Serviço","Serviço","20.7.1.1.38.","Cotação","COT097","TUBO CILÍNDRICO, C/ PONTAS FERRO FUNDIDO DN=250 MM L=4.800 MM (217,91 KG) PINTURA EPÓXI VERMELHA, NBR 15420 ESGOTO","UN",{"v":1,"d":"1.00"},{"v":4612.04,"d":"4,612.04"},"BDI 2",{"v":5137.81,"d":"5,137.81"},{"v":5137.81,"d":"5,137.81"},"RA","RA",2055.1240000000003,0,"","","Cotação COT097",88,{"v":4612.04,"d":"4,612.04"},{"v":0.114,"d":"11.40%"},null,{"v":1,"d":"1.00"},null,null,{"v":5137.81,"d":"5,137.81"},{"v":5137.81,"d":"5,137.81"}]
["S",4,"S",0,20,7,1,1,39,0,0,"F","Serviço","Serviço","20.7.1.1.39.","Cotação","COT099","TUBO CILÍNDRICO, C/ PONTAS FERRO FUNDIDO DN=300 MM L=550 MM (31,41 KG) PINTURA EPÓXI VERMELHA, NBR 15420 ESGOTO","UN",{"v":1,"d":"1.00"},779.95,"BDI 2",868.86,868.86,"RA","RA",347.54400000000004,0,"","","Cotação COT099",89,779.95,{"v":0.114,"d":"11.40%"},null,{"v":1,"d":"1.00"},null,null,868.86,868.86]
["S",4,"S",0,20,7,1,1,40,0,0,"F","Serviço","Serviço","20.7.1.1.40.","Cotação","COT100","TUBO CILÍNDRICO, C/ PONTAS FERRO FUNDIDO DN=300 MM L=700 MM (39,97 KG) PINTURA EPÓXI VERMELHA, NBR 15420 ESGOTO","UN",{"v":1,"d":"1.00"},992.68,"BDI 2",{"v":1105.85,"d":"1,105.85"},{"v":1105.85,"d":"1,105.85"},"RA","RA",442.34,0,"","","Cotação COT100",90,992.68,{"v":0.114,"d":"11.40%"},null,{"v":1,"d":"1.00"},null,null,{"v":1105.85,"d":"1,105.85"},{"v":1105.85,"d":"1,105.85"}]
["S",4,"S",0,20,7,1,1,41,0,0,"F","Serviço","Serviço","20.7.1.1.41.","Cotação","COT101","TUBO CILÍNDRICO, C/ PONTAS FERRO FUNDIDO DN=300 MM L=1.300 MM (74,23 KG) PINTURA EPÓXI VERMELHA, NBR 15420 ESGOTO","UN",{"v":1,"d":"1.00"},{"v":1843.55,"d":"1,843.55"},"BDI 2",{"v":2053.71,"d":"2,053.71"},{"v":2053.71,"d":"2,053.71"},"RA","RA",821.484,0,"","","Cotação COT101",91,{"v":1843.55,"d":"1,843.55"},{"v":0.114,"d":"11.40%"},null,{"v":1,"d":"1.00"},null,null,{"v":2053.71,"d":"2,053.71"},{"v":2053.71,"d":"2,053.71"}]
["S",4,"S",0,20,7,1,1,42,0,0,"F","Serviço","Serviço","20.7.1.1.42.","Cotação","COT103","TUBO CILÍNDRICO, C/ PONTAS FERRO FUNDIDO DN=300 MM L=2.250 MM (128,48 KG) PINTURA EPÓXI VERMELHA, NBR 15420 ESGOTO","UN",{"v":1,"d":"1.00"},{"v":3190.75,"d":"3,190.75"},"BDI 2",{"v":3554.5,"d":"3,554.50"},{"v":3554.5,"d":"3,554.50"},"RA","RA",1421.8000000000002,0,"","","Cotação COT103",92,{"v":3190.75,"d":"3,190.75"},{"v":0.114,"d":"11.40%"},null,{"v":1,"d":"1.00"},null,null,{"v":3554.5,"d":"3,554.50"},{"v":3554.5,"d":"3,554.50"}]
["S",4,"S",0,20,7,1,1,43,0,0,"F","Serviço","Serviço","20.7.1.1.43.","Cotação","COT105","TUBO CILÍNDRICO, C/ PONTAS FERRO FUNDIDO DN=300 MM L=2.700 MM (154,17 KG) PINTURA EPÓXI VERMELHA, NBR 15420 ESGOTO","UN",{"v":1,"d":"1.00"},{"v":3828.9,"d":"3,828.90"},"BDI 2",{"v":4265.39,"d":"4,265.39"},{"v":4265.39,"d":"4,265.39"},"RA","RA",1706.1560000000002,0,"","","Cotação COT105",93,{"v":3828.9,"d":"3,828.90"},{"v":0.114,"d":"11.40%"},null,{"v":1,"d":"1.00"},null,null,{"v":4265.39,"d":"4,265.39"},{"v":4265.39,"d":"4,265.39"}]
["S",4,"S",0,20,7,1,1,44,0,0,"F","Serviço","Serviço","20.7.1.1.44.","SABESP-I","HM04088","TUBO C/PONTA E BOLSA JGS K9 FERRO FUNDIDO DN=100 MM * (18,40 KG/M) PINTURA EPÓXI VERMELHA, ANEL DE BORRACHA INCLUSO NBR 15420 ESGOTO","M",{"v":78,"d":"78.00"},314.94,"BDI 2",350.84,{"v":27365.52,"d":"27,365.52"},"RA","RA",10946.208,0,"","","SABESP-I HM04088",27250,314.94,{"v":0.114,"d":"11.40%"},null,{"v":78,"d":"78.00"},null,null,{"v":27365.52,"d":"27,365.52"},350.84]
["S",4,"S",0,20,7,1,1,45,0,0,"F","Serviço","Serviço","20.7.1.1.45.","SABESP-I","HM04089","TUBO C/PONTA E BOLSA JGS K7 FERRO FUNDIDO DN=150 MM * (23,80 KG/M) PINTURA EPÓXI VERMELHA, ANEL DE BORRACHA INCLUSO NBR 15420 ESGOTO","M",{"v":96,"d":"96.00"},336.02,"BDI 2",374.33,{"v":35935.68,"d":"35,935.68"},"RA","RA",14374.272,0,"","","SABESP-I HM04089",27251,336.02,{"v":0.114,"d":"11.40%"},null,{"v":96,"d":"96.00"},null,null,{"v":35935.68,"d":"35,935.68"},374.33]
["S",4,"S",0,20,7,1,1,46,0,0,"F","Serviço","Serviço","20.7.1.1.46.","SABESP-I","HM04090","TUBO C/PONTA E BOLSA JGS K7 FERRO FUNDIDO DN=200 MM * (32,60 KG/M) PINTURA EPÓXI VERMELHA, ANEL DE BORRACHA INCLUSO NBR 15420 ESGOTO","M",{"v":24,"d":"24.00"},415.48,"BDI 2",462.84,{"v":11108.16,"d":"11,108.16"},"RA","RA",4443.264,0,"","","SABESP-I HM04090",27252,415.48,{"v":0.114,"d":"11.40%"},null,{"v":24,"d":"24.00"},null,null,{"v":11108.16,"d":"11,108.16"},462.84]
["S",4,"S",0,20,7,1,1,47,0,0,"F","Serviço","Serviço","20.7.1.1.47.","SABESP-I","HM04091","TUBO C/PONTA E BOLSA JGS K7 FERRO FUNDIDO DN=250 MM * (41,30 KG/M) PINTURA EPÓXI VERMELHA, ANEL DE BORRACHA INCLUSO NBR 15420 ESGOTO","M",{"v":120,"d":"120.00"},{"v":507.3,"d":"507.30"},"BDI 2",565.13,{"v":67815.6,"d":"67,815.60"},"RA","RA",27126.240000000005,0,"","","SABESP-I HM04091",27253,{"v":507.3,"d":"507.30"},{"v":0.114,"d":"11.40%"},null,{"v":120,"d":"120.00"},null,null,{"v":67815.6,"d":"67,815.60"},565.13]
["S",4,"S",0,20,7,1,1,48,0,0,"F","Serviço","Serviço","20.7.1.1.48.","SABESP-I","HM04092","TUBO C/PONTA E BOLSA JGS K7 FERRO FUNDIDO DN=300 MM * (51,00 KG/M) PINTURA EPÓXI VERMELHA, ANEL DE BORRACHA INCLUSO NBR 15420 ESGOTO","M",{"v":18,"d":"18.00"},610.94,"BDI 2",680.59,{"v":12250.62,"d":"12,250.62"},"RA","RA",4900.2480000000005,0,"","","SABESP-I HM04092",27254,610.94,{"v":0.114,"d":"11.40%"},null,{"v":18,"d":"18.00"},null,null,{"v":12250.62,"d":"12,250.62"},680.59]
["S",4,"S",0,20,7,1,1,49,0,0,"F","Serviço","Serviço","20.7.1.1.49.","SABESP-I","HM01293","ACESSÓRIOS PARA FLANGE DN=150 PN10 AÇO GALV D=3/4\" X L=2 3/4\" 8 CJ (PARAFUSO, PORCA E ARRUELA) NORMA 0100-400-E027 FL3/3","un",{"v":4,"d":"4.00"},143.81,"BDI 2",{"v":160.2,"d":"160.20"},{"v":640.8,"d":"640.80"},"RA","RA",256.32,0,"","","SABESP-I HM01293",25008,143.81,{"v":0.114,"d":"11.40%"},null,{"v":4,"d":"4.00"},null,null,{"v":640.8,"d":"640.80"},{"v":160.2,"d":"160.20"}]
[4,4,4,11,20,7,1,2,0,15,11,"F","Nível 4","Nível 4","20.7.1.2.","SINAPI",null,"Conexões de ferro fundido","-",0,0,"BDI 1",0,{"v":13443.26,"d":"13,443.26"},"RA","",5377.304,0,"","",false,"(Sem Código)",0,{"v":0.2604,"d":"26.04%"},{"$nulls":4},{"v":13443.26,"d":"13,443.26"},0]
["S",4,"S",0,20,7,1,2,1,0,0,"F","Serviço","Serviço","20.7.1.2.1.","SABESP-I","HM06205","CURVA 11º15' COM BOLSAS JE2GS FERRO FUNDIDO DN=200 MM (27,60 KG) PINTURA EPÓXI VERMELHA E ANÉIS DE BORRACHA INCLUSOS NBR 15420 ESGOTO","un",{"v":1,"d":"1.00"},564.52,"BDI 2",628.88,628.88,"RA","RA",251.55200000000002,0,"","","SABESP-I HM06205",26161,564.52,{"v":0.114,"d":"11.40%"},null,{"v":1,"d":"1.00"},null,null,628.88,628.88]
["S",4,"S",0,20,7,1,2,2,0,0,"F","Serviço","Serviço","20.7.1.2.2.","SABESP-I","HM06224","CURVA 22º30' COM BOLSAS JE2GS FERRO FUNDIDO DN=100 MM (11,40 KG) PINTURA EPÓXI VERMELHA E ANÉIS DE BORRACHA INCLUSOS NBR 15420 ESGOTO","un",{"v":1,"d":"1.00"},279.44,"BDI 2",{"v":311.3,"d":"311.30"},{"v":311.3,"d":"311.30"},"RA","RA",124.52000000000001,0,"","","SABESP-I HM06224",26169,279.44,{"v":0.114,"d":"11.40%"},null,{"v":1,"d":"1.00"},null,null,{"v":311.3,"d":"311.30"},{"v":311.3,"d":"311.30"}]
["S",4,"S",0,20,7,1,2,3,0,0,"F","Serviço","Serviço","20.7.1.2.3.","SABESP-I","HM06226","CURVA 22º30' COM BOLSAS JE2GS FERRO FUNDIDO DN=200 MM (26,20 KG) PINTURA EPÓXI VERMELHA E ANÉIS DE BORRACHA INCLUSOS NBR 15420 ESGOTO","un",{"v":2,"d":"2.00"},614.21,"BDI 2",684.23,{"v":1368.46,"d":"1,368.46"},"RA","RA",547.384,0,"","","SABESP-I HM06226",26171,614.21,{"v":0.114,"d":"11.40%"},null,{"v":2,"d":"2.00"},null,null,{"v":1368.46,"d":"1,368.46"},684.23]
["S",4,"S",0,20,7,1,2,4,0,0,"F","Serviço","Serviço","20.7.1.2.4.","SABESP-I","HM06190","CURVA 45º COM BOLSAS JE2GS FERRO FUNDIDO DN=100 MM (12,90 KG) PINTURA EPÓXI VERMELHA E ANÉIS DE BORRACHA INCLUSOS NBR 15420 ESGOTO","un",{"v":9,"d":"9.00"},291.02,"BDI 2",{"v":324.2,"d":"324.20"},{"v":2917.8,"d":"2,917.80"},"RA","RA",1167.1200000000001,0,"","","SABESP-I HM06190",26179,291.02,{"v":0.114,"d":"11.40%"},null,{"v":9,"d":"9.00"},null,null,{"v":2917.8,"d":"2,917.80"},{"v":324.2,"d":"324.20"}]
["S",4,"S",0,20,7,1,2,5,0,0,"F","Serviço","Serviço","20.7.1.2.5.","SABESP-I","HM06191","CURVA 45º COM BOLSAS JE2GS FERRO FUNDIDO DN=150 MM (18,70 KG) PINTURA EPÓXI VERMELHA E ANÉIS DE BORRACHA INCLUSOS NBR 15420 ESGOTO","un",{"v":2,"d":"2.00"},393.73,"BDI 2",438.62,877.24,"RA","RA",350.896,0,"","","SABESP-I HM06191",26180,393.73,{"v":0.114,"d":"11.40%"},null,{"v":2,"d":"2.00"},null,null,877.24,438.62]
["S",4,"S",0,20,7,1,2,6,0,0,"F","Serviço","Serviço","20.7.1.2.6.","Cotação","COT016","JUNÇÃO 45º COM BOLSAS FERRO FUNDIDO DN=100 MM (47,00 KG) PINTURA EPÓXI VERMELHA - ACESSÓRIOS NÃO INCLUSOS NBR 15420 ESGOTO","UN",{"v":1,"d":"1.00"},974.58,"BDI 2",{"v":1085.68,"d":"1,085.68"},{"v":1085.68,"d":"1,085.68"},"RA","RA",434.27200000000005,0,"","","Cotação COT016",35,974.58,{"v":0.114,"d":"11.40%"},null,{"v":1,"d":"1.00"},null,null,{"v":1085.68,"d":"1,085.68"},{"v":1085.68,"d":"1,085.68"}]
["S",4,"S",0,20,7,1,2,7,0,0,"F","Serviço","Serviço","20.7.1.2.7.","SABESP-I","HM06403","LUVA COM BOLSAS JE2GS FERRO FUNDIDO DN=300 MM (38,90 KG) PINTURA EPÓXI VERMELHA - ANÉIS DE BORRACHA INCLUSOS NBR 15420 ESGOTO","un",{"v":2,"d":"2.00"},{"v":1412.45,"d":"1,412.45"},"BDI 2",{"v":1573.47,"d":"1,573.47"},{"v":3146.94,"d":"3,146.94"},"RA","RA",1258.776,0,"","","SABESP-I HM06403",26336,{"v":1412.45,"d":"1,412.45"},{"v":0.114,"d":"11.40%"},null,{"v":2,"d":"2.00"},null,null,{"v":3146.94,"d":"3,146.94"},{"v":1573.47,"d":"1,573.47"}]
["S",4,"S",0,20,7,1,2,8,0,0,"F","Serviço","Serviço","20.7.1.2.8.","SABESP-I","HM06489","REDUÇÃO PONTA BOLSA JE2GS FERRO FUNDIDO DN=200 X 150 MM (17,00 KG) PINTURA EPÓXI VERMELHA, ANEL DE BORRACHA INCLUSO NBR 15420 ESGOTO","un",{"v":2,"d":"2.00"},{"v":521.7,"d":"521.70"},"BDI 2",581.17,{"v":1162.34,"d":"1,162.34"},"RA","RA",464.936,0,"","","SABESP-I HM06489",26398,{"v":521.7,"d":"521.70"},{"v":0.114,"d":"11.40%"},null,{"v":2,"d":"2.00"},null,null,{"v":1162.34,"d":"1,162.34"},581.17]
["S",4,"S",0,20,7,1,2,9,0,0,"F","Serviço","Serviço","20.7.1.2.9.","SABESP-I","HM06511","TÊ COM BOLSAS JE2GS FERRO FUNDIDO DN=100 X 100 MM (18,40 KG) PINTURA EPÓXI VERMELHA, ANÉIS DE BORRACHA INCLUSOS NBR 15420 ESGOTO","un",{"v":2,"d":"2.00"},404.87,"BDI 2",451.03,902.06,"RA","RA",360.824,0,"","","SABESP-I HM06511",26413,404.87,{"v":0.114,"d":"11.40%"},null,{"v":2,"d":"2.00"},null,null,902.06,451.03]
["S",4,"S",0,20,7,1,2,10,0,0,"F","Serviço","Serviço","20.7.1.2.10.","SABESP-I","HM06518","TÊ COM BOLSAS JE2GS FERRO FUNDIDO DN=200 X 200 MM (45,50 KG) PINTURA EPÓXI VERMELHA, ANÉIS DE BORRACHA INCLUSOS NBR 15420 ESGOTO","un",{"v":1,"d":"1.00"},935.87,"BDI 2",{"v":1042.56,"d":"1,042.56"},{"v":1042.56,"d":"1,042.56"},"RA","RA",417.024,0,"","","SABESP-I HM06518",26421,935.87,{"v":0.114,"d":"11.40%"},null,{"v":1,"d":"1.00"},null,null,{"v":1042.56,"d":"1,042.56"},{"v":1042.56,"d":"1,042.56"}]
[4,4,4,2,20,7,1,3,0,4,2,"F","Nível 4","Nível 4","20.7.1.3.","SINAPI",null,"Válvulas","-",0,0,"BDI 1",0,{"v":2153.62,"d":"2,153.62"},"RA","",861.448,0,"","",false,"(Sem Código)",0,{"v":0.2604,"d":"26.04%"},{"$nulls":4},{"v":2153.62,"d":"2,153.62"},0]
["S",4,"S",0,20,7,1,3,1,0,0,"F","Serviço","Serviço","20.7.1.3.1.","SABESP-I","HM04204","VÁLVULA GAVETA C/FLANGES PN10/16 FERRO FUNDIDO DN=150 MM * (33,00 KG), ACION. VOLANTE, CUNHA DE BORRACHA, MÉTRICA CHATA, PINTURA EPÓXI EM PÓ NBR 14968 ÁGUA/ESGOTO","un",{"v":2,"d":"2.00"},966.62,"BDI 2",{"v":1076.81,"d":"1,076.81"},{"v":2153.62,"d":"2,153.62"},"RA","RA",861.448,0,"","","SABESP-I HM04204",27295,966.62,{"v":0.114,"d":"11.40%"},null,{"v":2,"d":"2.00"},null,null,{"v":2153.62,"d":"2,153.62"},{"v":1076.81,"d":"1,076.81"}]
[4,4,4,2,20,7,1,4,0,2,{"$error":"#N/A"},"F","Nível 4","Nível 4","20.7.1.4.","SINAPI",null,"Tampão de ferro fundido Ø = 600mm","-",0,0,"BDI 1",0,{"v":6852.69,"d":"6,852.69"},"RA","",2741.076,0,"","",false,"(Sem Código)",0,{"v":0.2604,"d":"26.04%"},{"$nulls":4},{"v":6852.69,"d":"6,852.69"},0]
["S",4,"S",0,20,7,1,4,1,0,0,"F","Serviço","Serviço","20.7.1.4.1.","SABESP-I","HM01428","TAMPÃO ARTICULADO FERRO FUNDIDO DN 600 MM COM ARO NTS 033","un",{"v":13,"d":"13.00"},473.19,"BDI 2",527.13,{"v":6852.69,"d":"6,852.69"},"RA","RA",2741.076,0,"","","SABESP-I HM01428",26565,473.19,{"v":0.114,"d":"11.40%"},null,{"v":13,"d":"13.00"},null,null,{"v":6852.69,"d":"6,852.69"},527.13]
[1,1,1,28,21,0,0,0,0,42,28,"F","Meta","Meta","21.","SINAPI",null,"ETE - PAVIMENTAÇÃO","-",0,null,"BDI 1",0,{"v":255312.29,"d":"255,312.29"},"RA","",102124.91599999998,0,"",199,false,"(Sem Código)",0,{"v":0.2604,"d":"26.04%"},{"$nulls":4},{"v":255312.29,"d":"255,312.29"},0]
[2,2,2,3,21,1,0,0,0,27,3,"F","Nível 2","Nível 2","21.1.","SINAPI",null,"Serviços Técnicos","-",0,null,"BDI 1",0,{"v":2146.62,"d":"2,146.62"},"RA","",858.648,0,"",200,false,"(Sem Código)",0,{"v":0.2604,"d":"26.04%"},{"$nulls":4},{"v":2146.62,"d":"2,146.62"},0]
[3,3,3,2,21,1,1,0,0,2,8,"F","Nível 3","Nível 3","21.1.1.","SINAPI",null,"Locação e Cadastro","-",0,null,"BDI 1",0,{"v":2146.62,"d":"2,146.62"},"RA","",858.648,0,"","",false,"(Sem Código)",0,{"v":0.2604,"d":"26.04%"},{"$nulls":4},{"v":2146.62,"d":"2,146.62"},0]
["S",3,"S",0,21,1,1,0,1,0,0,"F","Serviço","Serviço","21.1.1.0.1.","CDHU","02.10.060","Locação de vias, calçadas, tanques e lagoas","M2",{"v":941.5,"d":"941.50"},1.81,"BDI 1",2.28,{"v":2146.62,"d":"2,146.62"},"RA","RA",858.648,0,"","","CDHU 02.10.060",15934,1.81,{"v":0.2604,"d":"26.04%"},null,{"v":941.5,"d":"941.50"},null,null,{"v":2146.62,"d":"2,146.62"},2.28]
[2,2,2,9,21,2,0,0,0,24,9,"F","Nível 2","Nível 2","21.2.","SINAPI",null,"Pavimentação","-",0,null,"BDI 1",0,{"v":178615.59,"d":"178,615.59"},"RA","",71446.236,0,"",201,false,"(Sem Código)",0,{"v":0.2604,"d":"26.04%"},{"$nulls":4},{"v":178615.59,"d":"178,615.59"},0]
[3,3,3,5,21,2,1,0,0,8,5,"F","Nível 3","Nível 3","21.2.1.","SINAPI",null,"Pavimentação em Blocos de Concreto Articulado","-",0,null,"BDI 1",0,{"v":142251.2,"d":"142,251.20"},"RA","",56900.48,0,"","",false,"(Sem Código)",0,{"v":0.2604,"d":"26.04%"},{"$nulls":4},{"v":142251.2,"d":"142,251.20"},0]
["S",3,"S",0,21,2,1,0,1,0,0,"F","Serviço","Serviço","21.2.1.0.1.","CDHU","54.01.010","Regularização e compactação mecanizada de superfície, sem controle do proctor normal","M2",{"v":941.5,"d":"941.50"},3.56,"BDI 1",4.49,{"v":4227.34,"d":"4,227.34"},"RA","RA",1690.9360000000001,0,"","","CDHU 54.01.010",19397,3.56,{"v":0.2604,"d":"26.04%"},null,{"v":941.5,"d":"941.50"},null,null,{"v":4227.34,"d":"4,227.34"},4.49]
["S",3,"S",0,21,2,1,0,2,0,0,"F","Serviço","Serviço","21.2.1.0.2.","SINAPI","96390","CONSTRUÇÃO DE BASE E SUB-BASE PARA PAVIMENTAÇÃO DE SOLO (PREDOMINANTEMENTE ARENOSO) MELHORADO COM CIMENTO - 4%, MISTURA EM PISTA, COM ESPESSURA DE 15 CM - EXCLUSIVE ESCAVAÇÃO, CARGA E TRANSPORTE E SOLO. AF_09/2024","M3",141.23,68.56,"BDI 1",86.41,{"v":12203.68,"d":"12,203.68"},"RA","RA",4881.472000000001,0,"","","SINAPI 96390",6872,68.56,{"v":0.2604,"d":"26.04%"},null,141.23,null,null,{"v":12203.68,"d":"12,203.68"},86.41]
["S",3,"S",0,21,2,1,0,3,0,0,"F","Serviço","Serviço","21.2.1.0.3.","SINAPI-I","4741","PO DE PEDRA (POSTO PEDREIRA/FORNECEDOR, SEM FRETE)","M3",75.32,73.47,"BDI 1",{"v":92.6,"d":"92.60"},{"v":6974.63,"d":"6,974.63"},"RA","RA",2789.8520000000003,0,"","","SINAPI-I 4741",3520,73.47,{"v":0.2604,"d":"26.04%"},null,{"v":75.32000000000001,"d":"75.32"},null,null,{"v":6974.63,"d":"6,974.63"},{"v":92.6,"d":"92.60"}]
["S",3,"S",0,21,2,1,0,4,0,0,"F","Serviço","Serviço","21.2.1.0.4.","SINAPI","92394","EXECUÇÃO DE PAVIMENTO EM PISO INTERTRAVADO, COM BLOCO SEXTAVADO DE 25 X 25 CM, ESPESSURA 8 CM. AF_10/2022","M2",{"v":941.5,"d":"941.50"},100.15,"BDI 1",126.23,{"v":118845.55,"d":"118,845.55"},"RA","RA",47538.22,0,"","","SINAPI 92394",13685,100.15,{"v":0.2604,"d":"26.04%"},null,{"v":941.5,"d":"941.50"},null,null,{"v":118845.55,"d":"118,845.55"},126.23]
[3,3,3,3,21,2,2,0,0,3,12,"F","Nível 3","Nível 3","21.2.2.","SINAPI",null,"Guias e Sarjetas","-",0,null,"BDI 1",0,{"v":36364.39,"d":"36,364.39"},"RA","",14545.756000000001,0,"","",false,"(Sem Código)",0,{"v":0.2604,"d":"26.04%"},{"$nulls":4},{"v":36364.39,"d":"36,364.39"},0]
["S",3,"S",0,21,2,2,0,1,0,0,"F","Serviço","Serviço","21.2.2.0.1.","SINAPI","94267","GUIA (MEIO-FIO) E SARJETA CONJUGADOS DE CONCRETO, MOLDADA IN LOCO EM TRECHO RETO COM EXTRUSORA, 45 CM BASE (15 CM BASE DA GUIA + 30 CM BASE DA SARJETA) X 22 CM ALTURA. AF_01/2024","M",416.25,{"v":56.8,"d":"56.80"},"BDI 1",71.59,{"v":29799.34,"d":"29,799.34"},"RA","RA",11919.736,0,"","","SINAPI 94267",10273,{"v":56.8,"d":"56.80"},{"v":0.2604,"d":"26.04%"},null,{"v":416.25000000000006,"d":"416.25"},null,null,{"v":29799.34,"d":"29,799.34"},71.59]
["S",3,"S",0,21,2,2,0,2,0,0,"F","Serviço","Serviço","21.2.2.0.2.","SINAPI","94268","GUIA (MEIO-FIO) E SARJETA CONJUGADOS DE CONCRETO, MOLDADA IN LOCO EM TRECHO CURVO COM EXTRUSORA, 45 CM BASE (15 CM BASE DA GUIA + 30 CM BASE DA SARJETA) X 22 CM ALTURA. AF_01/2024","M",80.98,64.32,"BDI 1",81.07,{"v":6565.05,"d":"6,565.05"},"RA","RA",2626.0200000000004,0,"","","SINAPI 94268",10270,64.32,{"v":0.2604,"d":"26.04%"},null,80.98,null,null,{"v":6565.05,"d":"6,565.05"},81.07]
[2,2,2,15,21,3,0,0,0,15,{"$error":"#N/A"},"F","Nível 2","Nível 2","21.3.","SINAPI",null,"Drenagem de águas pluviais","-",0,null,"BDI 1",0,{"v":74550.08,"d":"74,550.08"},"RA","",29820.032,0,"",202,false,"(Sem Código)",0,{"v":0.2604,"d":"26.04%"},{"$nulls":4},{"v":74550.08,"d":"74,550.08"},0]
[3,3,3,6,21,3,1,0,0,14,6,"F","Nível 3","Nível 3","21.3.1.","SINAPI",null,"Movimento de Terra","-",0,null,"BDI 1",0,{"v":4475.13,"d":"4,475.13"},"RA","",1790.052,0,"","",false,"(Sem Código)",0,{"v":0.2604,"d":"26.04%"},{"$nulls":4},{"v":4475.13,"d":"4,475.13"},0]
["S",3,"S",0,21,3,1,0,1,0,0,"F","Serviço","Serviço","21.3.1.0.1.","SINAPI","102279","ESCAVAÇÃO MECANIZADA DE VALA COM PROF. ATÉ 1,5 M (MÉDIA MONTANTE E JUSANTE/UMA COMPOSIÇÃO POR TRECHO), ESCAVADEIRA (0,8 M3),LARG. MENOR QUE 1,5 M, EM SOLO DE 1A CATEGORIA, LOCAIS COM BAIXO NÍVEL DE INTERFERÊNCIA. AF_09/2024","M3",121.65,7.45,"BDI 1",9.39,{"v":1142.29,"d":"1,142.29"},"RA","RA",456.916,0,"","","SINAPI 102279",9272,7.45,{"v":0.2604,"d":"26.04%"},null,121.65,null,null,{"v":1142.29,"d":"1,142.29"},9.39]
["S",3,"S",0,21,3,1,0,2,0,0,"F","Serviço","Serviço","21.3.1.0.2.","SINAPI","93379","REATERRO MECANIZADO DE VALA COM RETROESCAVADEIRA (CAPACIDADE DA CAÇAMBA DA RETRO: 0,26 M³/POTÊNCIA: 88 HP), LARGURA 0,8 A 1,5 M, PROFUNDIDADE ATÉ 1,5 M, COM SOLO (SEM SUBSTITUIÇÃO) DE 1ª CATEGORIA, COM COMPACTADOR DE SOLOS DE PERCUSSÃO AF_08/2023","M3",85.41,20.05,"BDI 1",25.27,{"v":2158.31,"d":"2,158.31"},"RA","RA",863.3240000000001,0,"","","SINAPI 93379",6781,20.05,{"v":0.2604,"d":"26.04%"},null,85.41,null,null,{"v":2158.31,"d":"2,158.31"},25.27]
["S",3,"S",0,21,3,1,0,3,0,0,"F","Serviço","Serviço","21.3.1.0.3.","SINAPI",100978,"CARGA, MANOBRA E DESCARGA DE SOLOS E MATERIAIS GRANULARES EM CAMINHÃO BASCULANTE 10 M³ - CARGA COM ESCAVADEIRA HIDRÁULICA (CAÇAMBA DE 1,20 M³ / 155 HP) E DESCARGA LIVRE (UNIDADE: M3). AF_07/2020","M3",36.24,7.48,"BDI 1",9.43,341.74,"RA","RA",136.696,0,"","","SINAPI 100978",15260,7.48,{"v":0.2604,"d":"26.04%"},null,{"v":36.24000000000001,"d":"36.24"},null,null,341.74,9.43]
["S",3,"S",0,21,3,1,0,4,0,0,"F","Serviço","Serviço","21.3.1.0.4.","SINAPI",93588,"TRANSPORTE COM CAMINHÃO BASCULANTE DE 10 M³, EM VIA URBANA EM LEITO NATURAL (UNIDADE: M3XKM). AF_07/2020","M3XKM",{"v":181.2,"d":"181.20"},3.35,"BDI 1",4.22,764.66,"RA","RA",305.864,0,"","","SINAPI 93588",15314,3.35,{"v":0.2604,"d":"26.04%"},null,{"v":181.20000000000005,"d":"181.20"},null,null,764.66,4.22]
["S",3,"S",0,21,3,1,0,5,0,0,"F","Serviço","Serviço","21.3.1.0.5.","SINAPI","100574","ESPALHAMENTO DE MATERIAL COM TRATOR DE ESTEIRAS. AF_09/2024","M3",36.24,1.49,"BDI 1",1.88,68.13,"RA","RA",27.252,0,"","","SINAPI 100574",6894,1.49,{"v":0.2604,"d":"26.04%"},null,{"v":36.24000000000001,"d":"36.24"},null,null,68.13,1.88]
[3,3,3,2,21,3,2,0,0,8,2,"F","Nível 3","Nível 3","21.3.2.","SINAPI",null,"Lastros para assentamento de tubos e peças","-",0,null,"BDI 1",0,{"v":2027.01,"d":"2,027.01"},"RA","",810.8040000000001,0,"","",false,"(Sem Código)",0,{"v":0.2604,"d":"26.04%"},{"$nulls":4},{"v":2027.01,"d":"2,027.01"},0]
["S",3,"S",0,21,3,2,0,1,0,0,"F","Serviço","Serviço","21.3.2.0.1.","SABESP",70070046,"LASTRO DE PEDRA BRITADA (A)","M3",10.65,151.01,"BDI 1",190.33,{"v":2027.01,"d":"2,027.01"},"RA","RA",810.8040000000001,0,"","","SABESP 70070046",20138,151.01,{"v":0.2604,"d":"26.04%"},null,10.65,null,null,{"v":2027.01,"d":"2,027.01"},190.33]
[3,3,3,6,21,3,3,0,0,6,{"$error":"#N/A"},"F","Nível 3","Nível 3","21.3.3.","SINAPI",null,"Tubos e dispositivos","-",0,null,"BDI 1",0,{"v":68047.94,"d":"68,047.94"},"RA","",27219.176,0,"","",false,"(Sem Código)",0,{"v":0.2604,"d":"26.04%"},{"$nulls":4},{"v":68047.94,"d":"68,047.94"},0]
["S",3,"S",0,21,3,3,0,1,0,0,"F","Serviço","Serviço","21.3.3.0.1.","SABESP","70070235","BOCA-DE-LOBO","un",{"v":13,"d":"13.00"},{"v":1865.9,"d":"1,865.90"},"BDI 1",{"v":2351.78,"d":"2,351.78"},{"v":30573.14,"d":"30,573.14"},"RA","RA",12229.256000000001,0,"","","SABESP 70070235",20349,{"v":1865.9,"d":"1,865.90"},{"v":0.2604,"d":"26.04%"},null,{"v":13,"d":"13.00"},null,null,{"v":30573.14,"d":"30,573.14"},{"v":2351.78,"d":"2,351.78"}]
["S",3,"S",0,21,3,3,0,2,0,0,"F","Serviço","Serviço","21.3.3.0.2.","CDHU","46.12.260","Tubo de concreto (PA-1), DN= 400mm","M",{"v":61.5,"d":"61.50"},175.35,"BDI 1",221.01,{"v":13592.12,"d":"13,592.12"},"RA","RA",5436.848000000001,0,"","","CDHU 46.12.260",18851,175.35,{"v":0.2604,"d":"26.04%"},null,{"v":61.5,"d":"61.50"},null,null,{"v":13592.12,"d":"13,592.12"},221.01]
["S",3,"S",0,21,3,3,0,3,0,0,"F","Serviço","Serviço","21.3.3.0.3.","CDHU","46.12.080","Tubo de concreto (PA-1), DN= 600mm","M",{"v":37.5,"d":"37.50"},301.82,"BDI 1",380.41,{"v":14265.38,"d":"14,265.38"},"RA","RA",5706.152,0,"","","CDHU 46.12.080",18837,301.82,{"v":0.2604,"d":"26.04%"},null,{"v":37.5,"d":"37.50"},null,null,{"v":14265.38,"d":"14,265.38"},380.41]
["S",3,"S",0,21,3,3,0,4,0,0,"F","Serviço","Serviço","21.3.3.0.4.","SINAPI","102737","BOCA PARA BUEIRO SIMPLES TUBULAR D = 40 CM EM CONCRETO, ALAS COM ESCONSIDADE DE 0°, INCLUINDO FÔRMAS E MATERIAIS. AF_07/2021","UN",{"v":3,"d":"3.00"},{"v":1076.53,"d":"1,076.53"},"BDI 1",{"v":1356.86,"d":"1,356.86"},{"v":4070.58,"d":"4,070.58"},"RA","RA",1628.232,0,"","","SINAPI 102737",7066,{"v":1076.53,"d":"1,076.53"},{"v":0.2604,"d":"26.04%"},null,{"v":3,"d":"3.00"},null,null,{"v":4070.58,"d":"4,070.58"},{"v":1356.86,"d":"1,356.86"}]
["S",3,"S",0,21,3,3,0,5,0,0,"F","Serviço","Serviço","21.3.3.0.5.","SINAPI","102738","BOCA PARA BUEIRO SIMPLES TUBULAR D = 60 CM EM CONCRETO, ALAS COM ESCONSIDADE DE 0°, INCLUINDO FÔRMAS E MATERIAIS. AF_07/2021","UN",{"v":2,"d":"2.00"},{"v":2200.38,"d":"2,200.38"},"BDI 1",{"v":2773.36,"d":"2,773.36"},{"v":5546.72,"d":"5,546.72"},"RA","RA",2218.688,0,"","","SINAPI 102738",7068,{"v":2200.38,"d":"2,200.38"},{"v":0.2604,"d":"26.04%"},null,{"v":2,"d":"2.00"},null,null,{"v":5546.72,"d":"5,546.72"},{"v":2773.36,"d":"2,773.36"}]
[1,1,1,14,22,0,0,0,0,14,{"$error":"#N/A"},"F","Meta","Meta","22.","SINAPI",null,"ADMINISTRAÇÃO LOCAL","-",0,null,"BDI 1",0,{"v":1042598.4,"d":"1,042,598.40"},"RA","",417039.36,0,"",203,false,"(Sem Código)",0,{"v":0.2604,"d":"26.04%"},{"$nulls":4},{"v":1042598.4,"d":"1,042,598.40"},0]
[2,2,2,5,22,1,0,0,0,13,5,"F","Nível 2","Nível 2","22.1.","SINAPI",null,"Coletores, Interligações, Estações Elevatórias e Linhas de Recalque","-",0,null,"BDI 1",0,{"v":545024.8,"d":"545,024.80"},"RA","",218009.91999999998,0,"",204,false,"(Sem Código)",0,{"v":0.2604,"d":"26.04%"},{"$nulls":4},{"v":545024.8,"d":"545,024.80"},0]
["S",2,"S",0,22,1,0,0,1,0,0,"F","Serviço","Serviço","22.1.0.0.1.","SINAPI","90778","ENGENHEIRO CIVIL DE OBRA PLENO COM ENCARGOS COMPLEMENTARES","H",{"v":1760,"d":"1,760.00"},132.73,"BDI 3",160.28,{"v":282092.8,"d":"282,092.80"},"RA","RA",112837.12,0,"","","SINAPI 90778",13017,132.73,{"v":0.2076,"d":"20.76%"},null,{"v":1760,"d":"1,760.00"},null,null,{"v":282092.8,"d":"282,092.80"},160.28]
["S",2,"S",0,22,1,0,0,2,0,0,"F","Serviço","Serviço","22.1.0.0.2.","CDHU-I","B.01.000.020119","Engenheiro senior de elétrica","H",{"v":240,"d":"240.00"},92.58,"BDI 3",{"v":111.8,"d":"111.80"},{"v":26832,"d":"26,832.00"},"RA","RA",10732.800000000001,0,"","","CDHU-I B.01.000.020119",27940,92.58,{"v":0.2076,"d":"20.76%"},null,{"v":240,"d":"240.00"},null,null,{"v":26832,"d":"26,832.00"},{"v":111.8,"d":"111.80"}]
["S",2,"S",0,22,1,0,0,3,0,0,"F","Serviço","Serviço","22.1.0.0.3.","CDHU-I","B.01.000.020120","Engenheiro senior de mecânica","H",{"v":240,"d":"240.00"},117.43,"BDI 3",141.81,{"v":34034.4,"d":"34,034.40"},"RA","RA",13613.760000000002,0,"","","CDHU-I B.01.000.020120",27941,117.43,{"v":0.2076,"d":"20.76%"},null,{"v":240,"d":"240.00"},null,null,{"v":34034.4,"d":"34,034.40"},141.81]
["S",2,"S",0,22,1,0,0,4,0,0,"F","Serviço","Serviço","22.1.0.0.4.","SINAPI","100533","TECNICO DE EDIFICACOES COM ENCARGOS COMPLEMENTARES","H",{"v":2640,"d":"2,640.00"},63.38,"BDI 3",76.54,{"v":202065.6,"d":"202,065.60"},"RA","RA",80826.24,0,"","","SINAPI 100533",13117,63.38,{"v":0.2076,"d":"20.76%"},null,{"v":2640,"d":"2,640.00"},null,null,{"v":202065.6,"d":"202,065.60"},76.54]
[2,2,2,3,22,2,0,0,0,8,3,"F","Nível 2","Nível 2","22.2.","SINAPI",null,"Travessia MND sob Linha Férrea","-",0,null,"BDI 1",0,{"v":66021.6,"d":"66,021.60"},"RA","",26408.64,0,"",205,false,"(Sem Código)",0,{"v":0.2604,"d":"26.04%"},{"$nulls":4},{"v":66021.6,"d":"66,021.60"},0]
["S",2,"S",0,22,2,0,0,1,0,0,"F","Serviço","Serviço","22.2.0.0.1.","SINAPI","90778","ENGENHEIRO CIVIL DE OBRA PLENO COM ENCARGOS COMPLEMENTARES","H",{"v":240,"d":"240.00"},132.73,"BDI 3",160.28,{"v":38467.2,"d":"38,467.20"},"RA","RA",15386.88,0,"","","SINAPI 90778",13017,132.73,{"v":0.2076,"d":"20.76%"},null,{"v":240,"d":"240.00"},null,null,{"v":38467.2,"d":"38,467.20"},160.28]
["S",2,"S",0,22,2,0,0,2,0,0,"F","Serviço","Serviço","22.2.0.0.2.","SINAPI","100533","TECNICO DE EDIFICACOES COM ENCARGOS COMPLEMENTARES","H",{"v":360,"d":"360.00"},63.38,"BDI 3",76.54,{"v":27554.4,"d":"27,554.40"},"RA","RA",11021.760000000002,0,"","","SINAPI 100533",13117,63.38,{"v":0.2076,"d":"20.76%"},null,{"v":360,"d":"360.00"},null,null,{"v":27554.4,"d":"27,554.40"},76.54]
[2,2,2,5,22,3,0,0,0,5,{"$error":"#N/A"},"F","Nível 2","Nível 2","22.3.","SINAPI",null,"ETE Vila Bela","-",0,null,"BDI 1",0,{"v":431552,"d":"431,552.00"},"RA","",172620.80000000002,0,"",206,false,"(Sem Código)",0,{"v":0.2604,"d":"26.04%"},{"$nulls":4},{"v":431552,"d":"431,552.00"},0]
["S",2,"S",0,22,3,0,0,1,0,0,"F","Serviço","Serviço","22.3.0.0.1.","SINAPI","90778","ENGENHEIRO CIVIL DE OBRA PLENO COM ENCARGOS COMPLEMENTARES","H",{"v":1200,"d":"1,200.00"},132.73,"BDI 3",160.28,{"v":192336,"d":"192,336.00"},"RA","RA",76934.40000000001,0,"","","SINAPI 90778",13017,132.73,{"v":0.2076,"d":"20.76%"},null,{"v":1200,"d":"1,200.00"},null,null,{"v":192336,"d":"192,336.00"},160.28]
["S",2,"S",0,22,3,0,0,2,0,0,"F","Serviço","Serviço","22.3.0.0.2.","CDHU-I","B.01.000.020119","Engenheiro senior de elétrica","H",{"v":400,"d":"400.00"},92.58,"BDI 3",{"v":111.8,"d":"111.80"},{"v":44720,"d":"44,720.00"},"RA","RA",17888,0,"","","CDHU-I B.01.000.020119",27940,92.58,{"v":0.2076,"d":"20.76%"},null,{"v":400,"d":"400.00"},null,null,{"v":44720,"d":"44,720.00"},{"v":111.8,"d":"111.80"}]
["S",2,"S",0,22,3,0,0,3,0,0,"F","Serviço","Serviço","22.3.0.0.3.","CDHU-I","B.01.000.020120","Engenheiro senior de mecânica","H",{"v":400,"d":"400.00"},117.43,"BDI 3",141.81,{"v":56724,"d":"56,724.00"},"RA","RA",22689.600000000002,0,"","","CDHU-I B.01.000.020120",27941,117.43,{"v":0.2076,"d":"20.76%"},null,{"v":400,"d":"400.00"},null,null,{"v":56724,"d":"56,724.00"},141.81]
["S",2,"S",0,22,3,0,0,4,0,0,"F","Serviço","Serviço","22.3.0.0.4.","SINAPI","100533","TECNICO DE EDIFICACOES COM ENCARGOS COMPLEMENTARES","H",{"v":1800,"d":"1,800.00"},63.38,"BDI 3",76.54,{"v":137772,"d":"137,772.00"},"RA","RA",55108.8,0,"","","SINAPI 100533",13117,63.38,{"v":0.2076,"d":"20.76%"},null,{"v":1800,"d":"1,800.00"},null,null,{"v":137772,"d":"137,772.00"},76.54]
[-1,null,-1,null,0,0,0,0,0,null,null,"F"]
[]
[]
[{"$nulls":14},"Encargos sociais:",null,"Para elaboração deste orçamento, foram utilizados os encargos sociais do SINAPI para a Unidade da Federação indicada."]
[]
[{"$nulls":14},"Observações:"]
[]
[]
[]
[]
[{"$nulls":14},"Foi considerado arredondamento de duas casas decimais para Quantidade; Custo Unitário; BDI; Preço Unitário; Preço Total."]
[{"$nulls":14},"Siglas da Composição do Investimento: RA - Rateio proporcional entre Repasse e Contrapartida; RP - 100% Repasse; CP - 100% Contrapartida; OU - 100% Outros."]
[]
[{"$nulls":14},"Guaratinguetá/SP"]
[{"$nulls":14},"Local",{"$nulls":3},"Responsável Técnico"]
[{"$nulls":18},"Nome:","Helvécio Zago Galvão César"]
[{"$nulls":14},"2025-12-03",{"$nulls":3},"CREA/CAU:","5062695510"]
[{"$nulls":14},"Data",{"$nulls":3},"ART/RRT:","2620242232477"]